頭文字から駅名(西日本) - Statistics

General Stats
  • This quiz has been taken 309 times
  • The average score is 6 of 10
Answer Stats
Question Answer % Correct
あ安伊下唐安田 あき総合病院前、安芸、伊尾木、下山、唐浜、安田、田野
100%
あ河可中上梅七 あき亀山、河戸帆待川、可部、中島、上八木、梅林、七軒茶屋
100%
う筑田筑善御久 うきは、筑後吉井、田主丸、筑後草野、善導寺、御井、久留米大学前
100%
お古市儀首石経 おもろまち、古島、市立病院前、儀保、首里、石嶺、経塚
100%
か吉川呉安新広 かるが浜、吉浦、川原石、呉、安芸阿賀、新広、広
100%
さ芦甲摂住六摩 さくら夙川、芦屋、甲南山手、摂津本山、住吉、六甲道、摩耶
100%
さ西甲立尼塚大 さくら夙川、西宮、甲子園口、立花、尼崎、塚本、大阪
100%
ド九西千伝福出 ドーム前、九条、西九条、千鳥橋、伝法、福、出来島
100%
な新北あ長西昭 なかもず、新金岡、北花田、あびこ、長居、西田辺、昭和町
100%
は網竜相有上三 はりま勝原、網干、竜野、相生、有年、上郡、三石
100%
び島石京錦膳中 びわ湖浜大津、島ノ関、石場、京阪膳所、錦、膳所本町、中ノ庄
100%
ポポフ南南平住 ポートタウン西、ポートタウン東、フェリーターミナル、南港東、南港口、平林、住之江公園
100%
ポ中み市医計神 ポートターミナル、中公園、みなとじま、市民広場、医療センター、計算科学センター、神戸空港
100%
マ近近新安近北 マキノ、近江中庄、近江今津、新旭、安曇川、近江高島、北小松
100%
阿伊大梅紀三船 阿曽、伊勢柏崎、大内山、梅ケ谷、紀伊長島、三野瀬、船津
100%
阿九弁朝大コ夢 阿波座、九条、弁天町、朝潮橋、大阪港、コスモスクエア、夢洲
100%
愛西豊二新鷲新 愛知御津、西小坂井、豊橋、二川、新所原、鷲津、新居町
100%
姶帖錦加隼国霧 姶良、帖佐、錦江、加治木、隼人、国分、霧島神宮
100%
旭旭蛍鏡鴨曙曙 旭駅前通、旭町三丁目、蛍橋、鏡川橋、鴨部、曙町東町、曙町
100%
旭印大喜小瓢守 旭前、印場、大森・金城学院前、喜多山、小幡、瓢箪山、守山自衛隊前
100%
綾山立安和下胡 綾部、山家、立木、安栖里、和知、下山、胡麻
100%
粟河青社滝滝西 粟生、河合西、青野ケ原、社町、滝野、滝、西脇市
100%
安安安風安吉竹 安芸川尻、安登、安浦、風早、安芸津、吉名、竹原
100%
安新広仁安安安 安芸阿賀、新広、広、仁方、安芸川尻、安登、安浦
100%
安牧美県旭壺奥 安里、牧志、美栄橋、県庁前、旭橋、壺川、奥武山公園
100%
伊伊高桜菰中大 伊勢松本、伊勢川島、高角、桜、菰野、中菰野、大羽根園
100%
伊玉壬伊伊伊今 伊予小松、玉之江、壬生川、伊予三芳、伊予桜井、伊予富田、今治
100%
伊佐鍋バ久牛江 伊賀屋、佐賀、鍋島、バルーンさが、久保田、牛津、江北
100%
伊枝朝高旭円入 伊野、枝川、朝倉、高知商業前、旭、円行寺口、入明
100%
伊小向桃近伏竹 伊勢田、小倉、向島、桃山御陵前、近鉄丹波橋、伏見、竹田
100%
伊西東榊大伊川 伊賀上津、西青山、東青山、榊原温泉口、大三、伊勢石橋、川合高岡
100%
伊千八双伊上卯 伊予平野、千丈、八幡浜、双岩、伊予石城、上宇和、卯之町
100%
伊双八千伊西伊 伊予石城、双岩、八幡浜、千丈、伊予平野、西大洲、伊予大洲
100%
伊長阿特滝長宇 伊上、長門粟野、阿川、特牛、滝部、長門二見、宇賀本郷
100%
伊比伊伊伊家関 伊勢奥津、比津、伊勢八知、伊勢鎌倉、伊勢竹原、家城、関ノ宮
100%
井修広佐楽山広 井口、修大協創中高前、広電五日市、佐伯区役所前、楽々園、山陽女学園前、広電廿日市
100%
井方備木備備美 井倉、方谷、備中川面、木野山、備中高梁、備中広瀬、美袋
100%
磯鼓白千伊箕長 磯山、鼓ヶ浦、白子、千代崎、伊勢若松、箕田、長太ノ浦
100%
磯千豊白高江津 磯山、千里、豊津上野、白塚、高田本山、江戸橋、津
100%
一井伊伊関家伊 一志、井関、伊勢大井、伊勢川口、関ノ宮、家城、伊勢竹原
100%
因智土那美知美 因幡社、智頭、土師、那岐、美作河井、知和、美作加茂
100%
宇宇県広皆御広 宇品三丁目、宇品二丁目、県病院前、広大附属学校前、皆実町六丁目、御幸橋、広電本社前
100%
宇丸讃多海津詫 宇多津、丸亀、讃岐塩屋、多度津、海岸寺、津島ノ宮、詫間
100%
宇居妻長雀小南 宇部新川、居能、妻崎、長門長沢、雀田、小野田港、南小野田
100%
宇長滝特阿長伊 宇賀本郷、長門二見、滝部、特牛、阿川、長門粟野、伊上
100%
烏京三東蹴御山 烏丸御池、京都市役所前、三条京阪、東山、蹴上、御陵、山科
100%
浦経石首儀市古 浦添前田、経塚、石嶺、首里、儀保、市立病院前、古島
100%
浦栃若舌新長荻 浦山、栃屋、若栗、舌山、新黒部、長屋、荻生
100%
栄久名名黒志平 栄、久屋大通、名古屋城、名城公園、黒川、志賀本通、平安通
100%
越高高西福石倶 越中大門、高岡、高岡やぶなみ、西高岡、福岡、石動、倶利伽羅
100%
円花太嵯保馬亀 円町、花園、太秦、嵯峨嵐山、保津峡、馬堀、亀岡
100%
円入高薊土布土 円行寺口、入明、高知、薊野、土佐一宮、布師田、土佐大津
100%
園吉八千並亀馬 園部、吉富、八木、千代川、並河、亀岡、馬堀
100%
園塚武西夙芦岡 園田、塚口、武庫之荘、西宮北口、夙川、芦屋川、岡本
100%
押栄木木藍西鈴 押部谷、栄、木幡、木津、藍那、西鈴蘭台、鈴蘭台西口
100%
横高免宝敷南羽 横山、高松、免田、宝達、敷浪、南羽咋、羽咋
100%
横別寺十本原紙 横川一丁目、別院前、寺町、十日市町、本川町、原爆ドーム前、紙屋町西
100%
岡大備妹備早久 岡山、大元、備前西市、妹尾、備中箕島、早島、久々原
100%
岡樽尾鳥箱淡み 岡田浦、樽井、尾崎、鳥取ノ荘、箱作、淡輪、みさき公園
100%
岡飛壺市葛吉薬 岡寺、飛鳥、壺阪山、市尾、葛、吉野口、薬水
100%
荻長新舌若栃浦 荻生、長屋、新黒部、舌山、若栗、栃屋、浦山
100%
荻東電電経新電 荻生、東三日市、電鉄黒部、電鉄石田、経田、新魚津、電鉄魚津
100%
屋古八讃志オ造 屋島、古高松南、八栗口、讃岐牟礼、志度、オレンジタウン、造田
100%
下一津阿高六松 下庄、一身田、津、阿漕、高茶屋、六軒、松阪
100%
下越越越北牛計 下唯野、越前富田、越前田野、越前大野、北大野、牛ケ原、計石
100%
下朽苅小行南新 下曽根、朽網、苅田、小波瀬西工大前、行橋、南行橋、新田原
100%
下隅大五北吉掖 下兵庫、隅田、大和二見、五条、北宇智、吉野口、掖上
100%
下御名大淀伯東 下市、御来屋、名和、大山口、淀江、伯耆大山、東山公園
100%
下焼飛下白上下 下呂、焼石、飛騨金山、下油井、白川口、上麻生、下麻生
100%
加清日田青山餅 加納、清武、日向沓掛、田野、青井岳、山之口、餅原
100%
加南八巽白坂阿 加木屋中ノ池、南加木屋、八幡新田、巽ヶ丘、白沢、坂部、阿久比
100%
河高布河矢針今 河内松原、高見ノ里、布忍、河内天美、矢田、針中野、今川
100%
河三美千天紀林 河内長野、三日市町、美加の台、千早口、天見、紀見峠、林間田園都市
100%
河南四富富朝桑 河原田、南四日市、四日市、富田浜、富田、朝日、桑名
100%
霞近川伊益桑近 霞ヶ浦、近鉄富田、川越富洲原、伊勢朝日、益生、桑名、近鉄長島
100%
我浅堺三百中白 我孫子前、浅香山、堺東、三国ヶ丘、百舌鳥八幡、中百舌鳥、白鷺
100%
海遠水折陣黒八 海老津、遠賀川、水巻、折尾、陣原、黒崎、八幡
100%
海吉白球一那渡 海路、吉尾、白石、球泉洞、一勝地、那良口、渡
100%
海向天広新横西 海田市、向洋、天神川、広島、新白島、横川、西広島
100%
海狩浅日津臼上 海崎、狩生、浅海井、日代、津久見、臼杵、上臼杵
100%
海東中新第庄六 海王丸、東新湊、中新湊、新町口、第一イン新湊 クロスベイ前、庄川口、六渡寺
100%
貝箱箱馬千呉中 貝塚、箱崎九大前、箱崎宮前、馬出九大病院前、千代県庁口、呉服町、中洲川端
100%
外田宮山伊五二 外城田、田丸、宮川、山田上口、伊勢市、五十鈴ケ丘、二見浦
100%
鎧香柴佐竹城玄 鎧、香住、柴山、佐津、竹野、城崎温泉、玄武洞
100%
柿下越越越北牛 柿ケ島、下唯野、越前富田、越前田野、越前大野、北大野、牛ケ原
100%
学富東生石額枚 学園前、富雄、東生駒、生駒、石切、額田、枚岡
100%
楽佐広修井商草 楽々園、佐伯区役所前、広電五日市、修大協創中高前、井口、商工センター入口、草津南
100%
笠西柳南須不竹 笠松、西笠松、柳津、南宿、須賀、不破一色、竹鼻
100%
潟琴古八六大八 潟元、琴電屋島、古高松、八栗、六万寺、大町、八栗新道
100%
釜森干小幸本諫 釜ノ鼻、森山、干拓の里、小野、幸、本諫早、諫早
100%
鴨麻牛下石府鮎 鴨島、麻植塚、牛島、下浦、石井、府中、鮎喰
100%
萱寝香光枚枚御 萱島、寝屋川市、香里園、光善寺、枚方公園、枚方市、御殿山
100%
甘高太山西今松 甘木、高田、太刀洗、山隈、西太刀洗、今隈、松崎
100%
甘馬上本大金大 甘木、馬田、上浦、本郷、大堰、金島、大城
100%
観本比高み詫津 観音寺、本山、比地大、高瀬、みの、詫間、津島ノ宮
100%
関多新中伊石伊 関川、多喜浜、新居浜、中萩、伊予西条、石鎚山、伊予氷見
100%
岸帝住沢我浅堺 岸里玉出、帝塚山、住吉東、沢ノ町、我孫子前、浅香山、堺東
100%
岩与京峰網夕小 岩滝口、与謝野、京丹後大宮、峰山、網野、夕日ヶ浦木津温泉、小天橋
100%
企志徳徳守競北 企救丘、志井、徳力嵐山口、徳力公団前、守恒、競馬場前、北方
100%
喜大印旭尾三水 喜多山、大森・金城学院前、印場、旭前、尾張旭、三郷、水野
100%
希筑楠新木遠感 希望が丘高校前、筑豊香月、楠橋、新木屋瀬、木屋瀬、遠賀野、感田
100%
紀紀古紀串紀田 紀伊浦神、紀伊田原、古座、紀伊姫、串本、紀伊有田、田並
100%
紀古紀串紀田田 紀伊田原、古座、紀伊姫、串本、紀伊有田、田並、田子
100%
紀御道和稲印切 紀伊内原、御坊、道成寺、和佐、稲原、印南、切目
100%
紀黒海冷加下初 紀三井寺、黒江、海南、冷水浦、加茂郷、下津、初島
100%
貴水水水水日朝 貴生川、水口城南、水口石橋、水口、水口松尾、日野、朝日野
100%
鬼山本相岩厳多 鬼塚、山本、本牟田部、相知、岩屋、厳木、多久
100%
鬼端国讃鴨八坂 鬼無、端岡、国分、讃岐府中、鴨川、八十場、坂出
100%
吉吉大六越下大 吉野、吉野神宮、大和上市、六田、越部、下市口、大阿太
100%
吉川呉安新広仁 吉浦、川原石、呉、安芸阿賀、新広、広、仁方
100%
杵大日暘豊亀別 杵築、大神、日出、暘谷、豊後豊岡、亀川、別府大学
100%
久今西香打芦深 久寿川、今津、西宮、香櫨園、打出、芦屋、深江
100%
久茶彦備迫常八 久々原、茶屋町、彦崎、備前片岡、迫川、常山、八浜
100%
久名名黒志平大 久屋大通、名古屋城、名城公園、黒川、志賀本通、平安通、大曽根
100%
久和信北富鳳津 久米田、和泉府中、信太山、北信太、富木、鳳、津久野
100%
弓神福建金野牧 弓削、神目、福渡、建部、金川、野々口、牧山
100%
旧みハ中和御苅 旧居留地・大丸前、みなと元町、ハーバーランド、中央市場前、和田岬、御崎公園、苅藻
100%
牛不祇西中古大 牛田、不動院前、祇園新橋北、西原、中筋、古市、大町
100%
魚大西明朝舞垂 魚住、大久保、西明石、明石、朝霧、舞子、垂水
100%
京烏大西西桂洛 京都河原町、烏丸、大宮、西院、西京極、桂、洛西口
100%
京近南滋穴松坂 京阪大津京、近江神宮前、南滋賀、滋賀里、穴太、松ノ馬場、坂本比叡山口
100%
競東東前東豊市 競輪場前、東田、東田坂上、前畑、東八町、豊橋公園前、市役所前
100%
橋紀高中妙大笠 橋本、紀伊山田、高野口、中飯降、妙寺、大谷、笠田
100%
橋御林紀天千美 橋本、御幸辻、林間田園都市、紀見峠、天見、千早口、美加の台
100%
狭北萩初白中百 狭山、北野田、萩原天神、初芝、白鷺、中百舌鳥、百舌鳥八幡
100%
欽玖周米高勝大 欽明路、玖珂、周防高森、米川、高水、勝間、大河内
100%
金七福梅野賀次 金山、七隈、福大前、梅林、野芥、賀茂、次郎丸
100%
金西野松西加美 金沢、西金沢、野々市、松任、西松任、加賀笠間、美川
100%
九高下上紀紀極 九度山、高野下、下古沢、上古沢、紀伊細川、紀伊神谷、極楽橋
100%
駒田文阿天四谷 駒川中野、田辺、文の里、阿倍野、天王寺、四天王寺前夕陽ヶ丘、谷町九丁目
100%
駒美石美多下下 駒野、美濃山崎、石津、美濃松山、多度、下野代、下深谷
100%
熊花辛慶河呉祇 熊本城・市役所前、花畑町、辛島町、慶徳校前、河原町、呉服町、祇園橋
100%
熊上崇西植田木 熊本、上熊本、崇城大学前、西里、植木、田原坂、木葉
100%
熊新新筑久新博 熊本、新玉名、新大牟田、筑後船小屋、久留米、新鳥栖、博多
100%
栗守野篠近安能 栗東、守山、野洲、篠原、近江八幡、安土、能登川
100%
栗大植霧嘉中表 栗野、大隅横川、植村、霧島温泉、嘉例川、中福良、表木山
100%
桑新阿由田木北 桑野、新野、阿波福井、由岐、田井ノ浜、木岐、北河内
100%
桑朝富富四南河 桑名、朝日、富田、富田浜、四日市、南四日市、河原田
100%
郡南宇谷慈坂五 郡元、南鹿児島、宇宿、谷山、慈眼寺、坂之上、五位野
100%
恵河高布河矢針 恵我ノ荘、河内松原、高見ノ里、布忍、河内天美、矢田、針中野
100%
恵新今今松北聖 恵美須町、新今宮駅前、今池、今船、松田町、北天下茶屋、聖天坂
100%
敬波久下浜西周 敬川、波子、久代、下府、浜田、西浜田、周布
100%
経新電西越早浜 経田、新魚津、電鉄魚津、西魚津、越中中村、早月加積、浜加積
100%
蛍石池川雲山中 蛍池、石橋阪大前、池田、川西能勢口、雲雀丘花屋敷、山本、中山観音
100%
穴七星在蓮西馬 穴太、七和、星川、在良、蓮花寺、西別所、馬道
100%
堅法恩高河近久 堅下、法善寺、恩智、高安、河内山本、近鉄八尾、久宝寺口
100%
犬犬犬木扶柏江 犬山遊園、犬山、犬山口、木津用水、扶桑、柏森、江南
100%
犬木扶柏江布石 犬山口、木津用水、扶桑、柏森、江南、布袋、石仏
100%
県広皆皆南比比 県病院前、広大附属学校前、皆実町六丁目、皆実町二丁目、南区役所前、比治山橋、比治山下
100%
見周紀椿紀白朝 見老津、周参見、紀伊日置、椿、紀伊富田、白浜、朝来
100%
元三灘摩六住摂 元町、三ノ宮、灘、摩耶、六甲道、住吉、摂津本山
100%
原房塩八大六八 原、房前、塩屋、八栗新道、大町、六万寺、八栗
100%
古下安三横新広 古市橋、下祇園、安芸長束、三滝、横川、新白島、広島
100%
古大毘安上高長 古市、大町、毘沙門台、安東、上安、高取、長楽寺
100%
戸富防大四新嘉 戸田、富海、防府、大道、四辻、新山口、嘉川
100%
鼓白千伊箕長楠 鼓ヶ浦、白子、千代崎、伊勢若松、箕田、長太ノ浦、楠
100%
呉川吉か天呉小 呉、川原石、吉浦、かるが浜、天応、呉ポートピア、小屋浦
100%
御皆広県宇宇宇 御幸橋、皆実町六丁目、広大附属学校前、県病院前、宇品二丁目、宇品三丁目、宇品四丁目
100%
御京四追大上び 御陵、京阪山科、四宮、追分、大谷、上栄町、びわ湖浜大津
100%
御西頴入開東薩 御領、西頴娃、頴娃、入野、開聞、東開聞、薩摩川尻
100%
交九水通熊花辛 交通局前、九品寺交差点、水道町、通町筋、熊本城・市役所前、花畑町、辛島町
100%
光日豊豊天杉北 光岡、日田、豊後三芳、豊後中川、天ケ瀬、杉河内、北山田
100%
光夜筑う筑田筑 光岡、夜明、筑後大石、うきは、筑後吉井、田主丸、筑後草野
100%
幸小干森釜諫愛 幸、小野、干拓の里、森山、釜ノ鼻、諫早東高校、愛野
100%
広新三道武西生 広野、新三田、三田、道場、武田尾、西宮名塩、生瀬
100%
江須宇木奈長越 江崎、須佐、宇田郷、木与、奈古、長門大井、越ケ浜
100%
江浅黒石温湯馬 江津、浅利、黒松、石見福光、温泉津、湯里、馬路
100%
江半十土土打家 江川崎、半家、十川、土佐昭和、土佐大正、打井川、家地川
100%
溝香仁砥野京姫 溝口、香呂、仁豊野、砥堀、野里、京口、姫路
100%
甲寺甲貴三甲石 甲賀、寺庄、甲南、貴生川、三雲、甲西、石部
100%
荒南中港荒稲野 荒子、南荒子、中島、港北、荒子川公園、稲永、野跡
100%
行令美今豊新東 行橋、令和コスタ行橋、美夜古泉、今川河童、豊津、新豊津、東犀川三四郎
100%
香九福新し古千 香椎、九産大前、福工大前、新宮中央、ししぶ、古賀、千鳥
100%
香溝福甘鶴新寺 香呂、溝口、福崎、甘地、鶴居、新野、寺前
100%
香片城北競守徳 香春口三萩野、片野、城野、北方、競馬場前、守恒、徳力公団前
100%
高伊下串喜伊伊 高野川、伊予上灘、下灘、串、喜多灘、伊予長浜、伊予出石
100%
高横宇能本中津 高松、横山、宇野気、能瀬、本津幡、中津幡、津幡
100%
高香鬼端国讃鴨 高松、香西、鬼無、端岡、国分、讃岐府中、鴨川
100%
高三吉小刈刈重 高浜港、三河高浜、吉浜、小垣江、刈谷市、刈谷、重原
100%
高鹿都中市神唐 高見橋、鹿児島中央駅前、都通、中洲通、市立病院前、神田(交通局前)、唐湊
100%
高西水元木林花 高田、西前田、水田、元山、木太東口、林道、花園
100%
高大御玉掖吉北 高田、大和新庄、御所、玉手、掖上、吉野口、北宇智
100%
高定古多土瑞釜 高蔵寺、定光寺、古虎渓、多治見、土岐市、瑞浪、釜戸
100%
高島山長向桂西 高槻、島本、山崎、長岡京、向日町、桂川、西大路
100%
高日佐日蓮宮宮 高鍋、日向新富、佐土原、日向住吉、蓮ケ池、宮崎神宮、宮崎
100%
高八岩中中本亀 高畑、八田、岩塚、中村公園、中村日赤、本陣、亀島
100%
高牧大西東別別 高城、牧、大分、西大分、東別府、別府、別府大学
100%
国霧北大北財五 国分、霧島神宮、北永野田、大隅大川原、北俣、財部、五十市
100%
黒海冷加下初箕 黒江、海南、冷水浦、加茂郷、下津、初島、箕島
100%
黒梅吉福安梶綾 黒井村、梅ケ峠、吉見、福江、安岡、梶栗郷台地、綾羅木
100%
黒富新金小加芦 黒部宇奈月温泉、富山、新高岡、金沢、小松、加賀温泉、芦原温泉
100%
黒木笠岐茶加名 黒田、木曽川堤、笠松、岐南、茶所、加納、名鉄岐阜
100%
今九周波糸筑美 今宿、九大学研都市、周船寺、波多江、糸島高校前、筑前前原、美咲が丘
100%
今阪西門甲仁小 今津、阪神国道、西宮北口、門戸厄神、甲東園、仁川、小林
100%
佐近近桑益伊川 佐古木、近鉄弥富、近鉄長島、桑名、益生、伊勢朝日、川越富洲原
100%
佐西土岡日小波 佐川、西佐川、土佐加茂、岡花、日下、小村神社前、波川
100%
佐土有土海浮土 佐賀公園、土佐白浜、有井川、土佐上川口、海の王迎、浮鞭、土佐入野
100%
佐日蓮宮宮南加 佐土原、日向住吉、蓮ケ池、宮崎神宮、宮崎、南宮崎、加納
100%
斎漕櫛東松松伊 斎宮、漕代、櫛田、東松阪、松阪、松ヶ崎、伊勢中原
100%
坂白巽八南加高 坂部、白沢、巽ヶ丘、八幡新田、南加木屋、加木屋中ノ池、高横須賀
100%
桜な日谷鶴今新 桜川、なんば、日本橋、谷町九丁目、鶴橋、今里、新深江
100%
桜大耳大真松大 桜井、大福、耳成、大和八木、真菅、松塚、大和高田
100%
桜米南桜堀碧南 桜町前、米津、南桜井、桜井、堀内公園、碧海古井、南安城
100%
薩宮二指山大西 薩摩今和泉、宮ケ浜、二月田、指宿、山川、大山、西大山
100%
鯖武王南湯今南 鯖江、武生、王子保、南条、湯尾、今庄、南今庄
100%
鯖牟辺山日北木 鯖瀬、牟岐、辺川、山河内、日和佐、北河内、木岐
100%
三巻柳長天櫟帯 三輪、巻向、柳本、長柄、天理、櫟本、帯解
100%
三吉小刈刈重知 三河高浜、吉浜、小垣江、刈谷市、刈谷、重原、知立
100%
三近狛新木山高 三山木、近鉄宮津、狛田、新祝園、木津川台、山田川、高の原
100%
三原肥瀬立赤市 三里木、原水、肥後大津、瀬田、立野、赤水、市ノ川
100%
三室榛長大桜大 三本松、室生口大野、榛原、長谷寺、大和朝倉、桜井、大福
100%
三名地鍋徳船津 三谷、名草、地福、鍋倉、徳佐、船平山、津和野
100%
三有上三永武高 三河内、有田、上有田、三間坂、永尾、武雄温泉、高橋
100%
山雲川池石蛍豊 山本、雲雀丘花屋敷、川西能勢口、池田、石橋阪大前、蛍池、豊中
100%
山大的八白妻飾 山陽曽根、大塩、的形、八家、白浜の宮、妻鹿、飾磨
100%
山餅三都西五財 山之口、餅原、三股、都城、西都城、五十市、財部
100%
讃引讃阿板阿板 讃岐白鳥、引田、讃岐相生、阿波大宮、板野、阿波川端、板東
100%
讃引讃三丹鶴讃 讃岐相生、引田、讃岐白鳥、三本松、丹生、鶴羽、讃岐津田
100%
讃鴨八坂宇丸讃 讃岐府中、鴨川、八十場、坂出、宇多津、丸亀、讃岐塩屋
100%
四大防富戸福新 四辻、大道、防府、富海、戸田、福川、新南陽
100%
四忍寝星河津藤 四条畷、忍ケ丘、寝屋川公園、星田、河内磐船、津田、藤阪
100%
市め浜西新メ大 市役所、めがね橋、浜町アーケード、西浜町、新地中華街、メディカルセンター、大浦海岸通り
100%
市越泊入西生黒 市振、越中宮崎、泊、入善、西入善、生地、黒部
100%
市宗重直直上佐 市棚、宗太郎、重岡、直川、直見、上岡、佐伯
100%
志広緑押栄木木 志染、広野ゴルフ場前、緑が丘、押部谷、栄、木幡、木津
100%
志上沓五白松加 志摩磯部、上之郷、沓掛、五知、白木、松尾、加茂
100%
志上中白狩上中 志和口、上三田、中三田、白木山、狩留家、上深川、中深川
100%
志大福福串日日 志布志、大隅夏井、福島高松、福島今町、串間、日向北方、日向大束
100%
志八久加平東天 志紀、八尾、久宝寺、加美、平野、東部市場前、天王寺
100%
紙紙原本十土小 紙屋町東、紙屋町西、原爆ドーム前、本川町、十日市町、土橋、小網町
100%
寺久大伊小向桃 寺田、久津川、大久保、伊勢田、小倉、向島、桃山御陵前
100%
寺甲貴三甲石手 寺庄、甲南、貴生川、三雲、甲西、石部、手原
100%
滋南近京大三び 滋賀里、南滋賀、近江神宮前、京阪大津京、大津市役所前、三井寺、びわ湖浜大津
100%
鹿川出新新熊新 鹿児島中央、川内、出水、新水俣、新八代、熊本、新玉名
100%
鹿田東新介文高 鹿児、田辺島通、東新木、新木、介良通、文珠通、高須
100%
室北東広北池北 室、北大垣、東赤坂、広神戸、北神戸、池野、北池野
100%
篠丹下谷柏石黒 篠山口、丹波大山、下滝、谷川、柏原、石生、黒井
100%
社滝滝西新比日 社町、滝野、滝、西脇市、新西脇、比延、日本へそ公園
100%
若河東瓢枚額石 若江岩田、河内花園、東花園、瓢箪山、枚岡、額田、石切
100%
周見江和田田紀 周参見、見老津、江住、和深、田子、田並、紀伊有田
100%
周折三岡鎌石益 周布、折居、三保三隅、岡見、鎌手、石見津田、益田
100%
舟舟舟舟舟土十 舟入南、舟入川口町、舟入幸町、舟入本町、舟入町、土橋、十日市町
100%
舟北領清一明長 舟戸、北浦、領石通、清和学園前、一条橋、明見橋、長崎
100%
住御石新大西岩 住吉、御影、石屋川、新在家、大石、西灘、岩屋
100%
住住細安我大高 住吉、住吉鳥居前、細井川、安立町、我孫子道、大和川、高須神社
100%
夙芦岡御六王春 夙川、芦屋川、岡本、御影、六甲、王子公園、春日野道
100%
夙西武塚園神十 夙川、西宮北口、武庫之荘、塚口、園田、神崎川、十三
100%
出尼大杭千姫淀 出屋敷、尼崎、大物、杭瀬、千船、姫島、淀川
100%
出尼武鳴甲久今 出屋敷、尼崎センタープール前、武庫川、鳴尾・武庫川女子大前、甲子園、久寿川、今津
100%
春牛間小小小味 春日井、牛山、間内、小牧口、小牧、小牧原、味岡
100%
緒豊三菅犬竹中 緒方、豊後清川、三重町、菅尾、犬飼、竹中、中判田
100%
勝春神高定古多 勝川、春日井、神領、高蔵寺、定光寺、古虎渓、多治見
100%
勝直新筑鞍筑中 勝野、直方、新入、筑前植木、鞍手、筑前垣生、中間
100%
小苅朽下安城南 小波瀬西工大前、苅田、朽網、下曽根、安部山公園、城野、南小倉
100%
小佐清神吉潜い 小浦、佐々、清峰高校前、神田、吉井、潜竜ヶ滝、いのつき
100%
小市越一越足六 小和清水、市波、越前高田、一乗谷、越前東郷、足羽、六条
100%
小小小間牛春味 小牧原、小牧、小牧口、間内、牛山、春日井、味美
100%
小埴厚小宇厚本 小月、埴生、厚狭、小野田、宇部、厚東、本由良
100%
小追泊南日赤あ 小古曽、追分、泊、南日永、日永、赤堀、あすなろう四日市
100%
小明能小美加西 小松、明峰、能美根上、小舞子、美川、加賀笠間、西松任
100%
小椥東山御蹴東 小野、椥辻、東野、山科、御陵、蹴上、東山
100%
床丸岐阿岩周深 床波、丸尾、岐波、阿知須、岩倉、周防佐山、深溝
100%
松頴水石御西頴 松ケ浦、頴娃大川、水成川、石垣、御領、西頴娃、頴娃
100%
松長藤津河星寝 松井山手、長尾、藤阪、津田、河内磐船、星田、寝屋川公園
100%
松南本本本本本 松山市駅、南堀端、本町一丁目、本町三丁目、本町四丁目、本町五丁目、本町六丁目
100%
松備福東大笠里 松永、備後赤坂、福山、東福山、大門、笠岡、里庄
100%
上白下飛焼下禅 上麻生、白川口、下油井、飛騨金山、焼石、下呂、禅昌寺
100%
上備備河中下府 上下、備後矢野、備後三川、河佐、中畑、下川辺、府中
100%
常床丸岐阿岩周 常盤、床波、丸尾、岐波、阿知須、岩倉、周防佐山
100%
飾西夢広山平山 飾磨、西飾磨、夢前川、広畑、山陽天満、平松、山陽網干
100%
植西崇上熊西川 植木、西里、崇城大学前、上熊本、熊本、西熊本、川尻
100%
寝星河津藤長松 寝屋川公園、星田、河内磐船、津田、藤阪、長尾、松井山手
100%
心な大動天昭西 心斎橋、なんば、大国町、動物園前、天王寺、昭和町、西田辺
100%
心本淀梅中西新 心斎橋、本町、淀屋橋、梅田、中津、西中島南方、新大阪
100%
新岩丹刑富月中 新見、岩山、丹治部、刑部、富原、月田、中国勝山
100%
新久筑新新熊新 新鳥栖、久留米、筑後船小屋、新大牟田、新玉名、熊本、新八代
100%
新興三近狛新木 新田辺、興戸、三山木、近鉄宮津、狛田、新祝園、木津川台
100%
新近余木高河虎 新疋田、近江塩津、余呉、木ノ本、高月、河毛、虎姫
100%
新五廿宮阿宮前 新井口、五日市、廿日市、宮内串戸、阿品、宮島口、前空
100%
新高鵜府下中河 新市、高木、鵜飼、府中、下川辺、中畑、河佐
100%
新黒木笠岐茶加 新木曽川、黒田、木曽川堤、笠松、岐南、茶所、加納
100%
新三道武西生宝 新三田、三田、道場、武田尾、西宮名塩、生瀬、宝塚
100%
新周上仁大矢湯 新山口、周防下郷、上郷、仁保津、大歳、矢原、湯田温泉
100%
新西倉中庭北岡 新倉敷、西阿知、倉敷、中庄、庭瀬、北長瀬、岡山
100%
新西中梅淀本心 新大阪、西中島南方、中津、梅田、淀屋橋、本町、心斎橋
100%
新石井方備木備 新見、石蟹、井倉、方谷、備中川面、木野山、備中高梁
100%
新太尾寺朝古長 新日鉄前、太田川、尾張横須賀、寺本、朝倉、古見、長浦
100%
新築椎豊宇三吉 新田原、築城、椎田、豊前松江、宇島、三毛門、吉富
100%
新天寺桃鶴玉森 新今宮、天王寺、寺田町、桃谷、鶴橋、玉造、森ノ宮
100%
新電西越早浜滑 新魚津、電鉄魚津、西魚津、越中中村、早月加積、浜加積、滑川
100%
新福新三東広新 新倉敷、福山、新尾道、三原、東広島、広島、新岩国
100%
森大矢守瓢小喜 森下、大曽根、矢田、守山自衛隊前、瓢箪山、小幡、喜多山
100%
森福越大北鯖武 森田、福井、越前花堂、大土呂、北鯖江、鯖江、武生
100%
森名清石近貝貝 森、名越、清児、石才、近義の里、貝塚市役所前、貝塚
100%
深緑森谷堺本阿 深江橋、緑橋、森ノ宮、谷町四丁目、堺筋本町、本町、阿波座
100%
真小佐清神吉潜 真申、小浦、佐々、清峰高校前、神田、吉井、潜竜ヶ滝
100%
神豊や杉老大向 神戸、豊島、やぐま台、杉山、老津、大清水、向ヶ丘
100%
人山西林藤中江 人丸前、山陽明石、西新町、林崎松江海岸、藤江、中八木、江井ヶ島
100%
仁五静大久波田 仁万、五十猛、静間、大田市、久手、波根、田儀
100%
仁篠長渡三名地 仁保、篠目、長門峡、渡川、三谷、名草、地福
100%
須山須月東板西 須磨浦公園、山陽須磨、須磨寺、月見山、東須磨、板宿、西代
100%
須須塩垂舞朝明 須磨海浜公園、須磨、塩屋、垂水、舞子、朝霧、明石
100%
崇淡上相正摂南 崇禅寺、淡路、上新庄、相川、正雀、摂津市、南茨木
100%
杉飛角坂打杉猪 杉崎、飛騨細江、角川、坂上、打保、杉原、猪谷
100%
杉老大向植芦高 杉山、老津、大清水、向ヶ丘、植田、芦原、高師
100%
瀬肥原三光武竜 瀬田、肥後大津、原水、三里木、光の森、武蔵塚、竜田口
100%
清尼森大矢守瓢 清水、尼ヶ坂、森下、大曽根、矢田、守山自衛隊前、瓢箪山
100%
生石額枚瓢東河 生駒、石切、額田、枚岡、瓢箪山、東花園、河内花園
100%
西横新広天向海 西広島、横川、新白島、広島、天神川、向洋、海田市
100%
西笠大妙中高紀 西笠田、笠田、大谷、妙寺、中飯降、高野口、紀伊山田
100%
西香打芦深青魚 西宮、香櫨園、打出、芦屋、深江、青木、魚崎
100%
西今久甲鳴武尼 西宮、今津、久寿川、甲子園、鳴尾・武庫川女子大前、武庫川、尼崎センタープール前
100%
西新五廿宮阿宮 西広島、新井口、五日市、廿日市、宮内串戸、阿品、宮島口
100%
西西桂洛東西長 西院、西京極、桂、洛西口、東向日、西向日、長岡天神
100%
西大山伊吉岡交 西山口、大池遊園、山東、伊太祈曽、吉礼、岡崎前、交通センター前
100%
西大新石御住魚 西灘、大石、新在家、石屋川、御影、住吉、魚崎
100%
西中梅淀本心な 西中島南方、中津、梅田、淀屋橋、本町、心斎橋、なんば
100%
西唐和東虹浜鹿 西唐津、唐津、和多田、東唐津、虹ノ松原、浜崎、鹿家
100%
西東榊大伊川伊 西青山、東青山、榊原温泉口、大三、伊勢石橋、川合高岡、伊勢中川
100%
西武道三新広相 西宮名塩、武田尾、道場、三田、新三田、広野、相野
100%
青伊西東榊大伊 青山町、伊賀上津、西青山、東青山、榊原温泉口、大三、伊勢石橋
100%
青伊美桔名赤三 青山町、伊賀神戸、美旗、桔梗が丘、名張、赤目口、三本松
100%
青深芦打香西今 青木、深江、芦屋、打出、香櫨園、西宮、今津
100%
青成知住半植阿 青山、成岩、知多半田、住吉町、半田口、植大、阿久比
100%
青泊松倉下由浦 青谷、泊、松崎、倉吉、下北条、由良、浦安
100%
石下牛麻鴨西阿 石井、下浦、牛島、麻植塚、鴨島、西麻植、阿波川島
100%
石岩大徳西上中 石仏、岩倉、大山寺、徳重・名古屋芸大、西春、上小田井、中小田井
100%
石宮大西あ山恋 石井、宮本武蔵、大原、西粟倉、あわくら温泉、山郷、恋山形
100%
石御住魚青深芦 石屋川、御影、住吉、魚崎、青木、深江、芦屋
100%
石高綾山立安和 石原、高津、綾部、山家、立木、安栖里、和知
100%
石平佐久河苔上 石井、平福、佐用、久崎、河野原円心、苔縄、上郡
100%
赤大唐西藤室姪 赤坂、大濠公園、唐人町、西新、藤崎、室見、姪浜
100%
赤中下御名大淀 赤碕、中山口、下市、御来屋、名和、大山口、淀江
100%
赤東東福千古し 赤間、東郷、東福間、福間、千鳥、古賀、ししぶ
100%
赤平上警勝大県 赤十字病院前、平和通一丁目、上一万、警察署前、勝山町、大街道、県庁前
100%
摂住六摩灘三元 摂津本山、住吉、六甲道、摩耶、灘、三ノ宮、元町
100%
千天紀林御橋紀 千早口、天見、紀見峠、林間田園都市、御幸辻、橋本、紀伊清水
100%
千布紀船岩下打 千旦、布施屋、紀伊小倉、船戸、岩出、下井阪、打田
100%
川呉安新広仁安 川原石、呉、安芸阿賀、新広、広、仁方、安芸川尻
100%
川西熊上崇西植 川尻、西熊本、熊本、上熊本、崇城大学前、西里、植木
100%
川中宝生西武道 川西池田、中山寺、宝塚、生瀬、西宮名塩、武田尾、道場
100%
前宮阿宮廿五新 前空、宮島口、阿品、宮内串戸、廿日市、五日市、新井口
100%
膳錦京石島び三 膳所本町、錦、京阪膳所、石場、島ノ関、びわ湖浜大津、三井寺
100%
曽岡豊蛍石池川 曽根、岡町、豊中、蛍池、石橋阪大前、池田、川西能勢口
100%
漕斎明明小宮伊 漕代、斎宮、明星、明野、小俣、宮町、伊勢市
100%
相有上三吉和熊 相生、有年、上郡、三石、吉永、和気、熊山
100%
総清川吉備三矢 総社、清音、川辺宿、吉備真備、備中呉妹、三谷、矢掛
100%
多金善琴塩黒讃 多度津、金蔵寺、善通寺、琴平、塩入、黒川、讃岐財田
100%
多吾斗襟佐西土 多ノ郷、吾桑、斗賀野、襟野々、佐川、西佐川、土佐加茂
100%
多肥肥肥肥肥肥 多良、肥前飯田、肥前七浦、肥前浜、肥前鹿島、肥前竜王、肥前白石
100%
太山西今松大小 太刀洗、山隈、西太刀洗、今隈、松崎、大板井、小郡
100%
太伏三栗瓦片高 太田、伏石、三条、栗林公園、瓦町、片原町、高松築港
100%
大奥国島妙名今 大里、奥田、国府宮、島氏永、妙興寺、名鉄一宮、今伊勢
100%
大我安細住住東 大和川、我孫子道、安立町、細井川、住吉鳥居前、住吉、東粉浜
100%
大杵中立西宇豊 大神、杵築、中山香、立石、西屋敷、宇佐、豊前長洲
100%
大久寺富新興三 大久保、久津川、寺田、富野荘、新田辺、興戸、三山木
100%
大駒佐西肥山鬼 大川野、駒鳴、佐里、西相知、肥前久保、山本、鬼塚
100%
大榊東西伊青伊 大三、榊原温泉口、東青山、西青山、伊賀上津、青山町、伊賀神戸
100%
大三三恵志広緑 大村、三木、三木上の丸、恵比須、志染、広野ゴルフ場前、緑が丘
100%
大十南崇淡上相 大阪梅田、十三、南方、崇禅寺、淡路、上新庄、相川
100%
大西西桂洛東西 大宮、西院、西京極、桂、洛西口、東向日、西向日
100%
大大柴名聚新太 大江、大同町、柴田、名和、聚楽園、新日鉄前、太田川
100%
大塚尼塚猪伊北 大阪、塚本、尼崎、塚口、猪名寺、伊丹、北伊丹
100%
大南谷榎日日串 大堂津、南郷、谷之口、榎原、日向大束、日向北方、串間
100%
大北霧国隼加錦 大隅大川原、北永野田、霧島神宮、国分、隼人、加治木、錦江
100%
大本長高道西浦 大草、本川内、長与、高田、道ノ尾、西浦上、浦上
100%
鷹国河郡東津鳥 鷹狩、国英、河原、郡家、東郡家、津ノ井、鳥取
100%
谷谷谷天南東中 谷町九丁目、谷町六丁目、谷町四丁目、天満橋、南森町、東梅田、中崎町
100%
谷木織本糸モ北 谷汲口、木知原、織部、本巣、糸貫、モレラ岐阜、北方真桑
100%
樽岡吉羽泉井鶴 樽井、岡田浦、吉見ノ里、羽倉崎、泉佐野、井原里、鶴原
100%
丹市黒石柏谷下 丹波竹田、市島、黒井、石生、柏原、谷川、下滝
100%
淡上相正摂南茨 淡路、上新庄、相川、正雀、摂津市、南茨木、茨木市
100%
端国讃鴨八坂宇 端岡、国分、讃岐府中、鴨川、八十場、坂出、宇多津
100%
知知知知宝菜デ 知寄町三丁目、知寄町、知寄町二丁目、知寄町一丁目、宝永町、菜園場町、デンテツターミナルビル前
100%
知美那土智因用 知和、美作河井、那岐、土師、智頭、因幡社、用瀬
100%
池石蛍豊岡曽服 池田、石橋阪大前、蛍池、豊中、岡町、曽根、服部天神
100%
竹佐柴香鎧餘久 竹野、佐津、柴山、香住、鎧、餘部、久谷
100%
竹大安忠安須三 竹原、大乗、安芸長浜、忠海、安芸幸崎、須波、三原
100%
竹伏近桃向小伊 竹田、伏見、近鉄丹波橋、桃山御陵前、向島、小倉、伊勢田
100%
筑う筑夜光日豊 筑後吉井、うきは、筑後大石、夜明、光岡、日田、豊後三芳
100%
筑羽西荒久肥鳥 筑後船小屋、羽犬塚、西牟田、荒木、久留米、肥前旭、鳥栖
100%
筑九城筑篠門長 筑前大分、九郎原、城戸南蔵院前、筑前山手、篠栗、門松、長者原
100%
筑夜光日豊豊天 筑後大石、夜明、光岡、日田、豊後三芳、豊後中川、天ケ瀬
100%
茶久早備妹備大 茶屋町、久々原、早島、備中箕島、妹尾、備前西市、大元
100%
茶自本名八八総 茶屋ヶ坂、自由ヶ丘、本山、名古屋大学、八事日赤、八事、総合リハビリセンター
100%
茶彦備迫常八備 茶屋町、彦崎、備前片岡、迫川、常山、八浜、備前田井
100%
中滑浜早越西電 中滑川、滑川、浜加積、早月加積、越中中村、西魚津、電鉄魚津
100%
中荒桜電地電富 中町、荒町、桜橋、電気ビル前、地鉄ビル前、電鉄富山駅・エスタ前、富山駅
100%
中枝伊北北鳴伊 中山、枝川、伊野商業前、北内、北山、鳴谷、伊野駅前
100%
中瀬八寺西西白 中野東、瀬野、八本松、寺家、西条、西高屋、白市
100%
中膳錦京石島び 中ノ庄、膳所本町、錦、京阪膳所、石場、島ノ関、びわ湖浜大津
100%
中東今天豊柳豊 中津、東中津、今津、天津、豊前善光寺、柳ケ浦、豊前長洲
100%
中本亀名伏栄新 中村日赤、本陣、亀島、名古屋、伏見、栄、新栄町
100%
中淀石橋樟牧御 中書島、淀、石清水八幡宮、橋本、樟葉、牧野、御殿山
100%
中立西宇豊柳豊 中山香、立石、西屋敷、宇佐、豊前長洲、柳ケ浦、豊前善光寺
100%
忠春和岸蛸貝二 忠岡、春木、和泉大宮、岸和田、蛸地蔵、貝塚、二色浜
100%
忠泉松北高羽浜 忠岡、泉大津、松ノ浜、北助松、高石、羽衣、浜寺公園
100%
猪楡笹東越千速 猪谷、楡原、笹津、東八尾、越中八尾、千里、速星
100%
朝弁九阿本堺谷 朝潮橋、弁天町、九条、阿波座、本町、堺筋本町、谷町四丁目
100%
長荒吉新生白学 長田、荒本、吉田、新石切、生駒、白庭台、学研北生駒
100%
長寺新鶴甘福溝 長谷、寺前、新野、鶴居、甘地、福崎、溝口
100%
長新和和山紀六 長滝、新家、和泉砂川、和泉鳥取、山中渓、紀伊、六十谷
100%
長藤津河星寝忍 長尾、藤阪、津田、河内磐船、星田、寝屋川公園、忍ケ丘
100%
長楠北塩海新近 長太ノ浦、楠、北楠、塩浜、海山道、新正、近鉄四日市
100%
長箕伊千白鼓磯 長太ノ浦、箕田、伊勢若松、千代崎、白子、鼓ヶ浦、磯山
100%
直出西出江小田 直江、出雲市、西出雲、出雲神西、江南、小田、田儀
100%
直南あ藤中市ふ 直方、南直方御殿口、あかぢ、藤棚、中泉、市場、ふれあい生力
100%
津上百三堺浅杉 津久野、上野芝、百舌鳥、三国ケ丘、堺市、浅香、杉本町
100%
津東高美三美知 津山、東津山、高野、美作滝尾、三浦、美作加茂、知和
100%
塚猪伊北川中宝 塚口、猪名寺、伊丹、北伊丹、川西池田、中山寺、宝塚
100%
塚東天聖北松今 塚西、東玉出、天神ノ森、聖天坂、北天下茶屋、松田町、今船
100%
柘油甲寺甲貴三 柘植、油日、甲賀、寺庄、甲南、貴生川、三雲
100%
坪箸佃阿三祖阿 坪尻、箸蔵、佃、阿波池田、三縄、祖谷口、阿波川口
100%
鶴高牧大西東別 鶴崎、高城、牧、大分、西大分、東別府、別府
100%
鶴丹三讃引讃阿 鶴羽、丹生、三本松、讃岐白鳥、引田、讃岐相生、阿波大宮
100%
庭中倉清総豪日 庭瀬、中庄、倉敷、清音、総社、豪渓、日羽
100%
天原け基弥田鳥 天拝山、原田、けやき台、基山、弥生が丘、田代、鳥栖
100%
天都野関千太守 天神橋筋六丁目、都島、野江内代、関目高殿、千林大宮、太子橋今市、守口
100%
天動大な心本淀 天王寺、動物園前、大国町、なんば、心斎橋、本町、淀屋橋
100%
田笠新大八畝橿 田原本、笠縫、新ノ口、大和八木、八木西口、畝傍御陵前、橿原神宮前
100%
田紀串紀古紀紀 田並、紀伊有田、串本、紀伊姫、古座、紀伊田原、紀伊浦神
100%
田味小小小間牛 田県神社前、味岡、小牧原、小牧、小牧口、間内、牛山
100%
田糒上金人赤ふ 田川市立病院、糒、上金田、金田、人見、赤池、ふれあい生力
100%
電稲新東越越越 電鉄富山、稲荷町、新庄田中、東新庄、越中荏原、越中三郷、越中舟橋
100%
土佐土有土海浮 土佐佐賀、佐賀公園、土佐白浜、有井川、土佐上川口、海の王迎、浮鞭
100%
土智因用鷹国河 土師、智頭、因幡社、用瀬、鷹狩、国英、河原
100%
土布土薊高入円 土佐大津、布師田、土佐一宮、薊野、高知、入明、円行寺口
100%
唐鬼山肥西佐駒 唐津、鬼塚、山本、肥前久保、西相知、佐里、駒鳴
100%
唐大赤天中祇博 唐人町、大濠公園、赤坂、天神、中洲川端、祇園、博多
100%
唐比お堅小和蓬 唐崎、比叡山坂本、おごと温泉、堅田、小野、和邇、蓬莱
100%
東河若八河河布 東花園、河内花園、若江岩田、八戸ノ里、河内小阪、河内永和、布施
100%
東高美三美知美 東津山、高野、美作滝尾、三浦、美作加茂、知和、美作河井
100%
東生石額枚瓢東 東生駒、生駒、石切、額田、枚岡、瓢箪山、東花園
100%
東赤教海遠水折 東郷、赤間、教育大前、海老津、遠賀川、水巻、折尾
100%
東倉西開江西塩 東甘木、倉永、西鉄渡瀬、開、江の浦、西鉄中島、塩塚
100%
東中吉三宇豊椎 東中津、中津、吉富、三毛門、宇島、豊前松江、椎田
100%
東中八西二磯加 東松江、中松江、八幡前、西ノ庄、二里ヶ浜、磯ノ浦、加太
100%
東湯市神串木隈 東市来、湯之元、市来、神村学園前、串木野、木場茶屋、隈之城
100%
東伯岸伯江武根 東山公園、伯耆大山、岸本、伯耆溝口、江尾、武庫、根雨
100%
東福備松東尾糸 東福山、福山、備後赤坂、松永、東尾道、尾道、糸崎
100%
東別別亀豊暘日 東別府、別府、別府大学、亀川、豊後豊岡、暘谷、日出
100%
東和東熊日長新 東貝塚、和泉橋本、東佐野、熊取、日根野、長滝、新家
100%
湯紀紀那宇紀三 湯川、紀伊勝浦、紀伊天満、那智、宇久井、紀伊佐野、三輪崎
100%
湯厚四南美重於 湯ノ峠、厚保、四郎ケ原、南大嶺、美祢、重安、於福
100%
湯矢大仁上周新 湯田温泉、矢原、大歳、仁保津、上郷、周防下郷、新山口
100%
藤は杁長芸公愛 藤が丘、はなみずき通、杁ヶ池公園、長久手古戦場、芸大通、公園西、愛・地球博記念公園
100%
道高長本大東喜 道ノ尾、高田、長与、本川内、大草、東園、喜々津
100%
徳鴻住野四忍寝 徳庵、鴻池新田、住道、野崎、四条畷、忍ケ丘、寝屋川公園
100%
徳佐吉勝池板阿 徳島、佐古、吉成、勝瑞、池谷、板東、阿波川端
100%
徳守競北城片香 徳力公団前、守恒、競馬場前、北方、城野、片野、香春口三萩野
100%
那赤小奥壺旭県 那覇空港、赤嶺、小禄、奥武山公園、壺川、旭橋、県庁前
100%
南羽千金能良能 南羽咋、羽咋、千路、金丸、能登部、良川、能登二宮
100%
南延北日北市宗 南延岡、延岡、北延岡、日向長井、北川、市棚、宗太郎
100%
南今湯南王武鯖 南今庄、今庄、湯尾、南条、王子保、武生、鯖江
100%
南新水東竜武光 南熊本、新水前寺、水前寺、東海学園前、竜田口、武蔵塚、光の森
100%
南大油日飫内北 南郷、大堂津、油津、日南、飫肥、内之田、北郷
100%
南米桜西西福上 南桜井、米津、桜町前、西尾口、西尾、福地、上横須賀
100%
二貝蛸岸和春忠 二色浜、貝塚、蛸地蔵、岸和田、和泉大宮、春木、忠岡
100%
二宮薩生前喜中 二月田、宮ケ浜、薩摩今和泉、生見、前之浜、喜入、中名
100%
二上駒古道土藤 二上山、上ノ太子、駒ヶ谷、古市、道明寺、土師ノ里、藤井寺
100%
二南涙郡鴨騎荒 二軒茶屋、南鹿児島駅前、涙橋、郡元、鴨池、騎射場、荒田八幡
100%
尼加御海新北大 尼崎、加島、御幣島、海老江、新福島、北新地、大阪天満宮
100%
尼出尼大杭千姫 尼崎センタープール前、出屋敷、尼崎、大物、杭瀬、千船、姫島
100%
日神厄市小粟河 日岡、神野、厄神、市場、小野町、粟生、河合西
100%
日津臼上熊下佐 日代、津久見、臼杵、上臼杵、熊崎、下ノ江、佐志生
100%
日田青山餅三都 日向沓掛、田野、青井岳、山之口、餅原、三股、都城
100%
日日串福福大志 日向大束、日向北方、串間、福島今町、福島高松、大隅夏井、志布志
100%
熱西金東上矢栄 熱田神宮西、西高蔵、金山、東別院、上前津、矢場町、栄
100%
能西能笠田和七 能登鹿島、西岸、能登中島、笠師保、田鶴浜、和倉温泉、七尾
100%
萩玉三飯長長黄 萩、玉江、三見、飯井、長門三隅、長門市、黄波戸
100%
萩東越長奈木宇 萩、東萩、越ケ浜、長門大井、奈古、木与、宇田郷
100%
泊松倉下由浦八 泊、松崎、倉吉、下北条、由良、浦安、八橋
100%
白紀椿紀周見江 白浜、紀伊富田、椿、紀伊日置、周参見、見老津、江住
100%
白鼓磯千豊白高 白子、鼓ヶ浦、磯山、千里、豊津上野、白塚、高田本山
100%
白春桜雑井大高 白木原、春日原、桜並木、雑餉隈、井尻、大橋、高宮
100%
迫備彦茶久早備 迫川、備前片岡、彦崎、茶屋町、久々原、早島、備中箕島
100%
箱鳥尾樽岡吉羽 箱作、鳥取ノ荘、尾崎、樽井、岡田浦、吉見ノ里、羽倉崎
100%
箸坪讃黒塩琴善 箸蔵、坪尻、讃岐財田、黒川、塩入、琴平、善通寺
100%
八久加平東天新 八尾、久宝寺、加美、平野、東部市場前、天王寺、新今宮
100%
八三宝修一茶元 八瀬比叡山口、三宅八幡、宝ケ池、修学院、一乗寺、茶山・京都芸術大学、元田中
100%
隼国霧北大北財 隼人、国分、霧島神宮、北永野田、大隅大川原、北俣、財部
100%
磐尺高浮坊橿橿 磐城、尺土、高田市、浮孔、坊城、橿原神宮西口、橿原神宮前
100%
比高み詫津海多 比地大、高瀬、みの、詫間、津島ノ宮、海岸寺、多度津
100%
肥市喜西諫東肥 肥前古賀、市布、喜々津、西諫早、諫早、東諫早、肥前長田
100%
肥住緑宇富川西 肥後長浜、住吉、緑川、宇土、富合、川尻、西熊本
100%
肥肥肥肥多肥小 肥前鹿島、肥前浜、肥前七浦、肥前飯田、多良、肥前大浦、小長井
100%
飛杉飛飛上高飛 飛騨細江、杉崎、飛騨古川、飛騨国府、上枝、高山、飛騨一ノ宮
100%
飛禅下焼飛下白 飛騨萩原、禅昌寺、下呂、焼石、飛騨金山、下油井、白川口
100%
備比備道小内備 備後西城、比婆山、備後落合、道後山、小奴可、内名、備後八幡
100%
尾寺朝古長日新 尾張横須賀、寺本、朝倉、古見、長浦、日長、新舞子
100%
尾鳥箱淡み孝和 尾崎、鳥取ノ荘、箱作、淡輪、みさき公園、孝子、和歌山大学前
100%
毘安上高長伴大 毘沙門台、安東、上安、高取、長楽寺、伴、大原
100%
美西大室北東広 美濃青柳、西大垣、大垣、室、北大垣、東赤坂、広神戸
100%
美美坪美院津東 美作落合、美作追分、坪井、美作千代、院庄、津山、東津山
100%
美旅雲布湖園一 美談、旅伏、雲州平田、布崎、湖遊館新駅、園、一畑口
100%
彦南河稲能安近 彦根、南彦根、河瀬、稲枝、能登川、安土、近江八幡
100%
姫京野砥仁香溝 姫路、京口、野里、砥堀、仁豊野、香呂、溝口
100%
姫東御ひ曽宝加 姫路、東姫路、御着、ひめじ別所、曽根、宝殿、加古川
100%
百上津鳳富北信 百舌鳥、上野芝、津久野、鳳、富木、北信太、信太山
100%
瓢枚額石生東富 瓢箪山、枚岡、額田、石切、生駒、東生駒、富雄
100%
浜諏石湊堺七住 浜寺公園、諏訪ノ森、石津川、湊、堺、七道、住ノ江
100%
浜青泊松倉下由 浜村、青谷、泊、松崎、倉吉、下北条、由良
100%
婦速千越東笹楡 婦中鵜坂、速星、千里、越中八尾、東八尾、笹津、楡原
100%
富呉小越高高西 富山、呉羽、小杉、越中大門、高岡、高岡やぶなみ、西高岡
100%
富四南河河加井 富田浜、四日市、南四日市、河原田、河曲、加佐登、井田川
100%
浮高尺磐当二二 浮孔、高田市、尺土、磐城、当麻寺、二上神社口、二上山
100%
武王南湯今南敦 武生、王子保、南条、湯尾、今庄、南今庄、敦賀
100%
武西生宝中川北 武田尾、西宮名塩、生瀬、宝塚、中山寺、川西池田、北伊丹
100%
武塚園神十中大 武庫之荘、塚口、園田、神崎川、十三、中津、大阪梅田
100%
武二荒騎鴨郡涙 武之橋、二中通、荒田八幡、騎射場、鴨池、郡元、涙橋
100%
伏丹墨藤龍伏鳥 伏見桃山、丹波橋、墨染、藤森、龍谷大前深草、伏見稲荷、鳥羽街道
100%
福芦加小金新富 福井、芦原温泉、加賀温泉、小松、金沢、新高岡、富山
100%
福高東砺油戸林 福野、高儀、東野尻、砺波、油田、戸出、林
100%
福石高綾山立安 福知山、石原、高津、綾部、山家、立木、安栖里
100%
福千古し新福九 福間、千鳥、古賀、ししぶ、新宮中央、福工大前、九産大前
100%
福大岩東居諸浜 福部、大岩、岩美、東浜、居組、諸寄、浜坂
100%
兵新鷹須須塩垂 兵庫、新長田、鷹取、須磨海浜公園、須磨、塩屋、垂水
100%
平加久八志柏高 平野、加美、久宝寺、八尾、志紀、柏原、高井田
100%
平瀬中喜前生薩 平川、瀬々串、中名、喜入、前之浜、生見、薩摩今和泉
100%
米岐名三豊浜掛 米原、岐阜羽島、名古屋、三河安城、豊橋、浜松、掛川
100%
法大郡奈平木加 法隆寺、大和小泉、郡山、奈良、平城山、木津、加茂
100%
豊三長江東野新 豊川、三河一宮、長山、江島、東上、野田城、新城
100%
防大四新嘉本厚 防府、大道、四辻、新山口、嘉川、本由良、厚東
100%
北狭大金滝千河 北野田、狭山、大阪狭山市、金剛、滝谷、千代田、河内長野
100%
北近比志蓬和小 北小松、近江舞子、比良、志賀、蓬莱、和邇、小野
100%
北室大西美友大 北大垣、室、大垣、西大垣、美濃青柳、友江、大外羽
100%
北小新今鶴谷日 北巽、小路、新深江、今里、鶴橋、谷町九丁目、日本橋
100%
北庭中倉清総豪 北長瀬、庭瀬、中庄、倉敷、清音、総社、豪渓
100%
北日北市宗重直 北延岡、日向長井、北川、市棚、宗太郎、重岡、直川
100%
北富鳳津上百三 北信太、富木、鳳、津久野、上野芝、百舌鳥、三国ケ丘
100%
堀桜南米桜西西 堀内公園、桜井、南桜井、米津、桜町前、西尾口、西尾
100%
本嘉新四大防富 本由良、嘉川、新山口、四辻、大道、防府、富海
100%
本本桜呼堀神金 本星崎、本笠寺、桜、呼続、堀田、神宮前、金山
100%
枕薩白薩松頴水 枕崎、薩摩板敷、白沢、薩摩塩屋、松ケ浦、頴娃大川、水成川
100%
末宝浜青泊松倉 末恒、宝木、浜村、青谷、泊、松崎、倉吉
100%
味春牛間小小小 味美、春日井、牛山、間内、小牧口、小牧、小牧原
100%
味小小小間牛春 味岡、小牧原、小牧、小牧口、間内、牛山、春日井
100%
箕紀藤湯広紀紀 箕島、紀伊宮原、藤並、湯浅、広川ビーチ、紀伊由良、紀伊内原
100%
箕谷花大神唐有 箕谷、谷上、花山、大池、神鉄六甲、唐櫃台、有馬口
100%
妙島国奥大新丸 妙興寺、島氏永、国府宮、奥田、大里、新清洲、丸ノ内
100%
夢コ大朝弁九阿 夢洲、コスモスクエア、大阪港、朝潮橋、弁天町、九条、阿波座
100%
名加茶岐笠木黒 名鉄岐阜、加納、茶所、岐南、笠松、木曽川堤、黒田
100%
名桔美伊青伊西 名張、桔梗が丘、美旗、伊賀神戸、青山町、伊賀上津、西青山
100%
名金鶴千大新勝 名古屋、金山、鶴舞、千種、大曽根、新守山、勝川
100%
名山金神堀呼桜 名鉄名古屋、山王、金山、神宮前、堀田、呼続、桜
100%
明斎漕櫛東松松 明星、斎宮、漕代、櫛田、東松阪、松阪、松ヶ崎
100%
木織本糸モ北美 木知原、織部、本巣、糸貫、モレラ岐阜、北方真桑、美江寺
100%
木南出幡加南宍 木次、南大東、出雲大東、幡屋、加茂中、南宍道、宍道
100%
門下幡新長小埴 門司、下関、幡生、新下関、長府、小月、埴生
100%
門篠筑城九筑桂 門松、篠栗、筑前山手、城戸南蔵院前、九郎原、筑前大分、桂川
100%
門小門小西九戸 門司港、小森江、門司、小倉、西小倉、九州工大前、戸畑
100%
夜香あよの立後 夜須、香我美、あかおか、よしかわ、のいち、立田、後免町
100%
野守栗草南瀬石 野洲、守山、栗東、草津、南草津、瀬田、石山
100%
野東江長三豊牛 野田城、東上、江島、長山、三河一宮、豊川、牛久保
100%
弥基け原天二都 弥生が丘、基山、けやき台、原田、天拝山、二日市、都府楼南
100%
弥田鳥肥久荒西 弥生が丘、田代、鳥栖、肥前旭、久留米、荒木、西牟田
100%
厄市小粟河青社 厄神、市場、小野町、粟生、河合西、青野ケ原、社町
100%
薬吉葛市壺飛岡 薬水、吉野口、葛、市尾、壺阪山、飛鳥、岡寺
100%
薬薬桜六別茶金 薬院、薬院大通、桜坂、六本松、別府、茶山、金山
100%
柳粟光堀伊三松 柳原、粟井、光洋台、堀江、伊予和気、三津浜、松山
100%
油大南谷榎日日 油津、大堂津、南郷、谷之口、榎原、日向大束、日向北方
100%
由阿新桑阿見阿 由岐、阿波福井、新野、桑野、阿波橘、見能林、阿南
100%
養美烏大友美西 養老、美濃高田、烏江、大外羽、友江、美濃青柳、西大垣
100%
淀石橋樟牧御枚 淀、石清水八幡宮、橋本、樟葉、牧野、御殿山、枚方市
100%
淀大名御下中赤 淀江、大山口、名和、御来屋、下市、中山口、赤碕
100%
淀姫千杭大尼出 淀川、姫島、千船、杭瀬、大物、尼崎、出屋敷
100%
来宍荘直出西出 来待、宍道、荘原、直江、出雲市、西出雲、出雲神西
100%
龍藤墨丹伏中淀 龍谷大前深草、藤森、墨染、丹波橋、伏見桃山、中書島、淀
100%
令美今豊新東犀 令和コスタ行橋、美夜古泉、今川河童、豊津、新豊津、東犀川三四郎、犀川
100%
鈴北山箕谷花大 鈴蘭台、北鈴蘭台、山の街、箕谷、谷上、花山、大池
100%
鈴鈴西藍木木栄 鈴蘭台、鈴蘭台西口、西鈴蘭台、藍那、木津、木幡、栄
100%
六御岡芦夙西武 六甲、御影、岡本、芦屋川、夙川、西宮北口、武庫之荘
100%
六住摂甲芦さ西 六甲道、住吉、摂津本山、甲南山手、芦屋、さくら夙川、西宮
100%
和安立山綾高石 和知、安栖里、立木、山家、綾部、高津、石原
100%
和江見周紀椿紀 和深、江住、見老津、周参見、紀伊日置、椿、紀伊富田
100%
聚名柴大大道豊 聚楽園、名和、柴田、大同町、大江、道徳、豊田本町
100%
宮J地阿広宮広 宮内、JA広島病院前、地御前、阿品東、広電阿品、宮島ボートレース場、広電宮島口
100%
山広廿宮J地阿 山陽女学園前、広電廿日市、廿日市市役所前(平良)、宮内、JA広島病院前、地御前、阿品東
100%
J茨千岸吹東新 JR総持寺、茨木、千里丘、岸辺、吹田、東淀川、新大阪
100%
岸千茨J摂高島 岸辺、千里丘、茨木、JR総持寺、摂津富田、高槻、島本
100%
香J高大御玉掖 香芝、JR五位堂、高田、大和新庄、御所、玉手、掖上
100%
山長城新J宇黄 山城青谷、長池、城陽、新田、JR小倉、宇治、黄檗
100%
祝下J同京大松 祝園、下狛、JR三山木、同志社前、京田辺、大住、松井山手
100%
新東吹岸千茨J 新大阪、東淀川、吹田、岸辺、千里丘、茨木、JR総持寺
100%
長松大京同J下 長尾、松井山手、大住、京田辺、同志社前、JR三山木、下狛
100%
掖玉御大高J香 掖上、玉手、御所、大和新庄、高田、JR五位堂、香芝
100%
J桃六木黄宇J JR藤森、桃山、六地蔵、木幡、黄檗、宇治、JR小倉
100%
新南J城J鴫放 新大阪、南吹田、JR淡路、城北公園通、JR野江、鴫野、放出
100%
JJ高放鴫J城 JR俊徳道、JR河内永和、高井田中央、放出、鴫野、JR野江、城北公園通
100%
鴫放高JJJ衣 鴫野、放出、高井田中央、JR河内永和、JR俊徳道、JR長瀬、衣摺加美北
100%
放高JJJ衣新 放出、高井田中央、JR河内永和、JR俊徳道、JR長瀬、衣摺加美北、新加美
100%
阿天四谷谷谷天 阿倍野、天王寺、四天王寺前夕陽ヶ丘、谷町九丁目、谷町六丁目、谷町四丁目、天満橋
50%
綾滝羽栗岡羽榎 綾川、滝宮、羽床、栗熊、岡田、羽間、榎井
50%
伊枝中八宇咥宮 伊野商業前、枝川、中山、八代通、宇治団地前、咥内、宮の奥
50%
一清領北舟鹿田 一条橋、清和学園前、領石通、北浦、舟戸、鹿児、田辺島通
50%
岡円一空仏太伏 岡本、円座、一宮、空港通り、仏生山、太田、伏石
50%
岡曽服庄三十中 岡町、曽根、服部天神、庄内、三国、十三、中津
50%
鬼向豊賀南古大 鬼瀬、向之原、豊後国分、賀来、南大分、古国府、大分
50%
原植塩八い川御 原、植田、塩釜口、八事、いりなか、川名、御器所
50%
戸九西小門小門 戸畑、九州工大前、西小倉、小倉、門司、小森江、門司港
50%
戸枝ス八黒陣折 戸畑、枝光、スペースワールド、八幡、黒崎、陣原、折尾
50%
御名大淀伯東米 御来屋、名和、大山口、淀江、伯耆大山、東山公園、米子
50%
江八養和梁上下 江原、八鹿、養父、和田山、梁瀬、上夜久野、下夜久野
50%
左野皆中本上大 左石、野中、皆瀬、中里、本山、上相浦、大学
50%
桜春白下都西紫 桜並木、春日原、白木原、下大利、都府楼前、西鉄二日市、紫
50%
三松大有多神西 三会、松尾、大三東、有明湯江、多比良、神代、西郷
50%
山玉棚上木平奈 山城多賀、玉水、棚倉、上狛、木津、平城山、奈良
50%
市越一越足六越 市波、越前高田、一乗谷、越前東郷、足羽、六条、越前花堂
50%
柴淡下吹豊関千 柴島、淡路、下新庄、吹田、豊津、関大前、千里山
50%
手亀飾妻白八的 手柄、亀山、飾磨、妻鹿、白浜の宮、八家、的形
50%
出松吉真西江半 出目、松丸、吉野生、真土、西ケ方、江川崎、半家
50%
仁安安安風安吉 仁方、安芸川尻、安登、安浦、風早、安芸津、吉名
50%
赤人金上糒田下 赤池、人見、金田、上金田、糒、田川市立病院、下伊田
50%
大伊小向桃近伏 大久保、伊勢田、小倉、向島、桃山御陵前、近鉄丹波橋、伏見
50%
大古下安三横新 大町、古市橋、下祇園、安芸長束、三滝、横川、新白島
50%
大西南市県大勝 大手町駅前、西堀端、南堀端、市役所前、県庁前、大街道、勝山町
50%
大動天昭西長あ 大国町、動物園前、天王寺、昭和町、西田辺、長居、あびこ
50%
中西祇不牛白新 中筋、西原、祇園新橋北、不動院前、牛田、白島、新白島
50%
椎築新南行小苅 椎田、築城、新田原、南行橋、行橋、小波瀬西工大前、苅田
50%
島石京錦膳中瓦 島ノ関、石場、京阪膳所、錦、膳所本町、中ノ庄、瓦ヶ浜
50%
東住住細安我大 東粉浜、住吉、住吉鳥居前、細井川、安立町、我孫子道、大和川
50%
東土魚大西明朝 東加古川、土山、魚住、大久保、西明石、明石、朝霧
50%
東萩蓮犬城越粟 東岩瀬、萩浦小学校前、蓮町(馬場記念公園前)、犬島新町、城川原、越中中島、粟島(大阪屋ショップ前)
50%
日高東万谷日都 日向前田、高崎新田、東高崎、万ケ塚、谷頭、日向庄内、都城
50%
日日榎谷南大油 日向北方、日向大束、榎原、谷之口、南郷、大堂津、油津
50%
農平学白井公長 農学部前、平木、学園通り、白山、井戸、公文明、長尾
50%
毘大古中西祇不 毘沙門台、大町、古市、中筋、西原、祇園新橋北、不動院前
50%
美美楢林勝西美 美作土居、美作江見、楢原、林野、勝間田、西勝間田、美作大崎
50%
本堺谷森緑深高 本町、堺筋本町、谷町四丁目、森ノ宮、緑橋、深江橋、高井田
50%
六別茶金七福梅 六本松、別府、茶山、金山、七隈、福大前、梅林
50%
高木本萱古宮J 高砂町、木屋町、本町六丁目、萱町六丁目、古町、宮田町、JR松山駅前
50%
あお木一肥川相 あさぎり、おかどめ幸福、木上、一武、肥後西村、川村、相良藩願成寺
0%
あ球穴赤和西夜 あき総合病院前、球場前、穴内、赤野、和食、西分、夜須
0%
あ香夜西和赤穴 あかおか、香我美、夜須、西分、和食、赤野、穴内
0%
あ西大宮石平佐 あわくら温泉、西粟倉、大原、宮本武蔵、石井、平福、佐用
0%
あ赤日南泊追小 あすなろう四日市、赤堀、日永、南日永、泊、追分、小古曽
0%
あ長西昭天動大 あびこ、長居、西田辺、昭和町、天王寺、動物園前、大国町
0%
あ東公多東新湯 あさぎり、東免田、公立病院前、多良木、東多良木、新鶴羽、湯前
0%
あ藤中市ふ赤人 あかぢ、藤棚、中泉、市場、ふれあい生力、赤池、人見
0%
あ番本大下西西 あわら湯のまち、番田、本荘、大関、下兵庫こうふく、西長田ゆりの里、西春江ハートピア
0%
い阿内市赤立瀬 いこいの村、阿蘇、内牧、市ノ川、赤水、立野、瀬田
0%
い井早小矢三備 いずえ、井原、早雲の里荏原、小田、矢掛、三谷、備中呉妹
0%
い宮波滝豊玉豊 いこいの村、宮地、波野、滝水、豊後荻、玉来、豊後竹田
0%
い高江す西た中 いのつき、高岩、江迎鹿町、すえたちばな、西田平、たびら平戸口、中田平
0%
い川御荒鶴上大 いりなか、川名、御器所、荒畑、鶴舞、上前津、大須観音
0%
い潜吉神清佐小 いのつき、潜竜ヶ滝、吉井、神田、清峰高校前、佐々、小浦
0%
い天高加高鹿都 いづろ通、天文館通、高見馬場、加治屋町、高見橋、鹿児島中央駅前、都通
0%
い天高甲新武二 いづろ通、天文館通、高見馬場、甲東中学校前、新屋敷、武之橋、二中通
0%
い八塩植原平赤 いりなか、八事、塩釜口、植田、原、平針、赤池
0%
い福北久鷹平梅 いよ立花、福音寺、北久米、久米、鷹ノ子、平井、梅本
0%
イ龍奥下粟越城 インテック本社前、龍谷富山高校前(永楽町)、奥田中学校前、下奥井、粟島(大阪屋ショップ前)、越中中島、城川原
0%
う筑夜光日豊豊 うきは、筑後大石、夜明、光岡、日田、豊後三芳、豊後中川
0%
えええ西小広高 えびの、えびの上江、えびの飯野、西小林、小林、広原、高原
0%
ええ西小広高日 えびの上江、えびの飯野、西小林、小林、広原、高原、日向前田
0%
え西小広高日高 えびの飯野、西小林、小林、広原、高原、日向前田、高崎新田
0%
おあ東公多東新 おかどめ幸福、あさぎり、東免田、公立病院前、多良木、東多良木、新鶴羽
0%
オイ龍奥下粟越 オークスカナルパークホテル富山前、インテック本社前、龍谷富山高校前(永楽町)、奥田中学校前、下奥井、粟島(大阪屋ショップ前)、越中中島
0%
お安牧美県旭壺 おもろまち、安里、牧志、美栄橋、県庁前、旭橋、壺川
0%
お堅小和蓬志比 おごと温泉、堅田、小野、和邇、蓬莱、志賀、比良
0%
オ志讃八古屋木 オレンジタウン、志度、讃岐牟礼、八栗口、古高松南、屋島、木太町
0%
オ造神讃鶴丹三 オレンジタウン、造田、神前、讃岐津田、鶴羽、丹生、三本松
0%
お木一肥川相人 おかどめ幸福、木上、一武、肥後西村、川村、相良藩願成寺、人吉温泉
0%
か小夕網峰京与 かぶと山、小天橋、夕日ヶ浦木津温泉、網野、峰山、京丹後大宮、与謝野
0%
か天呉小水坂矢 かるが浜、天応、呉ポートピア、小屋浦、水尻、坂、矢野
0%
く十九京五四烏 くいな橋、十条、九条、京都、五条、四条、烏丸御池
0%
グ枡上上上上旭 グランド通、枡形、上町一丁目、上町二丁目、上町四丁目、上町五丁目、旭町一丁目
0%
け基弥田鳥肥久 けやき台、基山、弥生が丘、田代、鳥栖、肥前旭、久留米
0%
け原天二都水大 けやき台、原田、天拝山、二日市、都府楼南、水城、大野城
0%
コト中ポポフ南 コスモスクエア、トレードセンター前、中ふ頭、ポートタウン西、ポートタウン東、フェリーターミナル、南港東
0%
コ久か小夕網峰 コウノトリの郷、久美浜、かぶと山、小天橋、夕日ヶ浦木津温泉、網野、峰山
0%
コ大朝弁九阿本 コスモスクエア、大阪港、朝潮橋、弁天町、九条、阿波座、本町
0%
さ小荒南中港荒 ささしまライブ、小本、荒子、南荒子、中島、港北、荒子川公園
0%
サ西西水神鳥三 サンドーム西、西鯖江、西山公園、水落、神明、鳥羽中、三十八社
0%
し古千福東東赤 ししぶ、古賀、千鳥、福間、東福間、東郷、赤間
0%
し新福九香千箱 ししぶ、新宮中央、福工大前、九産大前、香椎、千早、箱崎
0%
スス八長五大出 スタジアムシティノース、スタジアムシティサウス、八千代町、長崎駅前、五島町、大波止、出島
0%
スス八長桜市諏 スタジアムシティノース、スタジアムシティサウス、八千代町、長崎駅前、桜町、市役所、諏訪神社
0%
スス茂浦大原平 スタジアムシティサウス、スタジアムシティノース、茂里町、浦上駅前、大学病院、原爆資料館、平和公園
0%
ス家サ西西水神 スポーツ公園、家久、サンドーム西、西鯖江、西山公園、水落、神明
0%
す江高い潜吉神 すえたちばな、江迎鹿町、高岩、いのつき、潜竜ヶ滝、吉井、神田
0%
ス枝戸九西小門 スペースワールド、枝光、戸畑、九州工大前、西小倉、小倉、門司
0%
す西た中東西御 すえたちばな、西田平、たびら平戸口、中田平、東田平、西木場、御厨
0%
ス八黒陣折水遠 スペースワールド、八幡、黒崎、陣原、折尾、水巻、遠賀川
0%
ス八長五大出新 スタジアムシティサウス、八千代町、長崎駅前、五島町、大波止、出島、新地中華街
0%
ス八長桜市諏新 スタジアムシティサウス、八千代町、長崎駅前、桜町、市役所、諏訪神社、新大工町
0%
ス茂浦大原平大 スタジアムシティノース、茂里町、浦上駅前、大学病院、原爆資料館、平和公園、大橋
0%
せ関関関松美梅 せきてらす前、関、関市役所前、関下有知、松森、美濃市、梅山
0%
せ関関富加前美 せきてらす前、関口、関富岡、富加、加茂野、前平公園、美濃太田
0%
た西す江高い潜 たびら平戸口、西田平、すえたちばな、江迎鹿町、高岩、いのつき、潜竜ヶ滝
0%
だ太清新関蒲鴫 だいどう豊里、太子橋今市、清水、新森古市、関目成育、蒲生四丁目、鴫野
0%
た中東西御松松 たびら平戸口、中田平、東田平、西木場、御厨、松浦発電所前、松浦
0%
た肥海佐湯津新 たのうら御立岬公園、肥後田浦、海浦、佐敷、湯浦、津奈木、新水俣
0%
た北ス家サ西西 たけふ新、北府、スポーツ公園、家久、サンドーム西、西鯖江、西山公園
0%
て浦経石首儀市 てだこ浦西、浦添前田、経塚、石嶺、首里、儀保、市立病院前
0%
デ菜宝知知知知 デンテツターミナルビル前、菜園場町、宝永町、知寄町一丁目、知寄町二丁目、知寄町、知寄町三丁目
0%
と光笹山畦一平 ときわ台、光風台、笹部、山下、畦野、一の鳥居、平野
0%
ド西西心長松谷 ドーム前千代崎、西長堀、西大橋、心斎橋、長堀橋、松屋町、谷町六丁目
0%
ト中ポポフ南南 トレードセンター前、中ふ頭、ポートタウン西、ポートタウン東、フェリーターミナル、南港東、南港口
0%
ナ砂守金川川白 ナゴヤドーム前矢田、砂田橋、守山、金屋、川宮、川村、白沢渓谷
0%
ナ砂茶自本名八 ナゴヤドーム前矢田、砂田橋、茶屋ヶ坂、自由ヶ丘、本山、名古屋大学、八事日赤
0%
な心本淀梅中西 なんば、心斎橋、本町、淀屋橋、梅田、中津、西中島南方
0%
な大花岸玉北住 なんば、大国町、花園町、岸里、玉出、北加賀屋、住之江公園
0%
な大動天昭西長 なんば、大国町、動物園前、天王寺、昭和町、西田辺、長居
0%
ナ大平志黒名名 ナゴヤドーム前矢田、大曽根、平安通、志賀本通、黒川、名城公園、名古屋城
0%
な日谷鶴今新小 なんば、日本橋、谷町九丁目、鶴橋、今里、新深江、小路
0%
のよあ香夜西和 のいち、よしかわ、あかおか、香我美、夜須、西分、和食
0%
はデ菜宝知知知 はりまや橋、デンテツターミナルビル前、菜園場町、宝永町、知寄町一丁目、知寄町二丁目、知寄町
0%
バ久牛江肥肥肥 バルーンさが、久保田、牛津、江北、肥前白石、肥前竜王、肥前鹿島
0%
バ久小東中多厳 バルーンさが、久保田、小城、東多久、中多久、多久、厳木
0%
ハ清江ベ花赤商 ハーモニーホール、清明、江端、ベル前、花堂、赤十字前、商工会議所前
0%
ハ浅泰三鳥神水 ハーモニーホール、浅水、泰澄の里、三十八社、鳥羽中、神明、水落
0%
ハ中和御苅駒新 ハーバーランド、中央市場前、和田岬、御崎公園、苅藻、駒ヶ林、新長田
0%
バ鍋佐伊神吉中 バルーンさが、鍋島、佐賀、伊賀屋、神埼、吉野ケ里公園、中原
0%
ハ南小川彼千松 ハウステンボス、南風崎、小串郷、川棚、彼杵、千綿、松原
0%
は梅桟桟桟桟桟 はりまや橋、梅の辻、桟橋通一丁目、桟橋通二丁目、桟橋通三丁目、桟橋通四丁目、桟橋車庫前
0%
は堀大高県グ枡 はりまや橋、堀詰、大橋通、高知城前、県庁前、グランド通、枡形
0%
は杁長芸公愛陶 はなみずき通、杁ヶ池公園、長久手古戦場、芸大通、公園西、愛・地球博記念公園、陶磁資料館南
0%
び三大京近南滋 びわ湖浜大津、三井寺、大津市役所前、京阪大津京、近江神宮前、南滋賀、滋賀里
0%
び上大追四京御 びわ湖浜大津、上栄町、大谷、追分、四宮、京阪山科、御陵
0%
ひ曽宝加東土魚 ひめじ別所、曽根、宝殿、加古川、東加古川、土山、魚住
0%
ひ彦高尼豊愛五 ひこね芹川、彦根口、高宮、尼子、豊郷、愛知川、五箇荘
0%
フ結石田笠新大 ファミリー公園前、結崎、石見、田原本、笠縫、新ノ口、大和八木
0%
ふ市中藤あ南直 ふれあい生力、市場、中泉、藤棚、あかぢ、南直方御殿口、直方
0%
ふ赤人金上糒田 ふれあい生力、赤池、人見、金田、上金田、糒、田川市立病院
0%
フ鳥彦ひ彦高尼 フジテック前、鳥居本、彦根、ひこね芹川、彦根口、高宮、尼子
0%
フ平筒近九西尼 ファミリー公園前、平端、筒井、近鉄郡山、九条、西ノ京、尼ヶ辻
0%
ベ花赤商足福福 ベル前、花堂、赤十字前、商工会議所前、足羽山公園口、福井城址大名町、福井駅
0%
ベ江清ハ浅泰三 ベル前、江端、清明、ハーモニーホール、浅水、泰澄の里、三十八社
0%
ま西田福日八新 まつもと町屋、西別院、田原町、福大前西福井、日華化学前、八ツ島、新田塚
0%
みハ中和御苅駒 みなと元町、ハーバーランド、中央市場前、和田岬、御崎公園、苅藻、駒ヶ林
0%
み高比本観豊箕 みの、高瀬、比地大、本山、観音寺、豊浜、箕浦
0%
み大福美赤深相 みなみ子宝温泉、大矢、福野、美並苅安、赤池、深戸、相生
0%
み淡箱鳥尾樽岡 みさき公園、淡輪、箱作、鳥取ノ荘、尾崎、樽井、岡田浦
0%
み八木母洲湯梅 みなみ子宝温泉、八坂、木尾、母野、洲原、湯の洞温泉口、梅山
0%
み詫津海多讃丸 みの、詫間、津島ノ宮、海岸寺、多度津、讃岐塩屋、丸亀
0%
メ新西浜め市諏 メディカルセンター、新地中華街、西浜町、浜町アーケード、めがね橋、市役所、諏訪神社
0%
め浜西新メ大大 めがね橋、浜町アーケード、西浜町、新地中華街、メディカルセンター、大浦海岸通り、大浦天主堂
0%
モ糸本織木谷神 モレラ岐阜、糸貫、本巣、織部、木知原、谷汲口、神海
0%
モ北美十横東大 モレラ岐阜、北方真桑、美江寺、十九条、横屋、東大垣、大垣
0%
や杉老大向植芦 やぐま台、杉山、老津、大清水、向ヶ丘、植田、芦原
0%
よあ香夜西和赤 よしかわ、あかおか、香我美、夜須、西分、和食、赤野
0%
阿い宮波滝豊玉 阿蘇、いこいの村、宮地、波野、滝水、豊後荻、玉来
0%
阿阿見阿桑新阿 阿波中島、阿南、見能林、阿波橘、桑野、新野、阿波福井
0%
阿阿西羽立阿南 阿南、阿波中島、西原、羽ノ浦、立江、阿波赤石、南小松島
0%
阿愛諫釜森干小 阿母崎、愛野、諫早東高校、釜ノ鼻、森山、干拓の里、小野
0%
阿霞近川伊益桑 阿倉川、霞ヶ浦、近鉄富田、川越富洲原、伊勢朝日、益生、桑名
0%
阿学山阿川穴小 阿波川島、学、山瀬、阿波山川、川田、穴吹、小島
0%
阿岐丸床常草宇 阿知須、岐波、丸尾、床波、常盤、草江、宇部岬
0%
阿紀神有熊大波 阿田和、紀伊市木、神志山、有井、熊野市、大泊、波田須
0%
阿宮前大玖大和 阿品、宮島口、前空、大野浦、玖波、大竹、和木
0%
阿宮廿五新西横 阿品、宮内串戸、廿日市、五日市、新井口、西広島、横川
0%
阿牛薩西薩草上 阿久根、牛ノ浜、薩摩大川、西方、薩摩高城、草道、上川内
0%
阿桑新阿由田木 阿波橘、桑野、新野、阿波福井、由岐、田井ノ浜、木岐
0%
阿見阿阿西羽立 阿波橘、見能林、阿南、阿波中島、西原、羽ノ浦、立江
0%
阿見阿桑新阿由 阿南、見能林、阿波橘、桑野、新野、阿波福井、由岐
0%
阿吾古大西神多 阿母崎、吾妻、古部、大正、西郷、神代、多比良
0%
阿江三阿辻佃阿 阿波半田、江口、三加茂、阿波加茂、辻、佃、阿波池田
0%
阿高六松徳多相 阿漕、高茶屋、六軒、松阪、徳和、多気、相可
0%
阿坂白巽八南加 阿久比、坂部、白沢、巽ヶ丘、八幡新田、南加木屋、加木屋中ノ池
0%
阿三江阿貞小穴 阿波加茂、三加茂、江口、阿波半田、貞光、小島、穴吹
0%
阿三祖阿小大土 阿波池田、三縄、祖谷口、阿波川口、小歩危、大歩危、土佐岩原
0%
阿山学阿西鴨麻 阿波山川、山瀬、学、阿波川島、西麻植、鴨島、麻植塚
0%
阿讃引讃三丹鶴 阿波大宮、讃岐相生、引田、讃岐白鳥、三本松、丹生、鶴羽
0%
阿小大土豊大土 阿波川口、小歩危、大歩危、土佐岩原、豊永、大田口、土佐穴内
0%
阿松東北姫帝帝 阿倍野、松虫、東天下茶屋、北畠、姫松、帝塚山三丁目、帝塚山四丁目
0%
阿植半住知成青 阿久比、植大、半田口、住吉町、知多半田、成岩、青山
0%
阿新桑阿見阿阿 阿波福井、新野、桑野、阿波橘、見能林、阿南、阿波中島
0%
阿西羽立阿南中 阿波中島、西原、羽ノ浦、立江、阿波赤石、南小松島、中田
0%
阿西鴨麻牛下石 阿波川島、西麻植、鴨島、麻植塚、牛島、下浦、石井
0%
阿西桜な日谷鶴 阿波座、西長堀、桜川、なんば、日本橋、谷町九丁目、鶴橋
0%
阿折野高西出米 阿久根、折口、野田郷、高尾野、西出水、出水、米ノ津
0%
阿川近新海塩北 阿倉川、川原町、近鉄四日市、新正、海山道、塩浜、北楠
0%
阿川穴小貞阿江 阿波山川、川田、穴吹、小島、貞光、阿波半田、江口
0%
阿浅鯖牟辺山日 阿波海南、浅川、鯖瀬、牟岐、辺川、山河内、日和佐
0%
阿祖三阿佃箸坪 阿波川口、祖谷口、三縄、阿波池田、佃、箸蔵、坪尻
0%
阿滝三川栃佐相 阿曽、滝原、三瀬谷、川添、栃原、佐奈、相可
0%
阿中南阿加長立 阿蘇白川、中松、南阿蘇水の生まれる里白水高原、阿蘇下田城、加勢、長陽、立野
0%
阿長伊人長黄長 阿川、長門粟野、伊上、人丸、長門古市、黄波戸、長門市
0%
阿佃辻阿三江阿 阿波池田、佃、辻、阿波加茂、三加茂、江口、阿波半田
0%
阿佃箸坪讃黒塩 阿波池田、佃、箸蔵、坪尻、讃岐財田、黒川、塩入
0%
阿貞小穴川阿山 阿波半田、貞光、小島、穴吹、川田、阿波山川、山瀬
0%
阿特滝長宇湯小 阿川、特牛、滝部、長門二見、宇賀本郷、湯玉、小串
0%
阿内市赤立瀬肥 阿蘇、内牧、市ノ川、赤水、立野、瀬田、肥後大津
0%
阿南中阿南見高 阿蘇下田城、南阿蘇水の生まれる里白水高原、中松、阿蘇白川、南阿蘇白川水源、見晴台、高森
0%
阿南中地文二阿 阿波赤石、南小松島、中田、地蔵橋、文化の森、二軒屋、阿波富田
0%
阿二文地中南阿 阿波富田、二軒屋、文化の森、地蔵橋、中田、南小松島、阿波赤石
0%
阿板阿讃引讃三 阿波川端、板野、阿波大宮、讃岐相生、引田、讃岐白鳥、三本松
0%
阿板阿板池勝吉 阿波大宮、板野、阿波川端、板東、池谷、勝瑞、吉成
0%
阿板池勝吉佐徳 阿波川端、板東、池谷、勝瑞、吉成、佐古、徳島
0%
阿飯極岩花山野 阿木、飯羽間、極楽、岩村、花白温泉、山岡、野志
0%
阿文田駒平喜出 阿倍野、文の里、田辺、駒川中野、平野、喜連瓜破、出戸
0%
阿本堺谷森緑深 阿波座、本町、堺筋本町、谷町四丁目、森ノ宮、緑橋、深江橋
0%
阿麻楚大東穴七 阿下喜、麻生田、楚原、大泉、東員、穴太、七和
0%
阿由田木北日山 阿波福井、由岐、田井ノ浜、木岐、北河内、日和佐、山河内
0%
阿立羽西阿阿見 阿波赤石、立江、羽ノ浦、西原、阿波中島、阿南、見能林
0%
愛阿吾古大西神 愛野、阿母崎、吾妻、古部、大正、西郷、神代
0%
愛下下浦栃若舌 愛本、下立、下立口、浦山、栃屋、若栗、舌山
0%
愛見田牛牛梅平 愛大医学部南口、見奈良、田窪、牛渕、牛渕団地前、梅本、平井
0%
愛五河八長大京 愛知川、五箇荘、河辺の森、八日市、長谷野、大学前、京セラ前
0%
愛公芸長杁は藤 愛・地球博記念公園、公園西、芸大通、長久手古戦場、杁ヶ池公園、はなみずき通、藤が丘
0%
愛三三蒲三三幸 愛知御津、三河大塚、三河三谷、蒲郡、三河塩津、三ケ根、幸田
0%
愛四貝保篠八山 愛環梅坪、四郷、貝津、保見、篠原、八草、山口
0%
愛新新三末永三 愛環梅坪、新豊田、新上挙母、三河豊田、末野原、永覚、三河上郷
0%
愛南高芦植向大 愛知大学前、南栄、高師、芦原、植田、向ヶ丘、大清水
0%
愛豊尼高彦ひ彦 愛知川、豊郷、尼子、高宮、彦根口、ひこね芹川、彦根
0%
愛諫釜森干小幸 愛野、諫早東高校、釜ノ鼻、森山、干拓の里、小野、幸
0%
逢刈野東三安西 逢妻、刈谷、野田新町、東刈谷、三河安城、安城、西岡崎
0%
逢大共南大笠熱 逢妻、大府、共和、南大高、大高、笠寺、熱田
0%
旭旭旭蛍鏡鴨曙 旭町一丁目、旭駅前通、旭町三丁目、蛍橋、鏡川橋、鴨部、曙町東町
0%
旭旭旭上上上上 旭町三丁目、旭駅前通、旭町一丁目、上町五丁目、上町四丁目、上町二丁目、上町一丁目
0%
旭旭上上上上枡 旭駅前通、旭町一丁目、上町五丁目、上町四丁目、上町二丁目、上町一丁目、枡形
0%
旭円入高薊土布 旭、円行寺口、入明、高知、薊野、土佐一宮、布師田
0%
旭荻新米能新吉 旭ヶ丘、荻布、新能町、米島口、能町口、新吉久、吉久
0%
旭蛍鏡鴨曙曙朝 旭町三丁目、蛍橋、鏡川橋、鴨部、曙町東町、曙町、朝倉
0%
旭県美牧安お古 旭橋、県庁前、美栄橋、牧志、安里、おもろまち、古島
0%
旭江市志広急坂 旭ヶ丘、江尻、市民病院前、志貴野中学校前、広小路、急患医療センター前、坂下町
0%
旭高朝枝伊波小 旭、高知商業前、朝倉、枝川、伊野、波川、小村神社前
0%
旭上上上上枡グ 旭町一丁目、上町五丁目、上町四丁目、上町二丁目、上町一丁目、枡形、グランド通
0%
旭土門日財南美 旭ケ丘、土々呂、門川、日向市、財光寺、南日向、美々津
0%
旭南延北日北市 旭ケ丘、南延岡、延岡、北延岡、日向長井、北川、市棚
0%
旭尾三水新瀬尾 旭前、尾張旭、三郷、水野、新瀬戸、瀬戸市役所前、尾張瀬戸
0%
芦さ西甲立尼塚 芦屋、さくら夙川、西宮、甲子園口、立花、尼崎、塚本
0%
芦岡御六王春三 芦屋川、岡本、御影、六甲、王子公園、春日野道、三宮
0%
芦加小金新富黒 芦原温泉、加賀温泉、小松、金沢、新高岡、富山、黒部宇奈月温泉
0%
芦丸春森福越大 芦原温泉、丸岡、春江、森田、福井、越前花堂、大土呂
0%
芦甲摂住六摩灘 芦屋、甲南山手、摂津本山、住吉、六甲道、摩耶、灘
0%
芦高南愛小柳新 芦原、高師、南栄、愛知大学前、小池、柳生橋、新豊橋
0%
芦今新天寺桃鶴 芦原橋、今宮、新今宮、天王寺、寺田町、桃谷、鶴橋
0%
芦夙西武塚園神 芦屋川、夙川、西宮北口、武庫之荘、塚口、園田、神崎川
0%
芦植向大老杉や 芦原、植田、向ヶ丘、大清水、老津、杉山、やぐま台
0%
芦深青魚住御石 芦屋、深江、青木、魚崎、住吉、御影、石屋川
0%
芦打香西今久甲 芦屋、打出、香櫨園、西宮、今津、久寿川、甲子園
0%
芦大弁西野福大 芦原橋、大正、弁天町、西九条、野田、福島、大阪
0%
綾梶安福吉梅黒 綾羅木、梶栗郷台地、安岡、福江、吉見、梅ケ峠、黒井村
0%
綾高石福上下上 綾部、高津、石原、福知山、上川口、下夜久野、上夜久野
0%
綾高大我安細住 綾ノ町、高須神社、大和川、我孫子道、安立町、細井川、住吉鳥居前
0%
綾神妙花大宿寺 綾ノ町、神明町、妙国寺前、花田口、大小路、宿院、寺地町
0%
綾陶畑挿岡円一 綾川、陶、畑田、挿頭丘、岡本、円座、一宮
0%
鮎府石下牛麻鴨 鮎喰、府中、石井、下浦、牛島、麻植塚、鴨島
0%
粟越城犬蓮萩東 粟島(大阪屋ショップ前)、越中中島、城川原、犬島新町、蓮町(馬場記念公園前)、萩浦小学校前、東岩瀬
0%
粟下奥龍イオ富 粟島(大阪屋ショップ前)、下奥井、奥田中学校前、龍谷富山高校前(永楽町)、インテック本社前、オークスカナルパークホテル富山前、富山駅
0%
粟蚊北大三三割 粟ヶ崎、蚊爪、北間、大河端、三ツ屋、三口、割出
0%
粟瓦中膳錦京石 粟津、瓦ヶ浜、中ノ庄、膳所本町、錦、京阪膳所、石場
0%
粟小市厄神日加 粟生、小野町、市場、厄神、神野、日岡、加古川
0%
粟小明能小美加 粟津、小松、明峰、能美根上、小舞子、美川、加賀笠間
0%
粟東美気三藤十 粟野、東美浜、美浜、気山、三方、藤井、十村
0%
粟網田法播長播 粟生、網引、田原、法華口、播磨下里、長、播磨横田
0%
粟柳伊大浅菊伊 粟井、柳原、伊予北条、大浦、浅海、菊間、伊予亀岡
0%
粟葉小市樫大三 粟生、葉多、小野、市場、樫山、大村、三木
0%
安あ球穴赤和西 安芸、あき総合病院前、球場前、穴内、赤野、和食、西分
0%
安お古市儀首石 安里、おもろまち、古島、市立病院前、儀保、首里、石嶺
0%
安安安仁広新安 安浦、安登、安芸川尻、仁方、広、新広、安芸阿賀
0%
安安仁広新安呉 安登、安芸川尻、仁方、広、新広、安芸阿賀、呉
0%
安安風安吉竹大 安登、安浦、風早、安芸津、吉名、竹原、大乗
0%
安伊下唐安田奈 安芸、伊尾木、下山、唐浜、安田、田野、奈半利
0%
安下朽苅小行南 安部山公園、下曽根、朽網、苅田、小波瀬西工大前、行橋、南行橋
0%
安下古大緑七梅 安芸長束、下祇園、古市橋、大町、緑井、七軒茶屋、梅林
0%
安河大関二近五 安堂、河内国分、大阪教育大前、関屋、二上、近鉄下田、五位堂
0%
安我大高綾神妙 安立町、我孫子道、大和川、高須神社、綾ノ町、神明町、妙国寺前
0%
安海向天広新横 安芸中野、海田市、向洋、天神川、広島、新白島、横川
0%
安吉竹大安忠安 安芸津、吉名、竹原、大乗、安芸長浜、忠海、安芸幸崎
0%
安近篠野守栗草 安土、近江八幡、篠原、野洲、守山、栗東、草津
0%
安近北近比志蓬 安曇川、近江高島、北小松、近江舞子、比良、志賀、蓬莱
0%
安玖下中上狩白 安芸矢口、玖村、下深川、中深川、上深川、狩留家、白木山
0%
安堅法恩高河近 安堂、堅下、法善寺、恩智、高安、河内山本、近鉄八尾
0%
安呉川吉か天呉 安芸阿賀、呉、川原石、吉浦、かるが浜、天応、呉ポートピア
0%
安荒揖東松乃玉 安来、荒島、揖屋、東松江、松江、乃木、玉造温泉
0%
安細住住東塚東 安立町、細井川、住吉鳥居前、住吉、東粉浜、塚西、東玉出
0%
安三東野刈逢大 安城、三河安城、東刈谷、野田新町、刈谷、逢妻、大府
0%
安上高長伴大伴 安東、上安、高取、長楽寺、伴、大原、伴中央
0%
安城南西小門小 安部山公園、城野、南小倉、西小倉、小倉、門司、小森江
0%
安新近近マ永近 安曇川、新旭、近江今津、近江中庄、マキノ、永原、近江塩津
0%
安仁広新安呉川 安芸川尻、仁方、広、新広、安芸阿賀、呉、川原石
0%
安諏丸県新富電 安野屋、諏訪川原、丸の内、県庁前、新富町、富山駅、電鉄富山駅・エスタ前
0%
安西岡相幸三三 安城、西岡崎、岡崎、相見、幸田、三ケ根、三河塩津
0%
安大三犬大八蒲 安武、大善寺、三潴、犬塚、大溝、八丁牟田、蒲池
0%
安大竹吉安風安 安芸長浜、大乗、竹原、吉名、安芸津、風早、安浦
0%
安中瀬八寺西西 安芸中野、中野東、瀬野、八本松、寺家、西条、西高屋
0%
安忠安大竹吉安 安芸幸崎、忠海、安芸長浜、大乗、竹原、吉名、安芸津
0%
安津聖花西櫛宮 安武、津福、聖マリア病院前、花畑、西鉄久留米、櫛原、宮の陣
0%
安土須大多吾斗 安和、土佐新荘、須崎、大間、多ノ郷、吾桑、斗賀野
0%
安唐下伊安あ球 安田、唐浜、下山、伊尾木、安芸、あき総合病院前、球場前
0%
安能稲河南彦米 安土、能登川、稲枝、河瀬、南彦根、彦根、米原
0%
安毘大古中西祇 安東、毘沙門台、大町、古市、中筋、西原、祇園新橋北
0%
安風安安安仁広 安芸津、風早、安浦、安登、安芸川尻、仁方、広
0%
安風安吉竹大安 安浦、風早、安芸津、吉名、竹原、大乗、安芸長浜
0%
安福吉梅黒川小 安岡、福江、吉見、梅ケ峠、黒井村、川棚温泉、小串
0%
安立山綾高石福 安栖里、立木、山家、綾部、高津、石原、福知山
0%
安和下胡鍼日船 安栖里、和知、下山、胡麻、鍼灸大学前、日吉、船岡
0%
鞍貴二市二京木 鞍馬、貴船口、二ノ瀬、市原、二軒茶屋、京都精華大前、木野
0%
鞍今丸烏四五京 鞍馬口、今出川、丸太町、烏丸御池、四条、五条、京都
0%
鞍筑新直勝小鯰 鞍手、筑前植木、新入、直方、勝野、小竹、鯰田
0%
伊阿滝三川栃佐 伊勢柏崎、阿曽、滝原、三瀬谷、川添、栃原、佐奈
0%
伊安あ球穴赤和 伊尾木、安芸、あき総合病院前、球場前、穴内、赤野、和食
0%
伊伊伊家関伊伊 伊勢八知、伊勢鎌倉、伊勢竹原、家城、関ノ宮、伊勢川口、伊勢大井
0%
伊伊伊喜串下伊 伊予白滝、伊予出石、伊予長浜、喜多灘、串、下灘、伊予上灘
0%
伊伊伊今波波大 伊予三芳、伊予桜井、伊予富田、今治、波止浜、波方、大西
0%
伊伊伊壬玉伊伊 伊予富田、伊予桜井、伊予三芳、壬生川、玉之江、伊予小松、伊予氷見
0%
伊伊伊内五喜新 伊予大平、伊予中山、伊予立川、内子、五十崎、喜多山、新谷
0%
伊伊伊八春五伊 伊予長浜、伊予出石、伊予白滝、八多喜、春賀、五郎、伊予大洲
0%
伊伊井一伊権上 伊勢川口、伊勢大井、井関、一志、伊勢八太、権現前、上ノ庄
0%
伊伊家関伊伊井 伊勢鎌倉、伊勢竹原、家城、関ノ宮、伊勢川口、伊勢大井、井関
0%
伊伊関家伊伊伊 伊勢大井、伊勢川口、関ノ宮、家城、伊勢竹原、伊勢鎌倉、伊勢八知
0%
伊伊喜串下伊高 伊予出石、伊予長浜、喜多灘、串、下灘、伊予上灘、高野川
0%
伊伊玉壬伊伊伊 伊予氷見、伊予小松、玉之江、壬生川、伊予三芳、伊予桜井、伊予富田
0%
伊伊今波波大伊 伊予桜井、伊予富田、今治、波止浜、波方、大西、伊予亀岡
0%
伊伊松松東櫛漕 伊勢中川、伊勢中原、松ヶ崎、松阪、東松阪、櫛田、漕代
0%
伊伊壬玉伊伊石 伊予桜井、伊予三芳、壬生川、玉之江、伊予小松、伊予氷見、石鎚山
0%
伊伊石伊中新多 伊予小松、伊予氷見、石鎚山、伊予西条、中萩、新居浜、多喜浜
0%
伊伊赤伊関多新 伊予三島、伊予寒川、赤星、伊予土居、関川、多喜浜、新居浜
0%
伊伊川箕豊観本 伊予寒川、伊予三島、川之江、箕浦、豊浜、観音寺、本山
0%
伊伊内五喜新伊 伊予中山、伊予立川、内子、五十崎、喜多山、新谷、伊予大洲
0%
伊伊鳴北北伊枝 伊野、伊野駅前、鳴谷、北山、北内、伊野商業前、枝川
0%
伊井一伊権上松 伊勢大井、井関、一志、伊勢八太、権現前、上ノ庄、松阪
0%
伊一井伊伊関家 伊勢八太、一志、井関、伊勢大井、伊勢川口、関ノ宮、家城
0%
伊一園湖布雲旅 伊野灘、一畑口、園、湖遊館新駅、布崎、雲州平田、旅伏
0%
伊益桑近近佐富 伊勢朝日、益生、桑名、近鉄長島、近鉄弥富、佐古木、富吉
0%
伊下串喜伊伊伊 伊予上灘、下灘、串、喜多灘、伊予長浜、伊予出石、伊予白滝
0%
伊家関伊伊井一 伊勢竹原、家城、関ノ宮、伊勢川口、伊勢大井、井関、一志
0%
伊学総名妙板新 伊川谷、学園都市、総合運動公園、名谷、妙法寺、板宿、新長田
0%
伊関家伊伊伊比 伊勢川口、関ノ宮、家城、伊勢竹原、伊勢鎌倉、伊勢八知、比津
0%
伊関多新中伊石 伊予土居、関川、多喜浜、新居浜、中萩、伊予西条、石鎚山
0%
伊喜串下伊高向 伊予長浜、喜多灘、串、下灘、伊予上灘、高野川、向井原
0%
伊菊浅大伊柳粟 伊予亀岡、菊間、浅海、大浦、伊予北条、柳原、粟井
0%
伊吉岡交竈神日 伊太祈曽、吉礼、岡崎前、交通センター前、竈山、神前、日前宮
0%
伊宮小明明斎漕 伊勢市、宮町、小俣、明野、明星、斎宮、漕代
0%
伊五春八伊伊伊 伊予大洲、五郎、春賀、八多喜、伊予白滝、伊予出石、伊予長浜
0%
伊荒高尾浜別播 伊保、荒井、高砂、尾上の松、浜の宮、別府、播磨町
0%
伊香長邑大西大 伊部、香登、長船、邑久、大富、西大寺、大多羅
0%
伊高桜菰中大湯 伊勢川島、高角、桜、菰野、中菰野、大羽根園、湯の山温泉
0%
伊今波波大伊菊 伊予富田、今治、波止浜、波方、大西、伊予亀岡、菊間
0%
伊佐新柘加関亀 伊賀上野、佐那具、新堂、柘植、加太、関、亀山
0%
伊山大的八白妻 伊保、山陽曽根、大塩、的形、八家、白浜の宮、妻鹿
0%
伊小国御名名本 伊奈、小田渕、国府、御油、名電赤坂、名電長沢、本宿
0%
伊小内折青子曽 伊比井、小内海、内海、折生迫、青島、子供の国、曽山寺
0%
伊松松東櫛漕斎 伊勢中原、松ヶ崎、松阪、東松阪、櫛田、漕代、斎宮
0%
伊上卯下立伊高 伊予石城、上宇和、卯之町、下宇和、立間、伊予吉田、高光
0%
伊上金桃肥大駒 伊万里、上伊万里、金石原、桃川、肥前長野、大川野、駒鳴
0%
伊新喜五内伊伊 伊予大洲、新谷、喜多山、五十崎、内子、伊予立川、伊予中山
0%
伊新西上広茅桑 伊賀上野、新居、西大手、上野市、広小路、茅町、桑町
0%
伊神吉中肥新鳥 伊賀屋、神埼、吉野ケ里公園、中原、肥前麓、新鳥栖、鳥栖
0%
伊人長黄長長飯 伊上、人丸、長門古市、黄波戸、長門市、長門三隅、飯井
0%
伊壬玉伊伊石伊 伊予三芳、壬生川、玉之江、伊予小松、伊予氷見、石鎚山、伊予西条
0%
伊西伊千八双伊 伊予大洲、西大洲、伊予平野、千丈、八幡浜、双岩、伊予石城
0%
伊西備伊日寒備 伊部、西片上、備前片上、伊里、日生、寒河、備前福河
0%
伊青伊西東榊大 伊賀神戸、青山町、伊賀上津、西青山、東青山、榊原温泉口、大三
0%
伊青伊美桔名赤 伊賀上津、青山町、伊賀神戸、美旗、桔梗が丘、名張、赤目口
0%
伊石伊伊玉壬伊 伊予西条、石鎚山、伊予氷見、伊予小松、玉之江、壬生川、伊予三芳
0%
伊石伊中新多関 伊予氷見、石鎚山、伊予西条、中萩、新居浜、多喜浜、関川
0%
伊赤伊伊川箕豊 伊予土居、赤星、伊予寒川、伊予三島、川之江、箕浦、豊浜
0%
伊赤伊関多新中 伊予寒川、赤星、伊予土居、関川、多喜浜、新居浜、中萩
0%
伊千白鼓磯千豊 伊勢若松、千代崎、白子、鼓ヶ浦、磯山、千里、豊津上野
0%
伊川伊大榊東西 伊勢中川、川合高岡、伊勢石橋、大三、榊原温泉口、東青山、西青山
0%
伊川近霞阿川近 伊勢朝日、川越富洲原、近鉄富田、霞ヶ浦、阿倉川、川原町、近鉄四日市
0%
伊川金夫山大西 伊万里、川東、金武、夫婦石、山谷、大木、西有田
0%
伊川箕豊観本比 伊予三島、川之江、箕浦、豊浜、観音寺、本山、比地大
0%
伊大久寺富新興 伊勢田、大久保、久津川、寺田、富野荘、新田辺、興戸
0%
伊大榊東西伊青 伊勢石橋、大三、榊原温泉口、東青山、西青山、伊賀上津、青山町
0%
伊大浅菊伊大波 伊予北条、大浦、浅海、菊間、伊予亀岡、大西、波方
0%
伊大波波今伊伊 伊予亀岡、大西、波方、波止浜、今治、伊予富田、伊予桜井
0%
伊大梅紀三船相 伊勢柏崎、大内山、梅ケ谷、紀伊長島、三野瀬、船津、相賀
0%
伊丹三大梅北保 伊勢治田、丹生川、三里、大安、梅戸井、北勢中央公園口、保々
0%
伊中新多関伊赤 伊予西条、中萩、新居浜、多喜浜、関川、伊予土居、赤星
0%
伊中徳鈴玉鈴河 伊勢上野、中瀬古、徳田、鈴鹿サーキット稲生、玉垣、鈴鹿、河原田
0%
伊長酒須須新宇 伊賀、長者原、酒殿、須恵、須恵中央、新原、宇美
0%
伊鳥伊南北市松 伊予市、鳥ノ木、伊予横田、南伊予、北伊予、市坪、松山
0%
伊津高松秋長朝 伊野灘、津ノ森、高ノ宮、松江フォーゲルパーク、秋鹿町、長江、朝日ヶ丘
0%
伊土佐土有土海 伊与喜、土佐佐賀、佐賀公園、土佐白浜、有井川、土佐上川口、海の王迎
0%
伊東湯市神串木 伊集院、東市来、湯之元、市来、神村学園前、串木野、木場茶屋
0%
伊東里楠鳴久波 伊万里、東山代、里、楠久、鳴石、久原、波瀬
0%
伊桃久南津津江 伊勢中川、桃園、久居、南が丘、津新町、津、江戸橋
0%
伊二大深近出松 伊予宮野下、二名、大内、深田、近永、出目、松丸
0%
伊日寒備天播坂 伊里、日生、寒河、備前福河、天和、播州赤穂、坂越
0%
伊波小日岡土西 伊野、波川、小村神社前、日下、岡花、土佐加茂、西佐川
0%
伊比上丸依市猪 伊賀神戸、比土、上林、丸山、依那古、市部、猪田道
0%
伊備西伊香長邑 伊里、備前片上、西片上、伊部、香登、長船、邑久
0%
伊美桔名赤三室 伊賀神戸、美旗、桔梗が丘、名張、赤目口、三本松、室生口大野
0%
伊北川中宝生西 伊丹、北伊丹、川西池田、中山寺、宝塚、生瀬、西宮名塩
0%
伊北内飫日油大 伊比井、北郷、内之田、飫肥、日南、油津、大堂津
0%
伊堀光粟柳伊大 伊予和気、堀江、光洋台、粟井、柳原、伊予北条、大浦
0%
伊箕長楠北塩海 伊勢若松、箕田、長太ノ浦、楠、北楠、塩浜、海山道
0%
伊鳴北北伊枝中 伊野駅前、鳴谷、北山、北内、伊野商業前、枝川、中山
0%
伊柳粟光堀伊三 伊予北条、柳原、粟井、光洋台、堀江、伊予和気、三津浜
0%
伊立下卯上伊双 伊予吉田、立間、下宇和、卯之町、上宇和、伊予石城、双岩
0%
依市猪四桑茅広 依那古、市部、猪田道、四十九、桑町、茅町、広小路
0%
衣西山三港梅高 衣山、西衣山、山西、三津、港山、梅津寺、高浜
0%
医市み中ポ貿三 医療センター、市民広場、みなとじま、中公園、ポートターミナル、貿易センター、三宮
0%
井伊伊関家伊伊 井関、伊勢大井、伊勢川口、関ノ宮、家城、伊勢竹原、伊勢鎌倉
0%
井加河河南四富 井田川、加佐登、河曲、河原田、南四日市、四日市、富田浜
0%
井競東東前東豊 井原、競輪場前、東田、東田坂上、前畑、東八町、豊橋公園前
0%
井向吉甲上志西 井原市、向原、吉田口、甲立、上川立、志和地、西三次
0%
井雑桜春白下都 井尻、雑餉隈、桜並木、春日原、白木原、下大利、都府楼前
0%
井志上中白狩上 井原市、志和口、上三田、中三田、白木山、狩留家、上深川
0%
井商草草古高東 井口、商工センター入口、草津南、草津、古江、高須、東高須
0%
井瑞だ太清新関 井高野、瑞光四丁目、だいどう豊里、太子橋今市、清水、新森古市、関目成育
0%
井石新備足新上 井倉、石蟹、新見、備中神代、足立、新郷、上石見
0%
井泉羽吉岡樽尾 井原里、泉佐野、羽倉崎、吉見ノ里、岡田浦、樽井、尾崎
0%
井早小矢三備吉 井原、早雲の里荏原、小田、矢掛、三谷、備中呉妹、吉備真備
0%
井鶴二貝蛸岸和 井原里、鶴原、二色浜、貝塚、蛸地蔵、岸和田、和泉大宮
0%
井道曽陽四乙額 井口、道法寺、曽谷、陽羽里、四十万、乙丸、額住宅前
0%
井白学平農池高 井戸、白山、学園通り、平木、農学部前、池戸、高田
0%
磯割三三大北蚊 磯部、割出、三口、三ツ屋、大河端、北間、蚊爪
0%
磯二西八中東紀 磯ノ浦、二里ヶ浜、西ノ庄、八幡前、中松江、東松江、紀ノ川
0%
一伊津高松秋長 一畑口、伊野灘、津ノ森、高ノ宮、松江フォーゲルパーク、秋鹿町、長江
0%
一越市小美越越 一乗谷、越前高田、市波、小和清水、美山、越前薬師、越前大宮
0%
一円岡挿畑陶綾 一宮、円座、岡本、挿頭丘、畑田、陶、綾川
0%
一園湖布雲旅美 一畑口、園、湖遊館新駅、布崎、雲州平田、旅伏、美談
0%
一加美筑糸波周 一貴山、加布里、美咲が丘、筑前前原、糸島高校前、波多江、周船寺
0%
一球白吉海瀬鎌 一勝地、球泉洞、白石、吉尾、海路、瀬戸石、鎌瀬
0%
一空仏太伏三栗 一宮、空港通り、仏生山、太田、伏石、三条、栗林公園
0%
一畦山笹光と妙 一の鳥居、畦野、山下、笹部、光風台、ときわ台、妙見口
0%
一香採呼石志志 一本松、香春、採銅所、呼野、石原町、志井、志井公園
0%
一星東本覚池今 一社、星ヶ丘、東山公園、本山、覚王山、池下、今池
0%
一知牛新宇矢岡 一ツ木、知立、牛田、新安城、宇頭、矢作橋、岡崎公園前
0%
一筑大福鹿浜虹 一貴山、筑前深江、大入、福吉、鹿家、浜崎、虹ノ松原
0%
一津阿高六松徳 一身田、津、阿漕、高茶屋、六軒、松阪、徳和
0%
一田田池豊西添 一本松、田川伊田、田川後藤寺、池尻、豊前川崎、西添田、添田
0%
一那渡西人大矢 一勝地、那良口、渡、西人吉、人吉、大畑、矢岳
0%
一南萩東元平竜 一分、南生駒、萩の台、東山、元山上口、平群、竜田川
0%
一富豊前中有左 一ツ木、富士松、豊明、前後、中京競馬場前、有松、左京山
0%
一平多鼓鶯滝絹 一の鳥居、平野、多田、鼓滝、鶯の森、滝山、絹延橋
0%
一明長小篠住東 一条橋、明見橋、長崎、小篭通、篠原、住吉通、東工業前
0%
一木おあ東公多 一武、木上、おかどめ幸福、あさぎり、東免田、公立病院前、多良木
0%
稲印切岩南芳紀 稲原、印南、切目、岩代、南部、芳養、紀伊田辺
0%
稲栄不大南朝上 稲荷町、栄町、不二越、大泉、南富山、朝菜町、上堀
0%
稲銀胡八立紙紙 稲荷町、銀山町、胡町、八丁堀、立町、紙屋町東、紙屋町西
0%
稲銀胡八立紙本 稲荷町、銀山町、胡町、八丁堀、立町、紙屋町東、本通
0%
稲荒港中南荒小 稲永、荒子川公園、港北、中島、南荒子、荒子、小本
0%
稲新東越越越寺 稲荷町、新庄田中、東新庄、越中荏原、越中三郷、越中舟橋、寺田
0%
稲清枇名尾金熱 稲沢、清洲、枇杷島、名古屋、尾頭橋、金山、熱田
0%
稲能安近篠野守 稲枝、能登川、安土、近江八幡、篠原、野洲、守山
0%
稲和道御紀紀広 稲原、和佐、道成寺、御坊、紀伊内原、紀伊由良、広川ビーチ
0%
茨千岸吹東新大 茨木、千里丘、岸辺、吹田、東淀川、新大阪、大阪
0%
茨総富高上水大 茨木市、総持寺、富田、高槻市、上牧、水無瀬、大山崎
0%
茨南摂正相上淡 茨木市、南茨木、摂津市、正雀、相川、上新庄、淡路
0%
印旭尾三水新瀬 印場、旭前、尾張旭、三郷、水野、新瀬戸、瀬戸市役所前
0%
印稲和道御紀紀 印南、稲原、和佐、道成寺、御坊、紀伊内原、紀伊由良
0%
印切岩南芳紀紀 印南、切目、岩代、南部、芳養、紀伊田辺、紀伊新庄
0%
印大喜小瓢守矢 印場、大森・金城学院前、喜多山、小幡、瓢箪山、守山自衛隊前、矢田
0%
因隼安八徳丹若 因幡船岡、隼、安部、八東、徳丸、丹比、若桜
0%
因用鷹国河郡東 因幡社、用瀬、鷹狩、国英、河原、郡家、東郡家
0%
引恵豊北杉天豊 引治、恵良、豊後森、北山田、杉河内、天ケ瀬、豊後中川
0%
引讃阿板阿板池 引田、讃岐相生、阿波大宮、板野、阿波川端、板東、池谷
0%
引讃三丹鶴讃神 引田、讃岐白鳥、三本松、丹生、鶴羽、讃岐津田、神前
0%
引豊野由南湯庄 引治、豊後中村、野矢、由布院、南由布、湯平、庄内
0%
院津東美西勝林 院庄、津山、東津山、美作大崎、西勝間田、勝間田、林野
0%
院美坪美美古久 院庄、美作千代、坪井、美作追分、美作落合、古見、久世
0%
宇伊宮小明明斎 宇治山田、伊勢市、宮町、小俣、明野、明星、斎宮
0%
宇宇宇宇海元広 宇品二丁目、宇品三丁目、宇品四丁目、宇品五丁目、海岸通、元宇品口、広島港(宇品)
0%
宇宇宇宇県広皆 宇品五丁目、宇品四丁目、宇品三丁目、宇品二丁目、県病院前、広大附属学校前、皆実町六丁目
0%
宇宇宇県広皆皆 宇品四丁目、宇品三丁目、宇品二丁目、県病院前、広大附属学校前、皆実町六丁目、皆実町二丁目
0%
宇宇宇県広皆御 宇品四丁目、宇品三丁目、宇品二丁目、県病院前、広大附属学校前、皆実町六丁目、御幸橋
0%
宇宇県広皆皆南 宇品三丁目、宇品二丁目、県病院前、広大附属学校前、皆実町六丁目、皆実町二丁目、南区役所前
0%
宇横高免宝敷南 宇野気、横山、高松、免田、宝達、敷浪、南羽咋
0%
宇音内愛下下浦 宇奈月温泉、音沢、内山、愛本、下立、下立口、浦山
0%
宇岩居宇琴東宇 宇部、岩鼻、居能、宇部新川、琴芝、東新川、宇部岬
0%
宇琴東宇草常床 宇部新川、琴芝、東新川、宇部岬、草江、常盤、床波
0%
宇県広皆皆南比 宇品二丁目、県病院前、広大附属学校前、皆実町六丁目、皆実町二丁目、南区役所前、比治山橋
0%
宇県広皆御広日 宇品二丁目、県病院前、広大附属学校前、皆実町六丁目、御幸橋、広電本社前、日赤病院前
0%
宇厚本嘉新四大 宇部、厚東、本由良、嘉川、新山口、四辻、大道
0%
宇坂八鴨讃国端 宇多津、坂出、八十場、鴨川、讃岐府中、国分、端岡
0%
宇三黄木六桃観 宇治、三室戸、黄檗、木幡、六地蔵、桃山南口、観月橋
0%
宇三吉中東今天 宇島、三毛門、吉富、中津、東中津、今津、天津
0%
宇小厚埴小長新 宇部、小野田、厚狭、埴生、小月、長府、新下関
0%
宇松小有千新八 宇土、松橋、小川、有佐、千丁、新八代、八代
0%
宇新牛知一富豊 宇頭、新安城、牛田、知立、一ツ木、富士松、豊明
0%
宇新須須酒長伊 宇美、新原、須恵中央、須恵、酒殿、長者原、伊賀
0%
宇西立中杵大日 宇佐、西屋敷、立石、中山香、杵築、大神、日出
0%
宇草常床丸岐阿 宇部岬、草江、常盤、床波、丸尾、岐波、阿知須
0%
宇谷慈坂五平瀬 宇宿、谷山、慈眼寺、坂之上、五位野、平川、瀬々串
0%
宇東琴宇居岩宇 宇部岬、東新川、琴芝、宇部新川、居能、岩鼻、宇部
0%
宇湯小川黒梅吉 宇賀本郷、湯玉、小串、川棚温泉、黒井村、梅ケ峠、吉見
0%
宇那紀紀湯太下 宇久井、那智、紀伊天満、紀伊勝浦、湯川、太地、下里
0%
宇南沢摂南大門 宇野辺、南茨木、沢良宜、摂津、南摂津、大日、門真市
0%
宇二南涙郡鴨騎 宇宿一丁目、二軒茶屋、南鹿児島駅前、涙橋、郡元、鴨池、騎射場
0%
宇八中枝伊北北 宇治団地前、八代通、中山、枝川、伊野商業前、北内、北山
0%
宇備八常迫備彦 宇野、備前田井、八浜、常山、迫川、備前片岡、彦崎
0%
宇富川西熊上崇 宇土、富合、川尻、西熊本、熊本、上熊本、崇城大学前
0%
宇豊椎築新南行 宇島、豊前松江、椎田、築城、新田原、南行橋、行橋
0%
宇豊柳豊天今東 宇佐、豊前長洲、柳ケ浦、豊前善光寺、天津、今津、東中津
0%
宇北高伊立下卯 宇和島、北宇和島、高光、伊予吉田、立間、下宇和、卯之町
0%
宇北務伊二大深 宇和島、北宇和島、務田、伊予宮野下、二名、大内、深田
0%
宇万山千少柴蛍 宇野辺、万博記念公園、山田、千里中央、少路、柴原阪大前、蛍池
0%
宇木奈長越東萩 宇田郷、木与、奈古、長門大井、越ケ浜、東萩、萩
0%
宇矢岡東男美藤 宇頭、矢作橋、岡崎公園前、東岡崎、男川、美合、藤川
0%
宇緑住肥網赤石 宇土、緑川、住吉、肥後長浜、網田、赤瀬、石打ダム
0%
宇咥宮朝朝朝曙 宇治団地前、咥内、宮の奥、朝倉神社前、朝倉駅前、朝倉、曙町
0%
烏丸今鞍北北松 烏丸御池、丸太町、今出川、鞍馬口、北大路、北山、松ヶ崎
0%
烏近伏戸近富佐 烏森、近鉄八田、伏屋、戸田、近鉄蟹江、富吉、佐古木
0%
烏四五京九十く 烏丸御池、四条、五条、京都、九条、十条、くいな橋
0%
烏大西西桂洛東 烏丸、大宮、西院、西京極、桂、洛西口、東向日
0%
烏大友美西大室 烏江、大外羽、友江、美濃青柳、西大垣、大垣、室
0%
烏美養美駒美石 烏江、美濃高田、養老、美濃津屋、駒野、美濃山崎、石津
0%
羽岡栗羽滝綾陶 羽間、岡田、栗熊、羽床、滝宮、綾川、陶
0%
羽楽田味小小小 羽黒、楽田、田県神社前、味岡、小牧原、小牧、小牧口
0%
羽吉岡樽尾鳥箱 羽倉崎、吉見ノ里、岡田浦、樽井、尾崎、鳥取ノ荘、箱作
0%
羽高北松泉忠春 羽衣、高石、北助松、松ノ浜、泉大津、忠岡、春木
0%
羽西阿阿見阿桑 羽ノ浦、西原、阿波中島、阿南、見能林、阿波橘、桑野
0%
羽西荒久肥鳥田 羽犬塚、西牟田、荒木、久留米、肥前旭、鳥栖、田代
0%
羽千金能良能徳 羽咋、千路、金丸、能登部、良川、能登二宮、徳田
0%
羽泉井鶴二貝蛸 羽倉崎、泉佐野、井原里、鶴原、二色浜、貝塚、蛸地蔵
0%
羽滝綾陶畑挿岡 羽床、滝宮、綾川、陶、畑田、挿頭丘、岡本
0%
羽竹不須南柳西 羽島市役所前、竹鼻、不破一色、須賀、南宿、柳津、西笠松
0%
羽筑瀬南渡吉銀 羽犬塚、筑後船小屋、瀬高、南瀬高、渡瀬、吉野、銀水
0%
羽苧名二三六各 羽場、苧ヶ瀬、名電各務原、二十軒、三柿野、六軒、各務原市役所前
0%
羽南敷宝免高横 羽咋、南羽咋、敷浪、宝達、免田、高松、横山
0%
羽浜諏石湊堺七 羽衣、浜寺公園、諏訪ノ森、石津川、湊、堺、七道
0%
羽立阿南中地文 羽ノ浦、立江、阿波赤石、南小松島、中田、地蔵橋、文化の森
0%
卯下立伊高北宇 卯之町、下宇和、立間、伊予吉田、高光、北宇和島、宇和島
0%
卯上伊双八千伊 卯之町、上宇和、伊予石城、双岩、八幡浜、千丈、伊予平野
0%
鵜羽苧名二三六 鵜沼宿、羽場、苧ヶ瀬、名電各務原、二十軒、三柿野、六軒
0%
鵜紀阿紀神有熊 鵜殿、紀伊井田、阿田和、紀伊市木、神志山、有井、熊野市
0%
鵜高新上戸近駅 鵜飼、高木、新市、上戸手、戸手、近田、駅家
0%
鵜坂美古中下上 鵜沼、坂祝、美濃太田、古井、中川辺、下麻生、上麻生
0%
鵜志穴志上沓五 鵜方、志摩横山、穴川、志摩磯部、上之郷、沓掛、五知
0%
鵜府下中河備備 鵜飼、府中、下川辺、中畑、河佐、備後三川、備後矢野
0%
臼上熊下佐幸坂 臼杵、上臼杵、熊崎、下ノ江、佐志生、幸崎、坂ノ市
0%
臼津日浅狩海佐 臼杵、津久見、日代、浅海井、狩生、海崎、佐伯
0%
蔚新洗西辛花熊 蔚山町、新町、洗馬橋、西辛島町、辛島町、花畑町、熊本城・市役所前
0%
浦下下愛内音宇 浦山、下立口、下立、愛本、内山、音沢、宇奈月温泉
0%
浦岩長若千昭住 浦上車庫、岩屋橋、長崎大学、若葉町、千歳町、昭和町通り、住吉
0%
浦現肥市喜西諫 浦上、現川、肥前古賀、市布、喜々津、西諫早、諫早
0%
浦上出東池三柿 浦川、上市場、出馬、東栄、池場、三河川合、柿平
0%
浦西道高長本大 浦上、西浦上、道ノ尾、高田、長与、本川内、大草
0%
浦大原平大浦岩 浦上駅前、大学病院、原爆資料館、平和公園、大橋、浦上車庫、岩屋橋
0%
浦大平原大浦茂 浦上車庫、大橋、平和公園、原爆資料館、大学病院、浦上駅前、茂里町
0%
浦波久鳴楠里東 浦ノ崎、波瀬、久原、鳴石、楠久、里、東山代
0%
浦八赤中下御名 浦安、八橋、赤碕、中山口、下市、御来屋、名和
0%
浦福今鷹前調松 浦ノ崎、福島口、今福、鷹島口、前浜、調川、松浦
0%
浦茂スス八長五 浦上駅前、茂里町、スタジアムシティノース、スタジアムシティサウス、八千代町、長崎駅前、五島町
0%
浦茂スス八長桜 浦上駅前、茂里町、スタジアムシティノース、スタジアムシティサウス、八千代町、長崎駅前、桜町
0%
浦由下倉松泊青 浦安、由良、下北条、倉吉、松崎、泊、青谷
0%
浦鯰小勝直新筑 浦田、鯰田、小竹、勝野、直方、新入、筑前植木
0%
運曽子青折内小 運動公園、曽山寺、子供の国、青島、折生迫、内海、小内海
0%
雲川池石蛍豊岡 雲雀丘花屋敷、川西能勢口、池田、石橋阪大前、蛍池、豊中、岡町
0%
雲布湖園一伊津 雲州平田、布崎、湖遊館新駅、園、一畑口、伊野灘、津ノ森
0%
雲旅美大川武大 雲州平田、旅伏、美談、大寺、川跡、武志、大津町
0%
影土安土須大多 影野、土佐久礼、安和、土佐新荘、須崎、大間、多ノ郷
0%
栄押緑広志恵三 栄、押部谷、緑が丘、広野ゴルフ場前、志染、恵比須、三木上の丸
0%
栄新千今池覚本 栄、新栄町、千種、今池、池下、覚王山、本山
0%
栄東下中上西徳 栄生、東枇杷島、下小田井、中小田井、上小田井、西春、徳重・名古屋芸大
0%
栄東清尼森大矢 栄町、東大手、清水、尼ヶ坂、森下、大曽根、矢田
0%
栄東西二新須丸 栄生、東枇杷島、西枇杷島、二ツ杁、新川橋、須ヶ口、丸ノ内
0%
栄不大南朝上小 栄町、不二越、大泉、南富山、朝菜町、上堀、小杉
0%
栄伏名亀本中中 栄、伏見、名古屋、亀島、本陣、中村日赤、中村公園
0%
栄名山金神堀呼 栄生、名鉄名古屋、山王、金山、神宮前、堀田、呼続
0%
栄木木藍西鈴鈴 栄、木幡、木津、藍那、西鈴蘭台、鈴蘭台西口、鈴蘭台
0%
栄弥浦福西球倉 栄、弥生、浦田、福井、西富井、球場前、倉敷市
0%
栄矢上東金西熱 栄、矢場町、上前津、東別院、金山、西高蔵、熱田神宮西
0%
永マ近近新安近 永原、マキノ、近江中庄、近江今津、新旭、安曇川、近江高島
0%
永下光轟越山越 永平寺口、下志比、光明寺、轟、越前野中、山王、越前竹原
0%
永今森穴萩熊西 永犬丸、今池、森下、穴生、萩原、熊西、西黒崎
0%
永三上有三早大 永尾、三間坂、上有田、有田、三河内、早岐、大塔
0%
永三西通東筑希 永犬丸、三ヶ森、西山、通谷、東中間、筑豊中間、希望が丘高校前
0%
永三北大北中六 永覚、三河上郷、北野桝塚、大門、北岡崎、中岡崎、六名
0%
永志松観越東追 永平寺口、志比堺、松岡、観音町、越前島橋、東藤島、追分口
0%
永末三新新愛四 永覚、末野原、三河豊田、新上挙母、新豊田、愛環梅坪、四郷
0%
永弥長桑朝富富 永和、弥富、長島、桑名、朝日、富田、富田浜
0%
頴水石御西頴入 頴娃大川、水成川、石垣、御領、西頴娃、頴娃、入野
0%
頴西御石水頴松 頴娃、西頴娃、御領、石垣、水成川、頴娃大川、松ケ浦
0%
頴入開東薩西大 頴娃、入野、開聞、東開聞、薩摩川尻、西大山、大山
0%
英は網竜相有上 英賀保、はりま勝原、網干、竜野、相生、有年、上郡
0%
益伊川近霞阿川 益生、伊勢朝日、川越富洲原、近鉄富田、霞ヶ浦、阿倉川、川原町
0%
益桑近近佐富近 益生、桑名、近鉄長島、近鉄弥富、佐古木、富吉、近鉄蟹江
0%
益戸飯江須宇木 益田、戸田小浜、飯浦、江崎、須佐、宇田郷、木与
0%
益石鎌岡三折周 益田、石見津田、鎌手、岡見、三保三隅、折居、周布
0%
益本石東青日青 益田、本俣賀、石見横田、東青原、青原、日原、青野山
0%
駅駅新札市豊東 駅前、駅前大通、新川、札木、市役所前、豊橋公園前、東八町
0%
駅近戸上新高鵜 駅家、近田、戸手、上戸手、新市、高木、鵜飼
0%
駅新札市豊東前 駅前大通、新川、札木、市役所前、豊橋公園前、東八町、前畑
0%
駅万道湯神横備 駅家、万能倉、道上、湯田村、神辺、横尾、備後本庄
0%
越粟下奥龍イオ 越中中島、粟島(大阪屋ショップ前)、下奥井、奥田中学校前、龍谷富山高校前(永楽町)、インテック本社前、オークスカナルパークホテル富山前
0%
越一越市小美越 越前東郷、一乗谷、越前高田、市波、小和清水、美山、越前薬師
0%
越一越足六越福 越前高田、一乗谷、越前東郷、足羽、六条、越前花堂、福井
0%
越越越下柿勝越 越前大野、越前田野、越前富田、下唯野、柿ケ島、勝原、越前下山
0%
越越越寺越相新 越中荏原、越中三郷、越中舟橋、寺田、越中泉、相ノ木、新相ノ木
0%
越越越東新稲電 越中舟橋、越中三郷、越中荏原、東新庄、新庄田中、稲荷町、電鉄富山
0%
越越越北牛計越 越前富田、越前田野、越前大野、北大野、牛ケ原、計石、越前大宮
0%
越越下柿勝越九 越前田野、越前富田、下唯野、柿ケ島、勝原、越前下山、九頭竜湖
0%
越越計牛北越越 越前薬師、越前大宮、計石、牛ケ原、北大野、越前大野、越前田野
0%
越越寺越相新上 越中三郷、越中舟橋、寺田、越中泉、相ノ木、新相ノ木、上市
0%
越越追東越観松 越前開発、越前新保、追分口、東藤島、越前島橋、観音町、松岡
0%
越越美小市越一 越前大宮、越前薬師、美山、小和清水、市波、越前高田、一乗谷
0%
越越北牛計越越 越前田野、越前大野、北大野、牛ケ原、計石、越前大宮、越前薬師
0%
越下大福薬吉葛 越部、下市口、大阿太、福神、薬水、吉野口、葛
0%
越海東中新第庄 越ノ潟、海王丸、東新湊、中新湊、新町口、第一イン新湊 クロスベイ前、庄川口
0%
越観松志永下光 越前島橋、観音町、松岡、志比堺、永平寺口、下志比、光明寺
0%
越計牛北越越越 越前大宮、計石、牛ケ原、北大野、越前大野、越前田野、越前富田
0%
越轟光下永志松 越前野中、轟、光明寺、下志比、永平寺口、志比堺、松岡
0%
越山越轟光下永 越前竹原、山王、越前野中、轟、光明寺、下志比、永平寺口
0%
越山越小保発比 越前野中、山王、越前竹原、小舟渡、保田、発坂、比島
0%
越市小美越越計 越前高田、市波、小和清水、美山、越前薬師、越前大宮、計石
0%
越寺越越越東新 越中泉、寺田、越中舟橋、越中三郷、越中荏原、東新庄、新庄田中
0%
越寺越相新上新 越中舟橋、寺田、越中泉、相ノ木、新相ノ木、上市、新宮川
0%
越勝柿下越越越 越前下山、勝原、柿ケ島、下唯野、越前富田、越前田野、越前大野
0%
越小呉富新東水 越中大門、小杉、呉羽、富山、新富山口、東富山、水橋
0%
越城犬蓮萩東競 越中中島、城川原、犬島新町、蓮町(馬場記念公園前)、萩浦小学校前、東岩瀬、競輪場前
0%
越西電新経電電 越中中村、西魚津、電鉄魚津、新魚津、経田、電鉄石田、電鉄黒部
0%
越早浜滑中西西 越中中村、早月加積、浜加積、滑川、中滑川、西滑川、西加積
0%
越相新上新中西 越中泉、相ノ木、新相ノ木、上市、新宮川、中加積、西加積
0%
越大北鯖武王南 越前花堂、大土呂、北鯖江、鯖江、武生、王子保、南条
0%
越長奈木宇須江 越ケ浜、長門大井、奈古、木与、宇田郷、須佐、江崎
0%
越追東越観松志 越前新保、追分口、東藤島、越前島橋、観音町、松岡、志比堺
0%
越東笹楡猪杉打 越中八尾、東八尾、笹津、楡原、猪谷、杉原、打保
0%
越東追越越福新 越前島橋、東藤島、追分口、越前新保、越前開発、福井口、新福井
0%
越東萩玉三飯長 越ケ浜、東萩、萩、玉江、三見、飯井、長門三隅
0%
越能伏越雨島氷 越中中川、能町、伏木、越中国分、雨晴、島尾、氷見
0%
越梅豊上土竹若 越戸、梅坪、豊田市、上挙母、土橋、竹村、若林
0%
越泊入西生黒魚 越中宮崎、泊、入善、西入善、生地、黒部、魚津
0%
越美小市越一越 越前薬師、美山、小和清水、市波、越前高田、一乗谷、越前東郷
0%
越福芦加小金新 越前たけふ、福井、芦原温泉、加賀温泉、小松、金沢、新高岡
0%
越福森春丸芦細 越前花堂、福井、森田、春江、丸岡、芦原温泉、細呂木
0%
越福東福高東砺 越中山田、福光、東石黒、福野、高儀、東野尻、砺波
0%
越北牛計越越美 越前大野、北大野、牛ケ原、計石、越前大宮、越前薬師、美山
0%
越六足越一越市 越前花堂、六条、足羽、越前東郷、一乗谷、越前高田、市波
0%
榎羽岡栗羽滝綾 榎井、羽間、岡田、栗熊、羽床、滝宮、綾川
0%
榎下釜沢岩横千 榎町、下段、釜ヶ淵、沢中山、岩峅寺、横江、千垣
0%
榎蒲西大新日長 榎戸、蒲池、西ノ口、大野町、新舞子、日長、長浦
0%
榎谷南大油日飫 榎原、谷之口、南郷、大堂津、油津、日南、飫肥
0%
榎日日串福福大 榎原、日向大束、日向北方、串間、福島今町、福島高松、大隅夏井
0%
円旭高朝枝伊波 円行寺口、旭、高知商業前、朝倉、枝川、伊野、波川
0%
円一空仏太伏三 円座、一宮、空港通り、仏生山、太田、伏石、三条
0%
円岡挿畑陶綾滝 円座、岡本、挿頭丘、畑田、陶、綾川、滝宮
0%
園一伊津高松秋 園、一畑口、伊野灘、津ノ森、高ノ宮、松江フォーゲルパーク、秋鹿町
0%
園湖布雲旅美大 園、湖遊館新駅、布崎、雲州平田、旅伏、美談、大寺
0%
園船日鍼胡下和 園部、船岡、日吉、鍼灸大学前、胡麻、下山、和知
0%
延南旭土門日財 延岡、南延岡、旭ケ丘、土々呂、門川、日向市、財光寺
0%
延北日北市宗重 延岡、北延岡、日向長井、北川、市棚、宗太郎、重岡
0%
猿的稲銀胡八立 猿猴橋町、的場町、稲荷町、銀山町、胡町、八丁堀、立町
0%
猿的段比比南皆 猿猴橋町、的場町、段原一丁目、比治山下、比治山橋、南区役所前、皆実町二丁目
0%
猿平越梅豊上土 猿投、平戸橋、越戸、梅坪、豊田市、上挙母、土橋
0%
遠海教赤東東福 遠賀川、海老津、教育大前、赤間、東郷、東福間、福間
0%
遠水折陣黒八ス 遠賀川、水巻、折尾、陣原、黒崎、八幡、スペースワールド
0%
遠木新楠筑希筑 遠賀野、木屋瀬、新木屋瀬、楠橋、筑豊香月、希望が丘高校前、筑豊中間
0%
塩下山七備備高 塩町、下和知、山ノ内、七塚、備後三日市、備後庄原、高
0%
塩海新近川阿霞 塩浜、海山道、新正、近鉄四日市、川原町、阿倉川、霞ヶ浦
0%
塩黒讃坪箸佃阿 塩入、黒川、讃岐財田、坪尻、箸蔵、佃、阿波池田
0%
塩三吉備梶甲上 塩町、三良坂、吉舎、備後安田、梶田、甲奴、上下
0%
塩神八三西志上 塩町、神杉、八次、三次、西三次、志和地、上川立
0%
塩須須鷹新兵神 塩屋、須磨、須磨海浜公園、鷹取、新長田、兵庫、神戸
0%
塩垂舞朝明西大 塩屋、垂水、舞子、朝霧、明石、西明石、大久保
0%
塩西江開西倉東 塩塚、西鉄中島、江の浦、開、西鉄渡瀬、倉永、東甘木
0%
塩徳西矢蒲八大 塩塚、徳益、西鉄柳川、矢加部、蒲池、八丁牟田、大溝
0%
塩八い川御荒鶴 塩釜口、八事、いりなか、川名、御器所、荒畑、鶴舞
0%
塩八大六八古琴 塩屋、八栗新道、大町、六万寺、八栗、古高松、琴電屋島
0%
塩北楠長箕伊千 塩浜、北楠、楠、長太ノ浦、箕田、伊勢若松、千代崎
0%
於重美南四厚湯 於福、重安、美祢、南大嶺、四郎ケ原、厚保、湯ノ峠
0%
奥下粟越城犬蓮 奥田中学校前、下奥井、粟島(大阪屋ショップ前)、越中中島、城川原、犬島新町、蓮町(馬場記念公園前)
0%
奥開西名観苅二 奥町、開明、西一宮、名鉄一宮、観音寺、苅安賀、二子
0%
奥国島妙名今石 奥田、国府宮、島氏永、妙興寺、名鉄一宮、今伊勢、石刀
0%
奥大新丸須新二 奥田、大里、新清洲、丸ノ内、須ヶ口、新川橋、二ツ杁
0%
奥壺旭県美牧安 奥武山公園、壺川、旭橋、県庁前、美栄橋、牧志、安里
0%
押野野馬額乙四 押野、野々市、野々市工大前、馬替、額住宅前、乙丸、四十万
0%
押緑広志恵三三 押部谷、緑が丘、広野ゴルフ場前、志染、恵比須、三木上の丸、三木
0%
横愛見田牛牛梅 横河原、愛大医学部南口、見奈良、田窪、牛渕、牛渕団地前、梅本
0%
横横別寺十土舟 横川駅、横川一丁目、別院前、寺町、十日市町、土橋、舟入町
0%
横横別寺十本原 横川駅、横川一丁目、別院前、寺町、十日市町、本川町、原爆ドーム前
0%
横岩沢釜下榎五 横江、岩峅寺、沢中山、釜ヶ淵、下段、榎町、五百石
0%
横今蒲京大森玉 横堤、今福鶴見、蒲生四丁目、京橋、大阪ビジネスパーク、森ノ宮、玉造
0%
横三安下古大緑 横川、三滝、安芸長束、下祇園、古市橋、大町、緑井
0%
横十美北モ糸本 横屋、十九条、美江寺、北方真桑、モレラ岐阜、糸貫、本巣
0%
横新広天向海安 横川、新白島、広島、天神川、向洋、海田市、安芸中野
0%
横神湯道万駅近 横尾、神辺、湯田村、道上、万能倉、駅家、近田
0%
横神道二田岡五 横山、神鉄道場、道場南口、二郎、田尾寺、岡場、五社
0%
横西新五廿宮阿 横川、西広島、新井口、五日市、廿日市、宮内串戸、阿品
0%
横別寺十土舟舟 横川一丁目、別院前、寺町、十日市町、土橋、舟入町、舟入本町
0%
王三河高柏志八 王寺、三郷、河内堅上、高井田、柏原、志紀、八尾
0%
王信勢竜平元東 王寺、信貴山下、勢野北口、竜田川、平群、元山上口、東山
0%
王武鯖北大越福 王子保、武生、鯖江、北鯖江、大土呂、越前花堂、福井
0%
王法大郡奈平木 王寺、法隆寺、大和小泉、郡山、奈良、平城山、木津
0%
王六御岡芦夙西 王子公園、六甲、御影、岡本、芦屋川、夙川、西宮北口
0%
黄烏近伏戸近富 黄金、烏森、近鉄八田、伏屋、戸田、近鉄蟹江、富吉
0%
黄長人伊長阿特 黄波戸、長門古市、人丸、伊上、長門粟野、阿川、特牛
0%
黄長長飯三玉萩 黄波戸、長門市、長門三隅、飯井、三見、玉江、萩
0%
岡芦夙西武塚園 岡本、芦屋川、夙川、西宮北口、武庫之荘、塚口、園田
0%
岡吉伊山大西甘 岡崎前、吉礼、伊太祈曽、山東、大池遊園、西山口、甘露寺前
0%
岡吉羽泉井鶴二 岡田浦、吉見ノ里、羽倉崎、泉佐野、井原里、鶴原、二色浜
0%
岡栗羽滝綾陶畑 岡田、栗熊、羽床、滝宮、綾川、陶、畑田
0%
岡古松地新郡郡 岡田、古泉、松前、地蔵町、新川、郡中、郡中港
0%
岡交竈神日田和 岡崎前、交通センター前、竈山、神前、日前宮、田中口、和歌山
0%
岡三折周西浜下 岡見、三保三隅、折居、周布、西浜田、浜田、下府
0%
岡新福新三東広 岡山、新倉敷、福山、新尾道、三原、東広島、広島
0%
岡西安三東野刈 岡崎、西岡崎、安城、三河安城、東刈谷、野田新町、刈谷
0%
岡西高東上瀬万 岡山、西川原、高島、東岡山、上道、瀬戸、万富
0%
岡西高東大西大 岡山、西川原、高島、東岡山、大多羅、西大寺、大富
0%
岡西柳城県西小 岡山駅前、西川緑道公園、柳川、城下、県庁通り、西大寺町・岡山芸術創造劇場ハレノワ前、小橋
0%
岡西柳郵田新大 岡山駅前、西川緑道公園、柳川、郵便局前、田町、新西大寺町筋、大雲寺前
0%
岡挿畑陶綾滝羽 岡本、挿頭丘、畑田、陶、綾川、滝宮、羽床
0%
岡相幸三三蒲三 岡崎、相見、幸田、三ケ根、三河塩津、蒲郡、三河三谷
0%
岡田二道神横三 岡場、田尾寺、二郎、道場南口、神鉄道場、横山、三田本町
0%
岡土西佐襟斗吾 岡花、土佐加茂、西佐川、佐川、襟野々、斗賀野、吾桑
0%
岡東男美藤名本 岡崎公園前、東岡崎、男川、美合、藤川、名電山中、本宿
0%
岡日小波伊枝朝 岡花、日下、小村神社前、波川、伊野、枝川、朝倉
0%
岡備大備吉備足 岡山、備前三門、大安寺、備前一宮、吉備津、備中高松、足守
0%
岡法備玉牧野金 岡山、法界院、備前原、玉柏、牧山、野々口、金川
0%
岡豊蛍石池川雲 岡町、豊中、蛍池、石橋阪大前、池田、川西能勢口、雲雀丘花屋敷
0%
岡北庭中倉清総 岡山、北長瀬、庭瀬、中庄、倉敷、清音、総社
0%
岡北庭中倉西新 岡山、北長瀬、庭瀬、中庄、倉敷、西阿知、新倉敷
0%
岡矢宇新牛知一 岡崎公園前、矢作橋、宇頭、新安城、牛田、知立、一ツ木
0%
岡六中北大北三 岡崎、六名、中岡崎、北岡崎、大門、北野桝塚、三河上郷
0%
沖春潟琴古八六 沖松島、春日川、潟元、琴電屋島、古高松、八栗、六万寺
0%
荻旭江市志広急 荻布、旭ヶ丘、江尻、市民病院前、志貴野中学校前、広小路、急患医療センター前
0%
荻新米能新吉中 荻布、新能町、米島口、能町口、新吉久、吉久、中伏木
0%
乙額馬野野押新 乙丸、額住宅前、馬替、野々市工大前、野々市、押野、新西金沢
0%
乙亀東石緒尾大 乙川、亀崎、東浦、石浜、緒川、尾張森岡、大府
0%
乙四陽曽道井小 乙丸、四十万、陽羽里、曽谷、道法寺、井口、小柳
0%
恩高河近久弥長 恩智、高安、河内山本、近鉄八尾、久宝寺口、弥刀、長瀬
0%
恩法堅安河大関 恩智、法善寺、堅下、安堂、河内国分、大阪教育大前、関屋
0%
温石黒浅江都敬 温泉津、石見福光、黒松、浅利、江津、都野津、敬川
0%
温湯馬仁五静大 温泉津、湯里、馬路、仁万、五十猛、静間、大田市
0%
音内愛下下浦栃 音沢、内山、愛本、下立、下立口、浦山、栃屋
0%
下粟越城犬蓮萩 下奥井、粟島(大阪屋ショップ前)、越中中島、城川原、犬島新町、蓮町(馬場記念公園前)、萩浦小学校前
0%
下安城南西小門 下曽根、安部山公園、城野、南小倉、西小倉、小倉、門司
0%
下伊安あ球穴赤 下山、伊尾木、安芸、あき総合病院前、球場前、穴内、赤野
0%
下卯上伊双八千 下宇和、卯之町、上宇和、伊予石城、双岩、八幡浜、千丈
0%
下浦栃若舌新長 下立口、浦山、栃屋、若栗、舌山、新黒部、長屋
0%
下永志松観越東 下志比、永平寺口、志比堺、松岡、観音町、越前島橋、東藤島
0%
下塩神八三西志 下和知、塩町、神杉、八次、三次、西三次、志和地
0%
下下浦栃若舌新 下立、下立口、浦山、栃屋、若栗、舌山、新黒部
0%
下下多美石美駒 下深谷、下野代、多度、美濃松山、石津、美濃山崎、駒野
0%
下加冷海黒紀宮 下津、加茂郷、冷水浦、海南、黒江、紀三井寺、宮前
0%
下釜沢岩横千有 下段、釜ヶ淵、沢中山、岩峅寺、横江、千垣、有峰口
0%
下岩船紀布千田 下井阪、岩出、船戸、紀伊小倉、布施屋、千旦、田井ノ瀬
0%
下紀紀古紀串紀 下里、紀伊浦神、紀伊田原、古座、紀伊姫、串本、紀伊有田
0%
下久波敬都江浅 下府、久代、波子、敬川、都野津、江津、浅利
0%
下久和信北富鳳 下松、久米田、和泉府中、信太山、北信太、富木、鳳
0%
下牛麻鴨西阿学 下浦、牛島、麻植塚、鴨島、西麻植、阿波川島、学
0%
下橋紀高中妙大 下兵庫、橋本、紀伊山田、高野口、中飯降、妙寺、大谷
0%
下串喜伊伊伊八 下灘、串、喜多灘、伊予長浜、伊予出石、伊予白滝、八多喜
0%
下櫛徳新福戸富 下松、櫛ケ浜、徳山、新南陽、福川、戸田、富海
0%
下熊上臼津日浅 下ノ江、熊崎、上臼杵、臼杵、津久見、日代、浅海井
0%
下古大緑七梅上 下祇園、古市橋、大町、緑井、七軒茶屋、梅林、上八木
0%
下光轟越山越小 下志比、光明寺、轟、越前野中、山王、越前竹原、小舟渡
0%
下光島岩田柳柳 下松、光、島田、岩田、田布施、柳井、柳井港
0%
下公大大二大辛 下天津、公庄、大江、大江高校前、二俣、大江山口内宮、辛皮
0%
下高九学紀橋御 下古沢、高野下、九度山、学文路、紀伊清水、橋本、御幸辻
0%
下今九周波糸筑 下山門、今宿、九大学研都市、周船寺、波多江、糸島高校前、筑前前原
0%
下佐幸坂大鶴高 下ノ江、佐志生、幸崎、坂ノ市、大在、鶴崎、高城
0%
下山七備備高平 下和知、山ノ内、七塚、備後三日市、備後庄原、高、平子
0%
下出出亀出八出 下久野、出雲八代、出雲三成、亀嵩、出雲横田、八川、出雲坂根
0%
下初箕紀藤湯広 下津、初島、箕島、紀伊宮原、藤並、湯浅、広川ビーチ
0%
下小牛豊三長江 下地、小坂井、牛久保、豊川、三河一宮、長山、江島
0%
下上白下飛焼下 下麻生、上麻生、白川口、下油井、飛騨金山、焼石、下呂
0%
下上福石高綾山 下夜久野、上川口、福知山、石原、高津、綾部、山家
0%
下上梁和養八江 下夜久野、上夜久野、梁瀬、和田山、養父、八鹿、江原
0%
下吹豊関千南山 下新庄、吹田、豊津、関大前、千里山、南千里、山田
0%
下西西太鷲中新 下兵庫こうふく、西長田ゆりの里、西春江ハートピア、太郎丸エンゼルランド、鷲塚針原、中角、新田塚
0%
下石府鮎蔵佐徳 下浦、石井、府中、鮎喰、蔵本、佐古、徳島
0%
下禅飛上飛飛渚 下呂、禅昌寺、飛騨萩原、上呂、飛騨宮田、飛騨小坂、渚
0%
下倉松泊青浜宝 下北条、倉吉、松崎、泊、青谷、浜村、宝木
0%
下多美石美駒美 下野代、多度、美濃松山、石津、美濃山崎、駒野、美濃津屋
0%
下太湯紀紀那宇 下里、太地、湯川、紀伊勝浦、紀伊天満、那智、宇久井
0%
下打紀粉名西笠 下井阪、打田、紀伊長田、粉河、名手、西笠田、笠田
0%
下大福薬吉葛市 下市口、大阿太、福神、薬水、吉野口、葛、市尾
0%
下大本番あ水三 下兵庫こうふく、大関、本荘、番田、あわら湯のまち、水居、三国神社
0%
下谷柏石黒市丹 下滝、谷川、柏原、石生、黒井、市島、丹波竹田
0%
下中河備備上甲 下川辺、中畑、河佐、備後三川、備後矢野、上下、甲奴
0%
下中古美坂鵜各 下麻生、中川辺、古井、美濃太田、坂祝、鵜沼、各務ケ原
0%
下中上狩白中上 下深川、中深川、上深川、狩留家、白木山、中三田、上三田
0%
下中上西徳大岩 下小田井、中小田井、上小田井、西春、徳重・名古屋芸大、大山寺、岩倉
0%
下中赤八浦由下 下市、中山口、赤碕、八橋、浦安、由良、下北条
0%
下田糒上金人赤 下伊田、田川市立病院、糒、上金田、金田、人見、赤池
0%
下都西紫朝桜筑 下大利、都府楼前、西鉄二日市、紫、朝倉街道、桜台、筑紫
0%
下東東和東熊日 下松、東岸和田、東貝塚、和泉橋本、東佐野、熊取、日根野
0%
下日木南出幡加 下久野、日登、木次、南大東、出雲大東、幡屋、加茂中
0%
下白春桜雑井大 下大利、白木原、春日原、桜並木、雑餉隈、井尻、大橋
0%
下白上下中古美 下油井、白川口、上麻生、下麻生、中川辺、古井、美濃太田
0%
下幡綾梶安福吉 下関、幡生、綾羅木、梶栗郷台地、安岡、福江、吉見
0%
下幡新長小埴厚 下関、幡生、新下関、長府、小月、埴生、厚狭
0%
下飛焼下禅飛上 下油井、飛騨金山、焼石、下呂、禅昌寺、飛騨萩原、上呂
0%
下浜西周折三岡 下府、浜田、西浜田、周布、折居、三保三隅、岡見
0%
下府鵜高新上戸 下川辺、府中、鵜飼、高木、新市、上戸手、戸手
0%
下由浦八赤中下 下北条、由良、浦安、八橋、赤碕、中山口、下市
0%
下和安立山綾高 下山、和知、安栖里、立木、山家、綾部、高津
0%
加阿南中阿南見 加勢、阿蘇下田城、南阿蘇水の生まれる里白水高原、中松、阿蘇白川、南阿蘇白川水源、見晴台
0%
加磯二西八中東 加太、磯ノ浦、二里ヶ浜、西ノ庄、八幡前、中松江、東松江
0%
加一筑大福鹿浜 加布里、一貴山、筑前深江、大入、福吉、鹿家、浜崎
0%
加下初箕紀藤湯 加茂郷、下津、初島、箕島、紀伊宮原、藤並、湯浅
0%
加河河南四富富 加佐登、河曲、河原田、南四日市、四日市、富田浜、富田
0%
加笠大月島伊佐 加茂、笠置、大河原、月ケ瀬口、島ケ原、伊賀上野、佐那具
0%
加久八志柏高河 加美、久宝寺、八尾、志紀、柏原、高井田、河内堅上
0%
加錦帖姶重竜仙 加治木、錦江、帖佐、姶良、重富、竜ケ水、仙巌園
0%
加御海新北大大 加島、御幣島、海老江、新福島、北新地、大阪天満宮、大阪城北詰
0%
加高鹿都中市神 加治屋町、高見橋、鹿児島中央駅前、都通、中洲通、市立病院前、神田(交通局前)
0%
加高天い朝市水 加治屋町、高見馬場、天文館通、いづろ通、朝日通、市役所前、水族館口
0%
加若若若三青松 加斗、若狭本郷、若狭和田、若狭高浜、三松、青郷、松尾寺
0%
加小金新富黒糸 加賀温泉、小松、金沢、新高岡、富山、黒部宇奈月温泉、糸魚川
0%
加松白五沓上志 加茂、松尾、白木、五知、沓掛、上之郷、志摩磯部
0%
加勢小東新上若 加斗、勢浜、小浜、東小浜、新平野、上中、若狭有田
0%
加西松野西金東 加賀笠間、西松任、松任、野々市、西金沢、金沢、東金沢
0%
加茶岐笠木黒新 加納、茶所、岐南、笠松、木曽川堤、黒田、新木曽川
0%
加柘新佐伊島月 加太、柘植、新堂、佐那具、伊賀上野、島ケ原、月ケ瀬口
0%
加東土魚大西明 加古川、東加古川、土山、魚住、大久保、西明石、明石
0%
加動粟小明能小 加賀温泉、動橋、粟津、小松、明峰、能美根上、小舞子
0%
加南宮宮蓮日佐 加納、南宮崎、宮崎、宮崎神宮、蓮ケ池、日向住吉、佐土原
0%
加日神厄市小粟 加古川、日岡、神野、厄神、市場、小野町、粟生
0%
加幡出南木日下 加茂中、幡屋、出雲大東、南大東、木次、日登、下久野
0%
加隼国霧北大北 加治木、隼人、国分、霧島神宮、北永野田、大隅大川原、北俣
0%
加美小能明小粟 加賀笠間、美川、小舞子、能美根上、明峰、小松、粟津
0%
加美筑糸波周九 加布里、美咲が丘、筑前前原、糸島高校前、波多江、周船寺、九大学研都市
0%
加富関関せ関関 加茂野、富加、関富岡、関口、せきてらす前、関、関市役所前
0%
加宝曽ひ御東姫 加古川、宝殿、曽根、ひめじ別所、御着、東姫路、姫路
0%
加木平奈郡大法 加茂、木津、平城山、奈良、郡山、大和小泉、法隆寺
0%
加冷海黒紀宮和 加茂郷、冷水浦、海南、黒江、紀三井寺、宮前、和歌山
0%
可中上梅七緑大 可部、中島、上八木、梅林、七軒茶屋、緑井、大町
0%
可日新明顔御御 可児川、日本ライン今渡、新可児、明智、顔戸、御嵩口、御嵩
0%
嘉新四大防富戸 嘉川、新山口、四辻、大道、防府、富海、戸田
0%
嘉本厚宇小厚埴 嘉川、本由良、厚東、宇部、小野田、厚狭、埴生
0%
家サ西西水神鳥 家久、サンドーム西、西鯖江、西山公園、水落、神明、鳥羽中
0%
家関伊伊井一伊 家城、関ノ宮、伊勢川口、伊勢大井、井関、一志、伊勢八太
0%
家打土土十半江 家地川、打井川、土佐大正、土佐昭和、十川、半家、江川崎
0%
河粟小市厄神日 河合西、粟生、小野町、市場、厄神、神野、日岡
0%
河安堅法恩高河 河内国分、安堂、堅下、法善寺、恩智、高安、河内山本
0%
河伊中徳鈴玉鈴 河芸、伊勢上野、中瀬古、徳田、鈴鹿サーキット稲生、玉垣、鈴鹿
0%
河稲能安近篠野 河瀬、稲枝、能登川、安土、近江八幡、篠原、野洲
0%
河可中上梅七緑 河戸帆待川、可部、中島、上八木、梅林、七軒茶屋、緑井
0%
河河南四富富朝 河曲、河原田、南四日市、四日市、富田浜、富田、朝日
0%
河河八若河東瓢 河内永和、河内小阪、八戸ノ里、若江岩田、河内花園、東花園、瓢箪山
0%
河河富知上青成 河和、河和口、富貴、知多武豊、上ゲ、青山、成岩
0%
河久佐平石宮大 河野原円心、久崎、佐用、平福、石井、宮本武蔵、大原
0%
河弓和大米中高 河崎口、弓ケ浜、和田浜、大篠津町、米子空港、中浜、高松町
0%
河近久弥長俊布 河内山本、近鉄八尾、久宝寺口、弥刀、長瀬、俊徳道、布施
0%
河恵高藤土道古 河内松原、恵我ノ荘、高鷲、藤井寺、土師ノ里、道明寺、古市
0%
河慶辛花熊通水 河原町、慶徳校前、辛島町、花畑町、熊本城・市役所前、通町筋、水道町
0%
河五愛豊尼高彦 河辺の森、五箇荘、愛知川、豊郷、尼子、高宮、彦根口
0%
河交郡村星宮枚 河内森、交野市、郡津、村野、星ヶ丘、宮之阪、枚方市
0%
河高恩法堅安河 河内山本、高安、恩智、法善寺、堅下、安堂、河内国分
0%
河高柏志八久加 河内堅上、高井田、柏原、志紀、八尾、久宝寺、加美
0%
河高木余近新敦 河毛、高月、木ノ本、余呉、近江塩津、新疋田、敦賀
0%
河国鷹用因智土 河原、国英、鷹狩、用瀬、因幡社、智頭、土師
0%
河根清南椋北行 河山、根笠、清流みはらし、南桑、椋野、北河内、行波
0%
河三王法大郡奈 河内堅上、三郷、王寺、法隆寺、大和小泉、郡山、奈良
0%
河汐滝川富富喜 河内長野、汐ノ宮、滝谷不動、川西、富田林西口、富田林、喜志
0%
河星寝忍四野住 河内磐船、星田、寝屋川公園、忍ケ丘、四条畷、野崎、住道
0%
河青社滝滝西新 河合西、青野ケ原、社町、滝野、滝、西脇市、新西脇
0%
河千滝金大狭北 河内長野、千代田、滝谷、金剛、大阪狭山市、狭山、北野田
0%
河大関二近五築 河内国分、大阪教育大前、関屋、二上、近鉄下田、五位堂、築山
0%
河中下府鵜高新 河佐、中畑、下川辺、府中、鵜飼、高木、新市
0%
河津藤長松大京 河内磐船、津田、藤阪、長尾、松井山手、大住、京田辺
0%
河東瓢枚額石生 河内花園、東花園、瓢箪山、枚岡、額田、石切、生駒
0%
河入白西西寺八 河内、入野、白市、西高屋、西条、寺家、八本松
0%
河八若河東瓢枚 河内小阪、八戸ノ里、若江岩田、河内花園、東花園、瓢箪山、枚岡
0%
河八長大京桜朝 河辺の森、八日市、長谷野、大学前、京セラ前、桜川、朝日大塚
0%
河備備上甲梶備 河佐、備後三川、備後矢野、上下、甲奴、梶田、備後安田
0%
河富知上青成知 河和口、富貴、知多武豊、上ゲ、青山、成岩、知多半田
0%
河布高河恵高藤 河内天美、布忍、高見ノ里、河内松原、恵我ノ荘、高鷲、藤井寺
0%
河北今針矢河布 河堀口、北田辺、今川、針中野、矢田、河内天美、布忍
0%
河矢針今北河大 河内天美、矢田、針中野、今川、北田辺、河堀口、大阪阿部野橋
0%
河鈴玉鈴徳中伊 河原田、鈴鹿、玉垣、鈴鹿サーキット稲生、徳田、中瀬古、伊勢上野
0%
花ベ江清ハ浅泰 花堂、ベル前、江端、清明、ハーモニーホール、浅水、泰澄の里
0%
花岩極飯阿飯東 花白温泉、岩村、極楽、飯羽間、阿木、飯沼、東野
0%
花熊通水九交味 花畑町、熊本城・市役所前、通町筋、水道町、九品寺交差点、交通局前、味噌天神前
0%
花辛慶河呉祇熊 花畑町、辛島町、慶徳校前、河原町、呉服町、祇園橋、熊本駅前
0%
花辛西洗新蔚段 花畑町、辛島町、西辛島町、洗馬橋、新町、蔚山町、段山町
0%
花聖津安大三犬 花畑、聖マリア病院前、津福、安武、大善寺、三潴、犬塚
0%
花西櫛宮味端西 花畑、西鉄久留米、櫛原、宮の陣、味坂、端間、西鉄小郡
0%
花赤商足福福仁 花堂、赤十字前、商工会議所前、足羽山公園口、福井城址大名町、福井駅、仁愛女子高校
0%
花太嵯保馬亀並 花園、太秦、嵯峨嵐山、保津峡、馬堀、亀岡、並河
0%
花大な四本肥西 花園町、大国町、なんば、四ツ橋、本町、肥後橋、西梅田
0%
花大宿寺御東石 花田口、大小路、宿院、寺地町、御陵前、東湊、石津北
0%
花谷箕山北鈴鵯 花山、谷上、箕谷、山の街、北鈴蘭台、鈴蘭台、鵯越
0%
花妙神綾高大我 花田口、妙国寺前、神明町、綾ノ町、高須神社、大和川、我孫子道
0%
花林木元水西高 花園、林道、木太東口、元山、水田、西前田、高田
0%
荷伊土佐土有土 荷稲、伊与喜、土佐佐賀、佐賀公園、土佐白浜、有井川、土佐上川口
0%
霞阿川近新海塩 霞ヶ浦、阿倉川、川原町、近鉄四日市、新正、海山道、塩浜
0%
霞山東滝山須山 霞ヶ丘、山陽垂水、東垂水、滝の茶屋、山陽塩屋、須磨浦公園、山陽須磨
0%
霞舞西大人山西 霞ヶ丘、舞子公園、西舞子、大蔵谷、人丸前、山陽明石、西新町
0%
蚊北大三三割磯 蚊爪、北間、大河端、三ツ屋、三口、割出、磯部
0%
我安細住住東塚 我孫子道、安立町、細井川、住吉鳥居前、住吉、東粉浜、塚西
0%
我杉浅堺三百上 我孫子町、杉本町、浅香、堺市、三国ケ丘、百舌鳥、上野芝
0%
我大高綾神妙花 我孫子道、大和川、高須神社、綾ノ町、神明町、妙国寺前、花田口
0%
我沢住帝岸天萩 我孫子前、沢ノ町、住吉東、帝塚山、岸里玉出、天下茶屋、萩ノ茶屋
0%
賀三九大尾相船 賀田、三木里、九鬼、大曽根浦、尾鷲、相賀、船津
0%
賀二新波大熊有 賀田、二木島、新鹿、波田須、大泊、熊野市、有井
0%
賀豊向鬼小天庄 賀来、豊後国分、向之原、鬼瀬、小野屋、天神山、庄内
0%
賀野梅福七金茶 賀茂、野芥、梅林、福大前、七隈、金山、茶山
0%
介新東田鹿舟北 介良通、新木、東新木、田辺島通、鹿児、舟戸、北浦
0%
介文高県西葛知 介良通、文珠通、高須、県立美術館通、西高須、葛島橋東詰、知寄町三丁目
0%
海安中瀬八寺西 海田市、安芸中野、中野東、瀬野、八本松、寺家、西条
0%
海宇宇宇宇県広 海岸通、宇品五丁目、宇品四丁目、宇品三丁目、宇品二丁目、県病院前、広大附属学校前
0%
海塩北楠長箕伊 海山道、塩浜、北楠、楠、長太ノ浦、箕田、伊勢若松
0%
海教赤東東福千 海老津、教育大前、赤間、東郷、東福間、福間、千鳥
0%
海佐湯津新水袋 海浦、佐敷、湯浦、津奈木、新水俣、水俣、袋
0%
海新近川阿霞近 海山道、新正、近鉄四日市、川原町、阿倉川、霞ヶ浦、近鉄富田
0%
海瀬鎌葉坂段八 海路、瀬戸石、鎌瀬、葉木、坂本、段、八代
0%
海多讃丸宇坂八 海岸寺、多度津、讃岐塩屋、丸亀、宇多津、坂出、八十場
0%
海津詫み高比本 海岸寺、津島ノ宮、詫間、みの、高瀬、比地大、本山
0%
海土有土佐土伊 海の王迎、土佐上川口、有井川、土佐白浜、佐賀公園、土佐佐賀、伊与喜
0%
海肥た上肥日肥 海浦、肥後田浦、たのうら御立岬公園、上田浦、肥後二見、日奈久温泉、肥後高田
0%
海矢坂水小呉天 海田市、矢野、坂、水尻、小屋浦、呉ポートピア、天応
0%
海冷加下初箕紀 海南、冷水浦、加茂郷、下津、初島、箕島、紀伊宮原
0%
皆皆広県宇宇宇 皆実町二丁目、皆実町六丁目、広大附属学校前、県病院前、宇品二丁目、宇品三丁目、宇品四丁目
0%
皆皆南比比段的 皆実町六丁目、皆実町二丁目、南区役所前、比治山橋、比治山下、段原一丁目、的場町
0%
皆御広日鷹市中 皆実町六丁目、御幸橋、広電本社前、日赤病院前、鷹野橋、市役所前、中電前
0%
皆広県宇宇宇宇 皆実町六丁目、広大附属学校前、県病院前、宇品二丁目、宇品三丁目、宇品四丁目、宇品五丁目
0%
皆中本上大相棚 皆瀬、中里、本山、上相浦、大学、相浦、棚方
0%
皆南比比段的猿 皆実町二丁目、南区役所前、比治山橋、比治山下、段原一丁目、的場町、猿猴橋町
0%
皆野左泉山北中 皆瀬、野中、左石、泉福寺、山の田、北佐世保、中佐世保
0%
蟹永弥長桑朝富 蟹江、永和、弥富、長島、桑名、朝日、富田
0%
開江西塩徳西矢 開、江の浦、西鉄中島、塩塚、徳益、西鉄柳川、矢加部
0%
開西倉東西新大 開、西鉄渡瀬、倉永、東甘木、西鉄銀水、新栄町、大牟田
0%
開西名観苅二萩 開明、西一宮、名鉄一宮、観音寺、苅安賀、二子、萩原
0%
開東薩西大山指 開聞、東開聞、薩摩川尻、西大山、大山、山川、指宿
0%
開入頴西御石水 開聞、入野、頴娃、西頴娃、御領、石垣、水成川
0%
開布小上朝南大 開発、布市、小杉、上堀、朝菜町、南富山、大泉
0%
貝貝近石清名森 貝塚、貝塚市役所前、近義の里、石才、清児、名越、森
0%
貝近石清名森三 貝塚市役所前、近義の里、石才、清児、名越、森、三ツ松
0%
貝四愛新新三末 貝津、四郷、愛環梅坪、新豊田、新上挙母、三河豊田、末野原
0%
貝蛸岸和春忠泉 貝塚、蛸地蔵、岸和田、和泉大宮、春木、忠岡、泉大津
0%
貝二鶴井泉羽吉 貝塚、二色浜、鶴原、井原里、泉佐野、羽倉崎、吉見ノ里
0%
貝保篠八山瀬瀬 貝津、保見、篠原、八草、山口、瀬戸口、瀬戸市
0%
貝名西香西香唐 貝塚、名島、西鉄千早、香椎宮前、西鉄香椎、香椎花園前、唐の原
0%
鎧餘久浜諸居東 鎧、餘部、久谷、浜坂、諸寄、居組、東浜
0%
柿三池東出上浦 柿平、三河川合、池場、東栄、出馬、上市場、浦川
0%
柿三湯三本長鳥 柿平、三河槙原、湯谷温泉、三河大野、本長篠、長篠城、鳥居
0%
柿内赤油源崎犀 柿下温泉口、内田、赤、油須原、源じいの森、崎山、犀川
0%
各鵜坂美古中下 各務ケ原、鵜沼、坂祝、美濃太田、古井、中川辺、下麻生
0%
各市新新高手切 各務原市役所前、市民公園前、新那加、新加納、高田橋、手力、切通
0%
各六三二名苧羽 各務原市役所前、六軒、三柿野、二十軒、名電各務原、苧ヶ瀬、羽場
0%
覚池今千新栄伏 覚王山、池下、今池、千種、新栄町、栄、伏見
0%
覚本東星一上本 覚王山、本山、東山公園、星ヶ丘、一社、上社、本郷
0%
角坂打杉猪楡笹 角川、坂上、打保、杉原、猪谷、楡原、笹津
0%
角土大土大豊土 角茂谷、土佐北川、大杉、土佐穴内、大田口、豊永、土佐岩原
0%
角繁新土山土後 角茂谷、繁藤、新改、土佐山田、山田西町、土佐長岡、後免
0%
角飛杉飛飛上高 角川、飛騨細江、杉崎、飛騨古川、飛騨国府、上枝、高山
0%
学阿西鴨麻牛下 学、阿波川島、西麻植、鴨島、麻植塚、牛島、下浦
0%
学学白生新吉荒 学研奈良登美ヶ丘、学研北生駒、白庭台、生駒、新石切、吉田、荒本
0%
学紀橋御林紀天 学文路、紀伊清水、橋本、御幸辻、林間田園都市、紀見峠、天見
0%
学九高下上紀紀 学文路、九度山、高野下、下古沢、上古沢、紀伊細川、紀伊神谷
0%
学古北大金大本 学校前、古賀茶屋、北野、大城、金島、大堰、本郷
0%
学山阿川穴小貞 学、山瀬、阿波山川、川田、穴吹、小島、貞光
0%
学白生新吉荒長 学研北生駒、白庭台、生駒、新石切、吉田、荒本、長田
0%
学平農池高西水 学園通り、平木、農学部前、池戸、高田、西前田、水田
0%
楽田味小小小間 楽田、田県神社前、味岡、小牧原、小牧、小牧口、間内
0%
額乙四陽曽道井 額住宅前、乙丸、四十万、陽羽里、曽谷、道法寺、井口
0%
額石生東富学菖 額田、石切、生駒、東生駒、富雄、学園前、菖蒲池
0%
額馬野野押新西 額住宅前、馬替、野々市工大前、野々市、押野、新西金沢、西泉
0%
額枚瓢東河若八 額田、枚岡、瓢箪山、東花園、河内花園、若江岩田、八戸ノ里
0%
掛浜豊三名岐米 掛川、浜松、豊橋、三河安城、名古屋、岐阜羽島、米原
0%
笠西名粉紀打下 笠田、西笠田、名手、粉河、紀伊長田、打田、下井阪
0%
笠大月島伊佐新 笠置、大河原、月ケ瀬口、島ケ原、伊賀上野、佐那具、新堂
0%
笠大東福備松東 笠岡、大門、東福山、福山、備後赤坂、松永、東尾道
0%
笠大南共大逢刈 笠寺、大高、南大高、共和、大府、逢妻、刈谷
0%
笠大妙中高紀橋 笠田、大谷、妙寺、中飯降、高野口、紀伊山田、橋本
0%
笠田石結フ平筒 笠縫、田原本、石見、結崎、ファミリー公園前、平端、筒井
0%
笠熱金尾名枇清 笠寺、熱田、金山、尾頭橋、名古屋、枇杷島、清洲
0%
笠木黒新石今名 笠松、木曽川堤、黒田、新木曽川、石刀、今伊勢、名鉄一宮
0%
笠里鴨金新西倉 笠岡、里庄、鴨方、金光、新倉敷、西阿知、倉敷
0%
樫大三三恵志広 樫山、大村、三木、三木上の丸、恵比須、志染、広野ゴルフ場前
0%
橿岡飛壺市葛吉 橿原神宮前、岡寺、飛鳥、壺阪山、市尾、葛、吉野口
0%
橿橿坊浮高尺磐 橿原神宮前、橿原神宮西口、坊城、浮孔、高田市、尺土、磐城
0%
橿畝八大新笠田 橿原神宮前、畝傍御陵前、八木西口、大和八木、新ノ口、笠縫、田原本
0%
橿坊浮高尺磐当 橿原神宮西口、坊城、浮孔、高田市、尺土、磐城、当麻寺
0%
梶安福吉梅黒川 梶栗郷台地、安岡、福江、吉見、梅ケ峠、黒井村、川棚温泉
0%
梶甲上備備河中 梶田、甲奴、上下、備後矢野、備後三川、河佐、中畑
0%
梶備吉三塩神八 梶田、備後安田、吉舎、三良坂、塩町、神杉、八次
0%
割三三大北蚊粟 割出、三口、三ツ屋、大河端、北間、蚊爪、粟ヶ崎
0%
滑水東新富呉小 滑川、水橋、東富山、新富山口、富山、呉羽、小杉
0%
滑中西西中新上 滑川、中滑川、西滑川、西加積、中加積、新宮川、上市
0%
滑東魚黒生西入 滑川、東滑川、魚津、黒部、生地、西入善、入善
0%
滑浜早越西電新 滑川、浜加積、早月加積、越中中村、西魚津、電鉄魚津、新魚津
0%
葛吉薬福大下越 葛、吉野口、薬水、福神、大阿太、下市口、越部
0%
葛西県高文介新 葛島橋東詰、西高須、県立美術館通、高須、文珠通、介良通、新木
0%
葛知知知知宝菜 葛島橋東詰、知寄町三丁目、知寄町、知寄町二丁目、知寄町一丁目、宝永町、菜園場町
0%
蒲蒲三形西こ東 蒲郡、蒲郡競艇場前、三河鹿島、形原、西浦、こどもの国、東幡豆
0%
蒲関新清太だ瑞 蒲生四丁目、関目成育、新森古市、清水、太子橋今市、だいどう豊里、瑞光四丁目
0%
蒲京大森玉谷松 蒲生四丁目、京橋、大阪ビジネスパーク、森ノ宮、玉造、谷町六丁目、松屋町
0%
蒲三形西こ東西 蒲郡競艇場前、三河鹿島、形原、西浦、こどもの国、東幡豆、西幡豆
0%
蒲三三愛西豊二 蒲郡、三河三谷、三河大塚、愛知御津、西小坂井、豊橋、二川
0%
蒲三三幸相岡西 蒲郡、三河塩津、三ケ根、幸田、相見、岡崎、西岡崎
0%
蒲西大新日長古 蒲池、西ノ口、大野町、新舞子、日長、長浦、古見
0%
蒲八大犬三大安 蒲池、八丁牟田、大溝、犬塚、三潴、大善寺、安武
0%
蒲矢西徳塩西江 蒲池、矢加部、西鉄柳川、徳益、塩塚、西鉄中島、江の浦
0%
釜下榎五田稚寺 釜ヶ淵、下段、榎町、五百石、田添、稚子塚、寺田
0%
釜瑞土多古定高 釜戸、瑞浪、土岐市、多治見、古虎渓、定光寺、高蔵寺
0%
釜沢岩横千有本 釜ヶ淵、沢中山、岩峅寺、横江、千垣、有峰口、本宮
0%
釜武恵美中落坂 釜戸、武並、恵那、美乃坂本、中津川、落合川、坂下
0%
釜諫愛阿吾古大 釜ノ鼻、諫早東高校、愛野、阿母崎、吾妻、古部、大正
0%
鎌岡古松地新郡 鎌田、岡田、古泉、松前、地蔵町、新川、郡中
0%
鎌岡三折周西浜 鎌手、岡見、三保三隅、折居、周布、西浜田、浜田
0%
鎌瀬海吉白球一 鎌瀬、瀬戸石、海路、吉尾、白石、球泉洞、一勝地
0%
鴨騎荒二武新甲 鴨池、騎射場、荒田八幡、二中通、武之橋、新屋敷、甲東中学校前
0%
鴨鏡蛍旭旭旭上 鴨部、鏡川橋、蛍橋、旭町三丁目、旭駅前通、旭町一丁目、上町五丁目
0%
鴨金新西倉中庭 鴨方、金光、新倉敷、西阿知、倉敷、中庄、庭瀬
0%
鴨郡涙南二宇脇 鴨池、郡元、涙橋、南鹿児島駅前、二軒茶屋、宇宿一丁目、脇田
0%
鴨讃国端鬼香高 鴨川、讃岐府中、国分、端岡、鬼無、香西、高松
0%
鴨曙曙朝朝朝宮 鴨部、曙町東町、曙町、朝倉、朝倉駅前、朝倉神社前、宮の奥
0%
鴨西阿学山阿川 鴨島、西麻植、阿波川島、学、山瀬、阿波山川、川田
0%
鴨八坂宇丸讃多 鴨川、八十場、坂出、宇多津、丸亀、讃岐塩屋、多度津
0%
鴨里笠大東福備 鴨方、里庄、笠岡、大門、東福山、福山、備後赤坂
0%
茅桑四猪市依丸 茅町、桑町、四十九、猪田道、市部、依那古、丸山
0%
萱大古門西守土 萱島、大和田、古川橋、門真市、西三荘、守口市、土居
0%
萱本木高清鉄赤 萱町六丁目、本町六丁目、木屋町、高砂町、清水町、鉄砲町、赤十字病院前
0%
刈逢大共南大笠 刈谷、逢妻、大府、共和、南大高、大高、笠寺
0%
刈刈重知三三若 刈谷市、刈谷、重原、知立、三河知立、三河八橋、若林
0%
刈刈小吉三高北 刈谷、刈谷市、小垣江、吉浜、三河高浜、高浜港、北新川
0%
刈重知三三若竹 刈谷、重原、知立、三河知立、三河八橋、若林、竹村
0%
刈小吉三高北新 刈谷市、小垣江、吉浜、三河高浜、高浜港、北新川、新川町
0%
刈野東三安西岡 刈谷、野田新町、東刈谷、三河安城、安城、西岡崎、岡崎
0%
苅観名西開奥玉 苅安賀、観音寺、名鉄一宮、西一宮、開明、奥町、玉ノ井
0%
苅朽下安城南西 苅田、朽網、下曽根、安部山公園、城野、南小倉、西小倉
0%
苅御和中ハみ旧 苅藻、御崎公園、和田岬、中央市場前、ハーバーランド、みなと元町、旧居留地・大丸前
0%
苅小行南新築椎 苅田、小波瀬西工大前、行橋、南行橋、新田原、築城、椎田
0%
苅二萩玉山森上 苅安賀、二子、萩原、玉野、山崎、森上、上丸渕
0%
瓦花林木元水西 瓦町、花園、林道、木太東口、元山、水田、西前田
0%
瓦栗三伏太仏空 瓦町、栗林公園、三条、伏石、太田、仏生山、空港通り
0%
瓦今松沖春潟琴 瓦町、今橋、松島二丁目、沖松島、春日川、潟元、琴電屋島
0%
瓦中膳錦京石島 瓦ヶ浜、中ノ庄、膳所本町、錦、京阪膳所、石場、島ノ関
0%
寒日伊備西伊香 寒河、日生、伊里、備前片上、西片上、伊部、香登
0%
寒備天播坂西相 寒河、備前福河、天和、播州赤穂、坂越、西相生、相生
0%
巻三桜香畝金高 巻向、三輪、桜井、香久山、畝傍、金橋、高田
0%
巻柳長天櫟帯京 巻向、柳本、長柄、天理、櫟本、帯解、京終
0%
干森釜諫愛阿吾 干拓の里、森山、釜ノ鼻、諫早東高校、愛野、阿母崎、吾妻
0%
感遠木新楠筑希 感田、遠賀野、木屋瀬、新木屋瀬、楠橋、筑豊香月、希望が丘高校前
0%
甘西大山伊吉岡 甘露寺前、西山口、大池遊園、山東、伊太祈曽、吉礼、岡崎前
0%
甘鶴新寺長生新 甘地、鶴居、新野、寺前、長谷、生野、新井
0%
甘福溝香仁砥野 甘地、福崎、溝口、香呂、仁豊野、砥堀、野里
0%
観越東追越越福 観音町、越前島橋、東藤島、追分口、越前新保、越前開発、福井口
0%
観苅二萩玉山森 観音寺、苅安賀、二子、萩原、玉野、山崎、森上
0%
観松志永下光轟 観音町、松岡、志比堺、永平寺口、下志比、光明寺、轟
0%
観西新出大五長 観光通り、西浜町、新地中華街、出島、大波止、五島町、長崎駅前
0%
観西福広東高古 観音町、西観音町、福島町、広電西広島(己斐)、東高須、高須、古江
0%
観天小土十本原 観音町、天満町、小網町、土橋、十日市町、本川町、原爆ドーム前
0%
観桃六木黄三宇 観月橋、桃山南口、六地蔵、木幡、黄檗、三室戸、宇治
0%
観浜め市諏新新 観光通り、浜町アーケード、めがね橋、市役所、諏訪神社、新大工町、新中川町
0%
観豊箕川伊伊赤 観音寺、豊浜、箕浦、川之江、伊予三島、伊予寒川、赤星
0%
間小小小味田楽 間内、小牧口、小牧、小牧原、味岡、田県神社前、楽田
0%
関せ関関関松美 関口、せきてらす前、関、関市役所前、関下有知、松森、美濃市
0%
関せ関関富加前 関、せきてらす前、関口、関富岡、富加、加茂野、前平公園
0%
関伊伊井一伊権 関ノ宮、伊勢川口、伊勢大井、井関、一志、伊勢八太、権現前
0%
関伊赤伊伊川箕 関川、伊予土居、赤星、伊予寒川、伊予三島、川之江、箕浦
0%
関加柘新佐伊島 関、加太、柘植、新堂、佐那具、伊賀上野、島ケ原
0%
関家伊伊伊比伊 関ノ宮、家城、伊勢竹原、伊勢鎌倉、伊勢八知、比津、伊勢奥津
0%
関関せ関関関松 関富岡、関口、せきてらす前、関、関市役所前、関下有知、松森
0%
関関せ関関富加 関市役所前、関、せきてらす前、関口、関富岡、富加、加茂野
0%
関関関せ関関富 関下有知、関市役所前、関、せきてらす前、関口、関富岡、富加
0%
関関関松美梅湯 関、関市役所前、関下有知、松森、美濃市、梅山、湯の洞温泉口
0%
関関松美梅湯洲 関市役所前、関下有知、松森、美濃市、梅山、湯の洞温泉口、洲原
0%
関松美梅湯洲母 関下有知、松森、美濃市、梅山、湯の洞温泉口、洲原、母野
0%
関新清太だ瑞井 関目成育、新森古市、清水、太子橋今市、だいどう豊里、瑞光四丁目、井高野
0%
関森千滝土守西 関目、森小路、千林、滝井、土居、守口市、西三荘
0%
関大河安堅法恩 関屋、大阪教育大前、河内国分、安堂、堅下、法善寺、恩智
0%
関二近五築大松 関屋、二上、近鉄下田、五位堂、築山、大和高田、松塚
0%
関豊吹下淡柴天 関大前、豊津、吹田、下新庄、淡路、柴島、天神橋筋六丁目
0%
関野都天中東南 関目高殿、野江内代、都島、天神橋筋六丁目、中崎町、東梅田、南森町
0%
丸依市猪四桑茅 丸山、依那古、市部、猪田道、四十九、桑町、茅町
0%
丸宇坂八鴨讃国 丸亀、宇多津、坂出、八十場、鴨川、讃岐府中、国分
0%
丸烏四五京九十 丸太町、烏丸御池、四条、五条、京都、九条、十条
0%
丸岐阿岩周深上 丸尾、岐波、阿知須、岩倉、周防佐山、深溝、上嘉川
0%
丸久高車今吹御 丸の内、久屋大通、高岳、車道、今池、吹上、御器所
0%
丸県新富電地電 丸の内、県庁前、新富町、富山駅、電鉄富山駅・エスタ前、地鉄ビル前、電気ビル前
0%
丸今鞍北北松国 丸太町、今出川、鞍馬口、北大路、北山、松ヶ崎、国際会館
0%
丸讃多海津詫み 丸亀、讃岐塩屋、多度津、海岸寺、津島ノ宮、詫間、みの
0%
丸春森福越大北 丸岡、春江、森田、福井、越前花堂、大土呂、北鯖江
0%
丸床常草宇東琴 丸尾、床波、常盤、草江、宇部岬、東新川、琴芝
0%
丸上森山玉萩二 丸渕、上丸渕、森上、山崎、玉野、萩原、二子
0%
丸新大奥国島妙 丸ノ内、新清洲、大里、奥田、国府宮、島氏永、妙興寺
0%
丸須新二西東栄 丸ノ内、須ヶ口、新川橋、二ツ杁、西枇杷島、東枇杷島、栄生
0%
丸伏大上鶴荒御 丸の内、伏見、大須観音、上前津、鶴舞、荒畑、御器所
0%
丸渕六町津日佐 丸渕、渕高、六輪、町方、津島、日比野、佐屋
0%
丸鵯鈴北山箕谷 丸山、鵯越、鈴蘭台、北鈴蘭台、山の街、箕谷、谷上
0%
岸花大な四本肥 岸里、花園町、大国町、なんば、四ツ橋、本町、肥後橋
0%
岸蛸貝二鶴井泉 岸和田、蛸地蔵、貝塚、二色浜、鶴原、井原里、泉佐野
0%
岸伯江武根黒上 岸本、伯耆溝口、江尾、武庫、根雨、黒坂、上菅
0%
岸粉住住七堺湊 岸里玉出、粉浜、住吉大社、住ノ江、七道、堺、湊
0%
岸和春忠泉松北 岸和田、和泉大宮、春木、忠岡、泉大津、松ノ浜、北助松
0%
岩阿岐丸床常草 岩倉、阿知須、岐波、丸尾、床波、常盤、草江
0%
岩浦大平原大浦 岩屋橋、浦上車庫、大橋、平和公園、原爆資料館、大学病院、浦上駅前
0%
岩下打紀粉名西 岩出、下井阪、打田、紀伊長田、粉河、名手、西笠田
0%
岩居宇琴東宇草 岩鼻、居能、宇部新川、琴芝、東新川、宇部岬、草江
0%
岩競東萩蓮犬城 岩瀬浜、競輪場前、東岩瀬、萩浦小学校前、蓮町(馬場記念公園前)、犬島新町、城川原
0%
岩極飯阿飯東恵 岩村、極楽、飯羽間、阿木、飯沼、東野、恵那
0%
岩厳多中東小久 岩屋、厳木、多久、中多久、東多久、小城、久保田
0%
岩西川柱欽玖周 岩国、西岩国、川西、柱野、欽明路、玖珂、周防高森
0%
岩西大新石御住 岩屋、西灘、大石、新在家、石屋川、御影、住吉
0%
岩石布江柏扶木 岩倉、石仏、布袋、江南、柏森、扶桑、木津用水
0%
岩切印稲和道御 岩代、切目、印南、稲原、和佐、道成寺、御坊
0%
岩船紀布千田和 岩出、船戸、紀伊小倉、布施屋、千旦、田井ノ瀬、和歌山
0%
岩相本山鬼唐西 岩屋、相知、本牟田部、山本、鬼塚、唐津、西唐津
0%
岩大上大月開布 岩峅寺、大川寺、上滝、大庄、月岡、開発、布市
0%
岩大諏新竹大松 岩松、大村、諏訪、新大村、竹松、大村車両基地、松原
0%
岩大徳西上中下 岩倉、大山寺、徳重・名古屋芸大、西春、上小田井、中小田井、下小田井
0%
岩大福鳥湖鳥末 岩美、大岩、福部、鳥取、湖山、鳥取大学前、末恒
0%
岩沢釜下榎五田 岩峅寺、沢中山、釜ヶ淵、下段、榎町、五百石、田添
0%
岩丹刑富月中久 岩山、丹治部、刑部、富原、月田、中国勝山、久世
0%
岩中中本亀名伏 岩塚、中村公園、中村日赤、本陣、亀島、名古屋、伏見
0%
岩長若千昭住赤 岩屋橋、長崎大学、若葉町、千歳町、昭和町通り、住吉、赤迫
0%
岩田柳柳大神由 岩田、田布施、柳井、柳井港、大畠、神代、由宇
0%
岩島光下櫛徳新 岩田、島田、光、下松、櫛ケ浜、徳山、新南陽
0%
岩東居諸浜久餘 岩美、東浜、居組、諸寄、浜坂、久谷、餘部
0%
岩南藤通由神大 岩国、南岩国、藤生、通津、由宇、神代、大畠
0%
岩南芳紀紀朝白 岩代、南部、芳養、紀伊田辺、紀伊新庄、朝来、白浜
0%
岩木京二市二貴 岩倉、木野、京都精華大前、二軒茶屋、市原、二ノ瀬、貴船口
0%
岩和大玖大前宮 岩国、和木、大竹、玖波、大野浦、前空、宮島口
0%
顔明新日可西善 顔戸、明智、新可児、日本ライン今渡、可児川、西可児、善師野
0%
喜伊伊伊八春五 喜多灘、伊予長浜、伊予出石、伊予白滝、八多喜、春賀、五郎
0%
喜五内伊伊伊向 喜多山、五十崎、内子、伊予立川、伊予中山、伊予大平、向井原
0%
喜小瓢守矢大森 喜多山、小幡、瓢箪山、守山自衛隊前、矢田、大曽根、森下
0%
喜辛大二大大公 喜多、辛皮、大江山口内宮、二俣、大江高校前、大江、公庄
0%
喜西諫東肥小湯 喜々津、西諫早、諫早、東諫早、肥前長田、小江、湯江
0%
喜前生薩宮二指 喜入、前之浜、生見、薩摩今和泉、宮ケ浜、二月田、指宿
0%
喜中瀬平五坂慈 喜入、中名、瀬々串、平川、五位野、坂之上、慈眼寺
0%
喜東大本長高道 喜々津、東園、大草、本川内、長与、高田、道ノ尾
0%
喜富富川滝汐河 喜志、富田林、富田林西口、川西、滝谷不動、汐ノ宮、河内長野
0%
喜平駒田文阿天 喜連瓜破、平野、駒川中野、田辺、文の里、阿倍野、天王寺
0%
基け原天二都水 基山、けやき台、原田、天拝山、二日市、都府楼南、水城
0%
基弥田鳥肥久荒 基山、弥生が丘、田代、鳥栖、肥前旭、久留米、荒木
0%
基立小大松今西 基山、立野、小郡、大板井、松崎、今隈、西太刀洗
0%
岐阿岩周深上新 岐波、阿知須、岩倉、周防佐山、深溝、上嘉川、新山口
0%
岐笠木黒新石今 岐南、笠松、木曽川堤、黒田、新木曽川、石刀、今伊勢
0%
岐丸床常草宇東 岐波、丸尾、床波、常盤、草江、宇部岬、東新川
0%
岐西穂大垂関柏 岐阜、西岐阜、穂積、大垣、垂井、関ケ原、柏原
0%
岐長那蘇各鵜坂 岐阜、長森、那加、蘇原、各務ケ原、鵜沼、坂祝
0%
岐名三豊浜掛静 岐阜羽島、名古屋、三河安城、豊橋、浜松、掛川、静岡
0%
岐木尾稲清枇名 岐阜、木曽川、尾張一宮、稲沢、清洲、枇杷島、名古屋
0%
希筑東通西三永 希望が丘高校前、筑豊中間、東中間、通谷、西山、三ヶ森、永犬丸
0%
気三藤十大若上 気山、三方、藤井、十村、大鳥羽、若狭有田、上中
0%
紀阿紀神有熊大 紀伊井田、阿田和、紀伊市木、神志山、有井、熊野市、大泊
0%
紀宇那紀紀湯太 紀伊佐野、宇久井、那智、紀伊天満、紀伊勝浦、湯川、太地
0%
紀下太湯紀紀那 紀伊浦神、下里、太地、湯川、紀伊勝浦、紀伊天満、那智
0%
紀学九高下上紀 紀伊清水、学文路、九度山、高野下、下古沢、上古沢、紀伊細川
0%
紀紀下太湯紀紀 紀伊田原、紀伊浦神、下里、太地、湯川、紀伊勝浦、紀伊天満
0%
紀紀御道和稲印 紀伊由良、紀伊内原、御坊、道成寺、和佐、稲原、印南
0%
紀紀広湯藤紀箕 紀伊内原、紀伊由良、広川ビーチ、湯浅、藤並、紀伊宮原、箕島
0%
紀紀上下高九学 紀伊神谷、紀伊細川、上古沢、下古沢、高野下、九度山、学文路
0%
紀紀朝白紀椿紀 紀伊田辺、紀伊新庄、朝来、白浜、紀伊富田、椿、紀伊日置
0%
紀紀湯太下紀紀 紀伊天満、紀伊勝浦、湯川、太地、下里、紀伊浦神、紀伊田原
0%
紀紀那宇紀三新 紀伊勝浦、紀伊天満、那智、宇久井、紀伊佐野、三輪崎、新宮
0%
紀紀芳南岩切印 紀伊新庄、紀伊田辺、芳養、南部、岩代、切目、印南
0%
紀橋下隅大五北 紀伊山田、橋本、下兵庫、隅田、大和二見、五条、北宇智
0%
紀橋御林紀天千 紀伊清水、橋本、御幸辻、林間田園都市、紀見峠、天見、千早口
0%
紀串紀古紀紀下 紀伊有田、串本、紀伊姫、古座、紀伊田原、紀伊浦神、下里
0%
紀串紀田田和江 紀伊姫、串本、紀伊有田、田並、田子、和深、江住
0%
紀古紀紀下太湯 紀伊姫、古座、紀伊田原、紀伊浦神、下里、太地、湯川
0%
紀広湯藤紀箕初 紀伊由良、広川ビーチ、湯浅、藤並、紀伊宮原、箕島、初島
0%
紀高中妙大笠西 紀伊山田、高野口、中飯降、妙寺、大谷、笠田、西笠田
0%
紀三船相尾大九 紀伊長島、三野瀬、船津、相賀、尾鷲、大曽根浦、九鬼
0%
紀山和和新長日 紀伊、山中渓、和泉鳥取、和泉砂川、新家、長滝、日根野
0%
紀周見江和田田 紀伊日置、周参見、見老津、江住、和深、田子、田並
0%
紀上下高九学紀 紀伊細川、上古沢、下古沢、高野下、九度山、学文路、紀伊清水
0%
紀神有熊大波新 紀伊市木、神志山、有井、熊野市、大泊、波田須、新鹿
0%
紀船岩下打紀粉 紀伊小倉、船戸、岩出、下井阪、打田、紀伊長田、粉河
0%
紀打下岩船紀布 紀伊長田、打田、下井阪、岩出、船戸、紀伊小倉、布施屋
0%
紀朝白紀椿紀周 紀伊新庄、朝来、白浜、紀伊富田、椿、紀伊日置、周参見
0%
紀椿紀周見江和 紀伊富田、椿、紀伊日置、周参見、見老津、江住、和深
0%
紀椿紀白朝紀紀 紀伊日置、椿、紀伊富田、白浜、朝来、紀伊新庄、紀伊田辺
0%
紀天千美三河千 紀見峠、天見、千早口、美加の台、三日市町、河内長野、千代田
0%
紀田田和江見周 紀伊有田、田並、田子、和深、江住、見老津、周参見
0%
紀東中八西二磯 紀ノ川、東松江、中松江、八幡前、西ノ庄、二里ヶ浜、磯ノ浦
0%
紀湯太下紀紀古 紀伊勝浦、湯川、太地、下里、紀伊浦神、紀伊田原、古座
0%
紀藤湯広紀紀御 紀伊宮原、藤並、湯浅、広川ビーチ、紀伊由良、紀伊内原、御坊
0%
紀梅大伊阿滝三 紀伊長島、梅ケ谷、大内山、伊勢柏崎、阿曽、滝原、三瀬谷
0%
紀白朝紀紀芳南 紀伊富田、白浜、朝来、紀伊新庄、紀伊田辺、芳養、南部
0%
紀粉名西笠大妙 紀伊長田、粉河、名手、西笠田、笠田、大谷、妙寺
0%
紀芳南岩切印稲 紀伊田辺、芳養、南部、岩代、切目、印南、稲原
0%
紀箕初下加冷海 紀伊宮原、箕島、初島、下津、加茂郷、冷水浦、海南
0%
紀林御橋紀学九 紀見峠、林間田園都市、御幸辻、橋本、紀伊清水、学文路、九度山
0%
紀六紀山和和新 紀伊中ノ島、六十谷、紀伊、山中渓、和泉鳥取、和泉砂川、新家
0%
紀和孝み淡箱鳥 紀ノ川、和歌山大学前、孝子、みさき公園、淡輪、箱作、鳥取ノ荘
0%
貴甘西大山伊吉 貴志、甘露寺前、西山口、大池遊園、山東、伊太祈曽、吉礼
0%
貴二市二京木岩 貴船口、二ノ瀬、市原、二軒茶屋、京都精華大前、木野、岩倉
0%
騎鴨郡涙南二宇 騎射場、鴨池、郡元、涙橋、南鹿児島駅前、二軒茶屋、宇宿一丁目
0%
騎荒二武新甲高 騎射場、荒田八幡、二中通、武之橋、新屋敷、甲東中学校前、高見馬場
0%
鬼山肥西佐駒大 鬼塚、山本、肥前久保、西相知、佐里、駒鳴、大川野
0%
鬼小天庄湯南由 鬼瀬、小野屋、天神山、庄内、湯平、南由布、由布院
0%
亀井加河河南四 亀山、井田川、加佐登、河曲、河原田、南四日市、四日市
0%
亀下一津阿高六 亀山、下庄、一身田、津、阿漕、高茶屋、六軒
0%
亀関加柘新佐伊 亀山、関、加太、柘植、新堂、佐那具、伊賀上野
0%
亀出出下日木南 亀嵩、出雲三成、出雲八代、下久野、日登、木次、南大東
0%
亀出八出三油備 亀嵩、出雲横田、八川、出雲坂根、三井野原、油木、備後落合
0%
亀小誕弓神福建 亀甲、小原、誕生寺、弓削、神目、福渡、建部
0%
亀飾妻白八的大 亀山、飾磨、妻鹿、白浜の宮、八家、的形、大塩
0%
亀馬保嵯太花円 亀岡、馬堀、保津峡、嵯峨嵐山、太秦、花園、円町
0%
亀八堀新須三黒 亀井、八景水谷、堀川、新須屋、須屋、三ツ石、黒石
0%
亀別別東西大牧 亀川、別府大学、別府、東別府、西大分、大分、牧
0%
亀豊暘日大杵中 亀川、豊後豊岡、暘谷、日出、大神、杵築、中山香
0%
亀本中中岩八高 亀島、本陣、中村日赤、中村公園、岩塚、八田、高畑
0%
亀名伏栄新千今 亀島、名古屋、伏見、栄、新栄町、千種、今池
0%
儀市古お安牧美 儀保、市立病院前、古島、おもろまち、安里、牧志、美栄橋
0%
祇呉河慶辛花熊 祇園橋、呉服町、河原町、慶徳校前、辛島町、花畑町、熊本城・市役所前
0%
祇清七東鳥伏龍 祇園四条、清水五条、七条、東福寺、鳥羽街道、伏見稲荷、龍谷大前深草
0%
祇西中古大毘安 祇園新橋北、西原、中筋、古市、大町、毘沙門台、安東
0%
祇中天赤大唐西 祇園、中洲川端、天神、赤坂、大濠公園、唐人町、西新
0%
祇不牛白新城県 祇園新橋北、不動院前、牛田、白島、新白島、城北、県庁前
0%
菊伊大波波今伊 菊間、伊予亀岡、大西、波方、波止浜、今治、伊予富田
0%
菊浅大伊柳粟光 菊間、浅海、大浦、伊予北条、柳原、粟井、光洋台
0%
吉か天呉小水坂 吉浦、かるが浜、天応、呉ポートピア、小屋浦、水尻、坂
0%
吉安風安安安仁 吉名、安芸津、風早、安浦、安登、安芸川尻、仁方
0%
吉伊山大西甘貴 吉礼、伊太祈曽、山東、大池遊園、西山口、甘露寺前、貴志
0%
吉羽泉井鶴二貝 吉見ノ里、羽倉崎、泉佐野、井原里、鶴原、二色浜、貝塚
0%
吉岡交竈神日田 吉礼、岡崎前、交通センター前、竈山、神前、日前宮、田中口
0%
吉岡樽尾鳥箱淡 吉見ノ里、岡田浦、樽井、尾崎、鳥取ノ荘、箱作、淡輪
0%
吉海瀬鎌葉坂段 吉尾、海路、瀬戸石、鎌瀬、葉木、坂本、段
0%
吉葛市壺飛岡橿 吉野口、葛、市尾、壺阪山、飛鳥、岡寺、橿原神宮前
0%
吉銀大荒南長大 吉野、銀水、大牟田、荒尾、南荒尾、長洲、大野下
0%
吉栗大植霧嘉中 吉松、栗野、大隅横川、植村、霧島温泉、嘉例川、中福良
0%
吉向井志上中白 吉田口、向原、井原市、志和口、上三田、中三田、白木山
0%
吉甲上志西三八 吉田口、甲立、上川立、志和地、西三次、三次、八次
0%
吉三宇豊椎築新 吉富、三毛門、宇島、豊前松江、椎田、築城、新田原
0%
吉三高北新碧碧 吉浜、三河高浜、高浜港、北新川、新川町、碧南中央、碧南
0%
吉三上有相竜網 吉永、三石、上郡、有年、相生、竜野、網干
0%
吉三西東こ西形 吉良吉田、三河鳥羽、西幡豆、東幡豆、こどもの国、西浦、形原
0%
吉勝池板阿板阿 吉成、勝瑞、池谷、板東、阿波川端、板野、阿波大宮
0%
吉小刈刈重知三 吉浜、小垣江、刈谷市、刈谷、重原、知立、三河知立
0%
吉松出近深大二 吉野生、松丸、出目、近永、深田、大内、二名
0%
吉上福西西桜米 吉良吉田、上横須賀、福地、西尾、西尾口、桜町前、米津
0%
吉新能米新荻旭 吉久、新吉久、能町口、米島口、新能町、荻布、旭ヶ丘
0%
吉真西江半十土 吉野生、真土、西ケ方、江川崎、半家、十川、土佐昭和
0%
吉真矢大人西渡 吉松、真幸、矢岳、大畑、人吉、西人吉、渡
0%
吉神伊佐鍋バ久 吉野ケ里公園、神埼、伊賀屋、佐賀、鍋島、バルーンさが、久保田
0%
吉神清佐小真棚 吉井、神田、清峰高校前、佐々、小浦、真申、棚方
0%
吉潜い高江す西 吉井、潜竜ヶ滝、いのつき、高岩、江迎鹿町、すえたちばな、西田平
0%
吉大六越下大福 吉野神宮、大和上市、六田、越部、下市口、大阿太、福神
0%
吉竹大安忠安須 吉名、竹原、大乗、安芸長浜、忠海、安芸幸崎、須波
0%
吉中東今天豊柳 吉富、中津、東中津、今津、天津、豊前善光寺、柳ケ浦
0%
吉中六庄第新中 吉久、中伏木、六渡寺、庄川口、第一イン新湊 クロスベイ前、新町口、中新湊
0%
吉鶴京えええ西 吉松、鶴丸、京町温泉、えびの、えびの上江、えびの飯野、西小林
0%
吉渡南瀬筑羽西 吉野、渡瀬、南瀬高、瀬高、筑後船小屋、羽犬塚、西牟田
0%
吉梅黒川小湯宇 吉見、梅ケ峠、黒井村、川棚温泉、小串、湯玉、宇賀本郷
0%
吉白球一那渡西 吉尾、白石、球泉洞、一勝地、那良口、渡、西人吉
0%
吉箱千香九福新 吉塚、箱崎、千早、香椎、九産大前、福工大前、新宮中央
0%
吉八千並亀馬保 吉富、八木、千代川、並河、亀岡、馬堀、保津峡
0%
吉備梶甲上備備 吉舎、備後安田、梶田、甲奴、上下、備後矢野、備後三川
0%
吉備三矢小早井 吉備真備、備中呉妹、三谷、矢掛、小田、早雲の里荏原、井原
0%
吉福安梶綾幡下 吉見、福江、安岡、梶栗郷台地、綾羅木、幡生、下関
0%
吉北五大隅下橋 吉野口、北宇智、五条、大和二見、隅田、下兵庫、橋本
0%
吉薬福大下越六 吉野口、薬水、福神、大阿太、下市口、越部、六田
0%
吉柚原長門篠筑 吉塚、柚須、原町、長者原、門松、篠栗、筑前山手
0%
吉和熊万瀬上東 吉永、和気、熊山、万富、瀬戸、上道、東岡山
0%
桔美伊青伊西東 桔梗が丘、美旗、伊賀神戸、青山町、伊賀上津、西青山、東青山
0%
桔名赤三室榛長 桔梗が丘、名張、赤目口、三本松、室生口大野、榛原、長谷寺
0%
杵中立西宇豊柳 杵築、中山香、立石、西屋敷、宇佐、豊前長洲、柳ケ浦
0%
逆小仁甲門西阪 逆瀬川、小林、仁川、甲東園、門戸厄神、西宮北口、阪神国道
0%
久か小夕網峰京 久美浜、かぶと山、小天橋、夕日ヶ浦木津温泉、網野、峰山、京丹後大宮
0%
久バ鍋佐伊神吉 久保田、バルーンさが、鍋島、佐賀、伊賀屋、神埼、吉野ケ里公園
0%
久栄矢上東金西 久屋大通、栄、矢場町、上前津、東別院、金山、西高蔵
0%
久下東東和東熊 久米田、下松、東岸和田、東貝塚、和泉橋本、東佐野、熊取
0%
久下浜西周折三 久代、下府、浜田、西浜田、周布、折居、三保三隅
0%
久加平東天新今 久宝寺、加美、平野、東部市場前、天王寺、新今宮、今宮
0%
久久南久御善筑 久留米、久留米高校前、南久留米、久留米大学前、御井、善導寺、筑後草野
0%
久牛江肥肥肥肥 久保田、牛津、江北、肥前白石、肥前竜王、肥前鹿島、肥前浜
0%
久近河高恩法堅 久宝寺口、近鉄八尾、河内山本、高安、恩智、法善寺、堅下
0%
久古美美坪美院 久世、古見、美作落合、美作追分、坪井、美作千代、院庄
0%
久御善筑田筑う 久留米大学前、御井、善導寺、筑後草野、田主丸、筑後吉井、うきは
0%
久甲鳴武尼出尼 久寿川、甲子園、鳴尾・武庫川女子大前、武庫川、尼崎センタープール前、出屋敷、尼崎
0%
久荒西羽筑瀬南 久留米、荒木、西牟田、羽犬塚、筑後船小屋、瀬高、南瀬高
0%
久高車今吹御桜 久屋大通、高岳、車道、今池、吹上、御器所、桜山
0%
久佐平石宮大西 久崎、佐用、平福、石井、宮本武蔵、大原、西粟倉
0%
久寺富新興三近 久津川、寺田、富野荘、新田辺、興戸、三山木、近鉄宮津
0%
久渚飛飛上飛禅 久々野、渚、飛騨小坂、飛騨宮田、上呂、飛騨萩原、禅昌寺
0%
久小東中多厳岩 久保田、小城、東多久、中多久、多久、厳木、岩屋
0%
久船本黒日比新 久下村、船町口、本黒田、黒田庄、日本へそ公園、比延、新西脇
0%
久早備妹備大岡 久々原、早島、備中箕島、妹尾、備前西市、大元、岡山
0%
久大伊小向桃近 久津川、大久保、伊勢田、小倉、向島、桃山御陵前、近鉄丹波橋
0%
久大静五仁馬湯 久手、大田市、静間、五十猛、仁万、馬路、湯里
0%
久鷹平梅牛牛田 久米、鷹ノ子、平井、梅本、牛渕団地前、牛渕、田窪
0%
久筑新新熊新新 久留米、筑後船小屋、新大牟田、新玉名、熊本、新八代、新水俣
0%
久中月富刑丹岩 久世、中国勝山、月田、富原、刑部、丹治部、岩山
0%
久南久御善筑田 久留米高校前、南久留米、久留米大学前、御井、善導寺、筑後草野、田主丸
0%
久南津津江高白 久居、南が丘、津新町、津、江戸橋、高田本山、白塚
0%
久波浦福今鷹前 久原、波瀬、浦ノ崎、福島口、今福、鷹島口、前浜
0%
久波敬都江浅黒 久代、波子、敬川、都野津、江津、浅利、黒松
0%
久波田小江出西 久手、波根、田儀、小田、江南、出雲神西、西出雲
0%
久八志柏高河三 久宝寺、八尾、志紀、柏原、高井田、河内堅上、三郷
0%
久肥鳥田弥基け 久留米、肥前旭、鳥栖、田代、弥生が丘、基山、けやき台
0%
久飛高上飛飛杉 久々野、飛騨一ノ宮、高山、上枝、飛騨国府、飛騨古川、杉崎
0%
久浜諸居東岩大 久谷、浜坂、諸寄、居組、東浜、岩美、大岩
0%
久弥長俊布今鶴 久宝寺口、弥刀、長瀬、俊徳道、布施、今里、鶴橋
0%
久餘鎧香柴佐竹 久谷、餘部、鎧、香住、柴山、佐津、竹野
0%
宮い阿内市赤立 宮地、いこいの村、阿蘇、内牧、市ノ川、赤水、立野
0%
宮阿宮前大玖大 宮内串戸、阿品、宮島口、前空、大野浦、玖波、大竹
0%
宮阿宮廿五新西 宮島口、阿品、宮内串戸、廿日市、五日市、新井口、西広島
0%
宮喜辛大二大大 宮村、喜多、辛皮、大江山口内宮、二俣、大江高校前、大江
0%
宮紀黒海冷加下 宮前、紀三井寺、黒江、海南、冷水浦、加茂郷、下津
0%
宮宮喜辛大二大 宮津、宮村、喜多、辛皮、大江山口内宮、二俣、大江高校前
0%
宮宮南加清日田 宮崎神宮、宮崎、南宮崎、加納、清武、日向沓掛、田野
0%
宮宮蓮日佐日高 宮崎、宮崎神宮、蓮ケ池、日向住吉、佐土原、日向新富、高鍋
0%
宮櫛西花聖津安 宮の陣、櫛原、西鉄久留米、花畑、聖マリア病院前、津福、安武
0%
宮栗丹丹東四西 宮津、栗田、丹後由良、丹後神崎、東雲、四所、西舞鶴
0%
宮古萱本木高清 宮田町、古町、萱町六丁目、本町六丁目、木屋町、高砂町、清水町
0%
宮五学古北大金 宮の陣、五郎丸、学校前、古賀茶屋、北野、大城、金島
0%
宮薩生前喜中瀬 宮ケ浜、薩摩今和泉、生見、前之浜、喜入、中名、瀬々串
0%
宮山伊五二松鳥 宮川、山田上口、伊勢市、五十鈴ケ丘、二見浦、松下、鳥羽
0%
宮小明明斎漕櫛 宮町、小俣、明野、明星、斎宮、漕代、櫛田
0%
宮上山湯矢大仁 宮野、上山口、山口、湯田温泉、矢原、大歳、仁保津
0%
宮仁篠長渡三名 宮野、仁保、篠目、長門峡、渡川、三谷、名草
0%
宮星村郡交河私 宮之阪、星ヶ丘、村野、郡津、交野市、河内森、私市
0%
宮石平佐久河苔 宮本武蔵、石井、平福、佐用、久崎、河野原円心、苔縄
0%
宮前大玖大和岩 宮島口、前空、大野浦、玖波、大竹、和木、岩国
0%
宮大西あ山恋智 宮本武蔵、大原、西粟倉、あわくら温泉、山郷、恋山形、智頭
0%
宮朝朝朝曙曙鴨 宮の奥、朝倉神社前、朝倉駅前、朝倉、曙町、曙町東町、鴨部
0%
宮天岩与京峰網 宮津、天橋立、岩滝口、与謝野、京丹後大宮、峰山、網野
0%
宮南加清日田青 宮崎、南宮崎、加納、清武、日向沓掛、田野、青井岳
0%
宮南田南木運曽 宮崎、南宮崎、田吉、南方、木花、運動公園、曽山寺
0%
宮二指山大西薩 宮ケ浜、二月田、指宿、山川、大山、西大山、薩摩川尻
0%
宮廿五新西横新 宮内串戸、廿日市、五日市、新井口、西広島、横川、新白島
0%
宮廿広山楽佐広 宮内、廿日市市役所前(平良)、広電廿日市、山陽女学園前、楽々園、佐伯区役所前、広電五日市
0%
宮波滝豊玉豊朝 宮地、波野、滝水、豊後荻、玉来、豊後竹田、朝地
0%
宮味端西大三三 宮の陣、味坂、端間、西鉄小郡、大保、三沢、三国が丘
0%
宮蓮日佐日高川 宮崎神宮、蓮ケ池、日向住吉、佐土原、日向新富、高鍋、川南
0%
宮咥宇八中枝伊 宮の奥、咥内、宇治団地前、八代通、中山、枝川、伊野商業前
0%
弓河三後富博米 弓ケ浜、河崎口、三本松口、後藤、富士見町、博労町、米子
0%
弓誕小亀佐津津 弓削、誕生寺、小原、亀甲、佐良山、津山口、津山
0%
弓和大米中高余 弓ケ浜、和田浜、大篠津町、米子空港、中浜、高松町、余子
0%
急広志市江旭荻 急患医療センター前、広小路、志貴野中学校前、市民病院前、江尻、旭ヶ丘、荻布
0%
朽下安城南西小 朽網、下曽根、安部山公園、城野、南小倉、西小倉、小倉
0%
朽苅小行南新築 朽網、苅田、小波瀬西工大前、行橋、南行橋、新田原、築城
0%
球あ安伊下唐安 球場前、あき総合病院前、安芸、伊尾木、下山、唐浜、安田
0%
球一那渡西人大 球泉洞、一勝地、那良口、渡、西人吉、人吉、大畑
0%
球穴赤和西夜香 球場前、穴内、赤野、和食、西分、夜須、香我美
0%
球西福浦弥栄常 球場前、西富井、福井、浦田、弥生、栄、常盤
0%
球白吉海瀬鎌葉 球泉洞、白石、吉尾、海路、瀬戸石、鎌瀬、葉木
0%
牛阿折野高西出 牛ノ浜、阿久根、折口、野田郷、高尾野、西出水、出水
0%
牛下石府鮎蔵佐 牛島、下浦、石井、府中、鮎喰、蔵本、佐古
0%
牛間小小小味田 牛山、間内、小牧口、小牧、小牧原、味岡、田県神社前
0%
牛久バ鍋佐伊神 牛津、久保田、バルーンさが、鍋島、佐賀、伊賀屋、神埼
0%
牛牛梅平鷹久北 牛渕、牛渕団地前、梅本、平井、鷹ノ子、久米、北久米
0%
牛計越越美小市 牛ケ原、計石、越前大宮、越前薬師、美山、小和清水、市波
0%
牛江肥肥肥肥肥 牛津、江北、肥前白石、肥前竜王、肥前鹿島、肥前浜、肥前七浦
0%
牛細芦丸春森福 牛ノ谷、細呂木、芦原温泉、丸岡、春江、森田、福井
0%
牛薩西薩草上川 牛ノ浜、薩摩大川、西方、薩摩高城、草道、上川内、川内
0%
牛新宇矢岡東男 牛田、新安城、宇頭、矢作橋、岡崎公園前、東岡崎、男川
0%
牛知一富豊前中 牛田、知立、一ツ木、富士松、豊明、前後、中京競馬場前
0%
牛梅平鷹久北福 牛渕団地前、梅本、平井、鷹ノ子、久米、北久米、福音寺
0%
牛豊三長江東野 牛久保、豊川、三河一宮、長山、江島、東上、野田城
0%
牛北越越越下柿 牛ケ原、北大野、越前大野、越前田野、越前富田、下唯野、柿ケ島
0%
牛麻鴨西阿学山 牛島、麻植塚、鴨島、西麻植、阿波川島、学、山瀬
0%
居宇琴東宇草常 居能、宇部新川、琴芝、東新川、宇部岬、草江、常盤
0%
居妻長雀小南南 居能、妻崎、長門長沢、雀田、小野田港、南小野田、南中川
0%
居諸浜久餘鎧香 居組、諸寄、浜坂、久谷、餘部、鎧、香住
0%
居東岩大福鳥湖 居組、東浜、岩美、大岩、福部、鳥取、湖山
0%
魚黒生西入泊越 魚津、黒部、生地、西入善、入善、泊、越中宮崎
0%
魚住御石新大西 魚崎、住吉、御影、石屋川、新在家、大石、西灘
0%
魚青深芦打香西 魚崎、青木、深江、芦屋、打出、香櫨園、西宮
0%
魚土東加宝曽ひ 魚住、土山、東加古川、加古川、宝殿、曽根、ひめじ別所
0%
魚東滑水東新富 魚津、東滑川、滑川、水橋、東富山、新富山口、富山
0%
京えええ西小広 京町温泉、えびの、えびの上江、えびの飯野、西小林、小林、広原
0%
京粟瓦中膳錦京 京阪石山、粟津、瓦ヶ浜、中ノ庄、膳所本町、錦、京阪膳所
0%
京錦膳中瓦粟京 京阪膳所、錦、膳所本町、中ノ庄、瓦ヶ浜、粟津、京阪石山
0%
京五四烏丸今鞍 京都、五条、四条、烏丸御池、丸太町、今出川、鞍馬口
0%
京桜朝朝日水水 京セラ前、桜川、朝日大塚、朝日野、日野、水口松尾、水口
0%
京桜天大福野西 京橋、桜ノ宮、天満、大阪、福島、野田、西九条
0%
京三東蹴御山東 京都市役所前、三条京阪、東山、蹴上、御陵、山科、東野
0%
京山大膳石瀬南 京都、山科、大津、膳所、石山、瀬田、南草津
0%
京山大唐比お堅 京都、山科、大津京、唐崎、比叡山坂本、おごと温泉、堅田
0%
京鴫放徳鴻住野 京橋、鴫野、放出、徳庵、鴻池新田、住道、野崎
0%
京西桂向長山島 京都、西大路、桂川、向日町、長岡京、山崎、島本
0%
京石島び三大京 京阪膳所、石場、島ノ関、びわ湖浜大津、三井寺、大津市役所前、京阪大津京
0%
京帯櫟天長柳巻 京終、帯解、櫟本、天理、長柄、柳本、巻向
0%
京大三び島石京 京阪大津京、大津市役所前、三井寺、びわ湖浜大津、島ノ関、石場、京阪膳所
0%
京大松長藤津河 京田辺、大住、松井山手、長尾、藤阪、津田、河内磐船
0%
京大森玉谷松長 京橋、大阪ビジネスパーク、森ノ宮、玉造、谷町六丁目、松屋町、長堀橋
0%
京大森玉鶴桃寺 京橋、大阪城公園、森ノ宮、玉造、鶴橋、桃谷、寺田町
0%
京大大北新海御 京橋、大阪城北詰、大阪天満宮、北新地、新福島、海老江、御幣島
0%
京大長八河五愛 京セラ前、大学前、長谷野、八日市、河辺の森、五箇荘、愛知川
0%
京東十上竹伏近 京都、東寺、十条、上鳥羽口、竹田、伏見、近鉄丹波橋
0%
京梅丹二円花太 京都、梅小路京都西、丹波口、二条、円町、花園、太秦
0%
京米岐名三豊浜 京都、米原、岐阜羽島、名古屋、三河安城、豊橋、浜松
0%
京峰網夕小か久 京丹後大宮、峰山、網野、夕日ヶ浦木津温泉、小天橋、かぶと山、久美浜
0%
京野関森千滝土 京橋、野江、関目、森小路、千林、滝井、土居
0%
京野砥仁香溝福 京口、野里、砥堀、仁豊野、香呂、溝口、福崎
0%
競東萩蓮犬城越 競輪場前、東岩瀬、萩浦小学校前、蓮町(馬場記念公園前)、犬島新町、城川原、越中中島
0%
競北城片香旦平 競馬場前、北方、城野、片野、香春口三萩野、旦過、平和通
0%
共大逢刈野東三 共和、大府、逢妻、刈谷、野田新町、東刈谷、三河安城
0%
共南大笠熱金尾 共和、南大高、大高、笠寺、熱田、金山、尾頭橋
0%
境馬上余高中米 境港、馬場崎町、上道、余子、高松町、中浜、米子空港
0%
教海遠水折陣黒 教育大前、海老津、遠賀川、水巻、折尾、陣原、黒崎
0%
教赤東東福千古 教育大前、赤間、東郷、東福間、福間、千鳥、古賀
0%
橋下隅大五北吉 橋本、下兵庫、隅田、大和二見、五条、北宇智、吉野口
0%
橋紀学九高下上 橋本、紀伊清水、学文路、九度山、高野下、下古沢、上古沢
0%
橋次賀野梅福七 橋本、次郎丸、賀茂、野芥、梅林、福大前、七隈
0%
橋樟牧御枚枚光 橋本、樟葉、牧野、御殿山、枚方市、枚方公園、光善寺
0%
橋石淀中伏丹墨 橋本、石清水八幡宮、淀、中書島、伏見桃山、丹波橋、墨染
0%
狭大金滝千河三 狭山、大阪狭山市、金剛、滝谷、千代田、河内長野、三日市町
0%
興三近狛新木山 興戸、三山木、近鉄宮津、狛田、新祝園、木津川台、山田川
0%
興新富寺久大伊 興戸、新田辺、富野荘、寺田、久津川、大久保、伊勢田
0%
鏡鴨曙曙朝朝朝 鏡川橋、鴨部、曙町東町、曙町、朝倉、朝倉駅前、朝倉神社前
0%
鏡蛍旭旭旭上上 鏡川橋、蛍橋、旭町三丁目、旭駅前通、旭町一丁目、上町五丁目、上町四丁目
0%
暁山保北梅大三 暁学園前、山城、保々、北勢中央公園口、梅戸井、大安、三里
0%
極紀紀上下高九 極楽橋、紀伊神谷、紀伊細川、上古沢、下古沢、高野下、九度山
0%
玉阿西桜な日谷 玉川、阿波座、西長堀、桜川、なんば、日本橋、谷町九丁目
0%
玉伊伊石伊中新 玉之江、伊予小松、伊予氷見、石鎚山、伊予西条、中萩、新居浜
0%
玉奥開西名観苅 玉ノ井、奥町、開明、西一宮、名鉄一宮、観音寺、苅安賀
0%
玉岸花大な四本 玉出、岸里、花園町、大国町、なんば、四ツ橋、本町
0%
玉三飯長長黄長 玉江、三見、飯井、長門三隅、長門市、黄波戸、長門古市
0%
玉山森上丸渕六 玉野、山崎、森上、上丸渕、丸渕、渕高、六輪
0%
玉森大京蒲今横 玉造、森ノ宮、大阪ビジネスパーク、京橋、蒲生四丁目、今福鶴見、横堤
0%
玉森大京桜天大 玉造、森ノ宮、大阪城公園、京橋、桜ノ宮、天満、大阪
0%
玉壬伊伊伊今波 玉之江、壬生川、伊予三芳、伊予桜井、伊予富田、今治、波止浜
0%
玉大長南荒大銀 玉名、大野下、長洲、南荒尾、荒尾、大牟田、銀水
0%
玉谷松長心西西 玉造、谷町六丁目、松屋町、長堀橋、心斎橋、西大橋、西長堀
0%
玉鶴桃寺天新今 玉造、鶴橋、桃谷、寺田町、天王寺、新今宮、今宮
0%
玉乃松東揖荒安 玉造温泉、乃木、松江、東松江、揖屋、荒島、安来
0%
玉萩東越長奈木 玉江、萩、東萩、越ケ浜、長門大井、奈古、木与
0%
玉萩二苅観名西 玉野、萩原、二子、苅安賀、観音寺、名鉄一宮、西一宮
0%
玉肥木田植西崇 玉名、肥後伊倉、木葉、田原坂、植木、西里、崇城大学前
0%
玉豊滝波宮い阿 玉来、豊後荻、滝水、波野、宮地、いこいの村、阿蘇
0%
玉豊朝緒豊三菅 玉来、豊後竹田、朝地、緒方、豊後清川、三重町、菅尾
0%
玉牧野金建福神 玉柏、牧山、野々口、金川、建部、福渡、神目
0%
玉来宍荘直出西 玉造温泉、来待、宍道、荘原、直江、出雲市、西出雲
0%
玉鈴徳中伊河東 玉垣、鈴鹿サーキット稲生、徳田、中瀬古、伊勢上野、河芸、東一身田
0%
玉掖吉北五大隅 玉手、掖上、吉野口、北宇智、五条、大和二見、隅田
0%
錦加隼国霧北大 錦江、加治木、隼人、国分、霧島神宮、北永野田、大隅大川原
0%
錦京石島び三大 錦、京阪膳所、石場、島ノ関、びわ湖浜大津、三井寺、大津市役所前
0%
錦膳中瓦粟京唐 錦、膳所本町、中ノ庄、瓦ヶ浜、粟津、京阪石山、唐橋前
0%
錦帖姶重竜仙鹿 錦江、帖佐、姶良、重富、竜ケ水、仙巌園、鹿児島
0%
錦柳河根清南椋 錦町、柳瀬、河山、根笠、清流みはらし、南桑、椋野
0%
琴榎羽岡栗羽滝 琴電琴平、榎井、羽間、岡田、栗熊、羽床、滝宮
0%
琴塩黒讃坪箸佃 琴平、塩入、黒川、讃岐財田、坪尻、箸蔵、佃
0%
琴潟春沖松今瓦 琴電屋島、潟元、春日川、沖松島、松島二丁目、今橋、瓦町
0%
琴原房塩八大六 琴電志度、原、房前、塩屋、八栗新道、大町、六万寺
0%
琴古八六大八塩 琴電屋島、古高松、八栗、六万寺、大町、八栗新道、塩屋
0%
琴東宇草常床丸 琴芝、東新川、宇部岬、草江、常盤、床波、丸尾
0%
襟佐西土岡日小 襟野々、佐川、西佐川、土佐加茂、岡花、日下、小村神社前
0%
襟斗吾多大須土 襟野々、斗賀野、吾桑、多ノ郷、大間、須崎、土佐新荘
0%
近安新近近マ永 近江高島、安曇川、新旭、近江今津、近江中庄、マキノ、永原
0%
近安能稲河南彦 近江八幡、安土、能登川、稲枝、河瀬、南彦根、彦根
0%
近永マ近近新安 近江塩津、永原、マキノ、近江中庄、近江今津、新旭、安曇川
0%
近駅万道湯神横 近田、駅家、万能倉、道上、湯田村、神辺、横尾
0%
近河高恩法堅安 近鉄八尾、河内山本、高安、恩智、法善寺、堅下、安堂
0%
近霞阿川近新海 近鉄富田、霞ヶ浦、阿倉川、川原町、近鉄四日市、新正、海山道
0%
近久弥長俊布今 近鉄八尾、久宝寺口、弥刀、長瀬、俊徳道、布施、今里
0%
近京大三び島石 近江神宮前、京阪大津京、大津市役所前、三井寺、びわ湖浜大津、島ノ関、石場
0%
近近桑益伊川近 近鉄弥富、近鉄長島、桑名、益生、伊勢朝日、川越富洲原、近鉄富田
0%
近近佐富近戸伏 近鉄長島、近鉄弥富、佐古木、富吉、近鉄蟹江、戸田、伏屋
0%
近近新安近北近 近江中庄、近江今津、新旭、安曇川、近江高島、北小松、近江舞子
0%
近桑益伊川近霞 近鉄長島、桑名、益生、伊勢朝日、川越富洲原、近鉄富田、霞ヶ浦
0%
近戸上新高鵜府 近田、戸手、上戸手、新市、高木、鵜飼、府中
0%
近戸伏近烏黄米 近鉄蟹江、戸田、伏屋、近鉄八田、烏森、黄金、米野
0%
近五築大松真大 近鉄下田、五位堂、築山、大和高田、松塚、真菅、大和八木
0%
近狛新木山高平 近鉄宮津、狛田、新祝園、木津川台、山田川、高の原、平城
0%
近佐富近戸伏近 近鉄弥富、佐古木、富吉、近鉄蟹江、戸田、伏屋、近鉄八田
0%
近三興新富寺久 近鉄宮津、三山木、興戸、新田辺、富野荘、寺田、久津川
0%
近篠野守栗草南 近江八幡、篠原、野洲、守山、栗東、草津、南草津
0%
近出松吉真西江 近永、出目、松丸、吉野生、真土、西ケ方、江川崎
0%
近新安近北近比 近江今津、新旭、安曇川、近江高島、北小松、近江舞子、比良
0%
近新海塩北楠長 近鉄四日市、新正、海山道、塩浜、北楠、楠、長太ノ浦
0%
近新大菖学富東 近鉄奈良、新大宮、大和西大寺、菖蒲池、学園前、富雄、東生駒
0%
近新大平高山木 近鉄奈良、新大宮、大和西大寺、平城、高の原、山田川、木津川台
0%
近深大二伊務北 近永、深田、大内、二名、伊予宮野下、務田、北宇和島
0%
近石清名森三三 近義の里、石才、清児、名越、森、三ツ松、三ヶ山口
0%
近川阿霞近川伊 近鉄四日市、川原町、阿倉川、霞ヶ浦、近鉄富田、川越富洲原、伊勢朝日
0%
近川伊益桑近近 近鉄富田、川越富洲原、伊勢朝日、益生、桑名、近鉄長島、近鉄弥富
0%
近大平暁山保北 近鉄富田、大矢知、平津、暁学園前、山城、保々、北勢中央公園口
0%
近中伊伊高桜菰 近鉄四日市、中川原、伊勢松本、伊勢川島、高角、桜、菰野
0%
近桃向小伊大久 近鉄丹波橋、桃山御陵前、向島、小倉、伊勢田、大久保、久津川
0%
近筒平フ結石田 近鉄郡山、筒井、平端、ファミリー公園前、結崎、石見、田原本
0%
近二関大河安堅 近鉄下田、二上、関屋、大阪教育大前、河内国分、安堂、堅下
0%
近柏関垂大穂西 近江長岡、柏原、関ケ原、垂井、大垣、穂積、西岐阜
0%
近比志蓬和小堅 近江舞子、比良、志賀、蓬莱、和邇、小野、堅田
0%
近富佐近近桑益 近鉄蟹江、富吉、佐古木、近鉄弥富、近鉄長島、桑名、益生
0%
近武平市太新八 近江八幡、武佐、平田、市辺、太郎坊宮前、新八日市、八日市
0%
近伏戸近富佐近 近鉄八田、伏屋、戸田、近鉄蟹江、富吉、佐古木、近鉄弥富
0%
近伏竹上十東京 近鉄丹波橋、伏見、竹田、上鳥羽口、十条、東寺、京都
0%
近米黄烏近伏戸 近鉄名古屋、米野、黄金、烏森、近鉄八田、伏屋、戸田
0%
近北近安新近近 近江舞子、北小松、近江高島、安曇川、新旭、近江今津、近江中庄
0%
近北近比志蓬和 近江高島、北小松、近江舞子、比良、志賀、蓬莱、和邇
0%
近余木高河虎長 近江塩津、余呉、木ノ本、高月、河毛、虎姫、長浜
0%
金鴨里笠大東福 金光、鴨方、里庄、笠岡、大門、東福山、福山
0%
金建福神弓誕小 金川、建部、福渡、神目、弓削、誕生寺、小原
0%
金山名栄東西二 金山、山王、名鉄名古屋、栄生、東枇杷島、西枇杷島、二ツ杁
0%
金小加芦福越敦 金沢、小松、加賀温泉、芦原温泉、福井、越前たけふ、敦賀
0%
金新西倉中庭北 金光、新倉敷、西阿知、倉敷、中庄、庭瀬、北長瀬
0%
金新富黒糸上飯 金沢、新高岡、富山、黒部宇奈月温泉、糸魚川、上越妙高、飯山
0%
金神豊道大大柴 金山、神宮前、豊田本町、道徳、大江、大同町、柴田
0%
金神堀呼桜本本 金山、神宮前、堀田、呼続、桜、本笠寺、本星崎
0%
金人赤ふ市中藤 金田、人見、赤池、ふれあい生力、市場、中泉、藤棚
0%
金畝香桜三巻柳 金橋、畝傍、香久山、桜井、三輪、巻向、柳本
0%
金西熱熱堀妙新 金山、西高蔵、熱田神宮西、熱田神宮伝馬町、堀田、妙音通、新瑞橋
0%
金千羽南敷宝免 金丸、千路、羽咋、南羽咋、敷浪、宝達、免田
0%
金善琴塩黒讃坪 金蔵寺、善通寺、琴平、塩入、黒川、讃岐財田、坪尻
0%
金大狭北萩初白 金剛、大阪狭山市、狭山、北野田、萩原天神、初芝、白鷺
0%
金大北古学五宮 金島、大城、北野、古賀茶屋、学校前、五郎丸、宮の陣
0%
金滝千河三美千 金剛、滝谷、千代田、河内長野、三日市町、美加の台、千早口
0%
金茶別六桜薬薬 金山、茶山、別府、六本松、桜坂、薬院大通、薬院
0%
金鶴千大新勝春 金山、鶴舞、千種、大曽根、新守山、勝川、春日井
0%
金東上矢栄久名 金山、東別院、上前津、矢場町、栄、久屋大通、名古屋城
0%
金桃肥大駒佐西 金石原、桃川、肥前長野、大川野、駒鳴、佐里、西相知
0%
金日六東港築名 金山、日比野、六番町、東海通、港区役所、築地口、名古屋港
0%
金熱笠大南共大 金山、熱田、笠寺、大高、南大高、共和、大府
0%
金能良能徳七和 金丸、能登部、良川、能登二宮、徳田、七尾、和倉温泉
0%
金尾名枇清稲尾 金山、尾頭橋、名古屋、枇杷島、清洲、稲沢、尾張一宮
0%
金夫山大西蔵黒 金武、夫婦石、山谷、大木、西有田、蔵宿、黒川
0%
金野稲荒港中南 金城ふ頭、野跡、稲永、荒子川公園、港北、中島、南荒子
0%
金野牧玉備法岡 金川、野々口、牧山、玉柏、備前原、法界院、岡山
0%
銀吉渡南瀬筑羽 銀水、吉野、渡瀬、南瀬高、瀬高、筑後船小屋、羽犬塚
0%
銀胡八立紙紙原 銀山町、胡町、八丁堀、立町、紙屋町東、紙屋町西、原爆ドーム前
0%
銀胡八立紙本袋 銀山町、胡町、八丁堀、立町、紙屋町東、本通、袋町
0%
銀大荒南長大玉 銀水、大牟田、荒尾、南荒尾、長洲、大野下、玉名
0%
九阿本堺谷森緑 九条、阿波座、本町、堺筋本町、谷町四丁目、森ノ宮、緑橋
0%
九越勝柿下越越 九頭竜湖、越前下山、勝原、柿ケ島、下唯野、越前富田、越前田野
0%
九学紀橋御林紀 九度山、学文路、紀伊清水、橋本、御幸辻、林間田園都市、紀見峠
0%
九京五四烏丸今 九条、京都、五条、四条、烏丸御池、丸太町、今出川
0%
九近筒平フ結石 九条、近鉄郡山、筒井、平端、ファミリー公園前、結崎、石見
0%
九戸枝ス八黒陣 九州工大前、戸畑、枝光、スペースワールド、八幡、黒崎、陣原
0%
九交味新国水市 九品寺交差点、交通局前、味噌天神前、新水前寺駅前、国府、水前寺公園、市立体育館前
0%
九三賀二新波大 九鬼、三木里、賀田、二木島、新鹿、波田須、大泊
0%
九周波糸筑美加 九大学研都市、周船寺、波多江、糸島高校前、筑前前原、美咲が丘、加布里
0%
九城筑篠門長原 九郎原、城戸南蔵院前、筑前山手、篠栗、門松、長者原、原町
0%
九水通熊花辛慶 九品寺交差点、水道町、通町筋、熊本城・市役所前、花畑町、辛島町、慶徳校前
0%
九水通熊花辛西 九品寺交差点、水道町、通町筋、熊本城・市役所前、花畑町、辛島町、西辛島町
0%
九西千伝福出大 九条、西九条、千鳥橋、伝法、福、出来島、大物
0%
九大尾相船三紀 九鬼、大曽根浦、尾鷲、相賀、船津、三野瀬、紀伊長島
0%
九福新し古千福 九産大前、福工大前、新宮中央、ししぶ、古賀、千鳥、福間
0%
倶石福西高高越 倶利伽羅、石動、福岡、西高岡、高岡やぶなみ、高岡、越中大門
0%
倶津森東金西野 倶利伽羅、津幡、森本、東金沢、金沢、西金沢、野々市
0%
玖下中上狩白中 玖村、下深川、中深川、上深川、狩留家、白木山、中三田
0%
玖周米高勝大周 玖珂、周防高森、米川、高水、勝間、大河内、周防久保
0%
玖大前宮阿宮廿 玖波、大野浦、前空、宮島口、阿品、宮内串戸、廿日市
0%
駒苅御和中ハみ 駒ヶ林、苅藻、御崎公園、和田岬、中央市場前、ハーバーランド、みなと元町
0%
駒古道土藤高恵 駒ヶ谷、古市、道明寺、土師ノ里、藤井寺、高鷲、恵我ノ荘
0%
駒佐西肥山鬼唐 駒鳴、佐里、西相知、肥前久保、山本、鬼塚、唐津
0%
駒上二二当磐尺 駒ヶ谷、上ノ太子、二上山、二上神社口、当麻寺、磐城、尺土
0%
駒大肥桃金上伊 駒鳴、大川野、肥前長野、桃川、金石原、上伊万里、伊万里
0%
駒美養美烏大友 駒野、美濃津屋、養老、美濃高田、烏江、大外羽、友江
0%
具国有工平東宿 具同、国見、有岡、工業団地、平田、東宿毛、宿毛
0%
空一円岡挿畑陶 空港通り、一宮、円座、岡本、挿頭丘、畑田、陶
0%
空仏太伏三栗瓦 空港通り、仏生山、太田、伏石、三条、栗林公園、瓦町
0%
隅下橋紀高中妙 隅田、下兵庫、橋本、紀伊山田、高野口、中飯降、妙寺
0%
隅大五北吉掖玉 隅田、大和二見、五条、北宇智、吉野口、掖上、玉手
0%
串喜伊伊伊八春 串、喜多灘、伊予長浜、伊予出石、伊予白滝、八多喜、春賀
0%
串紀古紀紀下太 串本、紀伊姫、古座、紀伊田原、紀伊浦神、下里、太地
0%
串紀田田和江見 串本、紀伊有田、田並、田子、和深、江住、見老津
0%
串神市湯東伊薩 串木野、神村学園前、市来、湯之元、東市来、伊集院、薩摩松元
0%
串日日榎谷南大 串間、日向北方、日向大束、榎原、谷之口、南郷、大堂津
0%
櫛下光島岩田柳 櫛ケ浜、下松、光、島田、岩田、田布施、柳井
0%
櫛宮味端西大三 櫛原、宮の陣、味坂、端間、西鉄小郡、大保、三沢
0%
櫛周生周大勝高 櫛ケ浜、周防花岡、生野屋、周防久保、大河内、勝間、高水
0%
櫛西花聖津安大 櫛原、西鉄久留米、花畑、聖マリア病院前、津福、安武、大善寺
0%
櫛漕斎明明小宮 櫛田、漕代、斎宮、明星、明野、小俣、宮町
0%
櫛天渡薬薬桜六 櫛田神社前、天神南、渡辺通、薬院、薬院大通、桜坂、六本松
0%
櫛徳新福戸富防 櫛ケ浜、徳山、新南陽、福川、戸田、富海、防府
0%
沓五白松加船志 沓掛、五知、白木、松尾、加茂、船津、志摩赤崎
0%
沓上志穴志鵜志 沓掛、上之郷、志摩磯部、穴川、志摩横山、鵜方、志摩神明
0%
窪若家打土土十 窪川、若井、家地川、打井川、土佐大正、土佐昭和、十川
0%
窪若荷伊土佐土 窪川、若井、荷稲、伊与喜、土佐佐賀、佐賀公園、土佐白浜
0%
窪仁六影土安土 窪川、仁井田、六反地、影野、土佐久礼、安和、土佐新荘
0%
熊下佐幸坂大鶴 熊崎、下ノ江、佐志生、幸崎、坂ノ市、大在、鶴崎
0%
熊花辛西洗新蔚 熊本城・市役所前、花畑町、辛島町、西辛島町、洗馬橋、新町、蔚山町
0%
熊祇呉河慶辛花 熊本駅前、祇園橋、呉服町、河原町、慶徳校前、辛島町、花畑町
0%
熊黒三須新堀八 熊本高専前、黒石、三ツ石、須屋、新須屋、堀川、八景水谷
0%
熊上臼津日浅狩 熊崎、上臼杵、臼杵、津久見、日代、浅海井、狩生
0%
熊西川富宇松小 熊本、西熊本、川尻、富合、宇土、松橋、小川
0%
熊西川富宇緑住 熊本、西熊本、川尻、富合、宇土、緑川、住吉
0%
熊大波新二賀三 熊野市、大泊、波田須、新鹿、二木島、賀田、三木里
0%
熊通水九交味新 熊本城・市役所前、通町筋、水道町、九品寺交差点、交通局前、味噌天神前、新水前寺駅前
0%
熊東和東東下久 熊取、東佐野、和泉橋本、東貝塚、東岸和田、下松、久米田
0%
熊日長新和和山 熊取、日根野、長滝、新家、和泉砂川、和泉鳥取、山中渓
0%
熊萩穴森今永三 熊西、萩原、穴生、森下、今池、永犬丸、三ヶ森
0%
熊平南新水東竜 熊本、平成、南熊本、新水前寺、水前寺、東海学園前、竜田口
0%
熊万瀬上東高西 熊山、万富、瀬戸、上道、東岡山、高島、西川原
0%
熊有神紀阿紀鵜 熊野市、有井、神志山、紀伊市木、阿田和、紀伊井田、鵜殿
0%
熊和吉三上有相 熊山、和気、吉永、三石、上郡、有年、相生
0%
隈木串神市湯東 隈之城、木場茶屋、串木野、神村学園前、市来、湯之元、東市来
0%
栗羽滝綾陶畑挿 栗熊、羽床、滝宮、綾川、陶、畑田、挿頭丘
0%
栗栗木屋古八讃 栗林公園北口、栗林、木太町、屋島、古高松南、八栗口、讃岐牟礼
0%
栗三伏太仏空一 栗林公園、三条、伏石、太田、仏生山、空港通り、一宮
0%
栗草南瀬石膳大 栗東、草津、南草津、瀬田、石山、膳所、大津
0%
栗木屋古八讃志 栗林、木太町、屋島、古高松南、八栗口、讃岐牟礼、志度
0%
桑阿見阿阿西羽 桑野、阿波橘、見能林、阿南、阿波中島、西原、羽ノ浦
0%
桑益伊川近霞阿 桑名、益生、伊勢朝日、川越富洲原、近鉄富田、霞ヶ浦、阿倉川
0%
桑茅広上西新伊 桑町、茅町、広小路、上野市、西大手、新居、伊賀上野
0%
桑近近佐富近戸 桑名、近鉄長島、近鉄弥富、佐古木、富吉、近鉄蟹江、戸田
0%
桑四猪市依丸上 桑町、四十九、猪田道、市部、依那古、丸山、上林
0%
桑長弥永蟹春八 桑名、長島、弥富、永和、蟹江、春田、八田
0%
桑播下下多美石 桑名、播磨、下深谷、下野代、多度、美濃松山、石津
0%
郡河国鷹用因智 郡家、河原、国英、鷹狩、用瀬、因幡社、智頭
0%
郡鴨騎荒二武新 郡元、鴨池、騎射場、荒田八幡、二中通、武之橋、新屋敷
0%
郡郡新地松古岡 郡中港、郡中、新川、地蔵町、松前、古泉、岡田
0%
郡自山徳郡万上 郡上八幡、自然園前、山田、徳永、郡上大和、万場、上万場
0%
郡新地松古岡鎌 郡中、新川、地蔵町、松前、古泉、岡田、鎌田
0%
郡相深赤美福大 郡上八幡、相生、深戸、赤池、美並苅安、福野、大矢
0%
郡大法王三河高 郡山、大和小泉、法隆寺、王寺、三郷、河内堅上、高井田
0%
郡中純工唐神市 郡元、中郡、純心学園前、工学部前、唐湊、神田(交通局前)、市立病院前
0%
郡徳山自郡相深 郡上大和、徳永、山田、自然園前、郡上八幡、相生、深戸
0%
郡八因隼安八徳 郡家、八頭高校前、因幡船岡、隼、安部、八東、徳丸
0%
郡万上大大美白 郡上大和、万場、上万場、大中、大島、美濃白鳥、白鳥高原
0%
郡涙南二宇脇笹 郡元、涙橋、南鹿児島駅前、二軒茶屋、宇宿一丁目、脇田、笹貫
0%
刑富月中久古美 刑部、富原、月田、中国勝山、久世、古見、美作落合
0%
形西こ東西三吉 形原、西浦、こどもの国、東幡豆、西幡豆、三河鳥羽、吉良吉田
0%
恵引豊野由南湯 恵良、引治、豊後中村、野矢、由布院、南由布、湯平
0%
恵高藤土道古駒 恵我ノ荘、高鷲、藤井寺、土師ノ里、道明寺、古市、駒ヶ谷
0%
恵三三大樫市小 恵比須、三木上の丸、三木、大村、樫山、市場、小野
0%
恵志広緑押栄木 恵比須、志染、広野ゴルフ場前、緑が丘、押部谷、栄、木幡
0%
恵東飯阿飯極岩 恵那、東野、飯沼、阿木、飯羽間、極楽、岩村
0%
恵日長堺北南扇 恵美須町、日本橋、長堀橋、堺筋本町、北浜、南森町、扇町
0%
恵美中落坂田南 恵那、美乃坂本、中津川、落合川、坂下、田立、南木曽
0%
恵武釜瑞土多古 恵那、武並、釜戸、瑞浪、土岐市、多治見、古虎渓
0%
恵豊北杉天豊豊 恵良、豊後森、北山田、杉河内、天ケ瀬、豊後中川、豊後三芳
0%
慶河呉祇熊二田 慶徳校前、河原町、呉服町、祇園橋、熊本駅前、二本木口、田崎橋
0%
慶辛花熊通水九 慶徳校前、辛島町、花畑町、熊本城・市役所前、通町筋、水道町、九品寺交差点
0%
敬都江浅黒石温 敬川、都野津、江津、浅利、黒松、石見福光、温泉津
0%
桂向長山島高摂 桂川、向日町、長岡京、山崎、島本、高槻、摂津富田
0%
桂筑九城筑篠門 桂川、筑前大分、九郎原、城戸南蔵院前、筑前山手、篠栗、門松
0%
桂天飯新浦鯰小 桂川、天道、飯塚、新飯塚、浦田、鯰田、小竹
0%
桂洛東西長西大 桂、洛西口、東向日、西向日、長岡天神、西山天王山、大山崎
0%
畦一平多鼓鶯滝 畦野、一の鳥居、平野、多田、鼓滝、鶯の森、滝山
0%
経石首儀市古お 経塚、石嶺、首里、儀保、市立病院前、古島、おもろまち
0%
経電電東荻長新 経田、電鉄石田、電鉄黒部、東三日市、荻生、長屋、新黒部
0%
蛍旭旭旭上上上 蛍橋、旭町三丁目、旭駅前通、旭町一丁目、上町五丁目、上町四丁目、上町二丁目
0%
蛍鏡鴨曙曙朝朝 蛍橋、鏡川橋、鴨部、曙町東町、曙町、朝倉、朝倉駅前
0%
蛍柴少千山万宇 蛍池、柴原阪大前、少路、千里中央、山田、万博記念公園、宇野辺
0%
蛍新新諏市め浜 蛍茶屋、新中川町、新大工町、諏訪神社、市役所、めがね橋、浜町アーケード
0%
蛍新新諏市桜長 蛍茶屋、新中川町、新大工町、諏訪神社、市役所、桜町、長崎駅前
0%
蛍豊岡曽服庄三 蛍池、豊中、岡町、曽根、服部天神、庄内、三国
0%
計医市み中ポ貿 計算科学センター、医療センター、市民広場、みなとじま、中公園、ポートターミナル、貿易センター
0%
計越越美小市越 計石、越前大宮、越前薬師、美山、小和清水、市波、越前高田
0%
計牛北越越越下 計石、牛ケ原、北大野、越前大野、越前田野、越前富田、下唯野
0%
警勝大県市南松 警察署前、勝山町、大街道、県庁前、市役所前、南堀端、松山市駅
0%
警勝大県市南西 警察署前、勝山町、大街道、県庁前、市役所前、南堀端、西堀端
0%
警上平赤鉄清高 警察署前、上一万、平和通一丁目、赤十字病院前、鉄砲町、清水町、高砂町
0%
穴球あ安伊下唐 穴内、球場前、あき総合病院前、安芸、伊尾木、下山、唐浜
0%
穴志上沓五白松 穴川、志摩磯部、上之郷、沓掛、五知、白木、松尾
0%
穴滋南近京大三 穴太、滋賀里、南滋賀、近江神宮前、京阪大津京、大津市役所前、三井寺
0%
穴小貞阿江三阿 穴吹、小島、貞光、阿波半田、江口、三加茂、阿波加茂
0%
穴森今永三西通 穴生、森下、今池、永犬丸、三ヶ森、西山、通谷
0%
穴赤和西夜香あ 穴内、赤野、和食、西分、夜須、香我美、あかおか
0%
穴川阿山学阿西 穴吹、川田、阿波山川、山瀬、学、阿波川島、西麻植
0%
穴能西能笠田和 穴水、能登鹿島、西岸、能登中島、笠師保、田鶴浜、和倉温泉
0%
結フ平筒近九西 結崎、ファミリー公園前、平端、筒井、近鉄郡山、九条、西ノ京
0%
結石田笠新大八 結崎、石見、田原本、笠縫、新ノ口、大和八木、八木西口
0%
月開布小上朝南 月岡、開発、布市、小杉、上堀、朝菜町、南富山
0%
月須山須山滝東 月見山、須磨寺、山陽須磨、須磨浦公園、山陽塩屋、滝の茶屋、東垂水
0%
月中久古美美坪 月田、中国勝山、久世、古見、美作落合、美作追分、坪井
0%
月島伊佐新柘加 月ケ瀬口、島ケ原、伊賀上野、佐那具、新堂、柘植、加太
0%
健健動健神八商 健軍町、健軍交番前、動植物園入口、健軍校前、神水交差点、八丁馬場、商業高校前
0%
健神八商市水国 健軍校前、神水交差点、八丁馬場、商業高校前、市立体育館前、水前寺公園、国府
0%
健動健神八商市 健軍交番前、動植物園入口、健軍校前、神水交差点、八丁馬場、商業高校前、市立体育館前
0%
堅お比唐大山京 堅田、おごと温泉、比叡山坂本、唐崎、大津京、山科、京都
0%
堅安河大関二近 堅下、安堂、河内国分、大阪教育大前、関屋、二上、近鉄下田
0%
堅小和蓬志比近 堅田、小野、和邇、蓬莱、志賀、比良、近江舞子
0%
建金野牧玉備法 建部、金川、野々口、牧山、玉柏、備前原、法界院
0%
建福神弓誕小亀 建部、福渡、神目、弓削、誕生寺、小原、亀甲
0%
権伊一井伊伊関 権現前、伊勢八太、一志、井関、伊勢大井、伊勢川口、関ノ宮
0%
犬羽楽田味小小 犬山、羽黒、楽田、田県神社前、味岡、小牧原、小牧
0%
犬犬木扶柏江布 犬山、犬山口、木津用水、扶桑、柏森、江南、布袋
0%
犬三大安津聖花 犬塚、三潴、大善寺、安武、津福、聖マリア病院前、花畑
0%
犬城越粟下奥龍 犬島新町、城川原、越中中島、粟島(大阪屋ショップ前)、下奥井、奥田中学校前、龍谷富山高校前(永楽町)
0%
犬菅三豊緒朝豊 犬飼、菅尾、三重町、豊後清川、緒方、朝地、豊後竹田
0%
犬大八蒲矢西徳 犬塚、大溝、八丁牟田、蒲池、矢加部、西鉄柳川、徳益
0%
犬竹中大敷滝大 犬飼、竹中、中判田、大分大学前、敷戸、滝尾、大分
0%
犬富善西可日新 犬山、富岡前、善師野、西可児、可児川、日本ライン今渡、新可児
0%
絹滝鶯鼓多平一 絹延橋、滝山、鶯の森、鼓滝、多田、平野、一の鳥居
0%
県グ枡上上上上 県庁前、グランド通、枡形、上町一丁目、上町二丁目、上町四丁目、上町五丁目
0%
県旭壺奥小赤那 県庁前、旭橋、壺川、奥武山公園、小禄、赤嶺、那覇空港
0%
県宇宇宇宇海元 県病院前、宇品二丁目、宇品三丁目、宇品四丁目、宇品五丁目、海岸通、元宇品口
0%
県広皆御広日鷹 県病院前、広大附属学校前、皆実町六丁目、御幸橋、広電本社前、日赤病院前、鷹野橋
0%
県高文介新東田 県立美術館通、高須、文珠通、介良通、新木、東新木、田辺島通
0%
県城新白牛不祇 県庁前、城北、新白島、白島、牛田、不動院前、祇園新橋北
0%
県新富電地電桜 県庁前、新富町、富山駅、電鉄富山駅・エスタ前、地鉄ビル前、電気ビル前、桜橋
0%
県西葛知知知知 県立美術館通、西高須、葛島橋東詰、知寄町三丁目、知寄町、知寄町二丁目、知寄町一丁目
0%
県大勝警上南道 県庁前、大街道、勝山町、警察署前、上一万、南町、道後公園
0%
県大勝警上平赤 県庁前、大街道、勝山町、警察署前、上一万、平和通一丁目、赤十字病院前
0%
県美牧安お古市 県庁前、美栄橋、牧志、安里、おもろまち、古島、市立病院前
0%
県本杉段蔚新洗 県立体育館前、本妙寺入口、杉塘、段山町、蔚山町、新町、洗馬橋
0%
見阿阿西羽立阿 見能林、阿南、阿波中島、西原、羽ノ浦、立江、阿波赤石
0%
見阿桑新阿由田 見能林、阿波橘、桑野、新野、阿波福井、由岐、田井ノ浜
0%
見江和田田紀串 見老津、江住、和深、田子、田並、紀伊有田、串本
0%
見田牛牛梅平鷹 見奈良、田窪、牛渕、牛渕団地前、梅本、平井、鷹ノ子
0%
見南阿中南阿加 見晴台、南阿蘇白川水源、阿蘇白川、中松、南阿蘇水の生まれる里白水高原、阿蘇下田城、加勢
0%
賢志鵜志穴志上 賢島、志摩神明、鵜方、志摩横山、穴川、志摩磯部、上之郷
0%
元海宇宇宇宇県 元宇品口、海岸通、宇品五丁目、宇品四丁目、宇品三丁目、宇品二丁目、県病院前
0%
元三春岩西大新 元町、三宮、春日野道、岩屋、西灘、大石、新在家
0%
元水西高池農平 元山、水田、西前田、高田、池戸、農学部前、平木
0%
元西高新大高西 元町、西元町、高速神戸、新開地、大開、高速長田、西代
0%
元茶一修宝三八 元田中、茶山・京都芸術大学、一乗寺、修学院、宝ケ池、三宅八幡、八瀬比叡山口
0%
元東萩南一菜生 元山上口、東山、萩の台、南生駒、一分、菜畑、生駒
0%
元木林花瓦片高 元山、木太東口、林道、花園、瓦町、片原町、高松築港
0%
原け基弥田鳥肥 原田、けやき台、基山、弥生が丘、田代、鳥栖、肥前旭
0%
原三光武竜東水 原水、三里木、光の森、武蔵塚、竜田口、東海学園前、水前寺
0%
原紙紙立八胡銀 原爆ドーム前、紙屋町西、紙屋町東、立町、八丁堀、胡町、銀山町
0%
原紙本袋中市鷹 原爆ドーム前、紙屋町西、本通、袋町、中電前、市役所前、鷹野橋
0%
原大浦茂スス八 原爆資料館、大学病院、浦上駅前、茂里町、スタジアムシティノース、スタジアムシティサウス、八千代町
0%
原長門篠筑城九 原町、長者原、門松、篠栗、筑前山手、城戸南蔵院前、九郎原
0%
原天二都水大春 原田、天拝山、二日市、都府楼南、水城、大野城、春日
0%
原肥瀬立赤市内 原水、肥後大津、瀬田、立野、赤水、市ノ川、内牧
0%
原平大浦岩長若 原爆資料館、平和公園、大橋、浦上車庫、岩屋橋、長崎大学、若葉町
0%
原本十寺別横横 原爆ドーム前、本川町、十日市町、寺町、別院前、横川一丁目、横川駅
0%
原本十土舟舟舟 原爆ドーム前、本川町、十日市町、土橋、舟入町、舟入本町、舟入幸町
0%
原本十土小天観 原爆ドーム前、本川町、十日市町、土橋、小網町、天満町、観音町
0%
厳岩相本山鬼唐 厳木、岩屋、相知、本牟田部、山本、鬼塚、唐津
0%
厳多中東小久バ 厳木、多久、中多久、東多久、小城、久保田、バルーンさが
0%
源崎犀東新豊今 源じいの森、崎山、犀川、東犀川三四郎、新豊津、豊津、今川河童
0%
源油赤内柿勾上 源じいの森、油須原、赤、内田、柿下温泉口、勾金、上伊田
0%
玄城竹佐柴香鎧 玄武洞、城崎温泉、竹野、佐津、柴山、香住、鎧
0%
現肥市喜西諫東 現川、肥前古賀、市布、喜々津、西諫早、諫早、東諫早
0%
古お安牧美県旭 古島、おもろまち、安里、牧志、美栄橋、県庁前、旭橋
0%
古し新福九香千 古賀、ししぶ、新宮中央、福工大前、九産大前、香椎、千早
0%
古衣西山三港梅 古町、衣山、西衣山、山西、三津、港山、梅津寺
0%
古岡鎌余土土松 古泉、岡田、鎌田、余戸、土居田、土橋、松山市
0%
古屋木栗栗昭高 古高松南、屋島、木太町、栗林、栗林公園北口、昭和町、高松
0%
古萱本木高清鉄 古町、萱町六丁目、本町六丁目、木屋町、高砂町、清水町、鉄砲町
0%
古喜富富川滝汐 古市、喜志、富田林、富田林西口、川西、滝谷不動、汐ノ宮
0%
古紀紀下太湯紀 古座、紀伊田原、紀伊浦神、下里、太地、湯川、紀伊勝浦
0%
古紀串紀田田和 古座、紀伊姫、串本、紀伊有田、田並、田子、和深
0%
古久中月富刑丹 古見、久世、中国勝山、月田、富原、刑部、丹治部
0%
古琴潟春沖松今 古高松、琴電屋島、潟元、春日川、沖松島、松島二丁目、今橋
0%
古駒上二二当磐 古市、駒ヶ谷、上ノ太子、二上山、二上神社口、当麻寺、磐城
0%
古吾阿愛諫釜森 古部、吾妻、阿母崎、愛野、諫早東高校、釜ノ鼻、森山
0%
古高東広福西観 古江、高須、東高須、広電西広島(己斐)、福島町、西観音町、観音町
0%
古市儀首石経浦 古島、市立病院前、儀保、首里、石嶺、経塚、浦添前田
0%
古西土浮海土有 古津賀、西大方、土佐入野、浮鞭、海の王迎、土佐上川口、有井川
0%
古千福東東赤教 古賀、千鳥、福間、東福間、東郷、赤間、教育大前
0%
古草草商井修広 古江、草津、草津南、商工センター入口、井口、修大協創中高前、広電五日市
0%
古草藍相広新三 古市、草野、藍本、相野、広野、新三田、三田
0%
古多土瑞釜武恵 古虎渓、多治見、土岐市、瑞浪、釜戸、武並、恵那
0%
古大萱寝香光枚 古川橋、大和田、萱島、寝屋川市、香里園、光善寺、枚方公園
0%
古大西神多有大 古部、大正、西郷、神代、多比良、有明湯江、大三東
0%
古大緑七梅上中 古市橋、大町、緑井、七軒茶屋、梅林、上八木、中島
0%
古中下上白下飛 古井、中川辺、下麻生、上麻生、白川口、下油井、飛騨金山
0%
古中西祇不牛白 古市、中筋、西原、祇園新橋北、不動院前、牛田、白島
0%
古朝寺尾太新聚 古見、朝倉、寺本、尾張横須賀、太田川、新日鉄前、聚楽園
0%
古長日新大西蒲 古見、長浦、日長、新舞子、大野町、西ノ口、蒲池
0%
古定高神春勝新 古虎渓、定光寺、高蔵寺、神領、春日井、勝川、新守山
0%
古道土藤高恵河 古市、道明寺、土師ノ里、藤井寺、高鷲、恵我ノ荘、河内松原
0%
古南賀豊向鬼小 古国府、南大分、賀来、豊後国分、向之原、鬼瀬、小野屋
0%
古八讃志オ造神 古高松南、八栗口、讃岐牟礼、志度、オレンジタウン、造田、神前
0%
古八六大八塩房 古高松、八栗、六万寺、大町、八栗新道、塩屋、房前
0%
古美坂鵜各蘇那 古井、美濃太田、坂祝、鵜沼、各務ケ原、蘇原、那加
0%
古美美坪美院津 古見、美作落合、美作追分、坪井、美作千代、院庄、津山
0%
古北大金大本上 古賀茶屋、北野、大城、金島、大堰、本郷、上浦
0%
古門西守土滝千 古川橋、門真市、西三荘、守口市、土居、滝井、千林
0%
呼採香一田田池 呼野、採銅所、香春、一本松、田川伊田、田川後藤寺、池尻
0%
呼桜本本鳴左有 呼続、桜、本笠寺、本星崎、鳴海、左京山、有松
0%
呼石志志石城南 呼野、石原町、志井、志井公園、石田、城野、南小倉
0%
呼堀神金山名栄 呼続、堀田、神宮前、金山、山王、名鉄名古屋、栄生
0%
戸安玖下中上狩 戸坂、安芸矢口、玖村、下深川、中深川、上深川、狩留家
0%
戸近駅万道湯神 戸手、近田、駅家、万能倉、道上、湯田村、神辺
0%
戸近富佐近近桑 戸田、近鉄蟹江、富吉、佐古木、近鉄弥富、近鉄長島、桑名
0%
戸上新高鵜府下 戸手、上戸手、新市、高木、鵜飼、府中、下川辺
0%
戸飯江須宇木奈 戸田小浜、飯浦、江崎、須佐、宇田郷、木与、奈古
0%
戸伏近烏黄米近 戸田、伏屋、近鉄八田、烏森、黄金、米野、近鉄名古屋
0%
戸福新徳櫛下光 戸田、福川、新南陽、徳山、櫛ケ浜、下松、光
0%
戸油砺東高福東 戸出、油田、砺波、東野尻、高儀、福野、東石黒
0%
湖園一伊津高松 湖遊館新駅、園、一畑口、伊野灘、津ノ森、高ノ宮、松江フォーゲルパーク
0%
湖鳥福大岩東居 湖山、鳥取、福部、大岩、岩美、東浜、居組
0%
湖鳥末宝浜青泊 湖山、鳥取大学前、末恒、宝木、浜村、青谷、泊
0%
湖布雲旅美大川 湖遊館新駅、布崎、雲州平田、旅伏、美談、大寺、川跡
0%
胡下和安立山綾 胡麻、下山、和知、安栖里、立木、山家、綾部
0%
胡八立紙紙原本 胡町、八丁堀、立町、紙屋町東、紙屋町西、原爆ドーム前、本川町
0%
胡八立紙本袋中 胡町、八丁堀、立町、紙屋町東、本通、袋町、中電前
0%
菰桜高伊伊中近 菰野、桜、高角、伊勢川島、伊勢松本、中川原、近鉄四日市
0%
虎河高木余近新 虎姫、河毛、高月、木ノ本、余呉、近江塩津、新疋田
0%
鼓磯千豊白高江 鼓ヶ浦、磯山、千里、豊津上野、白塚、高田本山、江戸橋
0%
鼓多平一畦山笹 鼓滝、多田、平野、一の鳥居、畦野、山下、笹部
0%
五愛豊尼高彦ひ 五箇荘、愛知川、豊郷、尼子、高宮、彦根口、ひこね芹川
0%
五伊山宮田外多 五十鈴ケ丘、伊勢市、山田上口、宮川、田丸、外城田、多気
0%
五榎下釜沢岩横 五百石、榎町、下段、釜ヶ淵、沢中山、岩峅寺、横江
0%
五岡田二道神横 五社、岡場、田尾寺、二郎、道場南口、神鉄道場、横山
0%
五河八長大京桜 五箇荘、河辺の森、八日市、長谷野、大学前、京セラ前、桜川
0%
五学古北大金大 五郎丸、学校前、古賀茶屋、北野、大城、金島、大堰
0%
五近二関大河安 五位堂、近鉄下田、二上、関屋、大阪教育大前、河内国分、安堂
0%
五沓上志穴志鵜 五知、沓掛、上之郷、志摩磯部、穴川、志摩横山、鵜方
0%
五佐日津町六渕 五ノ三、佐屋、日比野、津島、町方、六輪、渕高
0%
五財北大北霧国 五十市、財部、北俣、大隅大川原、北永野田、霧島神宮、国分
0%
五坂慈谷宇南郡 五位野、坂之上、慈眼寺、谷山、宇宿、南鹿児島、郡元
0%
五四烏丸今鞍北 五条、四条、烏丸御池、丸太町、今出川、鞍馬口、北大路
0%
五春八伊伊伊喜 五郎、春賀、八多喜、伊予白滝、伊予出石、伊予長浜、喜多灘
0%
五新西横新広天 五日市、新井口、西広島、横川、新白島、広島、天神川
0%
五仁馬湯温石黒 五十猛、仁万、馬路、湯里、温泉津、石見福光、黒松
0%
五西都三餅山青 五十市、西都城、都城、三股、餅原、山之口、青井岳
0%
五静大久波田小 五十猛、静間、大田市、久手、波根、田儀、小田
0%
五大隅下橋紀高 五条、大和二見、隅田、下兵庫、橋本、紀伊山田、高野口
0%
五大出新西観思 五島町、大波止、出島、新地中華街、西浜町、観光通り、思案橋
0%
五築大松真大耳 五位堂、築山、大和高田、松塚、真菅、大和八木、耳成
0%
五長八スス茂浦 五島町、長崎駅前、八千代町、スタジアムシティサウス、スタジアムシティノース、茂里町、浦上駅前
0%
五廿宮阿宮前大 五日市、廿日市、宮内串戸、阿品、宮島口、前空、大野浦
0%
五白松加船志中 五知、白木、松尾、加茂、船津、志摩赤崎、中之郷
0%
五平瀬中喜前生 五位野、平川、瀬々串、中名、喜入、前之浜、生見
0%
五北吉掖玉御大 五条、北宇智、吉野口、掖上、玉手、御所、大和新庄
0%
呉安新広仁安安 呉、安芸阿賀、新広、広、仁方、安芸川尻、安登
0%
呉河慶辛花熊通 呉服町、河原町、慶徳校前、辛島町、花畑町、熊本城・市役所前、通町筋
0%
呉小越高高西福 呉羽、小杉、越中大門、高岡、高岡やぶなみ、西高岡、福岡
0%
呉小水坂矢海向 呉ポートピア、小屋浦、水尻、坂、矢野、海田市、向洋
0%
呉天か吉川呉安 呉ポートピア、天応、かるが浜、吉浦、川原石、呉、安芸阿賀
0%
呉富新東水滑東 呉羽、富山、新富山口、東富山、水橋、滑川、東滑川
0%
吾阿愛諫釜森干 吾妻、阿母崎、愛野、諫早東高校、釜ノ鼻、森山、干拓の里
0%
吾古大西神多有 吾妻、古部、大正、西郷、神代、多比良、有明湯江
0%
吾多大須土安土 吾桑、多ノ郷、大間、須崎、土佐新荘、安和、土佐久礼
0%
吾斗襟佐西土岡 吾桑、斗賀野、襟野々、佐川、西佐川、土佐加茂、岡花
0%
後後後後東住篠 後免町、後免東町、後免中町、後免西町、東工業前、住吉通、篠原
0%
後後後東住篠小 後免東町、後免中町、後免西町、東工業前、住吉通、篠原、小篭通
0%
後後東住篠小長 後免中町、後免西町、東工業前、住吉通、篠原、小篭通、長崎
0%
後後立のよあ香 後免、後免町、立田、のいち、よしかわ、あかおか、香我美
0%
後三河弓和大米 後藤、三本松口、河崎口、弓ケ浜、和田浜、大篠津町、米子空港
0%
後土山土新繁角 後免、土佐長岡、山田西町、土佐山田、新改、繁藤、角茂谷
0%
後土布土薊高入 後免、土佐大津、布師田、土佐一宮、薊野、高知、入明
0%
後東住篠小長明 後免西町、東工業前、住吉通、篠原、小篭通、長崎、明見橋
0%
後立のよあ香夜 後免町、立田、のいち、よしかわ、あかおか、香我美、夜須
0%
御ひ曽宝加東土 御着、ひめじ別所、曽根、宝殿、加古川、東加古川、土山
0%
御岡芦夙西武塚 御影、岡本、芦屋川、夙川、西宮北口、武庫之荘、塚口
0%
御下中赤八浦由 御来屋、下市、中山口、赤碕、八橋、浦安、由良
0%
御海新北大大京 御幣島、海老江、新福島、北新地、大阪天満宮、大阪城北詰、京橋
0%
御顔明新日可西 御嵩口、顔戸、明智、新可児、日本ライン今渡、可児川、西可児
0%
御紀紀広湯藤紀 御坊、紀伊内原、紀伊由良、広川ビーチ、湯浅、藤並、紀伊宮原
0%
御橋紀学九高下 御幸辻、橋本、紀伊清水、学文路、九度山、高野下、下古沢
0%
御玉掖吉北五大 御所、玉手、掖上、吉野口、北宇智、五条、大和二見
0%
御御顔明新日可 御嵩、御嵩口、顔戸、明智、新可児、日本ライン今渡、可児川
0%
御広日鷹市中袋 御幸橋、広電本社前、日赤病院前、鷹野橋、市役所前、中電前、袋町
0%
御荒鶴上大伏丸 御器所、荒畑、鶴舞、上前津、大須観音、伏見、丸の内
0%
御再熊黒三須新 御代志、再春医療センター前、熊本高専前、黒石、三ツ石、須屋、新須屋
0%
御桜瑞瑞新桜鶴 御器所、桜山、瑞穂区役所、瑞穂運動場西、新瑞橋、桜本町、鶴里
0%
御山東椥小醍石 御陵、山科、東野、椥辻、小野、醍醐、石田
0%
御子い井早小矢 御領、子守唄の里高屋、いずえ、井原、早雲の里荏原、小田、矢掛
0%
御寺宿大花妙神 御陵前、寺地町、宿院、大小路、花田口、妙国寺前、神明町
0%
御蹴東三京烏二 御陵、蹴上、東山、三条京阪、京都市役所前、烏丸御池、二条城前
0%
御住魚青深芦打 御影、住吉、魚崎、青木、深江、芦屋、打出
0%
御松松調前鷹今 御厨、松浦発電所前、松浦、調川、前浜、鷹島口、今福
0%
御吹今車高久丸 御器所、吹上、今池、車道、高岳、久屋大通、丸の内
0%
御西東中た西す 御厨、西木場、東田平、中田平、たびら平戸口、西田平、すえたちばな
0%
御石新大西岩春 御影、石屋川、新在家、大石、西灘、岩屋、春日野道
0%
御石水頴松薩白 御領、石垣、水成川、頴娃大川、松ケ浦、薩摩塩屋、白沢
0%
御川い八塩植原 御器所、川名、いりなか、八事、塩釜口、植田、原
0%
御善筑田筑う筑 御井、善導寺、筑後草野、田主丸、筑後吉井、うきは、筑後大石
0%
御道和稲印切岩 御坊、道成寺、和佐、稲原、印南、切目、岩代
0%
御牧樟橋石淀中 御殿山、牧野、樟葉、橋本、石清水八幡宮、淀、中書島
0%
御枚枚光香寝萱 御殿山、枚方市、枚方公園、光善寺、香里園、寝屋川市、萱島
0%
御名名本名藤美 御油、名電赤坂、名電長沢、本宿、名電山中、藤川、美合
0%
御林紀天千美三 御幸辻、林間田園都市、紀見峠、天見、千早口、美加の台、三日市町
0%
御和中ハみ旧三 御崎公園、和田岬、中央市場前、ハーバーランド、みなと元町、旧居留地・大丸前、三宮・花時計前
0%
交岡吉伊山大西 交通センター前、岡崎前、吉礼、伊太祈曽、山東、大池遊園、西山口
0%
交味新国水市商 交通局前、味噌天神前、新水前寺駅前、国府、水前寺公園、市立体育館前、商業高校前
0%
光粟柳伊大浅菊 光洋台、粟井、柳原、伊予北条、大浦、浅海、菊間
0%
光下永志松観越 光明寺、下志比、永平寺口、志比堺、松岡、観音町、越前島橋
0%
光下櫛徳新福戸 光、下松、櫛ケ浜、徳山、新南陽、福川、戸田
0%
光香寝萱大古門 光善寺、香里園、寝屋川市、萱島、大和田、古川橋、門真市
0%
光轟越山越小保 光明寺、轟、越前野中、山王、越前竹原、小舟渡、保田
0%
光笹山畦一平多 光風台、笹部、山下、畦野、一の鳥居、平野、多田
0%
光三原肥瀬立赤 光の森、三里木、原水、肥後大津、瀬田、立野、赤水
0%
光島岩田柳柳大 光、島田、岩田、田布施、柳井、柳井港、大畠
0%
光武竜東水新南 光の森、武蔵塚、竜田口、東海学園前、水前寺、新水前寺、南熊本
0%
光枚枚御牧樟橋 光善寺、枚方公園、枚方市、御殿山、牧野、樟葉、橋本
0%
公井白学平農池 公文明、井戸、白山、学園通り、平木、農学部前、池戸
0%
公大大二大辛喜 公庄、大江、大江高校前、二俣、大江山口内宮、辛皮、喜多
0%
公東あお木一肥 公立病院前、東免田、あさぎり、おかどめ幸福、木上、一武、肥後西村
0%
勾柿内赤油源崎 勾金、柿下温泉口、内田、赤、油須原、源じいの森、崎山
0%
厚宇小厚埴小長 厚東、宇部、小野田、厚狭、埴生、小月、長府
0%
厚四南美重於渋 厚保、四郎ケ原、南大嶺、美祢、重安、於福、渋木
0%
厚小宇厚本嘉新 厚狭、小野田、宇部、厚東、本由良、嘉川、新山口
0%
厚埴小長新幡下 厚狭、埴生、小月、長府、新下関、幡生、下関
0%
厚新徳新広東三 厚狭、新山口、徳山、新岩国、広島、東広島、三原
0%
厚湯厚四南美重 厚狭、湯ノ峠、厚保、四郎ケ原、南大嶺、美祢、重安
0%
厚本嘉新四大防 厚東、本由良、嘉川、新山口、四辻、大道、防府
0%
向伊伊伊内五喜 向井原、伊予大平、伊予中山、伊予立川、内子、五十崎、喜多山
0%
向伊鳥伊南北市 向井原、伊予市、鳥ノ木、伊予横田、南伊予、北伊予、市坪
0%
向井志上中白狩 向原、井原市、志和口、上三田、中三田、白木山、狩留家
0%
向海安中瀬八寺 向洋、海田市、安芸中野、中野東、瀬野、八本松、寺家
0%
向海矢坂水小呉 向洋、海田市、矢野、坂、水尻、小屋浦、呉ポートピア
0%
向鬼小天庄湯南 向之原、鬼瀬、小野屋、天神山、庄内、湯平、南由布
0%
向吉甲上志西三 向原、吉田口、甲立、上川立、志和地、西三次、三次
0%
向高伊下串喜伊 向井原、高野川、伊予上灘、下灘、串、喜多灘、伊予長浜
0%
向小伊大久寺富 向島、小倉、伊勢田、大久保、久津川、寺田、富野荘
0%
向植芦高南愛小 向ヶ丘、植田、芦原、高師、南栄、愛知大学前、小池
0%
向大老杉や豊神 向ヶ丘、大清水、老津、杉山、やぐま台、豊島、神戸
0%
向天広新横西新 向洋、天神川、広島、新白島、横川、西広島、新井口
0%
向桃近伏竹上十 向島、桃山御陵前、近鉄丹波橋、伏見、竹田、上鳥羽口、十条
0%
孝み淡箱鳥尾樽 孝子、みさき公園、淡輪、箱作、鳥取ノ荘、尾崎、樽井
0%
工唐神市中都鹿 工学部前、唐湊、神田(交通局前)、市立病院前、中洲通、都通、鹿児島中央駅前
0%
幸佐下熊上臼津 幸崎、佐志生、下ノ江、熊崎、上臼杵、臼杵、津久見
0%
幸坂大鶴高牧大 幸崎、坂ノ市、大在、鶴崎、高城、牧、大分
0%
幸三三蒲三三愛 幸田、三ケ根、三河塩津、蒲郡、三河三谷、三河大塚、愛知御津
0%
幸相岡西安三東 幸田、相見、岡崎、西岡崎、安城、三河安城、東刈谷
0%
広猿的稲銀胡八 広島駅、猿猴橋町、的場町、稲荷町、銀山町、胡町、八丁堀
0%
広猿的段比比南 広島駅、猿猴橋町、的場町、段原一丁目、比治山下、比治山橋、南区役所前
0%
広皆皆南比比段 広大附属学校前、皆実町六丁目、皆実町二丁目、南区役所前、比治山橋、比治山下、段原一丁目
0%
広皆御広日鷹市 広大附属学校前、皆実町六丁目、御幸橋、広電本社前、日赤病院前、鷹野橋、市役所前
0%
広茅桑四猪市依 広小路、茅町、桑町、四十九、猪田道、市部、依那古
0%
広紀紀御道和稲 広川ビーチ、紀伊由良、紀伊内原、御坊、道成寺、和佐、稲原
0%
広県宇宇宇宇海 広大附属学校前、県病院前、宇品二丁目、宇品三丁目、宇品四丁目、宇品五丁目、海岸通
0%
広元海宇宇宇宇 広島港(宇品)、元宇品口、海岸通、宇品五丁目、宇品四丁目、宇品三丁目、宇品二丁目
0%
広御皆広県宇宇 広電本社前、御幸橋、皆実町六丁目、広大附属学校前、県病院前、宇品二丁目、宇品三丁目
0%
広高日高東万谷 広原、高原、日向前田、高崎新田、東高崎、万ケ塚、谷頭
0%
広佐楽山広廿宮 広電五日市、佐伯区役所前、楽々園、山陽女学園前、広電廿日市、廿日市市役所前(平良)、宮内
0%
広山楽佐広修井 広電廿日市、山陽女学園前、楽々園、佐伯区役所前、広電五日市、修大協創中高前、井口
0%
広志恵三三大樫 広野ゴルフ場前、志染、恵比須、三木上の丸、三木、大村、樫山
0%
広志市江旭荻新 広小路、志貴野中学校前、市民病院前、江尻、旭ヶ丘、荻布、新能町
0%
広修井商草草古 広電五日市、修大協創中高前、井口、商工センター入口、草津南、草津、古江
0%
広小西えええ京 広原、小林、西小林、えびの飯野、えびの上江、えびの、京町温泉
0%
広上薩伊東湯市 広木、上伊集院、薩摩松元、伊集院、東市来、湯之元、市来
0%
広上西中荒桜電 広貫堂前、上本町、西町、中町、荒町、桜橋、電気ビル前
0%
広新安呉川吉か 広、新広、安芸阿賀、呉、川原石、吉浦、かるが浜
0%
広新横三安下古 広島、新白島、横川、三滝、安芸長束、下祇園、古市橋
0%
広新横西新五廿 広島、新白島、横川、西広島、新井口、五日市、廿日市
0%
広新徳新厚新小 広島、新岩国、徳山、新山口、厚狭、新下関、小倉
0%
広仁安安安風安 広、仁方、安芸川尻、安登、安浦、風早、安芸津
0%
広相藍草古南篠 広野、相野、藍本、草野、古市、南矢代、篠山口
0%
広大伴大伴長高 広域公園前、大塚、伴中央、大原、伴、長楽寺、高取
0%
広天向海安中瀬 広島、天神川、向洋、海田市、安芸中野、中野東、瀬野
0%
広天向海矢坂水 広島、天神川、向洋、海田市、矢野、坂、水尻
0%
広東高古草草商 広電西広島(己斐)、東高須、高須、古江、草津、草津南、商工センター入口
0%
広東三新福新岡 広島、東広島、三原、新尾道、福山、新倉敷、岡山
0%
広東北室大西美 広神戸、東赤坂、北大垣、室、大垣、西大垣、美濃青柳
0%
広湯藤紀箕初下 広川ビーチ、湯浅、藤並、紀伊宮原、箕島、初島、下津
0%
広日鷹市中袋本 広電本社前、日赤病院前、鷹野橋、市役所前、中電前、袋町、本通
0%
広福西観天小土 広電西広島(己斐)、福島町、西観音町、観音町、天満町、小網町、土橋
0%
広矢戸安玖下中 広島、矢賀、戸坂、安芸矢口、玖村、下深川、中深川
0%
広緑押栄木木藍 広野ゴルフ場前、緑が丘、押部谷、栄、木幡、木津、藍那
0%
杭千姫淀野福大 杭瀬、千船、姫島、淀川、野田、福島、大阪梅田
0%
杭大尼出尼武鳴 杭瀬、大物、尼崎、出屋敷、尼崎センタープール前、武庫川、鳴尾・武庫川女子大前
0%
江す西た中東西 江迎鹿町、すえたちばな、西田平、たびら平戸口、中田平、東田平、西木場
0%
江ベ花赤商足福 江端、ベル前、花堂、赤十字前、商工会議所前、足羽山公園口、福井城址大名町
0%
江阿貞小穴川阿 江口、阿波半田、貞光、小島、穴吹、川田、阿波山川
0%
江旭荻新米能新 江尻、旭ヶ丘、荻布、新能町、米島口、能町口、新吉久
0%
江羽竹不須南柳 江吉良、羽島市役所前、竹鼻、不破一色、須賀、南宿、柳津
0%
江開西倉東西新 江の浦、開、西鉄渡瀬、倉永、東甘木、西鉄銀水、新栄町
0%
江牛久バ鍋佐伊 江北、牛津、久保田、バルーンさが、鍋島、佐賀、伊賀屋
0%
江見周紀椿紀白 江住、見老津、周参見、紀伊日置、椿、紀伊富田、白浜
0%
江高い潜吉神清 江迎鹿町、高岩、いのつき、潜竜ヶ滝、吉井、神田、清峰高校前
0%
江高白豊千磯鼓 江戸橋、高田本山、白塚、豊津上野、千里、磯山、鼓ヶ浦
0%
江市志広急坂片 江尻、市民病院前、志貴野中学校前、広小路、急患医療センター前、坂下町、片原町
0%
江舟舟舟舟舟土 江波、舟入南、舟入川口町、舟入幸町、舟入本町、舟入町、土橋
0%
江出西出直荘宍 江南、出雲神西、西出雲、出雲市、直江、荘原、宍道
0%
江小田波久大静 江南、小田、田儀、波根、久手、大田市、静間
0%
江清ハ浅泰三鳥 江端、清明、ハーモニーホール、浅水、泰澄の里、三十八社、鳥羽中
0%
江西塩徳西矢蒲 江の浦、西鉄中島、塩塚、徳益、西鉄柳川、矢加部、蒲池
0%
江西山東西播別 江井ヶ島、西江井ヶ島、山陽魚住、東二見、西二見、播磨町、別府
0%
江西真吉松出近 江川崎、西ケ方、真土、吉野生、松丸、出目、近永
0%
江大北高武永三 江北、大町、北方、高橋、武雄温泉、永尾、三間坂
0%
江中藤林西山人 江井ヶ島、中八木、藤江、林崎松江海岸、西新町、山陽明石、人丸前
0%
江長三豊牛小下 江島、長山、三河一宮、豊川、牛久保、小坂井、下地
0%
江津津南久桃伊 江戸橋、津、津新町、南が丘、久居、桃園、伊勢中川
0%
江都敬波久下浜 江津、都野津、敬川、波子、久代、下府、浜田
0%
江東新西中梅淀 江坂、東三国、新大阪、西中島南方、中津、梅田、淀屋橋
0%
江東野新東茶三 江島、東上、野田城、新城、東新町、茶臼山、三河東郷
0%
江柏扶木犬犬犬 江南、柏森、扶桑、木津用水、犬山口、犬山、犬山遊園
0%
江肥肥肥肥肥肥 江北、肥前白石、肥前竜王、肥前鹿島、肥前浜、肥前七浦、肥前飯田
0%
江布石岩大徳西 江南、布袋、石仏、岩倉、大山寺、徳重・名古屋芸大、西春
0%
江武根黒上生上 江尾、武庫、根雨、黒坂、上菅、生山、上石見
0%
江和田田紀串紀 江住、和深、田子、田並、紀伊有田、串本、紀伊姫
0%
港三山西衣古大 港山、三津、山西、西衣山、衣山、古町、大手町
0%
港中南荒小さ名 港北、中島、南荒子、荒子、小本、ささしまライブ、名古屋
0%
溝福甘鶴新寺長 溝口、福崎、甘地、鶴居、新野、寺前、長谷
0%
甲芦さ西甲立尼 甲南山手、芦屋、さくら夙川、西宮、甲子園口、立花、尼崎
0%
甲梶備吉三塩神 甲奴、梶田、備後安田、吉舎、三良坂、塩町、神杉
0%
甲貴三甲石手草 甲南、貴生川、三雲、甲西、石部、手原、草津
0%
甲吉向井志上中 甲立、吉田口、向原、井原市、志和口、上三田、中三田
0%
甲久今西香打芦 甲子園、久寿川、今津、西宮、香櫨園、打出、芦屋
0%
甲高天い朝市水 甲東中学校前、高見馬場、天文館通、いづろ通、朝日通、市役所前、水族館口
0%
甲三貴甲寺甲油 甲西、三雲、貴生川、甲南、寺庄、甲賀、油日
0%
甲上志西三八神 甲立、上川立、志和地、西三次、三次、八次、神杉
0%
甲上備備河中下 甲奴、上下、備後矢野、備後三川、河佐、中畑、下川辺
0%
甲新武二荒騎鴨 甲東中学校前、新屋敷、武之橋、二中通、荒田八幡、騎射場、鴨池
0%
甲西さ芦甲摂住 甲子園口、西宮、さくら夙川、芦屋、甲南山手、摂津本山、住吉
0%
甲摂住六摩灘三 甲南山手、摂津本山、住吉、六甲道、摩耶、灘、三ノ宮
0%
甲鳴武尼出尼大 甲子園、鳴尾・武庫川女子大前、武庫川、尼崎センタープール前、出屋敷、尼崎、大物
0%
荒伊山大的八白 荒井、伊保、山陽曽根、大塩、的形、八家、白浜の宮
0%
荒騎鴨郡涙南二 荒田八幡、騎射場、鴨池、郡元、涙橋、南鹿児島駅前、二軒茶屋
0%
荒吉新生白学学 荒本、吉田、新石切、生駒、白庭台、学研北生駒、学研奈良登美ヶ丘
0%
荒久肥鳥田弥基 荒木、久留米、肥前旭、鳥栖、田代、弥生が丘、基山
0%
荒御川い八塩植 荒畑、御器所、川名、いりなか、八事、塩釜口、植田
0%
荒港中南荒小さ 荒子川公園、港北、中島、南荒子、荒子、小本、ささしまライブ
0%
荒高尾浜別播西 荒井、高砂、尾上の松、浜の宮、別府、播磨町、西二見
0%
荒桜電地電富新 荒町、桜橋、電気ビル前、地鉄ビル前、電鉄富山駅・エスタ前、富山駅、新富町
0%
荒西羽筑瀬南渡 荒木、西牟田、羽犬塚、筑後船小屋、瀬高、南瀬高、渡瀬
0%
荒大銀吉渡南瀬 荒尾、大牟田、銀水、吉野、渡瀬、南瀬高、瀬高
0%
荒中西上広西小 荒町、中町、西町、上本町、広貫堂前、西中野、小泉町
0%
荒鶴上大伏丸浅 荒畑、鶴舞、上前津、大須観音、伏見、丸の内、浅間町
0%
荒南長大玉肥木 荒尾、南荒尾、長洲、大野下、玉名、肥後伊倉、木葉
0%
荒二武新甲高天 荒田八幡、二中通、武之橋、新屋敷、甲東中学校前、高見馬場、天文館通
0%
荒牧下公大大二 荒河かしの木台、牧、下天津、公庄、大江、大江高校前、二俣
0%
荒揖東松乃玉来 荒島、揖屋、東松江、松江、乃木、玉造温泉、来待
0%
行小苅朽下安城 行橋、小波瀬西工大前、苅田、朽網、下曽根、安部山公園、城野
0%
行南新築椎豊宇 行橋、南行橋、新田原、築城、椎田、豊前松江、宇島
0%
行北椋南清根河 行波、北河内、椋野、南桑、清流みはらし、根笠、河山
0%
香あよの立後後 香我美、あかおか、よしかわ、のいち、立田、後免町、後免
0%
香伊西備伊日寒 香登、伊部、西片上、備前片上、伊里、日生、寒河
0%
香一田田池豊西 香春、一本松、田川伊田、田川後藤寺、池尻、豊前川崎、西添田
0%
香鎧餘久浜諸居 香住、鎧、餘部、久谷、浜坂、諸寄、居組
0%
香鬼端国讃鴨八 香西、鬼無、端岡、国分、讃岐府中、鴨川、八十場
0%
香光枚枚御牧樟 香里園、光善寺、枚方公園、枚方市、御殿山、牧野、樟葉
0%
香香舞土伊長酒 香椎、香椎神宮、舞松原、土井、伊賀、長者原、酒殿
0%
香採呼石志志石 香春、採銅所、呼野、石原町、志井、志井公園、石田
0%
香桜三巻柳長天 香久山、桜井、三輪、巻向、柳本、長柄、天理
0%
香柴佐竹城玄豊 香住、柴山、佐津、竹野、城崎温泉、玄武洞、豊岡
0%
香寝萱大古門西 香里園、寝屋川市、萱島、大和田、古川橋、門真市、西三荘
0%
香西香唐和三西 香椎宮前、西鉄香椎、香椎花園前、唐の原、和白、三苫、西鉄新宮
0%
香西今久甲鳴武 香櫨園、西宮、今津、久寿川、甲子園、鳴尾・武庫川女子大前、武庫川
0%
香打芦深青魚住 香櫨園、打出、芦屋、深江、青木、魚崎、住吉
0%
香長邑大西大東 香登、長船、邑久、大富、西大寺、大多羅、東岡山
0%
香舞土伊長酒須 香椎神宮、舞松原、土井、伊賀、長者原、酒殿、須恵
0%
香夜西和赤穴球 香我美、夜須、西分、和食、赤野、穴内、球場前
0%
高い潜吉神清佐 高岩、いのつき、潜竜ヶ滝、吉井、神田、清峰高校前、佐々
0%
高み詫津海多讃 高瀬、みの、詫間、津島ノ宮、海岸寺、多度津、讃岐塩屋
0%
高旭円入高薊土 高知商業前、旭、円行寺口、入明、高知、薊野、土佐一宮
0%
高芦植向大老杉 高師、芦原、植田、向ヶ丘、大清水、老津、杉山
0%
高綾山立安和下 高津、綾部、山家、立木、安栖里、和知、下山
0%
高綾神妙花大宿 高須神社、綾ノ町、神明町、妙国寺前、花田口、大小路、宿院
0%
高綾淵梅真西東 高津、綾部、淵垣、梅迫、真倉、西舞鶴、東舞鶴
0%
高伊立下卯上伊 高光、伊予吉田、立間、下宇和、卯之町、上宇和、伊予石城
0%
高羽浜諏石湊堺 高石、羽衣、浜寺公園、諏訪ノ森、石津川、湊、堺
0%
高鵜府下中河備 高木、鵜飼、府中、下川辺、中畑、河佐、備後三川
0%
高越小呉富新東 高岡、越中大門、小杉、呉羽、富山、新富山口、東富山
0%
高越能伏越雨島 高岡、越中中川、能町、伏木、越中国分、雨晴、島尾
0%
高恩法堅安河大 高安、恩智、法善寺、堅下、安堂、河内国分、大阪教育大前
0%
高加高鹿都中市 高見馬場、加治屋町、高見橋、鹿児島中央駅前、都通、中洲通、市立病院前
0%
高加高天い朝市 高見橋、加治屋町、高見馬場、天文館通、いづろ通、朝日通、市役所前
0%
高加南八巽白坂 高横須賀、加木屋中ノ池、南加木屋、八幡新田、巽ヶ丘、白沢、坂部
0%
高河近久弥長俊 高安、河内山本、近鉄八尾、久宝寺口、弥刀、長瀬、俊徳道
0%
高河恵高藤土道 高見ノ里、河内松原、恵我ノ荘、高鷲、藤井寺、土師ノ里、道明寺
0%
高河虎長田坂米 高月、河毛、虎姫、長浜、田村、坂田、米原
0%
高河三王法大郡 高井田、河内堅上、三郷、王寺、法隆寺、大和小泉、郡山
0%
高紀橋下隅大五 高野口、紀伊山田、橋本、下兵庫、隅田、大和二見、五条
0%
高金畝香桜三巻 高田、金橋、畝傍、香久山、桜井、三輪、巻向
0%
高九学紀橋御林 高野下、九度山、学文路、紀伊清水、橋本、御幸辻、林間田園都市
0%
高恵河高布河矢 高鷲、恵我ノ荘、河内松原、高見ノ里、布忍、河内天美、矢田
0%
高県グ枡上上上 高知城前、県庁前、グランド通、枡形、上町一丁目、上町二丁目、上町四丁目
0%
高県西葛知知知 高須、県立美術館通、西高須、葛島橋東詰、知寄町三丁目、知寄町、知寄町二丁目
0%
高見南阿中南阿 高森、見晴台、南阿蘇白川水源、阿蘇白川、中松、南阿蘇水の生まれる里白水高原、阿蘇下田城
0%
高古草草商井修 高須、古江、草津、草津南、商工センター入口、井口、修大協創中高前
0%
高広小西えええ 高原、広原、小林、西小林、えびの飯野、えびの上江、えびの
0%
高江す西た中東 高岩、江迎鹿町、すえたちばな、西田平、たびら平戸口、中田平、東田平
0%
高江津津南久桃 高田本山、江戸橋、津、津新町、南が丘、久居、桃園
0%
高甲新武二荒騎 高見馬場、甲東中学校前、新屋敷、武之橋、二中通、荒田八幡、騎射場
0%
高荒伊山大的八 高砂、荒井、伊保、山陽曽根、大塩、的形、八家
0%
高高越小呉富新 高岡やぶなみ、高岡、越中大門、小杉、呉羽、富山、新富山口
0%
高高蓮は梅桟桟 高知駅前、高知橋、蓮池町通、はりまや橋、梅の辻、桟橋通一丁目、桟橋通二丁目
0%
高山木新狛近三 高の原、山田川、木津川台、新祝園、狛田、近鉄宮津、三山木
0%
高車今吹御桜瑞 高岳、車道、今池、吹上、御器所、桜山、瑞穂区役所
0%
高尺磐当二二上 高田市、尺土、磐城、当麻寺、二上神社口、二上山、上ノ太子
0%
高勝大周生周櫛 高水、勝間、大河内、周防久保、生野屋、周防花岡、櫛ケ浜
0%
高昭栗栗木屋古 高松、昭和町、栗林公園北口、栗林、木太町、屋島、古高松南
0%
高松秋長朝松松 高ノ宮、松江フォーゲルパーク、秋鹿町、長江、朝日ヶ丘、松江イングリッシュガーデン前、松江しんじ湖温泉
0%
高上安毘大古中 高取、上安、安東、毘沙門台、大町、古市、中筋
0%
高上水大西長西 高槻市、上牧、水無瀬、大山崎、西山天王山、長岡天神、西向日
0%
高上飛飛杉飛角 高山、上枝、飛騨国府、飛騨古川、杉崎、飛騨細江、角川
0%
高新上戸近駅万 高木、新市、上戸手、戸手、近田、駅家、万能倉
0%
高新新市各六三 高田橋、新加納、新那加、市民公園前、各務原市役所前、六軒、三柿野
0%
高新二林戸油砺 高岡、新高岡、二塚、林、戸出、油田、砺波
0%
高深緑森谷堺本 高井田、深江橋、緑橋、森ノ宮、谷町四丁目、堺筋本町、本町
0%
高神春勝新大千 高蔵寺、神領、春日井、勝川、新守山、大曽根、千種
0%
高神谷木織本糸 高科、神海、谷汲口、木知原、織部、本巣、糸貫
0%
高清鉄赤平上警 高砂町、清水町、鉄砲町、赤十字病院前、平和通一丁目、上一万、警察署前
0%
高西出米袋水新 高尾野、西出水、出水、米ノ津、袋、水俣、新水俣
0%
高石福上下上梁 高津、石原、福知山、上川口、下夜久野、上夜久野、梁瀬
0%
高川都東美南財 高鍋、川南、都農、東都農、美々津、南日向、財光寺
0%
高太山西今松大 高田、太刀洗、山隈、西太刀洗、今隈、松崎、大板井
0%
高大井雑桜春白 高宮、大橋、井尻、雑餉隈、桜並木、春日原、白木原
0%
高大我安細住住 高須神社、大和川、我孫子道、安立町、細井川、住吉鳥居前、住吉
0%
高大新高西元神 高速長田、大開、新開地、高速神戸、西元町、元町、神戸三宮
0%
高池農平学白井 高田、池戸、農学部前、平木、学園通り、白山、井戸
0%
高中瀬瀬山八篠 高蔵寺、中水野、瀬戸市、瀬戸口、山口、八草、篠原
0%
高中米大和弓河 高松町、中浜、米子空港、大篠津町、和田浜、弓ケ浜、河崎口
0%
高中妙大笠西名 高野口、中飯降、妙寺、大谷、笠田、西笠田、名手
0%
高朝枝伊波小日 高知商業前、朝倉、枝川、伊野、波川、小村神社前、日下
0%
高長伴大伴大広 高取、長楽寺、伴、大原、伴中央、大塚、広域公園前
0%
高津伊一園湖布 高ノ宮、津ノ森、伊野灘、一畑口、園、湖遊館新駅、布崎
0%
高鶴大坂幸佐下 高城、鶴崎、大在、坂ノ市、幸崎、佐志生、下ノ江
0%
高天い朝市水桜 高見馬場、天文館通、いづろ通、朝日通、市役所前、水族館口、桜島桟橋通
0%
高東広福西観天 高須、東高須、広電西広島(己斐)、福島町、西観音町、観音町、天満町
0%
高東上瀬万熊和 高島、東岡山、上道、瀬戸、万富、熊山、和気
0%
高東大西大邑長 高島、東岡山、大多羅、西大寺、大富、邑久、長船
0%
高東砺油戸林二 高儀、東野尻、砺波、油田、戸出、林、二塚
0%
高藤土道古駒上 高鷲、藤井寺、土師ノ里、道明寺、古市、駒ヶ谷、上ノ太子
0%
高尼豊愛五河八 高宮、尼子、豊郷、愛知川、五箇荘、河辺の森、八日市
0%
高日高広小西え 高崎新田、日向前田、高原、広原、小林、西小林、えびの飯野
0%
高日高東万谷日 高原、日向前田、高崎新田、東高崎、万ケ塚、谷頭、日向庄内
0%
高日鍋高神谷木 高尾、日当、鍋原、高科、神海、谷汲口、木知原
0%
高入円旭高朝枝 高知、入明、円行寺口、旭、高知商業前、朝倉、枝川
0%
高梅港三山西衣 高浜、梅津寺、港山、三津、山西、西衣山、衣山
0%
高柏志八久加平 高井田、柏原、志紀、八尾、久宝寺、加美、平野
0%
高白豊千磯鼓白 高田本山、白塚、豊津上野、千里、磯山、鼓ヶ浦、白子
0%
高比本観豊箕川 高瀬、比地大、本山、観音寺、豊浜、箕浦、川之江
0%
高飛久渚飛飛上 高山、飛騨一ノ宮、久々野、渚、飛騨小坂、飛騨宮田、上呂
0%
高備備七山下塩 高、備後庄原、備後三日市、七塚、山ノ内、下和知、塩町
0%
高尾浜別播西東 高砂、尾上の松、浜の宮、別府、播磨町、西二見、東二見
0%
高美三美知美那 高野、美作滝尾、三浦、美作加茂、知和、美作河井、那岐
0%
高彦ひ彦鳥フ米 高宮、彦根口、ひこね芹川、彦根、鳥居本、フジテック前、米原
0%
高富総茨南摂正 高槻市、富田、総持寺、茨木市、南茨木、摂津市、正雀
0%
高布河矢針今北 高見ノ里、布忍、河内天美、矢田、針中野、今川、北田辺
0%
高武永三上有三 高橋、武雄温泉、永尾、三間坂、上有田、有田、三河内
0%
高文介新東田鹿 高須、文珠通、介良通、新木、東新木、田辺島通、鹿児
0%
高平備比備道小 高、平子、備後西城、比婆山、備後落合、道後山、小奴可
0%
高米周玖欽柱川 高水、米川、周防高森、玖珂、欽明路、柱野、川西
0%
高片瓦花林木元 高松築港、片原町、瓦町、花園、林道、木太東口、元山
0%
高片瓦栗三伏太 高松築港、片原町、瓦町、栗林公園、三条、伏石、太田
0%
高北松泉忠春和 高石、北助松、松ノ浜、泉大津、忠岡、春木、和泉大宮
0%
高末片坂急広志 高岡駅、末広町、片原町、坂下町、急患医療センター前、広小路、志貴野中学校前
0%
高免宝敷南羽千 高松、免田、宝達、敷浪、南羽咋、羽咋、千路
0%
高野折阿牛薩西 高尾野、野田郷、折口、阿久根、牛ノ浜、薩摩大川、西方
0%
高蓮は梅桟桟桟 高知橋、蓮池町通、はりまや橋、梅の辻、桟橋通一丁目、桟橋通二丁目、桟橋通三丁目
0%
高六松徳多相佐 高茶屋、六軒、松阪、徳和、多気、相可、佐奈
0%
高薊土布土後土 高知、薊野、土佐一宮、布師田、土佐大津、後免、土佐長岡
0%
鴻住野四忍寝星 鴻池新田、住道、野崎、四条畷、忍ケ丘、寝屋川公園、星田
0%
豪総清倉中庭北 豪渓、総社、清音、倉敷、中庄、庭瀬、北長瀬
0%
豪日美備備木備 豪渓、日羽、美袋、備中広瀬、備中高梁、木野山、備中川面
0%
轟越山越小保発 轟、越前野中、山王、越前竹原、小舟渡、保田、発坂
0%
轟光下永志松観 轟、光明寺、下志比、永平寺口、志比堺、松岡、観音町
0%
国奥大新丸須新 国府宮、奥田、大里、新清洲、丸ノ内、須ヶ口、新川橋
0%
国丸久高車今吹 国際センター、丸の内、久屋大通、高岳、車道、今池、吹上
0%
国御名名本名藤 国府、御油、名電赤坂、名電長沢、本宿、名電山中、藤川
0%
国江八養和梁上 国府、江原、八鹿、養父、和田山、梁瀬、上夜久野
0%
国讃鴨八坂宇丸 国分、讃岐府中、鴨川、八十場、坂出、宇多津、丸亀
0%
国松北北鞍今丸 国際会館、松ヶ崎、北山、北大路、鞍馬口、今出川、丸太町
0%
国新味交九水通 国府、新水前寺駅前、味噌天神前、交通局前、九品寺交差点、水道町、通町筋
0%
国水市商八神健 国府、水前寺公園、市立体育館前、商業高校前、八丁馬場、神水交差点、健軍校前
0%
国鷹用因智土那 国英、鷹狩、用瀬、因幡社、智頭、土師、那岐
0%
国島妙名今石新 国府宮、島氏永、妙興寺、名鉄一宮、今伊勢、石刀、新木曽川
0%
国隼加錦帖姶重 国分、隼人、加治木、錦江、帖佐、姶良、重富
0%
黒魚東滑水東新 黒部、魚津、東滑川、滑川、水橋、東富山、新富山口
0%
黒根武江伯岸伯 黒坂、根雨、武庫、江尾、伯耆溝口、岸本、伯耆大山
0%
黒三須新堀八亀 黒石、三ツ石、須屋、新須屋、堀川、八景水谷、亀井
0%
黒讃坪箸佃阿三 黒川、讃岐財田、坪尻、箸蔵、佃、阿波池田、三縄
0%
黒志平大ナ砂茶 黒川、志賀本通、平安通、大曽根、ナゴヤドーム前矢田、砂田橋、茶屋ヶ坂
0%
黒上生上新足備 黒坂、上菅、生山、上石見、新郷、足立、備中神代
0%
黒新石今名妙島 黒田、新木曽川、石刀、今伊勢、名鉄一宮、妙興寺、島氏永
0%
黒陣折水遠海教 黒崎、陣原、折尾、水巻、遠賀川、海老津、教育大前
0%
黒生西入泊越市 黒部、生地、西入善、入善、泊、越中宮崎、市振
0%
黒西熊萩穴森今 黒崎駅前、西黒崎、熊西、萩原、穴生、森下、今池
0%
黒石温湯馬仁五 黒松、石見福光、温泉津、湯里、馬路、仁万、五十猛
0%
黒石柏谷下丹篠 黒井、石生、柏原、谷川、下滝、丹波大山、篠山口
0%
黒川小湯宇長滝 黒井村、川棚温泉、小串、湯玉、宇賀本郷、長門二見、滝部
0%
黒浅江都敬波久 黒松、浅利、江津、都野津、敬川、波子、久代
0%
黒蔵西大山夫金 黒川、蔵宿、西有田、大木、山谷、夫婦石、金武
0%
黒但箸池佐大新 黒田、但馬、箸尾、池部、佐味田川、大輪田、新王寺
0%
黒日比新西滝滝 黒田庄、日本へそ公園、比延、新西脇、西脇市、滝、滝野
0%
黒八ス枝戸九西 黒崎、八幡、スペースワールド、枝光、戸畑、九州工大前、西小倉
0%
黒北亀八堀新須 黒髪町、北熊本、亀井、八景水谷、堀川、新須屋、須屋
0%
黒名名久栄矢上 黒川、名城公園、名古屋城、久屋大通、栄、矢場町、上前津
0%
狛近三興新富寺 狛田、近鉄宮津、三山木、興戸、新田辺、富野荘、寺田
0%
狛新木山高平大 狛田、新祝園、木津川台、山田川、高の原、平城、大和西大寺
0%
今芦大弁西野福 今宮、芦原橋、大正、弁天町、西九条、野田、福島
0%
今伊伊伊壬玉伊 今治、伊予富田、伊予桜井、伊予三芳、壬生川、玉之江、伊予小松
0%
今永三西通東筑 今池、永犬丸、三ヶ森、西山、通谷、東中間、筑豊中間
0%
今蒲京大森玉谷 今福鶴見、蒲生四丁目、京橋、大阪ビジネスパーク、森ノ宮、玉造、谷町六丁目
0%
今丸烏四五京九 今出川、丸太町、烏丸御池、四条、五条、京都、九条
0%
今久甲鳴武尼出 今津、久寿川、甲子園、鳴尾・武庫川女子大前、武庫川、尼崎センタープール前、出屋敷
0%
今今松北聖天東 今池、今船、松田町、北天下茶屋、聖天坂、天神ノ森、東玉出
0%
今車高久丸国名 今池、車道、高岳、久屋大通、丸の内、国際センター、名古屋
0%
今松沖春潟琴古 今橋、松島二丁目、沖松島、春日川、潟元、琴電屋島、古高松
0%
今松北聖天東塚 今船、松田町、北天下茶屋、聖天坂、天神ノ森、東玉出、塚西
0%
今新天寺桃鶴玉 今宮、新今宮、天王寺、寺田町、桃谷、鶴橋、玉造
0%
今新天東平加久 今宮、新今宮、天王寺、東部市場前、平野、加美、久宝寺
0%
今新萩天岸帝住 今宮戎、新今宮、萩ノ茶屋、天下茶屋、岸里玉出、帝塚山、住吉東
0%
今森穴萩熊西黒 今池、森下、穴生、萩原、熊西、西黒崎、黒崎駅前
0%
今針矢河布高河 今川、針中野、矢田、河内天美、布忍、高見ノ里、河内松原
0%
今吹御桜瑞瑞新 今池、吹上、御器所、桜山、瑞穂区役所、瑞穂運動場西、新瑞橋
0%
今西香打芦深青 今津、西宮、香櫨園、打出、芦屋、深江、青木
0%
今石新黒木笠岐 今伊勢、石刀、新木曽川、黒田、木曽川堤、笠松、岐南
0%
今千新栄伏名亀 今池、千種、新栄町、栄、伏見、名古屋、亀島
0%
今鷹前調松松御 今福、鷹島口、前浜、調川、松浦、松浦発電所前、御厨
0%
今池覚本東星一 今池、池下、覚王山、本山、東山公園、星ヶ丘、一社
0%
今鶴谷日な桜西 今里、鶴橋、谷町九丁目、日本橋、なんば、桜川、西長堀
0%
今天豊柳豊宇西 今津、天津、豊前善光寺、柳ケ浦、豊前長洲、宇佐、西屋敷
0%
今東中吉三宇豊 今津、東中津、中津、吉富、三毛門、宇島、豊前松江
0%
今湯南王武鯖北 今庄、湯尾、南条、王子保、武生、鯖江、北鯖江
0%
今波波大伊菊浅 今治、波止浜、波方、大西、伊予亀岡、菊間、浅海
0%
今布俊長弥久近 今里、布施、俊徳道、長瀬、弥刀、久宝寺口、近鉄八尾
0%
今福浦波久鳴楠 今福、福島口、浦ノ崎、波瀬、久原、鳴石、楠久
0%
今豊新東犀崎源 今川河童、豊津、新豊津、東犀川三四郎、犀川、崎山、源じいの森
0%
今名妙島国奥大 今伊勢、名鉄一宮、妙興寺、島氏永、国府宮、奥田、大里
0%
今緑鴫蒲関新清 今里、緑橋、鴫野、蒲生四丁目、関目成育、新森古市、清水
0%
根黒上生上新足 根雨、黒坂、上菅、生山、上石見、新郷、足立
0%
根清南椋北行南 根笠、清流みはらし、南桑、椋野、北河内、行波、南河内
0%
根武江伯岸伯東 根雨、武庫、江尾、伯耆溝口、岸本、伯耆大山、東山公園
0%
佐伊神吉中肥新 佐賀、伊賀屋、神埼、吉野ケ里公園、中原、肥前麓、新鳥栖
0%
佐伊島月大笠加 佐那具、伊賀上野、島ケ原、月ケ瀬口、大河原、笠置、加茂
0%
佐下熊上臼津日 佐志生、下ノ江、熊崎、上臼杵、臼杵、津久見、日代
0%
佐海狩浅日津臼 佐伯、海崎、狩生、浅海井、日代、津久見、臼杵
0%
佐海肥た上肥日 佐敷、海浦、肥後田浦、たのうら御立岬公園、上田浦、肥後二見、日奈久温泉
0%
佐亀小誕弓神福 佐良山、亀甲、小原、誕生寺、弓削、神目、福渡
0%
佐吉勝池板阿板 佐古、吉成、勝瑞、池谷、板東、阿波川端、板野
0%
佐襟斗吾多大須 佐川、襟野々、斗賀野、吾桑、多ノ郷、大間、須崎
0%
佐駒大肥桃金上 佐里、駒鳴、大川野、肥前長野、桃川、金石原、上伊万里
0%
佐幸坂大鶴高牧 佐志生、幸崎、坂ノ市、大在、鶴崎、高城、牧
0%
佐広修井商草草 佐伯区役所前、広電五日市、修大協創中高前、井口、商工センター入口、草津南、草津
0%
佐佐中北山泉左 佐世保、佐世保中央、中佐世保、北佐世保、山の田、泉福寺、左石
0%
佐柴香鎧餘久浜 佐津、柴山、香住、鎧、餘部、久谷、浜坂
0%
佐小真棚相大上 佐々、小浦、真申、棚方、相浦、大学、上相浦
0%
佐上直直重宗市 佐伯、上岡、直見、直川、重岡、宗太郎、市棚
0%
佐上美美楢林勝 佐用、上月、美作土居、美作江見、楢原、林野、勝間田
0%
佐清神吉潜い高 佐々、清峰高校前、神田、吉井、潜竜ヶ滝、いのつき、高岩
0%
佐西肥山鬼唐西 佐里、西相知、肥前久保、山本、鬼塚、唐津、西唐津
0%
佐相多徳松六高 佐奈、相可、多気、徳和、松阪、六軒、高茶屋
0%
佐蔵鮎府石下牛 佐古、蔵本、鮎喰、府中、石井、下浦、牛島
0%
佐中北山泉左野 佐世保中央、中佐世保、北佐世保、山の田、泉福寺、左石、野中
0%
佐湯津新水袋米 佐敷、湯浦、津奈木、新水俣、水俣、袋、米ノ津
0%
佐栃川三滝阿伊 佐奈、栃原、川添、三瀬谷、滝原、阿曽、伊勢柏崎
0%
佐鍋バ久牛江肥 佐賀、鍋島、バルーンさが、久保田、牛津、江北、肥前白石
0%
佐鍋バ久小東中 佐賀、鍋島、バルーンさが、久保田、小城、東多久、中多久
0%
佐日高川都東美 佐土原、日向新富、高鍋、川南、都農、東都農、美々津
0%
佐日大早三有上 佐世保、日宇、大塔、早岐、三河内、有田、上有田
0%
佐日津町六渕丸 佐屋、日比野、津島、町方、六輪、渕高、丸渕
0%
佐播三西千播東 佐用、播磨徳久、三日月、西栗栖、千本、播磨新宮、東觜崎
0%
佐富近戸伏近烏 佐古木、富吉、近鉄蟹江、戸田、伏屋、近鉄八田、烏森
0%
佐平石宮大西あ 佐用、平福、石井、宮本武蔵、大原、西粟倉、あわくら温泉
0%
嵯太花円二丹梅 嵯峨嵐山、太秦、花園、円町、二条、丹波口、梅小路京都西
0%
嵯保馬亀並千八 嵯峨嵐山、保津峡、馬堀、亀岡、並河、千代川、八木
0%
左泉山北中佐佐 左石、泉福寺、山の田、北佐世保、中佐世保、佐世保中央、佐世保
0%
左鳴本本桜呼堀 左京山、鳴海、本星崎、本笠寺、桜、呼続、堀田
0%
左有中前豊富一 左京山、有松、中京競馬場前、前後、豊明、富士松、一ツ木
0%
砂ナ大平志黒名 砂田橋、ナゴヤドーム前矢田、大曽根、平安通、志賀本通、黒川、名城公園
0%
砂守金川川白小 砂田橋、守山、金屋、川宮、川村、白沢渓谷、小幡緑地
0%
砂茶自本名八八 砂田橋、茶屋ヶ坂、自由ヶ丘、本山、名古屋大学、八事日赤、八事
0%
再熊黒三須新堀 再春医療センター前、熊本高専前、黒石、三ツ石、須屋、新須屋、堀川
0%
妻長雀小南南目 妻崎、長門長沢、雀田、小野田港、南小野田、南中川、目出
0%
妻白八的大山伊 妻鹿、白浜の宮、八家、的形、大塩、山陽曽根、伊保
0%
採呼石志志石城 採銅所、呼野、石原町、志井、志井公園、石田、城野
0%
採香一田田池豊 採銅所、香春、一本松、田川伊田、田川後藤寺、池尻、豊前川崎
0%
犀崎源油赤内柿 犀川、崎山、源じいの森、油須原、赤、内田、柿下温泉口
0%
犀東新豊今美令 犀川、東犀川三四郎、新豊津、豊津、今川河童、美夜古泉、令和コスタ行橋
0%
斎明明小宮伊宇 斎宮、明星、明野、小俣、宮町、伊勢市、宇治山田
0%
細芦丸春森福越 細呂木、芦原温泉、丸岡、春江、森田、福井、越前花堂
0%
細安我大高綾神 細井川、安立町、我孫子道、大和川、高須神社、綾ノ町、神明町
0%
細住住東塚東天 細井川、住吉鳥居前、住吉、東粉浜、塚西、東玉出、天神ノ森
0%
細切手高新新市 細畑、切通、手力、高田橋、新加納、新那加、市民公園前
0%
菜一南萩東元平 菜畑、一分、南生駒、萩の台、東山、元山上口、平群
0%
菜宝知知知知葛 菜園場町、宝永町、知寄町一丁目、知寄町二丁目、知寄町、知寄町三丁目、葛島橋東詰
0%
在星七穴東大楚 在良、星川、七和、穴太、東員、大泉、楚原
0%
財五西都三餅山 財部、五十市、西都城、都城、三股、餅原、山之口
0%
財南美東都川高 財光寺、南日向、美々津、東都農、都農、川南、高鍋
0%
財日門土旭南延 財光寺、日向市、門川、土々呂、旭ケ丘、南延岡、延岡
0%
財北大北霧国隼 財部、北俣、大隅大川原、北永野田、霧島神宮、国分、隼人
0%
坂阿植半住知成 坂部、阿久比、植大、半田口、住吉町、知多半田、成岩
0%
坂宇丸讃多海津 坂出、宇多津、丸亀、讃岐塩屋、多度津、海岸寺、津島ノ宮
0%
坂鵜各蘇那長岐 坂祝、鵜沼、各務ケ原、蘇原、那加、長森、岐阜
0%
坂角飛杉飛飛上 坂上、角川、飛騨細江、杉崎、飛騨古川、飛騨国府、上枝
0%
坂急広志市江旭 坂下町、急患医療センター前、広小路、志貴野中学校前、市民病院前、江尻、旭ヶ丘
0%
坂五平瀬中喜前 坂之上、五位野、平川、瀬々串、中名、喜入、前之浜
0%
坂幸佐下熊上臼 坂ノ市、幸崎、佐志生、下ノ江、熊崎、上臼杵、臼杵
0%
坂市矢野東備内 坂根、市岡、矢神、野馳、東城、備後八幡、内名
0%
坂慈谷宇南郡鹿 坂之上、慈眼寺、谷山、宇宿、南鹿児島、郡元、鹿児島中央
0%
坂松穴滋南近京 坂本比叡山口、松ノ馬場、穴太、滋賀里、南滋賀、近江神宮前、京阪大津京
0%
坂水小呉天か吉 坂、水尻、小屋浦、呉ポートピア、天応、かるが浜、吉浦
0%
坂打杉猪楡笹東 坂上、打保、杉原、猪谷、楡原、笹津、東八尾
0%
坂大鶴高牧大西 坂ノ市、大在、鶴崎、高城、牧、大分、西大分
0%
坂田長虎河高木 坂田、田村、長浜、虎姫、河毛、高月、木ノ本
0%
坂播天備寒日伊 坂越、播州赤穂、天和、備前福河、寒河、日生、伊里
0%
坂八鴨讃国端鬼 坂出、八十場、鴨川、讃岐府中、国分、端岡、鬼無
0%
坂美古中下上白 坂祝、美濃太田、古井、中川辺、下麻生、上麻生、白川口
0%
坂葉鎌瀬海吉白 坂本、葉木、鎌瀬、瀬戸石、海路、吉尾、白石
0%
坂落中美恵武釜 坂下、落合川、中津川、美乃坂本、恵那、武並、釜戸
0%
阪西門甲仁小逆 阪神国道、西宮北口、門戸厄神、甲東園、仁川、小林、逆瀬川
0%
堺三百上津鳳富 堺市、三国ケ丘、百舌鳥、上野芝、津久野、鳳、富木
0%
堺三百中白初萩 堺東、三国ヶ丘、百舌鳥八幡、中百舌鳥、白鷺、初芝、萩原天神
0%
堺七住住粉岸天 堺、七道、住ノ江、住吉大社、粉浜、岸里玉出、天下茶屋
0%
堺浅我沢住帝岸 堺東、浅香山、我孫子前、沢ノ町、住吉東、帝塚山、岸里玉出
0%
堺浅杉我長鶴南 堺市、浅香、杉本町、我孫子町、長居、鶴ケ丘、南田辺
0%
堺谷森緑深高長 堺筋本町、谷町四丁目、森ノ宮、緑橋、深江橋、高井田、長田
0%
堺本阿九弁朝大 堺筋本町、本町、阿波座、九条、弁天町、朝潮橋、大阪港
0%
堺湊石諏浜羽高 堺、湊、石津川、諏訪ノ森、浜寺公園、羽衣、高石
0%
榊東西伊青伊美 榊原温泉口、東青山、西青山、伊賀上津、青山町、伊賀神戸、美旗
0%
崎源油赤内柿勾 崎山、源じいの森、油須原、赤、内田、柿下温泉口、勾金
0%
崎犀東新豊今美 崎山、犀川、東犀川三四郎、新豊津、豊津、今川河童、美夜古泉
0%
桜ド九西千伝福 桜川、ドーム前、九条、西九条、千鳥橋、伝法、福
0%
桜京大森玉鶴桃 桜ノ宮、京橋、大阪城公園、森ノ宮、玉造、鶴橋、桃谷
0%
桜京大長八河五 桜川、京セラ前、大学前、長谷野、八日市、河辺の森、五箇荘
0%
桜呼堀神金山名 桜、呼続、堀田、神宮前、金山、山王、名鉄名古屋
0%
桜御吹今車高久 桜山、御器所、吹上、今池、車道、高岳、久屋大通
0%
桜荒中西上広西 桜橋、荒町、中町、西町、上本町、広貫堂前、西中野
0%
桜雑井大高西薬 桜並木、雑餉隈、井尻、大橋、高宮、西鉄平尾、薬院
0%
桜三巻柳長天櫟 桜井、三輪、巻向、柳本、長柄、天理、櫟本
0%
桜新瑞瑞桜御吹 桜本町、新瑞橋、瑞穂運動場西、瑞穂区役所、桜山、御器所、吹上
0%
桜水市朝い天高 桜島桟橋通、水族館口、市役所前、朝日通、いづろ通、天文館通、高見馬場
0%
桜瑞瑞新桜鶴野 桜山、瑞穂区役所、瑞穂運動場西、新瑞橋、桜本町、鶴里、野並
0%
桜大長榛室三赤 桜井、大和朝倉、長谷寺、榛原、室生口大野、三本松、赤目口
0%
桜筑津三三大西 桜台、筑紫、津古、三国が丘、三沢、大保、西鉄小郡
0%
桜朝紫西都下白 桜台、朝倉街道、紫、西鉄二日市、都府楼前、下大利、白木原
0%
桜朝朝日水水水 桜川、朝日大塚、朝日野、日野、水口松尾、水口、水口石橋
0%
桜長八スス茂浦 桜町、長崎駅前、八千代町、スタジアムシティサウス、スタジアムシティノース、茂里町、浦上駅前
0%
桜鶴野鳴相神徳 桜本町、鶴里、野並、鳴子北、相生山、神沢、徳重
0%
桜天大福野西弁 桜ノ宮、天満、大阪、福島、野田、西九条、弁天町
0%
桜電地電富新県 桜橋、電気ビル前、地鉄ビル前、電鉄富山駅・エスタ前、富山駅、新富町、県庁前
0%
桜南米桜西西福 桜井、南桜井、米津、桜町前、西尾口、西尾、福地
0%
桜本本鳴左有中 桜、本笠寺、本星崎、鳴海、左京山、有松、中京競馬場前
0%
桜薬薬渡天櫛博 桜坂、薬院大通、薬院、渡辺通、天神南、櫛田神社前、博多
0%
桜六別茶金七福 桜坂、六本松、別府、茶山、金山、七隈、福大前
0%
笹山畦一平多鼓 笹部、山下、畦野、一の鳥居、平野、多田、鼓滝
0%
笹東越千速婦西 笹津、東八尾、越中八尾、千里、速星、婦中鵜坂、西富山
0%
笹南春大水都二 笹原、南福岡、春日、大野城、水城、都府楼南、二日市
0%
笹脇宇二南涙郡 笹貫、脇田、宇宿一丁目、二軒茶屋、南鹿児島駅前、涙橋、郡元
0%
笹楡猪杉打坂角 笹津、楡原、猪谷、杉原、打保、坂上、角川
0%
撮常鳴宇御妙龍 撮影所前、常盤、鳴滝、宇多野、御室仁和寺、妙心寺、龍安寺
0%
札市豊東前東東 札木、市役所前、豊橋公園前、東八町、前畑、東田坂上、東田
0%
薩伊東湯市神串 薩摩松元、伊集院、東市来、湯之元、市来、神村学園前、串木野
0%
薩牛阿折野高西 薩摩大川、牛ノ浜、阿久根、折口、野田郷、高尾野、西出水
0%
薩松頴水石御西 薩摩塩屋、松ケ浦、頴娃大川、水成川、石垣、御領、西頴娃
0%
薩生前喜中瀬平 薩摩今和泉、生見、前之浜、喜入、中名、瀬々串、平川
0%
薩西薩牛阿折野 薩摩高城、西方、薩摩大川、牛ノ浜、阿久根、折口、野田郷
0%
薩西大山指二宮 薩摩川尻、西大山、大山、山川、指宿、二月田、宮ケ浜
0%
薩東開入頴西御 薩摩川尻、東開聞、開聞、入野、頴娃、西頴娃、御領
0%
薩白薩松頴水石 薩摩板敷、白沢、薩摩塩屋、松ケ浦、頴娃大川、水成川、石垣
0%
雑井大高西薬西 雑餉隈、井尻、大橋、高宮、西鉄平尾、薬院、西鉄福岡(天神)
0%
雑桜春白下都西 雑餉隈、桜並木、春日原、白木原、下大利、都府楼前、西鉄二日市
0%
鯖北大越福森春 鯖江、北鯖江、大土呂、越前花堂、福井、森田、春江
0%
三び島石京錦膳 三井寺、びわ湖浜大津、島ノ関、石場、京阪膳所、錦、膳所本町
0%
三阿佃箸坪讃黒 三縄、阿波池田、佃、箸蔵、坪尻、讃岐財田、黒川
0%
三愛西豊二新鷲 三河大塚、愛知御津、西小坂井、豊橋、二川、新所原、鷲津
0%
三安下古大緑七 三滝、安芸長束、下祇園、古市橋、大町、緑井、七軒茶屋
0%
三安西岡相幸三 三河安城、安城、西岡崎、岡崎、相見、幸田、三ケ根
0%
三伊堀光粟柳伊 三津浜、伊予和気、堀江、光洋台、粟井、柳原、伊予北条
0%
三宇豊椎築新南 三毛門、宇島、豊前松江、椎田、築城、新田原、南行橋
0%
三永今森穴萩熊 三ヶ森、永犬丸、今池、森下、穴生、萩原、熊西
0%
三永武高北大江 三間坂、永尾、武雄温泉、高橋、北方、大町、江北
0%
三永末三新新愛 三河上郷、永覚、末野原、三河豊田、新上挙母、新豊田、愛環梅坪
0%
三横神道二田岡 三田本町、横山、神鉄道場、道場南口、二郎、田尾寺、岡場
0%
三王法大郡奈平 三郷、王寺、法隆寺、大和小泉、郡山、奈良、平城山
0%
三黄木六桃観中 三室戸、黄檗、木幡、六地蔵、桃山南口、観月橋、中書島
0%
三河弓和大米中 三本松口、河崎口、弓ケ浜、和田浜、大篠津町、米子空港、中浜
0%
三河高柏志八久 三郷、河内堅上、高井田、柏原、志紀、八尾、久宝寺
0%
三河千滝金大狭 三日市町、河内長野、千代田、滝谷、金剛、大阪狭山市、狭山
0%
三賀二新波大熊 三木里、賀田、二木島、新鹿、波田須、大泊、熊野市
0%
三柿三池東出上 三河槙原、柿平、三河川合、池場、東栄、出馬、上市場
0%
三柿三湯三本長 三河川合、柿平、三河槙原、湯谷温泉、三河大野、本長篠、長篠城
0%
三蒲三三愛西豊 三河塩津、蒲郡、三河三谷、三河大塚、愛知御津、西小坂井、豊橋
0%
三蒲三三幸相岡 三河三谷、蒲郡、三河塩津、三ケ根、幸田、相見、岡崎
0%
三気美東粟西敦 三方、気山、美浜、東美浜、粟野、西敦賀、敦賀
0%
三紀宇那紀紀湯 三輪崎、紀伊佐野、宇久井、那智、紀伊天満、紀伊勝浦、湯川
0%
三紀梅大伊阿滝 三野瀬、紀伊長島、梅ケ谷、大内山、伊勢柏崎、阿曽、滝原
0%
三貴甲寺甲油柘 三雲、貴生川、甲南、寺庄、甲賀、油日、柘植
0%
三祇清七東鳥伏 三条、祇園四条、清水五条、七条、東福寺、鳥羽街道、伏見稲荷
0%
三吉中東今天豊 三毛門、吉富、中津、東中津、今津、天津、豊前善光寺
0%
三吉備梶甲上備 三良坂、吉舎、備後安田、梶田、甲奴、上下、備後矢野
0%
三吉和熊万瀬上 三石、吉永、和気、熊山、万富、瀬戸、上道
0%
三旧みハ中和御 三宮・花時計前、旧居留地・大丸前、みなと元町、ハーバーランド、中央市場前、和田岬、御崎公園
0%
三京烏二二西太 三条京阪、京都市役所前、烏丸御池、二条城前、二条、西大路御池、太秦天神川
0%
三興新富寺久大 三山木、興戸、新田辺、富野荘、寺田、久津川、大久保
0%
三玉萩東越長奈 三見、玉江、萩、東萩、越ケ浜、長門大井、奈古
0%
三九大尾相船三 三木里、九鬼、大曽根浦、尾鷲、相賀、船津、三野瀬
0%
三形西こ東西三 三河鹿島、形原、西浦、こどもの国、東幡豆、西幡豆、三河鳥羽
0%
三恵志広緑押栄 三木上の丸、恵比須、志染、広野ゴルフ場前、緑が丘、押部谷、栄
0%
三犬大八蒲矢西 三潴、犬塚、大溝、八丁牟田、蒲池、矢加部、西鉄柳川
0%
三県大湊上長新 三宮、県庁前、大倉山、湊川公園、上沢、長田、新長田
0%
三光武竜東水新 三里木、光の森、武蔵塚、竜田口、東海学園前、水前寺、新水前寺
0%
三幸相岡西安三 三ケ根、幸田、相見、岡崎、西岡崎、安城、三河安城
0%
三江阿貞小穴川 三加茂、江口、阿波半田、貞光、小島、穴吹、川田
0%
三黒蔵西大山夫 三代橋、黒川、蔵宿、西有田、大木、山谷、夫婦石
0%
三堺浅我沢住帝 三国ヶ丘、堺東、浅香山、我孫子前、沢ノ町、住吉東、帝塚山
0%
三堺浅杉我長鶴 三国ケ丘、堺市、浅香、杉本町、我孫子町、長居、鶴ケ丘
0%
三三愛西豊二新 三河三谷、三河大塚、愛知御津、西小坂井、豊橋、二川、新所原
0%
三三横神道二田 三田、三田本町、横山、神鉄道場、道場南口、二郎、田尾寺
0%
三三割磯上七北 三ツ屋、三口、割出、磯部、上諸江、七ツ屋、北鉄金沢
0%
三三蒲三三愛西 三ケ根、三河塩津、蒲郡、三河三谷、三河大塚、愛知御津、西小坂井
0%
三三蒲三三幸相 三河大塚、三河三谷、蒲郡、三河塩津、三ケ根、幸田、相見
0%
三三恵志広緑押 三木、三木上の丸、恵比須、志染、広野ゴルフ場前、緑が丘、押部谷
0%
三三幸相岡西安 三河塩津、三ケ根、幸田、相見、岡崎、西岡崎、安城
0%
三三三水あ番本 三国港、三国、三国神社、水居、あわら湯のまち、番田、本荘
0%
三三若竹土上豊 三河知立、三河八橋、若林、竹村、土橋、上挙母、豊田市
0%
三三森名清石近 三ヶ山口、三ツ松、森、名越、清児、石才、近義の里
0%
三三水あ番本大 三国、三国神社、水居、あわら湯のまち、番田、本荘、大関
0%
三三大樫市小葉 三木上の丸、三木、大村、樫山、市場、小野、葉多
0%
三三大西端味宮 三国が丘、三沢、大保、西鉄小郡、端間、味坂、宮の陣
0%
三三大北蚊粟内 三口、三ツ屋、大河端、北間、蚊爪、粟ヶ崎、内灘
0%
三三知重刈刈小 三河八橋、三河知立、知立、重原、刈谷、刈谷市、小垣江
0%
三三津筑桜朝紫 三沢、三国が丘、津古、筑紫、桜台、朝倉街道、紫
0%
三山西衣古大松 三津、山西、西衣山、衣山、古町、大手町、松山市
0%
三讃引讃阿板阿 三本松、讃岐白鳥、引田、讃岐相生、阿波大宮、板野、阿波川端
0%
三糸尾東松備福 三原、糸崎、尾道、東尾道、松永、備後赤坂、福山
0%
三若若若加勢小 三松、若狭高浜、若狭和田、若狭本郷、加斗、勢浜、小浜
0%
三若竹土上豊梅 三河八橋、若林、竹村、土橋、上挙母、豊田市、梅坪
0%
三出八出亀出出 三井野原、出雲坂根、八川、出雲横田、亀嵩、出雲三成、出雲八代
0%
三春王六御岡芦 三宮、春日野道、王子公園、六甲、御影、岡本、芦屋川
0%
三春岩西大新石 三宮、春日野道、岩屋、西灘、大石、新在家、石屋川
0%
三庄服曽岡豊蛍 三国、庄内、服部天神、曽根、岡町、豊中、蛍池
0%
三上有三早大日 三間坂、上有田、有田、三河内、早岐、大塔、日宇
0%
三上有相竜網は 三石、上郡、有年、相生、竜野、網干、はりま勝原
0%
三新広相藍草古 三田、新三田、広野、相野、藍本、草野、古市
0%
三新新愛四貝保 三河豊田、新上挙母、新豊田、愛環梅坪、四郷、貝津、保見
0%
三新福新岡相姫 三原、新尾道、福山、新倉敷、岡山、相生、姫路
0%
三森名清石近貝 三ツ松、森、名越、清児、石才、近義の里、貝塚市役所前
0%
三神豊や杉老大 三河田原、神戸、豊島、やぐま台、杉山、老津、大清水
0%
三須安忠安大竹 三原、須波、安芸幸崎、忠海、安芸長浜、大乗、竹原
0%
三須新堀八亀北 三ツ石、須屋、新須屋、堀川、八景水谷、亀井、北熊本
0%
三水あ番本大下 三国神社、水居、あわら湯のまち、番田、本荘、大関、下兵庫こうふく
0%
三水常栄弥浦福 三菱自工前、水島、常盤、栄、弥生、浦田、福井
0%
三菅犬竹中大敷 三重町、菅尾、犬飼、竹中、中判田、大分大学前、敷戸
0%
三西志上甲吉向 三次、西三次、志和地、上川立、甲立、吉田口、向原
0%
三西千播東本太 三日月、西栗栖、千本、播磨新宮、東觜崎、本竜野、太市
0%
三西通東筑希筑 三ヶ森、西山、通谷、東中間、筑豊中間、希望が丘高校前、筑豊香月
0%
三西東こ西形三 三河鳥羽、西幡豆、東幡豆、こどもの国、西浦、形原、三河鹿島
0%
三赤名桔美伊青 三本松、赤目口、名張、桔梗が丘、美旗、伊賀神戸、青山町
0%
三折周西浜下久 三保三隅、折居、周布、西浜田、浜田、下府、久代
0%
三川栃佐相多徳 三瀬谷、川添、栃原、佐奈、相可、多気、徳和
0%
三船相尾大九三 三野瀬、船津、相賀、尾鷲、大曽根浦、九鬼、三木里
0%
三祖阿小大土豊 三縄、祖谷口、阿波川口、小歩危、大歩危、土佐岩原、豊永
0%
三泰浅ハ清江ベ 三十八社、泰澄の里、浅水、ハーモニーホール、清明、江端、ベル前
0%
三大安津聖花西 三潴、大善寺、安武、津福、聖マリア病院前、花畑、西鉄久留米
0%
三大樫市小葉粟 三木、大村、樫山、市場、小野、葉多、粟生
0%
三大京近南滋穴 三井寺、大津市役所前、京阪大津京、近江神宮前、南滋賀、滋賀里、穴太
0%
三大西端味宮櫛 三沢、大保、西鉄小郡、端間、味坂、宮の陣、櫛原
0%
三大鳥長本三湯 三河東郷、大海、鳥居、長篠城、本長篠、三河大野、湯谷温泉
0%
三大梅北保山暁 三里、大安、梅戸井、北勢中央公園口、保々、山城、暁学園前
0%
三滝阿伊大梅紀 三瀬谷、滝原、阿曽、伊勢柏崎、大内山、梅ケ谷、紀伊長島
0%
三丹鶴讃神造オ 三本松、丹生、鶴羽、讃岐津田、神前、造田、オレンジタウン
0%
三知重刈刈小吉 三河知立、知立、重原、刈谷、刈谷市、小垣江、吉浜
0%
三茶東新野東江 三河東郷、茶臼山、東新町、新城、野田城、東上、江島
0%
三長江東野新東 三河一宮、長山、江島、東上、野田城、新城、東新町
0%
三鳥神水西西サ 三十八社、鳥羽中、神明、水落、西山公園、西鯖江、サンドーム西
0%
三津筑桜朝紫西 三国が丘、津古、筑紫、桜台、朝倉街道、紫、西鉄二日市
0%
三渡長篠仁宮上 三谷、渡川、長門峡、篠目、仁保、宮野、上山口
0%
三都西五財北大 三股、都城、西都城、五十市、財部、北俣、大隅大川原
0%
三東広新徳新厚 三原、東広島、広島、新岩国、徳山、新山口、厚狭
0%
三東蹴御山東椥 三条京阪、東山、蹴上、御陵、山科、東野、椥辻
0%
三東野刈逢大共 三河安城、東刈谷、野田新町、刈谷、逢妻、大府、共和
0%
三湯三柿三池東 三河大野、湯谷温泉、三河槙原、柿平、三河川合、池場、東栄
0%
三湯三本長鳥大 三河槙原、湯谷温泉、三河大野、本長篠、長篠城、鳥居、大海
0%
三藤十大若上新 三方、藤井、十村、大鳥羽、若狭有田、上中、新平野
0%
三道武西生宝中 三田、道場、武田尾、西宮名塩、生瀬、宝塚、中山寺
0%
三灘摩六住摂甲 三ノ宮、灘、摩耶、六甲道、住吉、摂津本山、甲南山手
0%
三二名苧羽鵜新 三柿野、二十軒、名電各務原、苧ヶ瀬、羽場、鵜沼宿、新鵜沼
0%
三波石赤網肥住 三角、波多浦、石打ダム、赤瀬、網田、肥後長浜、住吉
0%
三八神塩下山七 三次、八次、神杉、塩町、下和知、山ノ内、七塚
0%
三八神塩三吉備 三次、八次、神杉、塩町、三良坂、吉舎、備後安田
0%
三飯長長黄長人 三見、飯井、長門三隅、長門市、黄波戸、長門古市、人丸
0%
三尾旭印大喜小 三郷、尾張旭、旭前、印場、大森・金城学院前、喜多山、小幡
0%
三美千天紀林御 三日市町、美加の台、千早口、天見、紀見峠、林間田園都市、御幸辻
0%
三美知美那土智 三浦、美作加茂、知和、美作河井、那岐、土師、智頭
0%
三百上津鳳富北 三国ケ丘、百舌鳥、上野芝、津久野、鳳、富木、北信太
0%
三百中白初萩北 三国ヶ丘、百舌鳥八幡、中百舌鳥、白鷺、初芝、萩原天神、北野田
0%
三伏太仏空一円 三条、伏石、太田、仏生山、空港通り、一宮、円座
0%
三宝修一茶元出 三宅八幡、宝ケ池、修学院、一乗寺、茶山・京都芸術大学、元田中、出町柳
0%
三豊牛小下船豊 三河一宮、豊川、牛久保、小坂井、下地、船町、豊橋
0%
三豊緒朝豊玉豊 三重町、豊後清川、緒方、朝地、豊後竹田、玉来、豊後荻
0%
三貿ポ中み市医 三宮、貿易センター、ポートターミナル、中公園、みなとじま、市民広場、医療センター
0%
三北大北中六岡 三河上郷、北野桝塚、大門、北岡崎、中岡崎、六名、岡崎
0%
三本河入白西西 三原、本郷、河内、入野、白市、西高屋、西条
0%
三本長鳥大三茶 三河大野、本長篠、長篠城、鳥居、大海、三河東郷、茶臼山
0%
三末永三北大北 三河豊田、末野原、永覚、三河上郷、北野桝塚、大門、北岡崎
0%
三餅山青田日清 三股、餅原、山之口、青井岳、田野、日向沓掛、清武
0%
三矢小早井い子 三谷、矢掛、小田、早雲の里荏原、井原、いずえ、子守唄の里高屋
0%
三六各市新新高 三柿野、六軒、各務原市役所前、市民公園前、新那加、新加納、高田橋
0%
三和唐香西香西 三苫、和白、唐の原、香椎花園前、西鉄香椎、香椎宮前、西鉄千早
0%
山あ西大宮石平 山郷、あわくら温泉、西粟倉、大原、宮本武蔵、石井、平福
0%
山阿川穴小貞阿 山瀬、阿波山川、川田、穴吹、小島、貞光、阿波半田
0%
山綾高石福上下 山家、綾部、高津、石原、福知山、上川口、下夜久野
0%
山伊吉岡交竈神 山東、伊太祈曽、吉礼、岡崎前、交通センター前、竈山、神前
0%
山伊荒高尾浜別 山陽曽根、伊保、荒井、高砂、尾上の松、浜の宮、別府
0%
山越轟光下永志 山王、越前野中、轟、光明寺、下志比、永平寺口、志比堺
0%
山越小保発比勝 山王、越前竹原、小舟渡、保田、発坂、比島、勝山
0%
山下塩神八三西 山ノ内、下和知、塩町、神杉、八次、三次、西三次
0%
山花岩極飯阿飯 山岡、花白温泉、岩村、極楽、飯羽間、阿木、飯沼
0%
山霞舞西大人山 山陽垂水、霞ヶ丘、舞子公園、西舞子、大蔵谷、人丸前、山陽明石
0%
山学阿西鴨麻牛 山瀬、学、阿波川島、西麻植、鴨島、麻植塚、牛島
0%
山楽佐広修井商 山陽女学園前、楽々園、佐伯区役所前、広電五日市、修大協創中高前、井口、商工センター入口
0%
山玉萩二苅観名 山崎、玉野、萩原、二子、苅安賀、観音寺、名鉄一宮
0%
山金神豊道大大 山王、金山、神宮前、豊田本町、道徳、大江、大同町
0%
山金神堀呼桜本 山王、金山、神宮前、堀田、呼続、桜、本笠寺
0%
山畦一平多鼓鶯 山下、畦野、一の鳥居、平野、多田、鼓滝、鶯の森
0%
山御蹴東三京烏 山科、御陵、蹴上、東山、三条京阪、京都市役所前、烏丸御池
0%
山山玉棚上木平 山城青谷、山城多賀、玉水、棚倉、上狛、木津、平城山
0%
山指二宮薩生前 山川、指宿、二月田、宮ケ浜、薩摩今和泉、生見、前之浜
0%
山自郡相深赤美 山田、自然園前、郡上八幡、相生、深戸、赤池、美並苅安
0%
山七備備高平備 山ノ内、七塚、備後三日市、備後庄原、高、平子、備後西城
0%
山手亀飾妻白八 山陽姫路、手柄、亀山、飾磨、妻鹿、白浜の宮、八家
0%
山上宮仁篠長渡 山口、上山口、宮野、仁保、篠目、長門峡、渡川
0%
山森上丸渕六町 山崎、森上、上丸渕、丸渕、渕高、六輪、町方
0%
山人大西舞霞山 山陽明石、人丸前、大蔵谷、西舞子、舞子公園、霞ヶ丘、山陽垂水
0%
山須山須月東板 山陽塩屋、須磨浦公園、山陽須磨、須磨寺、月見山、東須磨、板宿
0%
山須山滝東山霞 山陽須磨、須磨浦公園、山陽塩屋、滝の茶屋、東垂水、山陽垂水、霞ヶ丘
0%
山西江中藤林西 山陽魚住、西江井ヶ島、江井ヶ島、中八木、藤江、林崎松江海岸、西新町
0%
山西今松大小立 山隈、西太刀洗、今隈、松崎、大板井、小郡、立野
0%
山西林藤中江西 山陽明石、西新町、林崎松江海岸、藤江、中八木、江井ヶ島、西江井ヶ島
0%
山青田日清加南 山之口、青井岳、田野、日向沓掛、清武、加納、南宮崎
0%
山泉左野皆中本 山の田、泉福寺、左石、野中、皆瀬、中里、本山
0%
山大西薩東開入 山川、大山、西大山、薩摩川尻、東開聞、開聞、入野
0%
山大西蔵黒三有 山谷、大木、西有田、蔵宿、黒川、三代橋、有田
0%
山大膳石瀬南草 山科、大津、膳所、石山、瀬田、南草津、草津
0%
山大唐比お堅小 山科、大津京、唐崎、比叡山坂本、おごと温泉、堅田、小野
0%
山滝東山霞舞西 山陽塩屋、滝の茶屋、東垂水、山陽垂水、霞ヶ丘、舞子公園、西舞子
0%
山土後土布土薊 山田西町、土佐長岡、後免、土佐大津、布師田、土佐一宮、薊野
0%
山土新繁角土大 山田西町、土佐山田、新改、繁藤、角茂谷、土佐北川、大杉
0%
山東西播別浜尾 山陽魚住、東二見、西二見、播磨町、別府、浜の宮、尾上の松
0%
山東滝山須山須 山陽垂水、東垂水、滝の茶屋、山陽塩屋、須磨浦公園、山陽須磨、須磨寺
0%
山東椥小醍石六 山科、東野、椥辻、小野、醍醐、石田、六地蔵
0%
山湯矢大仁上周 山口、湯田温泉、矢原、大歳、仁保津、上郷、周防下郷
0%
山徳郡万上大大 山田、徳永、郡上大和、万場、上万場、大中、大島
0%
山南千関豊吹下 山田、南千里、千里山、関大前、豊津、吹田、下新庄
0%
山日北木田由阿 山河内、日和佐、北河内、木岐、田井ノ浜、由岐、阿波福井
0%
山八篠保貝四愛 山口、八草、篠原、保見、貝津、四郷、愛環梅坪
0%
山肥西佐駒大肥 山本、肥前久保、西相知、佐里、駒鳴、大川野、肥前長野
0%
山平山広夢西飾 山陽網干、平松、山陽天満、広畑、夢前川、西飾磨、飾磨
0%
山保北梅大三丹 山城、保々、北勢中央公園口、梅戸井、大安、三里、丹生川
0%
山北鈴鵯丸長湊 山の街、北鈴蘭台、鈴蘭台、鵯越、丸山、長田、湊川
0%
山本相岩厳多中 山本、本牟田部、相知、岩屋、厳木、多久、中多久
0%
山万宇南沢摂南 山田、万博記念公園、宇野辺、南茨木、沢良宜、摂津、南摂津
0%
山箕谷花大神唐 山の街、箕谷、谷上、花山、大池、神鉄六甲、唐櫃台
0%
山名栄東西二新 山王、名鉄名古屋、栄生、東枇杷島、西枇杷島、二ツ杁、新川橋
0%
山木新狛近三興 山田川、木津川台、新祝園、狛田、近鉄宮津、三山木、興戸
0%
山嵐蚕太帷有車 山ノ内、嵐電天神川、蚕ノ社、太秦広隆寺、帷子ノ辻、有栖川、車折神社
0%
山立安和下胡鍼 山家、立木、安栖里、和知、下山、胡麻、鍼灸大学前
0%
山和和新長日熊 山中渓、和泉鳥取、和泉砂川、新家、長滝、日根野、熊取
0%
桟桟桟桟桟桟梅 桟橋通五丁目、桟橋車庫前、桟橋通四丁目、桟橋通三丁目、桟橋通二丁目、桟橋通一丁目、梅の辻
0%
桟桟桟桟桟梅は 桟橋車庫前、桟橋通四丁目、桟橋通三丁目、桟橋通二丁目、桟橋通一丁目、梅の辻、はりまや橋
0%
桟桟桟桟梅は蓮 桟橋通四丁目、桟橋通三丁目、桟橋通二丁目、桟橋通一丁目、梅の辻、はりまや橋、蓮池町通
0%
桟桟桟梅は蓮高 桟橋通三丁目、桟橋通二丁目、桟橋通一丁目、梅の辻、はりまや橋、蓮池町通、高知橋
0%
桟桟梅は蓮高高 桟橋通二丁目、桟橋通一丁目、梅の辻、はりまや橋、蓮池町通、高知橋、高知駅前
0%
蚕太帷有車鹿嵐 蚕ノ社、太秦広隆寺、帷子ノ辻、有栖川、車折神社、鹿王院、嵐電嵯峨
0%
讃阿板阿板池勝 讃岐相生、阿波大宮、板野、阿波川端、板東、池谷、勝瑞
0%
讃丸宇坂八鴨讃 讃岐塩屋、丸亀、宇多津、坂出、八十場、鴨川、讃岐府中
0%
讃黒塩琴善金多 讃岐財田、黒川、塩入、琴平、善通寺、金蔵寺、多度津
0%
讃三丹鶴讃神造 讃岐白鳥、三本松、丹生、鶴羽、讃岐津田、神前、造田
0%
讃志オ造神讃鶴 讃岐牟礼、志度、オレンジタウン、造田、神前、讃岐津田、鶴羽
0%
讃神造オ志讃八 讃岐津田、神前、造田、オレンジタウン、志度、讃岐牟礼、八栗口
0%
讃多海津詫み高 讃岐塩屋、多度津、海岸寺、津島ノ宮、詫間、みの、高瀬
0%
讃坪箸佃阿三祖 讃岐財田、坪尻、箸蔵、佃、阿波池田、三縄、祖谷口
0%
讃鶴丹三讃引讃 讃岐津田、鶴羽、丹生、三本松、讃岐白鳥、引田、讃岐相生
0%
讃八古屋木栗栗 讃岐牟礼、八栗口、古高松南、屋島、木太町、栗林、栗林公園北口
0%
四な大花岸玉北 四ツ橋、なんば、大国町、花園町、岸里、玉出、北加賀屋
0%
四愛新新三末永 四郷、愛環梅坪、新豊田、新上挙母、三河豊田、末野原、永覚
0%
四烏丸今鞍北北 四条、烏丸御池、丸太町、今出川、鞍馬口、北大路、北山
0%
四乙額馬野野押 四十万、乙丸、額住宅前、馬替、野々市工大前、野々市、押野
0%
四貝保篠八山瀬 四郷、貝津、保見、篠原、八草、山口、瀬戸口
0%
四桑茅広上西新 四十九、桑町、茅町、広小路、上野市、西大手、新居
0%
四五京九十く竹 四条、五条、京都、九条、十条、くいな橋、竹田
0%
四新嘉本厚宇小 四辻、新山口、嘉川、本由良、厚東、宇部、小野田
0%
四西西山嵐蚕太 四条大宮、西院、西大路三条、山ノ内、嵐電天神川、蚕ノ社、太秦広隆寺
0%
四谷谷谷天南東 四天王寺前夕陽ヶ丘、谷町九丁目、谷町六丁目、谷町四丁目、天満橋、南森町、東梅田
0%
四猪市依丸上比 四十九、猪田道、市部、依那古、丸山、上林、比土
0%
四天阿文田駒平 四天王寺前夕陽ヶ丘、天王寺、阿倍野、文の里、田辺、駒川中野、平野
0%
四南河河加井亀 四日市、南四日市、河原田、河曲、加佐登、井田川、亀山
0%
四南美重於渋長 四郎ケ原、南大嶺、美祢、重安、於福、渋木、長門湯本
0%
四富富朝桑長弥 四日市、富田浜、富田、朝日、桑名、長島、弥富
0%
四野住鴻徳放鴫 四条畷、野崎、住道、鴻池新田、徳庵、放出、鴫野
0%
四陽曽道井小日 四十万、陽羽里、曽谷、道法寺、井口、小柳、日御子
0%
子い井早小矢三 子守唄の里高屋、いずえ、井原、早雲の里荏原、小田、矢掛、三谷
0%
子青折内小伊北 子供の国、青島、折生迫、内海、小内海、伊比井、北郷
0%
子曽運木南田南 子供の国、曽山寺、運動公園、木花、南方、田吉、南宮崎
0%
市ふ赤人金上糒 市場、ふれあい生力、赤池、人見、金田、上金田、糒
0%
市各六三二名苧 市民公園前、各務原市役所前、六軒、三柿野、二十軒、名電各務原、苧ヶ瀬
0%
市樫大三三恵志 市場、樫山、大村、三木、三木上の丸、恵比須、志染
0%
市葛吉薬福大下 市尾、葛、吉野口、薬水、福神、大阿太、下市口
0%
市喜西諫東肥小 市布、喜々津、西諫早、諫早、東諫早、肥前長田、小江
0%
市儀首石経浦て 市立病院前、儀保、首里、石嶺、経塚、浦添前田、てだこ浦西
0%
市県大勝警上南 市役所前、県庁前、大街道、勝山町、警察署前、上一万、南町
0%
市県大勝警上平 市役所前、県庁前、大街道、勝山町、警察署前、上一万、平和通一丁目
0%
市古お安牧美県 市立病院前、古島、おもろまち、安里、牧志、美栄橋、県庁前
0%
市江旭荻新米能 市民病院前、江尻、旭ヶ丘、荻布、新能町、米島口、能町口
0%
市黒石柏谷下丹 市島、黒井、石生、柏原、谷川、下滝、丹波大山
0%
市桜長八スス茂 市役所、桜町、長崎駅前、八千代町、スタジアムシティサウス、スタジアムシティノース、茂里町
0%
市志広急坂片末 市民病院前、志貴野中学校前、広小路、急患医療センター前、坂下町、片原町、末広町
0%
市商八神健動健 市立体育館前、商業高校前、八丁馬場、神水交差点、健軍校前、動植物園入口、健軍交番前
0%
市小粟河青社滝 市場、小野町、粟生、河合西、青野ケ原、社町、滝野
0%
市小美越越計牛 市波、小和清水、美山、越前薬師、越前大宮、計石、牛ケ原
0%
市新新高手切細 市民公園前、新那加、新加納、高田橋、手力、切通、細畑
0%
市神唐工純中郡 市立病院前、神田(交通局前)、唐湊、工学部前、純心学園前、中郡、郡元
0%
市水国新味交九 市立体育館前、水前寺公園、国府、新水前寺駅前、味噌天神前、交通局前、九品寺交差点
0%
市赤立瀬肥原三 市ノ川、赤水、立野、瀬田、肥後大津、原水、三里木
0%
市鷹日広御皆広 市役所前、鷹野橋、日赤病院前、広電本社前、御幸橋、皆実町六丁目、広大附属学校前
0%
市中袋本紙原本 市役所前、中電前、袋町、本通、紙屋町西、原爆ドーム前、本川町
0%
市中袋本紙立八 市役所前、中電前、袋町、本通、紙屋町東、立町、八丁堀
0%
市中都鹿高加高 市立病院前、中洲通、都通、鹿児島中央駅前、高見橋、加治屋町、高見馬場
0%
市猪四桑茅広上 市部、猪田道、四十九、桑町、茅町、広小路、上野市
0%
市朝い天高加高 市役所前、朝日通、いづろ通、天文館通、高見馬場、加治屋町、高見橋
0%
市朝い天高甲新 市役所前、朝日通、いづろ通、天文館通、高見馬場、甲東中学校前、新屋敷
0%
市湯東伊薩上広 市来、湯之元、東市来、伊集院、薩摩松元、上伊集院、広木
0%
市内阿い宮波滝 市ノ川、内牧、阿蘇、いこいの村、宮地、波野、滝水
0%
市二京木岩八宝 市原、二軒茶屋、京都精華大前、木野、岩倉、八幡前、宝ケ池
0%
市豊東前東東競 市役所前、豊橋公園前、東八町、前畑、東田坂上、東田、競輪場前
0%
市北南伊鳥伊向 市坪、北伊予、南伊予、伊予横田、鳥ノ木、伊予市、向井原
0%
市北日北延南旭 市棚、北川、日向長井、北延岡、延岡、南延岡、旭ケ丘
0%
市矢野東備内小 市岡、矢神、野馳、東城、備後八幡、内名、小奴可
0%
志オ造神讃鶴丹 志度、オレンジタウン、造田、神前、讃岐津田、鶴羽、丹生
0%
志井向吉甲上志 志和口、井原市、向原、吉田口、甲立、上川立、志和地
0%
志鵜志穴志上沓 志摩神明、鵜方、志摩横山、穴川、志摩磯部、上之郷、沓掛
0%
志永下光轟越山 志比堺、永平寺口、下志比、光明寺、轟、越前野中、山王
0%
志恵三三大樫市 志染、恵比須、三木上の丸、三木、大村、樫山、市場
0%
志穴志上沓五白 志摩横山、穴川、志摩磯部、上之郷、沓掛、五知、白木
0%
志広急坂片末高 志貴野中学校前、広小路、急患医療センター前、坂下町、片原町、末広町、高岡駅
0%
志黒名名久栄矢 志賀本通、黒川、名城公園、名古屋城、久屋大通、栄、矢場町
0%
志讃八古屋木栗 志度、讃岐牟礼、八栗口、古高松南、屋島、木太町、栗林
0%
志市江旭荻新米 志貴野中学校前、市民病院前、江尻、旭ヶ丘、荻布、新能町、米島口
0%
志志石呼採香一 志井公園、志井、石原町、呼野、採銅所、香春、一本松
0%
志志石城南西小 志井、志井公園、石田、城野、南小倉、西小倉、小倉
0%
志松観越東追越 志比堺、松岡、観音町、越前島橋、東藤島、追分口、越前新保
0%
志上甲吉向井志 志和地、上川立、甲立、吉田口、向原、井原市、志和口
0%
志西三八神塩下 志和地、西三次、三次、八次、神杉、塩町、下和知
0%
志石呼採香一田 志井、石原町、呼野、採銅所、香春、一本松、田川伊田
0%
志船加松白五沓 志摩赤崎、船津、加茂、松尾、白木、五知、沓掛
0%
志徳徳守競北城 志井、徳力嵐山口、徳力公団前、守恒、競馬場前、北方、城野
0%
志柏高河三王法 志紀、柏原、高井田、河内堅上、三郷、王寺、法隆寺
0%
志比近北近安新 志賀、比良、近江舞子、北小松、近江高島、安曇川、新旭
0%
志平大ナ砂茶自 志賀本通、平安通、大曽根、ナゴヤドーム前矢田、砂田橋、茶屋ヶ坂、自由ヶ丘
0%
志蓬和小堅お比 志賀、蓬莱、和邇、小野、堅田、おごと温泉、比叡山坂本
0%
思観西新出大五 思案橋、観光通り、西浜町、新地中華街、出島、大波止、五島町
0%
思観浜め市諏新 思案橋、観光通り、浜町アーケード、めがね橋、市役所、諏訪神社、新大工町
0%
指山大西薩東開 指宿、山川、大山、西大山、薩摩川尻、東開聞、開聞
0%
指二宮薩生前喜 指宿、二月田、宮ケ浜、薩摩今和泉、生見、前之浜、喜入
0%
枝ス八黒陣折水 枝光、スペースワールド、八幡、黒崎、陣原、折尾、水巻
0%
枝伊波小日岡土 枝川、伊野、波川、小村神社前、日下、岡花、土佐加茂
0%
枝伊北北鳴伊伊 枝川、伊野商業前、北内、北山、鳴谷、伊野駅前、伊野
0%
枝戸九西小門小 枝光、戸畑、九州工大前、西小倉、小倉、門司、小森江
0%
枝中八宇咥宮朝 枝川、中山、八代通、宇治団地前、咥内、宮の奥、朝倉神社前
0%
枝朝高旭円入高 枝川、朝倉、高知商業前、旭、円行寺口、入明、高知
0%
私河交郡村星宮 私市、河内森、交野市、郡津、村野、星ヶ丘、宮之阪
0%
糸モ北美十横東 糸貫、モレラ岐阜、北方真桑、美江寺、十九条、横屋、東大垣
0%
糸黒富新金小加 糸魚川、黒部宇奈月温泉、富山、新高岡、金沢、小松、加賀温泉
0%
糸三須安忠安大 糸崎、三原、須波、安芸幸崎、忠海、安芸長浜、大乗
0%
糸筑美加一筑大 糸島高校前、筑前前原、美咲が丘、加布里、一貴山、筑前深江、大入
0%
糸波周九今下姪 糸島高校前、波多江、周船寺、九大学研都市、今宿、下山門、姪浜
0%
糸尾東松備福東 糸崎、尾道、東尾道、松永、備後赤坂、福山、東福山
0%
糸本織木谷神高 糸貫、本巣、織部、木知原、谷汲口、神海、高科
0%
紙原本十寺別横 紙屋町西、原爆ドーム前、本川町、十日市町、寺町、別院前、横川一丁目
0%
紙原本十土舟舟 紙屋町西、原爆ドーム前、本川町、十日市町、土橋、舟入町、舟入本町
0%
紙原本十土小天 紙屋町西、原爆ドーム前、本川町、十日市町、土橋、小網町、天満町
0%
紙紙原本十土舟 紙屋町東、紙屋町西、原爆ドーム前、本川町、十日市町、土橋、舟入町
0%
紙紙立八胡銀稲 紙屋町西、紙屋町東、立町、八丁堀、胡町、銀山町、稲荷町
0%
紙立八胡銀稲的 紙屋町東、立町、八丁堀、胡町、銀山町、稲荷町、的場町
0%
紫西都下白春桜 紫、西鉄二日市、都府楼前、下大利、白木原、春日原、桜並木
0%
紫朝桜筑津三三 紫、朝倉街道、桜台、筑紫、津古、三国が丘、三沢
0%
寺越越越東新稲 寺田、越中舟橋、越中三郷、越中荏原、東新庄、新庄田中、稲荷町
0%
寺越相新上新中 寺田、越中泉、相ノ木、新相ノ木、上市、新宮川、中加積
0%
寺御東石石船浜 寺地町、御陵前、東湊、石津北、石津、船尾、浜寺駅前
0%
寺十土舟舟舟舟 寺町、十日市町、土橋、舟入町、舟入本町、舟入幸町、舟入川口町
0%
寺十本原紙本袋 寺町、十日市町、本川町、原爆ドーム前、紙屋町西、本通、袋町
0%
寺宿大花妙神綾 寺地町、宿院、大小路、花田口、妙国寺前、神明町、綾ノ町
0%
寺新鶴甘福溝香 寺前、新野、鶴居、甘地、福崎、溝口、香呂
0%
寺西西白入河本 寺家、西条、西高屋、白市、入野、河内、本郷
0%
寺稚田五榎下釜 寺田、稚子塚、田添、五百石、榎町、下段、釜ヶ淵
0%
寺朝古長日新大 寺本、朝倉、古見、長浦、日長、新舞子、大野町
0%
寺長生新青竹和 寺前、長谷、生野、新井、青倉、竹田、和田山
0%
寺天新今芦大弁 寺田町、天王寺、新今宮、今宮、芦原橋、大正、弁天町
0%
寺桃鶴玉森大京 寺田町、桃谷、鶴橋、玉造、森ノ宮、大阪城公園、京橋
0%
寺八瀬中安海向 寺家、八本松、瀬野、中野東、安芸中野、海田市、向洋
0%
寺尾太新聚名柴 寺本、尾張横須賀、太田川、新日鉄前、聚楽園、名和、柴田
0%
寺富新興三近狛 寺田、富野荘、新田辺、興戸、三山木、近鉄宮津、狛田
0%
慈坂五平瀬中喜 慈眼寺、坂之上、五位野、平川、瀬々串、中名、喜入
0%
次賀野梅福七金 次郎丸、賀茂、野芥、梅林、福大前、七隈、金山
0%
耳大桜大長榛室 耳成、大福、桜井、大和朝倉、長谷寺、榛原、室生口大野
0%
耳大真松大築五 耳成、大和八木、真菅、松塚、大和高田、築山、五位堂
0%
自郡相深赤美福 自然園前、郡上八幡、相生、深戸、赤池、美並苅安、福野
0%
自山徳郡万上大 自然園前、山田、徳永、郡上大和、万場、上万場、大中
0%
自茶砂ナ大平志 自由ヶ丘、茶屋ヶ坂、砂田橋、ナゴヤドーム前矢田、大曽根、平安通、志賀本通
0%
自本名八八総瑞 自由ヶ丘、本山、名古屋大学、八事日赤、八事、総合リハビリセンター、瑞穂運動場東
0%
汐滝川富富喜古 汐ノ宮、滝谷不動、川西、富田林西口、富田林、喜志、古市
0%
鹿郡南宇谷慈坂 鹿児島中央、郡元、南鹿児島、宇宿、谷山、慈眼寺、坂之上
0%
鹿広上薩伊東湯 鹿児島中央、広木、上伊集院、薩摩松元、伊集院、東市来、湯之元
0%
鹿高加高天い朝 鹿児島中央駅前、高見橋、加治屋町、高見馬場、天文館通、いづろ通、朝日通
0%
鹿桜水市朝い天 鹿児島駅前、桜島桟橋通、水族館口、市役所前、朝日通、いづろ通、天文館通
0%
鹿鹿広上薩伊東 鹿児島、鹿児島中央、広木、上伊集院、薩摩松元、伊集院、東市来
0%
鹿鹿仙竜重姶帖 鹿児島中央、鹿児島、仙巌園、竜ケ水、重富、姶良、帖佐
0%
鹿車有帷太蚕嵐 鹿王院、車折神社、有栖川、帷子ノ辻、太秦広隆寺、蚕ノ社、嵐電天神川
0%
鹿舟北領清一明 鹿児、舟戸、北浦、領石通、清和学園前、一条橋、明見橋
0%
鹿仙竜重姶帖錦 鹿児島、仙巌園、竜ケ水、重富、姶良、帖佐、錦江
0%
鹿都中市神唐工 鹿児島中央駅前、都通、中洲通、市立病院前、神田(交通局前)、唐湊、工学部前
0%
鹿浜虹東和唐西 鹿家、浜崎、虹ノ松原、東唐津、和多田、唐津、西唐津
0%
鹿福大筑一加美 鹿家、福吉、大入、筑前深江、一貴山、加布里、美咲が丘
0%
鴫蒲関新清太だ 鴫野、蒲生四丁目、関目成育、新森古市、清水、太子橋今市、だいどう豊里
0%
鴫放徳鴻住野四 鴫野、放出、徳庵、鴻池新田、住道、野崎、四条畷
0%
宍荘直出西出江 宍道、荘原、直江、出雲市、西出雲、出雲神西、江南
0%
宍南加幡出南木 宍道、南宍道、加茂中、幡屋、出雲大東、南大東、木次
0%
宍来玉乃松東揖 宍道、来待、玉造温泉、乃木、松江、東松江、揖屋
0%
七金茶別六桜薬 七隈、金山、茶山、別府、六本松、桜坂、薬院大通
0%
七穴東大楚麻阿 七和、穴太、東員、大泉、楚原、麻生田、阿下喜
0%
七堺湊石諏浜羽 七道、堺、湊、石津川、諏訪ノ森、浜寺公園、羽衣
0%
七山下塩神八三 七塚、山ノ内、下和知、塩町、神杉、八次、三次
0%
七住住粉岸天新 七道、住ノ江、住吉大社、粉浜、岸里玉出、天下茶屋、新今宮
0%
七上磯割三三大 七ツ屋、上諸江、磯部、割出、三口、三ツ屋、大河端
0%
七星在蓮西馬西 七和、星川、在良、蓮花寺、西別所、馬道、西桑名
0%
七東鳥伏龍藤墨 七条、東福寺、鳥羽街道、伏見稲荷、龍谷大前深草、藤森、墨染
0%
七徳能良能金千 七尾、徳田、能登二宮、良川、能登部、金丸、千路
0%
七梅上中可河あ 七軒茶屋、梅林、上八木、中島、可部、河戸帆待川、あき亀山
0%
七備備高平備比 七塚、備後三日市、備後庄原、高、平子、備後西城、比婆山
0%
七福梅野賀次橋 七隈、福大前、梅林、野芥、賀茂、次郎丸、橋本
0%
七緑大古下安三 七軒茶屋、緑井、大町、古市橋、下祇園、安芸長束、三滝
0%
七和田笠能西能 七尾、和倉温泉、田鶴浜、笠師保、能登中島、西岸、能登鹿島
0%
室三赤名桔美伊 室生口大野、三本松、赤目口、名張、桔梗が丘、美旗、伊賀神戸
0%
室榛長大桜大耳 室生口大野、榛原、長谷寺、大和朝倉、桜井、大福、耳成
0%
室大西美友大烏 室、大垣、西大垣、美濃青柳、友江、大外羽、烏江
0%
室藤西唐大赤天 室見、藤崎、西新、唐人町、大濠公園、赤坂、天神
0%
篠近安能稲河南 篠原、近江八幡、安土、能登川、稲枝、河瀬、南彦根
0%
篠住東後後後後 篠原、住吉通、東工業前、後免西町、後免中町、後免東町、後免町
0%
篠小長明一清領 篠原、小篭通、長崎、明見橋、一条橋、清和学園前、領石通
0%
篠仁宮上山湯矢 篠目、仁保、宮野、上山口、山口、湯田温泉、矢原
0%
篠長渡三名地鍋 篠目、長門峡、渡川、三谷、名草、地福、鍋倉
0%
篠南古草藍相広 篠山口、南矢代、古市、草野、藍本、相野、広野
0%
篠八山瀬瀬中高 篠原、八草、山口、瀬戸口、瀬戸市、中水野、高蔵寺
0%
篠保貝四愛新新 篠原、保見、貝津、四郷、愛環梅坪、新豊田、新上挙母
0%
篠門長原柚吉博 篠栗、門松、長者原、原町、柚須、吉塚、博多
0%
篠野守栗草南瀬 篠原、野洲、守山、栗東、草津、南草津、瀬田
0%
柴香鎧餘久浜諸 柴山、香住、鎧、餘部、久谷、浜坂、諸寄
0%
柴少千山万宇南 柴原阪大前、少路、千里中央、山田、万博記念公園、宇野辺、南茨木
0%
柴大大道豊神金 柴田、大同町、大江、道徳、豊田本町、神宮前、金山
0%
柴名聚新太尾寺 柴田、名和、聚楽園、新日鉄前、太田川、尾張横須賀、寺本
0%
社青河粟小市厄 社町、青野ケ原、河合西、粟生、小野町、市場、厄神
0%
車高久丸国名太 車道、高岳、久屋大通、丸の内、国際センター、名古屋、太閤通
0%
車今吹御桜瑞瑞 車道、今池、吹上、御器所、桜山、瑞穂区役所、瑞穂運動場西
0%
車有帷太蚕嵐山 車折神社、有栖川、帷子ノ辻、太秦広隆寺、蚕ノ社、嵐電天神川、山ノ内
0%
尺磐当二二上駒 尺土、磐城、当麻寺、二上神社口、二上山、上ノ太子、駒ヶ谷
0%
若加勢小東新上 若狭本郷、加斗、勢浜、小浜、東小浜、新平野、上中
0%
若家打土土十半 若井、家地川、打井川、土佐大正、土佐昭和、十川、半家
0%
若荷伊土佐土有 若井、荷稲、伊与喜、土佐佐賀、佐賀公園、土佐白浜、有井川
0%
若三三知重刈刈 若林、三河八橋、三河知立、知立、重原、刈谷、刈谷市
0%
若若加勢小東新 若狭和田、若狭本郷、加斗、勢浜、小浜、東小浜、新平野
0%
若若若加勢小東 若狭高浜、若狭和田、若狭本郷、加斗、勢浜、小浜、東小浜
0%
若若若三青松東 若狭本郷、若狭和田、若狭高浜、三松、青郷、松尾寺、東舞鶴
0%
若上新東小勢加 若狭有田、上中、新平野、東小浜、小浜、勢浜、加斗
0%
若舌新長荻東電 若栗、舌山、新黒部、長屋、荻生、東三日市、電鉄黒部
0%
若大十藤三気美 若狭有田、大鳥羽、十村、藤井、三方、気山、美浜
0%
若丹徳八安隼因 若桜、丹比、徳丸、八東、安部、隼、因幡船岡
0%
若竹土上豊梅越 若林、竹村、土橋、上挙母、豊田市、梅坪、越戸
0%
若長岩浦大平原 若葉町、長崎大学、岩屋橋、浦上車庫、大橋、平和公園、原爆資料館
0%
若栃浦下下愛内 若栗、栃屋、浦山、下立口、下立、愛本、内山
0%
守競北城片香旦 守恒、競馬場前、北方、城野、片野、香春口三萩野、旦過
0%
守栗草南瀬石膳 守山、栗東、草津、南草津、瀬田、石山、膳所
0%
守西門古大萱寝 守口市、西三荘、門真市、古川橋、大和田、萱島、寝屋川市
0%
守太千関野都天 守口、太子橋今市、千林大宮、関目高殿、野江内代、都島、天神橋筋六丁目
0%
守土滝千森関野 守口市、土居、滝井、千林、森小路、関目、野江
0%
守南行北椋南清 守内かさ神、南河内、行波、北河内、椋野、南桑、清流みはらし
0%
守瓢小喜大印旭 守山自衛隊前、瓢箪山、小幡、喜多山、大森・金城学院前、印場、旭前
0%
守野篠近安能稲 守山、野洲、篠原、近江八幡、安土、能登川、稲枝
0%
守矢大森尼清東 守山自衛隊前、矢田、大曽根、森下、尼ヶ坂、清水、東大手
0%
手高新新市各六 手力、高田橋、新加納、新那加、市民公園前、各務原市役所前、六軒
0%
手石甲三貴甲寺 手原、石部、甲西、三雲、貴生川、甲南、寺庄
0%
狩上中下玖安戸 狩留家、上深川、中深川、下深川、玖村、安芸矢口、戸坂
0%
狩浅日津臼上熊 狩生、浅海井、日代、津久見、臼杵、上臼杵、熊崎
0%
狩白中上志井向 狩留家、白木山、中三田、上三田、志和口、井原市、向原
0%
酒長伊土舞香香 酒殿、長者原、伊賀、土井、舞松原、香椎神宮、香椎
0%
首儀市古お安牧 首里、儀保、市立病院前、古島、おもろまち、安里、牧志
0%
周岩阿岐丸床常 周防佐山、岩倉、阿知須、岐波、丸尾、床波、常盤
0%
周紀椿紀白朝紀 周参見、紀伊日置、椿、紀伊富田、白浜、朝来、紀伊新庄
0%
周玖欽柱川西岩 周防高森、玖珂、欽明路、柱野、川西、西岩国、岩国
0%
周上仁大矢湯山 周防下郷、上郷、仁保津、大歳、矢原、湯田温泉、山口
0%
周生周大勝高米 周防花岡、生野屋、周防久保、大河内、勝間、高水、米川
0%
周西浜下久波敬 周布、西浜田、浜田、下府、久代、波子、敬川
0%
周大勝高米周玖 周防久保、大河内、勝間、高水、米川、周防高森、玖珂
0%
周波糸筑美加一 周船寺、波多江、糸島高校前、筑前前原、美咲が丘、加布里、一貴山
0%
周米高勝大周生 周防高森、米川、高水、勝間、大河内、周防久保、生野屋
0%
宗市北日北延南 宗太郎、市棚、北川、日向長井、北延岡、延岡、南延岡
0%
修井商草草古高 修大協創中高前、井口、商工センター入口、草津南、草津、古江、高須
0%
修広佐楽山広廿 修大協創中高前、広電五日市、佐伯区役所前、楽々園、山陽女学園前、広電廿日市、廿日市市役所前(平良)
0%
洲湯梅美松関関 洲原、湯の洞温泉口、梅山、美濃市、松森、関下有知、関市役所前
0%
洲母木八み大福 洲原、母野、木尾、八坂、みなみ子宝温泉、大矢、福野
0%
秋松高津伊一園 秋鹿町、松江フォーゲルパーク、高ノ宮、津ノ森、伊野灘、一畑口、園
0%
舟鹿田東新介文 舟戸、鹿児、田辺島通、東新木、新木、介良通、文珠通
0%
舟舟舟舟土十寺 舟入川口町、舟入幸町、舟入本町、舟入町、土橋、十日市町、寺町
0%
舟舟舟舟土十本 舟入川口町、舟入幸町、舟入本町、舟入町、土橋、十日市町、本川町
0%
舟舟舟土十寺別 舟入幸町、舟入本町、舟入町、土橋、十日市町、寺町、別院前
0%
舟舟舟土十本原 舟入幸町、舟入本町、舟入町、土橋、十日市町、本川町、原爆ドーム前
0%
舟舟土十寺別横 舟入本町、舟入町、土橋、十日市町、寺町、別院前、横川一丁目
0%
舟舟土十本原紙 舟入本町、舟入町、土橋、十日市町、本川町、原爆ドーム前、紙屋町西
0%
舟土十寺別横横 舟入町、土橋、十日市町、寺町、別院前、横川一丁目、横川駅
0%
舟土十本原紙紙 舟入町、土橋、十日市町、本川町、原爆ドーム前、紙屋町西、紙屋町東
0%
蹴御山東椥小醍 蹴上、御陵、山科、東野、椥辻、小野、醍醐
0%
蹴東三京烏二二 蹴上、東山、三条京阪、京都市役所前、烏丸御池、二条城前、二条
0%
住魚青深芦打香 住吉、魚崎、青木、深江、芦屋、打出、香櫨園
0%
住細安我大高綾 住吉鳥居前、細井川、安立町、我孫子道、大和川、高須神社、綾ノ町
0%
住七堺湊石諏浜 住ノ江、七道、堺、湊、石津川、諏訪ノ森、浜寺公園
0%
住篠小長明一清 住吉通、篠原、小篭通、長崎、明見橋、一条橋、清和学園前
0%
住住七堺湊石諏 住吉大社、住ノ江、七道、堺、湊、石津川、諏訪ノ森
0%
住住東塚東天聖 住吉鳥居前、住吉、東粉浜、塚西、東玉出、天神ノ森、聖天坂
0%
住住粉岸天新難 住ノ江、住吉大社、粉浜、岸里玉出、天下茶屋、新今宮、難波
0%
住昭千若長岩浦 住吉、昭和町通り、千歳町、若葉町、長崎大学、岩屋橋、浦上車庫
0%
住神帝帝姫北東 住吉、神ノ木、帝塚山四丁目、帝塚山三丁目、姫松、北畠、東天下茶屋
0%
住摂甲芦さ西甲 住吉、摂津本山、甲南山手、芦屋、さくら夙川、西宮、甲子園口
0%
住沢我浅堺三百 住吉東、沢ノ町、我孫子前、浅香山、堺東、三国ヶ丘、百舌鳥八幡
0%
住知成青上知富 住吉町、知多半田、成岩、青山、上ゲ、知多武豊、富貴
0%
住帝岸天萩新今 住吉東、帝塚山、岸里玉出、天下茶屋、萩ノ茶屋、新今宮、今宮戎
0%
住東塚東天聖北 住吉、東粉浜、塚西、東玉出、天神ノ森、聖天坂、北天下茶屋
0%
住半植阿坂白巽 住吉町、半田口、植大、阿久比、坂部、白沢、巽ヶ丘
0%
住肥網赤石波三 住吉、肥後長浜、網田、赤瀬、石打ダム、波多浦、三角
0%
住平南南フポポ 住之江公園、平林、南港口、南港東、フェリーターミナル、ポートタウン東、ポートタウン西
0%
住北玉岸花大な 住之江公園、北加賀屋、玉出、岸里、花園町、大国町、なんば
0%
住野四忍寝星河 住道、野崎、四条畷、忍ケ丘、寝屋川公園、星田、河内磐船
0%
住緑宇富川西熊 住吉、緑川、宇土、富合、川尻、西熊本、熊本
0%
住六摩灘三元神 住吉、六甲道、摩耶、灘、三ノ宮、元町、神戸
0%
十九京五四烏丸 十条、九条、京都、五条、四条、烏丸御池、丸太町
0%
十三庄服曽岡豊 十三、三国、庄内、服部天神、曽根、岡町、豊中
0%
十上竹伏近桃向 十条、上鳥羽口、竹田、伏見、近鉄丹波橋、桃山御陵前、向島
0%
十神園塚武西夙 十三、神崎川、園田、塚口、武庫之荘、西宮北口、夙川
0%
十大若上新東小 十村、大鳥羽、若狭有田、上中、新平野、東小浜、小浜
0%
十土舟舟舟舟舟 十日市町、土橋、舟入町、舟入本町、舟入幸町、舟入川口町、舟入南
0%
十土小天観西福 十日市町、土橋、小網町、天満町、観音町、西観音町、福島町
0%
十土土打家若窪 十川、土佐昭和、土佐大正、打井川、家地川、若井、窪川
0%
十藤三気美東粟 十村、藤井、三方、気山、美浜、東美浜、粟野
0%
十南崇淡上相正 十三、南方、崇禅寺、淡路、上新庄、相川、正雀
0%
十南田坂落中美 十二兼、南木曽、田立、坂下、落合川、中津川、美乃坂本
0%
十半江西真吉松 十川、半家、江川崎、西ケ方、真土、吉野生、松丸
0%
十美北モ糸本織 十九条、美江寺、北方真桑、モレラ岐阜、糸貫、本巣、織部
0%
十本原紙紙立八 十日市町、本川町、原爆ドーム前、紙屋町西、紙屋町東、立町、八丁堀
0%
十本原紙本袋中 十日市町、本川町、原爆ドーム前、紙屋町西、本通、袋町、中電前
0%
渋於重美南四厚 渋木、於福、重安、美祢、南大嶺、四郎ケ原、厚保
0%
重姶帖錦加隼国 重富、姶良、帖佐、錦江、加治木、隼人、国分
0%
重刈刈小吉三高 重原、刈谷、刈谷市、小垣江、吉浜、三河高浜、高浜港
0%
重宗市北日北延 重岡、宗太郎、市棚、北川、日向長井、北延岡、延岡
0%
重知三三若竹土 重原、知立、三河知立、三河八橋、若林、竹村、土橋
0%
重美南四厚湯厚 重安、美祢、南大嶺、四郎ケ原、厚保、湯ノ峠、厚狭
0%
宿寺御東石石船 宿院、寺地町、御陵前、東湊、石津北、石津、船尾
0%
宿大花妙神綾高 宿院、大小路、花田口、妙国寺前、神明町、綾ノ町、高須神社
0%
宿東平工有国具 宿毛、東宿毛、平田、工業団地、有岡、国見、具同
0%
出下日木南出幡 出雲八代、下久野、日登、木次、南大東、出雲大東、幡屋
0%
出喜平駒田文阿 出戸、喜連瓜破、平野、駒川中野、田辺、文の里、阿倍野
0%
出亀出出下日木 出雲横田、亀嵩、出雲三成、出雲八代、下久野、日登、木次
0%
出亀出八出三油 出雲三成、亀嵩、出雲横田、八川、出雲坂根、三井野原、油木
0%
出近深大二伊務 出目、近永、深田、大内、二名、伊予宮野下、務田
0%
出元茶一修宝三 出町柳、元田中、茶山・京都芸術大学、一乗寺、修学院、宝ケ池、三宅八幡
0%
出江小田波久大 出雲神西、江南、小田、田儀、波根、久手、大田市
0%
出出下日木南出 出雲三成、出雲八代、下久野、日登、木次、南大東、出雲大東
0%
出出亀出八出三 出雲八代、出雲三成、亀嵩、出雲横田、八川、出雲坂根、三井野原
0%
出新新熊新新筑 出水、新水俣、新八代、熊本、新玉名、新大牟田、筑後船小屋
0%
出神三祇清七東 出町柳、神宮丸太町、三条、祇園四条、清水五条、七条、東福寺
0%
出西高野折阿牛 出水、西出水、高尾野、野田郷、折口、阿久根、牛ノ浜
0%
出西出江小田波 出雲市、西出雲、出雲神西、江南、小田、田儀、波根
0%
出西出直荘宍来 出雲神西、西出雲、出雲市、直江、荘原、宍道、来待
0%
出大五長八スス 出島、大波止、五島町、長崎駅前、八千代町、スタジアムシティサウス、スタジアムシティノース
0%
出大武川大美旅 出雲科学館パークタウン前、大津町、武志、川跡、大寺、美談、旅伏
0%
出直荘宍来玉乃 出雲市、直江、荘原、宍道、来待、玉造温泉、乃木
0%
出東池三柿三湯 出馬、東栄、池場、三河川合、柿平、三河槙原、湯谷温泉
0%
出南木日下出出 出雲大東、南大東、木次、日登、下久野、出雲八代、出雲三成
0%
出八出亀出出下 出雲坂根、八川、出雲横田、亀嵩、出雲三成、出雲八代、下久野
0%
出福伝千西九ド 出来島、福、伝法、千鳥橋、西九条、九条、ドーム前
0%
出米袋水新津湯 出水、米ノ津、袋、水俣、新水俣、津奈木、湯浦
0%
俊長弥久近河高 俊徳道、長瀬、弥刀、久宝寺口、近鉄八尾、河内山本、高安
0%
春王六御岡芦夙 春日野道、王子公園、六甲、御影、岡本、芦屋川、夙川
0%
春蟹永弥長桑朝 春田、蟹江、永和、弥富、長島、桑名、朝日
0%
春潟琴古八六大 春日川、潟元、琴電屋島、古高松、八栗、六万寺、大町
0%
春岩西大新石御 春日野道、岩屋、西灘、大石、新在家、石屋川、御影
0%
春桜雑井大高西 春日原、桜並木、雑餉隈、井尻、大橋、高宮、西鉄平尾
0%
春勝新大千鶴金 春日井、勝川、新守山、大曽根、千種、鶴舞、金山
0%
春森福越大北鯖 春江、森田、福井、越前花堂、大土呂、北鯖江、鯖江
0%
春神高定古多土 春日井、神領、高蔵寺、定光寺、古虎渓、多治見、土岐市
0%
春大水都二天原 春日、大野城、水城、都府楼南、二日市、天拝山、原田
0%
春忠泉松北高羽 春木、忠岡、泉大津、松ノ浜、北助松、高石、羽衣
0%
春白下都西紫朝 春日原、白木原、下大利、都府楼前、西鉄二日市、紫、朝倉街道
0%
春八伊伊伊喜串 春賀、八多喜、伊予白滝、伊予出石、伊予長浜、喜多灘、串
0%
春和岸蛸貝二鶴 春木、和泉大宮、岸和田、蛸地蔵、貝塚、二色浜、鶴原
0%
純工唐神市中都 純心学園前、工学部前、唐湊、神田(交通局前)、市立病院前、中洲通、都通
0%
初下加冷海黒紀 初島、下津、加茂郷、冷水浦、海南、黒江、紀三井寺
0%
初萩北狭大金滝 初芝、萩原天神、北野田、狭山、大阪狭山市、金剛、滝谷
0%
初白中百三堺浅 初芝、白鷺、中百舌鳥、百舌鳥八幡、三国ヶ丘、堺東、浅香山
0%
初箕紀藤湯広紀 初島、箕島、紀伊宮原、藤並、湯浅、広川ビーチ、紀伊由良
0%
曙鴨鏡蛍旭旭旭 曙町東町、鴨部、鏡川橋、蛍橋、旭町三丁目、旭駅前通、旭町一丁目
0%
曙曙鴨鏡蛍旭旭 曙町、曙町東町、鴨部、鏡川橋、蛍橋、旭町三丁目、旭駅前通
0%
曙曙朝朝朝宮咥 曙町東町、曙町、朝倉、朝倉駅前、朝倉神社前、宮の奥、咥内
0%
曙朝朝朝宮咥宇 曙町、朝倉、朝倉駅前、朝倉神社前、宮の奥、咥内、宇治団地前
0%
渚久飛高上飛飛 渚、久々野、飛騨一ノ宮、高山、上枝、飛騨国府、飛騨古川
0%
渚飛飛上飛禅下 渚、飛騨小坂、飛騨宮田、上呂、飛騨萩原、禅昌寺、下呂
0%
緒石東亀乙半東 緒川、石浜、東浦、亀崎、乙川、半田、東成岩
0%
緒朝豊玉豊滝波 緒方、朝地、豊後竹田、玉来、豊後荻、滝水、波野
0%
諸居東岩大福鳥 諸寄、居組、東浜、岩美、大岩、福部、鳥取
0%
諸浜久餘鎧香柴 諸寄、浜坂、久谷、餘部、鎧、香住、柴山
0%
勝柿下越越越北 勝原、柿ケ島、下唯野、越前富田、越前田野、越前大野、北大野
0%
勝警上平赤鉄清 勝山町、警察署前、上一万、平和通一丁目、赤十字病院前、鉄砲町、清水町
0%
勝高米周玖欽柱 勝間、高水、米川、周防高森、玖珂、欽明路、柱野
0%
勝小鯰浦新飯天 勝野、小竹、鯰田、浦田、新飯塚、飯塚、天道
0%
勝新大千鶴金名 勝川、新守山、大曽根、千種、鶴舞、金山、名古屋
0%
勝西美東津院美 勝間田、西勝間田、美作大崎、東津山、津山、院庄、美作千代
0%
勝大県市南西大 勝山町、大街道、県庁前、市役所前、南堀端、西堀端、大手町駅前
0%
勝大周生周櫛徳 勝間、大河内、周防久保、生野屋、周防花岡、櫛ケ浜、徳山
0%
勝池板阿板阿讃 勝瑞、池谷、板東、阿波川端、板野、阿波大宮、讃岐相生
0%
勝比発保小越山 勝山、比島、発坂、保田、小舟渡、越前竹原、山王
0%
勝林楢美美上佐 勝間田、林野、楢原、美作江見、美作土居、上月、佐用
0%
商井修広佐楽山 商工センター入口、井口、修大協創中高前、広電五日市、佐伯区役所前、楽々園、山陽女学園前
0%
商市水国新味交 商業高校前、市立体育館前、水前寺公園、国府、新水前寺駅前、味噌天神前、交通局前
0%
商赤花ベ江清ハ 商工会議所前、赤十字前、花堂、ベル前、江端、清明、ハーモニーホール
0%
商草草古高東広 商工センター入口、草津南、草津、古江、高須、東高須、広電西広島(己斐)
0%
商八神健動健健 商業高校前、八丁馬場、神水交差点、健軍校前、動植物園入口、健軍交番前、健軍町
0%
小阿祖三阿佃箸 小歩危、阿波川口、祖谷口、三縄、阿波池田、佃、箸蔵
0%
小愛南高芦植向 小池、愛知大学前、南栄、高師、芦原、植田、向ヶ丘
0%
小粟河青社滝滝 小野町、粟生、河合西、青野ケ原、社町、滝野、滝
0%
小伊大久寺富新 小倉、伊勢田、大久保、久津川、寺田、富野荘、新田辺
0%
小伊北内飫日油 小内海、伊比井、北郷、内之田、飫肥、日南、油津
0%
小井道曽陽四乙 小柳、井口、道法寺、曽谷、陽羽里、四十万、乙丸
0%
小宇厚本嘉新四 小野田、宇部、厚東、本由良、嘉川、新山口、四辻
0%
小越高高西福石 小杉、越中大門、高岡、高岡やぶなみ、西高岡、福岡、石動
0%
小越山越轟光下 小舟渡、越前竹原、山王、越前野中、轟、光明寺、下志比
0%
小奥壺旭県美牧 小禄、奥武山公園、壺川、旭橋、県庁前、美栄橋、牧志
0%
小刈刈重知三三 小垣江、刈谷市、刈谷、重原、知立、三河知立、三河八橋
0%
小干森釜諫愛阿 小野、干拓の里、森山、釜ノ鼻、諫早東高校、愛野、阿母崎
0%
小間牛春味味上 小牧口、間内、牛山、春日井、味美、味鋺、上飯田
0%
小喜大印旭尾三 小幡、喜多山、大森・金城学院前、印場、旭前、尾張旭、三郷
0%
小鬼向豊賀南古 小野屋、鬼瀬、向之原、豊後国分、賀来、南大分、古国府
0%
小吉三高北新碧 小垣江、吉浜、三河高浜、高浜港、北新川、新川町、碧南中央
0%
小牛豊三長江東 小坂井、牛久保、豊川、三河一宮、長山、江島、東上
0%
小金新富黒糸上 小松、金沢、新高岡、富山、黒部宇奈月温泉、糸魚川、上越妙高
0%
小穴川阿山学阿 小島、穴吹、川田、阿波山川、山瀬、学、阿波川島
0%
小堅お比唐大山 小野、堅田、おごと温泉、比叡山坂本、唐崎、大津京、山科
0%
小呉天か吉川呉 小屋浦、呉ポートピア、天応、かるが浜、吉浦、川原石、呉
0%
小呉富新東水滑 小杉、呉羽、富山、新富山口、東富山、水橋、滑川
0%
小厚埴小長新幡 小野田、厚狭、埴生、小月、長府、新下関、幡生
0%
小向桃近伏竹上 小倉、向島、桃山御陵前、近鉄丹波橋、伏見、竹田、上鳥羽口
0%
小広高日高東万 小林、広原、高原、日向前田、高崎新田、東高崎、万ケ塚
0%
小江出西出直荘 小田、江南、出雲神西、西出雲、出雲市、直江、荘原
0%
小荒南中港荒稲 小本、荒子、南荒子、中島、港北、荒子川公園、稲永
0%
小行南新築椎豊 小波瀬西工大前、行橋、南行橋、新田原、築城、椎田、豊前松江
0%
小国御名名本名 小田渕、国府、御油、名電赤坂、名電長沢、本宿、名電山中
0%
小根姫下可美美 小泉、根本、姫、下切、可児、美濃川合、美濃太田
0%
小市樫大三三恵 小野、市場、樫山、大村、三木、三木上の丸、恵比須
0%
小篠住東後後後 小篭通、篠原、住吉通、東工業前、後免西町、後免中町、後免東町
0%
小勝直新筑鞍筑 小竹、勝野、直方、新入、筑前植木、鞍手、筑前垣生
0%
小小間牛春味味 小牧、小牧口、間内、牛山、春日井、味美、味鋺
0%
小小小味田楽羽 小牧口、小牧、小牧原、味岡、田県神社前、楽田、羽黒
0%
小小味田楽羽犬 小牧、小牧原、味岡、田県神社前、楽田、羽黒、犬山
0%
小松宇富川西熊 小川、松橋、宇土、富合、川尻、西熊本、熊本
0%
小上朝南大不栄 小杉、上堀、朝菜町、南富山、大泉、不二越、栄町
0%
小新厚新徳新広 小倉、新下関、厚狭、新山口、徳山、新岩国、広島
0%
小新今鶴谷日な 小路、新深江、今里、鶴橋、谷町九丁目、日本橋、なんば
0%
小真棚相大上本 小浦、真申、棚方、相浦、大学、上相浦、本山
0%
小仁甲門西阪今 小林、仁川、甲東園、門戸厄神、西宮北口、阪神国道、今津
0%
小水坂矢海向天 小屋浦、水尻、坂、矢野、海田市、向洋、天神川
0%
小勢加若若若三 小浜、勢浜、加斗、若狭本郷、若狭和田、若狭高浜、三松
0%
小西えええ京鶴 小林、西小林、えびの飯野、えびの上江、えびの、京町温泉、鶴丸
0%
小西九戸枝ス八 小倉、西小倉、九州工大前、戸畑、枝光、スペースワールド、八幡
0%
小西県城柳西岡 小橋、西大寺町・岡山芸術創造劇場ハレノワ前、県庁通り、城下、柳川、西川緑道公園、岡山駅前
0%
小西広上西中荒 小泉町、西中野、広貫堂前、上本町、西町、中町、荒町
0%
小西南城安下朽 小倉、西小倉、南小倉、城野、安部山公園、下曽根、朽網
0%
小西南城石志志 小倉、西小倉、南小倉、城野、石田、志井公園、志井
0%
小川黒梅吉福安 小串、川棚温泉、黒井村、梅ケ峠、吉見、福江、安岡
0%
小川彼千松大竹 小串郷、川棚、彼杵、千綿、松原、大村車両基地、竹松
0%
小早井い子御湯 小田、早雲の里荏原、井原、いずえ、子守唄の里高屋、御領、湯野
0%
小大松今西山太 小郡、大板井、松崎、今隈、西太刀洗、山隈、太刀洗
0%
小大土豊大土大 小歩危、大歩危、土佐岩原、豊永、大田口、土佐穴内、大杉
0%
小誕弓神福建金 小原、誕生寺、弓削、神目、福渡、建部、金川
0%
小長湯小肥東諫 小長井、長里、湯江、小江、肥前長田、東諫早、諫早
0%
小長明一清領北 小篭通、長崎、明見橋、一条橋、清和学園前、領石通、北浦
0%
小貞阿江三阿辻 小島、貞光、阿波半田、江口、三加茂、阿波加茂、辻
0%
小天観西福広東 小網町、天満町、観音町、西観音町、福島町、広電西広島(己斐)、東高須
0%
小天庄湯南由野 小野屋、天神山、庄内、湯平、南由布、由布院、野矢
0%
小田波久大静五 小田、田儀、波根、久手、大田市、静間、五十猛
0%
小土十本原紙紙 小網町、土橋、十日市町、本川町、原爆ドーム前、紙屋町西、紙屋町東
0%
小土十本原紙本 小網町、土橋、十日市町、本川町、原爆ドーム前、紙屋町西、本通
0%
小東新上若大十 小浜、東小浜、新平野、上中、若狭有田、大鳥羽、十村
0%
小東中多厳岩相 小城、東多久、中多久、多久、厳木、岩屋、相知
0%
小湯宇長滝特阿 小串、湯玉、宇賀本郷、長門二見、滝部、特牛、阿川
0%
小湯長小肥多肥 小江、湯江、長里、小長井、肥前大浦、多良、肥前飯田
0%
小道備比備平高 小奴可、道後山、備後落合、比婆山、備後西城、平子、高
0%
小内折青子曽運 小内海、内海、折生迫、青島、子供の国、曽山寺、運動公園
0%
小内備東野矢市 小奴可、内名、備後八幡、東城、野馳、矢神、市岡
0%
小日岡土西佐襟 小村神社前、日下、岡花、土佐加茂、西佐川、佐川、襟野々
0%
小能明小粟動加 小舞子、能美根上、明峰、小松、粟津、動橋、加賀温泉
0%
小波伊枝朝高旭 小村神社前、波川、伊野、枝川、朝倉、高知商業前、旭
0%
小白川川金守砂 小幡緑地、白沢渓谷、川村、川宮、金屋、守山、砂田橋
0%
小肥多肥肥肥肥 小長井、肥前大浦、多良、肥前飯田、肥前七浦、肥前浜、肥前鹿島
0%
小肥東諫西喜市 小江、肥前長田、東諫早、諫早、西諫早、喜々津、市布
0%
小美越越計牛北 小和清水、美山、越前薬師、越前大宮、計石、牛ケ原、北大野
0%
小美加西松野西 小舞子、美川、加賀笠間、西松任、松任、野々市、西金沢
0%
小瓢守矢大森尼 小幡、瓢箪山、守山自衛隊前、矢田、大曽根、森下、尼ヶ坂
0%
小布開月大上大 小杉、布市、開発、月岡、大庄、上滝、大川寺
0%
小平旦香片城北 小倉、平和通、旦過、香春口三萩野、片野、城野、北方
0%
小明明斎漕櫛東 小俣、明野、明星、斎宮、漕代、櫛田、東松阪
0%
小目南南小雀長 小野田、目出、南中川、南小野田、小野田港、雀田、長門長沢
0%
小門小西九戸枝 小森江、門司、小倉、西小倉、九州工大前、戸畑、枝光
0%
小門小西南城安 小森江、門司、小倉、西小倉、南小倉、城野、安部山公園
0%
小矢三備吉川清 小田、矢掛、三谷、備中呉妹、吉備真備、川辺宿、清音
0%
小夕網峰京与岩 小天橋、夕日ヶ浦木津温泉、網野、峰山、京丹後大宮、与謝野、岩滝口
0%
小和蓬志比近北 小野、和邇、蓬莱、志賀、比良、近江舞子、北小松
0%
小鯰浦新飯天桂 小竹、鯰田、浦田、新飯塚、飯塚、天道、桂川
0%
少千山万宇南沢 少路、千里中央、山田、万博記念公園、宇野辺、南茨木、沢良宜
0%
庄庄浄浅丸伏大 庄内緑地公園、庄内通、浄心、浅間町、丸の内、伏見、大須観音
0%
庄浄浅丸伏大上 庄内通、浄心、浅間町、丸の内、伏見、大須観音、上前津
0%
庄第新中東海越 庄川口、第一イン新湊 クロスベイ前、新町口、中新湊、東新湊、海王丸、越ノ潟
0%
庄天小鬼向豊賀 庄内、天神山、小野屋、鬼瀬、向之原、豊後国分、賀来
0%
庄湯南由野豊引 庄内、湯平、南由布、由布院、野矢、豊後中村、引治
0%
庄服曽岡豊蛍石 庄内、服部天神、曽根、岡町、豊中、蛍池、石橋阪大前
0%
庄六中吉新能米 庄川口、六渡寺、中伏木、吉久、新吉久、能町口、米島口
0%
床常草宇東琴宇 床波、常盤、草江、宇部岬、東新川、琴芝、宇部新川
0%
昭栗栗木屋古八 昭和町、栗林公園北口、栗林、木太町、屋島、古高松南、八栗口
0%
昭西長あ北新な 昭和町、西田辺、長居、あびこ、北花田、新金岡、なかもず
0%
昭千若長岩浦大 昭和町通り、千歳町、若葉町、長崎大学、岩屋橋、浦上車庫、大橋
0%
昭天動大な心本 昭和町、天王寺、動物園前、大国町、なんば、心斎橋、本町
0%
松宇富川西熊上 松橋、宇土、富合、川尻、西熊本、熊本、上熊本
0%
松沖春潟琴古八 松島二丁目、沖松島、春日川、潟元、琴電屋島、古高松、八栗
0%
松観越東追越越 松岡、観音町、越前島橋、東藤島、追分口、越前新保、越前開発
0%
松関関関せ関関 松森、関下有知、関市役所前、関、せきてらす前、関口、関富岡
0%
松吉真西江半十 松丸、吉野生、真土、西ケ方、江川崎、半家、十川
0%
松穴滋南近京大 松ノ馬場、穴太、滋賀里、南滋賀、近江神宮前、京阪大津京、大津市役所前
0%
松古岡鎌余土土 松前、古泉、岡田、鎌田、余戸、土居田、土橋
0%
松御西東中た西 松浦発電所前、御厨、西木場、東田平、中田平、たびら平戸口、西田平
0%
松高津伊一園湖 松江フォーゲルパーク、高ノ宮、津ノ森、伊野灘、一畑口、園、湖遊館新駅
0%
松今西山太高甘 松崎、今隈、西太刀洗、山隈、太刀洗、高田、甘木
0%
松三伊堀光粟柳 松山、三津浜、伊予和気、堀江、光洋台、粟井、柳原
0%
松市北南伊鳥伊 松山、市坪、北伊予、南伊予、伊予横田、鳥ノ木、伊予市
0%
松志永下光轟越 松岡、志比堺、永平寺口、下志比、光明寺、轟、越前野中
0%
松出近深大二伊 松丸、出目、近永、深田、大内、二名、伊予宮野下
0%
松松御西東中た 松浦、松浦発電所前、御厨、西木場、東田平、中田平、たびら平戸口
0%
松松朝長秋松高 松江しんじ湖温泉、松江イングリッシュガーデン前、朝日ヶ丘、長江、秋鹿町、松江フォーゲルパーク、高ノ宮
0%
松松調前鷹今福 松浦発電所前、松浦、調川、前浜、鷹島口、今福、福島口
0%
松松東櫛漕斎明 松ヶ崎、松阪、東松阪、櫛田、漕代、斎宮、明星
0%
松上権伊一井伊 松阪、上ノ庄、権現前、伊勢八太、一志、井関、伊勢大井
0%
松真大耳大桜大 松塚、真菅、大和八木、耳成、大福、桜井、大和朝倉
0%
松西加美小能明 松任、西松任、加賀笠間、美川、小舞子、能美根上、明峰
0%
松青三若若若加 松尾寺、青郷、三松、若狭高浜、若狭和田、若狭本郷、加斗
0%
松石い福北久鷹 松山市、石手川公園、いよ立花、福音寺、北久米、久米、鷹ノ子
0%
松千彼川小南ハ 松原、千綿、彼杵、川棚、小串郷、南風崎、ハウステンボス
0%
松泉忠春和岸蛸 松ノ浜、泉大津、忠岡、春木、和泉大宮、岸和田、蛸地蔵
0%
松倉下由浦八赤 松崎、倉吉、下北条、由良、浦安、八橋、赤碕
0%
松大古衣西山三 松山市、大手町、古町、衣山、西衣山、山西、三津
0%
松大築五近二関 松塚、大和高田、築山、五位堂、近鉄下田、二上、関屋
0%
松大竹新諏大岩 松原、大村車両基地、竹松、新大村、諏訪、大村、岩松
0%
松大有多神西大 松尾、大三東、有明湯江、多比良、神代、西郷、大正
0%
松谷玉森大京蒲 松屋町、谷町六丁目、玉造、森ノ宮、大阪ビジネスパーク、京橋、蒲生四丁目
0%
松朝長秋松高津 松江イングリッシュガーデン前、朝日ヶ丘、長江、秋鹿町、松江フォーゲルパーク、高ノ宮、津ノ森
0%
松調前鷹今福浦 松浦、調川、前浜、鷹島口、今福、福島口、浦ノ崎
0%
松長心西西ド大 松屋町、長堀橋、心斎橋、西大橋、西長堀、ドーム前千代崎、大正
0%
松土土余鎌岡古 松山市、土橋、土居田、余戸、鎌田、岡田、古泉
0%
松東櫛漕斎明明 松阪、東松阪、櫛田、漕代、斎宮、明星、明野
0%
松東北姫帝帝神 松虫、東天下茶屋、北畠、姫松、帝塚山三丁目、帝塚山四丁目、神ノ木
0%
松徳多相佐栃川 松阪、徳和、多気、相可、佐奈、栃原、川添
0%
松南市県大勝警 松山市駅、南堀端、市役所前、県庁前、大街道、勝山町、警察署前
0%
松二五伊山宮田 松下、二見浦、五十鈴ケ丘、伊勢市、山田上口、宮川、田丸
0%
松乃玉来宍荘直 松江、乃木、玉造温泉、来待、宍道、荘原、直江
0%
松泊青浜宝末鳥 松崎、泊、青谷、浜村、宝木、末恒、鳥取大学前
0%
松白五沓上志穴 松尾、白木、五知、沓掛、上之郷、志摩磯部、穴川
0%
松美梅湯洲母木 松森、美濃市、梅山、湯の洞温泉口、洲原、母野、木尾
0%
松北高羽浜諏石 松ノ浜、北助松、高石、羽衣、浜寺公園、諏訪ノ森、石津川
0%
松北聖天東塚東 松田町、北天下茶屋、聖天坂、天神ノ森、東玉出、塚西、東粉浜
0%
松北北鞍今丸烏 松ヶ崎、北山、北大路、鞍馬口、今出川、丸太町、烏丸御池
0%
松野西金東森津 松任、野々市、西金沢、金沢、東金沢、森本、津幡
0%
松六高阿津一下 松阪、六軒、高茶屋、阿漕、津、一身田、下庄
0%
樟橋石淀中伏丹 樟葉、橋本、石清水八幡宮、淀、中書島、伏見桃山、丹波橋
0%
樟牧御枚枚光香 樟葉、牧野、御殿山、枚方市、枚方公園、光善寺、香里園
0%
焼下禅飛上飛飛 焼石、下呂、禅昌寺、飛騨萩原、上呂、飛騨宮田、飛騨小坂
0%
焼飛下白上下中 焼石、飛騨金山、下油井、白川口、上麻生、下麻生、中川辺
0%
菖学富東生石額 菖蒲池、学園前、富雄、東生駒、生駒、石切、額田
0%
上た肥海佐湯津 上田浦、たのうら御立岬公園、肥後田浦、海浦、佐敷、湯浦、津奈木
0%
上旭旭旭蛍鏡鴨 上町五丁目、旭町一丁目、旭駅前通、旭町三丁目、蛍橋、鏡川橋、鴨部
0%
上安毘大古中西 上安、安東、毘沙門台、大町、古市、中筋、西原
0%
上伊双八千伊西 上宇和、伊予石城、双岩、八幡浜、千丈、伊予平野、西大洲
0%
上磯割三三大北 上諸江、磯部、割出、三口、三ツ屋、大河端、北間
0%
上一星東本覚池 上社、一社、星ヶ丘、東山公園、本山、覚王山、池下
0%
上卯下立伊高北 上宇和、卯之町、下宇和、立間、伊予吉田、高光、北宇和島
0%
上臼津日浅狩海 上臼杵、臼杵、津久見、日代、浅海井、狩生、海崎
0%
上下高九学紀橋 上古沢、下古沢、高野下、九度山、学文路、紀伊清水、橋本
0%
上下上福石高綾 上夜久野、下夜久野、上川口、福知山、石原、高津、綾部
0%
上下上梁和養八 上川口、下夜久野、上夜久野、梁瀬、和田山、養父、八鹿
0%
上下中古美坂鵜 上麻生、下麻生、中川辺、古井、美濃太田、坂祝、鵜沼
0%
上丸依市猪四桑 上林、丸山、依那古、市部、猪田道、四十九、桑町
0%
上丸渕六町津日 上丸渕、丸渕、渕高、六輪、町方、津島、日比野
0%
上宮仁篠長渡三 上山口、宮野、仁保、篠目、長門峡、渡川、三谷
0%
上金人赤ふ市中 上金田、金田、人見、赤池、ふれあい生力、市場、中泉
0%
上金桃肥大駒佐 上伊万里、金石原、桃川、肥前長野、大川野、駒鳴、佐里
0%
上駒古道土藤高 上ノ太子、駒ヶ谷、古市、道明寺、土師ノ里、藤井寺、高鷲
0%
上沓五白松加船 上之郷、沓掛、五知、白木、松尾、加茂、船津
0%
上熊下佐幸坂大 上臼杵、熊崎、下ノ江、佐志生、幸崎、坂ノ市、大在
0%
上熊西川富宇松 上熊本、熊本、西熊本、川尻、富合、宇土、松橋
0%
上警勝大県市南 上一万、警察署前、勝山町、大街道、県庁前、市役所前、南堀端
0%
上権伊一井伊伊 上ノ庄、権現前、伊勢八太、一志、井関、伊勢大井、伊勢川口
0%
上県本杉段蔚新 上熊本、県立体育館前、本妙寺入口、杉塘、段山町、蔚山町、新町
0%
上戸近駅万道湯 上戸手、戸手、近田、駅家、万能倉、道上、湯田村
0%
上勾柿内赤油源 上伊田、勾金、柿下温泉口、内田、赤、油須原、源じいの森
0%
上広茅桑四猪市 上野市、広小路、茅町、桑町、四十九、猪田道、市部
0%
上広西小堀大南 上本町、広貫堂前、西中野、小泉町、堀川小泉、大町、南富山駅前
0%
上甲梶備吉三塩 上下、甲奴、梶田、備後安田、吉舎、三良坂、塩町
0%
上甲吉向井志上 上川立、甲立、吉田口、向原、井原市、志和口、上三田
0%
上高長伴大伴大 上安、高取、長楽寺、伴、大原、伴中央、大塚
0%
上高飛久渚飛飛 上枝、高山、飛騨一ノ宮、久々野、渚、飛騨小坂、飛騨宮田
0%
上高富総茨南摂 上牧、高槻市、富田、総持寺、茨木市、南茨木、摂津市
0%
上黒根武江伯岸 上菅、黒坂、根雨、武庫、江尾、伯耆溝口、岸本
0%
上笹脇宇二南涙 上塩屋、笹貫、脇田、宇宿一丁目、二軒茶屋、南鹿児島駅前、涙橋
0%
上薩伊東湯市神 上伊集院、薩摩松元、伊集院、東市来、湯之元、市来、神村学園前
0%
上三永武高北大 上有田、三間坂、永尾、武雄温泉、高橋、北方、大町
0%
上三吉和熊万瀬 上郡、三石、吉永、和気、熊山、万富、瀬戸
0%
上山湯矢大仁上 上山口、山口、湯田温泉、矢原、大歳、仁保津、上郷
0%
上志井向吉甲上 上三田、志和口、井原市、向原、吉田口、甲立、上川立
0%
上志穴志鵜志賢 上之郷、志摩磯部、穴川、志摩横山、鵜方、志摩神明、賢島
0%
上志西三八神塩 上川立、志和地、西三次、三次、八次、神杉、塩町
0%
上糸黒富新金小 上越妙高、糸魚川、黒部宇奈月温泉、富山、新高岡、金沢、小松
0%
上若大十藤三気 上中、若狭有田、大鳥羽、十村、藤井、三方、気山
0%
上狩白中上志井 上深川、狩留家、白木山、中三田、上三田、志和口、井原市
0%
上出東池三柿三 上市場、出馬、東栄、池場、三河川合、柿平、三河槙原
0%
上小布開月大上 上堀、小杉、布市、開発、月岡、大庄、上滝
0%
上庄庄浄浅丸伏 上小田井、庄内緑地公園、庄内通、浄心、浅間町、丸の内、伏見
0%
上上旭旭旭蛍鏡 上町四丁目、上町五丁目、旭町一丁目、旭駅前通、旭町三丁目、蛍橋、鏡川橋
0%
上上上旭旭旭蛍 上町二丁目、上町四丁目、上町五丁目、旭町一丁目、旭駅前通、旭町三丁目、蛍橋
0%
上上上上旭旭旭 上町一丁目、上町二丁目、上町四丁目、上町五丁目、旭町一丁目、旭駅前通、旭町三丁目
0%
上上上上枡グ県 上町五丁目、上町四丁目、上町二丁目、上町一丁目、枡形、グランド通、県庁前
0%
上上上枡グ県高 上町四丁目、上町二丁目、上町一丁目、枡形、グランド通、県庁前、高知城前
0%
上上枡グ県高大 上町二丁目、上町一丁目、枡形、グランド通、県庁前、高知城前、大橋通
0%
上浄三黒米日赤 上豊田、浄水、三好ヶ丘、黒笹、米野木、日進、赤池
0%
上新高鵜府下中 上戸手、新市、高木、鵜飼、府中、下川辺、中畑
0%
上新相越寺越越 上市、新相ノ木、相ノ木、越中泉、寺田、越中舟橋、越中三郷
0%
上新足備新石井 上石見、新郷、足立、備中神代、新見、石蟹、井倉
0%
上新中西西中滑 上市、新宮川、中加積、西加積、西滑川、中滑川、滑川
0%
上新東小勢加若 上中、新平野、東小浜、小浜、勢浜、加斗、若狭本郷
0%
上森山玉萩二苅 上丸渕、森上、山崎、玉野、萩原、二子、苅安賀
0%
上深周岩阿岐丸 上嘉川、深溝、周防佐山、岩倉、阿知須、岐波、丸尾
0%
上仁大矢湯山上 上郷、仁保津、大歳、矢原、湯田温泉、山口、上山口
0%
上水大西長西東 上牧、水無瀬、大山崎、西山天王山、長岡天神、西向日、東向日
0%
上崇西植田木肥 上熊本、崇城大学前、西里、植木、田原坂、木葉、肥後伊倉
0%
上瀬万熊和吉三 上道、瀬戸、万富、熊山、和気、吉永、三石
0%
上生上黒根武江 上石見、生山、上菅、黒坂、根雨、武庫、江尾
0%
上生上新足備新 上菅、生山、上石見、新郷、足立、備中神代、新見
0%
上西中荒桜電地 上本町、西町、中町、荒町、桜橋、電気ビル前、地鉄ビル前
0%
上西徳大岩石布 上小田井、西春、徳重・名古屋芸大、大山寺、岩倉、石仏、布袋
0%
上青成知住半植 上ゲ、青山、成岩、知多半田、住吉町、半田口、植大
0%
上相正摂南茨総 上新庄、相川、正雀、摂津市、南茨木、茨木市、総持寺
0%
上草薩西薩牛阿 上川内、草道、薩摩高城、西方、薩摩大川、牛ノ浜、阿久根
0%
上苔河久佐平石 上郡、苔縄、河野原円心、久崎、佐用、平福、石井
0%
上大月開布小上 上滝、大庄、月岡、開発、布市、小杉、上堀
0%
上大相棚真小佐 上相浦、大学、相浦、棚方、真申、小浦、佐々
0%
上大大美白白北 上万場、大中、大島、美濃白鳥、白鳥高原、白山長滝、北濃
0%
上大伏丸浅浄庄 上前津、大須観音、伏見、丸の内、浅間町、浄心、庄内通
0%
上棚玉山山長城 上狛、棚倉、玉水、山城多賀、山城青谷、長池、城陽
0%
上竹伏近桃向小 上鳥羽口、竹田、伏見、近鉄丹波橋、桃山御陵前、向島、小倉
0%
上中下玖安戸矢 上深川、中深川、下深川、玖村、安芸矢口、戸坂、矢賀
0%
上中白狩上中下 上三田、中三田、白木山、狩留家、上深川、中深川、下深川
0%
上朝南大不栄稲 上堀、朝菜町、南富山、大泉、不二越、栄町、稲荷町
0%
上直直重宗市北 上岡、直見、直川、重岡、宗太郎、市棚、北川
0%
上津鳳富北信和 上野芝、津久野、鳳、富木、北信太、信太山、和泉府中
0%
上鶴荒御川い八 上前津、鶴舞、荒畑、御器所、川名、いりなか、八事
0%
上土竹若三三知 上挙母、土橋、竹村、若林、三河八橋、三河知立、知立
0%
上東金西熱熱堀 上前津、東別院、金山、西高蔵、熱田神宮西、熱田神宮伝馬町、堀田
0%
上二二当磐尺高 上ノ太子、二上山、二上神社口、当麻寺、磐城、尺土、高田市
0%
上梅七緑大古下 上八木、梅林、七軒茶屋、緑井、大町、古市橋、下祇園
0%
上飛禅下焼飛下 上呂、飛騨萩原、禅昌寺、下呂、焼石、飛騨金山、下油井
0%
上飛飛渚久飛高 上呂、飛騨宮田、飛騨小坂、渚、久々野、飛騨一ノ宮、高山
0%
上飛飛杉飛角坂 上枝、飛騨国府、飛騨古川、杉崎、飛騨細江、角川、坂上
0%
上美美楢林勝西 上月、美作土居、美作江見、楢原、林野、勝間田、西勝間田
0%
上百三堺浅杉我 上野芝、百舌鳥、三国ケ丘、堺市、浅香、杉本町、我孫子町
0%
上福西西桜米南 上横須賀、福地、西尾、西尾口、桜町前、米津、南桜井
0%
上福石高綾山立 上川口、福知山、石原、高津、綾部、山家、立木
0%
上平赤鉄清高木 上一万、平和通一丁目、赤十字病院前、鉄砲町、清水町、高砂町、木屋町
0%
上本大金大北古 上浦、本郷、大堰、金島、大城、北野、古賀茶屋
0%
上本中皆野左泉 上相浦、本山、中里、皆瀬、野中、左石、泉福寺
0%
上万郡徳山自郡 上万場、万場、郡上大和、徳永、山田、自然園前、郡上八幡
0%
上味味春牛間小 上飯田、味鋺、味美、春日井、牛山、間内、小牧口
0%
上矢栄久名名黒 上前津、矢場町、栄、久屋大通、名古屋城、名城公園、黒川
0%
上有三早大日佐 上有田、有田、三河内、早岐、大塔、日宇、佐世保
0%
上有相竜網は英 上郡、有年、相生、竜野、網干、はりま勝原、英賀保
0%
上余高中米大和 上道、余子、高松町、中浜、米子空港、大篠津町、和田浜
0%
上梁和養八江国 上夜久野、梁瀬、和田山、養父、八鹿、江原、国府
0%
上枡グ県高大堀 上町一丁目、枡形、グランド通、県庁前、高知城前、大橋通、堀詰
0%
城安下朽苅小行 城野、安部山公園、下曽根、朽網、苅田、小波瀬西工大前、行橋
0%
城越粟下奥龍イ 城川原、越中中島、粟島(大阪屋ショップ前)、下奥井、奥田中学校前、龍谷富山高校前(永楽町)、インテック本社前
0%
城越福東福高東 城端、越中山田、福光、東石黒、福野、高儀、東野尻
0%
城犬蓮萩東競岩 城川原、犬島新町、蓮町(馬場記念公園前)、萩浦小学校前、東岩瀬、競輪場前、岩瀬浜
0%
城県西小中門東 城下、県庁通り、西大寺町・岡山芸術創造劇場ハレノワ前、小橋、中納言、門田屋敷、東山・おかでんミュージアム駅
0%
城新白牛不祇西 城北、新白島、白島、牛田、不動院前、祇園新橋北、西原
0%
城石志志石呼採 城野、石田、志井公園、志井、石原町、呼野、採銅所
0%
城竹佐柴香鎧餘 城崎温泉、竹野、佐津、柴山、香住、鎧、餘部
0%
城筑篠門長原柚 城戸南蔵院前、筑前山手、篠栗、門松、長者原、原町、柚須
0%
城長山山玉棚上 城陽、長池、山城青谷、山城多賀、玉水、棚倉、上狛
0%
城南西小門小門 城野、南小倉、西小倉、小倉、門司、小森江、門司港
0%
城北競守徳徳志 城野、北方、競馬場前、守恒、徳力公団前、徳力嵐山口、志井
0%
常栄弥浦福西球 常盤、栄、弥生、浦田、福井、西富井、球場前
0%
常草宇東琴宇居 常盤、草江、宇部岬、東新川、琴芝、宇部新川、居能
0%
常多榎蒲西大新 常滑、多屋、榎戸、蒲池、西ノ口、大野町、新舞子
0%
常迫備彦茶久早 常山、迫川、備前片岡、彦崎、茶屋町、久々原、早島
0%
常鳴宇御妙龍等 常盤、鳴滝、宇多野、御室仁和寺、妙心寺、龍安寺、等持院・立命館大学衣笠キャンパス前
0%
浄浅丸伏大上鶴 浄心、浅間町、丸の内、伏見、大須観音、上前津、鶴舞
0%
埴厚小宇厚本嘉 埴生、厚狭、小野田、宇部、厚東、本由良、嘉川
0%
埴小長新幡下門 埴生、小月、長府、新下関、幡生、下関、門司
0%
飾妻白八的大山 飾磨、妻鹿、白浜の宮、八家、的形、大塩、山陽曽根
0%
植阿坂白巽八南 植大、阿久比、坂部、白沢、巽ヶ丘、八幡新田、南加木屋
0%
植芦高南愛小柳 植田、芦原、高師、南栄、愛知大学前、小池、柳生橋
0%
植塩八い川御荒 植田、塩釜口、八事、いりなか、川名、御器所、荒畑
0%
植向大老杉や豊 植田、向ヶ丘、大清水、老津、杉山、やぐま台、豊島
0%
植田木肥玉大長 植木、田原坂、木葉、肥後伊倉、玉名、大野下、長洲
0%
植半住知成青上 植大、半田口、住吉町、知多半田、成岩、青山、上ゲ
0%
植霧嘉中表日隼 植村、霧島温泉、嘉例川、中福良、表木山、日当山、隼人
0%
織本糸モ北美十 織部、本巣、糸貫、モレラ岐阜、北方真桑、美江寺、十九条
0%
織木谷神高鍋日 織部、木知原、谷汲口、神海、高科、鍋原、日当
0%
信勢竜平元東萩 信貴山下、勢野北口、竜田川、平群、元山上口、東山、萩の台
0%
信北富鳳津上百 信太山、北信太、富木、鳳、津久野、上野芝、百舌鳥
0%
信和久下東東和 信太山、和泉府中、久米田、下松、東岸和田、東貝塚、和泉橋本
0%
寝萱大古門西守 寝屋川市、萱島、大和田、古川橋、門真市、西三荘、守口市
0%
寝香光枚枚御牧 寝屋川市、香里園、光善寺、枚方公園、枚方市、御殿山、牧野
0%
寝忍四野住鴻徳 寝屋川公園、忍ケ丘、四条畷、野崎、住道、鴻池新田、徳庵
0%
心長松谷玉森大 心斎橋、長堀橋、松屋町、谷町六丁目、玉造、森ノ宮、大阪ビジネスパーク
0%
新し古千福東東 新宮中央、ししぶ、古賀、千鳥、福間、東福間、東郷
0%
新阿由田木北日 新野、阿波福井、由岐、田井ノ浜、木岐、北河内、日和佐
0%
新愛四貝保篠八 新豊田、愛環梅坪、四郷、貝津、保見、篠原、八草
0%
新安近北近比志 新旭、安曇川、近江高島、北小松、近江舞子、比良、志賀
0%
新安呉川吉か天 新広、安芸阿賀、呉、川原石、吉浦、かるが浜、天応
0%
新宇矢岡東男美 新安城、宇頭、矢作橋、岡崎公園前、東岡崎、男川、美合
0%
新鵜羽苧名二三 新鵜沼、鵜沼宿、羽場、苧ヶ瀬、名電各務原、二十軒、三柿野
0%
新鵜紀阿紀神有 新宮、鵜殿、紀伊井田、阿田和、紀伊市木、神志山、有井
0%
新蔚段杉本県上 新町、蔚山町、段山町、杉塘、本妙寺入口、県立体育館前、上熊本
0%
新浦鯰小勝直新 新飯塚、浦田、鯰田、小竹、勝野、直方、新入
0%
新栄伏名亀本中 新栄町、栄、伏見、名古屋、亀島、本陣、中村日赤
0%
新押野野馬額乙 新西金沢、押野、野々市、野々市工大前、馬替、額住宅前、乙丸
0%
新横三安下古大 新白島、横川、三滝、安芸長束、下祇園、古市橋、大町
0%
新横西新五廿宮 新白島、横川、西広島、新井口、五日市、廿日市、宮内串戸
0%
新岡相姫西新新 新倉敷、岡山、相生、姫路、西明石、新神戸、新大阪
0%
新荻旭江市志広 新能町、荻布、旭ヶ丘、江尻、市民病院前、志貴野中学校前、広小路
0%
新嘉本厚宇小厚 新山口、嘉川、本由良、厚東、宇部、小野田、厚狭
0%
新介文高県西葛 新木、介良通、文珠通、高須、県立美術館通、西高須、葛島橋東詰
0%
新海塩北楠長箕 新正、海山道、塩浜、北楠、楠、長太ノ浦、箕田
0%
新笠田石結フ平 新ノ口、笠縫、田原本、石見、結崎、ファミリー公園前、平端
0%
新丸須新二西東 新清洲、丸ノ内、須ヶ口、新川橋、二ツ杁、西枇杷島、東枇杷島
0%
新喜五内伊伊伊 新谷、喜多山、五十崎、内子、伊予立川、伊予中山、伊予大平
0%
新吉中六庄第新 新吉久、吉久、中伏木、六渡寺、庄川口、第一イン新湊 クロスベイ前、新町口
0%
新牛知一富豊前 新安城、牛田、知立、一ツ木、富士松、豊明、前後
0%
新京米岐名三豊 新大阪、京都、米原、岐阜羽島、名古屋、三河安城、豊橋
0%
新近川阿霞近川 新正、近鉄四日市、川原町、阿倉川、霞ヶ浦、近鉄富田、川越富洲原
0%
新金鴨里笠大東 新倉敷、金光、鴨方、里庄、笠岡、大門、東福山
0%
新金小加芦福越 新高岡、金沢、小松、加賀温泉、芦原温泉、福井、越前たけふ
0%
新駒苅御和中ハ 新長田、駒ヶ林、苅藻、御崎公園、和田岬、中央市場前、ハーバーランド
0%
新熊新新出川鹿 新玉名、熊本、新八代、新水俣、出水、川内、鹿児島中央
0%
新熊新新筑久新 新八代、熊本、新玉名、新大牟田、筑後船小屋、久留米、新鳥栖
0%
新桑阿見阿阿西 新野、桑野、阿波橘、見能林、阿南、阿波中島、西原
0%
新経電電東荻長 新魚津、経田、電鉄石田、電鉄黒部、東三日市、荻生、長屋
0%
新犬犬犬木扶柏 新鵜沼、犬山遊園、犬山、犬山口、木津用水、扶桑、柏森
0%
新厚新徳新広東 新下関、厚狭、新山口、徳山、新岩国、広島、東広島
0%
新広仁安安安風 新広、広、仁方、安芸川尻、安登、安浦、風早
0%
新広相藍草古南 新三田、広野、相野、藍本、草野、古市、南矢代
0%
新広天向海安中 新白島、広島、天神川、向洋、海田市、安芸中野、中野東
0%
新広東三新福新 新岩国、広島、東広島、三原、新尾道、福山、新倉敷
0%
新甲高天い朝市 新屋敷、甲東中学校前、高見馬場、天文館通、いづろ通、朝日通、市役所前
0%
新高手切細田名 新加納、高田橋、手力、切通、細畑、田神、名鉄岐阜
0%
新国水市商八神 新水前寺駅前、国府、水前寺公園、市立体育館前、商業高校前、八丁馬場、神水交差点
0%
新狛近三興新富 新祝園、狛田、近鉄宮津、三山木、興戸、新田辺、富野荘
0%
新今芦大弁西野 新今宮、今宮、芦原橋、大正、弁天町、西九条、野田
0%
新今今松北聖天 新今宮駅前、今池、今船、松田町、北天下茶屋、聖天坂、天神ノ森
0%
新今鶴谷日な桜 新深江、今里、鶴橋、谷町九丁目、日本橋、なんば、桜川
0%
新佐伊島月大笠 新堂、佐那具、伊賀上野、島ケ原、月ケ瀬口、大河原、笠置
0%
新桜鶴野鳴相神 新瑞橋、桜本町、鶴里、野並、鳴子北、相生山、神沢
0%
新札市豊東前東 新川、札木、市役所前、豊橋公園前、東八町、前畑、東田坂上
0%
新三紀宇那紀紀 新宮、三輪崎、紀伊佐野、宇久井、那智、紀伊天満、紀伊勝浦
0%
新三県大湊上長 新神戸、三宮、県庁前、大倉山、湊川公園、上沢、長田
0%
新三東広新徳新 新尾道、三原、東広島、広島、新岩国、徳山、新山口
0%
新三末永三北大 新上挙母、三河豊田、末野原、永覚、三河上郷、北野桝塚、大門
0%
新四大防富戸福 新山口、四辻、大道、防府、富海、戸田、福川
0%
新市各六三二名 新那加、市民公園前、各務原市役所前、六軒、三柿野、二十軒、名電各務原
0%
新寺長生新青竹 新野、寺前、長谷、生野、新井、青倉、竹田
0%
新出大五長八ス 新地中華街、出島、大波止、五島町、長崎駅前、八千代町、スタジアムシティサウス
0%
新勝春神高定古 新守山、勝川、春日井、神領、高蔵寺、定光寺、古虎渓
0%
新上戸近駅万道 新市、上戸手、戸手、近田、駅家、万能倉、道上
0%
新上若大十藤三 新平野、上中、若狭有田、大鳥羽、十村、藤井、三方
0%
新上新相越寺越 新宮川、上市、新相ノ木、相ノ木、越中泉、寺田、越中舟橋
0%
新上新中西西中 新相ノ木、上市、新宮川、中加積、西加積、西滑川、中滑川
0%
新上深周岩阿岐 新山口、上嘉川、深溝、周防佐山、岩倉、阿知須、岐波
0%
新上生上黒根武 新郷、上石見、生山、上菅、黒坂、根雨、武庫
0%
新城長山山玉棚 新田、城陽、長池、山城青谷、山城多賀、玉水、棚倉
0%
新新愛四貝保篠 新上挙母、新豊田、愛環梅坪、四郷、貝津、保見、篠原
0%
新新熊新新出川 新大牟田、新玉名、熊本、新八代、新水俣、出水、川内
0%
新新熊新新筑久 新水俣、新八代、熊本、新玉名、新大牟田、筑後船小屋、久留米
0%
新新高手切細田 新那加、新加納、高田橋、手力、切通、細畑、田神
0%
新新三末永三北 新豊田、新上挙母、三河豊田、末野原、永覚、三河上郷、北野桝塚
0%
新新市各六三二 新加納、新那加、市民公園前、各務原市役所前、六軒、三柿野、二十軒
0%
新新諏市め浜観 新中川町、新大工町、諏訪神社、市役所、めがね橋、浜町アーケード、観光通り
0%
新新諏市め浜西 新中川町、新大工町、諏訪神社、市役所、めがね橋、浜町アーケード、西浜町
0%
新新諏市桜長八 新中川町、新大工町、諏訪神社、市役所、桜町、長崎駅前、八千代町
0%
新新西姫相岡新 新大阪、新神戸、西明石、姫路、相生、岡山、新倉敷
0%
新諏市め浜観思 新大工町、諏訪神社、市役所、めがね橋、浜町アーケード、観光通り、思案橋
0%
新諏市め浜西新 新大工町、諏訪神社、市役所、めがね橋、浜町アーケード、西浜町、新地中華街
0%
新諏市桜長八ス 新大工町、諏訪神社、市役所、桜町、長崎駅前、八千代町、スタジアムシティサウス
0%
新須丸新大奥国 新川橋、須ヶ口、丸ノ内、新清洲、大里、奥田、国府宮
0%
新須三黒熊再御 新須屋、須屋、三ツ石、黒石、熊本高専前、再春医療センター前、御代志
0%
新須須酒長伊土 新原、須恵中央、須恵、酒殿、長者原、伊賀、土井
0%
新水三尾旭印大 新瀬戸、水野、三郷、尾張旭、旭前、印場、大森・金城学院前
0%
新水袋米出西高 新水俣、水俣、袋、米ノ津、出水、西出水、高尾野
0%
新水東竜武光三 新水前寺、水前寺、東海学園前、竜田口、武蔵塚、光の森、三里木
0%
新瑞瑞桜御吹今 新瑞橋、瑞穂運動場西、瑞穂区役所、桜山、御器所、吹上、今池
0%
新瑞総八八名本 新瑞橋、瑞穂運動場東、総合リハビリセンター、八事、八事日赤、名古屋大学、本山
0%
新生長寺新鶴甘 新井、生野、長谷、寺前、新野、鶴居、甘地
0%
新西横新広天向 新井口、西広島、横川、新白島、広島、天神川、向洋
0%
新西上広茅桑四 新居、西大手、上野市、広小路、茅町、桑町、四十九
0%
新西滝滝社青河 新西脇、西脇市、滝、滝野、社町、青野ケ原、河合西
0%
新西東倉西開江 新栄町、西鉄銀水、東甘木、倉永、西鉄渡瀬、開、江の浦
0%
新西姫相岡新福 新神戸、西明石、姫路、相生、岡山、新倉敷、福山
0%
新西浜め市諏新 新地中華街、西浜町、浜町アーケード、めがね橋、市役所、諏訪神社、新大工町
0%
新石御住魚青深 新在家、石屋川、御影、住吉、魚崎、青木、深江
0%
新石今名妙島国 新木曽川、石刀、今伊勢、名鉄一宮、妙興寺、島氏永、国府宮
0%
新舌若栃浦下下 新黒部、舌山、若栗、栃屋、浦山、下立口、下立
0%
新千今池覚本東 新栄町、千種、今池、池下、覚王山、本山、東山公園
0%
新千有小松宇富 新八代、千丁、有佐、小川、松橋、宇土、富合
0%
新洗西辛花熊通 新町、洗馬橋、西辛島町、辛島町、花畑町、熊本城・市役所前、通町筋
0%
新相越寺越越越 新相ノ木、相ノ木、越中泉、寺田、越中舟橋、越中三郷、越中荏原
0%
新足備新石井方 新郷、足立、備中神代、新見、石蟹、井倉、方谷
0%
新多関伊赤伊伊 新居浜、多喜浜、関川、伊予土居、赤星、伊予寒川、伊予三島
0%
新大奥国島妙名 新清洲、大里、奥田、国府宮、島氏永、妙興寺、名鉄一宮
0%
新大佐池箸但黒 新王寺、大輪田、佐味田川、池部、箸尾、但馬、黒田
0%
新大菖学富東生 新大宮、大和西大寺、菖蒲池、学園前、富雄、東生駒、生駒
0%
新大西蒲榎多常 新舞子、大野町、西ノ口、蒲池、榎戸、多屋、常滑
0%
新大西岩春三元 新在家、大石、西灘、岩屋、春日野道、三宮、元町
0%
新大平高山木新 新大宮、大和西大寺、平城、高の原、山田川、木津川台、新祝園
0%
新第庄六中吉新 新町口、第一イン新湊 クロスベイ前、庄川口、六渡寺、中伏木、吉久、新吉久
0%
新鷹須須塩垂舞 新長田、鷹取、須磨海浜公園、須磨、塩屋、垂水、舞子
0%
新地松古岡鎌余 新川、地蔵町、松前、古泉、岡田、鎌田、余戸
0%
新竹大松千彼川 新大村、竹松、大村車両基地、松原、千綿、彼杵、川棚
0%
新筑鞍筑中東折 新入、筑前植木、鞍手、筑前垣生、中間、東水巻、折尾
0%
新中伊石伊伊玉 新居浜、中萩、伊予西条、石鎚山、伊予氷見、伊予小松、玉之江
0%
新中西西中滑浜 新宮川、中加積、西加積、西滑川、中滑川、滑川、浜加積
0%
新中鷲太西西下 新田塚、中角、鷲塚針原、太郎丸エンゼルランド、西春江ハートピア、西長田ゆりの里、下兵庫こうふく
0%
新長荻東電電経 新黒部、長屋、荻生、東三日市、電鉄黒部、電鉄石田、経田
0%
新長小埴厚小宇 新下関、長府、小月、埴生、厚狭、小野田、宇部
0%
新長上湊大県三 新長田、長田、上沢、湊川公園、大倉山、県庁前、三宮
0%
新長日熊東和東 新家、長滝、日根野、熊取、東佐野、和泉橋本、東貝塚
0%
新直勝小鯰浦新 新入、直方、勝野、小竹、鯰田、浦田、新飯塚
0%
新津湯佐海肥た 新水俣、津奈木、湯浦、佐敷、海浦、肥後田浦、たのうら御立岬公園
0%
新鶴甘福溝香仁 新野、鶴居、甘地、福崎、溝口、香呂、仁豊野
0%
新天岸粉住住七 新今宮、天下茶屋、岸里玉出、粉浜、住吉大社、住ノ江、七道
0%
新天東平加久八 新今宮、天王寺、東部市場前、平野、加美、久宝寺、八尾
0%
新土山土後土布 新改、土佐山田、山田西町、土佐長岡、後免、土佐大津、布師田
0%
新東越越越寺越 新庄田中、東新庄、越中荏原、越中三郷、越中舟橋、寺田、越中泉
0%
新東犀崎源油赤 新豊津、東犀川三四郎、犀川、崎山、源じいの森、油須原、赤
0%
新東小勢加若若 新平野、東小浜、小浜、勢浜、加斗、若狭本郷、若狭和田
0%
新東水滑東魚黒 新富山口、東富山、水橋、滑川、東滑川、魚津、黒部
0%
新東多公東あお 新鶴羽、東多良木、多良木、公立病院前、東免田、あさぎり、おかどめ幸福
0%
新東茶三大鳥長 新城、東新町、茶臼山、三河東郷、大海、鳥居、長篠城
0%
新東田鹿舟北領 新木、東新木、田辺島通、鹿児、舟戸、北浦、領石通
0%
新徳櫛下光島岩 新南陽、徳山、櫛ケ浜、下松、光、島田、岩田
0%
新徳新厚新小博 新岩国、徳山、新山口、厚狭、新下関、小倉、博多
0%
新徳新広東三新 新山口、徳山、新岩国、広島、東広島、三原、新尾道
0%
新南行小苅朽下 新田原、南行橋、行橋、小波瀬西工大前、苅田、朽網、下曽根
0%
新楠筑希筑東通 新木屋瀬、楠橋、筑豊香月、希望が丘高校前、筑豊中間、東中間、通谷
0%
新二賀三九大尾 新鹿、二木島、賀田、三木里、九鬼、大曽根浦、尾鷲
0%
新二西東栄名山 新川橋、二ツ杁、西枇杷島、東枇杷島、栄生、名鉄名古屋、山王
0%
新二豊西愛三三 新所原、二川、豊橋、西小坂井、愛知御津、三河大塚、三河三谷
0%
新二林戸油砺東 新高岡、二塚、林、戸出、油田、砺波、東野尻
0%
新日可西善富犬 新可児、日本ライン今渡、可児川、西可児、善師野、富岡前、犬山
0%
新日長古朝寺尾 新舞子、日長、長浦、古見、朝倉、寺本、尾張横須賀
0%
新能米新荻旭江 新吉久、能町口、米島口、新能町、荻布、旭ヶ丘、江尻
0%
新波大熊有神紀 新鹿、波田須、大泊、熊野市、有井、神志山、紀伊市木
0%
新萩天岸帝住沢 新今宮、萩ノ茶屋、天下茶屋、岸里玉出、帝塚山、住吉東、沢ノ町
0%
新白牛不祇西中 新白島、白島、牛田、不動院前、祇園新橋北、西原、中筋
0%
新八日福田西ま 新田塚、八ツ島、日華化学前、福大前西福井、田原町、西別院、まつもと町屋
0%
新板妙名総学伊 新長田、板宿、妙法寺、名谷、総合運動公園、学園都市、伊川谷
0%
新繁角土大土大 新改、繁藤、角茂谷、土佐北川、大杉、土佐穴内、大田口
0%
新比日黒本船久 新西脇、比延、日本へそ公園、黒田庄、本黒田、船町口、久下村
0%
新肥中吉神伊佐 新鳥栖、肥前麓、中原、吉野ケ里公園、神埼、伊賀屋、佐賀
0%
新備足新上生上 新見、備中神代、足立、新郷、上石見、生山、上菅
0%
新富呉小越高高 新富山口、富山、呉羽、小杉、越中大門、高岡、高岡やぶなみ
0%
新富寺久大伊小 新田辺、富野荘、寺田、久津川、大久保、伊勢田、小倉
0%
新富電地電桜荒 新富町、富山駅、電鉄富山駅・エスタ前、地鉄ビル前、電気ビル前、桜橋、荒町
0%
新布備坂市矢野 新見、布原、備中神代、坂根、市岡、矢神、野馳
0%
新武二荒騎鴨郡 新屋敷、武之橋、二中通、荒田八幡、騎射場、鴨池、郡元
0%
新福ま西田福日 新福井、福井口、まつもと町屋、西別院、田原町、福大前西福井、日華化学前
0%
新福越越追東越 新福井、福井口、越前開発、越前新保、追分口、東藤島、越前島橋
0%
新福九香千箱吉 新宮中央、福工大前、九産大前、香椎、千早、箱崎、吉塚
0%
新福戸富防大四 新南陽、福川、戸田、富海、防府、大道、四辻
0%
新福新岡相姫西 新尾道、福山、新倉敷、岡山、相生、姫路、西明石
0%
新米能新吉中六 新能町、米島口、能町口、新吉久、吉久、中伏木、六渡寺
0%
新北あ長西昭天 新金岡、北花田、あびこ、長居、西田辺、昭和町、天王寺
0%
新北高三吉小刈 新川町、北新川、高浜港、三河高浜、吉浜、小垣江、刈谷市
0%
新北南碧堀桜南 新安城、北安城、南安城、碧海古井、堀内公園、桜井、南桜井
0%
新堀八亀北黒藤 新須屋、堀川、八景水谷、亀井、北熊本、黒髪町、藤崎宮前
0%
新味交九水通熊 新水前寺駅前、味噌天神前、交通局前、九品寺交差点、水道町、通町筋、熊本城・市役所前
0%
新妙堀熱熱西金 新瑞橋、妙音通、堀田、熱田神宮伝馬町、熱田神宮西、西高蔵、金山
0%
新木山高平大新 新祝園、木津川台、山田川、高の原、平城、大和西大寺、新大宮
0%
新野東江長三豊 新城、野田城、東上、江島、長山、三河一宮、豊川
0%
新柳小愛南高芦 新豊橋、柳生橋、小池、愛知大学前、南栄、高師、芦原
0%
新和和山紀六紀 新家、和泉砂川、和泉鳥取、山中渓、紀伊、六十谷、紀伊中ノ島
0%
新鷲新二豊西愛 新居町、鷲津、新所原、二川、豊橋、西小坂井、愛知御津
0%
新聚名柴大大道 新日鉄前、聚楽園、名和、柴田、大同町、大江、道徳
0%
森釜諫愛阿吾古 森山、釜ノ鼻、諫早東高校、愛野、阿母崎、吾妻、古部
0%
森関野京天北淀 森小路、関目、野江、京橋、天満橋、北浜、淀屋橋
0%
森玉谷松長心西 森ノ宮、玉造、谷町六丁目、松屋町、長堀橋、心斎橋、西大橋
0%
森玉鶴桃寺天新 森ノ宮、玉造、鶴橋、桃谷、寺田町、天王寺、新今宮
0%
森今永三西通東 森下、今池、永犬丸、三ヶ森、西山、通谷、東中間
0%
森山玉萩二苅観 森上、山崎、玉野、萩原、二子、苅安賀、観音寺
0%
森上丸渕六町津 森上、上丸渕、丸渕、渕高、六輪、町方、津島
0%
森千滝土守西門 森小路、千林、滝井、土居、守口市、西三荘、門真市
0%
森大京蒲今横鶴 森ノ宮、大阪ビジネスパーク、京橋、蒲生四丁目、今福鶴見、横堤、鶴見緑地
0%
森大京桜天大福 森ノ宮、大阪城公園、京橋、桜ノ宮、天満、大阪、福島
0%
森谷堺本阿九弁 森ノ宮、谷町四丁目、堺筋本町、本町、阿波座、九条、弁天町
0%
森東金西野松西 森本、東金沢、金沢、西金沢、野々市、松任、西松任
0%
榛室三赤名桔美 榛原、室生口大野、三本松、赤目口、名張、桔梗が丘、美旗
0%
榛長大桜大耳大 榛原、長谷寺、大和朝倉、桜井、大福、耳成、大和八木
0%
深芦打香西今久 深江、芦屋、打出、香櫨園、西宮、今津、久寿川
0%
深近出松吉真西 深田、近永、出目、松丸、吉野生、真土、西ケ方
0%
深周岩阿岐丸床 深溝、周防佐山、岩倉、阿知須、岐波、丸尾、床波
0%
深青魚住御石新 深江、青木、魚崎、住吉、御影、石屋川、新在家
0%
深赤美福大み八 深戸、赤池、美並苅安、福野、大矢、みなみ子宝温泉、八坂
0%
深相郡自山徳郡 深戸、相生、郡上八幡、自然園前、山田、徳永、郡上大和
0%
深大二伊務北宇 深田、大内、二名、伊予宮野下、務田、北宇和島、宇和島
0%
真吉松出近深大 真土、吉野生、松丸、出目、近永、深田、大内
0%
真松大築五近二 真菅、松塚、大和高田、築山、五位堂、近鉄下田、二上
0%
真西江半十土土 真土、西ケ方、江川崎、半家、十川、土佐昭和、土佐大正
0%
真大耳大桜大長 真菅、大和八木、耳成、大福、桜井、大和朝倉、長谷寺
0%
真棚相大上本中 真申、棚方、相浦、大学、上相浦、本山、中里
0%
真梅淵綾高石福 真倉、梅迫、淵垣、綾部、高津、石原、福知山
0%
真矢大人西渡那 真幸、矢岳、大畑、人吉、西人吉、渡、那良口
0%
神綾高大我安細 神明町、綾ノ町、高須神社、大和川、我孫子道、安立町、細井川
0%
神伊佐鍋バ久牛 神埼、伊賀屋、佐賀、鍋島、バルーンさが、久保田、牛津
0%
神園塚武西夙芦 神崎川、園田、塚口、武庫之荘、西宮北口、夙川、芦屋川
0%
神塩下山七備備 神杉、塩町、下和知、山ノ内、七塚、備後三日市、備後庄原
0%
神塩三吉備梶甲 神杉、塩町、三良坂、吉舎、備後安田、梶田、甲奴
0%
神吉潜い高江す 神田、吉井、潜竜ヶ滝、いのつき、高岩、江迎鹿町、すえたちばな
0%
神弓誕小亀佐津 神目、弓削、誕生寺、小原、亀甲、佐良山、津山口
0%
神金山名栄東西 神宮前、金山、山王、名鉄名古屋、栄生、東枇杷島、西枇杷島
0%
神計医市み中ポ 神戸空港、計算科学センター、医療センター、市民広場、みなとじま、中公園、ポートターミナル
0%
神元三灘摩六住 神戸、元町、三ノ宮、灘、摩耶、六甲道、住吉
0%
神元西高新大高 神戸三宮、元町、西元町、高速神戸、新開地、大開、高速長田
0%
神高定古多土瑞 神領、高蔵寺、定光寺、古虎渓、多治見、土岐市、瑞浪
0%
神高鍋日高水樽 神海、高科、鍋原、日当、高尾、水鳥、樽見
0%
神三祇清七東鳥 神宮丸太町、三条、祇園四条、清水五条、七条、東福寺、鳥羽街道
0%
神讃鶴丹三讃引 神前、讃岐津田、鶴羽、丹生、三本松、讃岐白鳥、引田
0%
神市中都鹿高加 神田(交通局前)、市立病院前、中洲通、都通、鹿児島中央駅前、高見橋、加治屋町
0%
神市湯東伊薩上 神村学園前、市来、湯之元、東市来、伊集院、薩摩松元、上伊集院
0%
神春勝新大千鶴 神領、春日井、勝川、新守山、大曽根、千種、鶴舞
0%
神水西西サ家ス 神明、水落、西山公園、西鯖江、サンドーム西、家久、スポーツ公園
0%
神清佐小真棚相 神田、清峰高校前、佐々、小浦、真申、棚方、相浦
0%
神西大古吾阿愛 神代、西郷、大正、古部、吾妻、阿母崎、愛野
0%
神相鳴野鶴桜新 神沢、相生山、鳴子北、野並、鶴里、桜本町、新瑞橋
0%
神造オ志讃八古 神前、造田、オレンジタウン、志度、讃岐牟礼、八栗口、古高松南
0%
神多有大松三島 神代、多比良、有明湯江、大三東、松尾、三会、島原
0%
神大花谷箕山北 神鉄六甲、大池、花山、谷上、箕谷、山の街、北鈴蘭台
0%
神大柳柳田岩島 神代、大畠、柳井港、柳井、田布施、岩田、島田
0%
神谷木織本糸モ 神海、谷汲口、木知原、織部、本巣、糸貫、モレラ岐阜
0%
神鳥三泰浅ハ清 神明、鳥羽中、三十八社、泰澄の里、浅水、ハーモニーホール、清明
0%
神帝帝姫北東松 神ノ木、帝塚山四丁目、帝塚山三丁目、姫松、北畠、東天下茶屋、松虫
0%
神湯御子い井早 神辺、湯野、御領、子守唄の里高屋、いずえ、井原、早雲の里荏原
0%
神湯道万駅近戸 神辺、湯田村、道上、万能倉、駅家、近田、戸手
0%
神道二田岡五有 神鉄道場、道場南口、二郎、田尾寺、岡場、五社、有馬口
0%
神八三西志上甲 神杉、八次、三次、西三次、志和地、上川立、甲立
0%
神八商市水国新 神水交差点、八丁馬場、商業高校前、市立体育館前、水前寺公園、国府、新水前寺駅前
0%
神福建金野牧玉 神目、福渡、建部、金川、野々口、牧山、玉柏
0%
神兵新鷹須須塩 神戸、兵庫、新長田、鷹取、須磨海浜公園、須磨、塩屋
0%
神豊道大大柴名 神宮前、豊田本町、道徳、大江、大同町、柴田、名和
0%
神堀呼桜本本鳴 神宮前、堀田、呼続、桜、本笠寺、本星崎、鳴海
0%
神妙花大宿寺御 神明町、妙国寺前、花田口、大小路、宿院、寺地町、御陵前
0%
神厄市小粟河青 神野、厄神、市場、小野町、粟生、河合西、青野ケ原
0%
神有熊大波新二 神志山、有井、熊野市、大泊、波田須、新鹿、二木島
0%
神竈交岡吉伊山 神前、竈山、交通センター前、岡崎前、吉礼、伊太祈曽、山東
0%
辛花熊通水九交 辛島町、花畑町、熊本城・市役所前、通町筋、水道町、九品寺交差点、交通局前
0%
辛慶河呉祇熊二 辛島町、慶徳校前、河原町、呉服町、祇園橋、熊本駅前、二本木口
0%
辛西洗新蔚段杉 辛島町、西辛島町、洗馬橋、新町、蔚山町、段山町、杉塘
0%
辛大二大大公下 辛皮、大江山口内宮、二俣、大江高校前、大江、公庄、下天津
0%
針矢河布高河恵 針中野、矢田、河内天美、布忍、高見ノ里、河内松原、恵我ノ荘
0%
人伊長阿特滝長 人丸、伊上、長門粟野、阿川、特牛、滝部、長門二見
0%
人金上糒田下田 人見、金田、上金田、糒、田川市立病院、下伊田、田川伊田
0%
人西渡那一球白 人吉、西人吉、渡、那良口、一勝地、球泉洞、白石
0%
人赤ふ市中藤あ 人見、赤池、ふれあい生力、市場、中泉、藤棚、あかぢ
0%
人相川肥一木お 人吉温泉、相良藩願成寺、川村、肥後西村、一武、木上、おかどめ幸福
0%
人大西舞霞山東 人丸前、大蔵谷、西舞子、舞子公園、霞ヶ丘、山陽垂水、東垂水
0%
人長黄長長飯三 人丸、長門古市、黄波戸、長門市、長門三隅、飯井、三見
0%
仁宮上山湯矢大 仁保、宮野、上山口、山口、湯田温泉、矢原、大歳
0%
仁広新安呉川吉 仁方、広、新広、安芸阿賀、呉、川原石、吉浦
0%
仁香溝福甘鶴新 仁豊野、香呂、溝口、福崎、甘地、鶴居、新野
0%
仁大矢湯山上宮 仁保津、大歳、矢原、湯田温泉、山口、上山口、宮野
0%
仁馬湯温石黒浅 仁万、馬路、湯里、温泉津、石見福光、黒松、浅利
0%
仁福福足商赤花 仁愛女子高校、福井駅、福井城址大名町、足羽山公園口、商工会議所前、赤十字前、花堂
0%
仁六影土安土須 仁井田、六反地、影野、土佐久礼、安和、土佐新荘、須崎
0%
壬伊伊伊今波波 壬生川、伊予三芳、伊予桜井、伊予富田、今治、波止浜、波方
0%
壬玉伊伊石伊中 壬生川、玉之江、伊予小松、伊予氷見、石鎚山、伊予西条、中萩
0%
甚七木青勝藤津 甚目寺、七宝、木田、青塚、勝幡、藤浪、津島
0%
陣黒八ス枝戸九 陣原、黒崎、八幡、スペースワールド、枝光、戸畑、九州工大前
0%
陣折水遠海教赤 陣原、折尾、水巻、遠賀川、海老津、教育大前、赤間
0%
諏丸県新富電地 諏訪川原、丸の内、県庁前、新富町、富山駅、電鉄富山駅・エスタ前、地鉄ビル前
0%
諏市め浜観思崇 諏訪神社、市役所、めがね橋、浜町アーケード、観光通り、思案橋、崇福寺
0%
諏市め浜西新メ 諏訪神社、市役所、めがね橋、浜町アーケード、西浜町、新地中華街、メディカルセンター
0%
諏市桜長八スス 諏訪神社、市役所、桜町、長崎駅前、八千代町、スタジアムシティサウス、スタジアムシティノース
0%
諏新竹大松千彼 諏訪、新大村、竹松、大村車両基地、松原、千綿、彼杵
0%
諏石湊堺七住住 諏訪ノ森、石津川、湊、堺、七道、住ノ江、住吉大社
0%
諏浜羽高北松泉 諏訪ノ森、浜寺公園、羽衣、高石、北助松、松ノ浜、泉大津
0%
須安忠安大竹吉 須波、安芸幸崎、忠海、安芸長浜、大乗、竹原、吉名
0%
須宇木奈長越東 須佐、宇田郷、木与、奈古、長門大井、越ケ浜、東萩
0%
須塩垂舞朝明西 須磨、塩屋、垂水、舞子、朝霧、明石、西明石
0%
須丸新大奥国島 須ヶ口、丸ノ内、新清洲、大里、奥田、国府宮、島氏永
0%
須山須山滝東山 須磨寺、山陽須磨、須磨浦公園、山陽塩屋、滝の茶屋、東垂水、山陽垂水
0%
須山滝東山霞舞 須磨浦公園、山陽塩屋、滝の茶屋、東垂水、山陽垂水、霞ヶ丘、舞子公園
0%
須酒長伊土舞香 須恵、酒殿、長者原、伊賀、土井、舞松原、香椎神宮
0%
須新二西東栄名 須ヶ口、新川橋、二ツ杁、西枇杷島、東枇杷島、栄生、名鉄名古屋
0%
須新堀八亀北黒 須屋、新須屋、堀川、八景水谷、亀井、北熊本、黒髪町
0%
須甚七木青勝藤 須ヶ口、甚目寺、七宝、木田、青塚、勝幡、藤浪
0%
須須酒長伊土舞 須恵中央、須恵、酒殿、長者原、伊賀、土井、舞松原
0%
須大多吾斗襟佐 須崎、大間、多ノ郷、吾桑、斗賀野、襟野々、佐川
0%
須土安土影六仁 須崎、土佐新荘、安和、土佐久礼、影野、六反地、仁井田
0%
吹御桜瑞瑞新桜 吹上、御器所、桜山、瑞穂区役所、瑞穂運動場西、新瑞橋、桜本町
0%
吹今車高久丸国 吹上、今池、車道、高岳、久屋大通、丸の内、国際センター
0%
吹豊関千南山北 吹田、豊津、関大前、千里山、南千里、山田、北千里
0%
垂塩須須鷹新兵 垂水、塩屋、須磨、須磨海浜公園、鷹取、新長田、兵庫
0%
垂舞朝明西大魚 垂水、舞子、朝霧、明石、西明石、大久保、魚住
0%
水あ番本大下西 水居、あわら湯のまち、番田、本荘、大関、下兵庫こうふく、西長田ゆりの里
0%
水頴松薩白薩枕 水成川、頴娃大川、松ケ浦、薩摩塩屋、白沢、薩摩板敷、枕崎
0%
水遠海教赤東東 水巻、遠賀川、海老津、教育大前、赤間、東郷、東福間
0%
水滑東魚黒生西 水橋、滑川、東滑川、魚津、黒部、生地、西入善
0%
水九交味新国水 水道町、九品寺交差点、交通局前、味噌天神前、新水前寺駅前、国府、水前寺公園
0%
水元木林花瓦片 水田、元山、木太東口、林道、花園、瓦町、片原町
0%
水高日鍋高神谷 水鳥、高尾、日当、鍋原、高科、神海、谷汲口
0%
水国新味交九水 水前寺公園、国府、新水前寺駅前、味噌天神前、交通局前、九品寺交差点、水道町
0%
水坂矢海向天広 水尻、坂、矢野、海田市、向洋、天神川、広島
0%
水三三森名清石 水間観音、三ヶ山口、三ツ松、森、名越、清児、石才
0%
水三尾旭印大喜 水野、三郷、尾張旭、旭前、印場、大森・金城学院前、喜多山
0%
水市商八神健動 水前寺公園、市立体育館前、商業高校前、八丁馬場、神水交差点、健軍校前、動植物園入口
0%
水市朝い天高加 水族館口、市役所前、朝日通、いづろ通、天文館通、高見馬場、加治屋町
0%
水市朝い天高甲 水族館口、市役所前、朝日通、いづろ通、天文館通、高見馬場、甲東中学校前
0%
水小呉天か吉川 水尻、小屋浦、呉ポートピア、天応、かるが浜、吉浦、川原石
0%
水上高富総茨南 水無瀬、上牧、高槻市、富田、総持寺、茨木市、南茨木
0%
水常栄弥浦福西 水島、常盤、栄、弥生、浦田、福井、西富井
0%
水新津湯佐海肥 水俣、新水俣、津奈木、湯浦、佐敷、海浦、肥後田浦
0%
水神鳥三泰浅ハ 水落、神明、鳥羽中、三十八社、泰澄の里、浅水、ハーモニーホール
0%
水水水水日朝朝 水口城南、水口石橋、水口、水口松尾、日野、朝日野、朝日大塚
0%
水水水日朝朝桜 水口石橋、水口、水口松尾、日野、朝日野、朝日大塚、桜川
0%
水水日朝朝桜京 水口、水口松尾、日野、朝日野、朝日大塚、桜川、京セラ前
0%
水西高池農平学 水田、西前田、高田、池戸、農学部前、平木、学園通り
0%
水西西サ家ス北 水落、西山公園、西鯖江、サンドーム西、家久、スポーツ公園、北府
0%
水石御西頴入開 水成川、石垣、御領、西頴娃、頴娃、入野、開聞
0%
水折陣黒八ス枝 水巻、折尾、陣原、黒崎、八幡、スペースワールド、枝光
0%
水袋米出西高野 水俣、袋、米ノ津、出水、西出水、高尾野、野田郷
0%
水大春南笹竹博 水城、大野城、春日、南福岡、笹原、竹下、博多
0%
水大西長西東洛 水無瀬、大山崎、西山天王山、長岡天神、西向日、東向日、洛西口
0%
水通熊花辛慶河 水道町、通町筋、熊本城・市役所前、花畑町、辛島町、慶徳校前、河原町
0%
水通熊花辛西洗 水道町、通町筋、熊本城・市役所前、花畑町、辛島町、西辛島町、洗馬橋
0%
水都二天原け基 水城、都府楼南、二日市、天拝山、原田、けやき台、基山
0%
水東新富呉小越 水橋、東富山、新富山口、富山、呉羽、小杉、越中大門
0%
水東竜武光三原 水前寺、東海学園前、竜田口、武蔵塚、光の森、三里木、原水
0%
水日朝朝桜京大 水口松尾、日野、朝日野、朝日大塚、桜川、京セラ前、大学前
0%
瑞だ太清新関蒲 瑞光四丁目、だいどう豊里、太子橋今市、清水、新森古市、関目成育、蒲生四丁目
0%
瑞釜武恵美中落 瑞浪、釜戸、武並、恵那、美乃坂本、中津川、落合川
0%
瑞桜御吹今車高 瑞穂区役所、桜山、御器所、吹上、今池、車道、高岳
0%
瑞新桜鶴野鳴相 瑞穂運動場西、新瑞橋、桜本町、鶴里、野並、鳴子北、相生山
0%
瑞新妙堀熱熱西 瑞穂運動場東、新瑞橋、妙音通、堀田、熱田神宮伝馬町、熱田神宮西、西高蔵
0%
瑞瑞桜御吹今車 瑞穂運動場西、瑞穂区役所、桜山、御器所、吹上、今池、車道
0%
瑞瑞新桜鶴野鳴 瑞穂区役所、瑞穂運動場西、新瑞橋、桜本町、鶴里、野並、鳴子北
0%
瑞総八八名本自 瑞穂運動場東、総合リハビリセンター、八事、八事日赤、名古屋大学、本山、自由ヶ丘
0%
瑞土多古定高神 瑞浪、土岐市、多治見、古虎渓、定光寺、高蔵寺、神領
0%
崇思観西新出大 崇福寺、思案橋、観光通り、西浜町、新地中華街、出島、大波止
0%
崇思観浜め市諏 崇福寺、思案橋、観光通り、浜町アーケード、めがね橋、市役所、諏訪神社
0%
崇上熊西川富宇 崇城大学前、上熊本、熊本、西熊本、川尻、富合、宇土
0%
崇西植田木肥玉 崇城大学前、西里、植木、田原坂、木葉、肥後伊倉、玉名
0%
杉我長鶴南美天 杉本町、我孫子町、長居、鶴ケ丘、南田辺、美章園、天王寺
0%
杉浅堺三百上津 杉本町、浅香、堺市、三国ケ丘、百舌鳥、上野芝、津久野
0%
杉打坂角飛杉飛 杉原、打保、坂上、角川、飛騨細江、杉崎、飛騨古川
0%
杉段蔚新洗西辛 杉塘、段山町、蔚山町、新町、洗馬橋、西辛島町、辛島町
0%
杉猪楡笹東越千 杉原、猪谷、楡原、笹津、東八尾、越中八尾、千里
0%
杉天豊豊日光夜 杉河内、天ケ瀬、豊後中川、豊後三芳、日田、光岡、夜明
0%
杉飛飛上高飛久 杉崎、飛騨古川、飛騨国府、上枝、高山、飛騨一ノ宮、久々野
0%
杉北豊恵引豊野 杉河内、北山田、豊後森、恵良、引治、豊後中村、野矢
0%
菅犬竹中大敷滝 菅尾、犬飼、竹中、中判田、大分大学前、敷戸、滝尾
0%
菅三豊緒朝豊玉 菅尾、三重町、豊後清川、緒方、朝地、豊後竹田、玉来
0%
瀬海吉白球一那 瀬戸石、海路、吉尾、白石、球泉洞、一勝地、那良口
0%
瀬山八篠保貝四 瀬戸口、山口、八草、篠原、保見、貝津、四郷
0%
瀬新水三尾旭印 瀬戸市役所前、新瀬戸、水野、三郷、尾張旭、旭前、印場
0%
瀬瀬山八篠保貝 瀬戸市、瀬戸口、山口、八草、篠原、保見、貝津
0%
瀬筑羽西荒久肥 瀬高、筑後船小屋、羽犬塚、西牟田、荒木、久留米、肥前旭
0%
瀬中安海向天広 瀬野、中野東、安芸中野、海田市、向洋、天神川、広島
0%
瀬中喜前生薩宮 瀬々串、中名、喜入、前之浜、生見、薩摩今和泉、宮ケ浜
0%
瀬南草栗守野篠 瀬田、南草津、草津、栗東、守山、野洲、篠原
0%
瀬南渡吉銀大荒 瀬高、南瀬高、渡瀬、吉野、銀水、大牟田、荒尾
0%
瀬八寺西西白入 瀬野、八本松、寺家、西条、西高屋、白市、入野
0%
瀬平五坂慈谷宇 瀬々串、平川、五位野、坂之上、慈眼寺、谷山、宇宿
0%
瀬万熊和吉三上 瀬戸、万富、熊山、和気、吉永、三石、上郡
0%
瀬立赤市内阿い 瀬田、立野、赤水、市ノ川、内牧、阿蘇、いこいの村
0%
畝香桜三巻柳長 畝傍、香久山、桜井、三輪、巻向、柳本、長柄
0%
畝八大新笠田石 畝傍御陵前、八木西口、大和八木、新ノ口、笠縫、田原本、石見
0%
勢加若若若三青 勢浜、加斗、若狭本郷、若狭和田、若狭高浜、三松、青郷
0%
勢小東新上若大 勢浜、小浜、東小浜、新平野、上中、若狭有田、大鳥羽
0%
勢竜平元東萩南 勢野北口、竜田川、平群、元山上口、東山、萩の台、南生駒
0%
成青上知富河河 成岩、青山、上ゲ、知多武豊、富貴、河和口、河和
0%
成知住半植阿坂 成岩、知多半田、住吉町、半田口、植大、阿久比、坂部
0%
星河津藤長松大 星田、河内磐船、津田、藤阪、長尾、松井山手、大住
0%
星七穴東大楚麻 星川、七和、穴太、東員、大泉、楚原、麻生田
0%
星寝忍四野住鴻 星田、寝屋川公園、忍ケ丘、四条畷、野崎、住道、鴻池新田
0%
星東本覚池今千 星ヶ丘、東山公園、本山、覚王山、池下、今池、千種
0%
正摂南茨総富高 正雀、摂津市、南茨木、茨木市、総持寺、富田、高槻市
0%
正相上淡崇南十 正雀、相川、上新庄、淡路、崇禅寺、南方、十三
0%
清ハ浅泰三鳥神 清明、ハーモニーホール、浅水、泰澄の里、三十八社、鳥羽中、神明
0%
清一明長小篠住 清和学園前、一条橋、明見橋、長崎、小篭通、篠原、住吉通
0%
清加南宮宮蓮日 清武、加納、南宮崎、宮崎、宮崎神宮、蓮ケ池、日向住吉
0%
清江ベ花赤商足 清明、江端、ベル前、花堂、赤十字前、商工会議所前、足羽山公園口
0%
清高木本萱古宮 清水町、高砂町、木屋町、本町六丁目、萱町六丁目、古町、宮田町
0%
清佐小真棚相大 清峰高校前、佐々、小浦、真申、棚方、相浦、大学
0%
清七東鳥伏龍藤 清水五条、七条、東福寺、鳥羽街道、伏見稲荷、龍谷大前深草、藤森
0%
清守南行北椋南 清流新岩国、守内かさ神、南河内、行波、北河内、椋野、南桑
0%
清新関蒲鴫緑今 清水、新森古市、関目成育、蒲生四丁目、鴫野、緑橋、今里
0%
清神吉潜い高江 清峰高校前、神田、吉井、潜竜ヶ滝、いのつき、高岩、江迎鹿町
0%
清川吉備三矢小 清音、川辺宿、吉備真備、備中呉妹、三谷、矢掛、小田
0%
清総豪日美備備 清音、総社、豪渓、日羽、美袋、備中広瀬、備中高梁
0%
清鉄赤平上警勝 清水町、鉄砲町、赤十字病院前、平和通一丁目、上一万、警察署前、勝山町
0%
清東大新田郵柳 清輝橋、東中央町、大雲寺前、新西大寺町筋、田町、郵便局前、柳川
0%
清南椋北行南守 清流みはらし、南桑、椋野、北河内、行波、南河内、守内かさ神
0%
清日田青山餅三 清武、日向沓掛、田野、青井岳、山之口、餅原、三股
0%
清売中山雲川池 清荒神、売布神社、中山観音、山本、雲雀丘花屋敷、川西能勢口、池田
0%
清枇名尾金熱笠 清洲、枇杷島、名古屋、尾頭橋、金山、熱田、笠寺
0%
清領北舟鹿田東 清和学園前、領石通、北浦、舟戸、鹿児、田辺島通、東新木
0%
生黒魚東滑水東 生地、黒部、魚津、東滑川、滑川、水橋、東富山
0%
生菜一南萩東元 生駒、菜畑、一分、南生駒、萩の台、東山、元山上口
0%
生薩宮二指山大 生見、薩摩今和泉、宮ケ浜、二月田、指宿、山川、大山
0%
生周大勝高米周 生野屋、周防久保、大河内、勝間、高水、米川、周防高森
0%
生上黒根武江伯 生山、上菅、黒坂、根雨、武庫、江尾、伯耆溝口
0%
生上新足備新石 生山、上石見、新郷、足立、備中神代、新見、石蟹
0%
生西武道三新広 生瀬、西宮名塩、武田尾、道場、三田、新三田、広野
0%
生前喜中瀬平五 生見、前之浜、喜入、中名、瀬々串、平川、五位野
0%
生長寺新鶴甘福 生野、長谷、寺前、新野、鶴居、甘地、福崎
0%
生東富学菖大新 生駒、東生駒、富雄、学園前、菖蒲池、大和西大寺、新大宮
0%
生宝中川北伊猪 生瀬、宝塚、中山寺、川西池田、北伊丹、伊丹、猪名寺
0%
聖花西櫛宮味端 聖マリア病院前、花畑、西鉄久留米、櫛原、宮の陣、味坂、端間
0%
聖津安大三犬大 聖マリア病院前、津福、安武、大善寺、三潴、犬塚、大溝
0%
聖天東塚東住住 聖天坂、天神ノ森、東玉出、塚西、東粉浜、住吉、住吉鳥居前
0%
聖北松今今新恵 聖天坂、北天下茶屋、松田町、今船、今池、新今宮駅前、恵美須町
0%
西えええ京鶴吉 西小林、えびの飯野、えびの上江、えびの、京町温泉、鶴丸、吉松
0%
西さ芦甲摂住六 西宮、さくら夙川、芦屋、甲南山手、摂津本山、住吉、六甲道
0%
西す江高い潜吉 西田平、すえたちばな、江迎鹿町、高岩、いのつき、潜竜ヶ滝、吉井
0%
西た中東西御松 西田平、たびら平戸口、中田平、東田平、西木場、御厨、松浦発電所前
0%
西阿阿見阿桑新 西原、阿波中島、阿南、見能林、阿波橘、桑野、新野
0%
西阿学山阿川穴 西麻植、阿波川島、学、山瀬、阿波山川、川田、穴吹
0%
西愛三三蒲三三 西小坂井、愛知御津、三河大塚、三河三谷、蒲郡、三河塩津、三ケ根
0%
西粟東美気三藤 西敦賀、粟野、東美浜、美浜、気山、三方、藤井
0%
西安三東野刈逢 西岡崎、安城、三河安城、東刈谷、野田新町、刈谷、逢妻
0%
西伊学総名妙板 西神南、伊川谷、学園都市、総合運動公園、名谷、妙法寺、板宿
0%
西伊香長邑大西 西片上、伊部、香登、長船、邑久、大富、西大寺
0%
西伊青伊美桔名 西青山、伊賀上津、青山町、伊賀神戸、美旗、桔梗が丘、名張
0%
西伊千八双伊上 西大洲、伊予平野、千丈、八幡浜、双岩、伊予石城、上宇和
0%
西宇豊柳豊天今 西屋敷、宇佐、豊前長洲、柳ケ浦、豊前善光寺、天津、今津
0%
西羽筑瀬南渡吉 西牟田、羽犬塚、筑後船小屋、瀬高、南瀬高、渡瀬、吉野
0%
西羽立阿南中地 西原、羽ノ浦、立江、阿波赤石、南小松島、中田、地蔵橋
0%
西頴入開東薩西 西頴娃、頴娃、入野、開聞、東開聞、薩摩川尻、西大山
0%
西越早浜滑中西 西魚津、越中中村、早月加積、浜加積、滑川、中滑川、西滑川
0%
西塩徳西矢蒲八 西鉄中島、塩塚、徳益、西鉄柳川、矢加部、蒲池、八丁牟田
0%
西岡相幸三三蒲 西岡崎、岡崎、相見、幸田、三ケ根、三河塩津、蒲郡
0%
西下大本番あ水 西長田ゆりの里、下兵庫こうふく、大関、本荘、番田、あわら湯のまち、水居
0%
西加美小能明小 西松任、加賀笠間、美川、小舞子、能美根上、明峰、小松
0%
西可日新明顔御 西可児、可児川、日本ライン今渡、新可児、明智、顔戸、御嵩口
0%
西花聖津安大三 西鉄久留米、花畑、聖マリア病院前、津福、安武、大善寺、三潴
0%
西開江西塩徳西 西鉄渡瀬、開、江の浦、西鉄中島、塩塚、徳益、西鉄柳川
0%
西葛知知知知宝 西高須、葛島橋東詰、知寄町三丁目、知寄町、知寄町二丁目、知寄町一丁目、宝永町
0%
西鴨麻牛下石府 西麻植、鴨島、麻植塚、牛島、下浦、石井、府中
0%
西観天小土十本 西観音町、観音町、天満町、小網町、土橋、十日市町、本川町
0%
西喜市肥現浦長 西諫早、喜々津、市布、肥前古賀、現川、浦上、長崎
0%
西祇不牛白新城 西原、祇園新橋北、不動院前、牛田、白島、新白島、城北
0%
西金東上矢栄久 西高蔵、金山、東別院、上前津、矢場町、栄、久屋大通
0%
西九近筒平フ結 西ノ京、九条、近鉄郡山、筒井、平端、ファミリー公園前、結崎
0%
西九戸枝ス八黒 西小倉、九州工大前、戸畑、枝光、スペースワールド、八幡、黒崎
0%
西櫛宮味端西大 西鉄久留米、櫛原、宮の陣、味坂、端間、西鉄小郡、大保
0%
西熊上崇西植田 西熊本、熊本、上熊本、崇城大学前、西里、植木、田原坂
0%
西熊萩穴森今永 西黒崎、熊西、萩原、穴生、森下、今池、永犬丸
0%
西桂向長山島高 西大路、桂川、向日町、長岡京、山崎、島本、高槻
0%
西桂洛東西長西 西京極、桂、洛西口、東向日、西向日、長岡天神、西山天王山
0%
西県高文介新東 西高須、県立美術館通、高須、文珠通、介良通、新木、東新木
0%
西五財北大北霧 西都城、五十市、財部、北俣、大隅大川原、北永野田、霧島神宮
0%
西御松松調前鷹 西木場、御厨、松浦発電所前、松浦、調川、前浜、鷹島口
0%
西御石水頴松薩 西頴娃、御領、石垣、水成川、頴娃大川、松ケ浦、薩摩塩屋
0%
西広上西中荒桜 西中野、広貫堂前、上本町、西町、中町、荒町、桜橋
0%
西江開西倉東西 西鉄中島、江の浦、開、西鉄渡瀬、倉永、東甘木、西鉄銀水
0%
西江中藤林西山 西江井ヶ島、江井ヶ島、中八木、藤江、林崎松江海岸、西新町、山陽明石
0%
西江半十土土打 西ケ方、江川崎、半家、十川、土佐昭和、土佐大正、打井川
0%
西荒久肥鳥田弥 西牟田、荒木、久留米、肥前旭、鳥栖、田代、弥生が丘
0%
西香西香唐和三 西鉄千早、香椎宮前、西鉄香椎、香椎花園前、唐の原、和白、三苫
0%
西高高越小呉富 西高岡、高岡やぶなみ、高岡、越中大門、小杉、呉羽、富山
0%
西高大井雑桜春 西鉄平尾、高宮、大橋、井尻、雑餉隈、桜並木、春日原
0%
西高大新高西元 西代、高速長田、大開、新開地、高速神戸、西元町、元町
0%
西高池農平学白 西前田、高田、池戸、農学部前、平木、学園通り、白山
0%
西高東上瀬万熊 西川原、高島、東岡山、上道、瀬戸、万富、熊山
0%
西高東大西大邑 西川原、高島、東岡山、大多羅、西大寺、大富、邑久
0%
西高野折阿牛薩 西出水、高尾野、野田郷、折口、阿久根、牛ノ浜、薩摩大川
0%
西黒但箸池佐大 西田原本、黒田、但馬、箸尾、池部、佐味田川、大輪田
0%
西今松大小立基 西太刀洗、今隈、松崎、大板井、小郡、立野、基山
0%
西佐襟斗吾多大 西佐川、佐川、襟野々、斗賀野、吾桑、多ノ郷、大間
0%
西佐駒大肥桃金 西相知、佐里、駒鳴、大川野、肥前長野、桃川、金石原
0%
西坂播天備寒日 西相生、坂越、播州赤穂、天和、備前福河、寒河、日生
0%
西桜な日谷鶴今 西長堀、桜川、なんば、日本橋、谷町九丁目、鶴橋、今里
0%
西桜米南桜堀碧 西尾口、桜町前、米津、南桜井、桜井、堀内公園、碧海古井
0%
西薩牛阿折野高 西方、薩摩大川、牛ノ浜、阿久根、折口、野田郷、高尾野
0%
西薩東開入頴西 西大山、薩摩川尻、東開聞、開聞、入野、頴娃、西頴娃
0%
西三永今森穴萩 西山、三ヶ森、永犬丸、今池、森下、穴生、萩原
0%
西三八神塩下山 西三次、三次、八次、神杉、塩町、下和知、山ノ内
0%
西三和唐香西香 西鉄新宮、三苫、和白、唐の原、香椎花園前、西鉄香椎、香椎宮前
0%
西山人大西舞霞 西新町、山陽明石、人丸前、大蔵谷、西舞子、舞子公園、霞ヶ丘
0%
西山東西播別浜 西江井ヶ島、山陽魚住、東二見、西二見、播磨町、別府、浜の宮
0%
西山嵐蚕太帷有 西大路三条、山ノ内、嵐電天神川、蚕ノ社、太秦広隆寺、帷子ノ辻、有栖川
0%
西四東丹丹栗宮 西舞鶴、四所、東雲、丹後神崎、丹後由良、栗田、宮津
0%
西志上甲吉向井 西三次、志和地、上川立、甲立、吉田口、向原、井原市
0%
西紫朝桜筑津三 西鉄二日市、紫、朝倉街道、桜台、筑紫、津古、三国が丘
0%
西寺八瀬中安海 西条、寺家、八本松、瀬野、中野東、安芸中野、海田市
0%
西守土滝千森関 西三荘、守口市、土居、滝井、千林、森小路、関目
0%
西周折三岡鎌石 西浜田、周布、折居、三保三隅、岡見、鎌手、石見津田
0%
西夙芦岡御六王 西宮北口、夙川、芦屋川、岡本、御影、六甲、王子公園
0%
西出江小田波久 西出雲、出雲神西、江南、小田、田儀、波根、久手
0%
西出直荘宍来玉 西出雲、出雲市、直江、荘原、宍道、来待、玉造温泉
0%
西出米袋水新津 西出水、出水、米ノ津、袋、水俣、新水俣、津奈木
0%
西勝林楢美美上 西勝間田、勝間田、林野、楢原、美作江見、美作土居、上月
0%
西小広高日高東 西小林、小林、広原、高原、日向前田、高崎新田、東高崎
0%
西昭天動大な心 西田辺、昭和町、天王寺、動物園前、大国町、なんば、心斎橋
0%
西松野西金東森 西松任、松任、野々市、西金沢、金沢、東金沢、森本
0%
西上広茅桑四猪 西大手、上野市、広小路、茅町、桑町、四十九、猪田道
0%
西上広西小堀大 西町、上本町、広貫堂前、西中野、小泉町、堀川小泉、大町
0%
西上中下東栄名 西春、上小田井、中小田井、下小田井、東枇杷島、栄生、名鉄名古屋
0%
西植田木肥玉大 西里、植木、田原坂、木葉、肥後伊倉、玉名、大野下
0%
西心長松谷玉森 西大橋、心斎橋、長堀橋、松屋町、谷町六丁目、玉造、森ノ宮
0%
西新押野野馬額 西泉、新西金沢、押野、野々市、野々市工大前、馬替、額住宅前
0%
西新金鴨里笠大 西阿知、新倉敷、金光、鴨方、里庄、笠岡、大門
0%
西新出大五長八 西浜町、新地中華街、出島、大波止、五島町、長崎駅前、八千代町
0%
西新比日黒本船 西脇市、新西脇、比延、日本へそ公園、黒田庄、本黒田、船町口
0%
西真吉松出近深 西ケ方、真土、吉野生、松丸、出目、近永、深田
0%
西真梅淵綾高石 西舞鶴、真倉、梅迫、淵垣、綾部、高津、石原
0%
西神多有大松三 西郷、神代、多比良、有明湯江、大三東、松尾、三会
0%
西辛花熊通水九 西辛島町、辛島町、花畑町、熊本城・市役所前、通町筋、水道町、九品寺交差点
0%
西水元木林花瓦 西前田、水田、元山、木太東口、林道、花園、瓦町
0%
西水神鳥三泰浅 西山公園、水落、神明、鳥羽中、三十八社、泰澄の里、浅水
0%
西崇上熊西川富 西里、崇城大学前、上熊本、熊本、西熊本、川尻、富合
0%
西生黒魚東滑水 西入善、生地、黒部、魚津、東滑川、滑川、水橋
0%
西生宝中川北伊 西宮名塩、生瀬、宝塚、中山寺、川西池田、北伊丹、伊丹
0%
西西サ家ス北た 西山公園、西鯖江、サンドーム西、家久、スポーツ公園、北府、たけふ新
0%
西西伊学総名妙 西神中央、西神南、伊川谷、学園都市、総合運動公園、名谷、妙法寺
0%
西西下大本番あ 西春江ハートピア、西長田ゆりの里、下兵庫こうふく、大関、本荘、番田、あわら湯のまち
0%
西西桜米南桜堀 西尾、西尾口、桜町前、米津、南桜井、桜井、堀内公園
0%
西西山嵐蚕太帷 西院、西大路三条、山ノ内、嵐電天神川、蚕ノ社、太秦広隆寺、帷子ノ辻
0%
西西寺八瀬中安 西高屋、西条、寺家、八本松、瀬野、中野東、安芸中野
0%
西西心長松谷玉 西長堀、西大橋、心斎橋、長堀橋、松屋町、谷町六丁目、玉造
0%
西西水神鳥三泰 西鯖江、西山公園、水落、神明、鳥羽中、三十八社、泰澄の里
0%
西西太鷲中新八 西長田ゆりの里、西春江ハートピア、太郎丸エンゼルランド、鷲塚針原、中角、新田塚、八ツ島
0%
西西中滑浜早越 西加積、西滑川、中滑川、滑川、浜加積、早月加積、越中中村
0%
西西中新上新相 西滑川、西加積、中加積、新宮川、上市、新相ノ木、相ノ木
0%
西西東伊丹三大 西藤原、西野尻、東藤原、伊勢治田、丹生川、三里、大安
0%
西西白入河本三 西条、西高屋、白市、入野、河内、本郷、三原
0%
西千伝福出大尼 西九条、千鳥橋、伝法、福、出来島、大物、尼崎
0%
西千播東本太余 西栗栖、千本、播磨新宮、東觜崎、本竜野、太市、余部
0%
西川柱欽玖周米 西岩国、川西、柱野、欽明路、玖珂、周防高森、米川
0%
西川富宇松小有 西熊本、川尻、富合、宇土、松橋、小川、有佐
0%
西川富宇緑住肥 西熊本、川尻、富合、宇土、緑川、住吉、肥後長浜
0%
西洗新蔚段杉本 西辛島町、洗馬橋、新町、蔚山町、段山町、杉塘、本妙寺入口
0%
西太鷲中新八日 西春江ハートピア、太郎丸エンゼルランド、鷲塚針原、中角、新田塚、八ツ島、日華化学前
0%
西大宮石平佐久 西粟倉、大原、宮本武蔵、石井、平福、佐用、久崎
0%
西大魚土東加宝 西明石、大久保、魚住、土山、東加古川、加古川、宝殿
0%
西大古吾阿愛諫 西郷、大正、古部、吾妻、阿母崎、愛野、諫早東高校
0%
西大三三津筑桜 西鉄小郡、大保、三沢、三国が丘、津古、筑紫、桜台
0%
西大山指二宮薩 西大山、大山、山川、指宿、二月田、宮ケ浜、薩摩今和泉
0%
西大山夫金川伊 西有田、大木、山谷、夫婦石、金武、川東、伊万里
0%
西大室北東広北 西大垣、大垣、室、北大垣、東赤坂、広神戸、北神戸
0%
西大新日長古朝 西ノ口、大野町、新舞子、日長、長浦、古見、朝倉
0%
西大人山西林藤 西舞子、大蔵谷、人丸前、山陽明石、西新町、林崎松江海岸、藤江
0%
西大水上高富総 西山天王山、大山崎、水無瀬、上牧、高槻市、富田、総持寺
0%
西大牧高鶴大坂 西大分、大分、牧、高城、鶴崎、大在、坂ノ市
0%
西大邑長香伊西 西大寺、大富、邑久、長船、香登、伊部、西片上
0%
西滝滝社青河粟 西脇市、滝、滝野、社町、青野ケ原、河合西、粟生
0%
西端味宮櫛西花 西鉄小郡、端間、味坂、宮の陣、櫛原、西鉄久留米、花畑
0%
西中滑浜早越西 西滑川、中滑川、滑川、浜加積、早月加積、越中中村、西魚津
0%
西中古大毘安上 西原、中筋、古市、大町、毘沙門台、安東、上安
0%
西中荒桜電地電 西町、中町、荒町、桜橋、電気ビル前、地鉄ビル前、電鉄富山駅・エスタ前
0%
西中新上新相越 西加積、中加積、新宮川、上市、新相ノ木、相ノ木、越中泉
0%
西長西大水上高 西向日、長岡天神、西山天王山、大山崎、水無瀬、上牧、高槻市
0%
西長西東洛桂西 西山天王山、長岡天神、西向日、東向日、洛西口、桂、西京極
0%
西通東筑希筑楠 西山、通谷、東中間、筑豊中間、希望が丘高校前、筑豊香月、楠橋
0%
西田福日八新中 西別院、田原町、福大前西福井、日華化学前、八ツ島、新田塚、中角
0%
西電新経電電東 西魚津、電鉄魚津、新魚津、経田、電鉄石田、電鉄黒部、東三日市
0%
西渡那一球白吉 西人吉、渡、那良口、一勝地、球泉洞、白石、吉尾
0%
西都下白春桜雑 西鉄二日市、都府楼前、下大利、白木原、春日原、桜並木、雑餉隈
0%
西都三餅山青田 西都城、都城、三股、餅原、山之口、青井岳、田野
0%
西土岡日小波伊 西佐川、土佐加茂、岡花、日下、小村神社前、波川、伊野
0%
西土浮海土有土 西大方、土佐入野、浮鞭、海の王迎、土佐上川口、有井川、土佐白浜
0%
西唐鬼山肥西佐 西唐津、唐津、鬼塚、山本、肥前久保、西相知、佐里
0%
西唐鬼山本相岩 西唐津、唐津、鬼塚、山本、本牟田部、相知、岩屋
0%
西唐大赤天中祇 西新、唐人町、大濠公園、赤坂、天神、中洲川端、祇園
0%
西東こ西形三蒲 西幡豆、東幡豆、こどもの国、西浦、形原、三河鹿島、蒲郡競艇場前
0%
西東伊丹三大梅 西野尻、東藤原、伊勢治田、丹生川、三里、大安、梅戸井
0%
西東栄名山金神 西枇杷島、東枇杷島、栄生、名鉄名古屋、山王、金山、神宮前
0%
西東山西江中藤 西二見、東二見、山陽魚住、西江井ヶ島、江井ヶ島、中八木、藤江
0%
西東倉西開江西 西鉄銀水、東甘木、倉永、西鉄渡瀬、開、江の浦、西鉄中島
0%
西東中た西す江 西木場、東田平、中田平、たびら平戸口、西田平、すえたちばな、江迎鹿町
0%
西東別別亀豊暘 西大分、東別府、別府、別府大学、亀川、豊後豊岡、暘谷
0%
西東洛桂西西大 西向日、東向日、洛西口、桂、西京極、西院、大宮
0%
西道高長本大東 西浦上、道ノ尾、高田、長与、本川内、大草、東園
0%
西徳塩西江開西 西鉄柳川、徳益、塩塚、西鉄中島、江の浦、開、西鉄渡瀬
0%
西徳大岩石布江 西春、徳重・名古屋芸大、大山寺、岩倉、石仏、布袋、江南
0%
西南市県大勝警 西堀端、南堀端、市役所前、県庁前、大街道、勝山町、警察署前
0%
西南城安下朽苅 西小倉、南小倉、城野、安部山公園、下曽根、朽網、苅田
0%
西南城石志志石 西小倉、南小倉、城野、石田、志井公園、志井、石原町
0%
西二新須丸新大 西枇杷島、二ツ杁、新川橋、須ヶ口、丸ノ内、新清洲、大里
0%
西二二烏京三東 西大路御池、二条、二条城前、烏丸御池、京都市役所前、三条京阪、東山
0%
西熱熱堀妙新瑞 西高蔵、熱田神宮西、熱田神宮伝馬町、堀田、妙音通、新瑞橋、瑞穂運動場東
0%
西播別浜尾高荒 西二見、播磨町、別府、浜の宮、尾上の松、高砂、荒井
0%
西馬西蓮在星七 西桑名、馬道、西別所、蓮花寺、在良、星川、七和
0%
西板東月須山須 西代、板宿、東須磨、月見山、須磨寺、山陽須磨、須磨浦公園
0%
西肥本四な大花 西梅田、肥後橋、本町、四ツ橋、なんば、大国町、花園町
0%
西備伊日寒備天 西片上、備前片上、伊里、日生、寒河、備前福河、天和
0%
西美東津院美坪 西勝間田、美作大崎、東津山、津山、院庄、美作千代、坪井
0%
西美友大烏美養 西大垣、美濃青柳、友江、大外羽、烏江、美濃高田、養老
0%
西姫相岡新福新 西明石、姫路、相生、岡山、新倉敷、福山、新尾道
0%
西浜め市諏新新 西浜町、浜町アーケード、めがね橋、市役所、諏訪神社、新大工町、新中川町
0%
西浜下久波敬都 西浜田、浜田、下府、久代、波子、敬川、都野津
0%
西婦速千越東笹 西富山、婦中鵜坂、速星、千里、越中八尾、東八尾、笹津
0%
西武塚園神十中 西宮北口、武庫之荘、塚口、園田、神崎川、十三、中津
0%
西舞霞山東滝山 西舞子、舞子公園、霞ヶ丘、山陽垂水、東垂水、滝の茶屋、山陽塩屋
0%
西福浦弥栄常水 西富井、福井、浦田、弥生、栄、常盤、水島
0%
西福広東高古草 西観音町、福島町、広電西広島(己斐)、東高須、高須、古江、草津
0%
西弁大芦今新天 西九条、弁天町、大正、芦原橋、今宮、新今宮、天王寺
0%
西穂大垂関柏近 西岐阜、穂積、大垣、垂井、関ケ原、柏原、近江長岡
0%
西豊池田田一香 西添田、豊前川崎、池尻、田川後藤寺、田川伊田、一本松、香春
0%
西名観苅二萩玉 西一宮、名鉄一宮、観音寺、苅安賀、二子、萩原、玉野
0%
西名粉紀打下岩 西笠田、名手、粉河、紀伊長田、打田、下井阪、岩出
0%
西明朝舞垂塩須 西明石、明石、朝霧、舞子、垂水、塩屋、須磨
0%
西門古大萱寝香 西三荘、門真市、古川橋、大和田、萱島、寝屋川市、香里園
0%
西門甲仁小逆宝 西宮北口、門戸厄神、甲東園、仁川、小林、逆瀬川、宝塚南口
0%
西夜香あよの立 西分、夜須、香我美、あかおか、よしかわ、のいち、立田
0%
西野松西加美小 西金沢、野々市、松任、西松任、加賀笠間、美川、小舞子
0%
西野福大天桜京 西九条、野田、福島、大阪、天満、桜ノ宮、京橋
0%
西矢蒲八大犬三 西鉄柳川、矢加部、蒲池、八丁牟田、大溝、犬塚、三潴
0%
西薬西高大井雑 西鉄福岡(天神)、薬院、西鉄平尾、高宮、大橋、井尻、雑餉隈
0%
西柳城県西小中 西川緑道公園、柳川、城下、県庁通り、西大寺町・岡山芸術創造劇場ハレノワ前、小橋、中納言
0%
西柳南須不竹羽 西笠松、柳津、南宿、須賀、不破一色、竹鼻、羽島市役所前
0%
西柳郵田新大東 西川緑道公園、柳川、郵便局前、田町、新西大寺町筋、大雲寺前、東中央町
0%
西藍木木栄押緑 西鈴蘭台、藍那、木津、木幡、栄、押部谷、緑が丘
0%
西立中杵大日暘 西屋敷、立石、中山香、杵築、大神、日出、暘谷
0%
西林藤中江西山 西新町、林崎松江海岸、藤江、中八木、江井ヶ島、西江井ヶ島、山陽魚住
0%
西蓮在星七穴東 西別所、蓮花寺、在良、星川、七和、穴太、東員
0%
西和赤穴球あ安 西分、和食、赤野、穴内、球場前、あき総合病院前、安芸
0%
西諫東肥小湯長 西諫早、諫早、東諫早、肥前長田、小江、湯江、長里
0%
醒近柏関垂大穂 醒ケ井、近江長岡、柏原、関ケ原、垂井、大垣、穂積
0%
青河粟小市厄神 青野ケ原、河合西、粟生、小野町、市場、厄神、神野
0%
青魚住御石新大 青木、魚崎、住吉、御影、石屋川、新在家、大石
0%
青三若若若加勢 青郷、三松、若狭高浜、若狭和田、若狭本郷、加斗、勢浜
0%
青山餅三都西五 青井岳、山之口、餅原、三股、都城、西都城、五十市
0%
青子曽運木南田 青島、子供の国、曽山寺、運動公園、木花、南方、田吉
0%
青社滝滝西新比 青野ケ原、社町、滝野、滝、西脇市、新西脇、比延
0%
青新生長寺新鶴 青倉、新井、生野、長谷、寺前、新野、鶴居
0%
青折内小伊北内 青島、折生迫、内海、小内海、伊比井、北郷、内之田
0%
青津船徳鍋地名 青野山、津和野、船平山、徳佐、鍋倉、地福、名草
0%
青田日清加南宮 青井岳、田野、日向沓掛、清武、加納、南宮崎、宮崎
0%
青日青津船徳鍋 青原、日原、青野山、津和野、船平山、徳佐、鍋倉
0%
青日青東石本益 青野山、日原、青原、東青原、石見横田、本俣賀、益田
0%
青浜宝末鳥湖鳥 青谷、浜村、宝木、末恒、鳥取大学前、湖山、鳥取
0%
静掛浜豊三名岐 静岡、掛川、浜松、豊橋、三河安城、名古屋、岐阜羽島
0%
静五仁馬湯温石 静間、五十猛、仁万、馬路、湯里、温泉津、石見福光
0%
静大久波田小江 静間、大田市、久手、波根、田儀、小田、江南
0%
石い福北久鷹平 石手川公園、いよ立花、福音寺、北久米、久米、鷹ノ子、平井
0%
石伊伊玉壬伊伊 石鎚山、伊予氷見、伊予小松、玉之江、壬生川、伊予三芳、伊予桜井
0%
石伊中新多関伊 石鎚山、伊予西条、中萩、新居浜、多喜浜、関川、伊予土居
0%
石井方備木備備 石蟹、井倉、方谷、備中川面、木野山、備中高梁、備中広瀬
0%
石温湯馬仁五静 石見福光、温泉津、湯里、馬路、仁万、五十猛、静間
0%
石額枚瓢東河若 石切、額田、枚岡、瓢箪山、東花園、河内花園、若江岩田
0%
石鎌岡三折周西 石見津田、鎌手、岡見、三保三隅、折居、周布、西浜田
0%
石京錦膳中瓦粟 石場、京阪膳所、錦、膳所本町、中ノ庄、瓦ヶ浜、粟津
0%
石橋樟牧御枚枚 石清水八幡宮、橋本、樟葉、牧野、御殿山、枚方市、枚方公園
0%
石蛍豊岡曽服庄 石橋阪大前、蛍池、豊中、岡町、曽根、服部天神、庄内
0%
石結フ平筒近九 石見、結崎、ファミリー公園前、平端、筒井、近鉄郡山、九条
0%
石呼採香一田田 石原町、呼野、採銅所、香春、一本松、田川伊田、田川後藤寺
0%
石御西頴入開東 石垣、御領、西頴娃、頴娃、入野、開聞、東開聞
0%
石甲三貴甲寺甲 石部、甲西、三雲、貴生川、甲南、寺庄、甲賀
0%
石高綾淵梅真西 石原、高津、綾部、淵垣、梅迫、真倉、西舞鶴
0%
石黒浅江都敬波 石見福光、黒松、浅利、江津、都野津、敬川、波子
0%
石今名妙島国奥 石刀、今伊勢、名鉄一宮、妙興寺、島氏永、国府宮、奥田
0%
石志志石呼採香 石田、志井公園、志井、石原町、呼野、採銅所、香春
0%
石志志石城南西 石原町、志井、志井公園、石田、城野、南小倉、西小倉
0%
石首儀市古お安 石嶺、首里、儀保、市立病院前、古島、おもろまち、安里
0%
石新黒木笠岐茶 石刀、新木曽川、黒田、木曽川堤、笠松、岐南、茶所
0%
石新大西岩春三 石屋川、新在家、大石、西灘、岩屋、春日野道、三宮
0%
石新備足新上生 石蟹、新見、備中神代、足立、新郷、上石見、生山
0%
石諏浜羽高北松 石津川、諏訪ノ森、浜寺公園、羽衣、高石、北助松、松ノ浜
0%
石水頴松薩白薩 石垣、水成川、頴娃大川、松ケ浦、薩摩塩屋、白沢、薩摩板敷
0%
石瀬南草栗守野 石山、瀬田、南草津、草津、栗東、守山、野洲
0%
石清名森三三水 石才、清児、名越、森、三ツ松、三ヶ山口、水間観音
0%
石生東富学菖大 石切、生駒、東生駒、富雄、学園前、菖蒲池、大和西大寺
0%
石石東御寺宿大 石津、石津北、東湊、御陵前、寺地町、宿院、大小路
0%
石赤網肥住緑宇 石打ダム、赤瀬、網田、肥後長浜、住吉、緑川、宇土
0%
石大大メ新西浜 石橋、大浦天主堂、大浦海岸通り、メディカルセンター、新地中華街、西浜町、浜町アーケード
0%
石醍小椥東山御 石田、醍醐、小野、椥辻、東野、山科、御陵
0%
石池川雲山中売 石橋阪大前、池田、川西能勢口、雲雀丘花屋敷、山本、中山観音、売布神社
0%
石田笠新大八畝 石見、田原本、笠縫、新ノ口、大和八木、八木西口、畝傍御陵前
0%
石唐京粟瓦中膳 石山寺、唐橋前、京阪石山、粟津、瓦ヶ浜、中ノ庄、膳所本町
0%
石島び三大京近 石場、島ノ関、びわ湖浜大津、三井寺、大津市役所前、京阪大津京、近江神宮前
0%
石東亀乙半東武 石浜、東浦、亀崎、乙川、半田、東成岩、武豊
0%
石東御寺宿大花 石津北、東湊、御陵前、寺地町、宿院、大小路、花田口
0%
石東青日青津船 石見横田、東青原、青原、日原、青野山、津和野、船平山
0%
石美駒美養美烏 石津、美濃山崎、駒野、美濃津屋、養老、美濃高田、烏江
0%
石美多下下播桑 石津、美濃松山、多度、下野代、下深谷、播磨、桑名
0%
石布江柏扶木犬 石仏、布袋、江南、柏森、扶桑、木津用水、犬山口
0%
石福上下上梁和 石原、福知山、上川口、下夜久野、上夜久野、梁瀬、和田山
0%
石福西高高越小 石動、福岡、西高岡、高岡やぶなみ、高岡、越中大門、小杉
0%
石湊堺七住住粉 石津川、湊、堺、七道、住ノ江、住吉大社、粉浜
0%
石淀中伏丹墨藤 石清水八幡宮、淀、中書島、伏見桃山、丹波橋、墨染、藤森
0%
赤ふ市中藤あ南 赤池、ふれあい生力、市場、中泉、藤棚、あかぢ、南直方御殿口
0%
赤伊伊川箕豊観 赤星、伊予寒川、伊予三島、川之江、箕浦、豊浜、観音寺
0%
赤伊関多新中伊 赤星、伊予土居、関川、多喜浜、新居浜、中萩、伊予西条
0%
赤井競東東前東 赤岩口、井原、競輪場前、東田、東田坂上、前畑、東八町
0%
赤花ベ江清ハ浅 赤十字前、花堂、ベル前、江端、清明、ハーモニーホール、浅水
0%
赤教海遠水折陣 赤間、教育大前、海老津、遠賀川、水巻、折尾、陣原
0%
赤穴球あ安伊下 赤野、穴内、球場前、あき総合病院前、安芸、伊尾木、下山
0%
赤三室榛長大桜 赤目口、三本松、室生口大野、榛原、長谷寺、大和朝倉、桜井
0%
赤市内阿い宮波 赤水、市ノ川、内牧、阿蘇、いこいの村、宮地、波野
0%
赤住昭千若長岩 赤迫、住吉、昭和町通り、千歳町、若葉町、長崎大学、岩屋橋
0%
赤商足福福仁田 赤十字前、商工会議所前、足羽山公園口、福井城址大名町、福井駅、仁愛女子高校、田原町
0%
赤小奥壺旭県美 赤嶺、小禄、奥武山公園、壺川、旭橋、県庁前、美栄橋
0%
赤深相郡自山徳 赤池、深戸、相生、郡上八幡、自然園前、山田、徳永
0%
赤鉄清高木本萱 赤十字病院前、鉄砲町、清水町、高砂町、木屋町、本町六丁目、萱町六丁目
0%
赤天中祇博東福 赤坂、天神、中洲川端、祇園、博多、東比恵、福岡空港
0%
赤日南泊追小内 赤堀、日永、南日永、泊、追分、小古曽、内部
0%
赤日米黒三浄上 赤池、日進、米野木、黒笹、三好ヶ丘、浄水、上豊田
0%
赤八浦由下倉松 赤碕、八橋、浦安、由良、下北条、倉吉、松崎
0%
赤美福大み八木 赤池、美並苅安、福野、大矢、みなみ子宝温泉、八坂、木尾
0%
赤平原植塩八い 赤池、平針、原、植田、塩釜口、八事、いりなか
0%
赤名桔美伊青伊 赤目口、名張、桔梗が丘、美旗、伊賀神戸、青山町、伊賀上津
0%
赤網肥住緑宇富 赤瀬、網田、肥後長浜、住吉、緑川、宇土、富合
0%
赤油源崎犀東新 赤、油須原、源じいの森、崎山、犀川、東犀川三四郎、新豊津
0%
赤立瀬肥原三光 赤水、立野、瀬田、肥後大津、原水、三里木、光の森
0%
赤和西夜香あよ 赤野、和食、西分、夜須、香我美、あかおか、よしかわ
0%
切印稲和道御紀 切目、印南、稲原、和佐、道成寺、御坊、紀伊内原
0%
切岩南芳紀紀朝 切目、岩代、南部、芳養、紀伊田辺、紀伊新庄、朝来
0%
切手高新新市各 切通、手力、高田橋、新加納、新那加、市民公園前、各務原市役所前
0%
摂甲芦さ西甲立 摂津本山、甲南山手、芦屋、さくら夙川、西宮、甲子園口、立花
0%
摂高島山長向桂 摂津富田、高槻、島本、山崎、長岡京、向日町、桂川
0%
摂正相上淡崇南 摂津市、正雀、相川、上新庄、淡路、崇禅寺、南方
0%
摂沢南宇万山千 摂津、沢良宜、南茨木、宇野辺、万博記念公園、山田、千里中央
0%
摂南茨総富高上 摂津市、南茨木、茨木市、総持寺、富田、高槻市、上牧
0%
折阿牛薩西薩草 折口、阿久根、牛ノ浜、薩摩大川、西方、薩摩高城、草道
0%
折周西浜下久波 折居、周布、西浜田、浜田、下府、久代、波子
0%
折陣黒八ス枝戸 折尾、陣原、黒崎、八幡、スペースワールド、枝光、戸畑
0%
折水遠海教赤東 折尾、水巻、遠賀川、海老津、教育大前、赤間、東郷
0%
折青子曽運木南 折生迫、青島、子供の国、曽山寺、運動公園、木花、南方
0%
折東中筑鞍筑新 折尾、東水巻、中間、筑前垣生、鞍手、筑前植木、新入
0%
折内小伊北内飫 折生迫、内海、小内海、伊比井、北郷、内之田、飫肥
0%
折野高西出米袋 折口、野田郷、高尾野、西出水、出水、米ノ津、袋
0%
舌若栃浦下下愛 舌山、若栗、栃屋、浦山、下立口、下立、愛本
0%
舌新長荻東電電 舌山、新黒部、長屋、荻生、東三日市、電鉄黒部、電鉄石田
0%
仙竜重姶帖錦加 仙巌園、竜ケ水、重富、姶良、帖佐、錦江、加治木
0%
千伊箕長楠北塩 千代崎、伊勢若松、箕田、長太ノ浦、楠、北楠、塩浜
0%
千磯鼓白千伊箕 千里、磯山、鼓ヶ浦、白子、千代崎、伊勢若松、箕田
0%
千羽南敷宝免高 千路、羽咋、南羽咋、敷浪、宝達、免田、高松
0%
千越東笹楡猪杉 千里、越中八尾、東八尾、笹津、楡原、猪谷、杉原
0%
千横岩沢釜下榎 千垣、横江、岩峅寺、沢中山、釜ヶ淵、下段、榎町
0%
千河三美千天紀 千代田、河内長野、三日市町、美加の台、千早口、天見、紀見峠
0%
千関豊吹下淡柴 千里山、関大前、豊津、吹田、下新庄、淡路、柴島
0%
千関野都天中東 千林大宮、関目高殿、野江内代、都島、天神橋筋六丁目、中崎町、東梅田
0%
千金能良能徳七 千路、金丸、能登部、良川、能登二宮、徳田、七尾
0%
千古し新福九香 千鳥、古賀、ししぶ、新宮中央、福工大前、九産大前、香椎
0%
千杭大尼出尼武 千船、杭瀬、大物、尼崎、出屋敷、尼崎センタープール前、武庫川
0%
千香九福新し古 千早、香椎、九産大前、福工大前、新宮中央、ししぶ、古賀
0%
千今池覚本東星 千種、今池、池下、覚王山、本山、東山公園、星ヶ丘
0%
千山万宇南沢摂 千里中央、山田、万博記念公園、宇野辺、南茨木、沢良宜、摂津
0%
千若長岩浦大平 千歳町、若葉町、長崎大学、岩屋橋、浦上車庫、大橋、平和公園
0%
千松大竹新諏大 千綿、松原、大村車両基地、竹松、新大村、諏訪、大村
0%
千新栄伏名亀本 千種、新栄町、栄、伏見、名古屋、亀島、本陣
0%
千森関野京天北 千林、森小路、関目、野江、京橋、天満橋、北浜
0%
千大新勝春神高 千種、大曽根、新守山、勝川、春日井、神領、高蔵寺
0%
千滝金大狭北萩 千代田、滝谷、金剛、大阪狭山市、狭山、北野田、萩原天神
0%
千滝土守西門古 千林、滝井、土居、守口市、西三荘、門真市、古川橋
0%
千播東本太余播 千本、播磨新宮、東觜崎、本竜野、太市、余部、播磨高岡
0%
千白鼓磯千豊白 千代崎、白子、鼓ヶ浦、磯山、千里、豊津上野、白塚
0%
千八双伊上卯下 千丈、八幡浜、双岩、伊予石城、上宇和、卯之町、下宇和
0%
千彼川小南ハ早 千綿、彼杵、川棚、小串郷、南風崎、ハウステンボス、早岐
0%
千美三河千滝金 千早口、美加の台、三日市町、河内長野、千代田、滝谷、金剛
0%
千福東東赤教海 千鳥、福間、東福間、東郷、赤間、教育大前、海老津
0%
千並亀馬保嵯太 千代川、並河、亀岡、馬堀、保津峡、嵯峨嵐山、太秦
0%
千豊白高江津津 千里、豊津上野、白塚、高田本山、江戸橋、津、津新町
0%
千有小松宇富川 千丁、有佐、小川、松橋、宇土、富合、川尻
0%
川い八塩植原平 川名、いりなか、八事、塩釜口、植田、原、平針
0%
川阿霞近川伊益 川原町、阿倉川、霞ヶ浦、近鉄富田、川越富洲原、伊勢朝日、益生
0%
川阿山学阿西鴨 川田、阿波山川、山瀬、学、阿波川島、西麻植、鴨島
0%
川伊伊赤伊関多 川之江、伊予三島、伊予寒川、赤星、伊予土居、関川、多喜浜
0%
川伊益桑近近佐 川越富洲原、伊勢朝日、益生、桑名、近鉄長島、近鉄弥富、佐古木
0%
川伊大榊東西伊 川合高岡、伊勢石橋、大三、榊原温泉口、東青山、西青山、伊賀上津
0%
川雲山中売清宝 川西能勢口、雲雀丘花屋敷、山本、中山観音、売布神社、清荒神、宝塚
0%
川吉か天呉小水 川原石、吉浦、かるが浜、天応、呉ポートピア、小屋浦、水尻
0%
川吉備三矢小早 川辺宿、吉備真備、備中呉妹、三谷、矢掛、小田、早雲の里荏原
0%
川近霞阿川近新 川越富洲原、近鉄富田、霞ヶ浦、阿倉川、川原町、近鉄四日市、新正
0%
川近新海塩北楠 川原町、近鉄四日市、新正、海山道、塩浜、北楠、楠
0%
川金夫山大西蔵 川東、金武、夫婦石、山谷、大木、西有田、蔵宿
0%
川隈木串神市湯 川内、隈之城、木場茶屋、串木野、神村学園前、市来、湯之元
0%
川穴小貞阿江三 川田、穴吹、小島、貞光、阿波半田、江口、三加茂
0%
川絹滝鶯鼓多平 川西能勢口、絹延橋、滝山、鶯の森、鼓滝、多田、平野
0%
川御荒鶴上大伏 川名、御器所、荒畑、鶴舞、上前津、大須観音、伏見
0%
川高日佐日蓮宮 川南、高鍋、日向新富、佐土原、日向住吉、蓮ケ池、宮崎神宮
0%
川黒梅吉福安梶 川棚温泉、黒井村、梅ケ峠、吉見、福江、安岡、梶栗郷台地
0%
川三滝阿伊大梅 川添、三瀬谷、滝原、阿曽、伊勢柏崎、大内山、梅ケ谷
0%
川出新新熊新新 川内、出水、新水俣、新八代、熊本、新玉名、新大牟田
0%
川小湯宇長滝特 川棚温泉、小串、湯玉、宇賀本郷、長門二見、滝部、特牛
0%
川上草薩西薩牛 川内、上川内、草道、薩摩高城、西方、薩摩大川、牛ノ浜
0%
川清守南行北椋 川西、清流新岩国、守内かさ神、南河内、行波、北河内、椋野
0%
川川金守砂ナ大 川村、川宮、金屋、守山、砂田橋、ナゴヤドーム前矢田、大曽根
0%
川大美旅雲布湖 川跡、大寺、美談、旅伏、雲州平田、布崎、湖遊館新駅
0%
川池石蛍豊岡曽 川西能勢口、池田、石橋阪大前、蛍池、豊中、岡町、曽根
0%
川柱欽玖周米高 川西、柱野、欽明路、玖珂、周防高森、米川、高水
0%
川都東美南財日 川南、都農、東都農、美々津、南日向、財光寺、日向市
0%
川栃佐相多徳松 川添、栃原、佐奈、相可、多気、徳和、松阪
0%
川彼千松大竹新 川棚、彼杵、千綿、松原、大村車両基地、竹松、新大村
0%
川肥一木おあ東 川村、肥後西村、一武、木上、おかどめ幸福、あさぎり、東免田
0%
川富宇松小有千 川尻、富合、宇土、松橋、小川、有佐、千丁
0%
川富宇緑住肥網 川尻、富合、宇土、緑川、住吉、肥後長浜、網田
0%
川北伊猪塚尼塚 川西池田、北伊丹、伊丹、猪名寺、塚口、尼崎、塚本
0%
川箕豊観本比高 川之江、箕浦、豊浜、観音寺、本山、比地大、高瀬
0%
扇南北堺長日恵 扇町、南森町、北浜、堺筋本町、長堀橋、日本橋、恵美須町
0%
泉井鶴二貝蛸岸 泉佐野、井原里、鶴原、二色浜、貝塚、蛸地蔵、岸和田
0%
泉羽吉岡樽尾鳥 泉佐野、羽倉崎、吉見ノ里、岡田浦、樽井、尾崎、鳥取ノ荘
0%
泉左野皆中本上 泉福寺、左石、野中、皆瀬、中里、本山、上相浦
0%
泉松北高羽浜諏 泉大津、松ノ浜、北助松、高石、羽衣、浜寺公園、諏訪ノ森
0%
泉忠春和岸蛸貝 泉大津、忠岡、春木、和泉大宮、岸和田、蛸地蔵、貝塚
0%
浅ハ清江ベ花赤 浅水、ハーモニーホール、清明、江端、ベル前、花堂、赤十字前
0%
浅我沢住帝岸天 浅香山、我孫子前、沢ノ町、住吉東、帝塚山、岸里玉出、天下茶屋
0%
浅丸伏大上鶴荒 浅間町、丸の内、伏見、大須観音、上前津、鶴舞、荒畑
0%
浅菊伊大波波今 浅海、菊間、伊予亀岡、大西、波方、波止浜、今治
0%
浅江都敬波久下 浅利、江津、都野津、敬川、波子、久代、下府
0%
浅黒石温湯馬仁 浅利、黒松、石見福光、温泉津、湯里、馬路、仁万
0%
浅堺三百上津鳳 浅香、堺市、三国ケ丘、百舌鳥、上野芝、津久野、鳳
0%
浅堺三百中白初 浅香山、堺東、三国ヶ丘、百舌鳥八幡、中百舌鳥、白鷺、初芝
0%
浅鯖牟辺山日北 浅川、鯖瀬、牟岐、辺川、山河内、日和佐、北河内
0%
浅杉我長鶴南美 浅香、杉本町、我孫子町、長居、鶴ケ丘、南田辺、美章園
0%
浅泰三鳥神水西 浅水、泰澄の里、三十八社、鳥羽中、神明、水落、西山公園
0%
浅大伊柳粟光堀 浅海、大浦、伊予北条、柳原、粟井、光洋台、堀江
0%
浅日津臼上熊下 浅海井、日代、津久見、臼杵、上臼杵、熊崎、下ノ江
0%
洗新蔚段杉本県 洗馬橋、新町、蔚山町、段山町、杉塘、本妙寺入口、県立体育館前
0%
洗西辛花熊通水 洗馬橋、西辛島町、辛島町、花畑町、熊本城・市役所前、通町筋、水道町
0%
潜い高江す西た 潜竜ヶ滝、いのつき、高岩、江迎鹿町、すえたちばな、西田平、たびら平戸口
0%
潜吉神清佐小真 潜竜ヶ滝、吉井、神田、清峰高校前、佐々、小浦、真申
0%
船下小牛豊三長 船町、下地、小坂井、牛久保、豊川、三河一宮、長山
0%
船加松白五沓上 船津、加茂、松尾、白木、五知、沓掛、上之郷
0%
船岩下打紀粉名 船戸、岩出、下井阪、打田、紀伊長田、粉河、名手
0%
船三紀梅大伊阿 船津、三野瀬、紀伊長島、梅ケ谷、大内山、伊勢柏崎、阿曽
0%
船石石東御寺宿 船尾、石津、石津北、東湊、御陵前、寺地町、宿院
0%
船相尾大九三賀 船津、相賀、尾鷲、大曽根浦、九鬼、三木里、賀田
0%
船津青日青東石 船平山、津和野、青野山、日原、青原、東青原、石見横田
0%
船徳鍋地名三渡 船平山、徳佐、鍋倉、地福、名草、三谷、渡川
0%
船日鍼胡下和安 船岡、日吉、鍼灸大学前、胡麻、下山、和知、安栖里
0%
船本黒日比新西 船町口、本黒田、黒田庄、日本へそ公園、比延、新西脇、西脇市
0%
前加富関関せ関 前平公園、加茂野、富加、関富岡、関口、せきてらす前、関
0%
前喜中瀬平五坂 前之浜、喜入、中名、瀬々串、平川、五位野、坂之上
0%
前生薩宮二指山 前之浜、生見、薩摩今和泉、宮ケ浜、二月田、指宿、山川
0%
前鷹今福浦波久 前浜、鷹島口、今福、福島口、浦ノ崎、波瀬、久原
0%
前中有左鳴本本 前後、中京競馬場前、有松、左京山、鳴海、本星崎、本笠寺
0%
前調松松御西東 前浜、調川、松浦、松浦発電所前、御厨、西木場、東田平
0%
前東豊市札新駅 前畑、東八町、豊橋公園前、市役所前、札木、新川、駅前大通
0%
前豊富一知牛新 前後、豊明、富士松、一ツ木、知立、牛田、新安城
0%
善琴塩黒讃坪箸 善通寺、琴平、塩入、黒川、讃岐財田、坪尻、箸蔵
0%
善西可日新明顔 善師野、西可児、可児川、日本ライン今渡、新可児、明智、顔戸
0%
善筑田筑う筑夜 善導寺、筑後草野、田主丸、筑後吉井、うきは、筑後大石、夜明
0%
禅下焼飛下白上 禅昌寺、下呂、焼石、飛騨金山、下油井、白川口、上麻生
0%
禅飛上飛飛渚久 禅昌寺、飛騨萩原、上呂、飛騨宮田、飛騨小坂、渚、久々野
0%
膳石瀬南草栗守 膳所、石山、瀬田、南草津、草津、栗東、守山
0%
膳中瓦粟京唐石 膳所本町、中ノ庄、瓦ヶ浜、粟津、京阪石山、唐橋前、石山寺
0%
曽運木南田南宮 曽山寺、運動公園、木花、南方、田吉、南宮崎、宮崎
0%
曽子青折内小伊 曽山寺、子供の国、青島、折生迫、内海、小内海、伊比井
0%
曽服庄三十中大 曽根、服部天神、庄内、三国、十三、中津、大阪梅田
0%
曽宝加東土魚大 曽根、宝殿、加古川、東加古川、土山、魚住、大久保
0%
曽陽四乙額馬野 曽谷、陽羽里、四十万、乙丸、額住宅前、馬替、野々市工大前
0%
楚大東穴七星在 楚原、大泉、東員、穴太、七和、星川、在良
0%
祖阿小大土豊大 祖谷口、阿波川口、小歩危、大歩危、土佐岩原、豊永、大田口
0%
祖三阿佃箸坪讃 祖谷口、三縄、阿波池田、佃、箸蔵、坪尻、讃岐財田
0%
蘇各鵜坂美古中 蘇原、各務ケ原、鵜沼、坂祝、美濃太田、古井、中川辺
0%
双伊上卯下立伊 双岩、伊予石城、上宇和、卯之町、下宇和、立間、伊予吉田
0%
倉下由浦八赤中 倉吉、下北条、由良、浦安、八橋、赤碕、中山口
0%
倉球西福浦弥栄 倉敷市、球場前、西富井、福井、浦田、弥生、栄
0%
倉松泊青浜宝末 倉吉、松崎、泊、青谷、浜村、宝木、末恒
0%
倉清総豪日美備 倉敷、清音、総社、豪渓、日羽、美袋、備中広瀬
0%
倉西開江西塩徳 倉永、西鉄渡瀬、開、江の浦、西鉄中島、塩塚、徳益
0%
倉西新金鴨里笠 倉敷、西阿知、新倉敷、金光、鴨方、里庄、笠岡
0%
挿岡円一空仏太 挿頭丘、岡本、円座、一宮、空港通り、仏生山、太田
0%
挿畑陶綾滝羽栗 挿頭丘、畑田、陶、綾川、滝宮、羽床、栗熊
0%
早ハ南小川彼千 早岐、ハウステンボス、南風崎、小串郷、川棚、彼杵、千綿
0%
早井い子御湯神 早雲の里荏原、井原、いずえ、子守唄の里高屋、御領、湯野、神辺
0%
早越西電新経電 早月加積、越中中村、西魚津、電鉄魚津、新魚津、経田、電鉄石田
0%
早久茶彦備迫常 早島、久々原、茶屋町、彦崎、備前片岡、迫川、常山
0%
早三有上三永武 早岐、三河内、有田、上有田、三間坂、永尾、武雄温泉
0%
早小矢三備吉川 早雲の里荏原、小田、矢掛、三谷、備中呉妹、吉備真備、川辺宿
0%
早浜滑中西西中 早月加積、浜加積、滑川、中滑川、西滑川、西加積、中加積
0%
漕櫛東松松伊伊 漕代、櫛田、東松阪、松阪、松ヶ崎、伊勢中原、伊勢中川
0%
相越寺越越越東 相ノ木、越中泉、寺田、越中舟橋、越中三郷、越中荏原、東新庄
0%
相岡新福新三東 相生、岡山、新倉敷、福山、新尾道、三原、東広島
0%
相岡西安三東野 相見、岡崎、西岡崎、安城、三河安城、東刈谷、野田新町
0%
相岩厳多中東小 相知、岩屋、厳木、多久、中多久、東多久、小城
0%
相郡自山徳郡万 相生、郡上八幡、自然園前、山田、徳永、郡上大和、万場
0%
相幸三三蒲三三 相見、幸田、三ケ根、三河塩津、蒲郡、三河三谷、三河大塚
0%
相広新三道武西 相野、広野、新三田、三田、道場、武田尾、西宮名塩
0%
相佐栃川三滝阿 相可、佐奈、栃原、川添、三瀬谷、滝原、阿曽
0%
相上淡崇南十大 相川、上新庄、淡路、崇禅寺、南方、十三、大阪梅田
0%
相新上新中西西 相ノ木、新相ノ木、上市、新宮川、中加積、西加積、西滑川
0%
相深赤美福大み 相生、深戸、赤池、美並苅安、福野、大矢、みなみ子宝温泉
0%
相正摂南茨総富 相川、正雀、摂津市、南茨木、茨木市、総持寺、富田
0%
相西坂播天備寒 相生、西相生、坂越、播州赤穂、天和、備前福河、寒河
0%
相川肥一木おあ 相良藩願成寺、川村、肥後西村、一武、木上、おかどめ幸福、あさぎり
0%
相船三紀梅大伊 相賀、船津、三野瀬、紀伊長島、梅ケ谷、大内山、伊勢柏崎
0%
相多徳松六高阿 相可、多気、徳和、松阪、六軒、高茶屋、阿漕
0%
相大上本中皆野 相浦、大学、上相浦、本山、中里、皆瀬、野中
0%
相棚真小佐清神 相浦、棚方、真申、小浦、佐々、清峰高校前、神田
0%
相尾大九三賀二 相賀、尾鷲、大曽根浦、九鬼、三木里、賀田、二木島
0%
相鳴野鶴桜新瑞 相生山、鳴子北、野並、鶴里、桜本町、新瑞橋、瑞穂運動場西
0%
総茨南摂正相上 総持寺、茨木市、南茨木、摂津市、正雀、相川、上新庄
0%
総豪日美備備木 総社、豪渓、日羽、美袋、備中広瀬、備中高梁、木野山
0%
総瑞新妙堀熱熱 総合リハビリセンター、瑞穂運動場東、新瑞橋、妙音通、堀田、熱田神宮伝馬町、熱田神宮西
0%
総清倉中庭北岡 総社、清音、倉敷、中庄、庭瀬、北長瀬、岡山
0%
総東服足備吉備 総社、東総社、服部、足守、備中高松、吉備津、備前一宮
0%
総八八名本自茶 総合リハビリセンター、八事、八事日赤、名古屋大学、本山、自由ヶ丘、茶屋ヶ坂
0%
総富高上水大西 総持寺、富田、高槻市、上牧、水無瀬、大山崎、西山天王山
0%
草宇東琴宇居岩 草江、宇部岬、東新川、琴芝、宇部新川、居能、岩鼻
0%
草栗守野篠近安 草津、栗東、守山、野洲、篠原、近江八幡、安土
0%
草古高東広福西 草津、古江、高須、東高須、広電西広島(己斐)、福島町、西観音町
0%
草薩西薩牛阿折 草道、薩摩高城、西方、薩摩大川、牛ノ浜、阿久根、折口
0%
草手石甲三貴甲 草津、手原、石部、甲西、三雲、貴生川、甲南
0%
草商井修広佐楽 草津南、商工センター入口、井口、修大協創中高前、広電五日市、佐伯区役所前、楽々園
0%
草常床丸岐阿岩 草江、常盤、床波、丸尾、岐波、阿知須、岩倉
0%
草草古高東広福 草津南、草津、古江、高須、東高須、広電西広島(己斐)、福島町
0%
草草商井修広佐 草津、草津南、商工センター入口、井口、修大協創中高前、広電五日市、佐伯区役所前
0%
草南瀬石膳大山 草津、南草津、瀬田、石山、膳所、大津、山科
0%
草藍相広新三道 草野、藍本、相野、広野、新三田、三田、道場
0%
荘宍来玉乃松東 荘原、宍道、来待、玉造温泉、乃木、松江、東松江
0%
荘直出西出江小 荘原、直江、出雲市、西出雲、出雲神西、江南、小田
0%
蔵鮎府石下牛麻 蔵本、鮎喰、府中、石井、下浦、牛島、麻植塚
0%
蔵西大山夫金川 蔵宿、西有田、大木、山谷、夫婦石、金武、川東
0%
造オ志讃八古屋 造田、オレンジタウン、志度、讃岐牟礼、八栗口、古高松南、屋島
0%
造神讃鶴丹三讃 造田、神前、讃岐津田、鶴羽、丹生、三本松、讃岐白鳥
0%
足越一越市小美 足羽、越前東郷、一乗谷、越前高田、市波、小和清水、美山
0%
足商赤花ベ江清 足羽山公園口、商工会議所前、赤十字前、花堂、ベル前、江端、清明
0%
足新上生上黒根 足立、新郷、上石見、生山、上菅、黒坂、根雨
0%
足備吉備大備岡 足守、備中高松、吉備津、備前一宮、大安寺、備前三門、岡山
0%
足備新石井方備 足立、備中神代、新見、石蟹、井倉、方谷、備中川面
0%
速千越東笹楡猪 速星、千里、越中八尾、東八尾、笹津、楡原、猪谷
0%
多榎蒲西大新日 多屋、榎戸、蒲池、西ノ口、大野町、新舞子、日長
0%
多海津詫み高比 多度津、海岸寺、津島ノ宮、詫間、みの、高瀬、比地大
0%
多外田宮山伊五 多気、外城田、田丸、宮川、山田上口、伊勢市、五十鈴ケ丘
0%
多関伊赤伊伊川 多喜浜、関川、伊予土居、赤星、伊予寒川、伊予三島、川之江
0%
多厳岩相本山鬼 多久、厳木、岩屋、相知、本牟田部、山本、鬼塚
0%
多古定高神春勝 多治見、古虎渓、定光寺、高蔵寺、神領、春日井、勝川
0%
多公東あお木一 多良木、公立病院前、東免田、あさぎり、おかどめ幸福、木上、一武
0%
多讃丸宇坂八鴨 多度津、讃岐塩屋、丸亀、宇多津、坂出、八十場、鴨川
0%
多小根姫下可美 多治見、小泉、根本、姫、下切、可児、美濃川合
0%
多新中伊石伊伊 多喜浜、新居浜、中萩、伊予西条、石鎚山、伊予氷見、伊予小松
0%
多神西大古吾阿 多比良、神代、西郷、大正、古部、吾妻、阿母崎
0%
多相佐栃川三滝 多気、相可、佐奈、栃原、川添、三瀬谷、滝原
0%
多大須土安土影 多ノ郷、大間、須崎、土佐新荘、安和、土佐久礼、影野
0%
多中東小久バ鍋 多久、中多久、東多久、小城、久保田、バルーンさが、鍋島
0%
多土瑞釜武恵美 多治見、土岐市、瑞浪、釜戸、武並、恵那、美乃坂本
0%
多徳松六高阿津 多気、徳和、松阪、六軒、高茶屋、阿漕、津
0%
多肥小長湯小肥 多良、肥前大浦、小長井、長里、湯江、小江、肥前長田
0%
多美石美駒美養 多度、美濃松山、石津、美濃山崎、駒野、美濃津屋、養老
0%
多平一畦山笹光 多田、平野、一の鳥居、畦野、山下、笹部、光風台
0%
多有大松三島霊 多比良、有明湯江、大三東、松尾、三会、島原、霊丘公園体育館
0%
太下紀紀古紀串 太地、下里、紀伊浦神、紀伊田原、古座、紀伊姫、串本
0%
太花円二丹梅京 太秦、花園、円町、二条、丹波口、梅小路京都西、京都
0%
太高加南八巽白 太田川、高横須賀、加木屋中ノ池、南加木屋、八幡新田、巽ヶ丘、白沢
0%
太嵯保馬亀並千 太秦、嵯峨嵐山、保津峡、馬堀、亀岡、並河、千代川
0%
太蚕嵐山西西四 太秦広隆寺、蚕ノ社、嵐電天神川、山ノ内、西大路三条、西院、四条大宮
0%
太新聚名柴大大 太田川、新日鉄前、聚楽園、名和、柴田、大同町、大江
0%
太清新関蒲鴫緑 太子橋今市、清水、新森古市、関目成育、蒲生四丁目、鴫野、緑橋
0%
太西西下大本番 太郎丸エンゼルランド、西春江ハートピア、西長田ゆりの里、下兵庫こうふく、大関、本荘、番田
0%
太西二二烏京三 太秦天神川、西大路御池、二条、二条城前、烏丸御池、京都市役所前、三条京阪
0%
太千関野都天中 太子橋今市、千林大宮、関目高殿、野江内代、都島、天神橋筋六丁目、中崎町
0%
太湯紀紀那宇紀 太地、湯川、紀伊勝浦、紀伊天満、那智、宇久井、紀伊佐野
0%
太尾寺朝古長日 太田川、尾張横須賀、寺本、朝倉、古見、長浦、日長
0%
太仏空一円岡挿 太田、仏生山、空港通り、一宮、円座、岡本、挿頭丘
0%
太本東播千西三 太市、本竜野、東觜崎、播磨新宮、千本、西栗栖、三日月
0%
太名国丸久高車 太閤通、名古屋、国際センター、丸の内、久屋大通、高岳、車道
0%
太鷲中新八日福 太郎丸エンゼルランド、鷲塚針原、中角、新田塚、八ツ島、日華化学前、福大前西福井
0%
太帷有車鹿嵐嵐 太秦広隆寺、帷子ノ辻、有栖川、車折神社、鹿王院、嵐電嵯峨、嵐山
0%
打芦深青魚住御 打出、芦屋、深江、青木、魚崎、住吉、御影
0%
打下岩船紀布千 打田、下井阪、岩出、船戸、紀伊小倉、布施屋、千旦
0%
打紀粉名西笠大 打田、紀伊長田、粉河、名手、西笠田、笠田、大谷
0%
打香西今久甲鳴 打出、香櫨園、西宮、今津、久寿川、甲子園、鳴尾・武庫川女子大前
0%
打坂角飛杉飛飛 打保、坂上、角川、飛騨細江、杉崎、飛騨古川、飛騨国府
0%
打杉猪楡笹東越 打保、杉原、猪谷、楡原、笹津、東八尾、越中八尾
0%
打土土十半江西 打井川、土佐大正、土佐昭和、十川、半家、江川崎、西ケ方
0%
帯櫟天長柳巻三 帯解、櫟本、天理、長柄、柳本、巻向、三輪
0%
泰三鳥神水西西 泰澄の里、三十八社、鳥羽中、神明、水落、西山公園、西鯖江
0%
泰浅ハ清江ベ花 泰澄の里、浅水、ハーモニーホール、清明、江端、ベル前、花堂
0%
苔河久佐平石宮 苔縄、河野原円心、久崎、佐用、平福、石井、宮本武蔵
0%
袋水新津湯佐海 袋、水俣、新水俣、津奈木、湯浦、佐敷、海浦
0%
袋中市鷹日広御 袋町、中電前、市役所前、鷹野橋、日赤病院前、広電本社前、御幸橋
0%
袋米出西高野折 袋、米ノ津、出水、西出水、高尾野、野田郷、折口
0%
袋本紙原本十寺 袋町、本通、紙屋町西、原爆ドーム前、本川町、十日市町、寺町
0%
袋本紙原本十土 袋町、本通、紙屋町西、原爆ドーム前、本川町、十日市町、土橋
0%
袋本紙立八胡銀 袋町、本通、紙屋町東、立町、八丁堀、胡町、銀山町
0%
大ド西西心長松 大正、ドーム前千代崎、西長堀、西大橋、心斎橋、長堀橋、松屋町
0%
大ナ砂守金川川 大曽根、ナゴヤドーム前矢田、砂田橋、守山、金屋、川宮、川村
0%
大ナ砂茶自本名 大曽根、ナゴヤドーム前矢田、砂田橋、茶屋ヶ坂、自由ヶ丘、本山、名古屋大学
0%
大な心本淀梅中 大国町、なんば、心斎橋、本町、淀屋橋、梅田、中津
0%
大み八木母洲湯 大矢、みなみ子宝温泉、八坂、木尾、母野、洲原、湯の洞温泉口
0%
大メ新西浜め市 大浦海岸通り、メディカルセンター、新地中華街、西浜町、浜町アーケード、めがね橋、市役所
0%
大逢刈野東三安 大府、逢妻、刈谷、野田新町、東刈谷、三河安城、安城
0%
大芦今新天寺桃 大正、芦原橋、今宮、新今宮、天王寺、寺田町、桃谷
0%
大安忠安須三糸 大乗、安芸長浜、忠海、安芸幸崎、須波、三原、糸崎
0%
大安津聖花西櫛 大善寺、安武、津福、聖マリア病院前、花畑、西鉄久留米、櫛原
0%
大伊阿滝三川栃 大内山、伊勢柏崎、阿曽、滝原、三瀬谷、川添、栃原
0%
大伊菊浅大伊柳 大西、伊予亀岡、菊間、浅海、大浦、伊予北条、柳原
0%
大伊柳粟光堀伊 大浦、伊予北条、柳原、粟井、光洋台、堀江、伊予和気
0%
大井雑桜春白下 大橋、井尻、雑餉隈、桜並木、春日原、白木原、下大利
0%
大印旭尾三水新 大森・金城学院前、印場、旭前、尾張旭、三郷、水野、新瀬戸
0%
大烏美養美駒美 大外羽、烏江、美濃高田、養老、美濃津屋、駒野、美濃山崎
0%
大浦岩長若千昭 大橋、浦上車庫、岩屋橋、長崎大学、若葉町、千歳町、昭和町通り
0%
大浦茂スス八長 大学病院、浦上駅前、茂里町、スタジアムシティノース、スタジアムシティサウス、八千代町、長崎駅前
0%
大越福森春丸芦 大土呂、越前花堂、福井、森田、春江、丸岡、芦原温泉
0%
大下越六大吉吉 大阿太、下市口、越部、六田、大和上市、吉野神宮、吉野
0%
大下西西太鷲中 大関、下兵庫こうふく、西長田ゆりの里、西春江ハートピア、太郎丸エンゼルランド、鷲塚針原、中角
0%
大加動粟小明能 大聖寺、加賀温泉、動橋、粟津、小松、明峰、能美根上
0%
大河安堅法恩高 大阪教育大前、河内国分、安堂、堅下、法善寺、恩智、高安
0%
大河北今針矢河 大阪阿部野橋、河堀口、北田辺、今川、針中野、矢田、河内天美
0%
大花谷箕山北鈴 大池、花山、谷上、箕谷、山の街、北鈴蘭台、鈴蘭台
0%
大花妙神綾高大 大小路、花田口、妙国寺前、神明町、綾ノ町、高須神社、大和川
0%
大笠西名粉紀打 大谷、笠田、西笠田、名手、粉河、紀伊長田、打田
0%
大笠熱金尾名枇 大高、笠寺、熱田、金山、尾頭橋、名古屋、枇杷島
0%
大笠里鴨金新西 大門、笠岡、里庄、鴨方、金光、新倉敷、西阿知
0%
大萱寝香光枚枚 大和田、萱島、寝屋川市、香里園、光善寺、枚方公園、枚方市
0%
大関二近五築大 大阪教育大前、関屋、二上、近鉄下田、五位堂、築山、大和高田
0%
大岩石布江柏扶 大山寺、岩倉、石仏、布袋、江南、柏森、扶桑
0%
大岩東居諸浜久 大岩、岩美、東浜、居組、諸寄、浜坂、久谷
0%
大喜小瓢守矢大 大森・金城学院前、喜多山、小幡、瓢箪山、守山自衛隊前、矢田、大曽根
0%
大久波田小江出 大田市、久手、波根、田儀、小田、江南、出雲神西
0%
大宮石平佐久河 大原、宮本武蔵、石井、平福、佐用、久崎、河野原円心
0%
大魚土東加宝曽 大久保、魚住、土山、東加古川、加古川、宝殿、曽根
0%
大京蒲今横鶴門 大阪ビジネスパーク、京橋、蒲生四丁目、今福鶴見、横堤、鶴見緑地、門真南
0%
大京近南滋穴松 大津市役所前、京阪大津京、近江神宮前、南滋賀、滋賀里、穴太、松ノ馬場
0%
大京桜朝朝日水 大学前、京セラ前、桜川、朝日大塚、朝日野、日野、水口松尾
0%
大京桜天大福野 大阪城公園、京橋、桜ノ宮、天満、大阪、福島、野田
0%
大共南大笠熱金 大府、共和、南大高、大高、笠寺、熱田、金山
0%
大狭北萩初白中 大阪狭山市、狭山、北野田、萩原天神、初芝、白鷺、中百舌鳥
0%
大玉肥木田植西 大野下、玉名、肥後伊倉、木葉、田原坂、植木、西里
0%
大金大北古学五 大堰、金島、大城、北野、古賀茶屋、学校前、五郎丸
0%
大金大本上馬甘 大城、金島、大堰、本郷、上浦、馬田、甘木
0%
大金滝千河三美 大阪狭山市、金剛、滝谷、千代田、河内長野、三日市町、美加の台
0%
大銀吉渡南瀬筑 大牟田、銀水、吉野、渡瀬、南瀬高、瀬高、筑後船小屋
0%
大九三賀二新波 大曽根浦、九鬼、三木里、賀田、二木島、新鹿、波田須
0%
大玖大前宮阿宮 大竹、玖波、大野浦、前空、宮島口、阿品、宮内串戸
0%
大隅下橋紀高中 大和二見、隅田、下兵庫、橋本、紀伊山田、高野口、中飯降
0%
大熊有神紀阿紀 大泊、熊野市、有井、神志山、紀伊市木、阿田和、紀伊井田
0%
大蛍柴少千山万 大阪空港、蛍池、柴原阪大前、少路、千里中央、山田、万博記念公園
0%
大月開布小上朝 大庄、月岡、開発、布市、小杉、上堀、朝菜町
0%
大月島伊佐新柘 大河原、月ケ瀬口、島ケ原、伊賀上野、佐那具、新堂、柘植
0%
大犬三大安津聖 大溝、犬塚、三潴、大善寺、安武、津福、聖マリア病院前
0%
大原平大浦岩長 大学病院、原爆資料館、平和公園、大橋、浦上車庫、岩屋橋、長崎大学
0%
大古衣西山三港 大手町、古町、衣山、西衣山、山西、三津、港山
0%
大古吾阿愛諫釜 大正、古部、吾妻、阿母崎、愛野、諫早東高校、釜ノ鼻
0%
大古中西祇不牛 大町、古市、中筋、西原、祇園新橋北、不動院前、牛田
0%
大古南賀豊向鬼 大分、古国府、南大分、賀来、豊後国分、向之原、鬼瀬
0%
大古門西守土滝 大和田、古川橋、門真市、西三荘、守口市、土居、滝井
0%
大五長八スス茂 大波止、五島町、長崎駅前、八千代町、スタジアムシティサウス、スタジアムシティノース、茂里町
0%
大五北吉掖玉御 大和二見、五条、北宇智、吉野口、掖上、玉手、御所
0%
大御玉掖吉北五 大和新庄、御所、玉手、掖上、吉野口、北宇智、五条
0%
大公下牧荒福福 大江、公庄、下天津、牧、荒河かしの木台、福知山市民病院口、福知山
0%
大向植芦高南愛 大清水、向ヶ丘、植田、芦原、高師、南栄、愛知大学前
0%
大杭千姫淀野福 大物、杭瀬、千船、姫島、淀川、野田、福島
0%
大荒南長大玉肥 大牟田、荒尾、南荒尾、長洲、大野下、玉名、肥後伊倉
0%
大高綾神妙花大 大和川、高須神社、綾ノ町、神明町、妙国寺前、花田口、大小路
0%
大高県グ枡上上 大橋通、高知城前、県庁前、グランド通、枡形、上町一丁目、上町二丁目
0%
大佐池箸但黒西 大輪田、佐味田川、池部、箸尾、但馬、黒田、西田原本
0%
大坂幸佐下熊上 大在、坂ノ市、幸崎、佐志生、下ノ江、熊崎、上臼杵
0%
大桜ド九西千伝 大阪難波、桜川、ドーム前、九条、西九条、千鳥橋、伝法
0%
大桜大耳大真松 大和朝倉、桜井、大福、耳成、大和八木、真菅、松塚
0%
大桜大長榛室三 大福、桜井、大和朝倉、長谷寺、榛原、室生口大野、三本松
0%
大三び島石京錦 大津市役所前、三井寺、びわ湖浜大津、島ノ関、石場、京阪膳所、錦
0%
大三犬大八蒲矢 大善寺、三潴、犬塚、大溝、八丁牟田、蒲池、矢加部
0%
大三三割磯上七 大河端、三ツ屋、三口、割出、磯部、上諸江、七ツ屋
0%
大三三津筑桜朝 大保、三沢、三国が丘、津古、筑紫、桜台、朝倉街道
0%
大三丹伊東西西 大安、三里、丹生川、伊勢治田、東藤原、西野尻、西藤原
0%
大三茶東新野東 大海、三河東郷、茶臼山、東新町、新城、野田城、東上
0%
大山伊吉岡交竈 大池遊園、山東、伊太祈曽、吉礼、岡崎前、交通センター前、竈山
0%
大山伊荒高尾浜 大塩、山陽曽根、伊保、荒井、高砂、尾上の松、浜の宮
0%
大山指二宮薩生 大山、山川、指宿、二月田、宮ケ浜、薩摩今和泉、生見
0%
大四新嘉本厚宇 大道、四辻、新山口、嘉川、本由良、厚東、宇部
0%
大耳大桜大長榛 大和八木、耳成、大福、桜井、大和朝倉、長谷寺、榛原
0%
大耳大真松大築 大福、耳成、大和八木、真菅、松塚、大和高田、築山
0%
大室北東広北池 大垣、室、北大垣、東赤坂、広神戸、北神戸、池野
0%
大柴名聚新太尾 大同町、柴田、名和、聚楽園、新日鉄前、太田川、尾張横須賀
0%
大若上新東小勢 大鳥羽、若狭有田、上中、新平野、東小浜、小浜、勢浜
0%
大守太千関野都 大日、守口、太子橋今市、千林大宮、関目高殿、野江内代、都島
0%
大十藤三気美東 大鳥羽、十村、藤井、三方、気山、美浜、東美浜
0%
大宿寺御東石石 大小路、宿院、寺地町、御陵前、東湊、石津北、石津
0%
大出新西観思崇 大波止、出島、新地中華街、西浜町、観光通り、思案橋、崇福寺
0%
大出福伝千西九 大物、出来島、福、伝法、千鳥橋、西九条、九条
0%
大勝警上南道道 大街道、勝山町、警察署前、上一万、南町、道後公園、道後温泉
0%
大勝警上平赤鉄 大街道、勝山町、警察署前、上一万、平和通一丁目、赤十字病院前、鉄砲町
0%
大勝高米周玖欽 大河内、勝間、高水、米川、周防高森、玖珂、欽明路
0%
大小阿祖三阿佃 大歩危、小歩危、阿波川口、祖谷口、三縄、阿波池田、佃
0%
大松今西山太高 大板井、松崎、今隈、西太刀洗、山隈、太刀洗、高田
0%
大松三島霊島島 大三東、松尾、三会、島原、霊丘公園体育館、島原船津、島原港
0%
大松真大耳大桜 大和高田、松塚、真菅、大和八木、耳成、大福、桜井
0%
大松千彼川小南 大村車両基地、松原、千綿、彼杵、川棚、小串郷、南風崎
0%
大松長藤津河星 大住、松井山手、長尾、藤阪、津田、河内磐船、星田
0%
大菖学富東生石 大和西大寺、菖蒲池、学園前、富雄、東生駒、生駒、石切
0%
大上大月開布小 大川寺、上滝、大庄、月岡、開発、布市、小杉
0%
大上鶴荒御川い 大須観音、上前津、鶴舞、荒畑、御器所、川名、いりなか
0%
大上本中皆野左 大学、上相浦、本山、中里、皆瀬、野中、左石
0%
大上万郡徳山自 大中、上万場、万場、郡上大和、徳永、山田、自然園前
0%
大植霧嘉中表日 大隅横川、植村、霧島温泉、嘉例川、中福良、表木山、日当山
0%
大新笠田石結フ 大和八木、新ノ口、笠縫、田原本、石見、結崎、ファミリー公園前
0%
大新丸須新二西 大里、新清洲、丸ノ内、須ヶ口、新川橋、二ツ杁、西枇杷島
0%
大新勝春神高定 大曽根、新守山、勝川、春日井、神領、高蔵寺、定光寺
0%
大新西東倉西開 大牟田、新栄町、西鉄銀水、東甘木、倉永、西鉄渡瀬、開
0%
大新石御住魚青 大石、新在家、石屋川、御影、住吉、魚崎、青木
0%
大新田郵柳西岡 大雲寺前、新西大寺町筋、田町、郵便局前、柳川、西川緑道公園、岡山駅前
0%
大新東吹岸千茨 大阪、新大阪、東淀川、吹田、岸辺、千里丘、茨木
0%
大新日長古朝寺 大野町、新舞子、日長、長浦、古見、朝倉、寺本
0%
大森玉谷松長心 大阪ビジネスパーク、森ノ宮、玉造、谷町六丁目、松屋町、長堀橋、心斎橋
0%
大森玉鶴桃寺天 大阪城公園、森ノ宮、玉造、鶴橋、桃谷、寺田町、天王寺
0%
大深近出松吉真 大内、深田、近永、出目、松丸、吉野生、真土
0%
大真松大築五近 大和八木、真菅、松塚、大和高田、築山、五位堂、近鉄下田
0%
大神由通藤南岩 大畠、神代、由宇、通津、藤生、南岩国、岩国
0%
大人山西林藤中 大蔵谷、人丸前、山陽明石、西新町、林崎松江海岸、藤江、中八木
0%
大人西渡那一球 大畑、人吉、西人吉、渡、那良口、一勝地、球泉洞
0%
大諏新竹大松千 大村、諏訪、新大村、竹松、大村車両基地、松原、千綿
0%
大須土安土影六 大間、須崎、土佐新荘、安和、土佐久礼、影野、六反地
0%
大垂関柏近醒米 大垣、垂井、関ケ原、柏原、近江長岡、醒ケ井、米原
0%
大水上高富総茨 大山崎、水無瀬、上牧、高槻市、富田、総持寺、茨木市
0%
大水都二天原け 大野城、水城、都府楼南、二日市、天拝山、原田、けやき台
0%
大西薩東開入頴 大山、西大山、薩摩川尻、東開聞、開聞、入野、頴娃
0%
大西神多有大松 大正、西郷、神代、多比良、有明湯江、大三東、松尾
0%
大西大東高西岡 大富、西大寺、大多羅、東岡山、高島、西川原、岡山
0%
大西大邑長香伊 大多羅、西大寺、大富、邑久、長船、香登、伊部
0%
大西端味宮櫛西 大保、西鉄小郡、端間、味坂、宮の陣、櫛原、西鉄久留米
0%
大西長西東洛桂 大山崎、西山天王山、長岡天神、西向日、東向日、洛西口、桂
0%
大西東別別亀豊 大分、西大分、東別府、別府、別府大学、亀川、豊後豊岡
0%
大西美友大烏美 大垣、西大垣、美濃青柳、友江、大外羽、烏江、美濃高田
0%
大西舞霞山東滝 大蔵谷、西舞子、舞子公園、霞ヶ丘、山陽垂水、東垂水、滝の茶屋
0%
大西明朝舞垂塩 大久保、西明石、明石、朝霧、舞子、垂水、塩屋
0%
大静五仁馬湯温 大田市、静間、五十猛、仁万、馬路、湯里、温泉津
0%
大赤天中祇博東 大濠公園、赤坂、天神、中洲川端、祇園、博多、東比恵
0%
大浅菊伊大波波 大浦、浅海、菊間、伊予亀岡、大西、波方、波止浜
0%
大前宮阿宮廿五 大野浦、前空、宮島口、阿品、宮内串戸、廿日市、五日市
0%
大膳石瀬南草栗 大津、膳所、石山、瀬田、南草津、草津、栗東
0%
大早三有上三永 大塔、早岐、三河内、有田、上有田、三間坂、永尾
0%
大相棚真小佐清 大学、相浦、棚方、真申、小浦、佐々、清峰高校前
0%
大多吾斗襟佐西 大間、多ノ郷、吾桑、斗賀野、襟野々、佐川、西佐川
0%
大大メ新西浜め 大浦天主堂、大浦海岸通り、メディカルセンター、新地中華街、西浜町、浜町アーケード、めがね橋
0%
大大公下牧荒福 大江高校前、大江、公庄、下天津、牧、荒河かしの木台、福知山市民病院口
0%
大大上万郡徳山 大島、大中、上万場、万場、郡上大和、徳永、山田
0%
大大道豊神金山 大同町、大江、道徳、豊田本町、神宮前、金山、山王
0%
大大二大辛喜宮 大江、大江高校前、二俣、大江山口内宮、辛皮、喜多、宮村
0%
大大北新海御加 大阪城北詰、大阪天満宮、北新地、新福島、海老江、御幣島、加島
0%
大滝敷大中竹犬 大分、滝尾、敷戸、大分大学前、中判田、竹中、犬飼
0%
大築五近二関大 大和高田、築山、五位堂、近鉄下田、二上、関屋、大阪教育大前
0%
大竹吉安風安安 大乗、竹原、吉名、安芸津、風早、安浦、安登
0%
大竹新諏大岩諫 大村車両基地、竹松、新大村、諏訪、大村、岩松、諫早
0%
大筑一加美筑糸 大入、筑前深江、一貴山、加布里、美咲が丘、筑前前原、糸島高校前
0%
大中菰桜高伊伊 大羽根園、中菰野、菰野、桜、高角、伊勢川島、伊勢松本
0%
大中十三庄服曽 大阪梅田、中津、十三、三国、庄内、服部天神、曽根
0%
大中十神園塚武 大阪梅田、中津、十三、神崎川、園田、塚口、武庫之荘
0%
大中竹犬菅三豊 大分大学前、中判田、竹中、犬飼、菅尾、三重町、豊後清川
0%
大朝弁九阿本堺 大阪港、朝潮橋、弁天町、九条、阿波座、本町、堺筋本町
0%
大長榛室三赤名 大和朝倉、長谷寺、榛原、室生口大野、三本松、赤目口、名張
0%
大長南荒大銀吉 大野下、長洲、南荒尾、荒尾、大牟田、銀水、吉野
0%
大長八河五愛豊 大学前、長谷野、八日市、河辺の森、五箇荘、愛知川、豊郷
0%
大鳥長本三湯三 大海、鳥居、長篠城、本長篠、三河大野、湯谷温泉、三河槙原
0%
大塚尼立甲西さ 大阪、塚本、尼崎、立花、甲子園口、西宮、さくら夙川
0%
大鶴高牧大西東 大在、鶴崎、高城、牧、大分、西大分、東別府
0%
大鶴今布俊長弥 大阪上本町、鶴橋、今里、布施、俊徳道、長瀬、弥刀
0%
大的八白妻飾亀 大塩、的形、八家、白浜の宮、妻鹿、飾磨、亀山
0%
大天桜京大森玉 大阪、天満、桜ノ宮、京橋、大阪城公園、森ノ宮、玉造
0%
大土角繁新土山 大杉、土佐北川、角茂谷、繁藤、新改、土佐山田、山田西町
0%
大土大土角繁新 大田口、土佐穴内、大杉、土佐北川、角茂谷、繁藤、新改
0%
大土大豊土大小 大杉、土佐穴内、大田口、豊永、土佐岩原、大歩危、小歩危
0%
大土豊大土大土 大歩危、土佐岩原、豊永、大田口、土佐穴内、大杉、土佐北川
0%
大唐比お堅小和 大津京、唐崎、比叡山坂本、おごと温泉、堅田、小野、和邇
0%
大東横十美北モ 大垣、東大垣、横屋、十九条、美江寺、北方真桑、モレラ岐阜
0%
大東穴七星在蓮 大泉、東員、穴太、七和、星川、在良、蓮花寺
0%
大東福備松東尾 大門、東福山、福山、備後赤坂、松永、東尾道、尾道
0%
大道豊神金山名 大江、道徳、豊田本町、神宮前、金山、山王、名鉄名古屋
0%
大徳西上中下東 大山寺、徳重・名古屋芸大、西春、上小田井、中小田井、下小田井、東枇杷島
0%
大南共大逢刈野 大高、南大高、共和、大府、逢妻、刈谷、野田新町
0%
大南摂沢南宇万 大日、南摂津、摂津、沢良宜、南茨木、宇野辺、万博記念公園
0%
大南朝上小布開 大泉、南富山、朝菜町、上堀、小杉、布市、開発
0%
大二大辛喜宮宮 大江高校前、二俣、大江山口内宮、辛皮、喜多、宮村、宮津
0%
大二大大公下牧 大江山口内宮、二俣、大江高校前、大江、公庄、下天津、牧
0%
大尼出尼武鳴甲 大物、尼崎、出屋敷、尼崎センタープール前、武庫川、鳴尾・武庫川女子大前、甲子園
0%
大尼西九近筒平 大和西大寺、尼ヶ辻、西ノ京、九条、近鉄郡山、筒井、平端
0%
大日暘豊亀別別 大神、日出、暘谷、豊後豊岡、亀川、別府大学、別府
0%
大波新二賀三九 大泊、波田須、新鹿、二木島、賀田、三木里、九鬼
0%
大波波今伊伊伊 大西、波方、波止浜、今治、伊予富田、伊予桜井、伊予三芳
0%
大梅紀三船相尾 大内山、梅ケ谷、紀伊長島、三野瀬、船津、相賀、尾鷲
0%
大梅北保山暁平 大安、梅戸井、北勢中央公園口、保々、山城、暁学園前、平津
0%
大八蒲矢西徳塩 大溝、八丁牟田、蒲池、矢加部、西鉄柳川、徳益、塩塚
0%
大伴大伴長高上 大塚、伴中央、大原、伴、長楽寺、高取、上安
0%
大伴長高上安毘 大原、伴、長楽寺、高取、上安、安東、毘沙門台
0%
大備吉備足服東 大安寺、備前一宮、吉備津、備中高松、足守、服部、東総社
0%
大備妹備早久茶 大元、備前西市、妹尾、備中箕島、早島、久々原、茶屋町
0%
大尾緒石東亀乙 大府、尾張森岡、緒川、石浜、東浦、亀崎、乙川
0%
大尾相船三紀梅 大曽根浦、尾鷲、相賀、船津、三野瀬、紀伊長島、梅ケ谷
0%
大毘安上高長伴 大町、毘沙門台、安東、上安、高取、長楽寺、伴
0%
大美旅雲布湖園 大寺、美談、旅伏、雲州平田、布崎、湖遊館新駅、園
0%
大武川大美旅雲 大津町、武志、川跡、大寺、美談、旅伏、雲州平田
0%
大伏丸浅浄庄庄 大須観音、伏見、丸の内、浅間町、浄心、庄内通、庄内緑地公園
0%
大福鹿浜虹東和 大入、福吉、鹿家、浜崎、虹ノ松原、東唐津、和多田
0%
大福鳥湖鳥末宝 大岩、福部、鳥取、湖山、鳥取大学前、末恒、宝木
0%
大福美赤深相郡 大矢、福野、美並苅安、赤池、深戸、相生、郡上八幡
0%
大福福串日日榎 大隅夏井、福島高松、福島今町、串間、日向北方、日向大束、榎原
0%
大福野西弁大芦 大阪、福島、野田、西九条、弁天町、大正、芦原橋
0%
大福野淀姫千杭 大阪梅田、福島、野田、淀川、姫島、千船、杭瀬
0%
大福薬吉葛市壺 大阿太、福神、薬水、吉野口、葛、市尾、壺阪山
0%
大平暁山保北梅 大矢知、平津、暁学園前、山城、保々、北勢中央公園口、梅戸井
0%
大平原大浦茂ス 大橋、平和公園、原爆資料館、大学病院、浦上駅前、茂里町、スタジアムシティノース
0%
大平高山木新狛 大和西大寺、平城、高の原、山田川、木津川台、新祝園、狛田
0%
大平志黒名名久 大曽根、平安通、志賀本通、黒川、名城公園、名古屋城、久屋大通
0%
大米中高余上馬 大篠津町、米子空港、中浜、高松町、余子、上道、馬場崎町
0%
大弁西野福大天 大正、弁天町、西九条、野田、福島、大阪、天満
0%
大法王三河高柏 大和小泉、法隆寺、王寺、三郷、河内堅上、高井田、柏原
0%
大豊土大小阿祖 大田口、豊永、土佐岩原、大歩危、小歩危、阿波川口、祖谷口
0%
大防富戸福新徳 大道、防府、富海、戸田、福川、新南陽、徳山
0%
大北高武永三上 大町、北方、高橋、武雄温泉、永尾、三間坂、上有田
0%
大北財五西都三 大隅大川原、北俣、財部、五十市、西都城、都城、三股
0%
大北鯖武王南湯 大土呂、北鯖江、鯖江、武生、王子保、南条、湯尾
0%
大北三永末三新 大門、北野桝塚、三河上郷、永覚、末野原、三河豊田、新上挙母
0%
大北新海御加尼 大阪天満宮、北新地、新福島、海老江、御幣島、加島、尼崎
0%
大牧高鶴大坂幸 大分、牧、高城、鶴崎、大在、坂ノ市、幸崎
0%
大堀小西広上西 大町、堀川小泉、小泉町、西中野、広貫堂前、上本町、西町
0%
大本番あ水三三 大関、本荘、番田、あわら湯のまち、水居、三国神社、三国
0%
大妙中高紀橋下 大谷、妙寺、中飯降、高野口、紀伊山田、橋本、下兵庫
0%
大名御下中赤八 大山口、名和、御来屋、下市、中山口、赤碕、八橋
0%
大矢守瓢小喜大 大曽根、矢田、守山自衛隊前、瓢箪山、小幡、喜多山、大森・金城学院前
0%
大矢湯山上宮仁 大歳、矢原、湯田温泉、山口、上山口、宮野、仁保
0%
大柳柳田岩島光 大畠、柳井港、柳井、田布施、岩田、島田、光
0%
大油日飫内北伊 大堂津、油津、日南、飫肥、内之田、北郷、伊比井
0%
大友美西大室北 大外羽、友江、美濃青柳、西大垣、大垣、室、北大垣
0%
大有多神西大古 大三東、有明湯江、多比良、神代、西郷、大正、古部
0%
大邑長香伊西備 大富、邑久、長船、香登、伊部、西片上、備前片上
0%
大緑七梅上中可 大町、緑井、七軒茶屋、梅林、上八木、中島、可部
0%
大老杉や豊神三 大清水、老津、杉山、やぐま台、豊島、神戸、三河田原
0%
大六越下大福薬 大和上市、六田、越部、下市口、大阿太、福神、薬水
0%
大六八古琴潟春 大町、六万寺、八栗、古高松、琴電屋島、潟元、春日川
0%
大和弓河三後富 大篠津町、和田浜、弓ケ浜、河崎口、三本松口、後藤、富士見町
0%
第庄六中吉新能 第一イン新湊 クロスベイ前、庄川口、六渡寺、中伏木、吉久、新吉久、能町口
0%
醍小椥東山御蹴 醍醐、小野、椥辻、東野、山科、御陵、蹴上
0%
鷹久北福い石松 鷹ノ子、久米、北久米、福音寺、いよ立花、石手川公園、松山市
0%
鷹今福浦波久鳴 鷹島口、今福、福島口、浦ノ崎、波瀬、久原、鳴石
0%
鷹市中袋本紙原 鷹野橋、市役所前、中電前、袋町、本通、紙屋町西、原爆ドーム前
0%
鷹市中袋本紙立 鷹野橋、市役所前、中電前、袋町、本通、紙屋町東、立町
0%
鷹須須塩垂舞朝 鷹取、須磨海浜公園、須磨、塩屋、垂水、舞子、朝霧
0%
鷹前調松松御西 鷹島口、前浜、調川、松浦、松浦発電所前、御厨、西木場
0%
鷹日広御皆広県 鷹野橋、日赤病院前、広電本社前、御幸橋、皆実町六丁目、広大附属学校前、県病院前
0%
鷹平梅牛牛田見 鷹ノ子、平井、梅本、牛渕団地前、牛渕、田窪、見奈良
0%
鷹用因智土那美 鷹狩、用瀬、因幡社、智頭、土師、那岐、美作河井
0%
滝阿伊大梅紀三 滝原、阿曽、伊勢柏崎、大内山、梅ケ谷、紀伊長島、三野瀬
0%
滝綾陶畑挿岡円 滝宮、綾川、陶、畑田、挿頭丘、岡本、円座
0%
滝羽栗岡羽榎琴 滝宮、羽床、栗熊、岡田、羽間、榎井、琴電琴平
0%
滝金大狭北萩初 滝谷、金剛、大阪狭山市、狭山、北野田、萩原天神、初芝
0%
滝三川栃佐相多 滝原、三瀬谷、川添、栃原、佐奈、相可、多気
0%
滝山須山須月東 滝の茶屋、山陽塩屋、須磨浦公園、山陽須磨、須磨寺、月見山、東須磨
0%
滝社青河粟小市 滝野、社町、青野ケ原、河合西、粟生、小野町、市場
0%
滝西新比日黒本 滝、西脇市、新西脇、比延、日本へそ公園、黒田庄、本黒田
0%
滝千河三美千天 滝谷、千代田、河内長野、三日市町、美加の台、千早口、天見
0%
滝千森関野京天 滝井、千林、森小路、関目、野江、京橋、天満橋
0%
滝滝社青河粟小 滝、滝野、社町、青野ケ原、河合西、粟生、小野町
0%
滝滝西新比日黒 滝野、滝、西脇市、新西脇、比延、日本へそ公園、黒田庄
0%
滝長宇湯小川黒 滝部、長門二見、宇賀本郷、湯玉、小串、川棚温泉、黒井村
0%
滝土守西門古大 滝井、土居、守口市、西三荘、門真市、古川橋、大和田
0%
滝東山霞舞西大 滝の茶屋、東垂水、山陽垂水、霞ヶ丘、舞子公園、西舞子、大蔵谷
0%
滝特阿長伊人長 滝部、特牛、阿川、長門粟野、伊上、人丸、長門古市
0%
滝波宮い阿内市 滝水、波野、宮地、いこいの村、阿蘇、内牧、市ノ川
0%
滝敷大中竹犬菅 滝尾、敷戸、大分大学前、中判田、竹中、犬飼、菅尾
0%
滝豊玉豊朝緒豊 滝水、豊後荻、玉来、豊後竹田、朝地、緒方、豊後清川
0%
滝鶯鼓多平一畦 滝山、鶯の森、鼓滝、多田、平野、一の鳥居、畦野
0%
沢我浅堺三百中 沢ノ町、我孫子前、浅香山、堺東、三国ヶ丘、百舌鳥八幡、中百舌鳥
0%
沢釜下榎五田稚 沢中山、釜ヶ淵、下段、榎町、五百石、田添、稚子塚
0%
沢岩横千有本立 沢中山、岩峅寺、横江、千垣、有峰口、本宮、立山
0%
沢住帝岸天萩新 沢ノ町、住吉東、帝塚山、岸里玉出、天下茶屋、萩ノ茶屋、新今宮
0%
沢南宇万山千少 沢良宜、南茨木、宇野辺、万博記念公園、山田、千里中央、少路
0%
蛸貝二鶴井泉羽 蛸地蔵、貝塚、二色浜、鶴原、井原里、泉佐野、羽倉崎
0%
蛸岸和春忠泉松 蛸地蔵、岸和田、和泉大宮、春木、忠岡、泉大津、松ノ浜
0%
巽白坂阿植半住 巽ヶ丘、白沢、坂部、阿久比、植大、半田口、住吉町
0%
棚玉山山長城新 棚倉、玉水、山城多賀、山城青谷、長池、城陽、新田
0%
棚真小佐清神吉 棚方、真申、小浦、佐々、清峰高校前、神田、吉井
0%
棚相大上本中皆 棚方、相浦、大学、上相浦、本山、中里、皆瀬
0%
谷榎日日串福福 谷之口、榎原、日向大束、日向北方、串間、福島今町、福島高松
0%
谷花大神唐有有 谷上、花山、大池、神鉄六甲、唐櫃台、有馬口、有馬温泉
0%
谷久船本黒日比 谷川、久下村、船町口、本黒田、黒田庄、日本へそ公園、比延
0%
谷玉森大京蒲今 谷町六丁目、玉造、森ノ宮、大阪ビジネスパーク、京橋、蒲生四丁目、今福鶴見
0%
谷堺本阿九弁朝 谷町四丁目、堺筋本町、本町、阿波座、九条、弁天町、朝潮橋
0%
谷四天阿文田駒 谷町九丁目、四天王寺前夕陽ヶ丘、天王寺、阿倍野、文の里、田辺、駒川中野
0%
谷慈坂五平瀬中 谷山、慈眼寺、坂之上、五位野、平川、瀬々串、中名
0%
谷松長心西西ド 谷町六丁目、松屋町、長堀橋、心斎橋、西大橋、西長堀、ドーム前千代崎
0%
谷上笹脇宇二南 谷山、上塩屋、笹貫、脇田、宇宿一丁目、二軒茶屋、南鹿児島駅前
0%
谷神高鍋日高水 谷汲口、神海、高科、鍋原、日当、高尾、水鳥
0%
谷谷四天阿文田 谷町六丁目、谷町九丁目、四天王寺前夕陽ヶ丘、天王寺、阿倍野、文の里、田辺
0%
谷谷谷四天阿文 谷町四丁目、谷町六丁目、谷町九丁目、四天王寺前夕陽ヶ丘、天王寺、阿倍野、文の里
0%
谷谷天南東中天 谷町六丁目、谷町四丁目、天満橋、南森町、東梅田、中崎町、天神橋筋六丁目
0%
谷鶴今新小北南 谷町九丁目、鶴橋、今里、新深江、小路、北巽、南巽
0%
谷天南東中天都 谷町四丁目、天満橋、南森町、東梅田、中崎町、天神橋筋六丁目、都島
0%
谷南大油日飫内 谷之口、南郷、大堂津、油津、日南、飫肥、内之田
0%
谷日な桜西阿玉 谷町九丁目、日本橋、なんば、桜川、西長堀、阿波座、玉川
0%
谷柏石黒市丹福 谷川、柏原、石生、黒井、市島、丹波竹田、福知山
0%
谷万東高日高広 谷頭、万ケ塚、東高崎、高崎新田、日向前田、高原、広原
0%
谷箕山北鈴鵯丸 谷上、箕谷、山の街、北鈴蘭台、鈴蘭台、鵯越、丸山
0%
樽水高日鍋高神 樽見、水鳥、高尾、日当、鍋原、高科、神海
0%
樽尾鳥箱淡み孝 樽井、尾崎、鳥取ノ荘、箱作、淡輪、みさき公園、孝子
0%
丹下谷柏石黒市 丹波大山、下滝、谷川、柏原、石生、黒井、市島
0%
丹刑富月中久古 丹治部、刑部、富原、月田、中国勝山、久世、古見
0%
丹三讃引讃阿板 丹生、三本松、讃岐白鳥、引田、讃岐相生、阿波大宮、板野
0%
丹三大梅北保山 丹生川、三里、大安、梅戸井、北勢中央公園口、保々、山城
0%
丹鶴讃神造オ志 丹生、鶴羽、讃岐津田、神前、造田、オレンジタウン、志度
0%
丹徳八安隼因八 丹比、徳丸、八東、安部、隼、因幡船岡、八頭高校前
0%
丹二円花太嵯保 丹波口、二条、円町、花園、太秦、嵯峨嵐山、保津峡
0%
丹伏中淀石橋樟 丹波橋、伏見桃山、中書島、淀、石清水八幡宮、橋本、樟葉
0%
丹墨藤龍伏鳥東 丹波橋、墨染、藤森、龍谷大前深草、伏見稲荷、鳥羽街道、東福寺
0%
旦香片城北競守 旦過、香春口三萩野、片野、城野、北方、競馬場前、守恒
0%
淡下吹豊関千南 淡路、下新庄、吹田、豊津、関大前、千里山、南千里
0%
淡箱鳥尾樽岡吉 淡輪、箱作、鳥取ノ荘、尾崎、樽井、岡田浦、吉見ノ里
0%
端西大三三津筑 端間、西鉄小郡、大保、三沢、三国が丘、津古、筑紫
0%
端味宮櫛西花聖 端間、味坂、宮の陣、櫛原、西鉄久留米、花畑、聖マリア病院前
0%
誕弓神福建金野 誕生寺、弓削、神目、福渡、建部、金川、野々口
0%
段蔚新洗西辛花 段山町、蔚山町、新町、洗馬橋、西辛島町、辛島町、花畑町
0%
段坂葉鎌瀬海吉 段、坂本、葉木、鎌瀬、瀬戸石、海路、吉尾
0%
段比比南皆皆広 段原一丁目、比治山下、比治山橋、南区役所前、皆実町二丁目、皆実町六丁目、広大附属学校前
0%
男東岡矢宇新牛 男川、東岡崎、岡崎公園前、矢作橋、宇頭、新安城、牛田
0%
男美藤名本名名 男川、美合、藤川、名電山中、本宿、名電長沢、名電赤坂
0%
知一富豊前中有 知立、一ツ木、富士松、豊明、前後、中京競馬場前、有松
0%
知葛西県高文介 知寄町三丁目、葛島橋東詰、西高須、県立美術館通、高須、文珠通、介良通
0%
知牛新宇矢岡東 知立、牛田、新安城、宇頭、矢作橋、岡崎公園前、東岡崎
0%
知三三若竹土上 知立、三河知立、三河八橋、若林、竹村、土橋、上挙母
0%
知住半植阿坂白 知多半田、住吉町、半田口、植大、阿久比、坂部、白沢
0%
知重刈刈小吉三 知立、重原、刈谷、刈谷市、小垣江、吉浜、三河高浜
0%
知上青成知住半 知多武豊、上ゲ、青山、成岩、知多半田、住吉町、半田口
0%
知成青上知富河 知多半田、成岩、青山、上ゲ、知多武豊、富貴、河和口
0%
知知葛西県高文 知寄町、知寄町三丁目、葛島橋東詰、西高須、県立美術館通、高須、文珠通
0%
知知知葛西県高 知寄町二丁目、知寄町、知寄町三丁目、葛島橋東詰、西高須、県立美術館通、高須
0%
知知知知葛西県 知寄町一丁目、知寄町二丁目、知寄町、知寄町三丁目、葛島橋東詰、西高須、県立美術館通
0%
知知知宝菜デは 知寄町、知寄町二丁目、知寄町一丁目、宝永町、菜園場町、デンテツターミナルビル前、はりまや橋
0%
知美三美高東津 知和、美作加茂、三浦、美作滝尾、高野、東津山、津山
0%
地松古岡鎌余土 地蔵町、松前、古泉、岡田、鎌田、余戸、土居田
0%
地中南阿立羽西 地蔵橋、中田、南小松島、阿波赤石、立江、羽ノ浦、西原
0%
地電桜荒中西上 地鉄ビル前、電気ビル前、桜橋、荒町、中町、西町、上本町
0%
地電富新県丸諏 地鉄ビル前、電鉄富山駅・エスタ前、富山駅、新富町、県庁前、丸の内、諏訪川原
0%
地鍋徳船津青日 地福、鍋倉、徳佐、船平山、津和野、青野山、日原
0%
地名三渡長篠仁 地福、名草、三谷、渡川、長門峡、篠目、仁保
0%
智因用鷹国河郡 智頭、因幡社、用瀬、鷹狩、国英、河原、郡家
0%
智土那美知美三 智頭、土師、那岐、美作河井、知和、美作加茂、三浦
0%
智恋山あ西大宮 智頭、恋山形、山郷、あわくら温泉、西粟倉、大原、宮本武蔵
0%
池阿立教金撫鳴 池谷、阿波大谷、立道、教会前、金比羅前、撫養、鳴門
0%
池覚本東星一上 池下、覚王山、本山、東山公園、星ヶ丘、一社、上社
0%
池高西水元木林 池戸、高田、西前田、水田、元山、木太東口、林道
0%
池今千新栄伏名 池下、今池、千種、新栄町、栄、伏見、名古屋
0%
池三柿三湯三本 池場、三河川合、柿平、三河槙原、湯谷温泉、三河大野、本長篠
0%
池川雲山中売清 池田、川西能勢口、雲雀丘花屋敷、山本、中山観音、売布神社、清荒神
0%
池田田一香採呼 池尻、田川後藤寺、田川伊田、一本松、香春、採銅所、呼野
0%
池農平学白井公 池戸、農学部前、平木、学園通り、白山、井戸、公文明
0%
池板阿板阿讃引 池谷、板東、阿波川端、板野、阿波大宮、讃岐相生、引田
0%
池北広東北室大 池野、北神戸、広神戸、東赤坂、北大垣、室、大垣
0%
稚田五榎下釜沢 稚子塚、田添、五百石、榎町、下段、釜ヶ淵、沢中山
0%
築五近二関大河 築山、五位堂、近鉄下田、二上、関屋、大阪教育大前、河内国分
0%
築新南行小苅朽 築城、新田原、南行橋、行橋、小波瀬西工大前、苅田、朽網
0%
築大松真大耳大 築山、大和高田、松塚、真菅、大和八木、耳成、大福
0%
築椎豊宇三吉中 築城、椎田、豊前松江、宇島、三毛門、吉富、中津
0%
竹く十九京五四 竹田、くいな橋、十条、九条、京都、五条、四条
0%
竹吉安風安安安 竹原、吉名、安芸津、風早、安浦、安登、安芸川尻
0%
竹犬菅三豊緒朝 竹中、犬飼、菅尾、三重町、豊後清川、緒方、朝地
0%
竹笹南春大水都 竹下、笹原、南福岡、春日、大野城、水城、都府楼南
0%
竹若三三知重刈 竹村、若林、三河八橋、三河知立、知立、重原、刈谷
0%
竹青新生長寺新 竹田、青倉、新井、生野、長谷、寺前、新野
0%
竹大松千彼川小 竹松、大村車両基地、松原、千綿、彼杵、川棚、小串郷
0%
竹土上豊梅越平 竹村、土橋、上挙母、豊田市、梅坪、越戸、平戸橋
0%
竹不須南柳西笠 竹鼻、不破一色、須賀、南宿、柳津、西笠松、笠松
0%
筑う筑田筑善御 筑後大石、うきは、筑後吉井、田主丸、筑後草野、善導寺、御井
0%
筑鞍筑新直勝小 筑前垣生、鞍手、筑前植木、新入、直方、勝野、小竹
0%
筑一加美筑糸波 筑前深江、一貴山、加布里、美咲が丘、筑前前原、糸島高校前、波多江
0%
筑感遠木新楠筑 筑豊直方、感田、遠賀野、木屋瀬、新木屋瀬、楠橋、筑豊香月
0%
筑希筑東通西三 筑豊香月、希望が丘高校前、筑豊中間、東中間、通谷、西山、三ヶ森
0%
筑希筑楠新木遠 筑豊中間、希望が丘高校前、筑豊香月、楠橋、新木屋瀬、木屋瀬、遠賀野
0%
筑桜朝紫西都下 筑紫、桜台、朝倉街道、紫、西鉄二日市、都府楼前、下大利
0%
筑糸波周九今下 筑前前原、糸島高校前、波多江、周船寺、九大学研都市、今宿、下山門
0%
筑篠門長原柚吉 筑前山手、篠栗、門松、長者原、原町、柚須、吉塚
0%
筑新新熊新新出 筑後船小屋、新大牟田、新玉名、熊本、新八代、新水俣、出水
0%
筑新直勝小鯰浦 筑前植木、新入、直方、勝野、小竹、鯰田、浦田
0%
筑瀬南渡吉銀大 筑後船小屋、瀬高、南瀬高、渡瀬、吉野、銀水、大牟田
0%
筑善御久南久久 筑後草野、善導寺、御井、久留米大学前、南久留米、久留米高校前、久留米
0%
筑大福鹿浜虹東 筑前深江、大入、福吉、鹿家、浜崎、虹ノ松原、東唐津
0%
筑津三三大西端 筑紫、津古、三国が丘、三沢、大保、西鉄小郡、端間
0%
筑田筑う筑夜光 筑後草野、田主丸、筑後吉井、うきは、筑後大石、夜明、光岡
0%
筑田筑善御久南 筑後吉井、田主丸、筑後草野、善導寺、御井、久留米大学前、南久留米
0%
筑東通西三永今 筑豊中間、東中間、通谷、西山、三ヶ森、永犬丸、今池
0%
筑楠新木遠感筑 筑豊香月、楠橋、新木屋瀬、木屋瀬、遠賀野、感田、筑豊直方
0%
筑美加一筑大福 筑前前原、美咲が丘、加布里、一貴山、筑前深江、大入、福吉
0%
茶岐笠木黒新石 茶所、岐南、笠松、木曽川堤、黒田、新木曽川、石刀
0%
茶金七福梅野賀 茶山、金山、七隈、福大前、梅林、野芥、賀茂
0%
茶砂ナ大平志黒 茶屋ヶ坂、砂田橋、ナゴヤドーム前矢田、大曽根、平安通、志賀本通、黒川
0%
茶三大鳥長本三 茶臼山、三河東郷、大海、鳥居、長篠城、本長篠、三河大野
0%
茶東新野東江長 茶臼山、東新町、新城、野田城、東上、江島、長山
0%
茶別六桜薬薬渡 茶山、別府、六本松、桜坂、薬院大通、薬院、渡辺通
0%
中た西す江高い 中田平、たびら平戸口、西田平、すえたちばな、江迎鹿町、高岩、いのつき
0%
中ポポフ南南平 中ふ頭、ポートタウン西、ポートタウン東、フェリーターミナル、南港東、南港口、平林
0%
中安海向天広新 中野東、安芸中野、海田市、向洋、天神川、広島、新白島
0%
中伊伊高桜菰中 中川原、伊勢松本、伊勢川島、高角、桜、菰野、中菰野
0%
中伊石伊伊玉壬 中萩、伊予西条、石鎚山、伊予氷見、伊予小松、玉之江、壬生川
0%
中下玖安戸矢広 中深川、下深川、玖村、安芸矢口、戸坂、矢賀、広島
0%
中下御名大淀伯 中山口、下市、御来屋、名和、大山口、淀江、伯耆大山
0%
中下上白下飛焼 中川辺、下麻生、上麻生、白川口、下油井、飛騨金山、焼石
0%
中下府鵜高新上 中畑、下川辺、府中、鵜飼、高木、新市、上戸手
0%
中嘉霧植大栗吉 中福良、嘉例川、霧島温泉、植村、大隅横川、栗野、吉松
0%
中河備備上甲梶 中畑、河佐、備後三川、備後矢野、上下、甲奴、梶田
0%
中皆野左泉山北 中里、皆瀬、野中、左石、泉福寺、山の田、北佐世保
0%
中観桃六木黄三 中書島、観月橋、桃山南口、六地蔵、木幡、黄檗、三室戸
0%
中喜前生薩宮二 中名、喜入、前之浜、生見、薩摩今和泉、宮ケ浜、二月田
0%
中吉三宇豊椎築 中津、吉富、三毛門、宇島、豊前松江、椎田、築城
0%
中吉新能米新荻 中伏木、吉久、新吉久、能町口、米島口、新能町、荻布
0%
中吉神伊佐鍋バ 中原、吉野ケ里公園、神埼、伊賀屋、佐賀、鍋島、バルーンさが
0%
中杵大日暘豊亀 中山香、杵築、大神、日出、暘谷、豊後豊岡、亀川
0%
中久古美美坪美 中国勝山、久世、古見、美作落合、美作追分、坪井、美作千代
0%
中具国有工平東 中村、具同、国見、有岡、工業団地、平田、東宿毛
0%
中月富刑丹岩新 中国勝山、月田、富原、刑部、丹治部、岩山、新見
0%
中古西土浮海土 中村、古津賀、西大方、土佐入野、浮鞭、海の王迎、土佐上川口
0%
中古大毘安上高 中筋、古市、大町、毘沙門台、安東、上安、高取
0%
中古美坂鵜各蘇 中川辺、古井、美濃太田、坂祝、鵜沼、各務ケ原、蘇原
0%
中菰桜高伊伊中 中菰野、菰野、桜、高角、伊勢川島、伊勢松本、中川原
0%
中呉千馬箱箱貝 中洲川端、呉服町、千代県庁口、馬出九大病院前、箱崎宮前、箱崎九大前、貝塚
0%
中江西山東西播 中八木、江井ヶ島、西江井ヶ島、山陽魚住、東二見、西二見、播磨町
0%
中高紀橋下隅大 中飯降、高野口、紀伊山田、橋本、下兵庫、隅田、大和二見
0%
中山雲川池石蛍 中山観音、山本、雲雀丘花屋敷、川西能勢口、池田、石橋阪大前、蛍池
0%
中市ふ赤人金上 中泉、市場、ふれあい生力、赤池、人見、金田、上金田
0%
中市神唐工純中 中洲通、市立病院前、神田(交通局前)、唐湊、工学部前、純心学園前、中郡
0%
中市鷹日広御皆 中電前、市役所前、鷹野橋、日赤病院前、広電本社前、御幸橋、皆実町六丁目
0%
中志船加松白五 中之郷、志摩赤崎、船津、加茂、松尾、白木、五知
0%
中十三庄服曽岡 中津、十三、三国、庄内、服部天神、曽根、岡町
0%
中十神園塚武西 中津、十三、神崎川、園田、塚口、武庫之荘、西宮北口
0%
中純工唐神市中 中郡、純心学園前、工学部前、唐湊、神田(交通局前)、市立病院前、中洲通
0%
中小西県城柳西 中納言、小橋、西大寺町・岡山芸術創造劇場ハレノワ前、県庁通り、城下、柳川、西川緑道公園
0%
中上志井向吉甲 中三田、上三田、志和口、井原市、向原、吉田口、甲立
0%
中上狩白中上志 中深川、上深川、狩留家、白木山、中三田、上三田、志和口
0%
中上西徳大岩石 中小田井、上小田井、西春、徳重・名古屋芸大、大山寺、岩倉、石仏
0%
中上梅七緑大古 中島、上八木、梅林、七軒茶屋、緑井、大町、古市橋
0%
中新上新相越寺 中加積、新宮川、上市、新相ノ木、相ノ木、越中泉、寺田
0%
中新多関伊赤伊 中萩、新居浜、多喜浜、関川、伊予土居、赤星、伊予寒川
0%
中新第庄六中吉 中新湊、新町口、第一イン新湊 クロスベイ前、庄川口、六渡寺、中伏木、吉久
0%
中新八日福田西 中角、新田塚、八ツ島、日華化学前、福大前西福井、田原町、西別院
0%
中瀬瀬山八篠保 中水野、瀬戸市、瀬戸口、山口、八草、篠原、保見
0%
中瀬平五坂慈谷 中名、瀬々串、平川、五位野、坂之上、慈眼寺、谷山
0%
中西上広西小堀 中町、西町、上本町、広貫堂前、西中野、小泉町、堀川小泉
0%
中西西中滑浜早 中加積、西加積、西滑川、中滑川、滑川、浜加積、早月加積
0%
中西西中新上新 中滑川、西滑川、西加積、中加積、新宮川、上市、新相ノ木
0%
中赤八浦由下倉 中山口、赤碕、八橋、浦安、由良、下北条、倉吉
0%
中川北伊猪塚尼 中山寺、川西池田、北伊丹、伊丹、猪名寺、塚口、尼崎
0%
中前豊富一知牛 中京競馬場前、前後、豊明、富士松、一ツ木、知立、牛田
0%
中倉清総豪日美 中庄、倉敷、清音、総社、豪渓、日羽、美袋
0%
中倉西新金鴨里 中庄、倉敷、西阿知、新倉敷、金光、鴨方、里庄
0%
中多厳岩相本山 中多久、多久、厳木、岩屋、相知、本牟田部、山本
0%
中袋本紙原本十 中電前、袋町、本通、紙屋町西、原爆ドーム前、本川町、十日市町
0%
中袋本紙立八胡 中電前、袋町、本通、紙屋町東、立町、八丁堀、胡町
0%
中竹犬菅三豊緒 中判田、竹中、犬飼、菅尾、三重町、豊後清川、緒方
0%
中筑鞍筑新直勝 中間、筑前垣生、鞍手、筑前植木、新入、直方、勝野
0%
中中本亀名伏栄 中村公園、中村日赤、本陣、亀島、名古屋、伏見、栄
0%
中天赤大唐西藤 中洲川端、天神、赤坂、大濠公園、唐人町、西新、藤崎
0%
中天都野関千太 中崎町、天神橋筋六丁目、都島、野江内代、関目高殿、千林大宮、太子橋今市
0%
中都鹿高加高天 中洲通、都通、鹿児島中央駅前、高見橋、加治屋町、高見馬場、天文館通
0%
中東小久バ鍋佐 中多久、東多久、小城、久保田、バルーンさが、鍋島、佐賀
0%
中東西御松松調 中田平、東田平、西木場、御厨、松浦発電所前、松浦、調川
0%
中東南天谷谷谷 中崎町、東梅田、南森町、天満橋、谷町四丁目、谷町六丁目、谷町九丁目
0%
中藤林西山人大 中八木、藤江、林崎松江海岸、西新町、山陽明石、人丸前、大蔵谷
0%
中南阿立羽西阿 中田、南小松島、阿波赤石、立江、羽ノ浦、西原、阿波中島
0%
中梅淀本心な大 中津、梅田、淀屋橋、本町、心斎橋、なんば、大国町
0%
中白狩上中下玖 中三田、白木山、狩留家、上深川、中深川、下深川、玖村
0%
中白初萩北狭大 中百舌鳥、白鷺、初芝、萩原天神、北野田、狭山、大阪狭山市
0%
中八宇咥宮朝朝 中山、八代通、宇治団地前、咥内、宮の奥、朝倉神社前、朝倉駅前
0%
中美恵武釜瑞土 中津川、美乃坂本、恵那、武並、釜戸、瑞浪、土岐市
0%
中百三堺浅我沢 中百舌鳥、百舌鳥八幡、三国ヶ丘、堺東、浅香山、我孫子前、沢ノ町
0%
中伏丹墨藤龍伏 中書島、伏見桃山、丹波橋、墨染、藤森、龍谷大前深草、伏見稲荷
0%
中米大和弓河三 中浜、米子空港、大篠津町、和田浜、弓ケ浜、河崎口、三本松口
0%
中宝生西武道三 中山寺、宝塚、生瀬、西宮名塩、武田尾、道場、三田
0%
中北山泉左野皆 中佐世保、北佐世保、山の田、泉福寺、左石、野中、皆瀬
0%
中北大北三永末 中岡崎、北岡崎、大門、北野桝塚、三河上郷、永覚、末野原
0%
中本上大相棚真 中里、本山、上相浦、大学、相浦、棚方、真申
0%
中本能宇横高免 中津幡、本津幡、能瀬、宇野気、横山、高松、免田
0%
中妙大笠西名粉 中飯降、妙寺、大谷、笠田、西笠田、名手、粉河
0%
中有左鳴本本桜 中京競馬場前、有松、左京山、鳴海、本星崎、本笠寺、桜
0%
中六庄第新中東 中伏木、六渡寺、庄川口、第一イン新湊 クロスベイ前、新町口、中新湊、東新湊
0%
中鷲太西西下大 中角、鷲塚針原、太郎丸エンゼルランド、西春江ハートピア、西長田ゆりの里、下兵庫こうふく、大関
0%
忠安大竹吉安風 忠海、安芸長浜、大乗、竹原、吉名、安芸津、風早
0%
柱欽玖周米高勝 柱野、欽明路、玖珂、周防高森、米川、高水、勝間
0%
猪伊北川中宝生 猪名寺、伊丹、北伊丹、川西池田、中山寺、宝塚、生瀬
0%
猪四桑茅広上西 猪田道、四十九、桑町、茅町、広小路、上野市、西大手
0%
猪市依丸上比伊 猪田道、市部、依那古、丸山、上林、比土、伊賀神戸
0%
猪杉打坂角飛杉 猪谷、杉原、打保、坂上、角川、飛騨細江、杉崎
0%
苧名二三六各市 苧ヶ瀬、名電各務原、二十軒、三柿野、六軒、各務原市役所前、市民公園前
0%
帖姶重竜仙鹿鹿 帖佐、姶良、重富、竜ケ水、仙巌園、鹿児島、鹿児島中央
0%
帖錦加隼国霧北 帖佐、錦江、加治木、隼人、国分、霧島神宮、北永野田
0%
朝い天高加高鹿 朝日通、いづろ通、天文館通、高見馬場、加治屋町、高見橋、鹿児島中央駅前
0%
朝い天高甲新武 朝日通、いづろ通、天文館通、高見馬場、甲東中学校前、新屋敷、武之橋
0%
朝紀紀芳南岩切 朝来、紀伊新庄、紀伊田辺、芳養、南部、岩代、切目
0%
朝宮咥宇八中枝 朝倉神社前、宮の奥、咥内、宇治団地前、八代通、中山、枝川
0%
朝桑長弥永蟹春 朝日、桑名、長島、弥富、永和、蟹江、春田
0%
朝古長日新大西 朝倉、古見、長浦、日長、新舞子、大野町、西ノ口
0%
朝高旭円入高薊 朝倉、高知商業前、旭、円行寺口、入明、高知、薊野
0%
朝桜京大長八河 朝日大塚、桜川、京セラ前、大学前、長谷野、八日市、河辺の森
0%
朝桜筑津三三大 朝倉街道、桜台、筑紫、津古、三国が丘、三沢、大保
0%
朝枝伊波小日岡 朝倉、枝川、伊野、波川、小村神社前、日下、岡花
0%
朝紫西都下白春 朝倉街道、紫、西鉄二日市、都府楼前、下大利、白木原、春日原
0%
朝寺尾太新聚名 朝倉、寺本、尾張横須賀、太田川、新日鉄前、聚楽園、名和
0%
朝曙曙鴨鏡蛍旭 朝倉、曙町、曙町東町、鴨部、鏡川橋、蛍橋、旭町三丁目
0%
朝緒豊三菅犬竹 朝地、緒方、豊後清川、三重町、菅尾、犬飼、竹中
0%
朝上小布開月大 朝菜町、上堀、小杉、布市、開発、月岡、大庄
0%
朝朝宮咥宇八中 朝倉駅前、朝倉神社前、宮の奥、咥内、宇治団地前、八代通、中山
0%
朝朝桜京大長八 朝日野、朝日大塚、桜川、京セラ前、大学前、長谷野、八日市
0%
朝朝曙曙鴨鏡蛍 朝倉駅前、朝倉、曙町、曙町東町、鴨部、鏡川橋、蛍橋
0%
朝朝朝宮咥宇八 朝倉、朝倉駅前、朝倉神社前、宮の奥、咥内、宇治団地前、八代通
0%
朝朝朝曙曙鴨鏡 朝倉神社前、朝倉駅前、朝倉、曙町、曙町東町、鴨部、鏡川橋
0%
朝朝日水水水水 朝日大塚、朝日野、日野、水口松尾、水口、水口石橋、水口城南
0%
朝長秋松高津伊 朝日ヶ丘、長江、秋鹿町、松江フォーゲルパーク、高ノ宮、津ノ森、伊野灘
0%
朝南大不栄稲電 朝菜町、南富山、大泉、不二越、栄町、稲荷町、電鉄富山
0%
朝日水水水水貴 朝日野、日野、水口松尾、水口、水口石橋、水口城南、貴生川
0%
朝白紀椿紀周見 朝来、白浜、紀伊富田、椿、紀伊日置、周参見、見老津
0%
朝富富四南河河 朝日、富田、富田浜、四日市、南四日市、河原田、河曲
0%
朝舞垂塩須須鷹 朝霧、舞子、垂水、塩屋、須磨、須磨海浜公園、鷹取
0%
朝豊玉豊滝波宮 朝地、豊後竹田、玉来、豊後荻、滝水、波野、宮地
0%
朝明西大魚土東 朝霧、明石、西明石、大久保、魚住、土山、東加古川
0%
町六渕丸上森山 町方、六輪、渕高、丸渕、上丸渕、森上、山崎
0%
調松松御西東中 調川、松浦、松浦発電所前、御厨、西木場、東田平、中田平
0%
調前鷹今福浦波 調川、前浜、鷹島口、今福、福島口、浦ノ崎、波瀬
0%
長阿特滝長宇湯 長門粟野、阿川、特牛、滝部、長門二見、宇賀本郷、湯玉
0%
長伊人長黄長長 長門粟野、伊上、人丸、長門古市、黄波戸、長門市、長門三隅
0%
長宇湯小川黒梅 長門二見、宇賀本郷、湯玉、小串、川棚温泉、黒井村、梅ケ峠
0%
長浦現肥市喜西 長崎、浦上、現川、肥前古賀、市布、喜々津、西諫早
0%
長越東萩玉三飯 長門大井、越ケ浜、東萩、萩、玉江、三見、飯井
0%
長黄長人伊長阿 長門市、黄波戸、長門古市、人丸、伊上、長門粟野、阿川
0%
長黄長長飯三玉 長門古市、黄波戸、長門市、長門三隅、飯井、三見、玉江
0%
長荻東電電経新 長屋、荻生、東三日市、電鉄黒部、電鉄石田、経田、新魚津
0%
長加阿南中阿南 長陽、加勢、阿蘇下田城、南阿蘇水の生まれる里白水高原、中松、阿蘇白川、南阿蘇白川水源
0%
長我杉浅堺三百 長居、我孫子町、杉本町、浅香、堺市、三国ケ丘、百舌鳥
0%
長丸鵯鈴北山箕 長田、丸山、鵯越、鈴蘭台、北鈴蘭台、山の街、箕谷
0%
長岩浦大平原大 長崎大学、岩屋橋、浦上車庫、大橋、平和公園、原爆資料館、大学病院
0%
長桑朝富富四南 長島、桑名、朝日、富田、富田浜、四日市、南四日市
0%
長古朝寺尾太新 長浦、古見、朝倉、寺本、尾張横須賀、太田川、新日鉄前
0%
長虎河高木余近 長浜、虎姫、河毛、高月、木ノ本、余呉、近江塩津
0%
長五大出新西観 長崎駅前、五島町、大波止、出島、新地中華街、西浜町、観光通り
0%
長公井白学平農 長尾、公文明、井戸、白山、学園通り、平木、農学部前
0%
長江東野新東茶 長山、江島、東上、野田城、新城、東新町、茶臼山
0%
長香伊西備伊日 長船、香登、伊部、西片上、備前片上、伊里、日生
0%
長高上安毘大古 長楽寺、高取、上安、安東、毘沙門台、大町、古市
0%
長高深緑森谷堺 長田、高井田、深江橋、緑橋、森ノ宮、谷町四丁目、堺筋本町
0%
長桜市諏新新蛍 長崎駅前、桜町、市役所、諏訪神社、新大工町、新中川町、蛍茶屋
0%
長三豊牛小下船 長山、三河一宮、豊川、牛久保、小坂井、下地、船町
0%
長山山玉棚上木 長池、山城青谷、山城多賀、玉水、棚倉、上狛、木津
0%
長篠仁宮上山湯 長門峡、篠目、仁保、宮野、上山口、山口、湯田温泉
0%
長秋松高津伊一 長江、秋鹿町、松江フォーゲルパーク、高ノ宮、津ノ森、伊野灘、一畑口
0%
長渋於重美南四 長門湯本、渋木、於福、重安、美祢、南大嶺、四郎ケ原
0%
長出喜平駒田文 長原、出戸、喜連瓜破、平野、駒川中野、田辺、文の里
0%
長小篠住東後後 長崎、小篭通、篠原、住吉通、東工業前、後免西町、後免中町
0%
長小埴厚小宇厚 長府、小月、埴生、厚狭、小野田、宇部、厚東
0%
長小肥多肥肥肥 長里、小長井、肥前大浦、多良、肥前飯田、肥前七浦、肥前浜
0%
長松谷玉森大京 長堀橋、松屋町、谷町六丁目、玉造、森ノ宮、大阪ビジネスパーク、京橋
0%
長上湊大県三新 長田、上沢、湊川公園、大倉山、県庁前、三宮、新神戸
0%
長新舌若栃浦下 長屋、新黒部、舌山、若栗、栃屋、浦山、下立口
0%
長榛室三赤名桔 長谷寺、榛原、室生口大野、三本松、赤目口、名張、桔梗が丘
0%
長人伊長阿特滝 長門古市、人丸、伊上、長門粟野、阿川、特牛、滝部
0%
長雀小南南目小 長門長沢、雀田、小野田港、南小野田、南中川、目出、小野田
0%
長西昭天動大な 長居、西田辺、昭和町、天王寺、動物園前、大国町、なんば
0%
長西大水上高富 長岡天神、西山天王山、大山崎、水無瀬、上牧、高槻市、富田
0%
長西東洛桂西西 長岡天神、西向日、東向日、洛西口、桂、西京極、西院
0%
長大京桜朝朝日 長谷野、大学前、京セラ前、桜川、朝日大塚、朝日野、日野
0%
長大玉肥木田植 長洲、大野下、玉名、肥後伊倉、木葉、田原坂、植木
0%
長大桜大耳大真 長谷寺、大和朝倉、桜井、大福、耳成、大和八木、真菅
0%
長滝特阿長伊人 長門二見、滝部、特牛、阿川、長門粟野、伊上、人丸
0%
長長黄長人伊長 長門三隅、長門市、黄波戸、長門古市、人丸、伊上、長門粟野
0%
長長飯三玉萩東 長門市、長門三隅、飯井、三見、玉江、萩、東萩
0%
長鳥大三茶東新 長篠城、鳥居、大海、三河東郷、茶臼山、東新町、新城
0%
長渡三名地鍋徳 長門峡、渡川、三谷、名草、地福、鍋倉、徳佐
0%
長湯小肥東諫西 長里、湯江、小江、肥前長田、東諫早、諫早、西諫早
0%
長奈木宇須江飯 長門大井、奈古、木与、宇田郷、須佐、江崎、飯浦
0%
長那蘇各鵜坂美 長森、那加、蘇原、各務ケ原、鵜沼、坂祝、美濃太田
0%
長南荒大銀吉渡 長洲、南荒尾、荒尾、大牟田、銀水、吉野、渡瀬
0%
長日熊東和東東 長滝、日根野、熊取、東佐野、和泉橋本、東貝塚、東岸和田
0%
長日新大西蒲榎 長浦、日長、新舞子、大野町、西ノ口、蒲池、榎戸
0%
長八スス茂浦大 長崎駅前、八千代町、スタジアムシティサウス、スタジアムシティノース、茂里町、浦上駅前、大学病院
0%
長八河五愛豊尼 長谷野、八日市、河辺の森、五箇荘、愛知川、豊郷、尼子
0%
長板長渋於重美 長門市、板持、長門湯本、渋木、於福、重安、美祢
0%
長飯三玉萩東越 長門三隅、飯井、三見、玉江、萩、東萩、越ケ浜
0%
長本三湯三柿三 長篠城、本長篠、三河大野、湯谷温泉、三河槙原、柿平、三河川合
0%
長明一清領北舟 長崎、明見橋、一条橋、清和学園前、領石通、北浦、舟戸
0%
長門篠筑城九筑 長者原、門松、篠栗、筑前山手、城戸南蔵院前、九郎原、筑前大分
0%
長弥永蟹春八名 長島、弥富、永和、蟹江、春田、八田、名古屋
0%
長弥久近河高恩 長瀬、弥刀、久宝寺口、近鉄八尾、河内山本、高安、恩智
0%
長柳巻三桜香畝 長柄、柳本、巻向、三輪、桜井、香久山、畝傍
0%
長邑大西大東高 長船、邑久、大富、西大寺、大多羅、東岡山、高島
0%
鳥湖鳥福大岩東 鳥取大学前、湖山、鳥取、福部、大岩、岩美、東浜
0%
鳥湖鳥末宝浜青 鳥取、湖山、鳥取大学前、末恒、宝木、浜村、青谷
0%
鳥三泰浅ハ清江 鳥羽中、三十八社、泰澄の里、浅水、ハーモニーホール、清明、江端
0%
鳥松二五伊山宮 鳥羽、松下、二見浦、五十鈴ケ丘、伊勢市、山田上口、宮川
0%
鳥新肥中吉神伊 鳥栖、新鳥栖、肥前麓、中原、吉野ケ里公園、神埼、伊賀屋
0%
鳥神水西西サ家 鳥羽中、神明、水落、西山公園、西鯖江、サンドーム西、家久
0%
鳥大三茶東新野 鳥居、大海、三河東郷、茶臼山、東新町、新城、野田城
0%
鳥中志船加松白 鳥羽、中之郷、志摩赤崎、船津、加茂、松尾、白木
0%
鳥長本三湯三柿 鳥居、長篠城、本長篠、三河大野、湯谷温泉、三河槙原、柿平
0%
鳥津東郡河国鷹 鳥取、津ノ井、東郡家、郡家、河原、国英、鷹狩
0%
鳥田弥基け原天 鳥栖、田代、弥生が丘、基山、けやき台、原田、天拝山
0%
鳥東七清祇三神 鳥羽街道、東福寺、七条、清水五条、祇園四条、三条、神宮丸太町
0%
鳥箱淡み孝和紀 鳥取ノ荘、箱作、淡輪、みさき公園、孝子、和歌山大学前、紀ノ川
0%
鳥肥久荒西羽筑 鳥栖、肥前旭、久留米、荒木、西牟田、羽犬塚、筑後船小屋
0%
鳥尾樽岡吉羽泉 鳥取ノ荘、尾崎、樽井、岡田浦、吉見ノ里、羽倉崎、泉佐野
0%
鳥彦ひ彦高尼豊 鳥居本、彦根、ひこね芹川、彦根口、高宮、尼子、豊郷
0%
鳥伏龍藤墨丹伏 鳥羽街道、伏見稲荷、龍谷大前深草、藤森、墨染、丹波橋、伏見桃山
0%
鳥福大岩東居諸 鳥取、福部、大岩、岩美、東浜、居組、諸寄
0%
鳥末宝浜青泊松 鳥取大学前、末恒、宝木、浜村、青谷、泊、松崎
0%
直重宗市北日北 直川、重岡、宗太郎、市棚、北川、日向長井、北延岡
0%
直勝小鯰浦新飯 直方、勝野、小竹、鯰田、浦田、新飯塚、飯塚
0%
直新筑鞍筑中東 直方、新入、筑前植木、鞍手、筑前垣生、中間、東水巻
0%
直荘宍来玉乃松 直江、荘原、宍道、来待、玉造温泉、乃木、松江
0%
直直重宗市北日 直見、直川、重岡、宗太郎、市棚、北川、日向長井
0%
津阿高六松徳多 津、阿漕、高茶屋、六軒、松阪、徳和、多気
0%
津安大三犬大八 津福、安武、大善寺、三潴、犬塚、大溝、八丁牟田
0%
津伊一園湖布雲 津ノ森、伊野灘、一畑口、園、湖遊館新駅、布崎、雲州平田
0%
津院美坪美美古 津山、院庄、美作千代、坪井、美作追分、美作落合、古見
0%
津臼上熊下佐幸 津久見、臼杵、上臼杵、熊崎、下ノ江、佐志生、幸崎
0%
津河星寝忍四野 津田、河内磐船、星田、寝屋川公園、忍ケ丘、四条畷、野崎
0%
津海多讃丸宇坂 津島ノ宮、海岸寺、多度津、讃岐塩屋、丸亀、宇多津、坂出
0%
津江高白豊千磯 津、江戸橋、高田本山、白塚、豊津上野、千里、磯山
0%
津高松秋長朝松 津ノ森、高ノ宮、松江フォーゲルパーク、秋鹿町、長江、朝日ヶ丘、松江イングリッシュガーデン前
0%
津佐亀小誕弓神 津山口、佐良山、亀甲、小原、誕生寺、弓削、神目
0%
津三三大西端味 津古、三国が丘、三沢、大保、西鉄小郡、端間、味坂
0%
津新水袋米出西 津奈木、新水俣、水俣、袋、米ノ津、出水、西出水
0%
津森東金西野松 津幡、森本、東金沢、金沢、西金沢、野々市、松任
0%
津聖花西櫛宮味 津福、聖マリア病院前、花畑、西鉄久留米、櫛原、宮の陣、味坂
0%
津青日青東石本 津和野、青野山、日原、青原、東青原、石見横田、本俣賀
0%
津船徳鍋地名三 津和野、船平山、徳佐、鍋倉、地福、名草、三谷
0%
津筑桜朝紫西都 津古、筑紫、桜台、朝倉街道、紫、西鉄二日市、都府楼前
0%
津中本能宇横高 津幡、中津幡、本津幡、能瀬、宇野気、横山、高松
0%
津町六渕丸上森 津島、町方、六輪、渕高、丸渕、上丸渕、森上
0%
津津江高白豊千 津新町、津、江戸橋、高田本山、白塚、豊津上野、千里
0%
津津佐亀小誕弓 津山、津山口、佐良山、亀甲、小原、誕生寺、弓削
0%
津東河伊中徳鈴 津、東一身田、河芸、伊勢上野、中瀬古、徳田、鈴鹿サーキット稲生
0%
津東郡河国鷹用 津ノ井、東郡家、郡家、河原、国英、鷹狩、用瀬
0%
津東美西勝林楢 津山、東津山、美作大崎、西勝間田、勝間田、林野、楢原
0%
津湯佐海肥た上 津奈木、湯浦、佐敷、海浦、肥後田浦、たのうら御立岬公園、上田浦
0%
津藤勝青木七甚 津島、藤浪、勝幡、青塚、木田、七宝、甚目寺
0%
津藤長松大京同 津田、藤阪、長尾、松井山手、大住、京田辺、同志社前
0%
津鳳富北信和久 津久野、鳳、富木、北信太、信太山、和泉府中、久米田
0%
津詫み高比本観 津島ノ宮、詫間、みの、高瀬、比地大、本山、観音寺
0%
椎豊宇三吉中東 椎田、豊前松江、宇島、三毛門、吉富、中津、東中津
0%
追東越観松志永 追分口、東藤島、越前島橋、観音町、松岡、志比堺、永平寺口
0%
通熊花辛慶河呉 通町筋、熊本城・市役所前、花畑町、辛島町、慶徳校前、河原町、呉服町
0%
通熊花辛西洗新 通町筋、熊本城・市役所前、花畑町、辛島町、西辛島町、洗馬橋、新町
0%
通水九交味新国 通町筋、水道町、九品寺交差点、交通局前、味噌天神前、新水前寺駅前、国府
0%
通西三永今森穴 通谷、西山、三ヶ森、永犬丸、今池、森下、穴生
0%
通東筑希筑楠新 通谷、東中間、筑豊中間、希望が丘高校前、筑豊香月、楠橋、新木屋瀬
0%
通由神大柳柳田 通津、由宇、神代、大畠、柳井港、柳井、田布施
0%
塚東住住細安我 塚西、東粉浜、住吉、住吉鳥居前、細井川、安立町、我孫子道
0%
塚尼塚猪伊北川 塚本、尼崎、塚口、猪名寺、伊丹、北伊丹、川西池田
0%
塚尼立甲西さ芦 塚本、尼崎、立花、甲子園口、西宮、さくら夙川、芦屋
0%
塚武西夙芦岡御 塚口、武庫之荘、西宮北口、夙川、芦屋川、岡本、御影
0%
佃阿三祖阿小大 佃、阿波池田、三縄、祖谷口、阿波川口、小歩危、大歩危
0%
佃辻阿三江阿貞 佃、辻、阿波加茂、三加茂、江口、阿波半田、貞光
0%
佃箸坪讃黒塩琴 佃、箸蔵、坪尻、讃岐財田、黒川、塩入、琴平
0%
柘新佐伊島月大 柘植、新堂、佐那具、伊賀上野、島ケ原、月ケ瀬口、大河原
0%
辻阿三江阿貞小 辻、阿波加茂、三加茂、江口、阿波半田、貞光、小島
0%
椿紀周見江和田 椿、紀伊日置、周参見、見老津、江住、和深、田子
0%
椿紀白朝紀紀芳 椿、紀伊富田、白浜、朝来、紀伊新庄、紀伊田辺、芳養
0%
坪讃黒塩琴善金 坪尻、讃岐財田、黒川、塩入、琴平、善通寺、金蔵寺
0%
坪美院津東美西 坪井、美作千代、院庄、津山、東津山、美作大崎、西勝間田
0%
坪美美古久中月 坪井、美作追分、美作落合、古見、久世、中国勝山、月田
0%
鶴井泉羽吉岡樽 鶴原、井原里、泉佐野、羽倉崎、吉見ノ里、岡田浦、樽井
0%
鶴横今蒲京大森 鶴見緑地、横堤、今福鶴見、蒲生四丁目、京橋、大阪ビジネスパーク、森ノ宮
0%
鶴甘福溝香仁砥 鶴居、甘地、福崎、溝口、香呂、仁豊野、砥堀
0%
鶴京えええ西小 鶴丸、京町温泉、えびの、えびの上江、えびの飯野、西小林、小林
0%
鶴玉森大京桜天 鶴橋、玉造、森ノ宮、大阪城公園、京橋、桜ノ宮、天満
0%
鶴荒御川い八塩 鶴舞、荒畑、御器所、川名、いりなか、八事、塩釜口
0%
鶴今布俊長弥久 鶴橋、今里、布施、俊徳道、長瀬、弥刀、久宝寺口
0%
鶴桜新瑞瑞桜御 鶴里、桜本町、新瑞橋、瑞穂運動場西、瑞穂区役所、桜山、御器所
0%
鶴讃神造オ志讃 鶴羽、讃岐津田、神前、造田、オレンジタウン、志度、讃岐牟礼
0%
鶴上大伏丸浅浄 鶴舞、上前津、大須観音、伏見、丸の内、浅間町、浄心
0%
鶴新寺長生新青 鶴居、新野、寺前、長谷、生野、新井、青倉
0%
鶴千大新勝春神 鶴舞、千種、大曽根、新守山、勝川、春日井、神領
0%
鶴大坂幸佐下熊 鶴崎、大在、坂ノ市、幸崎、佐志生、下ノ江、熊崎
0%
鶴谷日な桜西阿 鶴橋、谷町九丁目、日本橋、なんば、桜川、西長堀、阿波座
0%
鶴長我杉浅堺三 鶴ケ丘、長居、我孫子町、杉本町、浅香、堺市、三国ケ丘
0%
鶴桃寺天新今芦 鶴橋、桃谷、寺田町、天王寺、新今宮、今宮、芦原橋
0%
鶴二貝蛸岸和春 鶴原、二色浜、貝塚、蛸地蔵、岸和田、和泉大宮、春木
0%
鶴日小井道曽陽 鶴来、日御子、小柳、井口、道法寺、曽谷、陽羽里
0%
貞阿江三阿辻佃 貞光、阿波半田、江口、三加茂、阿波加茂、辻、佃
0%
貞小穴川阿山学 貞光、小島、穴吹、川田、阿波山川、山瀬、学
0%
定古多土瑞釜武 定光寺、古虎渓、多治見、土岐市、瑞浪、釜戸、武並
0%
定高神春勝新大 定光寺、高蔵寺、神領、春日井、勝川、新守山、大曽根
0%
帝岸天萩新今難 帝塚山、岸里玉出、天下茶屋、萩ノ茶屋、新今宮、今宮戎、難波
0%
帝住沢我浅堺三 帝塚山、住吉東、沢ノ町、我孫子前、浅香山、堺東、三国ヶ丘
0%
帝帝姫北東松阿 帝塚山四丁目、帝塚山三丁目、姫松、北畠、東天下茶屋、松虫、阿倍野
0%
帝姫北東松阿天 帝塚山三丁目、姫松、北畠、東天下茶屋、松虫、阿倍野、天王寺駅前
0%
庭中倉西新金鴨 庭瀬、中庄、倉敷、西阿知、新倉敷、金光、鴨方
0%
的稲銀胡八立紙 的場町、稲荷町、銀山町、胡町、八丁堀、立町、紙屋町東
0%
的大山伊荒高尾 的形、大塩、山陽曽根、伊保、荒井、高砂、尾上の松
0%
的段比比南皆皆 的場町、段原一丁目、比治山下、比治山橋、南区役所前、皆実町二丁目、皆実町六丁目
0%
的八白妻飾亀手 的形、八家、白浜の宮、妻鹿、飾磨、亀山、手柄
0%
鉄清高木本萱古 鉄砲町、清水町、高砂町、木屋町、本町六丁目、萱町六丁目、古町
0%
鉄赤平上警勝大 鉄砲町、赤十字病院前、平和通一丁目、上一万、警察署前、勝山町、大街道
0%
天い朝市水桜鹿 天文館通、いづろ通、朝日通、市役所前、水族館口、桜島桟橋通、鹿児島駅前
0%
天か吉川呉安新 天応、かるが浜、吉浦、川原石、呉、安芸阿賀、新広
0%
天阿松東北姫帝 天王寺駅前、阿倍野、松虫、東天下茶屋、北畠、姫松、帝塚山三丁目
0%
天阿文田駒平喜 天王寺、阿倍野、文の里、田辺、駒川中野、平野、喜連瓜破
0%
天観西福広東高 天満町、観音町、西観音町、福島町、広電西広島(己斐)、東高須、高須
0%
天岸帝住沢我浅 天下茶屋、岸里玉出、帝塚山、住吉東、沢ノ町、我孫子前、浅香山
0%
天岸粉住住七堺 天下茶屋、岸里玉出、粉浜、住吉大社、住ノ江、七道、堺
0%
天岩与京峰網夕 天橋立、岩滝口、与謝野、京丹後大宮、峰山、網野、夕日ヶ浦木津温泉
0%
天紀林御橋紀学 天見、紀見峠、林間田園都市、御幸辻、橋本、紀伊清水、学文路
0%
天京野関森千滝 天満橋、京橋、野江、関目、森小路、千林、滝井
0%
天呉小水坂矢海 天応、呉ポートピア、小屋浦、水尻、坂、矢野、海田市
0%
天向海安中瀬八 天神川、向洋、海田市、安芸中野、中野東、瀬野、八本松
0%
天向海矢坂水小 天神川、向洋、海田市、矢野、坂、水尻、小屋浦
0%
天広新横西新五 天神川、広島、新白島、横川、西広島、新井口、五日市
0%
天高加高鹿都中 天文館通、高見馬場、加治屋町、高見橋、鹿児島中央駅前、都通、中洲通
0%
天高甲新武二荒 天文館通、高見馬場、甲東中学校前、新屋敷、武之橋、二中通、荒田八幡
0%
天今東中吉三宇 天津、今津、東中津、中津、吉富、三毛門、宇島
0%
天桜京大森玉鶴 天満、桜ノ宮、京橋、大阪城公園、森ノ宮、玉造、鶴橋
0%
天四谷谷谷天南 天王寺、四天王寺前夕陽ヶ丘、谷町九丁目、谷町六丁目、谷町四丁目、天満橋、南森町
0%
天寺桃鶴玉森大 天王寺、寺田町、桃谷、鶴橋、玉造、森ノ宮、大阪城公園
0%
天柴淡下吹豊関 天神橋筋六丁目、柴島、淡路、下新庄、吹田、豊津、関大前
0%
天小鬼向豊賀南 天神山、小野屋、鬼瀬、向之原、豊後国分、賀来、南大分
0%
天小土十本原紙 天満町、小網町、土橋、十日市町、本川町、原爆ドーム前、紙屋町西
0%
天庄湯南由野豊 天神山、庄内、湯平、南由布、由布院、野矢、豊後中村
0%
天昭西長あ北新 天王寺、昭和町、西田辺、長居、あびこ、北花田、新金岡
0%
天新今芦大弁西 天王寺、新今宮、今宮、芦原橋、大正、弁天町、西九条
0%
天杉北豊恵引豊 天ケ瀬、杉河内、北山田、豊後森、恵良、引治、豊後中村
0%
天聖北松今今新 天神ノ森、聖天坂、北天下茶屋、松田町、今船、今池、新今宮駅前
0%
天赤大唐西藤室 天神、赤坂、大濠公園、唐人町、西新、藤崎、室見
0%
天千美三河千滝 天見、千早口、美加の台、三日市町、河内長野、千代田、滝谷
0%
天扇南北堺長日 天神橋筋六丁目、扇町、南森町、北浜、堺筋本町、長堀橋、日本橋
0%
天大福野西弁大 天満、大阪、福島、野田、西九条、弁天町、大正
0%
天谷谷谷四天阿 天満橋、谷町四丁目、谷町六丁目、谷町九丁目、四天王寺前夕陽ヶ丘、天王寺、阿倍野
0%
天中東南天谷谷 天神橋筋六丁目、中崎町、東梅田、南森町、天満橋、谷町四丁目、谷町六丁目
0%
天長柳巻三桜香 天理、長柄、柳本、巻向、三輪、桜井、香久山
0%
天渡薬薬桜六別 天神南、渡辺通、薬院、薬院大通、桜坂、六本松、別府
0%
天東塚東住住細 天神ノ森、東玉出、塚西、東粉浜、住吉、住吉鳥居前、細井川
0%
天東平加久八志 天王寺、東部市場前、平野、加美、久宝寺、八尾、志紀
0%
天動恵日長堺北 天下茶屋、動物園前、恵美須町、日本橋、長堀橋、堺筋本町、北浜
0%
天南東中天都野 天満橋、南森町、東梅田、中崎町、天神橋筋六丁目、都島、野江内代
0%
天二都水大春南 天拝山、二日市、都府楼南、水城、大野城、春日、南福岡
0%
天飯新浦鯰小勝 天道、飯塚、新飯塚、浦田、鯰田、小竹、勝野
0%
天備寒日伊備西 天和、備前福河、寒河、日生、伊里、備前片上、西片上
0%
天美南鶴長我杉 天王寺、美章園、南田辺、鶴ケ丘、長居、我孫子町、杉本町
0%
天豊豊日光夜筑 天ケ瀬、豊後中川、豊後三芳、日田、光岡、夜明、筑後大石
0%
天豊柳豊宇西立 天津、豊前善光寺、柳ケ浦、豊前長洲、宇佐、西屋敷、立石
0%
添西豊池田田一 添田、西添田、豊前川崎、池尻、田川後藤寺、田川伊田、一本松
0%
伝千西九ド桜大 伝法、千鳥橋、西九条、九条、ドーム前、桜川、大阪難波
0%
田安唐下伊安あ 田野、安田、唐浜、下山、伊尾木、安芸、あき総合病院前
0%
田一香採呼石志 田川伊田、一本松、香春、採銅所、呼野、石原町、志井
0%
田下田糒上金人 田川伊田、下伊田、田川市立病院、糒、上金田、金田、人見
0%
田岩島光下櫛徳 田布施、岩田、島田、光、下松、櫛ケ浜、徳山
0%
田宮山伊五二松 田丸、宮川、山田上口、伊勢市、五十鈴ケ丘、二見浦、松下
0%
田牛牛梅平鷹久 田窪、牛渕、牛渕団地前、梅本、平井、鷹ノ子、久米
0%
田駒平喜出長八 田辺、駒川中野、平野、喜連瓜破、出戸、長原、八尾南
0%
田五榎下釜沢岩 田添、五百石、榎町、下段、釜ヶ淵、沢中山、岩峅寺
0%
田細切手高新新 田神、細畑、切通、手力、高田橋、新加納、新那加
0%
田坂落中美恵武 田立、坂下、落合川、中津川、美乃坂本、恵那、武並
0%
田鹿舟北領清一 田辺島通、鹿児、舟戸、北浦、領石通、清和学園前、一条橋
0%
田小江出西出直 田儀、小田、江南、出雲神西、西出雲、出雲市、直江
0%
田上勾柿内赤油 田川伊田、上伊田、勾金、柿下温泉口、内田、赤、油須原
0%
田植西崇上熊西 田原坂、植木、西里、崇城大学前、上熊本、熊本、西熊本
0%
田仁福福足商赤 田原町、仁愛女子高校、福井駅、福井城址大名町、足羽山公園口、商工会議所前、赤十字前
0%
田青山餅三都西 田野、青井岳、山之口、餅原、三股、都城、西都城
0%
田石結フ平筒近 田原本、石見、結崎、ファミリー公園前、平端、筒井、近鉄郡山
0%
田千布紀船岩下 田井ノ瀬、千旦、布施屋、紀伊小倉、船戸、岩出、下井阪
0%
田筑う筑夜光日 田主丸、筑後吉井、うきは、筑後大石、夜明、光岡、日田
0%
田筑善御久南久 田主丸、筑後草野、善導寺、御井、久留米大学前、南久留米、久留米高校前
0%
田長虎河高木余 田村、長浜、虎姫、河毛、高月、木ノ本、余呉
0%
田鳥肥久荒西羽 田代、鳥栖、肥前旭、久留米、荒木、西牟田、羽犬塚
0%
田田一香採呼石 田川後藤寺、田川伊田、一本松、香春、採銅所、呼野、石原町
0%
田田紀串紀古紀 田子、田並、紀伊有田、串本、紀伊姫、古座、紀伊田原
0%
田田和江見周紀 田並、田子、和深、江住、見老津、周参見、紀伊日置
0%
田東新介文高県 田辺島通、東新木、新木、介良通、文珠通、高須、県立美術館通
0%
田南木運曽子青 田吉、南方、木花、運動公園、曽山寺、子供の国、青島
0%
田二熊祇呉河慶 田崎橋、二本木口、熊本駅前、祇園橋、呉服町、河原町、慶徳校前
0%
田二道神横三三 田尾寺、二郎、道場南口、神鉄道場、横山、三田本町、三田
0%
田日神竈交岡吉 田中口、日前宮、神前、竈山、交通センター前、岡崎前、吉礼
0%
田日清加南宮宮 田野、日向沓掛、清武、加納、南宮崎、宮崎、宮崎神宮
0%
田波久大静五仁 田儀、波根、久手、大田市、静間、五十猛、仁万
0%
田福日八新中鷲 田原町、福大前西福井、日華化学前、八ツ島、新田塚、中角、鷲塚針原
0%
田文阿天四谷谷 田辺、文の里、阿倍野、天王寺、四天王寺前夕陽ヶ丘、谷町九丁目、谷町六丁目
0%
田木肥玉大長南 田原坂、木葉、肥後伊倉、玉名、大野下、長洲、南荒尾
0%
田木北日山辺牟 田井ノ浜、木岐、北河内、日和佐、山河内、辺川、牟岐
0%
田弥基け原天二 田代、弥生が丘、基山、けやき台、原田、天拝山、二日市
0%
田柳柳大神由通 田布施、柳井、柳井港、大畠、神代、由宇、通津
0%
田由阿新桑阿見 田井ノ浜、由岐、阿波福井、新野、桑野、阿波橘、見能林
0%
田和江見周紀椿 田子、和深、江住、見老津、周参見、紀伊日置、椿
0%
電稲栄不大南朝 電鉄富山、稲荷町、栄町、不二越、大泉、南富山、朝菜町
0%
電経新電西越早 電鉄石田、経田、新魚津、電鉄魚津、西魚津、越中中村、早月加積
0%
電桜荒中西上広 電気ビル前、桜橋、荒町、中町、西町、上本町、広貫堂前
0%
電出大武川大美 電鉄出雲市、出雲科学館パークタウン前、大津町、武志、川跡、大寺、美談
0%
電新経電電東荻 電鉄魚津、新魚津、経田、電鉄石田、電鉄黒部、東三日市、荻生
0%
電西越早浜滑中 電鉄魚津、西魚津、越中中村、早月加積、浜加積、滑川、中滑川
0%
電地電桜荒中西 電鉄富山駅・エスタ前、地鉄ビル前、電気ビル前、桜橋、荒町、中町、西町
0%
電地電富新県丸 電気ビル前、地鉄ビル前、電鉄富山駅・エスタ前、富山駅、新富町、県庁前、丸の内
0%
電電経新電西越 電鉄黒部、電鉄石田、経田、新魚津、電鉄魚津、西魚津、越中中村
0%
電電東荻長新舌 電鉄石田、電鉄黒部、東三日市、荻生、長屋、新黒部、舌山
0%
電東荻長新舌若 電鉄黒部、東三日市、荻生、長屋、新黒部、舌山、若栗
0%
電富新県丸諏安 電鉄富山駅・エスタ前、富山駅、新富町、県庁前、丸の内、諏訪川原、安野屋
0%
斗襟佐西土岡日 斗賀野、襟野々、佐川、西佐川、土佐加茂、岡花、日下
0%
斗吾多大須土安 斗賀野、吾桑、多ノ郷、大間、須崎、土佐新荘、安和
0%
渡吉銀大荒南長 渡瀬、吉野、銀水、大牟田、荒尾、南荒尾、長洲
0%
渡三名地鍋徳船 渡川、三谷、名草、地福、鍋倉、徳佐、船平山
0%
渡西人大矢真吉 渡、西人吉、人吉、大畑、矢岳、真幸、吉松
0%
渡長篠仁宮上山 渡川、長門峡、篠目、仁保、宮野、上山口、山口
0%
渡那一球白吉海 渡、那良口、一勝地、球泉洞、白石、吉尾、海路
0%
渡南瀬筑羽西荒 渡瀬、南瀬高、瀬高、筑後船小屋、羽犬塚、西牟田、荒木
0%
渡薬薬桜六別茶 渡辺通、薬院、薬院大通、桜坂、六本松、別府、茶山
0%
都下白春桜雑井 都府楼前、下大利、白木原、春日原、桜並木、雑餉隈、井尻
0%
都敬波久下浜西 都野津、敬川、波子、久代、下府、浜田、西浜田
0%
都江浅黒石温湯 都野津、江津、浅利、黒松、石見福光、温泉津、湯里
0%
都三餅山青田日 都城、三股、餅原、山之口、青井岳、田野、日向沓掛
0%
都鹿高加高天い 都通、鹿児島中央駅前、高見橋、加治屋町、高見馬場、天文館通、いづろ通
0%
都水大春南笹竹 都府楼南、水城、大野城、春日、南福岡、笹原、竹下
0%
都西五財北大北 都城、西都城、五十市、財部、北俣、大隅大川原、北永野田
0%
都西紫朝桜筑津 都府楼前、西鉄二日市、紫、朝倉街道、桜台、筑紫、津古
0%
都川高日佐日蓮 都農、川南、高鍋、日向新富、佐土原、日向住吉、蓮ケ池
0%
都中市神唐工純 都通、中洲通、市立病院前、神田(交通局前)、唐湊、工学部前、純心学園前
0%
都天中東南天谷 都島、天神橋筋六丁目、中崎町、東梅田、南森町、天満橋、谷町四丁目
0%
都東美南財日門 都農、東都農、美々津、南日向、財光寺、日向市、門川
0%
都二天原け基弥 都府楼南、二日市、天拝山、原田、けやき台、基山、弥生が丘
0%
都日谷万東高日 都城、日向庄内、谷頭、万ケ塚、東高崎、高崎新田、日向前田
0%
都野関千太守大 都島、野江内代、関目高殿、千林大宮、太子橋今市、守口、大日
0%
砥仁香溝福甘鶴 砥堀、仁豊野、香呂、溝口、福崎、甘地、鶴居
0%
砺東高福東福越 砺波、東野尻、高儀、福野、東石黒、福光、越中山田
0%
砺油戸林二新高 砺波、油田、戸出、林、二塚、新高岡、高岡
0%
土旭南延北日北 土々呂、旭ケ丘、南延岡、延岡、北延岡、日向長井、北川
0%
土安土影六仁窪 土佐新荘、安和、土佐久礼、影野、六反地、仁井田、窪川
0%
土安土須大多吾 土佐久礼、安和、土佐新荘、須崎、大間、多ノ郷、吾桑
0%
土伊長酒須須新 土井、伊賀、長者原、酒殿、須恵、須恵中央、新原
0%
土岡日小波伊枝 土佐加茂、岡花、日下、小村神社前、波川、伊野、枝川
0%
土海浮土西古中 土佐上川口、海の王迎、浮鞭、土佐入野、西大方、古津賀、中村
0%
土角繁新土山土 土佐北川、角茂谷、繁藤、新改、土佐山田、山田西町、土佐長岡
0%
土魚大西明朝舞 土山、魚住、大久保、西明石、明石、朝霧、舞子
0%
土後土山土新繁 土佐大津、後免、土佐長岡、山田西町、土佐山田、新改、繁藤
0%
土後土布土薊高 土佐長岡、後免、土佐大津、布師田、土佐一宮、薊野、高知
0%
土佐土伊荷若窪 土佐白浜、佐賀公園、土佐佐賀、伊与喜、荷稲、若井、窪川
0%
土山土後土布土 土佐山田、山田西町、土佐長岡、後免、土佐大津、布師田、土佐一宮
0%
土山土新繁角土 土佐長岡、山田西町、土佐山田、新改、繁藤、角茂谷、土佐北川
0%
土守西門古大萱 土居、守口市、西三荘、門真市、古川橋、大和田、萱島
0%
土舟舟舟舟舟江 土橋、舟入町、舟入本町、舟入幸町、舟入川口町、舟入南、江波
0%
土十半江西真吉 土佐昭和、十川、半家、江川崎、西ケ方、真土、吉野生
0%
土十本原紙紙立 土橋、十日市町、本川町、原爆ドーム前、紙屋町西、紙屋町東、立町
0%
土十本原紙本袋 土橋、十日市町、本川町、原爆ドーム前、紙屋町西、本通、袋町
0%
土小天観西福広 土橋、小網町、天満町、観音町、西観音町、福島町、広電西広島(己斐)
0%
土上豊梅越平猿 土橋、上挙母、豊田市、梅坪、越戸、平戸橋、猿投
0%
土新繁角土大土 土佐山田、新改、繁藤、角茂谷、土佐北川、大杉、土佐穴内
0%
土須大多吾斗襟 土佐新荘、須崎、大間、多ノ郷、吾桑、斗賀野、襟野々
0%
土瑞釜武恵美中 土岐市、瑞浪、釜戸、武並、恵那、美乃坂本、中津川
0%
土西佐襟斗吾多 土佐加茂、西佐川、佐川、襟野々、斗賀野、吾桑、多ノ郷
0%
土多古定高神春 土岐市、多治見、古虎渓、定光寺、高蔵寺、神領、春日井
0%
土大小阿祖三阿 土佐岩原、大歩危、小歩危、阿波川口、祖谷口、三縄、阿波池田
0%
土大土角繁新土 土佐穴内、大杉、土佐北川、角茂谷、繁藤、新改、土佐山田
0%
土大土大豊土大 土佐北川、大杉、土佐穴内、大田口、豊永、土佐岩原、大歩危
0%
土大豊土大小阿 土佐穴内、大田口、豊永、土佐岩原、大歩危、小歩危、阿波川口
0%
土滝千森関野京 土居、滝井、千林、森小路、関目、野江、京橋
0%
土竹若三三知重 土橋、竹村、若林、三河八橋、三河知立、知立、重原
0%
土土十半江西真 土佐大正、土佐昭和、十川、半家、江川崎、西ケ方、真土
0%
土土余鎌岡古松 土橋、土居田、余戸、鎌田、岡田、古泉、松前
0%
土東加宝曽ひ御 土山、東加古川、加古川、宝殿、曽根、ひめじ別所、御着
0%
土藤高恵河高布 土師ノ里、藤井寺、高鷲、恵我ノ荘、河内松原、高見ノ里、布忍
0%
土道古駒上二二 土師ノ里、道明寺、古市、駒ヶ谷、上ノ太子、二上山、二上神社口
0%
土那美知美三美 土師、那岐、美作河井、知和、美作加茂、三浦、美作滝尾
0%
土布土後土山土 土佐一宮、布師田、土佐大津、後免、土佐長岡、山田西町、土佐山田
0%
土浮海土有土佐 土佐入野、浮鞭、海の王迎、土佐上川口、有井川、土佐白浜、佐賀公園
0%
土豊大土大土角 土佐岩原、豊永、大田口、土佐穴内、大杉、土佐北川、角茂谷
0%
土門日財南美東 土々呂、門川、日向市、財光寺、南日向、美々津、東都農
0%
土有土海浮土西 土佐白浜、有井川、土佐上川口、海の王迎、浮鞭、土佐入野、西大方
0%
土有土佐土伊荷 土佐上川口、有井川、土佐白浜、佐賀公園、土佐佐賀、伊与喜、荷稲
0%
土余鎌岡古松地 土居田、余戸、鎌田、岡田、古泉、松前、地蔵町
0%
土薊高入円旭高 土佐一宮、薊野、高知、入明、円行寺口、旭、高知商業前
0%
唐下伊安あ球穴 唐浜、下山、伊尾木、安芸、あき総合病院前、球場前、穴内
0%
唐鬼山本相岩厳 唐津、鬼塚、山本、本牟田部、相知、岩屋、厳木
0%
唐京粟瓦中膳錦 唐橋前、京阪石山、粟津、瓦ヶ浜、中ノ庄、膳所本町、錦
0%
唐香西香西名貝 唐の原、香椎花園前、西鉄香椎、香椎宮前、西鉄千早、名島、貝塚
0%
唐神市中都鹿高 唐湊、神田(交通局前)、市立病院前、中洲通、都通、鹿児島中央駅前、高見橋
0%
唐神大花谷箕山 唐櫃台、神鉄六甲、大池、花山、谷上、箕谷、山の街
0%
唐和東虹浜鹿福 唐津、和多田、東唐津、虹ノ松原、浜崎、鹿家、福吉
0%
島び三大京近南 島ノ関、びわ湖浜大津、三井寺、大津市役所前、京阪大津京、近江神宮前、南滋賀
0%
島伊佐新柘加関 島ケ原、伊賀上野、佐那具、新堂、柘植、加太、関
0%
島雨越伏能越高 島尾、雨晴、越中国分、伏木、能町、越中中川、高岡
0%
島岩田柳柳大神 島田、岩田、田布施、柳井、柳井港、大畠、神代
0%
島光下櫛徳新福 島田、光、下松、櫛ケ浜、徳山、新南陽、福川
0%
島国奥大新丸須 島氏永、国府宮、奥田、大里、新清洲、丸ノ内、須ヶ口
0%
島三松大有多神 島原、三会、松尾、大三東、有明湯江、多比良、神代
0%
島山長向桂西京 島本、山崎、長岡京、向日町、桂川、西大路、京都
0%
島島霊島三松大 島原港、島原船津、霊丘公園体育館、島原、三会、松尾、大三東
0%
島妙名今石新黒 島氏永、妙興寺、名鉄一宮、今伊勢、石刀、新木曽川、黒田
0%
島霊島三松大有 島原船津、霊丘公園体育館、島原、三会、松尾、大三東、有明湯江
0%
東あお木一肥川 東免田、あさぎり、おかどめ幸福、木上、一武、肥後西村、川村
0%
東こ西形三蒲蒲 東幡豆、こどもの国、西浦、形原、三河鹿島、蒲郡競艇場前、蒲郡
0%
東伊薩上広鹿鹿 東市来、伊集院、薩摩松元、上伊集院、広木、鹿児島中央、鹿児島
0%
東伊丹三大梅北 東藤原、伊勢治田、丹生川、三里、大安、梅戸井、北勢中央公園口
0%
東宇草常床丸岐 東新川、宇部岬、草江、常盤、床波、丸尾、岐波
0%
東栄名山金神堀 東枇杷島、栄生、名鉄名古屋、山王、金山、神宮前、堀田
0%
東越越越寺越相 東新庄、越中荏原、越中三郷、越中舟橋、寺田、越中泉、相ノ木
0%
東越観松志永下 東藤島、越前島橋、観音町、松岡、志比堺、永平寺口、下志比
0%
東越千速婦西富 東八尾、越中八尾、千里、速星、婦中鵜坂、西富山、富山
0%
東越長奈木宇須 東萩、越ケ浜、長門大井、奈古、木与、宇田郷、須佐
0%
東横十美北モ糸 東大垣、横屋、十九条、美江寺、北方真桑、モレラ岐阜、糸貫
0%
東岡矢宇新牛知 東岡崎、岡崎公園前、矢作橋、宇頭、新安城、牛田、知立
0%
東荻長新舌若栃 東三日市、荻生、長屋、新黒部、舌山、若栗、栃屋
0%
東下久和信北富 東岸和田、下松、久米田、和泉府中、信太山、北信太、富木
0%
東下中上西徳大 東枇杷島、下小田井、中小田井、上小田井、西春、徳重・名古屋芸大、大山寺
0%
東加宝曽ひ御東 東加古川、加古川、宝殿、曽根、ひめじ別所、御着、東姫路
0%
東河伊中徳鈴玉 東一身田、河芸、伊勢上野、中瀬古、徳田、鈴鹿サーキット稲生、玉垣
0%
東開入頴西御石 東開聞、開聞、入野、頴娃、西頴娃、御領、石垣
0%
東滑水東新富呉 東滑川、滑川、水橋、東富山、新富山口、富山、呉羽
0%
東岩大福鳥湖鳥 東浜、岩美、大岩、福部、鳥取、湖山、鳥取大学前
0%
東居諸浜久餘鎧 東浜、居組、諸寄、浜坂、久谷、餘部、鎧
0%
東魚黒生西入泊 東滑川、魚津、黒部、生地、西入善、入善、泊
0%
東金西熱熱堀妙 東別院、金山、西高蔵、熱田神宮西、熱田神宮伝馬町、堀田、妙音通
0%
東金西野松西加 東金沢、金沢、西金沢、野々市、松任、西松任、加賀笠間
0%
東櫛漕斎明明小 東松阪、櫛田、漕代、斎宮、明星、明野、小俣
0%
東熊日長新和和 東佐野、熊取、日根野、長滝、新家、和泉砂川、和泉鳥取
0%
東郡河国鷹用因 東郡家、郡家、河原、国英、鷹狩、用瀬、因幡社
0%
東穴七星在蓮西 東員、穴太、七和、星川、在良、蓮花寺、西別所
0%
東月須山須山滝 東須磨、月見山、須磨寺、山陽須磨、須磨浦公園、山陽塩屋、滝の茶屋
0%
東元平竜勢信王 東山、元山上口、平群、竜田川、勢野北口、信貴山下、王寺
0%
東御ひ曽宝加東 東姫路、御着、ひめじ別所、曽根、宝殿、加古川、東加古川
0%
東御寺宿大花妙 東湊、御陵前、寺地町、宿院、大小路、花田口、妙国寺前
0%
東広新徳新厚新 東広島、広島、新岩国、徳山、新山口、厚狭、新下関
0%
東広福西観天小 東高須、広電西広島(己斐)、福島町、西観音町、観音町、天満町、小網町
0%
東広北池北美揖 東赤坂、広神戸、北神戸、池野、北池野、美濃本郷、揖斐
0%
東江長三豊牛小 東上、江島、長山、三河一宮、豊川、牛久保、小坂井
0%
東高古草草商井 東高須、高須、古江、草津、草津南、商工センター入口、井口
0%
東高日高広小西 東高崎、高崎新田、日向前田、高原、広原、小林、西小林
0%
東高福東福越城 東野尻、高儀、福野、東石黒、福光、越中山田、城端
0%
東今天豊柳豊宇 東中津、今津、天津、豊前善光寺、柳ケ浦、豊前長洲、宇佐
0%
東犀崎源油赤内 東犀川三四郎、犀川、崎山、源じいの森、油須原、赤、内田
0%
東笹楡猪杉打坂 東八尾、笹津、楡原、猪谷、杉原、打保、坂上
0%
東薩西大山指二 東開聞、薩摩川尻、西大山、大山、山川、指宿、二月田
0%
東三安西岡相幸 東刈谷、三河安城、安城、西岡崎、岡崎、相見、幸田
0%
東三京烏二二西 東山、三条京阪、京都市役所前、烏丸御池、二条城前、二条、西大路御池
0%
東三新福新岡相 東広島、三原、新尾道、福山、新倉敷、岡山、相生
0%
東山霞舞西大人 東垂水、山陽垂水、霞ヶ丘、舞子公園、西舞子、大蔵谷、人丸前
0%
東山御蹴東三京 東野、山科、御陵、蹴上、東山、三条京阪、京都市役所前
0%
東山西江中藤林 東二見、山陽魚住、西江井ヶ島、江井ヶ島、中八木、藤江、林崎松江海岸
0%
東七清祇三神出 東福寺、七条、清水五条、祇園四条、三条、神宮丸太町、出町柳
0%
東蹴御山東椥小 東山、蹴上、御陵、山科、東野、椥辻、小野
0%
東住篠小長明一 東工業前、住吉通、篠原、小篭通、長崎、明見橋、一条橋
0%
東十上竹伏近桃 東寺、十条、上鳥羽口、竹田、伏見、近鉄丹波橋、桃山御陵前
0%
東小勢加若若若 東小浜、小浜、勢浜、加斗、若狭本郷、若狭和田、若狭高浜
0%
東松青三若若若 東舞鶴、松尾寺、青郷、三松、若狭高浜、若狭和田、若狭本郷
0%
東松乃玉来宍荘 東松江、松江、乃木、玉造温泉、来待、宍道、荘原
0%
東松備福東大笠 東尾道、松永、備後赤坂、福山、東福山、大門、笠岡
0%
東上瀬万熊和吉 東岡山、上道、瀬戸、万富、熊山、和気、吉永
0%
東上矢栄久名名 東別院、上前津、矢場町、栄、久屋大通、名古屋城、名城公園
0%
東新介文高県西 東新木、新木、介良通、文珠通、高須、県立美術館通、西高須
0%
東新上若大十藤 東小浜、新平野、上中、若狭有田、大鳥羽、十村、藤井
0%
東新西中梅淀本 東三国、新大阪、西中島南方、中津、梅田、淀屋橋、本町
0%
東新富呉小越高 東富山、新富山口、富山、呉羽、小杉、越中大門、高岡
0%
東新豊今美令行 東犀川三四郎、新豊津、豊津、今川河童、美夜古泉、令和コスタ行橋、行橋
0%
東新野東江長三 東新町、新城、野田城、東上、江島、長山、三河一宮
0%
東水滑東魚黒生 東富山、水橋、滑川、東滑川、魚津、黒部、生地
0%
東清尼森大矢守 東大手、清水、尼ヶ坂、森下、大曽根、矢田、守山自衛隊前
0%
東西伊青伊美桔 東青山、西青山、伊賀上津、青山町、伊賀神戸、美旗、桔梗が丘
0%
東西御松松調前 東田平、西木場、御厨、松浦発電所前、松浦、調川、前浜
0%
東西真梅淵綾高 東舞鶴、西舞鶴、真倉、梅迫、淵垣、綾部、高津
0%
東西大牧高鶴大 東別府、西大分、大分、牧、高城、鶴崎、大在
0%
東西長西大水上 東向日、西向日、長岡天神、西山天王山、大山崎、水無瀬、上牧
0%
東西二新須丸新 東枇杷島、西枇杷島、二ツ杁、新川橋、須ヶ口、丸ノ内、新清洲
0%
東西播別浜尾高 東二見、西二見、播磨町、別府、浜の宮、尾上の松、高砂
0%
東青日青津船徳 東青原、青原、日原、青野山、津和野、船平山、徳佐
0%
東前東東競井赤 東八町、前畑、東田坂上、東田、競輪場前、井原、赤岩口
0%
東前東豊市札新 東田坂上、前畑、東八町、豊橋公園前、市役所前、札木、新川
0%
東多公東あお木 東多良木、多良木、公立病院前、東免田、あさぎり、おかどめ幸福、木上
0%
東大笠里鴨金新 東福山、大門、笠岡、里庄、鴨方、金光、新倉敷
0%
東大新田郵柳西 東中央町、大雲寺前、新西大寺町筋、田町、郵便局前、柳川、西川緑道公園
0%
東大西大邑長香 東岡山、大多羅、西大寺、大富、邑久、長船、香登
0%
東大本長高道西 東園、大草、本川内、長与、高田、道ノ尾、西浦上
0%
東滝山須山須月 東垂水、滝の茶屋、山陽塩屋、須磨浦公園、山陽須磨、須磨寺、月見山
0%
東男美藤名本名 東岡崎、男川、美合、藤川、名電山中、本宿、名電長沢
0%
東池三柿三湯三 東栄、池場、三河川合、柿平、三河槙原、湯谷温泉、三河大野
0%
東筑希筑楠新木 東中間、筑豊中間、希望が丘高校前、筑豊香月、楠橋、新木屋瀬、木屋瀬
0%
東茶三大鳥長本 東新町、茶臼山、三河東郷、大海、鳥居、長篠城、本長篠
0%
東中た西す江高 東田平、中田平、たびら平戸口、西田平、すえたちばな、江迎鹿町、高岩
0%
東中新第庄六中 東新湊、中新湊、新町口、第一イン新湊 クロスベイ前、庄川口、六渡寺、中伏木
0%
東中多厳岩相本 東多久、中多久、多久、厳木、岩屋、相知、本牟田部
0%
東中筑鞍筑新直 東水巻、中間、筑前垣生、鞍手、筑前植木、新入、直方
0%
東中天都野関千 東梅田、中崎町、天神橋筋六丁目、都島、野江内代、関目高殿、千林大宮
0%
東鳥伏龍藤墨丹 東福寺、鳥羽街道、伏見稲荷、龍谷大前深草、藤森、墨染、丹波橋
0%
東津院美坪美美 東津山、津山、院庄、美作千代、坪井、美作追分、美作落合
0%
東追越越福新福 東藤島、追分口、越前新保、越前開発、福井口、新福井、福井
0%
東通西三永今森 東中間、通谷、西山、三ヶ森、永犬丸、今池、森下
0%
東塚東住住細安 東玉出、塚西、東粉浜、住吉、住吉鳥居前、細井川、安立町
0%
東塚東天聖北松 東粉浜、塚西、東玉出、天神ノ森、聖天坂、北天下茶屋、松田町
0%
東天聖北松今今 東玉出、天神ノ森、聖天坂、北天下茶屋、松田町、今船、今池
0%
東田鹿舟北領清 東新木、田辺島通、鹿児、舟戸、北浦、領石通、清和学園前
0%
東電電経新電西 東三日市、電鉄黒部、電鉄石田、経田、新魚津、電鉄魚津、西魚津
0%
東都川高日佐日 東都農、都農、川南、高鍋、日向新富、佐土原、日向住吉
0%
東砺油戸林二新 東野尻、砺波、油田、戸出、林、二塚、新高岡
0%
東東下久和信北 東貝塚、東岸和田、下松、久米田、和泉府中、信太山、北信太
0%
東東赤教海遠水 東福間、東郷、赤間、教育大前、海老津、遠賀川、水巻
0%
東東前東豊市札 東田、東田坂上、前畑、東八町、豊橋公園前、市役所前、札木
0%
東東福千古し新 東郷、東福間、福間、千鳥、古賀、ししぶ、新宮中央
0%
東東和東熊日長 東岸和田、東貝塚、和泉橋本、東佐野、熊取、日根野、長滝
0%
東南天谷谷谷四 東梅田、南森町、天満橋、谷町四丁目、谷町六丁目、谷町九丁目、四天王寺前夕陽ヶ丘
0%
東虹浜鹿福大筑 東唐津、虹ノ松原、浜崎、鹿家、福吉、大入、筑前深江
0%
東播千西三播佐 東觜崎、播磨新宮、千本、西栗栖、三日月、播磨徳久、佐用
0%
東萩玉三飯長長 東萩、萩、玉江、三見、飯井、長門三隅、長門市
0%
東伯淀大名御下 東山公園、伯耆大山、淀江、大山口、名和、御来屋、下市
0%
東博祇中天赤大 東比恵、博多、祇園、中洲川端、天神、赤坂、大濠公園
0%
東半乙亀東石緒 東成岩、半田、乙川、亀崎、東浦、石浜、緒川
0%
東飯阿飯極岩花 東野、飯沼、阿木、飯羽間、極楽、岩村、花白温泉
0%
東肥小湯長小肥 東諫早、肥前長田、小江、湯江、長里、小長井、肥前大浦
0%
東備内小道備比 東城、備後八幡、内名、小奴可、道後山、備後落合、比婆山
0%
東美気三藤十大 東美浜、美浜、気山、三方、藤井、十村、大鳥羽
0%
東美西勝林楢美 東津山、美作大崎、西勝間田、勝間田、林野、楢原、美作江見
0%
東美南財日門土 東都農、美々津、南日向、財光寺、日向市、門川、土々呂
0%
東瓢枚額石生東 東花園、瓢箪山、枚岡、額田、石切、生駒、東生駒
0%
東富学菖大新近 東生駒、富雄、学園前、菖蒲池、大和西大寺、新大宮、近鉄奈良
0%
東服足備吉備大 東総社、服部、足守、備中高松、吉備津、備前一宮、大安寺
0%
東福高東砺油戸 東石黒、福野、高儀、東野尻、砺波、油田、戸出
0%
東福千古し新福 東福間、福間、千鳥、古賀、ししぶ、新宮中央、福工大前
0%
東平加久八志柏 東部市場前、平野、加美、久宝寺、八尾、志紀、柏原
0%
東平工有国具中 東宿毛、平田、工業団地、有岡、国見、具同、中村
0%
東豊市札新駅駅 東八町、豊橋公園前、市役所前、札木、新川、駅前大通、駅前
0%
東北室大西美友 東赤坂、北大垣、室、大垣、西大垣、美濃青柳、友江
0%
東北姫帝帝神住 東天下茶屋、北畠、姫松、帝塚山三丁目、帝塚山四丁目、神ノ木、住吉
0%
東本覚池今千新 東山公園、本山、覚王山、池下、今池、千種、新栄町
0%
東門中小西県城 東山・おかでんミュージアム駅、門田屋敷、中納言、小橋、西大寺町・岡山芸術創造劇場ハレノワ前、県庁通り、城下
0%
東野刈逢大共南 東刈谷、野田新町、刈谷、逢妻、大府、共和、南大高
0%
東野新東茶三大 東上、野田城、新城、東新町、茶臼山、三河東郷、大海
0%
東野矢市坂備布 東城、野馳、矢神、市岡、坂根、備中神代、布原
0%
東洛桂西西大烏 東向日、洛西口、桂、西京極、西院、大宮、烏丸
0%
東里楠鳴久波浦 東山代、里、楠久、鳴石、久原、波瀬、浦ノ崎
0%
東竜武光三原肥 東海学園前、竜田口、武蔵塚、光の森、三里木、原水、肥後大津
0%
東和東東下久和 東佐野、和泉橋本、東貝塚、東岸和田、下松、久米田、和泉府中
0%
東諫西喜市肥現 東諫早、諫早、西諫早、喜々津、市布、肥前古賀、現川
0%
桃久南津津江高 桃園、久居、南が丘、津新町、津、江戸橋、高田本山
0%
桃近伏竹上十東 桃山御陵前、近鉄丹波橋、伏見、竹田、上鳥羽口、十条、東寺
0%
桃向小伊大久寺 桃山御陵前、向島、小倉、伊勢田、大久保、久津川、寺田
0%
桃寺天新今芦大 桃谷、寺田町、天王寺、新今宮、今宮、芦原橋、大正
0%
桃鶴玉森大京桜 桃谷、鶴橋、玉造、森ノ宮、大阪城公園、京橋、桜ノ宮
0%
桃肥大駒佐西肥 桃川、肥前長野、大川野、駒鳴、佐里、西相知、肥前久保
0%
湯宇長滝特阿長 湯玉、宇賀本郷、長門二見、滝部、特牛、阿川、長門粟野
0%
湯温石黒浅江都 湯里、温泉津、石見福光、黒松、浅利、江津、都野津
0%
湯御子い井早小 湯野、御領、子守唄の里高屋、いずえ、井原、早雲の里荏原、小田
0%
湯広紀紀御道和 湯浅、広川ビーチ、紀伊由良、紀伊内原、御坊、道成寺、和佐
0%
湯佐海肥た上肥 湯浦、佐敷、海浦、肥後田浦、たのうら御立岬公園、上田浦、肥後二見
0%
湯三柿三池東出 湯谷温泉、三河槙原、柿平、三河川合、池場、東栄、出馬
0%
湯三本長鳥大三 湯谷温泉、三河大野、本長篠、長篠城、鳥居、大海、三河東郷
0%
湯山上宮仁篠長 湯田温泉、山口、上山口、宮野、仁保、篠目、長門峡
0%
湯市神串木隈川 湯之元、市来、神村学園前、串木野、木場茶屋、隈之城、川内
0%
湯洲母木八み大 湯の洞温泉口、洲原、母野、木尾、八坂、みなみ子宝温泉、大矢
0%
湯小川黒梅吉福 湯玉、小串、川棚温泉、黒井村、梅ケ峠、吉見、福江
0%
湯小肥東諫西喜 湯江、小江、肥前長田、東諫早、諫早、西諫早、喜々津
0%
湯庄天小鬼向豊 湯平、庄内、天神山、小野屋、鬼瀬、向之原、豊後国分
0%
湯新東多公東あ 湯前、新鶴羽、東多良木、多良木、公立病院前、東免田、あさぎり
0%
湯太下紀紀古紀 湯川、太地、下里、紀伊浦神、紀伊田原、古座、紀伊姫
0%
湯大中菰桜高伊 湯の山温泉、大羽根園、中菰野、菰野、桜、高角、伊勢川島
0%
湯長小肥多肥肥 湯江、長里、小長井、肥前大浦、多良、肥前飯田、肥前七浦
0%
湯津新水袋米出 湯浦、津奈木、新水俣、水俣、袋、米ノ津、出水
0%
湯東伊薩上広鹿 湯之元、東市来、伊集院、薩摩松元、上伊集院、広木、鹿児島中央
0%
湯藤紀箕初下加 湯浅、藤並、紀伊宮原、箕島、初島、下津、加茂郷
0%
湯道万駅近戸上 湯田村、道上、万能倉、駅家、近田、戸手、上戸手
0%
湯南王武鯖北大 湯尾、南条、王子保、武生、鯖江、北鯖江、大土呂
0%
湯南由野豊引恵 湯平、南由布、由布院、野矢、豊後中村、引治、恵良
0%
湯馬仁五静大久 湯里、馬路、仁万、五十猛、静間、大田市、久手
0%
湯梅美松関関関 湯の洞温泉口、梅山、美濃市、松森、関下有知、関市役所前、関
0%
当二二上駒古道 当麻寺、二上神社口、二上山、上ノ太子、駒ヶ谷、古市、道明寺
0%
当磐尺高浮坊橿 当麻寺、磐城、尺土、高田市、浮孔、坊城、橿原神宮西口
0%
等龍妙御宇鳴常 等持院・立命館大学衣笠キャンパス前、龍安寺、妙心寺、御室仁和寺、宇多野、鳴滝、常盤
0%
筒平フ結石田笠 筒井、平端、ファミリー公園前、結崎、石見、田原本、笠縫
0%
藤紀箕初下加冷 藤並、紀伊宮原、箕島、初島、下津、加茂郷、冷水浦
0%
藤高恵河高布河 藤井寺、高鷲、恵我ノ荘、河内松原、高見ノ里、布忍、河内天美
0%
藤黒北亀八堀新 藤崎宮前、黒髪町、北熊本、亀井、八景水谷、堀川、新須屋
0%
藤三気美東粟西 藤井、三方、気山、美浜、東美浜、粟野、西敦賀
0%
藤十大若上新東 藤井、十村、大鳥羽、若狭有田、上中、新平野、東小浜
0%
藤勝青木七甚須 藤浪、勝幡、青塚、木田、七宝、甚目寺、須ヶ口
0%
藤西唐大赤天中 藤崎、西新、唐人町、大濠公園、赤坂、天神、中洲川端
0%
藤中江西山東西 藤江、中八木、江井ヶ島、西江井ヶ島、山陽魚住、東二見、西二見
0%
藤中市ふ赤人金 藤棚、中泉、市場、ふれあい生力、赤池、人見、金田
0%
藤津河星寝忍四 藤阪、津田、河内磐船、星田、寝屋川公園、忍ケ丘、四条畷
0%
藤通由神大柳柳 藤生、通津、由宇、神代、大畠、柳井港、柳井
0%
藤土道古駒上二 藤井寺、土師ノ里、道明寺、古市、駒ヶ谷、上ノ太子、二上山
0%
藤湯広紀紀御道 藤並、湯浅、広川ビーチ、紀伊由良、紀伊内原、御坊、道成寺
0%
藤美男東岡矢宇 藤川、美合、男川、東岡崎、岡崎公園前、矢作橋、宇頭
0%
藤墨丹伏中淀石 藤森、墨染、丹波橋、伏見桃山、中書島、淀、石清水八幡宮
0%
藤本上一星東本 藤が丘、本郷、上社、一社、星ヶ丘、東山公園、本山
0%
藤名本名名御国 藤川、名電山中、本宿、名電長沢、名電赤坂、御油、国府
0%
藤龍伏鳥東七清 藤森、龍谷大前深草、伏見稲荷、鳥羽街道、東福寺、七条、清水五条
0%
藤林西山人大西 藤江、林崎松江海岸、西新町、山陽明石、人丸前、大蔵谷、西舞子
0%
陶愛公芸長杁は 陶磁資料館南、愛・地球博記念公園、公園西、芸大通、長久手古戦場、杁ヶ池公園、はなみずき通
0%
陶綾滝羽栗岡羽 陶、綾川、滝宮、羽床、栗熊、岡田、羽間
0%
陶畑挿岡円一空 陶、畑田、挿頭丘、岡本、円座、一宮、空港通り
0%
動粟小明能小美 動橋、粟津、小松、明峰、能美根上、小舞子、美川
0%
動恵日長堺北南 動物園前、恵美須町、日本橋、長堀橋、堺筋本町、北浜、南森町
0%
動健神八商市水 動植物園入口、健軍校前、神水交差点、八丁馬場、商業高校前、市立体育館前、水前寺公園
0%
動大な心本淀梅 動物園前、大国町、なんば、心斎橋、本町、淀屋橋、梅田
0%
動天昭西長あ北 動物園前、天王寺、昭和町、西田辺、長居、あびこ、北花田
0%
同京大松長藤津 同志社前、京田辺、大住、松井山手、長尾、藤阪、津田
0%
道古駒上二二当 道明寺、古市、駒ヶ谷、上ノ太子、二上山、二上神社口、当麻寺
0%
道御紀紀広湯藤 道成寺、御坊、紀伊内原、紀伊由良、広川ビーチ、湯浅、藤並
0%
道三新広相藍草 道場、三田、新三田、広野、相野、藍本、草野
0%
道小内備東野矢 道後山、小奴可、内名、備後八幡、東城、野馳、矢神
0%
道曽陽四乙額馬 道法寺、曽谷、陽羽里、四十万、乙丸、額住宅前、馬替
0%
道大大柴名聚新 道徳、大江、大同町、柴田、名和、聚楽園、新日鉄前
0%
道土藤高恵河高 道明寺、土師ノ里、藤井寺、高鷲、恵我ノ荘、河内松原、高見ノ里
0%
道道南上警勝大 道後温泉、道後公園、南町、上一万、警察署前、勝山町、大街道
0%
道南上警勝大県 道後公園、南町、上一万、警察署前、勝山町、大街道、県庁前
0%
道備比備平高備 道後山、備後落合、比婆山、備後西城、平子、高、備後庄原
0%
道武西生宝中川 道場、武田尾、西宮名塩、生瀬、宝塚、中山寺、川西池田
0%
道万駅近戸上新 道上、万能倉、駅家、近田、戸手、上戸手、新市
0%
道和稲印切岩南 道成寺、和佐、稲原、印南、切目、岩代、南部
0%
徳阿二文地中南 徳島、阿波富田、二軒屋、文化の森、地蔵橋、中田、南小松島
0%
徳塩西江開西倉 徳益、塩塚、西鉄中島、江の浦、開、西鉄渡瀬、倉永
0%
徳櫛下光島岩田 徳山、櫛ケ浜、下松、光、島田、岩田、田布施
0%
徳櫛周生周大勝 徳山、櫛ケ浜、周防花岡、生野屋、周防久保、大河内、勝間
0%
徳郡万上大大美 徳永、郡上大和、万場、上万場、大中、大島、美濃白鳥
0%
徳佐蔵鮎府石下 徳島、佐古、蔵本、鮎喰、府中、石井、下浦
0%
徳山自郡相深赤 徳永、山田、自然園前、郡上八幡、相生、深戸、赤池
0%
徳松六高阿津一 徳和、松阪、六軒、高茶屋、阿漕、津、一身田
0%
徳新広東三新福 徳山、新岩国、広島、東広島、三原、新尾道、福山
0%
徳新福戸富防大 徳山、新南陽、福川、戸田、富海、防府、大道
0%
徳神相鳴野鶴桜 徳重、神沢、相生山、鳴子北、野並、鶴里、桜本町
0%
徳西上中下東栄 徳重・名古屋芸大、西春、上小田井、中小田井、下小田井、東枇杷島、栄生
0%
徳西矢蒲八大犬 徳益、西鉄柳川、矢加部、蒲池、八丁牟田、大溝、犬塚
0%
徳船津青日青東 徳佐、船平山、津和野、青野山、日原、青原、東青原
0%
徳多相佐栃川三 徳和、多気、相可、佐奈、栃原、川添、三瀬谷
0%
徳大岩石布江柏 徳重・名古屋芸大、大山寺、岩倉、石仏、布袋、江南、柏森
0%
徳徳守競北城片 徳力嵐山口、徳力公団前、守恒、競馬場前、北方、城野、片野
0%
徳鍋地名三渡長 徳佐、鍋倉、地福、名草、三谷、渡川、長門峡
0%
徳能良能金千羽 徳田、能登二宮、良川、能登部、金丸、千路、羽咋
0%
徳八安隼因八郡 徳丸、八東、安部、隼、因幡船岡、八頭高校前、郡家
0%
特阿長伊人長黄 特牛、阿川、長門粟野、伊上、人丸、長門古市、黄波戸
0%
特滝長宇湯小川 特牛、滝部、長門二見、宇賀本郷、湯玉、小串、川棚温泉
0%
栃浦下下愛内音 栃屋、浦山、下立口、下立、愛本、内山、音沢
0%
栃佐相多徳松六 栃原、佐奈、相可、多気、徳和、松阪、六軒
0%
栃若舌新長荻東 栃屋、若栗、舌山、新黒部、長屋、荻生、東三日市
0%
栃川三滝阿伊大 栃原、川添、三瀬谷、滝原、阿曽、伊勢柏崎、大内山
0%
敦越福芦加小金 敦賀、越前たけふ、福井、芦原温泉、加賀温泉、小松、金沢
0%
敦新近余木高河 敦賀、新疋田、近江塩津、余呉、木ノ本、高月、河毛
0%
敦西粟東美気三 敦賀、西敦賀、粟野、東美浜、美浜、気山、三方
0%
敦南今湯南王武 敦賀、南今庄、今庄、湯尾、南条、王子保、武生
0%
奈京帯櫟天長柳 奈良、京終、帯解、櫟本、天理、長柄、柳本
0%
奈郡大法王三河 奈良、郡山、大和小泉、法隆寺、王寺、三郷、河内堅上
0%
奈長越東萩玉三 奈古、長門大井、越ケ浜、東萩、萩、玉江、三見
0%
奈田安唐下伊安 奈半利、田野、安田、唐浜、下山、伊尾木、安芸
0%
奈平木上棚玉山 奈良、平城山、木津、上狛、棚倉、玉水、山城多賀
0%
奈木宇須江飯戸 奈古、木与、宇田郷、須佐、江崎、飯浦、戸田小浜
0%
那一球白吉海瀬 那良口、一勝地、球泉洞、白石、吉尾、海路、瀬戸石
0%
那紀紀湯太下紀 那智、紀伊天満、紀伊勝浦、湯川、太地、下里、紀伊浦神
0%
那蘇各鵜坂美古 那加、蘇原、各務ケ原、鵜沼、坂祝、美濃太田、古井
0%
那渡西人大矢真 那良口、渡、西人吉、人吉、大畑、矢岳、真幸
0%
那土智因用鷹国 那岐、土師、智頭、因幡社、用瀬、鷹狩、国英
0%
那美知美三美高 那岐、美作河井、知和、美作加茂、三浦、美作滝尾、高野
0%
内阿い宮波滝豊 内牧、阿蘇、いこいの村、宮地、波野、滝水、豊後荻
0%
内愛下下浦栃若 内山、愛本、下立、下立口、浦山、栃屋、若栗
0%
内粟蚊北大三三 内灘、粟ヶ崎、蚊爪、北間、大河端、三ツ屋、三口
0%
内市赤立瀬肥原 内牧、市ノ川、赤水、立野、瀬田、肥後大津、原水
0%
内小伊北内飫日 内海、小内海、伊比井、北郷、内之田、飫肥、日南
0%
内小追泊南日赤 内部、小古曽、追分、泊、南日永、日永、赤堀
0%
内小道備比備平 内名、小奴可、道後山、備後落合、比婆山、備後西城、平子
0%
内赤油源崎犀東 内田、赤、油須原、源じいの森、崎山、犀川、東犀川三四郎
0%
内折青子曽運木 内海、折生迫、青島、子供の国、曽山寺、運動公園、木花
0%
内備東野矢市坂 内名、備後八幡、東城、野馳、矢神、市岡、坂根
0%
内北伊小内折青 内之田、北郷、伊比井、小内海、内海、折生迫、青島
0%
内飫日油大南谷 内之田、飫肥、日南、油津、大堂津、南郷、谷之口
0%
灘摩六住摂甲芦 灘、摩耶、六甲道、住吉、摂津本山、甲南山手、芦屋
0%
鍋バ久牛江肥肥 鍋島、バルーンさが、久保田、牛津、江北、肥前白石、肥前竜王
0%
鍋バ久小東中多 鍋島、バルーンさが、久保田、小城、東多久、中多久、多久
0%
鍋高神谷木織本 鍋原、高科、神海、谷汲口、木知原、織部、本巣
0%
鍋佐伊神吉中肥 鍋島、佐賀、伊賀屋、神埼、吉野ケ里公園、中原、肥前麓
0%
鍋地名三渡長篠 鍋倉、地福、名草、三谷、渡川、長門峡、篠目
0%
鍋徳船津青日青 鍋倉、徳佐、船平山、津和野、青野山、日原、青原
0%
楢林勝西美東津 楢原、林野、勝間田、西勝間田、美作大崎、東津山、津山
0%
南あ藤中市ふ赤 南直方御殿口、あかぢ、藤棚、中泉、市場、ふれあい生力、赤池
0%
南フポポ中トコ 南港東、フェリーターミナル、ポートタウン東、ポートタウン西、中ふ頭、トレードセンター前、コスモスクエア
0%
南阿中南阿加長 南阿蘇白川水源、阿蘇白川、中松、南阿蘇水の生まれる里白水高原、阿蘇下田城、加勢、長陽
0%
南阿立羽西阿阿 南小松島、阿波赤石、立江、羽ノ浦、西原、阿波中島、阿南
0%
南旭土門日財南 南延岡、旭ケ丘、土々呂、門川、日向市、財光寺、南日向
0%
南茨総富高上水 南茨木、茨木市、総持寺、富田、高槻市、上牧、水無瀬
0%
南宇谷慈坂五平 南鹿児島、宇宿、谷山、慈眼寺、坂之上、五位野、平川
0%
南宇万山千少柴 南茨木、宇野辺、万博記念公園、山田、千里中央、少路、柴原阪大前
0%
南王武鯖北大越 南条、王子保、武生、鯖江、北鯖江、大土呂、越前花堂
0%
南加清日田青山 南宮崎、加納、清武、日向沓掛、田野、青井岳、山之口
0%
南加幡出南木日 南宍道、加茂中、幡屋、出雲大東、南大東、木次、日登
0%
南河稲能安近篠 南彦根、河瀬、稲枝、能登川、安土、近江八幡、篠原
0%
南賀豊向鬼小天 南大分、賀来、豊後国分、向之原、鬼瀬、小野屋、天神山
0%
南皆皆広県宇宇 南区役所前、皆実町二丁目、皆実町六丁目、広大附属学校前、県病院前、宇品二丁目、宇品三丁目
0%
南岩切印稲和道 南部、岩代、切目、印南、稲原、和佐、道成寺
0%
南久御善筑田筑 南久留米、久留米大学前、御井、善導寺、筑後草野、田主丸、筑後吉井
0%
南宮宮蓮日佐日 南宮崎、宮崎、宮崎神宮、蓮ケ池、日向住吉、佐土原、日向新富
0%
南共大逢刈野東 南大高、共和、大府、逢妻、刈谷、野田新町、東刈谷
0%
南近京大三び島 南滋賀、近江神宮前、京阪大津京、大津市役所前、三井寺、びわ湖浜大津、島ノ関
0%
南古草藍相広新 南矢代、古市、草野、藍本、相野、広野、新三田
0%
南荒大銀吉渡南 南荒尾、荒尾、大牟田、銀水、吉野、渡瀬、南瀬高
0%
南行小苅朽下安 南行橋、行橋、小波瀬西工大前、苅田、朽網、下曽根、安部山公園
0%
南行北椋南清根 南河内、行波、北河内、椋野、南桑、清流みはらし、根笠
0%
南高芦植向大老 南栄、高師、芦原、植田、向ヶ丘、大清水、老津
0%
南財日門土旭南 南日向、財光寺、日向市、門川、土々呂、旭ケ丘、南延岡
0%
南桜堀碧南北新 南桜井、桜井、堀内公園、碧海古井、南安城、北安城、新安城
0%
南四富富朝桑長 南四日市、四日市、富田浜、富田、朝日、桑名、長島
0%
南市県大勝警上 南堀端、市役所前、県庁前、大街道、勝山町、警察署前、上一万
0%
南春大水都二天 南福岡、春日、大野城、水城、都府楼南、二日市、天拝山
0%
南小雀長妻居宇 南小野田、小野田港、雀田、長門長沢、妻崎、居能、宇部新川
0%
南小川彼千松大 南風崎、小串郷、川棚、彼杵、千綿、松原、大村車両基地
0%
南上警勝大県市 南町、上一万、警察署前、勝山町、大街道、県庁前、市役所前
0%
南城安下朽苅小 南小倉、城野、安部山公園、下曽根、朽網、苅田、小波瀬西工大前
0%
南城石志志石呼 南小倉、城野、石田、志井公園、志井、石原町、呼野
0%
南新築椎豊宇三 南行橋、新田原、築城、椎田、豊前松江、宇島、三毛門
0%
南崇淡上相正摂 南方、崇禅寺、淡路、上新庄、相川、正雀、摂津市
0%
南瀬石膳大山京 南草津、瀬田、石山、膳所、大津、山科、京都
0%
南瀬筑羽西荒久 南瀬高、瀬高、筑後船小屋、羽犬塚、西牟田、荒木、久留米
0%
南摂正相上淡崇 南茨木、摂津市、正雀、相川、上新庄、淡路、崇禅寺
0%
南摂沢南宇万山 南摂津、摂津、沢良宜、南茨木、宇野辺、万博記念公園、山田
0%
南千関豊吹下淡 南千里、千里山、関大前、豊津、吹田、下新庄、淡路
0%
南草栗守野篠近 南草津、草津、栗東、守山、野洲、篠原、近江八幡
0%
南大笠熱金尾名 南大高、大高、笠寺、熱田、金山、尾頭橋、名古屋
0%
南大堀小西広上 南富山駅前、大町、堀川小泉、小泉町、西中野、広貫堂前、上本町
0%
南谷榎日日串福 南郷、谷之口、榎原、日向大束、日向北方、串間、福島今町
0%
南中港荒稲野金 南荒子、中島、港北、荒子川公園、稲永、野跡、金城ふ頭
0%
南中地文二阿徳 南小松島、中田、地蔵橋、文化の森、二軒屋、阿波富田、徳島
0%
南朝上小布開月 南富山、朝菜町、上堀、小杉、布市、開発、月岡
0%
南長大玉肥木田 南荒尾、長洲、大野下、玉名、肥後伊倉、木葉、田原坂
0%
南津津江高白豊 南が丘、津新町、津、江戸橋、高田本山、白塚、豊津上野
0%
南鶴長我杉浅堺 南田辺、鶴ケ丘、長居、我孫子町、杉本町、浅香、堺市
0%
南天谷谷谷四天 南森町、天満橋、谷町四丁目、谷町六丁目、谷町九丁目、四天王寺前夕陽ヶ丘、天王寺
0%
南田坂落中美恵 南木曽、田立、坂下、落合川、中津川、美乃坂本、恵那
0%
南田南木運曽子 南宮崎、田吉、南方、木花、運動公園、曽山寺、子供の国
0%
南渡吉銀大荒南 南瀬高、渡瀬、吉野、銀水、大牟田、荒尾、南荒尾
0%
南東中天都野関 南森町、東梅田、中崎町、天神橋筋六丁目、都島、野江内代、関目高殿
0%
南湯庄天小鬼向 南由布、湯平、庄内、天神山、小野屋、鬼瀬、向之原
0%
南藤通由神大柳 南岩国、藤生、通津、由宇、神代、大畠、柳井港
0%
南南フポポ中ト 南港口、南港東、フェリーターミナル、ポートタウン東、ポートタウン西、中ふ頭、トレードセンター前
0%
南南小雀長妻居 南中川、南小野田、小野田港、雀田、長門長沢、妻崎、居能
0%
南二宇脇笹上谷 南鹿児島駅前、二軒茶屋、宇宿一丁目、脇田、笹貫、上塩屋、谷山
0%
南萩東元平竜勢 南生駒、萩の台、東山、元山上口、平群、竜田川、勢野北口
0%
南八巽白坂阿植 南加木屋、八幡新田、巽ヶ丘、白沢、坂部、阿久比、植大
0%
南比比段的猿広 南区役所前、比治山橋、比治山下、段原一丁目、的場町、猿猴橋町、広島駅
0%
南美重於渋長板 南大嶺、美祢、重安、於福、渋木、長門湯本、板持
0%
南美東都川高日 南日向、美々津、東都農、都農、川南、高鍋、日向新富
0%
南敷宝免高横宇 南羽咋、敷浪、宝達、免田、高松、横山、宇野気
0%
南碧堀桜南米桜 南安城、碧海古井、堀内公園、桜井、南桜井、米津、桜町前
0%
南芳紀紀朝白紀 南部、芳養、紀伊田辺、紀伊新庄、朝来、白浜、紀伊富田
0%
南北堺長日恵動 南森町、北浜、堺筋本町、長堀橋、日本橋、恵美須町、動物園前
0%
南北小新今鶴谷 南巽、北巽、小路、新深江、今里、鶴橋、谷町九丁目
0%
南椋北行南守清 南桑、椋野、北河内、行波、南河内、守内かさ神、清流新岩国
0%
南木運曽子青折 南方、木花、運動公園、曽山寺、子供の国、青島、折生迫
0%
南木日下出出亀 南大東、木次、日登、下久野、出雲八代、出雲三成、亀嵩
0%
南由野豊引恵豊 南由布、由布院、野矢、豊後中村、引治、恵良、豊後森
0%
南涙郡鴨騎荒二 南鹿児島駅前、涙橋、郡元、鴨池、騎射場、荒田八幡、二中通
0%
楠筑希筑東通西 楠橋、筑豊香月、希望が丘高校前、筑豊中間、東中間、通谷、西山
0%
楠長箕伊千白鼓 楠、長太ノ浦、箕田、伊勢若松、千代崎、白子、鼓ヶ浦
0%
楠北塩海新近川 楠、北楠、塩浜、海山道、新正、近鉄四日市、川原町
0%
楠鳴久波浦福今 楠久、鳴石、久原、波瀬、浦ノ崎、福島口、今福
0%
難今新萩天岸帝 難波、今宮戎、新今宮、萩ノ茶屋、天下茶屋、岸里玉出、帝塚山
0%
難新天岸粉住住 難波、新今宮、天下茶屋、岸里玉出、粉浜、住吉大社、住ノ江
0%
二烏京三東蹴御 二条城前、烏丸御池、京都市役所前、三条京阪、東山、蹴上、御陵
0%
二円花太嵯保馬 二条、円町、花園、太秦、嵯峨嵐山、保津峡、馬堀
0%
二賀三九大尾相 二木島、賀田、三木里、九鬼、大曽根浦、尾鷲、相賀
0%
二苅観名西開奥 二子、苅安賀、観音寺、名鉄一宮、西一宮、開明、奥町
0%
二関大河安堅法 二上、関屋、大阪教育大前、河内国分、安堂、堅下、法善寺
0%
二近五築大松真 二上、近鉄下田、五位堂、築山、大和高田、松塚、真菅
0%
二熊祇呉河慶辛 二本木口、熊本駅前、祇園橋、呉服町、河原町、慶徳校前、辛島町
0%
二五伊山宮田外 二見浦、五十鈴ケ丘、伊勢市、山田上口、宮川、田丸、外城田
0%
二荒騎鴨郡涙南 二中通、荒田八幡、騎射場、鴨池、郡元、涙橋、南鹿児島駅前
0%
二三六各市新新 二十軒、三柿野、六軒、各務原市役所前、市民公園前、新那加、新加納
0%
二市二京木岩八 二ノ瀬、市原、二軒茶屋、京都精華大前、木野、岩倉、八幡前
0%
二指山大西薩東 二月田、指宿、山川、大山、西大山、薩摩川尻、東開聞
0%
二新須丸新大奥 二ツ杁、新川橋、須ヶ口、丸ノ内、新清洲、大里、奥田
0%
二新波大熊有神 二木島、新鹿、波田須、大泊、熊野市、有井、神志山
0%
二西東栄名山金 二ツ杁、西枇杷島、東枇杷島、栄生、名鉄名古屋、山王、金山
0%
二西八中東紀和 二里ヶ浜、西ノ庄、八幡前、中松江、東松江、紀ノ川、和歌山市
0%
二大深近出松吉 二名、大内、深田、近永、出目、松丸、吉野生
0%
二大大公下牧荒 二俣、大江高校前、大江、公庄、下天津、牧、荒河かしの木台
0%
二鶴井泉羽吉岡 二色浜、鶴原、井原里、泉佐野、羽倉崎、吉見ノ里、岡田浦
0%
二天原け基弥田 二日市、天拝山、原田、けやき台、基山、弥生が丘、田代
0%
二都水大春南笹 二日市、都府楼南、水城、大野城、春日、南福岡、笹原
0%
二当磐尺高浮坊 二上神社口、当麻寺、磐城、尺土、高田市、浮孔、坊城
0%
二二烏京三東蹴 二条、二条城前、烏丸御池、京都市役所前、三条京阪、東山、蹴上
0%
二二上駒古道土 二上神社口、二上山、上ノ太子、駒ヶ谷、古市、道明寺、土師ノ里
0%
二二当磐尺高浮 二上山、二上神社口、当麻寺、磐城、尺土、高田市、浮孔
0%
二萩玉山森上丸 二子、萩原、玉野、山崎、森上、上丸渕、丸渕
0%
二武新甲高天い 二中通、武之橋、新屋敷、甲東中学校前、高見馬場、天文館通、いづろ通
0%
二文地中南阿立 二軒屋、文化の森、地蔵橋、中田、南小松島、阿波赤石、立江
0%
二豊西愛三三蒲 二川、豊橋、西小坂井、愛知御津、三河大塚、三河三谷、蒲郡
0%
二林戸油砺東高 二塚、林、戸出、油田、砺波、東野尻、高儀
0%
尼高彦ひ彦鳥フ 尼子、高宮、彦根口、ひこね芹川、彦根、鳥居本、フジテック前
0%
尼出尼武鳴甲久 尼崎、出屋敷、尼崎センタープール前、武庫川、鳴尾・武庫川女子大前、甲子園、久寿川
0%
尼森大矢守瓢小 尼ヶ坂、森下、大曽根、矢田、守山自衛隊前、瓢箪山、小幡
0%
尼西九近筒平フ 尼ヶ辻、西ノ京、九条、近鉄郡山、筒井、平端、ファミリー公園前
0%
尼大杭千姫淀野 尼崎、大物、杭瀬、千船、姫島、淀川、野田
0%
尼大出福伝千西 尼崎、大物、出来島、福、伝法、千鳥橋、西九条
0%
尼塚猪伊北川中 尼崎、塚口、猪名寺、伊丹、北伊丹、川西池田、中山寺
0%
尼武鳴甲久今西 尼崎センタープール前、武庫川、鳴尾・武庫川女子大前、甲子園、久寿川、今津、西宮
0%
尼豊愛五河八長 尼子、豊郷、愛知川、五箇荘、河辺の森、八日市、長谷野
0%
尼立甲西さ芦甲 尼崎、立花、甲子園口、西宮、さくら夙川、芦屋、甲南山手
0%
虹浜鹿福大筑一 虹ノ松原、浜崎、鹿家、福吉、大入、筑前深江、一貴山
0%
廿宮阿宮前大玖 廿日市、宮内串戸、阿品、宮島口、前空、大野浦、玖波
0%
廿五新西横新広 廿日市、五日市、新井口、西広島、横川、新白島、広島
0%
廿広山楽佐広修 廿日市市役所前(平良)、広電廿日市、山陽女学園前、楽々園、佐伯区役所前、広電五日市、修大協創中高前
0%
日な桜西阿玉野 日本橋、なんば、桜川、西長堀、阿波座、玉川、野田阪神
0%
日伊備西伊香長 日生、伊里、備前片上、西片上、伊部、香登、長船
0%
日榎谷南大油日 日向大束、榎原、谷之口、南郷、大堂津、油津、日南
0%
日岡土西佐襟斗 日下、岡花、土佐加茂、西佐川、佐川、襟野々、斗賀野
0%
日下出出亀出八 日登、下久野、出雲八代、出雲三成、亀嵩、出雲横田、八川
0%
日寒備天播坂西 日生、寒河、備前福河、天和、播州赤穂、坂越、西相生
0%
日熊東和東東下 日根野、熊取、東佐野、和泉橋本、東貝塚、東岸和田、下松
0%
日光夜筑う筑田 日田、光岡、夜明、筑後大石、うきは、筑後吉井、田主丸
0%
日広御皆広県宇 日赤病院前、広電本社前、御幸橋、皆実町六丁目、広大附属学校前、県病院前、宇品二丁目
0%
日高広小西ええ 日向前田、高原、広原、小林、西小林、えびの飯野、えびの上江
0%
日高川都東美南 日向新富、高鍋、川南、都農、東都農、美々津、南日向
0%
日豪総清倉中庭 日羽、豪渓、総社、清音、倉敷、中庄、庭瀬
0%
日佐日高川都東 日向住吉、佐土原、日向新富、高鍋、川南、都農、東都農
0%
日佐日蓮宮宮南 日向新富、佐土原、日向住吉、蓮ケ池、宮崎神宮、宮崎、南宮崎
0%
日財南美東都川 日向市、財光寺、南日向、美々津、東都農、都農、川南
0%
日山辺牟鯖浅阿 日和佐、山河内、辺川、牟岐、鯖瀬、浅川、阿波海南
0%
日小井道曽陽四 日御子、小柳、井口、道法寺、曽谷、陽羽里、四十万
0%
日小波伊枝朝高 日下、小村神社前、波川、伊野、枝川、朝倉、高知商業前
0%
日新大西蒲榎多 日長、新舞子、大野町、西ノ口、蒲池、榎戸、多屋
0%
日神竈交岡吉伊 日前宮、神前、竈山、交通センター前、岡崎前、吉礼、伊太祈曽
0%
日清加南宮宮蓮 日向沓掛、清武、加納、南宮崎、宮崎、宮崎神宮、蓮ケ池
0%
日青津船徳鍋地 日原、青野山、津和野、船平山、徳佐、鍋倉、地福
0%
日大杵中立西宇 日出、大神、杵築、中山香、立石、西屋敷、宇佐
0%
日大早三有上三 日宇、大塔、早岐、三河内、有田、上有田、三間坂
0%
日谷鶴今新小北 日本橋、谷町九丁目、鶴橋、今里、新深江、小路、北巽
0%
日谷万東高日高 日向庄内、谷頭、万ケ塚、東高崎、高崎新田、日向前田、高原
0%
日朝朝桜京大長 日野、朝日野、朝日大塚、桜川、京セラ前、大学前、長谷野
0%
日長古朝寺尾太 日長、長浦、古見、朝倉、寺本、尾張横須賀、太田川
0%
日長堺北南扇天 日本橋、長堀橋、堺筋本町、北浜、南森町、扇町、天神橋筋六丁目
0%
日長新和和山紀 日根野、長滝、新家、和泉砂川、和泉鳥取、山中渓、紀伊
0%
日津町六渕丸上 日比野、津島、町方、六輪、渕高、丸渕、上丸渕
0%
日鍋高神谷木織 日当、鍋原、高科、神海、谷汲口、木知原、織部
0%
日八新中鷲太西 日華化学前、八ツ島、新田塚、中角、鷲塚針原、太郎丸エンゼルランド、西春江ハートピア
0%
日比新西滝滝社 日本へそ公園、比延、新西脇、西脇市、滝、滝野、社町
0%
日肥上た肥海佐 日奈久温泉、肥後二見、上田浦、たのうら御立岬公園、肥後田浦、海浦、佐敷
0%
日美備備木備方 日羽、美袋、備中広瀬、備中高梁、木野山、備中川面、方谷
0%
日表中嘉霧植大 日当山、表木山、中福良、嘉例川、霧島温泉、植村、大隅横川
0%
日福田西ま福新 日華化学前、福大前西福井、田原町、西別院、まつもと町屋、福井口、新福井
0%
日米黒三浄上梅 日進、米野木、黒笹、三好ヶ丘、浄水、上豊田、梅坪
0%
日豊豊天杉北豊 日田、豊後三芳、豊後中川、天ケ瀬、杉河内、北山田、豊後森
0%
日北延南旭土門 日向長井、北延岡、延岡、南延岡、旭ケ丘、土々呂、門川
0%
日北市宗重直直 日向長井、北川、市棚、宗太郎、重岡、直川、直見
0%
日北木田由阿新 日和佐、北河内、木岐、田井ノ浜、由岐、阿波福井、新野
0%
日木南出幡加南 日登、木次、南大東、出雲大東、幡屋、加茂中、南宍道
0%
日門土旭南延北 日向市、門川、土々呂、旭ケ丘、南延岡、延岡、北延岡
0%
日油大南谷榎日 日南、油津、大堂津、南郷、谷之口、榎原、日向大束
0%
日蓮宮宮南加清 日向住吉、蓮ケ池、宮崎神宮、宮崎、南宮崎、加納、清武
0%
日暘豊亀別別東 日出、暘谷、豊後豊岡、亀川、別府大学、別府、東別府
0%
日鍼胡下和安立 日吉、鍼灸大学前、胡麻、下山、和知、安栖里、立木
0%
日飫内北伊小内 日南、飫肥、内之田、北郷、伊比井、小内海、内海
0%
入頴西御石水頴 入野、頴娃、西頴娃、御領、石垣、水成川、頴娃大川
0%
入円旭高朝枝伊 入明、円行寺口、旭、高知商業前、朝倉、枝川、伊野
0%
入開東薩西大山 入野、開聞、東開聞、薩摩川尻、西大山、大山、山川
0%
入高薊土布土後 入明、高知、薊野、土佐一宮、布師田、土佐大津、後免
0%
入西生黒魚東滑 入善、西入善、生地、黒部、魚津、東滑川、滑川
0%
入白西西寺八瀬 入野、白市、西高屋、西条、寺家、八本松、瀬野
0%
忍四野住鴻徳放 忍ケ丘、四条畷、野崎、住道、鴻池新田、徳庵、放出
0%
忍寝星河津藤長 忍ケ丘、寝屋川公園、星田、河内磐船、津田、藤阪、長尾
0%
熱笠大南共大逢 熱田、笠寺、大高、南大高、共和、大府、逢妻
0%
熱金尾名枇清稲 熱田、金山、尾頭橋、名古屋、枇杷島、清洲、稲沢
0%
熱熱西金東上矢 熱田神宮伝馬町、熱田神宮西、西高蔵、金山、東別院、上前津、矢場町
0%
熱熱堀妙新瑞総 熱田神宮西、熱田神宮伝馬町、堀田、妙音通、新瑞橋、瑞穂運動場東、総合リハビリセンター
0%
熱堀妙新瑞総八 熱田神宮伝馬町、堀田、妙音通、新瑞橋、瑞穂運動場東、総合リハビリセンター、八事
0%
乃玉来宍荘直出 乃木、玉造温泉、来待、宍道、荘原、直江、出雲市
0%
乃松東揖荒安米 乃木、松江、東松江、揖屋、荒島、安来、米子
0%
能安近篠野守栗 能登川、安土、近江八幡、篠原、野洲、守山、栗東
0%
能宇横高免宝敷 能瀬、宇野気、横山、高松、免田、宝達、敷浪
0%
能金千羽南敷宝 能登部、金丸、千路、羽咋、南羽咋、敷浪、宝達
0%
能小美加西松野 能美根上、小舞子、美川、加賀笠間、西松任、松任、野々市
0%
能新吉中六庄第 能町口、新吉久、吉久、中伏木、六渡寺、庄川口、第一イン新湊 クロスベイ前
0%
能米新荻旭江市 能町口、米島口、新能町、荻布、旭ヶ丘、江尻、市民病院前
0%
能明小粟動加大 能美根上、明峰、小松、粟津、動橋、加賀温泉、大聖寺
0%
能良能金千羽南 能登二宮、良川、能登部、金丸、千路、羽咋、南羽咋
0%
農池高西水元木 農学部前、池戸、高田、西前田、水田、元山、木太東口
0%
播下下多美石美 播磨、下深谷、下野代、多度、美濃松山、石津、美濃山崎
0%
播三西千播東本 播磨徳久、三日月、西栗栖、千本、播磨新宮、東觜崎、本竜野
0%
播西東山西江中 播磨町、西二見、東二見、山陽魚住、西江井ヶ島、江井ヶ島、中八木
0%
播長播法田網粟 播磨横田、長、播磨下里、法華口、田原、網引、粟生
0%
播天備寒日伊備 播州赤穂、天和、備前福河、寒河、日生、伊里、備前片上
0%
播東本太余播姫 播磨新宮、東觜崎、本竜野、太市、余部、播磨高岡、姫路
0%
播別浜尾高荒伊 播磨町、別府、浜の宮、尾上の松、高砂、荒井、伊保
0%
播余太本東播千 播磨高岡、余部、太市、本竜野、東觜崎、播磨新宮、千本
0%
波伊枝朝高旭円 波川、伊野、枝川、朝倉、高知商業前、旭、円行寺口
0%
波浦福今鷹前調 波瀬、浦ノ崎、福島口、今福、鷹島口、前浜、調川
0%
波久下浜西周折 波子、久代、下府、浜田、西浜田、周布、折居
0%
波久大静五仁馬 波根、久手、大田市、静間、五十猛、仁万、馬路
0%
波久鳴楠里東伊 波瀬、久原、鳴石、楠久、里、東山代、伊万里
0%
波宮い阿内市赤 波野、宮地、いこいの村、阿蘇、内牧、市ノ川、赤水
0%
波敬都江浅黒石 波子、敬川、都野津、江津、浅利、黒松、石見福光
0%
波今伊伊伊壬玉 波止浜、今治、伊予富田、伊予桜井、伊予三芳、壬生川、玉之江
0%
波糸筑美加一筑 波多江、糸島高校前、筑前前原、美咲が丘、加布里、一貴山、筑前深江
0%
波小日岡土西佐 波川、小村神社前、日下、岡花、土佐加茂、西佐川、佐川
0%
波新二賀三九大 波田須、新鹿、二木島、賀田、三木里、九鬼、大曽根浦
0%
波石赤網肥住緑 波多浦、石打ダム、赤瀬、網田、肥後長浜、住吉、緑川
0%
波大伊菊浅大伊 波方、大西、伊予亀岡、菊間、浅海、大浦、伊予北条
0%
波大熊有神紀阿 波田須、大泊、熊野市、有井、神志山、紀伊市木、阿田和
0%
波滝豊玉豊朝緒 波野、滝水、豊後荻、玉来、豊後竹田、朝地、緒方
0%
波田小江出西出 波根、田儀、小田、江南、出雲神西、西出雲、出雲市
0%
波波今伊伊伊壬 波方、波止浜、今治、伊予富田、伊予桜井、伊予三芳、壬生川
0%
波波大伊菊浅大 波止浜、波方、大西、伊予亀岡、菊間、浅海、大浦
0%
馬額乙四陽曽道 馬替、額住宅前、乙丸、四十万、陽羽里、曽谷、道法寺
0%
馬亀並千八吉園 馬堀、亀岡、並河、千代川、八木、吉富、園部
0%
馬上本大金大北 馬田、上浦、本郷、大堰、金島、大城、北野
0%
馬上余高中米大 馬場崎町、上道、余子、高松町、中浜、米子空港、大篠津町
0%
馬仁五静大久波 馬路、仁万、五十猛、静間、大田市、久手、波根
0%
馬西蓮在星七穴 馬道、西別所、蓮花寺、在良、星川、七和、穴太
0%
馬湯温石黒浅江 馬路、湯里、温泉津、石見福光、黒松、浅利、江津
0%
馬保嵯太花円二 馬堀、保津峡、嵯峨嵐山、太秦、花園、円町、二条
0%
馬野野押新西野 馬替、野々市工大前、野々市、押野、新西金沢、西泉、野町
0%
梅紀三船相尾大 梅ケ谷、紀伊長島、三野瀬、船津、相賀、尾鷲、大曽根浦
0%
梅吉福安梶綾幡 梅ケ峠、吉見、福江、安岡、梶栗郷台地、綾羅木、幡生
0%
梅牛牛田見愛横 梅本、牛渕団地前、牛渕、田窪、見奈良、愛大医学部南口、横河原
0%
梅港三山西衣古 梅津寺、港山、三津、山西、西衣山、衣山、古町
0%
梅黒川小湯宇長 梅ケ峠、黒井村、川棚温泉、小串、湯玉、宇賀本郷、長門二見
0%
梅桟桟桟桟桟桟 梅の辻、桟橋通一丁目、桟橋通二丁目、桟橋通三丁目、桟橋通四丁目、桟橋車庫前、桟橋通五丁目
0%
梅七緑大古下安 梅林、七軒茶屋、緑井、大町、古市橋、下祇園、安芸長束
0%
梅上浄三黒米日 梅坪、上豊田、浄水、三好ヶ丘、黒笹、米野木、日進
0%
梅大伊阿滝三川 梅ケ谷、大内山、伊勢柏崎、阿曽、滝原、三瀬谷、川添
0%
梅大三丹伊東西 梅戸井、大安、三里、丹生川、伊勢治田、東藤原、西野尻
0%
梅丹二円花太嵯 梅小路京都西、丹波口、二条、円町、花園、太秦、嵯峨嵐山
0%
梅湯洲母木八み 梅山、湯の洞温泉口、洲原、母野、木尾、八坂、みなみ子宝温泉
0%
梅美松関関関せ 梅山、美濃市、松森、関下有知、関市役所前、関、せきてらす前
0%
梅福七金茶別六 梅林、福大前、七隈、金山、茶山、別府、六本松
0%
梅平鷹久北福い 梅本、平井、鷹ノ子、久米、北久米、福音寺、いよ立花
0%
梅豊上土竹若三 梅坪、豊田市、上挙母、土橋、竹村、若林、三河八橋
0%
梅北保山暁平大 梅戸井、北勢中央公園口、保々、山城、暁学園前、平津、大矢知
0%
梅淀本心な大動 梅田、淀屋橋、本町、心斎橋、なんば、大国町、動物園前
0%
売中山雲川池石 売布神社、中山観音、山本、雲雀丘花屋敷、川西能勢口、池田、石橋阪大前
0%
萩玉山森上丸渕 萩原、玉野、山崎、森上、上丸渕、丸渕、渕高
0%
萩穴森今永三西 萩原、穴生、森下、今池、永犬丸、三ヶ森、西山
0%
萩初白中百三堺 萩原天神、初芝、白鷺、中百舌鳥、百舌鳥八幡、三国ヶ丘、堺東
0%
萩天岸帝住沢我 萩ノ茶屋、天下茶屋、岸里玉出、帝塚山、住吉東、沢ノ町、我孫子前
0%
萩東元平竜勢信 萩の台、東山、元山上口、平群、竜田川、勢野北口、信貴山下
0%
萩二苅観名西開 萩原、二子、苅安賀、観音寺、名鉄一宮、西一宮、開明
0%
萩北狭大金滝千 萩原天神、北野田、狭山、大阪狭山市、金剛、滝谷、千代田
0%
萩蓮犬城越粟下 萩浦小学校前、蓮町(馬場記念公園前)、犬島新町、城川原、越中中島、粟島(大阪屋ショップ前)、下奥井
0%
伯岸伯江武根黒 伯耆大山、岸本、伯耆溝口、江尾、武庫、根雨、黒坂
0%
伯江武根黒上生 伯耆溝口、江尾、武庫、根雨、黒坂、上菅、生山
0%
伯淀大名御下中 伯耆大山、淀江、大山口、名和、御来屋、下市、中山口
0%
博祇中天赤大唐 博多、祇園、中洲川端、天神、赤坂、大濠公園、唐人町
0%
博吉箱千香九福 博多、吉塚、箱崎、千早、香椎、九産大前、福工大前
0%
博吉柚原長門篠 博多、吉塚、柚須、原町、長者原、門松、篠栗
0%
博櫛天渡薬薬桜 博多、櫛田神社前、天神南、渡辺通、薬院、薬院大通、桜坂
0%
博小新厚新徳新 博多、小倉、新下関、厚狭、新山口、徳山、新岩国
0%
博新久筑新新熊 博多、新鳥栖、久留米、筑後船小屋、新大牟田、新玉名、熊本
0%
博竹笹南春大水 博多、竹下、笹原、南福岡、春日、大野城、水城
0%
博富後三河弓和 博労町、富士見町、後藤、三本松口、河崎口、弓ケ浜、和田浜
0%
柏関垂大穂西岐 柏原、関ケ原、垂井、大垣、穂積、西岐阜、岐阜
0%
柏江布石岩大徳 柏森、江南、布袋、石仏、岩倉、大山寺、徳重・名古屋芸大
0%
柏高河三王法大 柏原、高井田、河内堅上、三郷、王寺、法隆寺、大和小泉
0%
柏志八久加平東 柏原、志紀、八尾、久宝寺、加美、平野、東部市場前
0%
柏扶木犬犬犬新 柏森、扶桑、木津用水、犬山口、犬山、犬山遊園、新鵜沼
0%
泊青浜宝末鳥湖 泊、青谷、浜村、宝木、末恒、鳥取大学前、湖山
0%
泊入西生黒魚東 泊、入善、西入善、生地、黒部、魚津、東滑川
0%
白下都西紫朝桜 白木原、下大利、都府楼前、西鉄二日市、紫、朝倉街道、桜台
0%
白下飛焼下禅飛 白川口、下油井、飛騨金山、焼石、下呂、禅昌寺、飛騨萩原
0%
白学平農池高西 白山、学園通り、平木、農学部前、池戸、高田、西前田
0%
白吉海瀬鎌葉坂 白石、吉尾、海路、瀬戸石、鎌瀬、葉木、坂本
0%
白球一那渡西人 白石、球泉洞、一勝地、那良口、渡、西人吉、人吉
0%
白牛不祇西中古 白島、牛田、不動院前、祇園新橋北、西原、中筋、古市
0%
白五沓上志穴志 白木、五知、沓掛、上之郷、志摩磯部、穴川、志摩横山
0%
白高江津津南久 白塚、高田本山、江戸橋、津、津新町、南が丘、久居
0%
白坂阿植半住知 白沢、坂部、阿久比、植大、半田口、住吉町、知多半田
0%
白薩松頴水石御 白沢、薩摩塩屋、松ケ浦、頴娃大川、水成川、石垣、御領
0%
白狩上中下玖安 白木山、狩留家、上深川、中深川、下深川、玖村、安芸矢口
0%
白初萩北狭大金 白鷺、初芝、萩原天神、北野田、狭山、大阪狭山市、金剛
0%
白松加船志中鳥 白木、松尾、加茂、船津、志摩赤崎、中之郷、鳥羽
0%
白上下中古美坂 白川口、上麻生、下麻生、中川辺、古井、美濃太田、坂祝
0%
白西西寺八瀬中 白市、西高屋、西条、寺家、八本松、瀬野、中野東
0%
白千伊箕長楠北 白子、千代崎、伊勢若松、箕田、長太ノ浦、楠、北楠
0%
白川川金守砂ナ 白沢渓谷、川村、川宮、金屋、守山、砂田橋、ナゴヤドーム前矢田
0%
白巽八南加高太 白沢、巽ヶ丘、八幡新田、南加木屋、加木屋中ノ池、高横須賀、太田川
0%
白中上志井向吉 白木山、中三田、上三田、志和口、井原市、向原、吉田口
0%
白中百三堺浅我 白鷺、中百舌鳥、百舌鳥八幡、三国ヶ丘、堺東、浅香山、我孫子前
0%
白朝紀紀芳南岩 白浜、朝来、紀伊新庄、紀伊田辺、芳養、南部、岩代
0%
白白美大大上万 白山長滝、白鳥高原、美濃白鳥、大島、大中、上万場、万場
0%
白八的大山伊荒 白浜の宮、八家、的形、大塩、山陽曽根、伊保、荒井
0%
白美大大上万郡 白鳥高原、美濃白鳥、大島、大中、上万場、万場、郡上大和
0%
白豊千磯鼓白千 白塚、豊津上野、千里、磯山、鼓ヶ浦、白子、千代崎
0%
箱千香九福新し 箱崎、千早、香椎、九産大前、福工大前、新宮中央、ししぶ
0%
箱淡み孝和紀和 箱作、淡輪、みさき公園、孝子、和歌山大学前、紀ノ川、和歌山市
0%
箸佃阿三祖阿小 箸蔵、佃、阿波池田、三縄、祖谷口、阿波川口、小歩危
0%
幡綾梶安福吉梅 幡生、綾羅木、梶栗郷台地、安岡、福江、吉見、梅ケ峠
0%
幡出南木日下出 幡屋、出雲大東、南大東、木次、日登、下久野、出雲八代
0%
幡新長小埴厚小 幡生、新下関、長府、小月、埴生、厚狭、小野田
0%
畑挿岡円一空仏 畑田、挿頭丘、岡本、円座、一宮、空港通り、仏生山
0%
畑陶綾滝羽栗岡 畑田、陶、綾川、滝宮、羽床、栗熊、岡田
0%
八い川御荒鶴上 八事、いりなか、川名、御器所、荒畑、鶴舞、上前津
0%
八スス茂浦大原 八千代町、スタジアムシティサウス、スタジアムシティノース、茂里町、浦上駅前、大学病院、原爆資料館
0%
八ス枝戸九西小 八幡、スペースワールド、枝光、戸畑、九州工大前、西小倉、小倉
0%
八み大福美赤深 八坂、みなみ子宝温泉、大矢、福野、美並苅安、赤池、深戸
0%
八伊伊伊喜串下 八多喜、伊予白滝、伊予出石、伊予長浜、喜多灘、串、下灘
0%
八因隼安八徳丹 八頭高校前、因幡船岡、隼、安部、八東、徳丸、丹比
0%
八宇咥宮朝朝朝 八代通、宇治団地前、咥内、宮の奥、朝倉神社前、朝倉駅前、朝倉
0%
八浦由下倉松泊 八橋、浦安、由良、下北条、倉吉、松崎、泊
0%
八河五愛豊尼高 八日市、河辺の森、五箇荘、愛知川、豊郷、尼子、高宮
0%
八蒲矢西徳塩西 八丁牟田、蒲池、矢加部、西鉄柳川、徳益、塩塚、西鉄中島
0%
八鴨讃国端鬼香 八十場、鴨川、讃岐府中、国分、端岡、鬼無、香西
0%
八岩中中本亀名 八田、岩塚、中村公園、中村日赤、本陣、亀島、名古屋
0%
八岩木京二市二 八幡前、岩倉、木野、京都精華大前、二軒茶屋、市原、二ノ瀬
0%
八古屋木栗栗昭 八栗口、古高松南、屋島、木太町、栗林、栗林公園北口、昭和町
0%
八古琴潟春沖松 八栗、古高松、琴電屋島、潟元、春日川、沖松島、松島二丁目
0%
八胡銀稲的猿広 八丁堀、胡町、銀山町、稲荷町、的場町、猿猴橋町、広島駅
0%
八黒陣折水遠海 八幡、黒崎、陣原、折尾、水巻、遠賀川、海老津
0%
八坂宇丸讃多海 八十場、坂出、宇多津、丸亀、讃岐塩屋、多度津、海岸寺
0%
八三西志上甲吉 八次、三次、西三次、志和地、上川立、甲立、吉田口
0%
八讃志オ造神讃 八栗口、讃岐牟礼、志度、オレンジタウン、造田、神前、讃岐津田
0%
八志柏高河三王 八尾、志紀、柏原、高井田、河内堅上、三郷、王寺
0%
八寺西西白入河 八本松、寺家、西条、西高屋、白市、入野、河内
0%
八篠保貝四愛新 八草、篠原、保見、貝津、四郷、愛環梅坪、新豊田
0%
八若河東瓢枚額 八戸ノ里、若江岩田、河内花園、東花園、瓢箪山、枚岡、額田
0%
八出亀出出下日 八川、出雲横田、亀嵩、出雲三成、出雲八代、下久野、日登
0%
八春蟹永弥長桑 八田、春田、蟹江、永和、弥富、長島、桑名
0%
八商市水国新味 八丁馬場、商業高校前、市立体育館前、水前寺公園、国府、新水前寺駅前、味噌天神前
0%
八常迫備彦茶久 八浜、常山、迫川、備前片岡、彦崎、茶屋町、久々原
0%
八新千有小松宇 八代、新八代、千丁、有佐、小川、松橋、宇土
0%
八新太市平武近 八日市、新八日市、太郎坊宮前、市辺、平田、武佐、近江八幡
0%
八新中鷲太西西 八ツ島、新田塚、中角、鷲塚針原、太郎丸エンゼルランド、西春江ハートピア、西長田ゆりの里
0%
八神塩下山七備 八次、神杉、塩町、下和知、山ノ内、七塚、備後三日市
0%
八神塩三吉備梶 八次、神杉、塩町、三良坂、吉舎、備後安田、梶田
0%
八瀬中安海向天 八本松、瀬野、中野東、安芸中野、海田市、向洋、天神川
0%
八赤中下御名大 八橋、赤碕、中山口、下市、御来屋、名和、大山口
0%
八千並亀馬保嵯 八木、千代川、並河、亀岡、馬堀、保津峡、嵯峨嵐山
0%
八双伊上卯下立 八幡浜、双岩、伊予石城、上宇和、卯之町、下宇和、立間
0%
八総瑞新妙堀熱 八事、総合リハビリセンター、瑞穂運動場東、新瑞橋、妙音通、堀田、熱田神宮伝馬町
0%
八大犬三大安津 八丁牟田、大溝、犬塚、三潴、大善寺、安武、津福
0%
八大新笠田石結 八木西口、大和八木、新ノ口、笠縫、田原本、石見、結崎
0%
八大六八古琴潟 八栗新道、大町、六万寺、八栗、古高松、琴電屋島、潟元
0%
八巽白坂阿植半 八幡新田、巽ヶ丘、白沢、坂部、阿久比、植大、半田口
0%
八段坂葉鎌瀬海 八代、段、坂本、葉木、鎌瀬、瀬戸石、海路
0%
八中枝伊北北鳴 八代通、中山、枝川、伊野商業前、北内、北山、鳴谷
0%
八長五大出新西 八千代町、長崎駅前、五島町、大波止、出島、新地中華街、西浜町
0%
八長桜市諏新新 八千代町、長崎駅前、桜町、市役所、諏訪神社、新大工町、新中川町
0%
八長出喜平駒田 八尾南、長原、出戸、喜連瓜破、平野、駒川中野、田辺
0%
八長大京桜朝朝 八日市、長谷野、大学前、京セラ前、桜川、朝日大塚、朝日野
0%
八的大山伊荒高 八家、的形、大塩、山陽曽根、伊保、荒井、高砂
0%
八陶愛公芸長杁 八草、陶磁資料館南、愛・地球博記念公園、公園西、芸大通、長久手古戦場、杁ヶ池公園
0%
八日福田西ま福 八ツ島、日華化学前、福大前西福井、田原町、西別院、まつもと町屋、福井口
0%
八白妻飾亀手山 八家、白浜の宮、妻鹿、飾磨、亀山、手柄、山陽姫路
0%
八八総瑞新妙堀 八事日赤、八事、総合リハビリセンター、瑞穂運動場東、新瑞橋、妙音通、堀田
0%
八八名本自茶砂 八事、八事日赤、名古屋大学、本山、自由ヶ丘、茶屋ヶ坂、砂田橋
0%
八肥日肥上た肥 八代、肥後高田、日奈久温泉、肥後二見、上田浦、たのうら御立岬公園、肥後田浦
0%
八堀新須三黒熊 八景水谷、堀川、新須屋、須屋、三ツ石、黒石、熊本高専前
0%
八名本自茶砂ナ 八事日赤、名古屋大学、本山、自由ヶ丘、茶屋ヶ坂、砂田橋、ナゴヤドーム前矢田
0%
八木母洲湯梅美 八坂、木尾、母野、洲原、湯の洞温泉口、梅山、美濃市
0%
八養和梁上下上 八鹿、養父、和田山、梁瀬、上夜久野、下夜久野、上川口
0%
八立紙紙原本十 八丁堀、立町、紙屋町東、紙屋町西、原爆ドーム前、本川町、十日市町
0%
八立紙本袋中市 八丁堀、立町、紙屋町東、本通、袋町、中電前、市役所前
0%
八六大八塩房原 八栗、六万寺、大町、八栗新道、塩屋、房前、原
0%
発保小越山越轟 発坂、保田、小舟渡、越前竹原、山王、越前野中、轟
0%
隼加錦帖姶重竜 隼人、加治木、錦江、帖佐、姶良、重富、竜ケ水
0%
隼日表中嘉霧植 隼人、日当山、表木山、中福良、嘉例川、霧島温泉、植村
0%
伴大伴長高上安 伴中央、大原、伴、長楽寺、高取、上安、安東
0%
伴長高上安毘大 伴、長楽寺、高取、上安、安東、毘沙門台、大町
0%
半乙亀東石緒尾 半田、乙川、亀崎、東浦、石浜、緒川、尾張森岡
0%
半江西真吉松出 半家、江川崎、西ケ方、真土、吉野生、松丸、出目
0%
半住知成青上知 半田口、住吉町、知多半田、成岩、青山、上ゲ、知多武豊
0%
半十土土打家若 半家、十川、土佐昭和、土佐大正、打井川、家地川、若井
0%
半植阿坂白巽八 半田口、植大、阿久比、坂部、白沢、巽ヶ丘、八幡新田
0%
板阿讃引讃三丹 板野、阿波大宮、讃岐相生、引田、讃岐白鳥、三本松、丹生
0%
板阿板阿讃引讃 板東、阿波川端、板野、阿波大宮、讃岐相生、引田、讃岐白鳥
0%
板阿板池勝吉佐 板野、阿波川端、板東、池谷、勝瑞、吉成、佐古
0%
板長渋於重美南 板持、長門湯本、渋木、於福、重安、美祢、南大嶺
0%
板東月須山須山 板宿、東須磨、月見山、須磨寺、山陽須磨、須磨浦公園、山陽塩屋
0%
板妙名総学伊西 板宿、妙法寺、名谷、総合運動公園、学園都市、伊川谷、西神南
0%
繁角土大土大豊 繁藤、角茂谷、土佐北川、大杉、土佐穴内、大田口、豊永
0%
繁新土山土後土 繁藤、新改、土佐山田、山田西町、土佐長岡、後免、土佐大津
0%
飯阿飯極岩花山 飯沼、阿木、飯羽間、極楽、岩村、花白温泉、山岡
0%
飯極岩花山野明 飯羽間、極楽、岩村、花白温泉、山岡、野志、明智
0%
飯江須宇木奈長 飯浦、江崎、須佐、宇田郷、木与、奈古、長門大井
0%
飯三玉萩東越長 飯井、三見、玉江、萩、東萩、越ケ浜、長門大井
0%
飯上糸黒富新金 飯山、上越妙高、糸魚川、黒部宇奈月温泉、富山、新高岡、金沢
0%
飯新浦鯰小勝直 飯塚、新飯塚、浦田、鯰田、小竹、勝野、直方
0%
飯長長黄長人伊 飯井、長門三隅、長門市、黄波戸、長門古市、人丸、伊上
0%
番本大下西西太 番田、本荘、大関、下兵庫こうふく、西長田ゆりの里、西春江ハートピア、太郎丸エンゼルランド
0%
磐当二二上駒古 磐城、当麻寺、二上神社口、二上山、上ノ太子、駒ヶ谷、古市
0%
彼千松大竹新諏 彼杵、千綿、松原、大村車両基地、竹松、新大村、諏訪
0%
比お堅小和蓬志 比叡山坂本、おごと温泉、堅田、小野、和邇、蓬莱、志賀
0%
比伊伊伊家関伊 比津、伊勢八知、伊勢鎌倉、伊勢竹原、家城、関ノ宮、伊勢川口
0%
比近北近安新近 比良、近江舞子、北小松、近江高島、安曇川、新旭、近江今津
0%
比志蓬和小堅お 比良、志賀、蓬莱、和邇、小野、堅田、おごと温泉
0%
比上丸依市猪四 比土、上林、丸山、依那古、市部、猪田道、四十九
0%
比新西滝滝社青 比延、新西脇、西脇市、滝、滝野、社町、青野ケ原
0%
比南皆皆広県宇 比治山橋、南区役所前、皆実町二丁目、皆実町六丁目、広大附属学校前、県病院前、宇品二丁目
0%
比日黒本船久谷 比延、日本へそ公園、黒田庄、本黒田、船町口、久下村、谷川
0%
比発保小越山越 比島、発坂、保田、小舟渡、越前竹原、山王、越前野中
0%
比比南皆皆広県 比治山下、比治山橋、南区役所前、皆実町二丁目、皆実町六丁目、広大附属学校前、県病院前
0%
比備道小内備東 比婆山、備後落合、道後山、小奴可、内名、備後八幡、東城
0%
比備平高備備七 比婆山、備後西城、平子、高、備後庄原、備後三日市、七塚
0%
比本観豊箕川伊 比地大、本山、観音寺、豊浜、箕浦、川之江、伊予三島
0%
肥た上肥日肥八 肥後田浦、たのうら御立岬公園、上田浦、肥後二見、日奈久温泉、肥後高田、八代
0%
肥一木おあ東公 肥後西村、一武、木上、おかどめ幸福、あさぎり、東免田、公立病院前
0%
肥海佐湯津新水 肥後田浦、海浦、佐敷、湯浦、津奈木、新水俣、水俣
0%
肥久荒西羽筑瀬 肥前旭、久留米、荒木、西牟田、羽犬塚、筑後船小屋、瀬高
0%
肥玉大長南荒大 肥後伊倉、玉名、大野下、長洲、南荒尾、荒尾、大牟田
0%
肥原三光武竜東 肥後大津、原水、三里木、光の森、武蔵塚、竜田口、東海学園前
0%
肥江牛久バ鍋佐 肥前白石、江北、牛津、久保田、バルーンさが、鍋島、佐賀
0%
肥小長湯小肥東 肥前大浦、小長井、長里、湯江、小江、肥前長田、東諫早
0%
肥小湯長小肥多 肥前長田、小江、湯江、長里、小長井、肥前大浦、多良
0%
肥上た肥海佐湯 肥後二見、上田浦、たのうら御立岬公園、肥後田浦、海浦、佐敷、湯浦
0%
肥瀬立赤市内阿 肥後大津、瀬田、立野、赤水、市ノ川、内牧、阿蘇
0%
肥西佐駒大肥桃 肥前久保、西相知、佐里、駒鳴、大川野、肥前長野、桃川
0%
肥多肥小長湯小 肥前飯田、多良、肥前大浦、小長井、長里、湯江、小江
0%
肥多肥肥肥肥肥 肥前大浦、多良、肥前飯田、肥前七浦、肥前浜、肥前鹿島、肥前竜王
0%
肥大駒佐西肥山 肥前長野、大川野、駒鳴、佐里、西相知、肥前久保、山本
0%
肥中吉神伊佐鍋 肥前麓、中原、吉野ケ里公園、神埼、伊賀屋、佐賀、鍋島
0%
肥鳥田弥基け原 肥前旭、鳥栖、田代、弥生が丘、基山、けやき台、原田
0%
肥東諫西喜市肥 肥前長田、東諫早、諫早、西諫早、喜々津、市布、肥前古賀
0%
肥日肥上た肥海 肥後高田、日奈久温泉、肥後二見、上田浦、たのうら御立岬公園、肥後田浦、海浦
0%
肥肥江牛久バ鍋 肥前竜王、肥前白石、江北、牛津、久保田、バルーンさが、鍋島
0%
肥肥多肥小長湯 肥前七浦、肥前飯田、多良、肥前大浦、小長井、長里、湯江
0%
肥肥肥江牛久バ 肥前鹿島、肥前竜王、肥前白石、江北、牛津、久保田、バルーンさが
0%
肥肥肥多肥小長 肥前浜、肥前七浦、肥前飯田、多良、肥前大浦、小長井、長里
0%
肥肥肥肥江牛久 肥前浜、肥前鹿島、肥前竜王、肥前白石、江北、牛津、久保田
0%
肥肥肥肥肥江牛 肥前七浦、肥前浜、肥前鹿島、肥前竜王、肥前白石、江北、牛津
0%
肥肥肥肥肥多肥 肥前竜王、肥前鹿島、肥前浜、肥前七浦、肥前飯田、多良、肥前大浦
0%
肥肥肥肥肥肥江 肥前飯田、肥前七浦、肥前浜、肥前鹿島、肥前竜王、肥前白石、江北
0%
肥肥肥肥肥肥多 肥前白石、肥前竜王、肥前鹿島、肥前浜、肥前七浦、肥前飯田、多良
0%
肥本四な大花岸 肥後橋、本町、四ツ橋、なんば、大国町、花園町、岸里
0%
肥木田植西崇上 肥後伊倉、木葉、田原坂、植木、西里、崇城大学前、上熊本
0%
飛下白上下中古 飛騨金山、下油井、白川口、上麻生、下麻生、中川辺、古井
0%
飛角坂打杉猪楡 飛騨細江、角川、坂上、打保、杉原、猪谷、楡原
0%
飛久渚飛飛上飛 飛騨一ノ宮、久々野、渚、飛騨小坂、飛騨宮田、上呂、飛騨萩原
0%
飛高上飛飛杉飛 飛騨一ノ宮、高山、上枝、飛騨国府、飛騨古川、杉崎、飛騨細江
0%
飛渚久飛高上飛 飛騨小坂、渚、久々野、飛騨一ノ宮、高山、上枝、飛騨国府
0%
飛焼下禅飛上飛 飛騨金山、焼石、下呂、禅昌寺、飛騨萩原、上呂、飛騨宮田
0%
飛上高飛久渚飛 飛騨国府、上枝、高山、飛騨一ノ宮、久々野、渚、飛騨小坂
0%
飛上飛禅下焼飛 飛騨宮田、上呂、飛騨萩原、禅昌寺、下呂、焼石、飛騨金山
0%
飛上飛飛渚久飛 飛騨萩原、上呂、飛騨宮田、飛騨小坂、渚、久々野、飛騨一ノ宮
0%
飛杉飛角坂打杉 飛騨古川、杉崎、飛騨細江、角川、坂上、打保、杉原
0%
飛飛渚久飛高上 飛騨宮田、飛騨小坂、渚、久々野、飛騨一ノ宮、高山、上枝
0%
飛飛上高飛久渚 飛騨古川、飛騨国府、上枝、高山、飛騨一ノ宮、久々野、渚
0%
飛飛上飛禅下焼 飛騨小坂、飛騨宮田、上呂、飛騨萩原、禅昌寺、下呂、焼石
0%
飛飛杉飛角坂打 飛騨国府、飛騨古川、杉崎、飛騨細江、角川、坂上、打保
0%
飛壺市葛吉薬福 飛鳥、壺阪山、市尾、葛、吉野口、薬水、福神
0%
備伊日寒備天播 備前片上、伊里、日生、寒河、備前福河、天和、播州赤穂
0%
備横神湯道万駅 備後本庄、横尾、神辺、湯田村、道上、万能倉、駅家
0%
備河中下府鵜高 備後三川、河佐、中畑、下川辺、府中、鵜飼、高木
0%
備梶甲上備備河 備後安田、梶田、甲奴、上下、備後矢野、備後三川、河佐
0%
備寒日伊備西伊 備前福河、寒河、日生、伊里、備前片上、西片上、伊部
0%
備吉三塩神八三 備後安田、吉舎、三良坂、塩町、神杉、八次、三次
0%
備吉備足服東総 備前一宮、吉備津、備中高松、足守、服部、東総社、総社
0%
備玉牧野金建福 備前原、玉柏、牧山、野々口、金川、建部、福渡
0%
備高平備比備道 備後庄原、高、平子、備後西城、比婆山、備後落合、道後山
0%
備坂市矢野東備 備中神代、坂根、市岡、矢神、野馳、東城、備後八幡
0%
備三矢小早井い 備中呉妹、三谷、矢掛、小田、早雲の里荏原、井原、いずえ
0%
備七山下塩神八 備後三日市、七塚、山ノ内、下和知、塩町、神杉、八次
0%
備上甲梶備吉三 備後矢野、上下、甲奴、梶田、備後安田、吉舎、三良坂
0%
備新石井方備木 備中神代、新見、石蟹、井倉、方谷、備中川面、木野山
0%
備西伊香長邑大 備前片上、西片上、伊部、香登、長船、邑久、大富
0%
備早久茶彦備迫 備中箕島、早島、久々原、茶屋町、彦崎、備前片岡、迫川
0%
備足新上生上黒 備中神代、足立、新郷、上石見、生山、上菅、黒坂
0%
備大備吉備足服 備前三門、大安寺、備前一宮、吉備津、備中高松、足守、服部
0%
備東野矢市坂備 備後八幡、東城、野馳、矢神、市岡、坂根、備中神代
0%
備道小内備東野 備後落合、道後山、小奴可、内名、備後八幡、東城、野馳
0%
備内小道備比備 備後八幡、内名、小奴可、道後山、備後落合、比婆山、備後西城
0%
備八常迫備彦茶 備前田井、八浜、常山、迫川、備前片岡、彦崎、茶屋町
0%
備比備平高備備 備後落合、比婆山、備後西城、平子、高、備後庄原、備後三日市
0%
備備河中下府鵜 備後矢野、備後三川、河佐、中畑、下川辺、府中、鵜飼
0%
備備高平備比備 備後三日市、備後庄原、高、平子、備後西城、比婆山、備後落合
0%
備備七山下塩神 備後庄原、備後三日市、七塚、山ノ内、下和知、塩町、神杉
0%
備備上甲梶備吉 備後三川、備後矢野、上下、甲奴、梶田、備後安田、吉舎
0%
備備美日豪総清 備中高梁、備中広瀬、美袋、日羽、豪渓、総社、清音
0%
備備木備方井石 備中広瀬、備中高梁、木野山、備中川面、方谷、井倉、石蟹
0%
備美日豪総清倉 備中広瀬、美袋、日羽、豪渓、総社、清音、倉敷
0%
備彦茶久早備妹 備前片岡、彦崎、茶屋町、久々原、早島、備中箕島、妹尾
0%
備福東大笠里鴨 備後赤坂、福山、東福山、大門、笠岡、里庄、鴨方
0%
備平高備備七山 備後西城、平子、高、備後庄原、備後三日市、七塚、山ノ内
0%
備方井石新備足 備中川面、方谷、井倉、石蟹、新見、備中神代、足立
0%
備妹備早久茶彦 備前西市、妹尾、備中箕島、早島、久々原、茶屋町、彦崎
0%
備木備備美日豪 備中川面、木野山、備中高梁、備中広瀬、美袋、日羽、豪渓
0%
備木備方井石新 備中高梁、木野山、備中川面、方谷、井倉、石蟹、新見
0%
備油三出八出亀 備後落合、油木、三井野原、出雲坂根、八川、出雲横田、亀嵩
0%
尾旭印大喜小瓢 尾張旭、旭前、印場、大森・金城学院前、喜多山、小幡、瓢箪山
0%
尾稲清枇名尾金 尾張一宮、稲沢、清洲、枇杷島、名古屋、尾頭橋、金山
0%
尾金熱笠大南共 尾頭橋、金山、熱田、笠寺、大高、南大高、共和
0%
尾高荒伊山大的 尾上の松、高砂、荒井、伊保、山陽曽根、大塩、的形
0%
尾緒石東亀乙半 尾張森岡、緒川、石浜、東浦、亀崎、乙川、半田
0%
尾瀬新水三尾旭 尾張瀬戸、瀬戸市役所前、新瀬戸、水野、三郷、尾張旭、旭前
0%
尾相船三紀梅大 尾鷲、相賀、船津、三野瀬、紀伊長島、梅ケ谷、大内山
0%
尾太新聚名柴大 尾張横須賀、太田川、新日鉄前、聚楽園、名和、柴田、大同町
0%
尾大九三賀二新 尾鷲、大曽根浦、九鬼、三木里、賀田、二木島、新鹿
0%
尾樽岡吉羽泉井 尾崎、樽井、岡田浦、吉見ノ里、羽倉崎、泉佐野、井原里
0%
尾東松備福東大 尾道、東尾道、松永、備後赤坂、福山、東福山、大門
0%
尾浜別播西東山 尾上の松、浜の宮、別府、播磨町、西二見、東二見、山陽魚住
0%
尾名枇清稲尾木 尾頭橋、名古屋、枇杷島、清洲、稲沢、尾張一宮、木曽川
0%
枇名尾金熱笠大 枇杷島、名古屋、尾頭橋、金山、熱田、笠寺、大高
0%
美伊青伊西東榊 美旗、伊賀神戸、青山町、伊賀上津、西青山、東青山、榊原温泉口
0%
美院津東美西勝 美作千代、院庄、津山、東津山、美作大崎、西勝間田、勝間田
0%
美烏大友美西大 美濃高田、烏江、大外羽、友江、美濃青柳、西大垣、大垣
0%
美越越計牛北越 美山、越前薬師、越前大宮、計石、牛ケ原、北大野、越前大野
0%
美加一筑大福鹿 美咲が丘、加布里、一貴山、筑前深江、大入、福吉、鹿家
0%
美加西松野西金 美川、加賀笠間、西松任、松任、野々市、西金沢、金沢
0%
美可下姫根小多 美濃川合、可児、下切、姫、根本、小泉、多治見
0%
美気三藤十大若 美浜、気山、三方、藤井、十村、大鳥羽、若狭有田
0%
美桔名赤三室榛 美旗、桔梗が丘、名張、赤目口、三本松、室生口大野、榛原
0%
美駒美石美多下 美濃津屋、駒野、美濃山崎、石津、美濃松山、多度、下野代
0%
美駒美養美烏大 美濃山崎、駒野、美濃津屋、養老、美濃高田、烏江、大外羽
0%
美恵武釜瑞土多 美乃坂本、恵那、武並、釜戸、瑞浪、土岐市、多治見
0%
美県旭壺奥小赤 美栄橋、県庁前、旭橋、壺川、奥武山公園、小禄、赤嶺
0%
美古久中月富刑 美作落合、古見、久世、中国勝山、月田、富原、刑部
0%
美古中下上白下 美濃太田、古井、中川辺、下麻生、上麻生、白川口、下油井
0%
美今豊新東犀崎 美夜古泉、今川河童、豊津、新豊津、東犀川三四郎、犀川、崎山
0%
美坂鵜各蘇那長 美濃太田、坂祝、鵜沼、各務ケ原、蘇原、那加、長森
0%
美三河千滝金大 美加の台、三日市町、河内長野、千代田、滝谷、金剛、大阪狭山市
0%
美三美知美那土 美作滝尾、三浦、美作加茂、知和、美作河井、那岐、土師
0%
美重於渋長板長 美祢、重安、於福、渋木、長門湯本、板持、長門市
0%
美小市越一越足 美山、小和清水、市波、越前高田、一乗谷、越前東郷、足羽
0%
美小能明小粟動 美川、小舞子、能美根上、明峰、小松、粟津、動橋
0%
美松関関関せ関 美濃市、松森、関下有知、関市役所前、関、せきてらす前、関口
0%
美西勝林楢美美 美作大崎、西勝間田、勝間田、林野、楢原、美作江見、美作土居
0%
美石美駒美養美 美濃松山、石津、美濃山崎、駒野、美濃津屋、養老、美濃高田
0%
美石美多下下播 美濃山崎、石津、美濃松山、多度、下野代、下深谷、播磨
0%
美赤深相郡自山 美並苅安、赤池、深戸、相生、郡上八幡、自然園前、山田
0%
美千天紀林御橋 美加の台、千早口、天見、紀見峠、林間田園都市、御幸辻、橋本
0%
美前加富関関せ 美濃太田、前平公園、加茂野、富加、関富岡、関口、せきてらす前
0%
美大川武大出電 美談、大寺、川跡、武志、大津町、出雲科学館パークタウン前、電鉄出雲市
0%
美大大上万郡徳 美濃白鳥、大島、大中、上万場、万場、郡上大和、徳永
0%
美男東岡矢宇新 美合、男川、東岡崎、岡崎公園前、矢作橋、宇頭、新安城
0%
美知美三美高東 美作河井、知和、美作加茂、三浦、美作滝尾、高野、東津山
0%
美知美那土智因 美作加茂、知和、美作河井、那岐、土師、智頭、因幡社
0%
美筑糸波周九今 美咲が丘、筑前前原、糸島高校前、波多江、周船寺、九大学研都市、今宿
0%
美中落坂田南十 美乃坂本、中津川、落合川、坂下、田立、南木曽、十二兼
0%
美坪美院津東美 美作追分、坪井、美作千代、院庄、津山、東津山、美作大崎
0%
美坪美美古久中 美作千代、坪井、美作追分、美作落合、古見、久世、中国勝山
0%
美東津院美坪美 美作大崎、東津山、津山、院庄、美作千代、坪井、美作追分
0%
美東都川高日佐 美々津、東都農、都農、川南、高鍋、日向新富、佐土原
0%
美藤名本名名御 美合、藤川、名電山中、本宿、名電長沢、名電赤坂、御油
0%
美那土智因用鷹 美作河井、那岐、土師、智頭、因幡社、用瀬、鷹狩
0%
美楢林勝西美東 美作江見、楢原、林野、勝間田、西勝間田、美作大崎、東津山
0%
美南財日門土旭 美々津、南日向、財光寺、日向市、門川、土々呂、旭ケ丘
0%
美南鶴長我杉浅 美章園、南田辺、鶴ケ丘、長居、我孫子町、杉本町、浅香
0%
美日豪総清倉中 美袋、日羽、豪渓、総社、清音、倉敷、中庄
0%
美梅湯洲母木八 美濃市、梅山、湯の洞温泉口、洲原、母野、木尾、八坂
0%
美備備木備方井 美袋、備中広瀬、備中高梁、木野山、備中川面、方谷、井倉
0%
美美可下姫根小 美濃太田、美濃川合、可児、下切、姫、根本、小泉
0%
美美古久中月富 美作追分、美作落合、古見、久世、中国勝山、月田、富原
0%
美福大み八木母 美並苅安、福野、大矢、みなみ子宝温泉、八坂、木尾、母野
0%
美北モ糸本織木 美江寺、北方真桑、モレラ岐阜、糸貫、本巣、織部、木知原
0%
美北池北広東北 美濃本郷、北池野、池野、北神戸、広神戸、東赤坂、北大垣
0%
美牧安お古市儀 美栄橋、牧志、安里、おもろまち、古島、市立病院前、儀保
0%
美友大烏美養美 美濃青柳、友江、大外羽、烏江、美濃高田、養老、美濃津屋
0%
美養美烏大友美 美濃津屋、養老、美濃高田、烏江、大外羽、友江、美濃青柳
0%
美養美駒美石美 美濃高田、養老、美濃津屋、駒野、美濃山崎、石津、美濃松山
0%
彦ひ彦高尼豊愛 彦根、ひこね芹川、彦根口、高宮、尼子、豊郷、愛知川
0%
彦高尼豊愛五河 彦根口、高宮、尼子、豊郷、愛知川、五箇荘、河辺の森
0%
彦茶久早備妹備 彦崎、茶屋町、久々原、早島、備中箕島、妹尾、備前西市
0%
彦備迫常八備宇 彦崎、備前片岡、迫川、常山、八浜、備前田井、宇野
0%
姫英は網竜相有 姫路、英賀保、はりま勝原、網干、竜野、相生、有年
0%
姫千杭大尼出尼 姫島、千船、杭瀬、大物、尼崎、出屋敷、尼崎センタープール前
0%
姫相岡新福新三 姫路、相生、岡山、新倉敷、福山、新尾道、三原
0%
姫播余太本東播 姫路、播磨高岡、余部、太市、本竜野、東觜崎、播磨新宮
0%
百三堺浅我沢住 百舌鳥八幡、三国ヶ丘、堺東、浅香山、我孫子前、沢ノ町、住吉東
0%
百三堺浅杉我長 百舌鳥、三国ケ丘、堺市、浅香、杉本町、我孫子町、長居
0%
百中白初萩北狭 百舌鳥八幡、中百舌鳥、白鷺、初芝、萩原天神、北野田、狭山
0%
氷島雨越伏能越 氷見、島尾、雨晴、越中国分、伏木、能町、越中中川
0%
瓢守矢大森尼清 瓢箪山、守山自衛隊前、矢田、大曽根、森下、尼ヶ坂、清水
0%
瓢小喜大印旭尾 瓢箪山、小幡、喜多山、大森・金城学院前、印場、旭前、尾張旭
0%
瓢東河若八河河 瓢箪山、東花園、河内花園、若江岩田、八戸ノ里、河内小阪、河内永和
0%
表中嘉霧植大栗 表木山、中福良、嘉例川、霧島温泉、植村、大隅横川、栗野
0%
浜め市諏新新蛍 浜町アーケード、めがね橋、市役所、諏訪神社、新大工町、新中川町、蛍茶屋
0%
浜羽高北松泉忠 浜寺公園、羽衣、高石、北助松、松ノ浜、泉大津、忠岡
0%
浜下久波敬都江 浜田、下府、久代、波子、敬川、都野津、江津
0%
浜滑中西西中新 浜加積、滑川、中滑川、西滑川、西加積、中加積、新宮川
0%
浜久餘鎧香柴佐 浜坂、久谷、餘部、鎧、香住、柴山、佐津
0%
浜鹿福大筑一加 浜崎、鹿家、福吉、大入、筑前深江、一貴山、加布里
0%
浜諸居東岩大福 浜坂、諸寄、居組、東浜、岩美、大岩、福部
0%
浜西周折三岡鎌 浜田、西浜田、周布、折居、三保三隅、岡見、鎌手
0%
浜西新メ大大石 浜町アーケード、西浜町、新地中華街、メディカルセンター、大浦海岸通り、大浦天主堂、石橋
0%
浜船石石東御寺 浜寺駅前、船尾、石津、石津北、東湊、御陵前、寺地町
0%
浜早越西電新経 浜加積、早月加積、越中中村、西魚津、電鉄魚津、新魚津、経田
0%
浜尾高荒伊山大 浜の宮、尾上の松、高砂、荒井、伊保、山陽曽根、大塩
0%
浜別播西東山西 浜の宮、別府、播磨町、西二見、東二見、山陽魚住、西江井ヶ島
0%
浜宝末鳥湖鳥福 浜村、宝木、末恒、鳥取大学前、湖山、鳥取、福部
0%
浜豊三名岐米京 浜松、豊橋、三河安城、名古屋、岐阜羽島、米原、京都
0%
不祇西中古大毘 不動院前、祇園新橋北、西原、中筋、古市、大町、毘沙門台
0%
不牛白新城県本 不動院前、牛田、白島、新白島、城北、県庁前、本通
0%
不大南朝上小布 不二越、大泉、南富山、朝菜町、上堀、小杉、布市
0%
夫山大西蔵黒三 夫婦石、山谷、大木、西有田、蔵宿、黒川、三代橋
0%
富オイ龍奥下粟 富山駅、オークスカナルパークホテル富山前、インテック本社前、龍谷富山高校前(永楽町)、奥田中学校前、下奥井、粟島(大阪屋ショップ前)
0%
富一知牛新宇矢 富士松、一ツ木、知立、牛田、新安城、宇頭、矢作橋
0%
富宇松小有千新 富合、宇土、松橋、小川、有佐、千丁、新八代
0%
富宇緑住肥網赤 富合、宇土、緑川、住吉、肥後長浜、網田、赤瀬
0%
富関関せ関関関 富加、関富岡、関口、せきてらす前、関、関市役所前、関下有知
0%
富近戸伏近烏黄 富吉、近鉄蟹江、戸田、伏屋、近鉄八田、烏森、黄金
0%
富月中久古美美 富原、月田、中国勝山、久世、古見、美作落合、美作追分
0%
富戸福新徳櫛下 富海、戸田、福川、新南陽、徳山、櫛ケ浜、下松
0%
富後三河弓和大 富士見町、後藤、三本松口、河崎口、弓ケ浜、和田浜、大篠津町
0%
富高上水大西長 富田、高槻市、上牧、水無瀬、大山崎、西山天王山、長岡天神
0%
富佐近近桑益伊 富吉、佐古木、近鉄弥富、近鉄長島、桑名、益生、伊勢朝日
0%
富寺久大伊小向 富野荘、寺田、久津川、大久保、伊勢田、小倉、向島
0%
富新興三近狛新 富野荘、新田辺、興戸、三山木、近鉄宮津、狛田、新祝園
0%
富新金小加芦福 富山、新高岡、金沢、小松、加賀温泉、芦原温泉、福井
0%
富新東水滑東魚 富山、新富山口、東富山、水橋、滑川、東滑川、魚津
0%
富西婦速千越東 富山、西富山、婦中鵜坂、速星、千里、越中八尾、東八尾
0%
富川西熊上崇西 富合、川尻、西熊本、熊本、上熊本、崇城大学前、西里
0%
富善西可日新明 富岡前、善師野、西可児、可児川、日本ライン今渡、新可児、明智
0%
富総茨南摂正相 富田、総持寺、茨木市、南茨木、摂津市、正雀、相川
0%
富知上青成知住 富貴、知多武豊、上ゲ、青山、成岩、知多半田、住吉町
0%
富朝桑長弥永蟹 富田、朝日、桑名、長島、弥富、永和、蟹江
0%
富電地電桜荒中 富山駅、電鉄富山駅・エスタ前、地鉄ビル前、電気ビル前、桜橋、荒町、中町
0%
富東生石額枚瓢 富雄、東生駒、生駒、石切、額田、枚岡、瓢箪山
0%
富富四南河河加 富田、富田浜、四日市、南四日市、河原田、河曲、加佐登
0%
富富朝桑長弥永 富田浜、富田、朝日、桑名、長島、弥富、永和
0%
富豊前中有左鳴 富士松、豊明、前後、中京競馬場前、有松、左京山、鳴海
0%
富鳳津上百三堺 富木、鳳、津久野、上野芝、百舌鳥、三国ケ丘、堺市
0%
富防大四新嘉本 富海、防府、大道、四辻、新山口、嘉川、本由良
0%
富北信和久下東 富木、北信太、信太山、和泉府中、久米田、下松、東岸和田
0%
布雲旅美大川武 布崎、雲州平田、旅伏、美談、大寺、川跡、武志
0%
布河河八若河東 布施、河内永和、河内小阪、八戸ノ里、若江岩田、河内花園、東花園
0%
布河矢針今北河 布忍、河内天美、矢田、針中野、今川、北田辺、河堀口
0%
布開月大上大岩 布市、開発、月岡、大庄、上滝、大川寺、岩峅寺
0%
布紀船岩下打紀 布施屋、紀伊小倉、船戸、岩出、下井阪、打田、紀伊長田
0%
布湖園一伊津高 布崎、湖遊館新駅、園、一畑口、伊野灘、津ノ森、高ノ宮
0%
布江柏扶木犬犬 布袋、江南、柏森、扶桑、木津用水、犬山口、犬山
0%
布高河恵高藤土 布忍、高見ノ里、河内松原、恵我ノ荘、高鷲、藤井寺、土師ノ里
0%
布俊長弥久近河 布施、俊徳道、長瀬、弥刀、久宝寺口、近鉄八尾、河内山本
0%
布小上朝南大不 布市、小杉、上堀、朝菜町、南富山、大泉、不二越
0%
布石岩大徳西上 布袋、石仏、岩倉、大山寺、徳重・名古屋芸大、西春、上小田井
0%
布土後土山土新 布師田、土佐大津、後免、土佐長岡、山田西町、土佐山田、新改
0%
布土薊高入円旭 布師田、土佐一宮、薊野、高知、入明、円行寺口、旭
0%
布備坂市矢野東 布原、備中神代、坂根、市岡、矢神、野馳、東城
0%
府鵜高新上戸近 府中、鵜飼、高木、新市、上戸手、戸手、近田
0%
府下中河備備上 府中、下川辺、中畑、河佐、備後三川、備後矢野、上下
0%
府石下牛麻鴨西 府中、石井、下浦、牛島、麻植塚、鴨島、西麻植
0%
扶柏江布石岩大 扶桑、柏森、江南、布袋、石仏、岩倉、大山寺
0%
敷大中竹犬菅三 敷戸、大分大学前、中判田、竹中、犬飼、菅尾、三重町
0%
敷南羽千金能良 敷浪、南羽咋、羽咋、千路、金丸、能登部、良川
0%
敷宝免高横宇能 敷浪、宝達、免田、高松、横山、宇野気、能瀬
0%
浮海土有土佐土 浮鞭、海の王迎、土佐上川口、有井川、土佐白浜、佐賀公園、土佐佐賀
0%
武永三上有三早 武雄温泉、永尾、三間坂、上有田、有田、三河内、早岐
0%
武釜瑞土多古定 武並、釜戸、瑞浪、土岐市、多治見、古虎渓、定光寺
0%
武恵美中落坂田 武並、恵那、美乃坂本、中津川、落合川、坂下、田立
0%
武光三原肥瀬立 武蔵塚、光の森、三里木、原水、肥後大津、瀬田、立野
0%
武江伯岸伯東米 武庫、江尾、伯耆溝口、岸本、伯耆大山、東山公園、米子
0%
武根黒上生上新 武庫、根雨、黒坂、上菅、生山、上石見、新郷
0%
武鯖北大越福森 武生、鯖江、北鯖江、大土呂、越前花堂、福井、森田
0%
武新甲高天い朝 武之橋、新屋敷、甲東中学校前、高見馬場、天文館通、いづろ通、朝日通
0%
武西夙芦岡御六 武庫之荘、西宮北口、夙川、芦屋川、岡本、御影、六甲
0%
武川大美旅雲布 武志、川跡、大寺、美談、旅伏、雲州平田、布崎
0%
武東半乙亀東石 武豊、東成岩、半田、乙川、亀崎、東浦、石浜
0%
武道三新広相藍 武田尾、道場、三田、新三田、広野、相野、藍本
0%
武尼出尼大杭千 武庫川、尼崎センタープール前、出屋敷、尼崎、大物、杭瀬、千船
0%
武鳴甲久今西香 武庫川、鳴尾・武庫川女子大前、甲子園、久寿川、今津、西宮、香櫨園
0%
武竜東水新南平 武蔵塚、竜田口、東海学園前、水前寺、新水前寺、南熊本、平成
0%
舞霞山東滝山須 舞子公園、霞ヶ丘、山陽垂水、東垂水、滝の茶屋、山陽塩屋、須磨浦公園
0%
舞垂塩須須鷹新 舞子、垂水、塩屋、須磨、須磨海浜公園、鷹取、新長田
0%
舞西大人山西林 舞子公園、西舞子、大蔵谷、人丸前、山陽明石、西新町、林崎松江海岸
0%
舞朝明西大魚土 舞子、朝霧、明石、西明石、大久保、魚住、土山
0%
舞土伊長酒須須 舞松原、土井、伊賀、長者原、酒殿、須恵、須恵中央
0%
風安安安仁広新 風早、安浦、安登、安芸川尻、仁方、広、新広
0%
風安吉竹大安忠 風早、安芸津、吉名、竹原、大乗、安芸長浜、忠海
0%
伏栄新千今池覚 伏見、栄、新栄町、千種、今池、池下、覚王山
0%
伏丸浅浄庄庄上 伏見、丸の内、浅間町、浄心、庄内通、庄内緑地公園、上小田井
0%
伏近桃向小伊大 伏見、近鉄丹波橋、桃山御陵前、向島、小倉、伊勢田、大久保
0%
伏戸近富佐近近 伏屋、戸田、近鉄蟹江、富吉、佐古木、近鉄弥富、近鉄長島
0%
伏太仏空一円岡 伏石、太田、仏生山、空港通り、一宮、円座、岡本
0%
伏大上鶴荒御川 伏見、大須観音、上前津、鶴舞、荒畑、御器所、川名
0%
伏中淀石橋樟牧 伏見桃山、中書島、淀、石清水八幡宮、橋本、樟葉、牧野
0%
伏鳥東七清祇三 伏見稲荷、鳥羽街道、東福寺、七条、清水五条、祇園四条、三条
0%
伏名亀本中中岩 伏見、名古屋、亀島、本陣、中村日赤、中村公園、岩塚
0%
伏龍藤墨丹伏中 伏見稲荷、龍谷大前深草、藤森、墨染、丹波橋、伏見桃山、中書島
0%
服曽岡豊蛍石池 服部天神、曽根、岡町、豊中、蛍池、石橋阪大前、池田
0%
服足備吉備大備 服部、足守、備中高松、吉備津、備前一宮、大安寺、備前三門
0%
福ま西田福日八 福井口、まつもと町屋、西別院、田原町、福大前西福井、日華化学前、八ツ島
0%
福浦波久鳴楠里 福島口、浦ノ崎、波瀬、久原、鳴石、楠久、里
0%
福浦弥栄常水三 福井、浦田、弥生、栄、常盤、水島、三菱自工前
0%
福越越追東越観 福井口、越前開発、越前新保、追分口、東藤島、越前島橋、観音町
0%
福越大北鯖武王 福井、越前花堂、大土呂、北鯖江、鯖江、武生、王子保
0%
福越六足越一越 福井、越前花堂、六条、足羽、越前東郷、一乗谷、越前高田
0%
福甘鶴新寺長生 福崎、甘地、鶴居、新野、寺前、長谷、生野
0%
福吉梅黒川小湯 福江、吉見、梅ケ峠、黒井村、川棚温泉、小串、湯玉
0%
福九香千箱吉博 福工大前、九産大前、香椎、千早、箱崎、吉塚、博多
0%
福串日日榎谷南 福島今町、串間、日向北方、日向大束、榎原、谷之口、南郷
0%
福建金野牧玉備 福渡、建部、金川、野々口、牧山、玉柏、備前原
0%
福戸富防大四新 福川、戸田、富海、防府、大道、四辻、新山口
0%
福広東高古草草 福島町、広電西広島(己斐)、東高須、高須、古江、草津、草津南
0%
福溝香仁砥野京 福崎、溝口、香呂、仁豊野、砥堀、野里、京口
0%
福荒牧下公大大 福知山市民病院口、荒河かしの木台、牧、下天津、公庄、大江、大江高校前
0%
福今鷹前調松松 福島口、今福、鷹島口、前浜、調川、松浦、松浦発電所前
0%
福鹿浜虹東和唐 福吉、鹿家、浜崎、虹ノ松原、東唐津、和多田、唐津
0%
福七金茶別六桜 福大前、七隈、金山、茶山、別府、六本松、桜坂
0%
福上下上梁和養 福知山、上川口、下夜久野、上夜久野、梁瀬、和田山、養父
0%
福新し古千福東 福工大前、新宮中央、ししぶ、古賀、千鳥、福間、東福間
0%
福新岡相姫西新 福山、新倉敷、岡山、相生、姫路、西明石、新神戸
0%
福新三東広新徳 福山、新尾道、三原、東広島、広島、新岩国、徳山
0%
福新徳櫛下光島 福川、新南陽、徳山、櫛ケ浜、下松、光、島田
0%
福新福ま西田福 福井、新福井、福井口、まつもと町屋、西別院、田原町、福大前西福井
0%
福新福越越追東 福井、新福井、福井口、越前開発、越前新保、追分口、東藤島
0%
福森春丸芦細牛 福井、森田、春江、丸岡、芦原温泉、細呂木、牛ノ谷
0%
福神弓誕小亀佐 福渡、神目、弓削、誕生寺、小原、亀甲、佐良山
0%
福西観天小土十 福島町、西観音町、観音町、天満町、小網町、土橋、十日市町
0%
福西高高越小呉 福岡、西高岡、高岡やぶなみ、高岡、越中大門、小杉、呉羽
0%
福西西桜米南桜 福地、西尾、西尾口、桜町前、米津、南桜井、桜井
0%
福石高綾淵梅真 福知山、石原、高津、綾部、淵垣、梅迫、真倉
0%
福足商赤花ベ江 福井城址大名町、足羽山公園口、商工会議所前、赤十字前、花堂、ベル前、江端
0%
福大み八木母洲 福野、大矢、みなみ子宝温泉、八坂、木尾、母野、洲原
0%
福大下越六大吉 福神、大阿太、下市口、越部、六田、大和上市、吉野神宮
0%
福大筑一加美筑 福吉、大入、筑前深江、一貴山、加布里、美咲が丘、筑前前原
0%
福大天桜京大森 福島、大阪、天満、桜ノ宮、京橋、大阪城公園、森ノ宮
0%
福丹市黒石柏谷 福知山、丹波竹田、市島、黒井、石生、柏原、谷川
0%
福鳥湖鳥末宝浜 福部、鳥取、湖山、鳥取大学前、末恒、宝木、浜村
0%
福伝千西九ド桜 福、伝法、千鳥橋、西九条、九条、ドーム前、桜川
0%
福田西ま福新福 福大前西福井、田原町、西別院、まつもと町屋、福井口、新福井、福井
0%
福東大笠里鴨金 福山、東福山、大門、笠岡、里庄、鴨方、金光
0%
福東東赤教海遠 福間、東福間、東郷、赤間、教育大前、海老津、遠賀川
0%
福東博祇中天赤 福岡空港、東比恵、博多、祇園、中洲川端、天神、赤坂
0%
福東福高東砺油 福光、東石黒、福野、高儀、東野尻、砺波、油田
0%
福日八新中鷲太 福大前西福井、日華化学前、八ツ島、新田塚、中角、鷲塚針原、太郎丸エンゼルランド
0%
福備横神湯道万 福山、備後本庄、横尾、神辺、湯田村、道上、万能倉
0%
福備松東尾糸三 福山、備後赤坂、松永、東尾道、尾道、糸崎、三原
0%
福美赤深相郡自 福野、美並苅安、赤池、深戸、相生、郡上八幡、自然園前
0%
福福串日日榎谷 福島高松、福島今町、串間、日向北方、日向大束、榎原、谷之口
0%
福福荒牧下公大 福知山、福知山市民病院口、荒河かしの木台、牧、下天津、公庄、大江
0%
福福足商赤花ベ 福井駅、福井城址大名町、足羽山公園口、商工会議所前、赤十字前、花堂、ベル前
0%
福北久鷹平梅牛 福音寺、北久米、久米、鷹ノ子、平井、梅本、牛渕団地前
0%
福野西弁大芦今 福島、野田、西九条、弁天町、大正、芦原橋、今宮
0%
福野淀姫千杭大 福島、野田、淀川、姫島、千船、杭瀬、大物
0%
福薬吉葛市壺飛 福神、薬水、吉野口、葛、市尾、壺阪山、飛鳥
0%
仏空一円岡挿畑 仏生山、空港通り、一宮、円座、岡本、挿頭丘、畑田
0%
仏太伏三栗瓦片 仏生山、太田、伏石、三条、栗林公園、瓦町、片原町
0%
粉紀打下岩船紀 粉河、紀伊長田、打田、下井阪、岩出、船戸、紀伊小倉
0%
粉住住七堺湊石 粉浜、住吉大社、住ノ江、七道、堺、湊、石津川
0%
粉名西笠大妙中 粉河、名手、西笠田、笠田、大谷、妙寺、中飯降
0%
文阿天四谷谷谷 文の里、阿倍野、天王寺、四天王寺前夕陽ヶ丘、谷町九丁目、谷町六丁目、谷町四丁目
0%
文介新東田鹿舟 文珠通、介良通、新木、東新木、田辺島通、鹿児、舟戸
0%
文高県西葛知知 文珠通、高須、県立美術館通、西高須、葛島橋東詰、知寄町三丁目、知寄町
0%
文地中南阿立羽 文化の森、地蔵橋、中田、南小松島、阿波赤石、立江、羽ノ浦
0%
文田駒平喜出長 文の里、田辺、駒川中野、平野、喜連瓜破、出戸、長原
0%
平フ結石田笠新 平端、ファミリー公園前、結崎、石見、田原本、笠縫、新ノ口
0%
平一畦山笹光と 平野、一の鳥居、畦野、山下、笹部、光風台、ときわ台
0%
平越梅豊上土竹 平戸橋、越戸、梅坪、豊田市、上挙母、土橋、竹村
0%
平暁山保北梅大 平津、暁学園前、山城、保々、北勢中央公園口、梅戸井、大安
0%
平駒田文阿天四 平野、駒川中野、田辺、文の里、阿倍野、天王寺、四天王寺前夕陽ヶ丘
0%
平元東萩南一菜 平群、元山上口、東山、萩の台、南生駒、一分、菜畑
0%
平原植塩八い川 平針、原、植田、塩釜口、八事、いりなか、川名
0%
平原大浦茂スス 平和公園、原爆資料館、大学病院、浦上駅前、茂里町、スタジアムシティノース、スタジアムシティサウス
0%
平五坂慈谷宇南 平川、五位野、坂之上、慈眼寺、谷山、宇宿、南鹿児島
0%
平高山木新狛近 平城、高の原、山田川、木津川台、新祝園、狛田、近鉄宮津
0%
平高備備七山下 平子、高、備後庄原、備後三日市、七塚、山ノ内、下和知
0%
平志黒名名久栄 平安通、志賀本通、黒川、名城公園、名古屋城、久屋大通、栄
0%
平上警勝大県市 平和通一丁目、上一万、警察署前、勝山町、大街道、県庁前、市役所前
0%
平石宮大西あ山 平福、石井、宮本武蔵、大原、西粟倉、あわくら温泉、山郷
0%
平赤鉄清高木本 平和通一丁目、赤十字病院前、鉄砲町、清水町、高砂町、木屋町、本町六丁目
0%
平多鼓鶯滝絹川 平野、多田、鼓滝、鶯の森、滝山、絹延橋、川西能勢口
0%
平大ナ砂茶自本 平安通、大曽根、ナゴヤドーム前矢田、砂田橋、茶屋ヶ坂、自由ヶ丘、本山
0%
平大浦岩長若千 平和公園、大橋、浦上車庫、岩屋橋、長崎大学、若葉町、千歳町
0%
平鷹久北福い石 平井、鷹ノ子、久米、北久米、福音寺、いよ立花、石手川公園
0%
平旦香片城北競 平和通、旦過、香春口三萩野、片野、城野、北方、競馬場前
0%
平筒近九西尼大 平端、筒井、近鉄郡山、九条、西ノ京、尼ヶ辻、大和西大寺
0%
平奈郡大法王三 平城山、奈良、郡山、大和小泉、法隆寺、王寺、三郷
0%
平南新水東竜武 平成、南熊本、新水前寺、水前寺、東海学園前、竜田口、武蔵塚
0%
平南南フポポ中 平林、南港口、南港東、フェリーターミナル、ポートタウン東、ポートタウン西、中ふ頭
0%
平農池高西水元 平木、農学部前、池戸、高田、西前田、水田、元山
0%
平梅牛牛田見愛 平井、梅本、牛渕団地前、牛渕、田窪、見奈良、愛大医学部南口
0%
平備比備道小内 平子、備後西城、比婆山、備後落合、道後山、小奴可、内名
0%
平木上棚玉山山 平城山、木津、上狛、棚倉、玉水、山城多賀、山城青谷
0%
並亀馬保嵯太花 並河、亀岡、馬堀、保津峡、嵯峨嵐山、太秦、花園
0%
米フ鳥彦ひ彦高 米原、フジテック前、鳥居本、彦根、ひこね芹川、彦根口、高宮
0%
米安荒揖東松乃 米子、安来、荒島、揖屋、東松江、松江、乃木
0%
米黄烏近伏戸近 米野、黄金、烏森、近鉄八田、伏屋、戸田、近鉄蟹江
0%
米高勝大周生周 米川、高水、勝間、大河内、周防久保、生野屋、周防花岡
0%
米黒三浄上梅豊 米野木、黒笹、三好ヶ丘、浄水、上豊田、梅坪、豊田市
0%
米坂田長虎河高 米原、坂田、田村、長浜、虎姫、河毛、高月
0%
米桜西西福上吉 米津、桜町前、西尾口、西尾、福地、上横須賀、吉良吉田
0%
米周玖欽柱川西 米川、周防高森、玖珂、欽明路、柱野、川西、西岩国
0%
米出西高野折阿 米ノ津、出水、西出水、高尾野、野田郷、折口、阿久根
0%
米新荻旭江市志 米島口、新能町、荻布、旭ヶ丘、江尻、市民病院前、志貴野中学校前
0%
米醒近柏関垂大 米原、醒ケ井、近江長岡、柏原、関ケ原、垂井、大垣
0%
米袋水新津湯佐 米ノ津、袋、水俣、新水俣、津奈木、湯浦、佐敷
0%
米大和弓河三後 米子空港、大篠津町、和田浜、弓ケ浜、河崎口、三本松口、後藤
0%
米中高余上馬境 米子空港、中浜、高松町、余子、上道、馬場崎町、境港
0%
米東伯岸伯江武 米子、東山公園、伯耆大山、岸本、伯耆溝口、江尾、武庫
0%
米東伯淀大名御 米子、東山公園、伯耆大山、淀江、大山口、名和、御来屋
0%
米南桜堀碧南北 米津、南桜井、桜井、堀内公園、碧海古井、南安城、北安城
0%
米能新吉中六庄 米島口、能町口、新吉久、吉久、中伏木、六渡寺、庄川口
0%
米博富後三河弓 米子、博労町、富士見町、後藤、三本松口、河崎口、弓ケ浜
0%
米彦南河稲能安 米原、彦根、南彦根、河瀬、稲枝、能登川、安土
0%
碧新北高三吉小 碧南中央、新川町、北新川、高浜港、三河高浜、吉浜、小垣江
0%
碧碧新北高三吉 碧南、碧南中央、新川町、北新川、高浜港、三河高浜、吉浜
0%
碧堀桜南米桜西 碧海古井、堀内公園、桜井、南桜井、米津、桜町前、西尾口
0%
別亀豊暘日大杵 別府大学、亀川、豊後豊岡、暘谷、日出、大神、杵築
0%
別寺十土舟舟舟 別院前、寺町、十日市町、土橋、舟入町、舟入本町、舟入幸町
0%
別寺十本原紙本 別院前、寺町、十日市町、本川町、原爆ドーム前、紙屋町西、本通
0%
別茶金七福梅野 別府、茶山、金山、七隈、福大前、梅林、野芥
0%
別東西大牧高鶴 別府、東別府、西大分、大分、牧、高城、鶴崎
0%
別播西東山西江 別府、播磨町、西二見、東二見、山陽魚住、西江井ヶ島、江井ヶ島
0%
別浜尾高荒伊山 別府、浜の宮、尾上の松、高砂、荒井、伊保、山陽曽根
0%
別別亀豊暘日大 別府、別府大学、亀川、豊後豊岡、暘谷、日出、大神
0%
別別東西大牧高 別府大学、別府、東別府、西大分、大分、牧、高城
0%
別六桜薬薬渡天 別府、六本松、桜坂、薬院大通、薬院、渡辺通、天神南
0%
片瓦花林木元水 片原町、瓦町、花園、林道、木太東口、元山、水田
0%
片瓦栗三伏太仏 片原町、瓦町、栗林公園、三条、伏石、太田、仏生山
0%
片坂急広志市江 片原町、坂下町、急患医療センター前、広小路、志貴野中学校前、市民病院前、江尻
0%
片城北競守徳徳 片野、城野、北方、競馬場前、守恒、徳力公団前、徳力嵐山口
0%
辺山日北木田由 辺川、山河内、日和佐、北河内、木岐、田井ノ浜、由岐
0%
弁九阿本堺谷森 弁天町、九条、阿波座、本町、堺筋本町、谷町四丁目、森ノ宮
0%
弁西野福大天桜 弁天町、西九条、野田、福島、大阪、天満、桜ノ宮
0%
弁大芦今新天寺 弁天町、大正、芦原橋、今宮、新今宮、天王寺、寺田町
0%
保貝四愛新新三 保見、貝津、四郷、愛環梅坪、新豊田、新上挙母、三河豊田
0%
保嵯太花円二丹 保津峡、嵯峨嵐山、太秦、花園、円町、二条、丹波口
0%
保篠八山瀬瀬中 保見、篠原、八草、山口、瀬戸口、瀬戸市、中水野
0%
保小越山越轟光 保田、小舟渡、越前竹原、山王、越前野中、轟、光明寺
0%
保馬亀並千八吉 保津峡、馬堀、亀岡、並河、千代川、八木、吉富
0%
保北梅大三丹伊 保々、北勢中央公園口、梅戸井、大安、三里、丹生川、伊勢治田
0%
穂大垂関柏近醒 穂積、大垣、垂井、関ケ原、柏原、近江長岡、醒ケ井
0%
母洲湯梅美松関 母野、洲原、湯の洞温泉口、梅山、美濃市、松森、関下有知
0%
母木八み大福美 母野、木尾、八坂、みなみ子宝温泉、大矢、福野、美並苅安
0%
宝加東土魚大西 宝殿、加古川、東加古川、土山、魚住、大久保、西明石
0%
宝逆小仁甲門西 宝塚南口、逆瀬川、小林、仁川、甲東園、門戸厄神、西宮北口
0%
宝清売中山雲川 宝塚、清荒神、売布神社、中山観音、山本、雲雀丘花屋敷、川西能勢口
0%
宝生西武道三新 宝塚、生瀬、西宮名塩、武田尾、道場、三田、新三田
0%
宝知知知知葛西 宝永町、知寄町一丁目、知寄町二丁目、知寄町、知寄町三丁目、葛島橋東詰、西高須
0%
宝中川北伊猪塚 宝塚、中山寺、川西池田、北伊丹、伊丹、猪名寺、塚口
0%
宝八岩木京二市 宝ケ池、八幡前、岩倉、木野、京都精華大前、二軒茶屋、市原
0%
宝浜青泊松倉下 宝木、浜村、青谷、泊、松崎、倉吉、下北条
0%
宝敷南羽千金能 宝達、敷浪、南羽咋、羽咋、千路、金丸、能登部
0%
宝宝逆小仁甲門 宝塚、宝塚南口、逆瀬川、小林、仁川、甲東園、門戸厄神
0%
宝末鳥湖鳥福大 宝木、末恒、鳥取大学前、湖山、鳥取、福部、大岩
0%
宝免高横宇能本 宝達、免田、高松、横山、宇野気、能瀬、本津幡
0%
峰網夕小か久コ 峰山、網野、夕日ヶ浦木津温泉、小天橋、かぶと山、久美浜、コウノトリの郷
0%
放徳鴻住野四忍 放出、徳庵、鴻池新田、住道、野崎、四条畷、忍ケ丘
0%
方井石新備足新 方谷、井倉、石蟹、新見、備中神代、足立、新郷
0%
方備木備備美日 方谷、備中川面、木野山、備中高梁、備中広瀬、美袋、日羽
0%
法王三河高柏志 法隆寺、王寺、三郷、河内堅上、高井田、柏原、志紀
0%
法恩高河近久弥 法善寺、恩智、高安、河内山本、近鉄八尾、久宝寺口、弥刀
0%
法堅安河大関二 法善寺、堅下、安堂、河内国分、大阪教育大前、関屋、二上
0%
法備玉牧野金建 法界院、備前原、玉柏、牧山、野々口、金川、建部
0%
芳紀紀朝白紀椿 芳養、紀伊田辺、紀伊新庄、朝来、白浜、紀伊富田、椿
0%
芳南岩切印稲和 芳養、南部、岩代、切目、印南、稲原、和佐
0%
蓬志比近北近安 蓬莱、志賀、比良、近江舞子、北小松、近江高島、安曇川
0%
蓬和小堅お比唐 蓬莱、和邇、小野、堅田、おごと温泉、比叡山坂本、唐崎
0%
豊コ久か小夕網 豊岡、コウノトリの郷、久美浜、かぶと山、小天橋、夕日ヶ浦木津温泉、網野
0%
豊や杉老大向植 豊島、やぐま台、杉山、老津、大清水、向ヶ丘、植田
0%
豊愛五河八長大 豊郷、愛知川、五箇荘、河辺の森、八日市、長谷野、大学前
0%
豊伊小国御名名 豊橋、伊奈、小田渕、国府、御油、名電赤坂、名電長沢
0%
豊引恵豊北杉天 豊後中村、引治、恵良、豊後森、北山田、杉河内、天ケ瀬
0%
豊宇三吉中東今 豊前松江、宇島、三毛門、吉富、中津、東中津、今津
0%
豊宇西立中杵大 豊前長洲、宇佐、西屋敷、立石、中山香、杵築、大神
0%
豊岡曽服庄三十 豊中、岡町、曽根、服部天神、庄内、三国、十三
0%
豊観本比高み詫 豊浜、観音寺、本山、比地大、高瀬、みの、詫間
0%
豊亀別別東西大 豊後豊岡、亀川、別府大学、別府、東別府、西大分、大分
0%
豊玉豊滝波宮い 豊後竹田、玉来、豊後荻、滝水、波野、宮地、いこいの村
0%
豊玉豊朝緒豊三 豊後荻、玉来、豊後竹田、朝地、緒方、豊後清川、三重町
0%
豊恵引豊野由南 豊後森、恵良、引治、豊後中村、野矢、由布院、南由布
0%
豊蛍石池川雲山 豊中、蛍池、石橋阪大前、池田、川西能勢口、雲雀丘花屋敷、山本
0%
豊玄城竹佐柴香 豊岡、玄武洞、城崎温泉、竹野、佐津、柴山、香住
0%
豊向鬼小天庄湯 豊後国分、向之原、鬼瀬、小野屋、天神山、庄内、湯平
0%
豊国江八養和梁 豊岡、国府、江原、八鹿、養父、和田山、梁瀬
0%
豊三菅犬竹中大 豊後清川、三重町、菅尾、犬飼、竹中、中判田、大分大学前
0%
豊三名岐米京新 豊橋、三河安城、名古屋、岐阜羽島、米原、京都、新大阪
0%
豊緒朝豊玉豊滝 豊後清川、緒方、朝地、豊後竹田、玉来、豊後荻、滝水
0%
豊上土竹若三三 豊田市、上挙母、土橋、竹村、若林、三河八橋、三河知立
0%
豊新東犀崎源油 豊津、新豊津、東犀川三四郎、犀川、崎山、源じいの森、油須原
0%
豊西愛三三蒲三 豊橋、西小坂井、愛知御津、三河大塚、三河三谷、蒲郡、三河塩津
0%
豊千磯鼓白千伊 豊津上野、千里、磯山、鼓ヶ浦、白子、千代崎、伊勢若松
0%
豊船下小牛豊三 豊橋、船町、下地、小坂井、牛久保、豊川、三河一宮
0%
豊前中有左鳴本 豊明、前後、中京競馬場前、有松、左京山、鳴海、本星崎
0%
豊大土大土角繁 豊永、大田口、土佐穴内、大杉、土佐北川、角茂谷、繁藤
0%
豊滝波宮い阿内 豊後荻、滝水、波野、宮地、いこいの村、阿蘇、内牧
0%
豊池田田一香採 豊前川崎、池尻、田川後藤寺、田川伊田、一本松、香春、採銅所
0%
豊朝緒豊三菅犬 豊後竹田、朝地、緒方、豊後清川、三重町、菅尾、犬飼
0%
豊椎築新南行小 豊前松江、椎田、築城、新田原、南行橋、行橋、小波瀬西工大前
0%
豊天今東中吉三 豊前善光寺、天津、今津、東中津、中津、吉富、三毛門
0%
豊天杉北豊恵引 豊後中川、天ケ瀬、杉河内、北山田、豊後森、恵良、引治
0%
豊土大小阿祖三 豊永、土佐岩原、大歩危、小歩危、阿波川口、祖谷口、三縄
0%
豊東前東東競井 豊橋公園前、東八町、前畑、東田坂上、東田、競輪場前、井原
0%
豊道大大柴名聚 豊田本町、道徳、大江、大同町、柴田、名和、聚楽園
0%
豊尼高彦ひ彦鳥 豊郷、尼子、高宮、彦根口、ひこね芹川、彦根、鳥居本
0%
豊日光夜筑う筑 豊後三芳、日田、光岡、夜明、筑後大石、うきは、筑後吉井
0%
豊梅上浄三黒米 豊田市、梅坪、上豊田、浄水、三好ヶ丘、黒笹、米野木
0%
豊白高江津津南 豊津上野、白塚、高田本山、江戸橋、津、津新町、南が丘
0%
豊富一知牛新宇 豊明、富士松、一ツ木、知立、牛田、新安城、宇頭
0%
豊豊天杉北豊恵 豊後三芳、豊後中川、天ケ瀬、杉河内、北山田、豊後森、恵良
0%
豊豊日光夜筑う 豊後中川、豊後三芳、日田、光岡、夜明、筑後大石、うきは
0%
豊北杉天豊豊日 豊後森、北山田、杉河内、天ケ瀬、豊後中川、豊後三芳、日田
0%
豊箕川伊伊赤伊 豊浜、箕浦、川之江、伊予三島、伊予寒川、赤星、伊予土居
0%
豊野由南湯庄天 豊後中村、野矢、由布院、南由布、湯平、庄内、天神山
0%
豊柳豊宇西立中 豊前善光寺、柳ケ浦、豊前長洲、宇佐、西屋敷、立石、中山香
0%
豊柳豊天今東中 豊前長洲、柳ケ浦、豊前善光寺、天津、今津、東中津、中津
0%
豊暘日大杵中立 豊後豊岡、暘谷、日出、大神、杵築、中山香、立石
0%
鳳津上百三堺浅 鳳、津久野、上野芝、百舌鳥、三国ケ丘、堺市、浅香
0%
鳳富北信和久下 鳳、富木、北信太、信太山、和泉府中、久米田、下松
0%
坊浮高尺磐当二 坊城、浮孔、高田市、尺土、磐城、当麻寺、二上神社口
0%
房塩八大六八古 房前、塩屋、八栗新道、大町、六万寺、八栗、古高松
0%
貿ポ中み市医計 貿易センター、ポートターミナル、中公園、みなとじま、市民広場、医療センター、計算科学センター
0%
防富戸福新徳櫛 防府、富海、戸田、福川、新南陽、徳山、櫛ケ浜
0%
北あ長西昭天動 北花田、あびこ、長居、西田辺、昭和町、天王寺、動物園前
0%
北ス家サ西西水 北府、スポーツ公園、家久、サンドーム西、西鯖江、西山公園、水落
0%
北モ糸本織木谷 北方真桑、モレラ岐阜、糸貫、本巣、織部、木知原、谷汲口
0%
北鞍今丸烏四五 北大路、鞍馬口、今出川、丸太町、烏丸御池、四条、五条
0%
北伊枝中八宇咥 北内、伊野商業前、枝川、中山、八代通、宇治団地前、咥内
0%
北伊小内折青子 北郷、伊比井、小内海、内海、折生迫、青島、子供の国
0%
北伊猪塚尼塚大 北伊丹、伊丹、猪名寺、塚口、尼崎、塚本、大阪
0%
北越越越下柿勝 北大野、越前大野、越前田野、越前富田、下唯野、柿ケ島、勝原
0%
北延南旭土門日 北延岡、延岡、南延岡、旭ケ丘、土々呂、門川、日向市
0%
北塩海新近川阿 北楠、塩浜、海山道、新正、近鉄四日市、川原町、阿倉川
0%
北亀八堀新須三 北熊本、亀井、八景水谷、堀川、新須屋、須屋、三ツ石
0%
北吉掖玉御大高 北宇智、吉野口、掖上、玉手、御所、大和新庄、高田
0%
北久鷹平梅牛牛 北久米、久米、鷹ノ子、平井、梅本、牛渕団地前、牛渕
0%
北牛計越越美小 北大野、牛ケ原、計石、越前大宮、越前薬師、美山、小和清水
0%
北競守徳徳志企 北方、競馬場前、守恒、徳力公団前、徳力嵐山口、志井、企救丘
0%
北玉岸花大な四 北加賀屋、玉出、岸里、花園町、大国町、なんば、四ツ橋
0%
北近安新近近マ 北小松、近江高島、安曇川、新旭、近江今津、近江中庄、マキノ
0%
北五大隅下橋紀 北宇智、五条、大和二見、隅田、下兵庫、橋本、紀伊山田
0%
北広東北室大西 北神戸、広神戸、東赤坂、北大垣、室、大垣、西大垣
0%
北高伊立下卯上 北宇和島、高光、伊予吉田、立間、下宇和、卯之町、上宇和
0%
北高羽浜諏石湊 北助松、高石、羽衣、浜寺公園、諏訪ノ森、石津川、湊
0%
北高三吉小刈刈 北新川、高浜港、三河高浜、吉浜、小垣江、刈谷市、刈谷
0%
北高武永三上有 北方、高橋、武雄温泉、永尾、三間坂、上有田、有田
0%
北今針矢河布高 北田辺、今川、針中野、矢田、河内天美、布忍、高見ノ里
0%
北財五西都三餅 北俣、財部、五十市、西都城、都城、三股、餅原
0%
北堺長日恵動天 北浜、堺筋本町、長堀橋、日本橋、恵美須町、動物園前、天下茶屋
0%
北鯖武王南湯今 北鯖江、鯖江、武生、王子保、南条、湯尾、今庄
0%
北三永末三新新 北野桝塚、三河上郷、永覚、末野原、三河豊田、新上挙母、新豊田
0%
北山泉左野皆中 北佐世保、山の田、泉福寺、左石、野中、皆瀬、中里
0%
北山南千関豊吹 北千里、山田、南千里、千里山、関大前、豊津、吹田
0%
北山箕谷花大神 北鈴蘭台、山の街、箕谷、谷上、花山、大池、神鉄六甲
0%
北市宗重直直上 北川、市棚、宗太郎、重岡、直川、直見、上岡
0%
北七上磯割三三 北鉄金沢、七ツ屋、上諸江、磯部、割出、三口、三ツ屋
0%
北舟鹿田東新介 北浦、舟戸、鹿児、田辺島通、東新木、新木、介良通
0%
北松泉忠春和岸 北助松、松ノ浜、泉大津、忠岡、春木、和泉大宮、岸和田
0%
北城片香旦平小 北方、城野、片野、香春口三萩野、旦過、平和通、小倉
0%
北信和久下東東 北信太、信太山、和泉府中、久米田、下松、東岸和田、東貝塚
0%
北杉天豊豊日光 北山田、杉河内、天ケ瀬、豊後中川、豊後三芳、日田、光岡
0%
北聖天東塚東住 北天下茶屋、聖天坂、天神ノ森、東玉出、塚西、東粉浜、住吉
0%
北川中宝生西武 北伊丹、川西池田、中山寺、宝塚、生瀬、西宮名塩、武田尾
0%
北大越福森春丸 北鯖江、大土呂、越前花堂、福井、森田、春江、丸岡
0%
北大金大本上馬 北野、大城、金島、大堰、本郷、上浦、馬田
0%
北大三三割磯上 北間、大河端、三ツ屋、三口、割出、磯部、上諸江
0%
北大北財五西都 北永野田、大隅大川原、北俣、財部、五十市、西都城、都城
0%
北大北三永末三 北岡崎、大門、北野桝塚、三河上郷、永覚、末野原、三河豊田
0%
北大北霧国隼加 北俣、大隅大川原、北永野田、霧島神宮、国分、隼人、加治木
0%
北池北広東北室 北池野、池野、北神戸、広神戸、東赤坂、北大垣、室
0%
北庭中倉西新金 北長瀬、庭瀬、中庄、倉敷、西阿知、新倉敷、金光
0%
北天京野関森千 北浜、天満橋、京橋、野江、関目、森小路、千林
0%
北東広北池北美 北大垣、東赤坂、広神戸、北神戸、池野、北池野、美濃本郷
0%
北等龍妙御宇鳴 北野白梅町、等持院・立命館大学衣笠キャンパス前、龍安寺、妙心寺、御室仁和寺、宇多野、鳴滝
0%
北内飫日油大南 北郷、内之田、飫肥、日南、油津、大堂津、南郷
0%
北南碧堀桜南米 北安城、南安城、碧海古井、堀内公園、桜井、南桜井、米津
0%
北楠長箕伊千白 北楠、楠、長太ノ浦、箕田、伊勢若松、千代崎、白子
0%
北日山辺牟鯖浅 北河内、日和佐、山河内、辺川、牟岐、鯖瀬、浅川
0%
北日北延南旭土 北川、日向長井、北延岡、延岡、南延岡、旭ケ丘、土々呂
0%
北播長播法田網 北条町、播磨横田、長、播磨下里、法華口、田原、網引
0%
北梅大三丹伊東 北勢中央公園口、梅戸井、大安、三里、丹生川、伊勢治田、東藤原
0%
北萩初白中百三 北野田、萩原天神、初芝、白鷺、中百舌鳥、百舌鳥八幡、三国ヶ丘
0%
北白白美大大上 北濃、白山長滝、白鳥高原、美濃白鳥、大島、大中、上万場
0%
北保山暁平大近 北勢中央公園口、保々、山城、暁学園前、平津、大矢知、近鉄富田
0%
北豊恵引豊野由 北山田、豊後森、恵良、引治、豊後中村、野矢、由布院
0%
北北鞍今丸烏四 北山、北大路、鞍馬口、今出川、丸太町、烏丸御池、四条
0%
北北伊枝中八宇 北山、北内、伊野商業前、枝川、中山、八代通、宇治団地前
0%
北務伊二大深近 北宇和島、務田、伊予宮野下、二名、大内、深田、近永
0%
北霧国隼加錦帖 北永野田、霧島神宮、国分、隼人、加治木、錦江、帖佐
0%
北椋南清根河柳 北河内、椋野、南桑、清流みはらし、根笠、河山、柳瀬
0%
北木田由阿新桑 北河内、木岐、田井ノ浜、由岐、阿波福井、新野、桑野
0%
北領清一明長小 北浦、領石通、清和学園前、一条橋、明見橋、長崎、小篭通
0%
墨丹伏中淀石橋 墨染、丹波橋、伏見桃山、中書島、淀、石清水八幡宮、橋本
0%
墨藤龍伏鳥東七 墨染、藤森、龍谷大前深草、伏見稲荷、鳥羽街道、東福寺、七条
0%
牧安お古市儀首 牧志、安里、おもろまち、古島、市立病院前、儀保、首里
0%
牧下公大大二大 牧、下天津、公庄、大江、大江高校前、二俣、大江山口内宮
0%
牧御枚枚光香寝 牧野、御殿山、枚方市、枚方公園、光善寺、香里園、寝屋川市
0%
牧高鶴大坂幸佐 牧、高城、鶴崎、大在、坂ノ市、幸崎、佐志生
0%
牧樟橋石淀中伏 牧野、樟葉、橋本、石清水八幡宮、淀、中書島、伏見桃山
0%
牧大西東別別亀 牧、大分、西大分、東別府、別府、別府大学、亀川
0%
牧美県旭壺奥小 牧志、美栄橋、県庁前、旭橋、壺川、奥武山公園、小禄
0%
牧野金建福神弓 牧山、野々口、金川、建部、福渡、神目、弓削
0%
堀呼桜本本鳴左 堀田、呼続、桜、本笠寺、本星崎、鳴海、左京山
0%
堀光粟柳伊大浅 堀江、光洋台、粟井、柳原、伊予北条、大浦、浅海
0%
堀小西広上西中 堀川小泉、小泉町、西中野、広貫堂前、上本町、西町、中町
0%
堀新須三黒熊再 堀川、新須屋、須屋、三ツ石、黒石、熊本高専前、再春医療センター前
0%
堀神金山名栄東 堀田、神宮前、金山、山王、名鉄名古屋、栄生、東枇杷島
0%
堀大高県グ枡上 堀詰、大橋通、高知城前、県庁前、グランド通、枡形、上町一丁目
0%
堀熱熱西金東上 堀田、熱田神宮伝馬町、熱田神宮西、西高蔵、金山、東別院、上前津
0%
堀妙新瑞総八八 堀田、妙音通、新瑞橋、瑞穂運動場東、総合リハビリセンター、八事、八事日赤
0%
本阿九弁朝大コ 本町、阿波座、九条、弁天町、朝潮橋、大阪港、コスモスクエア
0%
本河入白西西寺 本郷、河内、入野、白市、西高屋、西条、寺家
0%
本覚池今千新栄 本山、覚王山、池下、今池、千種、新栄町、栄
0%
本観豊箕川伊伊 本山、観音寺、豊浜、箕浦、川之江、伊予三島、伊予寒川
0%
本亀名伏栄新千 本陣、亀島、名古屋、伏見、栄、新栄町、千種
0%
本県城新白牛不 本通、県庁前、城北、新白島、白島、牛田、不動院前
0%
本原紙紙立八胡 本川町、原爆ドーム前、紙屋町西、紙屋町東、立町、八丁堀、胡町
0%
本原紙本袋中市 本川町、原爆ドーム前、紙屋町西、本通、袋町、中電前、市役所前
0%
本厚宇小厚埴小 本由良、厚東、宇部、小野田、厚狭、埴生、小月
0%
本幸小干森釜諫 本諫早、幸、小野、干拓の里、森山、釜ノ鼻、諫早東高校
0%
本黒日比新西滝 本黒田、黒田庄、日本へそ公園、比延、新西脇、西脇市、滝
0%
本桜呼堀神金山 本笠寺、桜、呼続、堀田、神宮前、金山、山王
0%
本三湯三柿三池 本長篠、三河大野、湯谷温泉、三河槙原、柿平、三河川合、池場
0%
本四な大花岸玉 本町、四ツ橋、なんば、大国町、花園町、岸里、玉出
0%
本糸モ北美十横 本巣、糸貫、モレラ岐阜、北方真桑、美江寺、十九条、横屋
0%
本紙原本十寺別 本通、紙屋町西、原爆ドーム前、本川町、十日市町、寺町、別院前
0%
本紙原本十土小 本通、紙屋町西、原爆ドーム前、本川町、十日市町、土橋、小網町
0%
本紙立八胡銀稲 本通、紙屋町東、立町、八丁堀、胡町、銀山町、稲荷町
0%
本自茶砂ナ大平 本山、自由ヶ丘、茶屋ヶ坂、砂田橋、ナゴヤドーム前矢田、大曽根、平安通
0%
本十土舟舟舟舟 本川町、十日市町、土橋、舟入町、舟入本町、舟入幸町、舟入川口町
0%
本十土小天観西 本川町、十日市町、土橋、小網町、天満町、観音町、西観音町
0%
本上一星東本覚 本郷、上社、一社、星ヶ丘、東山公園、本山、覚王山
0%
本上大相棚真小 本山、上相浦、大学、相浦、棚方、真申、小浦
0%
本織木谷神高鍋 本巣、織部、木知原、谷汲口、神海、高科、鍋原
0%
本心な大動天昭 本町、心斎橋、なんば、大国町、動物園前、天王寺、昭和町
0%
本杉段蔚新洗西 本妙寺入口、杉塘、段山町、蔚山町、新町、洗馬橋、西辛島町
0%
本石東青日青津 本俣賀、石見横田、東青原、青原、日原、青野山、津和野
0%
本相岩厳多中東 本牟田部、相知、岩屋、厳木、多久、中多久、東多久
0%
本袋中市鷹日広 本通、袋町、中電前、市役所前、鷹野橋、日赤病院前、広電本社前
0%
本大下西西太鷲 本荘、大関、下兵庫こうふく、西長田ゆりの里、西春江ハートピア、太郎丸エンゼルランド、鷲塚針原
0%
本大金大北古学 本郷、大堰、金島、大城、北野、古賀茶屋、学校前
0%
本中皆野左泉山 本山、中里、皆瀬、野中、左石、泉福寺、山の田
0%
本長鳥大三茶東 本長篠、長篠城、鳥居、大海、三河東郷、茶臼山、東新町
0%
本東星一上本藤 本山、東山公園、星ヶ丘、一社、上社、本郷、藤が丘
0%
本東播千西三播 本竜野、東觜崎、播磨新宮、千本、西栗栖、三日月、播磨徳久
0%
本能宇横高免宝 本津幡、能瀬、宇野気、横山、高松、免田、宝達
0%
本番あ水三三三 本荘、番田、あわら湯のまち、水居、三国神社、三国、三国港
0%
本比高み詫津海 本山、比地大、高瀬、みの、詫間、津島ノ宮、海岸寺
0%
本本本本本南松 本町六丁目、本町五丁目、本町四丁目、本町三丁目、本町一丁目、南堀端、松山市駅
0%
本本鳴左有中前 本笠寺、本星崎、鳴海、左京山、有松、中京競馬場前、前後
0%
本名藤美男東岡 本宿、名電山中、藤川、美合、男川、東岡崎、岡崎公園前
0%
本名八八総瑞新 本山、名古屋大学、八事日赤、八事、総合リハビリセンター、瑞穂運動場東、新瑞橋
0%
本名名御国小伊 本宿、名電長沢、名電赤坂、御油、国府、小田渕、伊奈
0%
本鳴左有中前豊 本星崎、鳴海、左京山、有松、中京競馬場前、前後、豊明
0%
本木高清鉄赤平 本町六丁目、木屋町、高砂町、清水町、鉄砲町、赤十字病院前、平和通一丁目
0%
本有千横岩沢釜 本宮、有峰口、千垣、横江、岩峅寺、沢中山、釜ヶ淵
0%
本淀梅中西新東 本町、淀屋橋、梅田、中津、西中島南方、新大阪、東三国
0%
摩六住摂甲芦さ 摩耶、六甲道、住吉、摂津本山、甲南山手、芦屋、さくら夙川
0%
麻鴨西阿学山阿 麻植塚、鴨島、西麻植、阿波川島、学、山瀬、阿波山川
0%
麻牛下石府鮎蔵 麻植塚、牛島、下浦、石井、府中、鮎喰、蔵本
0%
麻楚大東穴七星 麻生田、楚原、大泉、東員、穴太、七和、星川
0%
妹備早久茶彦備 妹尾、備中箕島、早島、久々原、茶屋町、彦崎、備前片岡
0%
枚額石生東富学 枚岡、額田、石切、生駒、東生駒、富雄、学園前
0%
枚宮星村郡交河 枚方市、宮之阪、星ヶ丘、村野、郡津、交野市、河内森
0%
枚御牧樟橋石淀 枚方市、御殿山、牧野、樟葉、橋本、石清水八幡宮、淀
0%
枚光香寝萱大古 枚方公園、光善寺、香里園、寝屋川市、萱島、大和田、古川橋
0%
枚瓢東河若八河 枚岡、瓢箪山、東花園、河内花園、若江岩田、八戸ノ里、河内小阪
0%
枚枚御牧樟橋石 枚方公園、枚方市、御殿山、牧野、樟葉、橋本、石清水八幡宮
0%
枚枚光香寝萱大 枚方市、枚方公園、光善寺、香里園、寝屋川市、萱島、大和田
0%
末永三北大北中 末野原、永覚、三河上郷、北野桝塚、大門、北岡崎、中岡崎
0%
末三新新愛四貝 末野原、三河豊田、新上挙母、新豊田、愛環梅坪、四郷、貝津
0%
末鳥湖鳥福大岩 末恒、鳥取大学前、湖山、鳥取、福部、大岩、岩美
0%
末片坂急広志市 末広町、片原町、坂下町、急患医療センター前、広小路、志貴野中学校前、市民病院前
0%
万宇南沢摂南大 万博記念公園、宇野辺、南茨木、沢良宜、摂津、南摂津、大日
0%
万駅近戸上新高 万能倉、駅家、近田、戸手、上戸手、新市、高木
0%
万熊和吉三上有 万富、熊山、和気、吉永、三石、上郡、有年
0%
万郡徳山自郡相 万場、郡上大和、徳永、山田、自然園前、郡上八幡、相生
0%
万山千少柴蛍大 万博記念公園、山田、千里中央、少路、柴原阪大前、蛍池、大阪空港
0%
万上大大美白白 万場、上万場、大中、大島、美濃白鳥、白鳥高原、白山長滝
0%
万瀬上東高西岡 万富、瀬戸、上道、東岡山、高島、西川原、岡山
0%
万東高日高広小 万ケ塚、東高崎、高崎新田、日向前田、高原、広原、小林
0%
万道湯神横備福 万能倉、道上、湯田村、神辺、横尾、備後本庄、福山
0%
味宮櫛西花聖津 味坂、宮の陣、櫛原、西鉄久留米、花畑、聖マリア病院前、津福
0%
味交九水通熊花 味噌天神前、交通局前、九品寺交差点、水道町、通町筋、熊本城・市役所前、花畑町
0%
味新国水市商八 味噌天神前、新水前寺駅前、国府、水前寺公園、市立体育館前、商業高校前、八丁馬場
0%
味端西大三三津 味坂、端間、西鉄小郡、大保、三沢、三国が丘、津古
0%
味味春牛間小小 味鋺、味美、春日井、牛山、間内、小牧口、小牧
0%
箕伊千白鼓磯千 箕田、伊勢若松、千代崎、白子、鼓ヶ浦、磯山、千里
0%
箕山北鈴鵯丸長 箕谷、山の街、北鈴蘭台、鈴蘭台、鵯越、丸山、長田
0%
箕初下加冷海黒 箕島、初島、下津、加茂郷、冷水浦、海南、黒江
0%
箕川伊伊赤伊関 箕浦、川之江、伊予三島、伊予寒川、赤星、伊予土居、関川
0%
箕長楠北塩海新 箕田、長太ノ浦、楠、北楠、塩浜、海山道、新正
0%
箕豊観本比高み 箕浦、豊浜、観音寺、本山、比地大、高瀬、みの
0%
湊堺七住住粉岸 湊、堺、七道、住ノ江、住吉大社、粉浜、岸里玉出
0%
湊石諏浜羽高北 湊、石津川、諏訪ノ森、浜寺公園、羽衣、高石、北助松
0%
湊長丸鵯鈴北山 湊川、長田、丸山、鵯越、鈴蘭台、北鈴蘭台、山の街
0%
妙と光笹山畦一 妙見口、ときわ台、光風台、笹部、山下、畦野、一の鳥居
0%
妙花大宿寺御東 妙国寺前、花田口、大小路、宿院、寺地町、御陵前、東湊
0%
妙御宇鳴常撮帷 妙心寺、御室仁和寺、宇多野、鳴滝、常盤、撮影所前、帷子ノ辻
0%
妙新瑞総八八名 妙音通、新瑞橋、瑞穂運動場東、総合リハビリセンター、八事、八事日赤、名古屋大学
0%
妙神綾高大我安 妙国寺前、神明町、綾ノ町、高須神社、大和川、我孫子道、安立町
0%
妙大笠西名粉紀 妙寺、大谷、笠田、西笠田、名手、粉河、紀伊長田
0%
妙中高紀橋下隅 妙寺、中飯降、高野口、紀伊山田、橋本、下兵庫、隅田
0%
妙堀熱熱西金東 妙音通、堀田、熱田神宮伝馬町、熱田神宮西、西高蔵、金山、東別院
0%
妙名今石新黒木 妙興寺、名鉄一宮、今伊勢、石刀、新木曽川、黒田、木曽川堤
0%
妙名総学伊西西 妙法寺、名谷、総合運動公園、学園都市、伊川谷、西神南、西神中央
0%
務伊二大深近出 務田、伊予宮野下、二名、大内、深田、近永、出目
0%
牟辺山日北木田 牟岐、辺川、山河内、日和佐、北河内、木岐、田井ノ浜
0%
霧国隼加錦帖姶 霧島神宮、国分、隼人、加治木、錦江、帖佐、姶良
0%
霧北大北財五西 霧島神宮、北永野田、大隅大川原、北俣、財部、五十市、西都城
0%
椋南清根河柳錦 椋野、南桑、清流みはらし、根笠、河山、柳瀬、錦町
0%
椋北行南守清川 椋野、北河内、行波、南河内、守内かさ神、清流新岩国、川西
0%
名さ小荒南中港 名古屋、ささしまライブ、小本、荒子、南荒子、中島、港北
0%
名栄東下中上西 名鉄名古屋、栄生、東枇杷島、下小田井、中小田井、上小田井、西春
0%
名栄東西二新須 名鉄名古屋、栄生、東枇杷島、西枇杷島、二ツ杁、新川橋、須ヶ口
0%
名観苅二萩玉山 名鉄一宮、観音寺、苅安賀、二子、萩原、玉野、山崎
0%
名亀本中中岩八 名古屋、亀島、本陣、中村日赤、中村公園、岩塚、八田
0%
名久栄矢上東金 名古屋城、久屋大通、栄、矢場町、上前津、東別院、金山
0%
名御下中赤八浦 名和、御来屋、下市、中山口、赤碕、八橋、浦安
0%
名国丸久高車今 名古屋、国際センター、丸の内、久屋大通、高岳、車道、今池
0%
名黒志平大ナ砂 名城公園、黒川、志賀本通、平安通、大曽根、ナゴヤドーム前矢田、砂田橋
0%
名今石新黒木笠 名鉄一宮、今伊勢、石刀、新木曽川、黒田、木曽川堤、笠松
0%
名三渡長篠仁宮 名草、三谷、渡川、長門峡、篠目、仁保、宮野
0%
名山金神豊道大 名鉄名古屋、山王、金山、神宮前、豊田本町、道徳、大江
0%
名柴大大道豊神 名和、柴田、大同町、大江、道徳、豊田本町、神宮前
0%
名西笠大妙中高 名手、西笠田、笠田、大谷、妙寺、中飯降、高野口
0%
名西香西香唐和 名島、西鉄千早、香椎宮前、西鉄香椎、香椎花園前、唐の原、和白
0%
名赤三室榛長大 名張、赤目口、三本松、室生口大野、榛原、長谷寺、大和朝倉
0%
名地鍋徳船津青 名草、地福、鍋倉、徳佐、船平山、津和野、青野山
0%
名築港東六日金 名古屋港、築地口、港区役所、東海通、六番町、日比野、金山
0%
名田細切手高新 名鉄岐阜、田神、細畑、切通、手力、高田橋、新加納
0%
名藤美男東岡矢 名電山中、藤川、美合、男川、東岡崎、岡崎公園前、矢作橋
0%
名二三六各市新 名電各務原、二十軒、三柿野、六軒、各務原市役所前、市民公園前、新那加
0%
名八春蟹永弥長 名古屋、八田、春田、蟹江、永和、弥富、長島
0%
名八八総瑞新妙 名古屋大学、八事日赤、八事、総合リハビリセンター、瑞穂運動場東、新瑞橋、妙音通
0%
名尾金熱笠大南 名古屋、尾頭橋、金山、熱田、笠寺、大高、南大高
0%
名枇清稲尾木岐 名古屋、枇杷島、清洲、稲沢、尾張一宮、木曽川、岐阜
0%
名伏栄新千今池 名古屋、伏見、栄、新栄町、千種、今池、池下
0%
名粉紀打下岩船 名手、粉河、紀伊長田、打田、下井阪、岩出、船戸
0%
名本自茶砂ナ大 名古屋大学、本山、自由ヶ丘、茶屋ヶ坂、砂田橋、ナゴヤドーム前矢田、大曽根
0%
名本名藤美男東 名電長沢、本宿、名電山中、藤川、美合、男川、東岡崎
0%
名本名名御国小 名電山中、本宿、名電長沢、名電赤坂、御油、国府、小田渕
0%
名妙島国奥大新 名鉄一宮、妙興寺、島氏永、国府宮、奥田、大里、新清洲
0%
名名久栄矢上東 名城公園、名古屋城、久屋大通、栄、矢場町、上前津、東別院
0%
名名御国小伊豊 名電長沢、名電赤坂、御油、国府、小田渕、伊奈、豊橋
0%
名名黒志平大ナ 名古屋城、名城公園、黒川、志賀本通、平安通、大曽根、ナゴヤドーム前矢田
0%
名名本名藤美男 名電赤坂、名電長沢、本宿、名電山中、藤川、美合、男川
0%
名聚新太尾寺朝 名和、聚楽園、新日鉄前、太田川、尾張横須賀、寺本、朝倉
0%
明一清領北舟鹿 明見橋、一条橋、清和学園前、領石通、北浦、舟戸、鹿児
0%
明新日可西善富 明智、新可児、日本ライン今渡、可児川、西可児、善師野、富岡前
0%
明西大魚土東加 明石、西明石、大久保、魚住、土山、東加古川、加古川
0%
明朝舞垂塩須須 明石、朝霧、舞子、垂水、塩屋、須磨、須磨海浜公園
0%
明長小篠住東後 明見橋、長崎、小篭通、篠原、住吉通、東工業前、後免西町
0%
明能小美加西松 明峰、能美根上、小舞子、美川、加賀笠間、西松任、松任
0%
明明斎漕櫛東松 明野、明星、斎宮、漕代、櫛田、東松阪、松阪
0%
明野山花岩極飯 明智、野志、山岡、花白温泉、岩村、極楽、飯羽間
0%
鳴宇御妙龍等北 鳴滝、宇多野、御室仁和寺、妙心寺、龍安寺、等持院・立命館大学衣笠キャンパス前、北野白梅町
0%
鳴久波浦福今鷹 鳴石、久原、波瀬、浦ノ崎、福島口、今福、鷹島口
0%
鳴甲久今西香打 鳴尾・武庫川女子大前、甲子園、久寿川、今津、西宮、香櫨園、打出
0%
鳴左有中前豊富 鳴海、左京山、有松、中京競馬場前、前後、豊明、富士松
0%
鳴撫金教立阿池 鳴門、撫養、金比羅前、教会前、立道、阿波大谷、池谷
0%
鳴武尼出尼大杭 鳴尾・武庫川女子大前、武庫川、尼崎センタープール前、出屋敷、尼崎、大物、杭瀬
0%
鳴北北伊枝中八 鳴谷、北山、北内、伊野商業前、枝川、中山、八代通
0%
鳴本本桜呼堀神 鳴海、本星崎、本笠寺、桜、呼続、堀田、神宮前
0%
鳴野鶴桜新瑞瑞 鳴子北、野並、鶴里、桜本町、新瑞橋、瑞穂運動場西、瑞穂区役所
0%
姪下今九周波糸 姪浜、下山門、今宿、九大学研都市、周船寺、波多江、糸島高校前
0%
姪室藤西唐大赤 姪浜、室見、藤崎、西新、唐人町、大濠公園、赤坂
0%
免高横宇能本中 免田、高松、横山、宇野気、能瀬、本津幡、中津幡
0%
免宝敷南羽千金 免田、宝達、敷浪、南羽咋、羽咋、千路、金丸
0%
茂スス八長五大 茂里町、スタジアムシティノース、スタジアムシティサウス、八千代町、長崎駅前、五島町、大波止
0%
茂スス八長桜市 茂里町、スタジアムシティノース、スタジアムシティサウス、八千代町、長崎駅前、桜町、市役所
0%
茂浦大原平大浦 茂里町、浦上駅前、大学病院、原爆資料館、平和公園、大橋、浦上車庫
0%
網田法播長播北 網引、田原、法華口、播磨下里、長、播磨横田、北条町
0%
網肥住緑宇富川 網田、肥後長浜、住吉、緑川、宇土、富合、川尻
0%
網峰京与岩天宮 網野、峰山、京丹後大宮、与謝野、岩滝口、天橋立、宮津
0%
網夕小か久コ豊 網野、夕日ヶ浦木津温泉、小天橋、かぶと山、久美浜、コウノトリの郷、豊岡
0%
網竜相有上三吉 網干、竜野、相生、有年、上郡、三石、吉永
0%
木おあ東公多東 木上、おかどめ幸福、あさぎり、東免田、公立病院前、多良木、東多良木
0%
木宇須江飯戸益 木与、宇田郷、須佐、江崎、飯浦、戸田小浜、益田
0%
木運曽子青折内 木花、運動公園、曽山寺、子供の国、青島、折生迫、内海
0%
木栄押緑広志恵 木幡、栄、押部谷、緑が丘、広野ゴルフ場前、志染、恵比須
0%
木屋古八讃志オ 木太町、屋島、古高松南、八栗口、讃岐牟礼、志度、オレンジタウン
0%
木京二市二貴鞍 木野、京都精華大前、二軒茶屋、市原、二ノ瀬、貴船口、鞍馬
0%
木串神市湯東伊 木場茶屋、串木野、神村学園前、市来、湯之元、東市来、伊集院
0%
木元水西高池農 木太東口、元山、水田、西前田、高田、池戸、農学部前
0%
木高河虎長田坂 木ノ本、高月、河毛、虎姫、長浜、田村、坂田
0%
木高清鉄赤平上 木屋町、高砂町、清水町、鉄砲町、赤十字病院前、平和通一丁目、上一万
0%
木黒新石今名妙 木曽川堤、黒田、新木曽川、石刀、今伊勢、名鉄一宮、妙興寺
0%
木山高平大新近 木津川台、山田川、高の原、平城、大和西大寺、新大宮、近鉄奈良
0%
木上棚玉山山長 木津、上狛、棚倉、玉水、山城多賀、山城青谷、長池
0%
木新狛近三興新 木津川台、新祝園、狛田、近鉄宮津、三山木、興戸、新田辺
0%
木新楠筑希筑東 木屋瀬、新木屋瀬、楠橋、筑豊香月、希望が丘高校前、筑豊中間、東中間
0%
木谷神高鍋日高 木知原、谷汲口、神海、高科、鍋原、日当、高尾
0%
木田植西崇上熊 木葉、田原坂、植木、西里、崇城大学前、上熊本、熊本
0%
木田由阿新桑阿 木岐、田井ノ浜、由岐、阿波福井、新野、桑野、阿波橘
0%
木奈長越東萩玉 木与、奈古、長門大井、越ケ浜、東萩、萩、玉江
0%
木日下出出亀出 木次、日登、下久野、出雲八代、出雲三成、亀嵩、出雲横田
0%
木八み大福美赤 木尾、八坂、みなみ子宝温泉、大矢、福野、美並苅安、赤池
0%
木肥玉大長南荒 木葉、肥後伊倉、玉名、大野下、長洲、南荒尾、荒尾
0%
木備備美日豪総 木野山、備中高梁、備中広瀬、美袋、日羽、豪渓、総社
0%
木備方井石新備 木野山、備中川面、方谷、井倉、石蟹、新見、備中神代
0%
木尾稲清枇名尾 木曽川、尾張一宮、稲沢、清洲、枇杷島、名古屋、尾頭橋
0%
木扶柏江布石岩 木津用水、扶桑、柏森、江南、布袋、石仏、岩倉
0%
木平奈郡大法王 木津、平城山、奈良、郡山、大和小泉、法隆寺、王寺
0%
木母洲湯梅美松 木尾、母野、洲原、湯の洞温泉口、梅山、美濃市、松森
0%
木北日山辺牟鯖 木岐、北河内、日和佐、山河内、辺川、牟岐、鯖瀬
0%
木木栄押緑広志 木津、木幡、栄、押部谷、緑が丘、広野ゴルフ場前、志染
0%
目南南小雀長妻 目出、南中川、南小野田、小野田港、雀田、長門長沢、妻崎
0%
餅三都西五財北 餅原、三股、都城、西都城、五十市、財部、北俣
0%
餅山青田日清加 餅原、山之口、青井岳、田野、日向沓掛、清武、加納
0%
門古大萱寝香光 門真市、古川橋、大和田、萱島、寝屋川市、香里園、光善寺
0%
門甲仁小逆宝宝 門戸厄神、甲東園、仁川、小林、逆瀬川、宝塚南口、宝塚
0%
門小西九戸枝ス 門司、小倉、西小倉、九州工大前、戸畑、枝光、スペースワールド
0%
門小西南城安下 門司、小倉、西小倉、南小倉、城野、安部山公園、下曽根
0%
門小門小西南城 門司港、小森江、門司、小倉、西小倉、南小倉、城野
0%
門西守土滝千森 門真市、西三荘、守口市、土居、滝井、千林、森小路
0%
門大南摂沢南宇 門真市、大日、南摂津、摂津、沢良宜、南茨木、宇野辺
0%
門中小西県城柳 門田屋敷、中納言、小橋、西大寺町・岡山芸術創造劇場ハレノワ前、県庁通り、城下、柳川
0%
門鶴横今蒲京大 門真南、鶴見緑地、横堤、今福鶴見、蒲生四丁目、京橋、大阪ビジネスパーク
0%
門土旭南延北日 門川、土々呂、旭ケ丘、南延岡、延岡、北延岡、日向長井
0%
門日財南美東都 門川、日向市、財光寺、南日向、美々津、東都農、都農
0%
夜光日豊豊天杉 夜明、光岡、日田、豊後三芳、豊後中川、天ケ瀬、杉河内
0%
夜西和赤穴球あ 夜須、西分、和食、赤野、穴内、球場前、あき総合病院前
0%
夜筑う筑田筑善 夜明、筑後大石、うきは、筑後吉井、田主丸、筑後草野、善導寺
0%
野稲荒港中南荒 野跡、稲永、荒子川公園、港北、中島、南荒子、荒子
0%
野皆中本上大相 野中、皆瀬、中里、本山、上相浦、大学、相浦
0%
野刈逢大共南大 野田新町、刈谷、逢妻、大府、共和、南大高、大高
0%
野関森千滝土守 野江、関目、森小路、千林、滝井、土居、守口市
0%
野玉阿西桜な日 野田阪神、玉川、阿波座、西長堀、桜川、なんば、日本橋
0%
野金建福神弓誕 野々口、金川、建部、福渡、神目、弓削、誕生寺
0%
野高西出米袋水 野田郷、高尾野、西出水、出水、米ノ津、袋、水俣
0%
野左泉山北中佐 野中、左石、泉福寺、山の田、北佐世保、中佐世保、佐世保中央
0%
野山花岩極飯阿 野志、山岡、花白温泉、岩村、極楽、飯羽間、阿木
0%
野四忍寝星河津 野崎、四条畷、忍ケ丘、寝屋川公園、星田、河内磐船、津田
0%
野篠近安能稲河 野洲、篠原、近江八幡、安土、能登川、稲枝、河瀬
0%
野住鴻徳放鴫京 野崎、住道、鴻池新田、徳庵、放出、鴫野、京橋
0%
野松西加美小能 野々市、松任、西松任、加賀笠間、美川、小舞子、能美根上
0%
野新東茶三大鳥 野田城、新城、東新町、茶臼山、三河東郷、大海、鳥居
0%
野西金東森津倶 野々市、西金沢、金沢、東金沢、森本、津幡、倶利伽羅
0%
野西新押野野馬 野町、西泉、新西金沢、押野、野々市、野々市工大前、馬替
0%
野西弁大芦今新 野田、西九条、弁天町、大正、芦原橋、今宮、新今宮
0%
野折阿牛薩西薩 野田郷、折口、阿久根、牛ノ浜、薩摩大川、西方、薩摩高城
0%
野鶴桜新瑞瑞桜 野並、鶴里、桜本町、新瑞橋、瑞穂運動場西、瑞穂区役所、桜山
0%
野都天中東南天 野江内代、都島、天神橋筋六丁目、中崎町、東梅田、南森町、天満橋
0%
野砥仁香溝福甘 野里、砥堀、仁豊野、香呂、溝口、福崎、甘地
0%
野東三安西岡相 野田新町、東刈谷、三河安城、安城、西岡崎、岡崎、相見
0%
野東備内小道備 野馳、東城、備後八幡、内名、小奴可、道後山、備後落合
0%
野馬額乙四陽曽 野々市工大前、馬替、額住宅前、乙丸、四十万、陽羽里、曽谷
0%
野梅福七金茶別 野芥、梅林、福大前、七隈、金山、茶山、別府
0%
野福大天桜京大 野田、福島、大阪、天満、桜ノ宮、京橋、大阪城公園
0%
野豊引恵豊北杉 野矢、豊後中村、引治、恵良、豊後森、北山田、杉河内
0%
野野馬額乙四陽 野々市、野々市工大前、馬替、額住宅前、乙丸、四十万、陽羽里
0%
野矢市坂備布新 野馳、矢神、市岡、坂根、備中神代、布原、新見
0%
野由南湯庄天小 野矢、由布院、南由布、湯平、庄内、天神山、小野屋
0%
野淀姫千杭大尼 野田、淀川、姫島、千船、杭瀬、大物、尼崎
0%
弥久近河高恩法 弥刀、久宝寺口、近鉄八尾、河内山本、高安、恩智、法善寺
0%
弥五佐日津町六 弥富、五ノ三、佐屋、日比野、津島、町方、六輪
0%
弥長桑朝富富四 弥富、長島、桑名、朝日、富田、富田浜、四日市
0%
弥長俊布今鶴大 弥刀、長瀬、俊徳道、布施、今里、鶴橋、大阪上本町
0%
矢宇新牛知一富 矢作橋、宇頭、新安城、牛田、知立、一ツ木、富士松
0%
矢栄久名名黒志 矢場町、栄、久屋大通、名古屋城、名城公園、黒川、志賀本通
0%
矢岡東男美藤名 矢作橋、岡崎公園前、東岡崎、男川、美合、藤川、名電山中
0%
矢河布高河恵高 矢田、河内天美、布忍、高見ノ里、河内松原、恵我ノ荘、高鷲
0%
矢蒲八大犬三大 矢加部、蒲池、八丁牟田、大溝、犬塚、三潴、大善寺
0%
矢戸安玖下中上 矢賀、戸坂、安芸矢口、玖村、下深川、中深川、上深川
0%
矢坂水小呉天か 矢野、坂、水尻、小屋浦、呉ポートピア、天応、かるが浜
0%
矢三備吉川清総 矢掛、三谷、備中呉妹、吉備真備、川辺宿、清音、総社
0%
矢守瓢小喜大印 矢田、守山自衛隊前、瓢箪山、小幡、喜多山、大森・金城学院前、印場
0%
矢小早井い子御 矢掛、小田、早雲の里荏原、井原、いずえ、子守唄の里高屋、御領
0%
矢上東金西熱熱 矢場町、上前津、東別院、金山、西高蔵、熱田神宮西、熱田神宮伝馬町
0%
矢西徳塩西江開 矢加部、西鉄柳川、徳益、塩塚、西鉄中島、江の浦、開
0%
矢大森尼清東栄 矢田、大曽根、森下、尼ヶ坂、清水、東大手、栄町
0%
矢大人西渡那一 矢岳、大畑、人吉、西人吉、渡、那良口、一勝地
0%
矢湯山上宮仁篠 矢原、湯田温泉、山口、上山口、宮野、仁保、篠目
0%
矢野東備内小道 矢神、野馳、東城、備後八幡、内名、小奴可、道後山
0%
薬桜六別茶金七 薬院大通、桜坂、六本松、別府、茶山、金山、七隈
0%
薬西高大井雑桜 薬院、西鉄平尾、高宮、大橋、井尻、雑餉隈、桜並木
0%
薬福大下越六大 薬水、福神、大阿太、下市口、越部、六田、大和上市
0%
柳伊大浅菊伊大 柳原、伊予北条、大浦、浅海、菊間、伊予亀岡、大西
0%
柳河根清南椋北 柳瀬、河山、根笠、清流みはらし、南桑、椋野、北河内
0%
柳巻三桜香畝金 柳本、巻向、三輪、桜井、香久山、畝傍、金橋
0%
柳小愛南高芦植 柳生橋、小池、愛知大学前、南栄、高師、芦原、植田
0%
柳城県西小中門 柳川、城下、県庁通り、西大寺町・岡山芸術創造劇場ハレノワ前、小橋、中納言、門田屋敷
0%
柳大神由通藤南 柳井港、大畠、神代、由宇、通津、藤生、南岩国
0%
柳長天櫟帯京奈 柳本、長柄、天理、櫟本、帯解、京終、奈良
0%
柳田岩島光下櫛 柳井、田布施、岩田、島田、光、下松、櫛ケ浜
0%
柳南須不竹羽江 柳津、南宿、須賀、不破一色、竹鼻、羽島市役所前、江吉良
0%
柳豊宇西立中杵 柳ケ浦、豊前長洲、宇佐、西屋敷、立石、中山香、杵築
0%
柳豊天今東中吉 柳ケ浦、豊前善光寺、天津、今津、東中津、中津、吉富
0%
柳柳大神由通藤 柳井、柳井港、大畠、神代、由宇、通津、藤生
0%
柳柳田岩島光下 柳井港、柳井、田布施、岩田、島田、光、下松
0%
柳郵田新大東清 柳川、郵便局前、田町、新西大寺町筋、大雲寺前、東中央町、清輝橋
0%
油源崎犀東新豊 油須原、源じいの森、崎山、犀川、東犀川三四郎、新豊津、豊津
0%
油甲寺甲貴三甲 油日、甲賀、寺庄、甲南、貴生川、三雲、甲西
0%
油三出八出亀出 油木、三井野原、出雲坂根、八川、出雲横田、亀嵩、出雲三成
0%
油赤内柿勾上田 油須原、赤、内田、柿下温泉口、勾金、上伊田、田川伊田
0%
油砺東高福東福 油田、砺波、東野尻、高儀、福野、東石黒、福光
0%
油日飫内北伊小 油津、日南、飫肥、内之田、北郷、伊比井、小内海
0%
友大烏美養美駒 友江、大外羽、烏江、美濃高田、養老、美濃津屋、駒野
0%
友美西大室北東 友江、美濃青柳、西大垣、大垣、室、北大垣、東赤坂
0%
揖東松乃玉来宍 揖屋、東松江、松江、乃木、玉造温泉、来待、宍道
0%
揖美北池北広東 揖斐、美濃本郷、北池野、池野、北神戸、広神戸、東赤坂
0%
有熊大波新二賀 有井、熊野市、大泊、波田須、新鹿、二木島、賀田
0%
有五岡田二道神 有馬口、五社、岡場、田尾寺、二郎、道場南口、神鉄道場
0%
有左鳴本本桜呼 有松、左京山、鳴海、本星崎、本笠寺、桜、呼続
0%
有三黒蔵西大山 有田、三代橋、黒川、蔵宿、西有田、大木、山谷
0%
有小松宇富川西 有佐、小川、松橋、宇土、富合、川尻、西熊本
0%
有上三永武高北 有田、上有田、三間坂、永尾、武雄温泉、高橋、北方
0%
有上三吉和熊万 有年、上郡、三石、吉永、和気、熊山、万富
0%
有神紀阿紀鵜新 有井、神志山、紀伊市木、阿田和、紀伊井田、鵜殿、新宮
0%
有千横岩沢釜下 有峰口、千垣、横江、岩峅寺、沢中山、釜ヶ淵、下段
0%
有相竜網は英姫 有年、相生、竜野、網干、はりま勝原、英賀保、姫路
0%
有多神西大古吾 有明湯江、多比良、神代、西郷、大正、古部、吾妻
0%
有大松三島霊島 有明湯江、大三東、松尾、三会、島原、霊丘公園体育館、島原船津
0%
有中前豊富一知 有松、中京競馬場前、前後、豊明、富士松、一ツ木、知立
0%
有土海浮土西古 有井川、土佐上川口、海の王迎、浮鞭、土佐入野、西大方、古津賀
0%
有土佐土伊荷若 有井川、土佐白浜、佐賀公園、土佐佐賀、伊与喜、荷稲、若井
0%
有唐神大花谷箕 有馬口、唐櫃台、神鉄六甲、大池、花山、谷上、箕谷
0%
有有唐神大花谷 有馬温泉、有馬口、唐櫃台、神鉄六甲、大池、花山、谷上
0%
有帷太蚕嵐山西 有栖川、帷子ノ辻、太秦広隆寺、蚕ノ社、嵐電天神川、山ノ内、西大路三条
0%
柚原長門篠筑城 柚須、原町、長者原、門松、篠栗、筑前山手、城戸南蔵院前
0%
由浦八赤中下御 由良、浦安、八橋、赤碕、中山口、下市、御来屋
0%
由下倉松泊青浜 由良、下北条、倉吉、松崎、泊、青谷、浜村
0%
由神大柳柳田岩 由宇、神代、大畠、柳井港、柳井、田布施、岩田
0%
由田木北日山辺 由岐、田井ノ浜、木岐、北河内、日和佐、山河内、辺川
0%
由南湯庄天小鬼 由布院、南由布、湯平、庄内、天神山、小野屋、鬼瀬
0%
由野豊引恵豊北 由布院、野矢、豊後中村、引治、恵良、豊後森、北山田
0%
邑大西大東高西 邑久、大富、西大寺、大多羅、東岡山、高島、西川原
0%
邑長香伊西備伊 邑久、長船、香登、伊部、西片上、備前片上、伊里
0%
夕網峰京与岩天 夕日ヶ浦木津温泉、網野、峰山、京丹後大宮、与謝野、岩滝口、天橋立
0%
余鎌岡古松地新 余戸、鎌田、岡田、古泉、松前、地蔵町、新川
0%
余高中米大和弓 余子、高松町、中浜、米子空港、大篠津町、和田浜、弓ケ浜
0%
余太本東播千西 余部、太市、本竜野、東觜崎、播磨新宮、千本、西栗栖
0%
余木高河虎長田 余呉、木ノ本、高月、河毛、虎姫、長浜、田村
0%
与京峰網夕小か 与謝野、京丹後大宮、峰山、網野、夕日ヶ浦木津温泉、小天橋、かぶと山
0%
用因智土那美知 用瀬、因幡社、智頭、土師、那岐、美作河井、知和
0%
用鷹国河郡東津 用瀬、鷹狩、国英、河原、郡家、東郡家、津ノ井
0%
葉鎌瀬海吉白球 葉木、鎌瀬、瀬戸石、海路、吉尾、白石、球泉洞
0%
葉小市樫大三三 葉多、小野、市場、樫山、大村、三木、三木上の丸
0%
陽四乙額馬野野 陽羽里、四十万、乙丸、額住宅前、馬替、野々市工大前、野々市
0%
陽曽道井小日鶴 陽羽里、曽谷、道法寺、井口、小柳、日御子、鶴来
0%
養美駒美石美多 養老、美濃津屋、駒野、美濃山崎、石津、美濃松山、多度
0%
養和梁上下上福 養父、和田山、梁瀬、上夜久野、下夜久野、上川口、福知山
0%
淀中伏丹墨藤龍 淀、中書島、伏見桃山、丹波橋、墨染、藤森、龍谷大前深草
0%
淀梅中西新東江 淀屋橋、梅田、中津、西中島南方、新大阪、東三国、江坂
0%
淀北天京野関森 淀屋橋、北浜、天満橋、京橋、野江、関目、森小路
0%
淀本心な大動天 淀屋橋、本町、心斎橋、なんば、大国町、動物園前、天王寺
0%
来玉乃松東揖荒 来待、玉造温泉、乃木、松江、東松江、揖屋、荒島
0%
洛桂西西大烏京 洛西口、桂、西京極、西院、大宮、烏丸、京都河原町
0%
洛東西長西大水 洛西口、東向日、西向日、長岡天神、西山天王山、大山崎、水無瀬
0%
落中美恵武釜瑞 落合川、中津川、美乃坂本、恵那、武並、釜戸、瑞浪
0%
嵐蚕太帷有車鹿 嵐電天神川、蚕ノ社、太秦広隆寺、帷子ノ辻、有栖川、車折神社、鹿王院
0%
嵐鹿車有帷太蚕 嵐電嵯峨、鹿王院、車折神社、有栖川、帷子ノ辻、太秦広隆寺、蚕ノ社
0%
嵐嵐鹿車有帷太 嵐山、嵐電嵯峨、鹿王院、車折神社、有栖川、帷子ノ辻、太秦広隆寺
0%
藍相広新三道武 藍本、相野、広野、新三田、三田、道場、武田尾
0%
藍木木栄押緑広 藍那、木津、木幡、栄、押部谷、緑が丘、広野ゴルフ場前
0%
里笠大東福備松 里庄、笠岡、大門、東福山、福山、備後赤坂、松永
0%
里鴨金新西倉中 里庄、鴨方、金光、新倉敷、西阿知、倉敷、中庄
0%
里楠鳴久波浦福 里、楠久、鳴石、久原、波瀬、浦ノ崎、福島口
0%
立のよあ香夜西 立田、のいち、よしかわ、あかおか、香我美、夜須、西分
0%
立阿南中地文二 立江、阿波赤石、南小松島、中田、地蔵橋、文化の森、二軒屋
0%
立安和下胡鍼日 立木、安栖里、和知、下山、胡麻、鍼灸大学前、日吉
0%
立羽西阿阿見阿 立江、羽ノ浦、西原、阿波中島、阿南、見能林、阿波橘
0%
立下卯上伊双八 立間、下宇和、卯之町、上宇和、伊予石城、双岩、八幡浜
0%
立甲西さ芦甲摂 立花、甲子園口、西宮、さくら夙川、芦屋、甲南山手、摂津本山
0%
立山綾高石福上 立木、山家、綾部、高津、石原、福知山、上川口
0%
立紙紙原本十土 立町、紙屋町東、紙屋町西、原爆ドーム前、本川町、十日市町、土橋
0%
立紙本袋中市鷹 立町、紙屋町東、本通、袋町、中電前、市役所前、鷹野橋
0%
立小大松今西山 立野、小郡、大板井、松崎、今隈、西太刀洗、山隈
0%
立瀬肥原三光武 立野、瀬田、肥後大津、原水、三里木、光の森、武蔵塚
0%
立西宇豊柳豊天 立石、西屋敷、宇佐、豊前長洲、柳ケ浦、豊前善光寺、天津
0%
立赤市内阿い宮 立野、赤水、市ノ川、内牧、阿蘇、いこいの村、宮地
0%
立中杵大日暘豊 立石、中山香、杵築、大神、日出、暘谷、豊後豊岡
0%
立長加阿南中阿 立野、長陽、加勢、阿蘇下田城、南阿蘇水の生まれる里白水高原、中松、阿蘇白川
0%
立八胡銀稲的猿 立町、八丁堀、胡町、銀山町、稲荷町、的場町、猿猴橋町
0%
立本有千横岩沢 立山、本宮、有峰口、千垣、横江、岩峅寺、沢中山
0%
竜重姶帖錦加隼 竜ケ水、重富、姶良、帖佐、錦江、加治木、隼人
0%
竜相有上三吉和 竜野、相生、有年、上郡、三石、吉永、和気
0%
竜東水新南平熊 竜田口、東海学園前、水前寺、新水前寺、南熊本、平成、熊本
0%
竜武光三原肥瀬 竜田口、武蔵塚、光の森、三里木、原水、肥後大津、瀬田
0%
竜平元東萩南一 竜田川、平群、元山上口、東山、萩の台、南生駒、一分
0%
龍奥下粟越城犬 龍谷富山高校前(永楽町)、奥田中学校前、下奥井、粟島(大阪屋ショップ前)、越中中島、城川原、犬島新町
0%
龍伏鳥東七清祇 龍谷大前深草、伏見稲荷、鳥羽街道、東福寺、七条、清水五条、祇園四条
0%
龍妙御宇鳴常撮 龍安寺、妙心寺、御室仁和寺、宇多野、鳴滝、常盤、撮影所前
0%
旅雲布湖園一伊 旅伏、雲州平田、布崎、湖遊館新駅、園、一畑口、伊野灘
0%
旅美大川武大出 旅伏、美談、大寺、川跡、武志、大津町、出雲科学館パークタウン前
0%
梁上下上福石高 梁瀬、上夜久野、下夜久野、上川口、福知山、石原、高津
0%
梁和養八江国豊 梁瀬、和田山、養父、八鹿、江原、国府、豊岡
0%
良能金千羽南敷 良川、能登部、金丸、千路、羽咋、南羽咋、敷浪
0%
領清一明長小篠 領石通、清和学園前、一条橋、明見橋、長崎、小篭通、篠原
0%
領北舟鹿田東新 領石通、北浦、舟戸、鹿児、田辺島通、東新木、新木
0%
緑押栄木木藍西 緑が丘、押部谷、栄、木幡、木津、藍那、西鈴蘭台
0%
緑広志恵三三大 緑が丘、広野ゴルフ場前、志染、恵比須、三木上の丸、三木、大村
0%
緑鴫蒲関新清太 緑橋、鴫野、蒲生四丁目、関目成育、新森古市、清水、太子橋今市
0%
緑七梅上中可河 緑井、七軒茶屋、梅林、上八木、中島、可部、河戸帆待川
0%
緑住肥網赤石波 緑川、住吉、肥後長浜、網田、赤瀬、石打ダム、波多浦
0%
緑森谷堺本阿九 緑橋、森ノ宮、谷町四丁目、堺筋本町、本町、阿波座、九条
0%
緑大古下安三横 緑井、大町、古市橋、下祇園、安芸長束、三滝、横川
0%
林紀天千美三河 林間田園都市、紀見峠、天見、千早口、美加の台、三日市町、河内長野
0%
林戸油砺東高福 林、戸出、油田、砺波、東野尻、高儀、福野
0%
林御橋紀学九高 林間田園都市、御幸辻、橋本、紀伊清水、学文路、九度山、高野下
0%
林勝西美東津院 林野、勝間田、西勝間田、美作大崎、東津山、津山、院庄
0%
林西山人大西舞 林崎松江海岸、西新町、山陽明石、人丸前、大蔵谷、西舞子、舞子公園
0%
林藤中江西山東 林崎松江海岸、藤江、中八木、江井ヶ島、西江井ヶ島、山陽魚住、東二見
0%
林木元水西高池 林道、木太東口、元山、水田、西前田、高田、池戸
0%
涙郡鴨騎荒二武 涙橋、郡元、鴨池、騎射場、荒田八幡、二中通、武之橋
0%
涙南二宇脇笹上 涙橋、南鹿児島駅前、二軒茶屋、宇宿一丁目、脇田、笹貫、上塩屋
0%
冷加下初箕紀藤 冷水浦、加茂郷、下津、初島、箕島、紀伊宮原、藤並
0%
鈴玉鈴徳中伊河 鈴鹿、玉垣、鈴鹿サーキット稲生、徳田、中瀬古、伊勢上野、河芸
0%
鈴西藍木木栄押 鈴蘭台西口、西鈴蘭台、藍那、木津、木幡、栄、押部谷
0%
鈴徳中伊河東津 鈴鹿サーキット稲生、徳田、中瀬古、伊勢上野、河芸、東一身田、津
0%
霊島三松大有多 霊丘公園体育館、島原、三会、松尾、大三東、有明湯江、多比良
0%
恋山あ西大宮石 恋山形、山郷、あわくら温泉、西粟倉、大原、宮本武蔵、石井
0%
蓮は梅桟桟桟桟 蓮池町通、はりまや橋、梅の辻、桟橋通一丁目、桟橋通二丁目、桟橋通三丁目、桟橋通四丁目
0%
蓮宮宮南加清日 蓮ケ池、宮崎神宮、宮崎、南宮崎、加納、清武、日向沓掛
0%
蓮犬城越粟下奥 蓮町(馬場記念公園前)、犬島新町、城川原、越中中島、粟島(大阪屋ショップ前)、下奥井、奥田中学校前
0%
蓮在星七穴東大 蓮花寺、在良、星川、七和、穴太、東員、大泉
0%
蓮日佐日高川都 蓮ケ池、日向住吉、佐土原、日向新富、高鍋、川南、都農
0%
老大向植芦高南 老津、大清水、向ヶ丘、植田、芦原、高師、南栄
0%
六影土安土須大 六反地、影野、土佐久礼、安和、土佐新荘、須崎、大間
0%
六越下大福薬吉 六田、越部、下市口、大阿太、福神、薬水、吉野口
0%
六各市新新高手 六軒、各務原市役所前、市民公園前、新那加、新加納、高田橋、手力
0%
六紀山和和新長 六十谷、紀伊、山中渓、和泉鳥取、和泉砂川、新家、長滝
0%
六高阿津一下亀 六軒、高茶屋、阿漕、津、一身田、下庄、亀山
0%
六桜薬薬渡天櫛 六本松、桜坂、薬院大通、薬院、渡辺通、天神南、櫛田神社前
0%
六三二名苧羽鵜 六軒、三柿野、二十軒、名電各務原、苧ヶ瀬、羽場、鵜沼宿
0%
六庄第新中東海 六渡寺、庄川口、第一イン新湊 クロスベイ前、新町口、中新湊、東新湊、海王丸
0%
六松徳多相佐栃 六軒、松阪、徳和、多気、相可、佐奈、栃原
0%
六石醍小椥東山 六地蔵、石田、醍醐、小野、椥辻、東野、山科
0%
六足越一越市小 六条、足羽、越前東郷、一乗谷、越前高田、市波、小和清水
0%
六大八塩房原琴 六万寺、大町、八栗新道、塩屋、房前、原、琴電志度
0%
六中吉新能米新 六渡寺、中伏木、吉久、新吉久、能町口、米島口、新能町
0%
六中北大北三永 六名、中岡崎、北岡崎、大門、北野桝塚、三河上郷、永覚
0%
六町津日佐五弥 六輪、町方、津島、日比野、佐屋、五ノ三、弥富
0%
六八古琴潟春沖 六万寺、八栗、古高松、琴電屋島、潟元、春日川、沖松島
0%
六渕丸上森山玉 六輪、渕高、丸渕、上丸渕、森上、山崎、玉野
0%
和稲印切岩南芳 和佐、稲原、印南、切目、岩代、南部、芳養
0%
和下胡鍼日船園 和知、下山、胡麻、鍼灸大学前、日吉、船岡、園部
0%
和岸蛸貝二鶴井 和泉大宮、岸和田、蛸地蔵、貝塚、二色浜、鶴原、井原里
0%
和紀東中八西二 和歌山市、紀ノ川、東松江、中松江、八幡前、西ノ庄、二里ヶ浜
0%
和紀六紀山和和 和歌山、紀伊中ノ島、六十谷、紀伊、山中渓、和泉鳥取、和泉砂川
0%
和紀和孝み淡箱 和歌山市、紀ノ川、和歌山大学前、孝子、みさき公園、淡輪、箱作
0%
和吉三上有相竜 和気、吉永、三石、上郡、有年、相生、竜野
0%
和久下東東和東 和泉府中、久米田、下松、東岸和田、東貝塚、和泉橋本、東佐野
0%
和宮紀黒海冷加 和歌山、宮前、紀三井寺、黒江、海南、冷水浦、加茂郷
0%
和弓河三後富博 和田浜、弓ケ浜、河崎口、三本松口、後藤、富士見町、博労町
0%
和熊万瀬上東高 和気、熊山、万富、瀬戸、上道、東岡山、高島
0%
和孝み淡箱鳥尾 和歌山大学前、孝子、みさき公園、淡輪、箱作、鳥取ノ荘、尾崎
0%
和七徳能良能金 和倉温泉、七尾、徳田、能登二宮、良川、能登部、金丸
0%
和春忠泉松北高 和泉大宮、春木、忠岡、泉大津、松ノ浜、北助松、高石
0%
和小堅お比唐大 和邇、小野、堅田、おごと温泉、比叡山坂本、唐崎、大津京
0%
和信北富鳳津上 和泉府中、信太山、北信太、富木、鳳、津久野、上野芝
0%
和新長日熊東和 和泉砂川、新家、長滝、日根野、熊取、東佐野、和泉橋本
0%
和西夜香あよの 和食、西分、夜須、香我美、あかおか、よしかわ、のいち
0%
和赤穴球あ安伊 和食、赤野、穴内、球場前、あき総合病院前、安芸、伊尾木
0%
和大玖大前宮阿 和木、大竹、玖波、大野浦、前空、宮島口、阿品
0%
和大米中高余上 和田浜、大篠津町、米子空港、中浜、高松町、余子、上道
0%
和竹青新生長寺 和田山、竹田、青倉、新井、生野、長谷、寺前
0%
和田笠能西能穴 和倉温泉、田鶴浜、笠師保、能登中島、西岸、能登鹿島、穴水
0%
和田千布紀船岩 和歌山、田井ノ瀬、千旦、布施屋、紀伊小倉、船戸、岩出
0%
和田田紀串紀古 和深、田子、田並、紀伊有田、串本、紀伊姫、古座
0%
和田日神竈交岡 和歌山、田中口、日前宮、神前、竈山、交通センター前、岡崎前
0%
和唐香西香西名 和白、唐の原、香椎花園前、西鉄香椎、香椎宮前、西鉄千早、名島
0%
和東熊日長新和 和泉橋本、東佐野、熊取、日根野、長滝、新家、和泉砂川
0%
和東東下久和信 和泉橋本、東貝塚、東岸和田、下松、久米田、和泉府中、信太山
0%
和東虹浜鹿福大 和多田、東唐津、虹ノ松原、浜崎、鹿家、福吉、大入
0%
和道御紀紀広湯 和佐、道成寺、御坊、紀伊内原、紀伊由良、広川ビーチ、湯浅
0%
和蓬志比近北近 和邇、蓬莱、志賀、比良、近江舞子、北小松、近江高島
0%
和梁上下上福石 和田山、梁瀬、上夜久野、下夜久野、上川口、福知山、石原
0%
和和山紀六紀和 和泉砂川、和泉鳥取、山中渓、紀伊、六十谷、紀伊中ノ島、和歌山
0%
和和新長日熊東 和泉鳥取、和泉砂川、新家、長滝、日根野、熊取、東佐野
0%
脇宇二南涙郡鴨 脇田、宇宿一丁目、二軒茶屋、南鹿児島駅前、涙橋、郡元、鴨池
0%
鷲新二豊西愛三 鷲津、新所原、二川、豊橋、西小坂井、愛知御津、三河大塚
0%
鷲太西西下大本 鷲塚針原、太郎丸エンゼルランド、西春江ハートピア、西長田ゆりの里、下兵庫こうふく、大関、本荘
0%
鷲中新八日福田 鷲塚針原、中角、新田塚、八ツ島、日華化学前、福大前西福井、田原町
0%
詫み高比本観豊 詫間、みの、高瀬、比地大、本山、観音寺、豊浜
0%
詫津海多讃丸宇 詫間、津島ノ宮、海岸寺、多度津、讃岐塩屋、丸亀、宇多津
0%
咥宇八中枝伊北 咥内、宇治団地前、八代通、中山、枝川、伊野商業前、北内
0%
咥宮朝朝朝曙曙 咥内、宮の奥、朝倉神社前、朝倉駅前、朝倉、曙町、曙町東町
0%
壺旭県美牧安お 壺川、旭橋、県庁前、美栄橋、牧志、安里、おもろまち
0%
壺市葛吉薬福大 壺阪山、市尾、葛、吉野口、薬水、福神、大阿太
0%
帷撮常鳴宇御妙 帷子ノ辻、撮影所前、常盤、鳴滝、宇多野、御室仁和寺、妙心寺
0%
帷太蚕嵐山西西 帷子ノ辻、太秦広隆寺、蚕ノ社、嵐電天神川、山ノ内、西大路三条、西院
0%
掖吉北五大隅下 掖上、吉野口、北宇智、五条、大和二見、隅田、下兵庫
0%
暘日大杵中立西 暘谷、日出、大神、杵築、中山香、立石、西屋敷
0%
暘豊亀別別東西 暘谷、豊後豊岡、亀川、別府大学、別府、東別府、西大分
0%
杁長芸公愛陶八 杁ヶ池公園、長久手古戦場、芸大通、公園西、愛・地球博記念公園、陶磁資料館南、八草
0%
枡グ県高大堀は 枡形、グランド通、県庁前、高知城前、大橋通、堀詰、はりまや橋
0%
枡上上上上旭旭 枡形、上町一丁目、上町二丁目、上町四丁目、上町五丁目、旭町一丁目、旭駅前通
0%
椥東山御蹴東三 椥辻、東野、山科、御陵、蹴上、東山、三条京阪
0%
楡笹東越千速婦 楡原、笹津、東八尾、越中八尾、千里、速星、婦中鵜坂
0%
楡猪杉打坂角飛 楡原、猪谷、杉原、打保、坂上、角川、飛騨細江
0%
櫟天長柳巻三桜 櫟本、天理、長柄、柳本、巻向、三輪、桜井
0%
渕丸上森山玉萩 渕高、丸渕、上丸渕、森上、山崎、玉野、萩原
0%
渕六町津日佐五 渕高、六輪、町方、津島、日比野、佐屋、五ノ三
0%
竈交岡吉伊山大 竈山、交通センター前、岡崎前、吉礼、伊太祈曽、山東、大池遊園
0%
糒上金人赤ふ市 糒、上金田、金田、人見、赤池、ふれあい生力、市場
0%
聚新太尾寺朝古 聚楽園、新日鉄前、太田川、尾張横須賀、寺本、朝倉、古見
0%
薊高入円旭高朝 薊野、高知、入明、円行寺口、旭、高知商業前、朝倉
0%
薊土布土後土山 薊野、土佐一宮、布師田、土佐大津、後免、土佐長岡、山田西町
0%
諫愛阿吾古大西 諫早東高校、愛野、阿母崎、吾妻、古部、大正、西郷
0%
諫釜森干小幸本 諫早東高校、釜ノ鼻、森山、干拓の里、小野、幸、本諫早
0%
諫岩大諏新竹大 諫早、岩松、大村、諏訪、新大村、竹松、大村車両基地
0%
諫西喜市肥現浦 諫早、西諫早、喜々津、市布、肥前古賀、現川、浦上
0%
諫東肥小湯長小 諫早、東諫早、肥前長田、小江、湯江、長里、小長井
0%
諫本幸小干森釜 諫早、本諫早、幸、小野、干拓の里、森山、釜ノ鼻
0%
鍼胡下和安立山 鍼灸大学前、胡麻、下山、和知、安栖里、立木、山家
0%
飫内北伊小内折 飫肥、内之田、北郷、伊比井、小内海、内海、折生迫
0%
飫日油大南谷榎 飫肥、日南、油津、大堂津、南郷、谷之口、榎原
0%
餘鎧香柴佐竹城 餘部、鎧、香住、柴山、佐津、竹野、城崎温泉
0%
餘久浜諸居東岩 餘部、久谷、浜坂、諸寄、居組、東浜、岩美
0%
鯰小勝直新筑鞍 鯰田、小竹、勝野、直方、新入、筑前植木、鞍手
0%
鶯鼓多平一畦山 鶯の森、鼓滝、多田、平野、一の鳥居、畦野、山下
0%
鵯鈴北山箕谷花 鵯越、鈴蘭台、北鈴蘭台、山の街、箕谷、谷上、花山
0%
ト安諏丸県新富 トヨタモビリティ富山 Gスクエア五福前(五福末広町)、安野屋、諏訪川原、丸の内、県庁前、新富町、富山駅
0%
新県丸諏安ト富 新富町、県庁前、丸の内、諏訪川原、安野屋、トヨタモビリティ富山 Gスクエア五福前(五福末広町)、富山大学前
0%
富ト安諏丸県新 富山大学前、トヨタモビリティ富山 Gスクエア五福前(五福末広町)、安野屋、諏訪川原、丸の内、県庁前、新富町
0%
富新県丸諏安ト 富山駅、新富町、県庁前、丸の内、諏訪川原、安野屋、トヨタモビリティ富山 Gスクエア五福前(五福末広町)
0%
J宮廿広山楽佐 JA広島病院前、宮内、廿日市市役所前(平良)、広電廿日市、山陽女学園前、楽々園、佐伯区役所前
0%
阿地J宮廿広山 阿品東、地御前、JA広島病院前、宮内、廿日市市役所前(平良)、広電廿日市、山陽女学園前
0%
楽山広廿宮J地 楽々園、山陽女学園前、広電廿日市、廿日市市役所前(平良)、宮内、JA広島病院前、地御前
0%
宮広阿地J宮廿 宮島ボートレース場、広電阿品、阿品東、地御前、JA広島病院前、宮内、廿日市市役所前(平良)
0%
広阿地J宮廿広 広電阿品、阿品東、地御前、JA広島病院前、宮内、廿日市市役所前(平良)、広電廿日市
0%
広宮広阿地J宮 広電宮島口、宮島ボートレース場、広電阿品、阿品東、地御前、JA広島病院前、宮内
0%
広廿宮J地阿広 広電廿日市、廿日市市役所前(平良)、宮内、JA広島病院前、地御前、阿品東、広電阿品
0%
佐楽山広廿宮J 佐伯区役所前、楽々園、山陽女学園前、広電廿日市、廿日市市役所前(平良)、宮内、JA広島病院前
0%
地J宮廿広山楽 地御前、JA広島病院前、宮内、廿日市市役所前(平良)、広電廿日市、山陽女学園前、楽々園
0%
廿宮J地阿広宮 廿日市市役所前(平良)、宮内、JA広島病院前、地御前、阿品東、広電阿品、宮島ボートレース場
0%
J宮古萱本木高 JR松山駅前、宮田町、古町、萱町六丁目、本町六丁目、木屋町、高砂町
0%
J高大御玉掖吉 JR五位堂、高田、大和新庄、御所、玉手、掖上、吉野口
0%
J今新天東平加 JR難波、今宮、新今宮、天王寺、東部市場前、平野、加美
0%
J新城長山山玉 JR小倉、新田、城陽、長池、山城青谷、山城多賀、玉水
0%
J摂高島山長向 JR総持寺、摂津富田、高槻、島本、山崎、長岡京、向日町
0%
J大西南市県大 JR松山駅前、大手町駅前、西堀端、南堀端、市役所前、県庁前、大街道
0%
J同京大松長藤 JR三山木、同志社前、京田辺、大住、松井山手、長尾、藤阪
0%
稲J桃六木黄宇 稲荷、JR藤森、桃山、六地蔵、木幡、黄檗、宇治
0%
茨J摂高島山長 茨木、JR総持寺、摂津富田、高槻、島本、山崎、長岡京
0%
宇J新城長山山 宇治、JR小倉、新田、城陽、長池、山城青谷、山城多賀
0%
宇黄木六桃J稲 宇治、黄檗、木幡、六地蔵、桃山、JR藤森、稲荷
0%
王畠志香J高大 王寺、畠田、志都美、香芝、JR五位堂、高田、大和新庄
0%
黄宇J新城長山 黄檗、宇治、JR小倉、新田、城陽、長池、山城青谷
0%
黄木六桃J稲東 黄檗、木幡、六地蔵、桃山、JR藤森、稲荷、東福寺
0%
下J同京大松長 下狛、JR三山木、同志社前、京田辺、大住、松井山手、長尾
0%
加平東天新今J 加美、平野、東部市場前、天王寺、新今宮、今宮、JR難波
0%
萱古宮J大西南 萱町六丁目、古町、宮田町、JR松山駅前、大手町駅前、西堀端、南堀端
0%
吉掖玉御大高J 吉野口、掖上、玉手、御所、大和新庄、高田、JR五位堂
0%
京東稲J桃六木 京都、東福寺、稲荷、JR藤森、桃山、六地蔵、木幡
0%
京同J下祝西木 京田辺、同志社前、JR三山木、下狛、祝園、西木津、木津
0%
玉御大高J香志 玉手、御所、大和新庄、高田、JR五位堂、香芝、志都美
0%
玉山山長城新J 玉水、山城多賀、山城青谷、長池、城陽、新田、JR小倉
0%
古宮J大西南松 古町、宮田町、JR松山駅前、大手町駅前、西堀端、南堀端、松山市駅
0%
御大高J香志畠 御所、大和新庄、高田、JR五位堂、香芝、志都美、畠田
0%
向長山島高摂J 向日町、長岡京、山崎、島本、高槻、摂津富田、JR総持寺
0%
高摂J茨千岸吹 高槻、摂津富田、JR総持寺、茨木、千里丘、岸辺、吹田
0%
山山長城新J宇 山城多賀、山城青谷、長池、城陽、新田、JR小倉、宇治
0%
山島高摂J茨千 山崎、島本、高槻、摂津富田、JR総持寺、茨木、千里丘
0%
志香J高大御玉 志都美、香芝、JR五位堂、高田、大和新庄、御所、玉手
0%
松大京同J下祝 松井山手、大住、京田辺、同志社前、JR三山木、下狛、祝園
0%
松南西大J宮古 松山市駅、南堀端、西堀端、大手町駅前、JR松山駅前、宮田町、古町
0%
城新J宇黄木六 城陽、新田、JR小倉、宇治、黄檗、木幡、六地蔵
0%
新J宇黄木六桃 新田、JR小倉、宇治、黄檗、木幡、六地蔵、桃山
0%
吹岸千茨J摂高 吹田、岸辺、千里丘、茨木、JR総持寺、摂津富田、高槻
0%
西祝下J同京大 西木津、祝園、下狛、JR三山木、同志社前、京田辺、大住
0%
西大J宮古萱本 西堀端、大手町駅前、JR松山駅前、宮田町、古町、萱町六丁目、本町六丁目
0%
摂J茨千岸吹東 摂津富田、JR総持寺、茨木、千里丘、岸辺、吹田、東淀川
0%
千茨J摂高島山 千里丘、茨木、JR総持寺、摂津富田、高槻、島本、山崎
0%
大J宮古萱本木 大手町駅前、JR松山駅前、宮田町、古町、萱町六丁目、本町六丁目、木屋町
0%
大京同J下祝西 大住、京田辺、同志社前、JR三山木、下狛、祝園、西木津
0%
大県市南西大J 大街道、県庁前、市役所前、南堀端、西堀端、大手町駅前、JR松山駅前
0%
大高J香志畠王 大和新庄、高田、JR五位堂、香芝、志都美、畠田、王寺
0%
長山島高摂J茨 長岡京、山崎、島本、高槻、摂津富田、JR総持寺、茨木
0%
長城新J宇黄木 長池、城陽、新田、JR小倉、宇治、黄檗、木幡
0%
島高摂J茨千岸 島本、高槻、摂津富田、JR総持寺、茨木、千里丘、岸辺
0%
東稲J桃六木黄 東福寺、稲荷、JR藤森、桃山、六地蔵、木幡、黄檗
0%
東吹岸千茨J摂 東淀川、吹田、岸辺、千里丘、茨木、JR総持寺、摂津富田
0%
桃六木黄宇J新 桃山、六地蔵、木幡、黄檗、宇治、JR小倉、新田
0%
藤長松大京同J 藤阪、長尾、松井山手、大住、京田辺、同志社前、JR三山木
0%
南西大J宮古萱 南堀端、西堀端、大手町駅前、JR松山駅前、宮田町、古町、萱町六丁目
0%
畠志香J高大御 畠田、志都美、香芝、JR五位堂、高田、大和新庄、御所
0%
本萱古宮J大西 本町六丁目、萱町六丁目、古町、宮田町、JR松山駅前、大手町駅前、西堀端
0%
木黄宇J新城長 木幡、黄檗、宇治、JR小倉、新田、城陽、長池
0%
木西祝下J同京 木津、西木津、祝園、下狛、JR三山木、同志社前、京田辺
0%
木本萱古宮J大 木屋町、本町六丁目、萱町六丁目、古町、宮田町、JR松山駅前、大手町駅前
0%
木六桃J稲東京 木幡、六地蔵、桃山、JR藤森、稲荷、東福寺、京都
0%
六木黄宇J新城 六地蔵、木幡、黄檗、宇治、JR小倉、新田、城陽
0%
J宇黄木六桃J JR小倉、宇治、黄檗、木幡、六地蔵、桃山、JR藤森
0%
高放鴫J城J南 高井田中央、放出、鴫野、JR野江、城北公園通、JR淡路、南吹田
0%
鴫J城J南新大 鴫野、JR野江、城北公園通、JR淡路、南吹田、新大阪、大阪
0%
大新南J城J鴫 大阪、新大阪、南吹田、JR淡路、城北公園通、JR野江、鴫野
0%
南J城J鴫放高 南吹田、JR淡路、城北公園通、JR野江、鴫野、放出、高井田中央
0%
放鴫J城J南新 放出、鴫野、JR野江、城北公園通、JR淡路、南吹田、新大阪
0%
J高放鴫J城J JR河内永和、高井田中央、放出、鴫野、JR野江、城北公園通、JR淡路
0%
J城J鴫放高J JR淡路、城北公園通、JR野江、鴫野、放出、高井田中央、JR河内永和
0%
衣JJJ高放鴫 衣摺加美北、JR長瀬、JR俊徳道、JR河内永和、高井田中央、放出、鴫野
0%
久新衣JJJ高 久宝寺、新加美、衣摺加美北、JR長瀬、JR俊徳道、JR河内永和、高井田中央
0%
高JJJ衣新久 高井田中央、JR河内永和、JR俊徳道、JR長瀬、衣摺加美北、新加美、久宝寺
0%
城J鴫放高JJ 城北公園通、JR野江、鴫野、放出、高井田中央、JR河内永和、JR俊徳道
0%
新衣JJJ高放 新加美、衣摺加美北、JR長瀬、JR俊徳道、JR河内永和、高井田中央、放出
0%
JJJ高放鴫J JR長瀬、JR俊徳道、JR河内永和、高井田中央、放出、鴫野、JR野江
0%
J鴫放高JJJ JR野江、鴫野、放出、高井田中央、JR河内永和、JR俊徳道、JR長瀬
0%
No matching quizzes found
Score Distribution
Percent of People with Each Score
Percentile by Number Answered
Your Score History
You have not taken this quiz